{"text_format":"1","workbook":"xlsx","n_sheets":2,"sheets":["ВИС2016","Upload"],"not_rendered":{"charts":0,"images":2,"macros":1,"external_links":2,"defined_names":23,"comments":0,"pivot_tables":0},"unopened":[],"bounds":{"document_bytes":16777216,"sheet_cells":100000,"rows_first":2000,"rows_last":500,"rows_between":2000,"halvings":0,"cell_chars":16384,"cell_head_chars":4096},"cells_cut":0,"cells_raw":0,"read":"whole","date_system":"1900"}

{"sheet":"ВИС2016","index":0,"n_rows":3602,"n_cols":17,"rows_kept":3602,"cut":false,"hidden":false,"merged":[[12,0,12,1]]}
[null,null,null,null,"ПРАЙС-ЛИСТ REHAU ВИС EA 2016"]
["НДС",1.18]
[null,null,null,null,"( с заменами от 10.05.2016 )"]
[]
[null,null,null,null,0,null,"Основная скидка / Grundrabatt:"]
[]
[null,null,null,null,0,null,"Скидка за оснащение склада или объектная скидка / Lagererstausstattungsrabatt bzw.Objektrabatt::"]
[]
[null,null,null,null,0,null,"Скидка за предоплату / Skonto:"]
[]
[null,null,null,null,0,null,"Надбавка / Logistikkostenaufschlag:"]
[]
["N = Новый артикул\nV = Изменен вариант \nP = изменение цены\nD = Выводится из программы поставок"]
[null,"Программа","Складская программа","Прежний материал","Актуальный материал","Кол-во","Наименование","Ед-ца пост.","Ед. изм.","Цена брутто \nЕВРО           без НДС","Цена брутто\nЕВРО \nс НДС","Сумма брутто\nЕВРО\nс НДС","Цена нетто\nЕВРО \nбез НДС","Сумма нетто\nЕВРО \nбез НДС","Цена нетто\nЕВРО \nс НДС","Сумма нетто\nЕВРО \nс НДС"]
[]
[null,"RAUTITAN",null,null,null,null,"1.1.1. Трубы и комплектующие на водоснабжение и отопление"]
[null,"RAUTITAN","x",null,11301211100,null,"Универсальн.труба RAUTITAN stabil 16,2х2,6 мм, бухта 100 м",100,"м",2.4500000000000002,{"$f":"J17*$B$2","v":2.891},{"$f":"K17*F17","v":0},{"$f":"J17*(1-$E$5-$E$7)*(1-$E$9)*(1+$E$11)","v":2.4500000000000002},{"$f":"M17*F17","v":0},{"$f":"ROUND((M17*$B$2),2)","v":2.89},{"$f":"O17*F17","v":0}]
[null,"RAUTITAN","x",null,11301311100,null,"Универсальн.труба RAUTITAN stabil 20х2,9 мм, бухта 100 м",100,"м",3.49,{"$f":"J18*$B$2","v":4.1181999999999999},{"$f":"K18*F18","v":0},{"$f":"J18*(1-$E$5-$E$7)*(1-$E$9)*(1+$E$11)","v":3.49},{"$f":"M18*F18","v":0},{"$f":"ROUND((M18*$B$2),2)","v":4.12},{"$f":"O18*F18","v":0}]
[null,"RAUTITAN","x",null,11301411050,null,"Универсальн.труба RAUTITAN stabil 25х3,7 мм, бухта 50 м",50,"м",6.29,{"$f":"J19*$B$2","v":7.4221999999999992},{"$f":"K19*F19","v":0},{"$f":"J19*(1-$E$5-$E$7)*(1-$E$9)*(1+$E$11)","v":6.29},{"$f":"M19*F19","v":0},{"$f":"ROUND((M19*$B$2),2)","v":7.42},{"$f":"O19*F19","v":0}]
[null,"RAUTITAN"]
[null,"RAUTITAN",null,null,11300711005,null,"Универсальн.труба RAUTITAN stabil 16,2х2,6 мм, прям.отрезки 5м",100,"м",2.76,{"$f":"J21*$B$2","v":3.2567999999999997},{"$f":"K21*F21","v":0},{"$f":"J21*(1-$E$5-$E$7)*(1-$E$9)*(1+$E$11)","v":2.76},{"$f":"M21*F21","v":0},{"$f":"ROUND((M21*$B$2),2)","v":3.26},{"$f":"O21*F21","v":0}]
[null,"RAUTITAN",null,null,11300811005,null,"Универсальн.труба RAUTITAN stabil 20х2,9 мм, прям.отрезки 5м",50,"м",3.8,{"$f":"J22*$B$2","v":4.484},{"$f":"K22*F22","v":0},{"$f":"J22*(1-$E$5-$E$7)*(1-$E$9)*(1+$E$11)","v":3.8},{"$f":"M22*F22","v":0},{"$f":"ROUND((M22*$B$2),2)","v":4.4800000000000004},{"$f":"O22*F22","v":0}]
[null,"RAUTITAN",null,null,11300911005,null,"Универсальн.труба RAUTITAN stabil 25х3,7 мм, прям.отрезки 5м",40,"м",6.73,{"$f":"J23*$B$2","v":7.9413999999999998},{"$f":"K23*F23","v":0},{"$f":"J23*(1-$E$5-$E$7)*(1-$E$9)*(1+$E$11)","v":6.73},{"$f":"M23*F23","v":0},{"$f":"ROUND((M23*$B$2),2)","v":7.94},{"$f":"O23*F23","v":0}]
[null,"RAUTITAN","x",null,11301011005,null,"Универсальн.труба RAUTITAN stabil 32х4,7 мм, прям.отрезки 5м",25,"м",7.91,{"$f":"J24*$B$2","v":9.3338000000000001},{"$f":"K24*F24","v":0},{"$f":"J24*(1-$E$5-$E$7)*(1-$E$9)*(1+$E$11)","v":7.91},{"$f":"M24*F24","v":0},{"$f":"ROUND((M24*$B$2),2)","v":9.33},{"$f":"O24*F24","v":0}]
[null,"RAUTITAN","x",null,11301111005,null,"Универсальн.труба RAUTITAN stabil 40х6,0 мм, прям.отрезки 5м",15,"м",19.670000000000002,{"$f":"J25*$B$2","v":23.210599999999999},{"$f":"K25*F25","v":0},{"$f":"J25*(1-$E$5-$E$7)*(1-$E$9)*(1+$E$11)","v":19.670000000000002},{"$f":"M25*F25","v":0},{"$f":"ROUND((M25*$B$2),2)","v":23.21},{"$f":"O25*F25","v":0}]
[null,"RAUTITAN"]
["N","RAUTITAN","под заказ",null,11308301025,null,"Унив.труба RAUTITAN stabil 16,2х2,6, прямоуг. изол. 9 мм, бухта 25 м",25,"м",5.45,{"$f":"J27*$B$2","v":6.431},{"$f":"K27*F27","v":0},{"$f":"J27*(1-$E$5-$E$7)*(1-$E$9)*(1+$E$11)","v":5.45},{"$f":"M27*F27","v":0},{"$f":"ROUND((M27*$B$2),2)","v":6.43},{"$f":"O27*F27","v":0}]
["N","RAUTITAN","под заказ",null,11308401025,null,"Унив.труба RAUTITAN stabil 20х2,9, прямоуг. изол. 9 мм, бухта 25 м",25,"м",6.89,{"$f":"J28*$B$2","v":8.1301999999999985},{"$f":"K28*F28","v":0},{"$f":"J28*(1-$E$5-$E$7)*(1-$E$9)*(1+$E$11)","v":6.89},{"$f":"M28*F28","v":0},{"$f":"ROUND((M28*$B$2),2)","v":8.1300000000000008},{"$f":"O28*F28","v":0}]
["N","RAUTITAN","под заказ",null,11308501025,null,"Унив.труба RAUTITAN stabil 16,2х2,6, прямоуг., изол.26 мм, бухта 25 м",25,"м",8.08,{"$f":"J29*$B$2","v":9.5343999999999998},{"$f":"K29*F29","v":0},{"$f":"J29*(1-$E$5-$E$7)*(1-$E$9)*(1+$E$11)","v":8.08},{"$f":"M29*F29","v":0},{"$f":"ROUND((M29*$B$2),2)","v":9.5299999999999994},{"$f":"O29*F29","v":0}]
["N","RAUTITAN","под заказ",null,11308601025,null,"Унив.труба RAUTITAN stabil 20х2,9, прямоуг., изол. 26 мм, бухта 25 м",25,"м",9.18,{"$f":"J30*$B$2","v":10.8324},{"$f":"K30*F30","v":0},{"$f":"J30*(1-$E$5-$E$7)*(1-$E$9)*(1+$E$11)","v":9.18},{"$f":"M30*F30","v":0},{"$f":"ROUND((M30*$B$2),2)","v":10.83},{"$f":"O30*F30","v":0}]
[null,"RAUTITAN"]
[null,"RAUTITAN","под заказ",null,11302411050,null,"Унив.труба RAUTITAN stabil 16,2х2,6, кругл., изол. 4 мм, бухта 50 м",50,"м",3.71,{"$f":"J32*$B$2","v":4.3777999999999997},{"$f":"K32*F32","v":0},{"$f":"J32*(1-$E$5-$E$7)*(1-$E$9)*(1+$E$11)","v":3.71},{"$f":"M32*F32","v":0},{"$f":"ROUND((M32*$B$2),2)","v":4.38},{"$f":"O32*F32","v":0}]
[null,"RAUTITAN","под заказ",null,11302711050,null,"Унив.труба RAUTITAN stabil 20х2,9, кругл., изол. 4 мм, бухта 50 м",50,"м",5.03,5.9353999999999996,0,5.03,0,5.94,0]
["N","RAUTITAN","под заказ",null,11314951025,null,"Унив.труба RAUTITAN stabil 25x3,7, кругл., изол. 4 мм, бухта 25 м. ",25,"м",7.06,8.3308,0,7.06,0,8.33,0]
[null,"RAUTITAN","под заказ",null,11302511050,null,"Унив.труба RAUTITAN stabil 16,2х2,6, кругл., изол. 9 мм, бухта 50 м",50,"м",4.25,5.0149999999999997,0,4.25,0,5.0199999999999996,0]
[null,"RAUTITAN","под заказ",null,11302811050,null,"Унив.труба RAUTITAN stabil 20х2,9, кругл., изол. 9 мм, бухта 50 м",50,"м",5.63,6.6433999999999997,0,5.63,0,6.64,0]
["N","RAUTITAN","под заказ",null,11314971025,null,"Унив.труба RAUTITAN stabil 25x3,7, кругл., изол. 9 мм, бухта 25 м. ",25,"м",7.4,8.7319999999999993,0,7.4,0,8.73,0]
["N","RAUTITAN","под заказ",null,11314981025,null,"Унив.труба RAUTITAN stabil 16x2,6, кругл., изол. 13 мм, бухта 25 м.",25,"м",4.95,5.8410000000000002,0,4.95,0,5.84,0]
["N","RAUTITAN","под заказ",null,11314991025,null,"Унив.труба RAUTITAN stabil 20x2,9, кругл., изол. 13 мм, бухта 25 м. ",25,"м",5.78,6.8204000000000002,0,5.78,0,6.82,0]
["N","RAUTITAN","под заказ",null,11315051025,null,"Унив.труба RAUTITAN stabil 25x3,7, кругл., изол. 13 мм, бухта 25 м. ",25,"м",7.88,9.2983999999999991,0,7.88,0,9.3000000000000007,0]
[null,"RAUTITAN"]
[null,"RAUTITAN","под заказ",null,11304911050,null,"Унив.труба RAUTITAN stаbil 16,2х2,6мм в гофротрубе, бухта 50м",50,"м",3.17,{"$f":"J42*$B$2","v":3.7405999999999997},{"$f":"K42*F42","v":0},{"$f":"J42*(1-$E$5-$E$7)*(1-$E$9)*(1+$E$11)","v":3.17},{"$f":"M42*F42","v":0},{"$f":"ROUND((M42*$B$2),2)","v":3.74},{"$f":"O42*F42","v":0}]
[null,"RAUTITAN","под заказ",null,11305011050,null,"Унив.труба RAUTITAN stabil 20х2,9мм в гофротрубе, бухта 50 м",50,"м",4.33,{"$f":"J43*$B$2","v":5.1093999999999999},{"$f":"K43*F43","v":0},{"$f":"J43*(1-$E$5-$E$7)*(1-$E$9)*(1+$E$11)","v":4.33},{"$f":"M43*F43","v":0},{"$f":"ROUND((M43*$B$2),2)","v":5.1100000000000003},{"$f":"O43*F43","v":0}]
[null,"RAUTITAN"]
[null,"RAUTITAN","x",null,11303701100,80,"Унив.труба RAUTITAN flex 16x2,2, бухта 100м",100,"м",1.8714999999999999,{"$f":"J45*$B$2","v":2.2083699999999999},{"$f":"K45*F45","v":176.6696},{"$f":"J45*(1-$E$5-$E$7)*(1-$E$9)*(1+$E$11)","v":1.8714999999999999},{"$f":"M45*F45","v":149.72},{"$f":"ROUND((M45*$B$2),2)","v":2.21},{"$f":"O45*F45","v":176.8}]
[null,"RAUTITAN","x",null,11303801100,50,"Унив.труба RAUTITAN flex 20x2,8, бухта 100м",100,"м",2.6030000000000002,3.0715400000000002,153.577,2.6030000000000002,130.15,3.07,153.5]
[null,"RAUTITAN","x",null,11303901050,20,"Унив.труба RAUTITAN flex 25x3,5, бухта 50м",50,"м",3.952,4.6633599999999999,93.267200000000003,3.952,79.039999999999992,4.66,93.2]
[null,"RAUTITAN","x",null,11304001050,50,"Унив.труба RAUTITAN flex 32x4,4, бухта 50м",50,"м",5.7759999999999998,6.8156799999999995,340.78399999999999,5.7759999999999998,288.8,6.82,341]
[null,"RAUTITAN","x",null,11303701006,null,"Унив.труба RAUTITAN flex 16x2,2, прям.отрезки 6м",60,"м",2.1659999999999999,2.5558799999999997,0,2.1659999999999999,0,2.56,0]
[null,"RAUTITAN","x",null,11303801006,null,"Унив.труба RAUTITAN flex 20x2,8, прям.отрезки 6м",60,"м",2.907,3.4302599999999996,0,2.907,0,3.43,0]
[null,"RAUTITAN","x",null,11303901006,null,"Унив.труба RAUTITAN flex 25x3,5, прям.отрезки 6м",30,"м",4.2370000000000001,4.9996599999999995,0,4.2370000000000001,0,5,0]
[null,"RAUTITAN","x",null,11304001006,null,"Унив.труба RAUTITAN flex 32x4,4, прям.отрезки 6м",30,"м",6.0704999999999991,7.1631899999999984,0,6.0704999999999991,0,7.16,0]
[null,"RAUTITAN","x",null,11304101006,40,"Унив.труба RAUTITAN flex 40x5,5, прям.отрезки 6м",12,"м",9.4049999999999994,11.097899999999999,443.91599999999994,9.4049999999999994,376.2,11.1,444]
[null,"RAUTITAN",null,null,11304201006,15,"Унив.труба RAUTITAN flex 50x6,9, прям.отрезки 6м",6,"м",12.378499999999999,14.606629999999997,219.09944999999996,12.378499999999999,185.67749999999998,14.61,219.14999999999998]
[null,"RAUTITAN",null,null,11304301006,40,"Унив.труба RAUTITAN flex 63x8,6, прям.отрезки 6м",6,"м",18.2685,21.556829999999998,862.27319999999986,18.2685,730.74,21.56,862.4]
[null,"RAUTITAN"]
["N","RAUTITAN","под заказ",null,11308701050,null,"Унив.труба RAUTITAN flex 16х2,2, прямоуг., изол.9 мм, бухта 50м",50,"м",4.7214999999999998,{"$f":"J57*$B$2","v":5.571369999999999},{"$f":"K57*F57","v":0},{"$f":"J57*(1-$E$5-$E$7)*(1-$E$9)*(1+$E$11)","v":4.7214999999999998},{"$f":"M57*F57","v":0},{"$f":"ROUND((M57*$B$2),2)","v":5.57},{"$f":"O57*F57","v":0}]
["N","RAUTITAN","под заказ",null,11308801050,null,"Унив.труба RAUTITAN flex 20х2,8, прямоуг., изол.9 мм, бухта 50м",50,"м",5.5670000000000002,{"$f":"J58*$B$2","v":6.5690599999999995},{"$f":"K58*F58","v":0},{"$f":"J58*(1-$E$5-$E$7)*(1-$E$9)*(1+$E$11)","v":5.5670000000000002},{"$f":"M58*F58","v":0},{"$f":"ROUND((M58*$B$2),2)","v":6.57},{"$f":"O58*F58","v":0}]
["N","RAUTITAN","под заказ",null,11308901025,null,"Унив.труба RAUTITAN flex 16х2,2, прямоуг., изол.26 мм, бухта 25м",25,"м",6.706999999999999,{"$f":"J59*$B$2","v":7.9142599999999987},{"$f":"K59*F59","v":0},{"$f":"J59*(1-$E$5-$E$7)*(1-$E$9)*(1+$E$11)","v":6.706999999999999},{"$f":"M59*F59","v":0},{"$f":"ROUND((M59*$B$2),2)","v":7.91},{"$f":"O59*F59","v":0}]
["N","RAUTITAN","под заказ",null,11309001025,null,"Унив.труба RAUTITAN flex 20х2,8, прямоуг., изол.26 мм, бухта 25м",25,"м",7.8944999999999999,{"$f":"J60*$B$2","v":9.3155099999999997},{"$f":"K60*F60","v":0},{"$f":"J60*(1-$E$5-$E$7)*(1-$E$9)*(1+$E$11)","v":7.8944999999999999},{"$f":"M60*F60","v":0},{"$f":"ROUND((M60*$B$2),2)","v":9.32},{"$f":"O60*F60","v":0}]
[null,"RAUTITAN"]
[null,"RAUTITAN","под заказ",null,11304601050,null,"Унив.труба RAUTITAN flex 16х2,2, кругл., изол.4 мм, бухта 50м",50,"м",3.0590000000000002,{"$f":"J62*$B$2","v":3.6096200000000001},{"$f":"K62*F62","v":0},{"$f":"J62*(1-$E$5-$E$7)*(1-$E$9)*(1+$E$11)","v":3.0590000000000002},{"$f":"M62*F62","v":0},{"$f":"ROUND((M62*$B$2),2)","v":3.61},{"$f":"O62*F62","v":0}]
[null,"RAUTITAN","под заказ",null,11304701050,null,"Унив.труба RAUTITAN flex 20х2,8, кругл., изол.4 мм, бухта 50м",50,"м",4.0564999999999998,4.7866699999999991,0,4.0564999999999998,0,4.79,0]
["N","RAUTITAN","под заказ",null,11315071025,null,"Унив.труба RAUTITAN flex 25x3,5, кругл., изол. 4 мм, бухта 25 м. ",25,"м",5.6999999999999993,6.7259999999999991,0,5.6999999999999993,0,6.73,0]
[null,"RAUTITAN","под заказ",null,11304801050,null,"Унив.труба RAUTITAN flex 16 х2,2, кругл., изол.9 мм, бухта 50м",50,"м",3.5719999999999996,4.2149599999999996,0,3.5719999999999996,0,4.21,0]
[null,"RAUTITAN","под заказ",null,11304901050,null,"Унив.труба RAUTITAN flex 20х2,8, кругл., изол.9 мм, бухта 50м",50,"м",4.617,5.4480599999999999,0,4.617,0,5.45,0]
["N","RAUTITAN","под заказ",null,11315081025,null,"Унив.труба RAUTITAN flex 25x3,5, кругл., изол. 9 мм, бухта 25 м. ",25,"м",6.0229999999999997,7.1071399999999993,0,6.0229999999999997,0,7.11,0]
["N","RAUTITAN","под заказ",null,11315091025,null,"Унив.труба RAUTITAN flex 16x2,2, кругл., изол. 13 мм, бухта 25 м. ",25,"м",3.8759999999999999,4.5736799999999995,0,3.8759999999999999,0,4.57,0]
["N","RAUTITAN","под заказ",null,11315151025,null,"Унив.труба RAUTITAN flex 20x2,8, кругл., изол. 13 мм, бухта 25 м. ",25,"м",4.6834999999999996,5.5265299999999993,0,4.6834999999999996,0,5.53,0]
["N","RAUTITAN","под заказ",null,11315171025,null,"Унив.труба RAUTITAN flex 25x3,5, кругл., изол. 13 мм, бухта 25 м.",25,"м",6.4790000000000001,7.6452200000000001,0,6.4790000000000001,0,7.65,0]
[null,"RAUTITAN"]
[null,"RAUTITAN","под заказ",null,11304401050,null,"Унив.труба RAUTITAN flex 16х2,2 в гофротрубе, бухта 50м",50,"м",2.5649999999999999,{"$f":"J72*$B$2","v":3.0266999999999999},{"$f":"K72*F72","v":0},{"$f":"J72*(1-$E$5-$E$7)*(1-$E$9)*(1+$E$11)","v":2.5649999999999999},{"$f":"M72*F72","v":0},{"$f":"ROUND((M72*$B$2),2)","v":3.03},{"$f":"O72*F72","v":0}]
[null,"RAUTITAN","под заказ",null,11304501050,null,"Унив.труба RAUTITAN flex 20х2,8 в гофротрубе, бухта 50м",50,"м",3.3914999999999997,{"$f":"J73*$B$2","v":4.0019699999999991},{"$f":"K73*F73","v":0},{"$f":"J73*(1-$E$5-$E$7)*(1-$E$9)*(1+$E$11)","v":3.3914999999999997},{"$f":"M73*F73","v":0},{"$f":"ROUND((M73*$B$2),2)","v":4},{"$f":"O73*F73","v":0}]
[null,"RAUTITAN"]
[null,"RAUTITAN",null,null,11370101100,null,"Труба водопров. RAUTITAN his 16x2,2, бухта 100 м  ",100,"м",1.395,{"$f":"J75*$B$2","v":1.6460999999999999},{"$f":"K75*F75","v":0},{"$f":"J75*(1-$E$5-$E$7)*(1-$E$9)*(1+$E$11)","v":1.395},{"$f":"M75*F75","v":0},{"$f":"ROUND((M75*$B$2),2)","v":1.65},{"$f":"O75*F75","v":0}]
[null,"RAUTITAN",null,null,11370101006,null,"Труба водопров. RAUTITAN his 16x2,2, прямые отрезки 6 м  ",60,"м",1.62,1.9116,0,1.62,0,1.91,0]
[null,"RAUTITAN",null,null,11370201100,null,"Труба водопров. RAUTITAN his 20x2,8, бухта 100 м  ",100,"м",1.9440000000000002,2.29392,0,1.9440000000000002,0,2.29,0]
[null,"RAUTITAN",null,null,11370201006,null,"Труба водопров. RAUTITAN his 20x2,8, прямые отрезки 6 м ",60,"м",2.097,2.4744599999999997,0,2.097,0,2.4700000000000002,0]
[null,"RAUTITAN",null,null,11370301050,null,"Труба водопров. RAUTITAN his 25x3,5, бухта 50 м ",50,"м",2.9699999999999998,3.5045999999999995,0,2.9699999999999998,0,3.5,0]
[null,"RAUTITAN",null,null,11370301006,null,"Труба водопров. RAUTITAN his 25x3,5, прямые отрезки 6 м  ",30,"м",3.1949999999999998,3.7700999999999998,0,3.1949999999999998,0,3.77,0]
[null,"RAUTITAN",null,null,11370401050,null,"Труба водопров. RAUTITAN his 32x4,4, бухта 50 м ",50,"м",5.4539999999999997,6.435719999999999,0,5.4539999999999997,0,6.44,0]
[null,"RAUTITAN",null,null,11370401006,null,"Труба водопров. RAUTITAN his 32x4,4, прямые отрезки 6 м ",30,"м",5.7509999999999994,6.786179999999999,0,5.7509999999999994,0,6.79,0]
[null,"RAUTITAN",null,null,11383201006,null,"Труба водопров. RAUTITAN his 40x5,5, прямые отрезки 6 м ",12,"м",8.91,10.5138,0,8.91,0,10.51,0]
[null,"RAUTITAN",null,null,11383301006,null,"Труба водопров. RAUTITAN his 50x6,9, прямые отрезки 6 м ",6,"м",11.727,13.837859999999999,0,11.727,0,13.84,0]
[null,"RAUTITAN",null,null,11383401006,null,"Труба водопров. RAUTITAN his 63x8,6, прямые отрезки 6 м ",6,"м",17.307000000000002,20.422260000000001,0,17.307000000000002,0,20.420000000000002,0]
[null,"RAUTITAN"]
[null,"RAUTITAN","x",null,11360421120,null,"Отоп. труба RAUTITAN pink 16х2,2 мм, бухта 120 м",120,"м",1.3860000000000001,{"$f":"J87*$B$2","v":1.63548},{"$f":"K87*F87","v":0},{"$f":"J87*(1-$E$5-$E$7)*(1-$E$9)*(1+$E$11)","v":1.3860000000000001},{"$f":"M87*F87","v":0},{"$f":"ROUND((M87*$B$2),2)","v":1.64},{"$f":"O87*F87","v":0}]
[null,"RAUTITAN",null,null,11360421006,null,"Отоп. труба RAUTITAN pink 16х2,2 мм, прямые отрезки 6 м",60,"м",1.575,1.8584999999999998,0,1.575,0,1.86,0]
[null,"RAUTITAN","x",null,11360521120,null,"Отоп. труба RAUTITAN pink 20х2,8 мм, бухта 120 м",120,"м",1.917,2.26206,0,1.917,0,2.2599999999999998,0]
[null,"RAUTITAN",null,null,11360521006,null,"Отоп. труба RAUTITAN pink 20х2,8 мм, прямые отрезки 6 м",60,"м",2.0609999999999999,2.4319799999999998,0,2.0609999999999999,0,2.4300000000000002,0]
[null,"RAUTITAN","x",null,11360621050,null,"Отоп. труба RAUTITAN pink 25х3,5 мм, бухта 50 м",50,"м",2.9250000000000003,3.4515000000000002,0,2.9250000000000003,0,3.45,0]
[null,"RAUTITAN",null,null,11360621006,null,"Отоп. труба RAUTITAN pink 25х3,5 мм, прямые отрезки 6 м",30,"м",3.177,3.7488599999999996,0,3.177,0,3.75,0]
[null,"RAUTITAN","x",null,11360721050,null,"Отоп. труба RAUTITAN pink 32х4,4 мм, бухта 50 м",50,"м",4.6800000000000006,5.5224000000000002,0,4.6800000000000006,0,5.52,0]
[null,"RAUTITAN",null,null,11360721006,null,"Отоп. труба RAUTITAN pink 32х4,4 мм, прямые отрезки 6 м",30,"м",5.0670000000000002,5.9790599999999996,0,5.0670000000000002,0,5.98,0]
[null,"RAUTITAN","x",null,11360821006,null,"Отоп. труба RAUTITAN pink 40х5,5 мм, прямые отрезки 6 м",12,"м",7.8660000000000005,9.281880000000001,0,7.8660000000000005,0,9.2799999999999994,0]
[null,"RAUTITAN",null,null,11360921006,null,"Отоп. труба RAUTITAN pink 50х6,9 мм, прямые отрезки 6 м",6,"м",10.305,12.159899999999999,0,10.305,0,12.16,0]
[null,"RAUTITAN",null,null,11361021006,null,"Отоп. труба RAUTITAN pink 63х8,7 мм, прямые отрезки 6 м",6,"м",14.895000000000001,17.5761,0,14.895000000000001,0,17.579999999999998,0]
[null,"RAUTITAN"]
[null,"RAUTITAN",null,null,11371401050,null,"Гофротруба защитн.для ПЭ-трубы 16/17, бухта 50м",50,"м",0.74,{"$f":"J99*$B$2","v":0.87319999999999998},{"$f":"K99*F99","v":0},{"$f":"J99*(1-$E$5-$E$7)*(1-$E$9)*(1+$E$11)","v":0.74},{"$f":"M99*F99","v":0},{"$f":"ROUND((M99*$B$2),2)","v":0.87},{"$f":"O99*F99","v":0}]
[null,"RAUTITAN",null,null,11371501050,null,"Гофротруба защитн.для ПЭ-трубы 20, бухта 50м",50,"м",0.83,{"$f":"J100*$B$2","v":0.97939999999999994},{"$f":"K100*F100","v":0},{"$f":"J100*(1-$E$5-$E$7)*(1-$E$9)*(1+$E$11)","v":0.83},{"$f":"M100*F100","v":0},{"$f":"ROUND((M100*$B$2),2)","v":0.98},{"$f":"O100*F100","v":0}]
[null,"RAUTITAN",null,null,11371601025,null,"Гофротруба защитн.для ПЭ-трубы 25, бухта 25м",25,"м",1.0900000000000001,{"$f":"J101*$B$2","v":1.2862},{"$f":"K101*F101","v":0},{"$f":"J101*(1-$E$5-$E$7)*(1-$E$9)*(1+$E$11)","v":1.0900000000000001},{"$f":"M101*F101","v":0},{"$f":"ROUND((M101*$B$2),2)","v":1.29},{"$f":"O101*F101","v":0}]
[null,"RAUTITAN",null,null,11371701025,null,"Гофротруба защитн.для ПЭ-трубы 32, бухта 25м",25,"м",1.51,{"$f":"J102*$B$2","v":1.7817999999999998},{"$f":"K102*F102","v":0},{"$f":"J102*(1-$E$5-$E$7)*(1-$E$9)*(1+$E$11)","v":1.51},{"$f":"M102*F102","v":0},{"$f":"ROUND((M102*$B$2),2)","v":1.78},{"$f":"O102*F102","v":0}]
[null,"RAUTITAN"]
[null,"RAUTITAN","x",null,11380331001,80,"Фиксирующий желоб для ПЭ-трубы 16/17",30,"м",1.34,{"$f":"J104*$B$2","v":1.5811999999999999},{"$f":"K104*F104","v":126.496},{"$f":"J104*(1-$E$5-$E$7)*(1-$E$9)*(1+$E$11)","v":1.34},{"$f":"M104*F104","v":107.2},{"$f":"ROUND((M104*$B$2),2)","v":1.58},{"$f":"O104*F104","v":126.4}]
[null,"RAUTITAN","x",null,11380431001,50,"Фиксирующий желоб для ПЭ-трубы 20",30,"м",1.46,1.7227999999999999,86.14,1.46,73,1.72,86]
[null,"RAUTITAN","x",null,11380531001,20,"Фиксирующий желоб для ПЭ-трубы 25",30,"м",1.92,2.2655999999999996,45.311999999999991,1.92,38.4,2.27,45.4]
[null,"RAUTITAN","x",null,11380631001,50,"Фиксирующий желоб для ПЭ-трубы 32",30,"м",2.37,2.7966000000000002,139.83000000000001,2.37,118.5,2.8,140]
[null,"RAUTITAN","x",null,11380731001,40,"Фиксирующий желоб для ПЭ-трубы 40",15,"м",3.61,4.2597999999999994,170.39199999999997,3.61,144.4,4.26,170.39999999999998]
[null,"RAUTITAN",null,null,11380831001,15,"Фиксирующий желоб для ПЭ-трубы 50",15,"м",4.4800000000000004,5.2864000000000004,79.296000000000006,4.4800000000000004,67.2,5.29,79.349999999999994]
[null,"RAUTITAN",null,null,11380931001,40,"Фиксирующий желоб для ПЭ-трубы 63",15,"м",5.38,6.3483999999999998,253.93599999999998,5.38,215.2,6.35,254]
[null,"RAUTITAN"]
[null,"RAUTITAN",null,null,12414431001,null,"Противопожарная манжета 16/17 для РЕХ",1,"шт",48.5,{"$f":"J112*$B$2","v":57.23},{"$f":"K112*F112","v":0},{"$f":"J112*(1-$E$5-$E$7)*(1-$E$9)*(1+$E$11)","v":48.5},{"$f":"M112*F112","v":0},{"$f":"ROUND((M112*$B$2),2)","v":57.23},{"$f":"O112*F112","v":0}]
[null,"RAUTITAN",null,null,12414531001,null,"Противопожарная манжета 20 для РЕХ",1,"шт",51.39,60.6402,0,51.39,0,60.64,0]
[null,"RAUTITAN",null,null,12414631001,null,"Противопожарная манжета 25 для РЕХ",1,"шт",54.29,64.06219999999999,0,54.29,0,64.06,0]
[null,"RAUTITAN",null,null,12414731001,null,"Противопожарная манжета 32 для РЕХ",1,"шт",58.84,69.431200000000004,0,58.84,0,69.430000000000007,0]
[null,"RAUTITAN",null,null,12414831001,null,"Противопожарная манжета 40 для РЕХ",1,"шт",65.13,76.853399999999993,0,65.13,0,76.849999999999994,0]
[null,"RAUTITAN",null,null,12414931001,null,"Противопожарная манжета 50 для РЕХ",1,"шт",66.25,78.174999999999997,0,66.25,0,78.180000000000007,0]
[null,"RAUTITAN",null,null,12415031001,null,"Противопожарная манжета 63 для РЕХ",1,"шт",75.430000000000007,89.007400000000004,0,75.430000000000007,0,89.01,0]
[null,"RAUTITAN"]
[null,"RAUTITAN",null,null,null,null,"1.1.2. Универсальные фитинги RAUTITAN для водоснабжения и отопления"]
[null,"RAUTITAN",null,null,11397711002,{"$f":"F129*3+F150*2+F151*2+F152*2+F158+F209*2+F219+F220+F221+F263","v":20},"Монтажная гильза  50 MX",25,"шт",6.59,{"$f":"J121*$B$2","v":7.7761999999999993},{"$f":"K121*F121","v":155.524},{"$f":"J121*(1-$E$5-$E$7)*(1-$E$9)*(1+$E$11)","v":6.59},{"$f":"M121*F121","v":131.80000000000001},{"$f":"ROUND((M121*$B$2),2)","v":7.78},{"$f":"O121*F121","v":155.6}]
[null,"RAUTITAN",null,null,11397811002,{"$f":"F130*3+F156*2+F157*2+F158*2+F211*2+F221+F265","v":24},"Монтажная гильза  63 MX",25,"шт",9.33,11.009399999999999,264.22559999999999,9.33,223.92000000000002,11.01,264.24]
[null,"RAUTITAN","x",null,11600011001,{"$f":"F159+F162+F169+F176*2+F178+F187*2+F349","v":82},"Монтажная гильза  16 PX",100,"шт",0.61,0.7198,59.023600000000002,0.61,50.019999999999996,0.72,59.04]
[null,"RAUTITAN","x",null,11600021001,{"$f":"F132*3+F150+F159*2+F161+F163+F165+F169*2+F171+F172+F176+F178+F180*2+F182+F187+F190*2+F224+F351","v":83},"Монтажная гильза  20 PX",100,"шт",0.78,0.9204,76.393199999999993,0.78,64.740000000000009,0.92,76.36]
[null,"RAUTITAN","x",null,11600031001,{"$f":"F151+F161*2+F171*2+F178+F180+F182+F190+F191*2+F224+F225+F309*2","v":33},"Монтажная гильза  25 PX",100,"шт",1.03,1.2154,40.108200000000004,1.03,33.99,1.22,40.26]
[null,"RAUTITAN","x",null,11600041001,{"$f":"F152+F156+F162*2+F163*2+F172*2+F182+F191+F219+F225+F226+F259+F310*2","v":62},"Монтажная гильза  32 PX",50,"шт",1.98,2.3363999999999998,144.85679999999999,1.98,122.76,2.34,145.07999999999998]
[null,"RAUTITAN","x",null,11600051001,{"$f":"F135*3+F157+F165*2+F216*2+F218+F220+F226+F311*2","v":60},"Монтажная гильза  40 PX",25,"шт",3.64,4.2952000000000004,257.71200000000005,3.64,218.4,4.3,258]
[null,"RAUTITAN"]
[null,"RAUTITAN",null,null,11371551001,1,"Тройник равнопроходный 50-50-50 MX",1,"шт",38.92,{"$f":"J129*$B$2","v":45.925600000000003},{"$f":"K129*F129","v":45.925600000000003},{"$f":"J129*(1-$E$5-$E$7)*(1-$E$9)*(1+$E$11)","v":38.92},{"$f":"M129*F129","v":38.92},{"$f":"ROUND((M129*$B$2),2)","v":45.93},{"$f":"O129*F129","v":45.93}]
[null,"RAUTITAN",null,null,11371651001,1,"Тройник равнопроходный 63-63-63 MX",1,"шт",48.82,57.607599999999998,57.607599999999998,48.82,48.82,57.61,57.61]
[null,"RAUTITAN","x",null,11600311001,null,"Тройник равнопроходный 16-16-16 PX",10,"шт",4.82,5.6875999999999998,0,4.82,0,5.69,0]
[null,"RAUTITAN","x",null,11600321001,2,"Тройник равнопроходный 20-20-20 PX",10,"шт",6.35,7.4929999999999994,14.985999999999999,6.35,12.7,7.49,14.98]
[null,"RAUTITAN","x",null,11600331001,null,"Тройник равнопроходный 25-25-25 PX",10,"шт",7.17,8.4605999999999995,0,7.17,0,8.4600000000000009,0]
[null,"RAUTITAN","x",null,11600341001,null,"Тройник равнопроходный 32-32-32 PX",3,"шт",14.54,17.1572,0,14.54,0,17.16,0]
[null,"RAUTITAN","x",null,11600351001,3,"Тройник равнопроходный 40-40-40 PX",2,"шт",28.5,33.629999999999995,100.88999999999999,28.5,85.5,33.630000000000003,100.89000000000001]
[null,"RAUTITAN"]
[null,"RAUTITAN",null,null,13662751001,null,"Тройник с повышенным сопротивлением на проходе 32-16-25 RX",1,"шт",22.06,{"$f":"J137*$B$2","v":26.030799999999996},{"$f":"K137*F137","v":0},{"$f":"J137*(1-$E$5-$E$7)*(1-$E$9)*(1+$E$11)","v":22.06},{"$f":"M137*F137","v":0},{"$f":"ROUND((M137*$B$2),2)","v":26.03},{"$f":"O137*F137","v":0}]
[null,"RAUTITAN",null,null,13662761001,null,"Тройник с повышенным сопротивлением на проходе 40-16-32 RX",1,"шт",39.75,{"$f":"J138*$B$2","v":46.904999999999994},{"$f":"K138*F138","v":0},{"$f":"J138*(1-$E$5-$E$7)*(1-$E$9)*(1+$E$11)","v":39.75},{"$f":"M138*F138","v":0},{"$f":"ROUND((M138*$B$2),2)","v":46.91},{"$f":"O138*F138","v":0}]
[null,"RAUTITAN",null,null,13662771001,null,"Тройник с повышенным сопротивлением на проходе 40-20-32 RX",1,"шт",38.950000000000003,{"$f":"J139*$B$2","v":45.960999999999999},{"$f":"K139*F139","v":0},{"$f":"J139*(1-$E$5-$E$7)*(1-$E$9)*(1+$E$11)","v":38.950000000000003},{"$f":"M139*F139","v":0},{"$f":"ROUND((M139*$B$2),2)","v":45.96},{"$f":"O139*F139","v":0}]
[null,"RAUTITAN"]
[null,"RAUTITAN",null,null,11313851001,null,"Проточный настенный угольник 16/16-Rp 1/2 RX",5,"шт",28.44,{"$f":"J141*$B$2","v":33.559199999999997},{"$f":"K141*F141","v":0},{"$f":"J141*(1-$E$5-$E$7)*(1-$E$9)*(1+$E$11)","v":28.44},{"$f":"M141*F141","v":0},{"$f":"ROUND((M141*$B$2),2)","v":33.56},{"$f":"O141*F141","v":0}]
[null,"RAUTITAN",null,null,11313951001,null,"Проточный настенный угольник 20/20-Rp 1/2 RX",5,"шт",29.63,{"$f":"J142*$B$2","v":34.9634},{"$f":"K142*F142","v":0},{"$f":"J142*(1-$E$5-$E$7)*(1-$E$9)*(1+$E$11)","v":29.63},{"$f":"M142*F142","v":0},{"$f":"ROUND((M142*$B$2),2)","v":34.96},{"$f":"O142*F142","v":0}]
[null,"RAUTITAN",null,null,13662841001,null,"Проточный настенный угольник 16/16-Rp 1/2 RX",5,"шт",26.04,{"$f":"J143*$B$2","v":30.727199999999996},{"$f":"K143*F143","v":0},{"$f":"J143*(1-$E$5-$E$7)*(1-$E$9)*(1+$E$11)","v":26.04},{"$f":"M143*F143","v":0},{"$f":"ROUND((M143*$B$2),2)","v":30.73},{"$f":"O143*F143","v":0}]
[null,"RAUTITAN",null,null,13662851001,null,"Проточный настенный угольник 20/20-Rp 1/2 RX",5,"шт",27.52,{"$f":"J144*$B$2","v":32.473599999999998},{"$f":"K144*F144","v":0},{"$f":"J144*(1-$E$5-$E$7)*(1-$E$9)*(1+$E$11)","v":27.52},{"$f":"M144*F144","v":0},{"$f":"ROUND((M144*$B$2),2)","v":32.47},{"$f":"O144*F144","v":0}]
[null,"RAUTITAN"]
[null,"RAUTITAN",null,null,13662791001,null,"Тройник RAUTITAN RX с наружной резьбой 16-16-R 1/2",4,"шт",14.59,{"$f":"J146*$B$2","v":17.216200000000001},{"$f":"K146*F146","v":0},{"$f":"J146*(1-$E$5-$E$7)*(1-$E$9)*(1+$E$11)","v":14.59},{"$f":"M146*F146","v":0},{"$f":"ROUND((M146*$B$2),2)","v":17.22},{"$f":"O146*F146","v":0}]
[null,"RAUTITAN",null,null,13662801001,null,"Тройник RAUTITAN RX с наружной резьбой  20-20-R 1/2",4,"шт",17.73,{"$f":"J147*$B$2","v":20.921399999999998},{"$f":"K147*F147","v":0},{"$f":"J147*(1-$E$5-$E$7)*(1-$E$9)*(1+$E$11)","v":17.73},{"$f":"M147*F147","v":0},{"$f":"ROUND((M147*$B$2),2)","v":20.92},{"$f":"O147*F147","v":0}]
[null,"RAUTITAN",null,null,13662811001,null,"Тройник RAUTITAN RX с наружной резьбой 20-20-R 3/4",4,"шт",19.309999999999999,{"$f":"J148*$B$2","v":22.785799999999998},{"$f":"K148*F148","v":0},{"$f":"J148*(1-$E$5-$E$7)*(1-$E$9)*(1+$E$11)","v":19.309999999999999},{"$f":"M148*F148","v":0},{"$f":"ROUND((M148*$B$2),2)","v":22.79},{"$f":"O148*F148","v":0}]
[null,"RAUTITAN"]
[null,"RAUTITAN",null,230348,13660031001,1,"Тройник с уменьшенным боковым проходом 50-20-50 RX",1,"шт",41.74,{"$f":"J150*$B$2","v":49.2532},{"$f":"K150*F150","v":49.2532},{"$f":"J150*(1-$E$5-$E$7)*(1-$E$9)*(1+$E$11)","v":41.74},{"$f":"M150*F150","v":41.74},{"$f":"ROUND((M150*$B$2),2)","v":49.25},{"$f":"O150*F150","v":49.25}]
[null,"RAUTITAN",null,null,12303581001,1,"Тройник с уменьшенным боковым проходом 50-25-50 MX",1,"шт",38.92,45.925600000000003,45.925600000000003,38.92,38.92,45.93,45.93]
[null,"RAUTITAN",null,null,11397921001,1,"Тройник с уменьшенным боковым проходом 50-32-50 MX",1,"шт",38.92,45.925600000000003,45.925600000000003,38.92,38.92,45.93,45.93]
[null,"RAUTITAN",null,null,11370891001,null,"Тройник с уменьшенным боковым проходом 50-40-50 MX",1,"шт",38.92,45.925600000000003,0,38.92,0,45.93,0]
[null,"RAUTITAN",null,null,12303281001,null,"Тройник с уменьшенным боковым проходом 63-20-63 MX\nПосле реализации складского запаса выводится из программы поставок",1,"шт",48.82,57.607599999999998,0,48.82,0,57.61,0]
[null,"RAUTITAN",null,230338,13660081001,null,"Тройник с уменьшенным боковым проходом 63-25-63 RX",1,"шт",52.68,62.162399999999998,0,52.68,0,62.16,0]
[null,"RAUTITAN",null,null,11371751001,1,"Тройник с уменьшенным боковым проходом 63-32-63 MX ",1,"шт",48.82,57.607599999999998,57.607599999999998,48.82,48.82,57.61,57.61]
[null,"RAUTITAN",null,137074,13660101001,1,"Тройник с уменьшенным боковым проходом 63-40-63 RX",1,"шт",53.2,62.776000000000003,62.776000000000003,53.2,53.2,62.78,62.78]
[null,"RAUTITAN",null,137084,13660111001,1,"Тройник с уменьшенным боковым проходом 63-50-63 RX",1,"шт",94.97,112.0646,112.0646,94.97,94.97,112.06,112.06]
[null,"RAUTITAN","x",null,11600611001,2,"Тройник с уменьшенным боковым проходом 20-16-20 PX",10,"шт",6.35,7.4929999999999994,14.985999999999999,6.35,12.7,7.49,14.98]
[null,"RAUTITAN","x",null,11600621001,null,"Тройник с уменьшенным боковым проходом 25-16-25 PX",10,"шт",7.17,8.4605999999999995,0,7.17,0,8.4600000000000009,0]
[null,"RAUTITAN","x",null,11600631001,2,"Тройник с уменьшенным боковым проходом 25-20-25 PX",10,"шт",7.17,8.4605999999999995,16.921199999999999,7.17,14.34,8.4600000000000009,16.920000000000002]
[null,"RAUTITAN","x",null,11600641001,1,"Тройник с уменьшенным боковым проходом 32-16-32 PX",3,"шт",14.54,17.1572,17.1572,14.54,14.54,17.16,17.16]
[null,"RAUTITAN","x",null,11600651001,3,"Тройник с уменьшенным боковым проходом 32-20-32 PX",3,"шт",14.54,17.1572,51.471599999999995,14.54,43.62,17.16,51.480000000000004]
[null,"RAUTITAN","x",null,11600661001,null,"Тройник с уменьшенным боковым проходом 32-25-32 PX",3,"шт",14.54,17.1572,0,14.54,0,17.16,0]
[null,"RAUTITAN","x",null,11600671001,8,"Тройник с уменьшенным боковым проходом 40-20-40 PX",2,"шт",28.5,33.629999999999995,269.03999999999996,28.5,228,33.630000000000003,269.04000000000002]
[null,"RAUTITAN","x",null,11600681001,null,"Тройник с уменьшенным боковым проходом 40-25-40 PX",2,"шт",28.5,33.629999999999995,0,28.5,0,33.630000000000003,0]
[null,"RAUTITAN","x",null,11600691001,null,"Тройник с уменьшенным боковым проходом 40-32-40 PX",2,"шт",28.5,33.629999999999995,0,28.5,0,33.630000000000003,0]
[null,"RAUTITAN"]
[null,"RAUTITAN","x",null,11600711001,1,"Тройник с уменьшенным торцевым проходом 20-20-16 PX",10,"шт",6.35,{"$f":"J169*$B$2","v":7.4929999999999994},{"$f":"K169*F169","v":7.4929999999999994},{"$f":"J169*(1-$E$5-$E$7)*(1-$E$9)*(1+$E$11)","v":6.35},{"$f":"M169*F169","v":6.35},{"$f":"ROUND((M169*$B$2),2)","v":7.49},{"$f":"O169*F169","v":7.49}]
[null,"RAUTITAN","x",null,11600721001,null,"Тройник с уменьшенным торцевым проходом 25-25-16 PX",10,"шт",7.17,{"$f":"J170*$B$2","v":8.4605999999999995},{"$f":"K170*F170","v":0},{"$f":"J170*(1-$E$5-$E$7)*(1-$E$9)*(1+$E$11)","v":7.17},{"$f":"M170*F170","v":0},{"$f":"ROUND((M170*$B$2),2)","v":8.4600000000000009},{"$f":"O170*F170","v":0}]
[null,"RAUTITAN","x",null,11600731001,1,"Тройник с уменьшенным торцевым проходом 25-25-20 PX",10,"шт",7.17,{"$f":"J171*$B$2","v":8.4605999999999995},{"$f":"K171*F171","v":8.4605999999999995},{"$f":"J171*(1-$E$5-$E$7)*(1-$E$9)*(1+$E$11)","v":7.17},{"$f":"M171*F171","v":7.17},{"$f":"ROUND((M171*$B$2),2)","v":8.4600000000000009},{"$f":"O171*F171","v":8.4600000000000009}]
[null,"RAUTITAN","x",null,11600741001,4,"Тройник с уменьшенным торцевым проходом 32-32-20 PX",3,"шт",14.54,{"$f":"J172*$B$2","v":17.1572},{"$f":"K172*F172","v":68.628799999999998},{"$f":"J172*(1-$E$5-$E$7)*(1-$E$9)*(1+$E$11)","v":14.54},{"$f":"M172*F172","v":58.16},{"$f":"ROUND((M172*$B$2),2)","v":17.16},{"$f":"O172*F172","v":68.64}]
[null,"RAUTITAN","x",null,11600751001,null,"Тройник с уменьшенным торцевым проходом 32-32-25 PX",3,"шт",14.54,{"$f":"J173*$B$2","v":17.1572},{"$f":"K173*F173","v":0},{"$f":"J173*(1-$E$5-$E$7)*(1-$E$9)*(1+$E$11)","v":14.54},{"$f":"M173*F173","v":0},{"$f":"ROUND((M173*$B$2),2)","v":17.16},{"$f":"O173*F173","v":0}]
[null,"RAUTITAN"]
[null,"RAUTITAN",null,null,11371951001,null,"Тройник с уменьшенным боковым и торцевым проходами 50-32-40 MX",1,"шт",38.92,{"$f":"J175*$B$2","v":45.925600000000003},{"$f":"K175*F175","v":0},{"$f":"J175*(1-$E$5-$E$7)*(1-$E$9)*(1+$E$11)","v":38.92},{"$f":"M175*F175","v":0},{"$f":"ROUND((M175*$B$2),2)","v":45.93},{"$f":"O175*F175","v":0}]
[null,"RAUTITAN","x",null,11600811001,15,"Тройник с уменьшенным боковым и торцевым проходами 20-16-16 PX",10,"шт",4.82,5.6875999999999998,85.313999999999993,4.82,72.300000000000011,5.69,85.350000000000009]
[null,"RAUTITAN","x",null,11600821001,null,"Тройник с уменьшенным боковым и торцевым проходами 25-16-16 PX",10,"шт",4.82,5.6875999999999998,0,4.82,0,5.69,0]
[null,"RAUTITAN","x",null,11600831001,3,"Тройник с уменьшенным боковым и торцевым проходами  25-16-20 PX",10,"шт",6.35,7.4929999999999994,22.478999999999999,6.35,19.049999999999997,7.49,22.47]
[null,"RAUTITAN","x",null,11600841001,null,"Тройник с уменьшенным боковым и торцевым проходами 25-20-16 PX",10,"шт",6.35,7.4929999999999994,0,6.35,0,7.49,0]
[null,"RAUTITAN","x",null,11600851001,1,"Тройник с уменьшенным боковым и торцевым проходами 25-20-20 PX",10,"шт",6.35,7.4929999999999994,7.4929999999999994,6.35,6.35,7.49,7.49]
[null,"RAUTITAN","x",null,11600861001,null,"Тройник с уменьшенным боковым и торцевым проходами 32-20-20 PX",3,"шт",14.54,17.1572,0,14.54,0,17.16,0]
[null,"RAUTITAN","x",null,11600871001,2,"Тройник с уменьшенным боковым и торцевым проходами 32-20-25 PX",3,"шт",14.54,17.1572,34.314399999999999,14.54,29.08,17.16,34.32]
[null,"RAUTITAN","x",null,11600891001,null,"Тройник с уменьшенным боковым и торцевым проходами 32-25-20 PX",3,"шт",14.54,17.1572,0,14.54,0,17.16,0]
[null,"RAUTITAN","x",null,11600911001,null,"Тройник с уменьшенным боковым и торцевым проходами 32-25-25 PX",3,"шт",14.54,17.1572,0,14.54,0,17.16,0]
[null,"RAUTITAN","x",null,11600921001,null,"Тройник с уменьшенным боковым и торцевым проходами 40-32-32 PX",2,"шт",28.5,33.629999999999995,0,28.5,0,33.630000000000003,0]
[null,"RAUTITAN"]
[null,"RAUTITAN","x",null,11601011001,2,"Тройник с увеличенным боковым проходом 16-20-16 PX",10,"шт",4.82,{"$f":"J187*$B$2","v":5.6875999999999998},{"$f":"K187*F187","v":11.3752},{"$f":"J187*(1-$E$5-$E$7)*(1-$E$9)*(1+$E$11)","v":4.82},{"$f":"M187*F187","v":9.64},{"$f":"ROUND((M187*$B$2),2)","v":5.69},{"$f":"O187*F187","v":11.38}]
[null,"RAUTITAN","x",null,11601021001,null,"Тройник с увеличенным боковым проходом 16-25-16 PX",10,"шт",6.35,{"$f":"J188*$B$2","v":7.4929999999999994},{"$f":"K188*F188","v":0},{"$f":"J188*(1-$E$5-$E$7)*(1-$E$9)*(1+$E$11)","v":6.35},{"$f":"M188*F188","v":0},{"$f":"ROUND((M188*$B$2),2)","v":7.49},{"$f":"O188*F188","v":0}]
[null,"RAUTITAN","x",null,11601031001,null,"Тройник с увеличенным боковым проходом 20-25-16 PX",10,"шт",6.35,{"$f":"J189*$B$2","v":7.4929999999999994},{"$f":"K189*F189","v":0},{"$f":"J189*(1-$E$5-$E$7)*(1-$E$9)*(1+$E$11)","v":6.35},{"$f":"M189*F189","v":0},{"$f":"ROUND((M189*$B$2),2)","v":7.49},{"$f":"O189*F189","v":0}]
[null,"RAUTITAN","x",null,11601041001,3,"Тройник с увеличенным боковым проходом 20-25-20 PX",10,"шт",6.35,{"$f":"J190*$B$2","v":7.4929999999999994},{"$f":"K190*F190","v":22.478999999999999},{"$f":"J190*(1-$E$5-$E$7)*(1-$E$9)*(1+$E$11)","v":6.35},{"$f":"M190*F190","v":19.049999999999997},{"$f":"ROUND((M190*$B$2),2)","v":7.49},{"$f":"O190*F190","v":22.47}]
[null,"RAUTITAN","x",null,11601061001,2,"Тройник с увеличенным боковым проходом 25-32-25 PX",3,"шт",14.54,{"$f":"J191*$B$2","v":17.1572},{"$f":"K191*F191","v":34.314399999999999},{"$f":"J191*(1-$E$5-$E$7)*(1-$E$9)*(1+$E$11)","v":14.54},{"$f":"M191*F191","v":29.08},{"$f":"ROUND((M191*$B$2),2)","v":17.16},{"$f":"O191*F191","v":34.32}]
[null,"RAUTITAN"]
["V","RAUTITAN",null,null,11388411402,null,"Тройник настенный с внутренней резьбой 16-Rp1/2-16 (MX)\nПосле реализации складского запаса заменяется на 13660161001",10,"шт",9.34,{"$f":"J193*$B$2","v":11.021199999999999},{"$f":"K193*F193","v":0},{"$f":"J193*(1-$E$5-$E$7)*(1-$E$9)*(1+$E$11)","v":9.34},{"$f":"M193*F193","v":0},{"$f":"ROUND((M193*$B$2),2)","v":11.02},{"$f":"O193*F193","v":0}]
["V","RAUTITAN",null,138841,13660161001,null,"Тройник настенный с внутренней резьбой 16-Rp1/2-16 (RX)",10,"шт",9.34,{"$f":"J194*$B$2","v":11.021199999999999},{"$f":"K194*F194","v":0},{"$f":"J194*(1-$E$5-$E$7)*(1-$E$9)*(1+$E$11)","v":9.34},{"$f":"M194*F194","v":0},{"$f":"ROUND((M194*$B$2),2)","v":11.02},{"$f":"O194*F194","v":0}]
["N","RAUTITAN",null,131388,13660171001,null,"Тройник настенный с внутренней резьбой 20-Rp1/2-16 (RX)",10,"шт",16.87,{"$f":"J195*$B$2","v":19.906600000000001},{"$f":"K195*F195","v":0},{"$f":"J195*(1-$E$5-$E$7)*(1-$E$9)*(1+$E$11)","v":16.87},{"$f":"M195*F195","v":0},{"$f":"ROUND((M195*$B$2),2)","v":19.91},{"$f":"O195*F195","v":0}]
["V","RAUTITAN",null,null,11388511402,null,"Тройник настенный с внутренней резьбой 20-Rp1/2-20",10,"шт",9.74,{"$f":"J196*$B$2","v":11.4932},{"$f":"K196*F196","v":0},{"$f":"J196*(1-$E$5-$E$7)*(1-$E$9)*(1+$E$11)","v":9.74},{"$f":"M196*F196","v":0},{"$f":"ROUND((M196*$B$2),2)","v":11.49},{"$f":"O196*F196","v":0}]
[null,"RAUTITAN"]
[null,"RAUTITAN",null,null,12582061002,null,"Тройник с внутр. резьбой на боков. проходе 25-Rp 3/4-25",10,"шт",10.029999999999999,{"$f":"J198*$B$2","v":11.835399999999998},{"$f":"K198*F198","v":0},{"$f":"J198*(1-$E$5-$E$7)*(1-$E$9)*(1+$E$11)","v":10.029999999999999},{"$f":"M198*F198","v":0},{"$f":"ROUND((M198*$B$2),2)","v":11.84},{"$f":"O198*F198","v":0}]
["N","RAUTITAN",null,139011,13660241001,null,"Тройник с внутр. резьбой на боков. проходе 32-Rp 3/4-25 (RX) ",3,"шт",23.73,28.0014,0,23.73,0,28,0]
[null,"RAUTITAN",null,null,11389911002,null,"Тройник с внутр. резьбой на боков. проходе 32-Rp 3/4-32",3,"шт",19.72,23.269599999999997,0,19.72,0,23.27,0]
[null,"RAUTITAN",null,null,11390011002,null,"Тройник с внутр. резьбой на боков. проходе 32-Rp 1-25. \nПосле реализации складского запаса выводится из программы поставок",3,"шт",19.72,23.269599999999997,0,19.72,0,23.27,0]
[null,"RAUTITAN",null,null,11389811002,null,"Тройник с внутр. резьбой на боков. проходе 32-Rp 1-32 \nПосле реализации складского запаса заменяется на 13660261001",3,"шт",19.72,23.269599999999997,0,19.72,0,23.27,0]
[null,"RAUTITAN",null,11389811002,13660261001,null,"Тройник с внутр. резьбой на боков. проходе 32-Rp 1-32 (RX)",3,"шт",26.77,{"$f":"J203*$B$2","v":31.5886},{"$f":"K203*F203","v":0},{"$f":"J203*(1-$E$5-$E$7)*(1-$E$9)*(1+$E$11)","v":26.77},{"$f":"M203*F203","v":0},{"$f":"ROUND((M203*$B$2),2)","v":31.59},{"$f":"O203*F203","v":0}]
[null,"RAUTITAN",null,139802,13660281001,null,"Тройник с внутр. резьбой на боков. проходе 40-Rp 1-40 (RX). ",1,"шт",39.94,47.129199999999997,0,39.94,0,47.13,0]
[null,"RAUTITAN",null,139812,13660311001,null,"Тройник с внутр. резьбой на боков. проходе 50-Rp 1-50 (RX).",1,"шт",54.49,64.298199999999994,0,54.49,0,64.3,0]
[null,"RAUTITAN"]
[null,"RAUTITAN",null,null,11371081401,null,"Кожух шумопоглощающий для тройника 16/17/20",20,"шт",1.0900000000000001,{"$f":"J207*$B$2","v":1.2862},{"$f":"K207*F207","v":0},{"$f":"J207*(1-$E$5-$E$7)*(1-$E$9)*(1+$E$11)","v":1.0900000000000001},{"$f":"M207*F207","v":0},{"$f":"ROUND((M207*$B$2),2)","v":1.29},{"$f":"O207*F207","v":0}]
[null,"RAUTITAN"]
[null,"RAUTITAN",null,null,11397411002,2,"Муфта соединительная равнопроходная  50 МХ",1,"шт",27.41,{"$f":"J209*$B$2","v":32.343800000000002},{"$f":"K209*F209","v":64.687600000000003},{"$f":"J209*(1-$E$5-$E$7)*(1-$E$9)*(1+$E$11)","v":27.41},{"$f":"M209*F209","v":54.82},{"$f":"ROUND((M209*$B$2),2)","v":32.340000000000003},{"$f":"O209*F209","v":64.680000000000007}]
[null,"RAUTITAN",null,null,11397511002,null,"Муфта соединительная равнопроходная  63 МХ  \nПосле реализации складского запаса заменяется на 13660361001",1,"шт",35.92,42.385599999999997,0,35.92,0,42.39,0]
[null,"RAUTITAN",null,139751,13660361001,6,"Муфта соединительная равнопроходная  63 RХ ",1,"шт",46.02,{"$f":"J211*$B$2","v":54.303600000000003},{"$f":"K211*F211","v":325.82159999999999},{"$f":"J211*(1-$E$5-$E$7)*(1-$E$9)*(1+$E$11)","v":46.02},{"$f":"M211*F211","v":276.12},{"$f":"ROUND((M211*$B$2),2)","v":54.3},{"$f":"O211*F211","v":325.79999999999995}]
[null,"RAUTITAN","x",null,11600111001,null,"Муфта соединительная равнопроходная  16 РХ",10,"шт",3.36,3.9647999999999994,0,3.36,0,3.96,0]
[null,"RAUTITAN","x",null,11600121001,null,"Муфта соединительная равнопроходная  20 РХ",10,"шт",4.62,5.4516,0,4.62,0,5.45,0]
[null,"RAUTITAN","x",null,11600131001,null,"Муфта соединительная равнопроходная  25 РХ",10,"шт",6.58,7.7643999999999993,0,6.58,0,7.76,0]
[null,"RAUTITAN","x",null,11600141001,null,"Муфта соединительная равнопроходная  32 РХ",10,"шт",10.039999999999999,11.847199999999999,0,10.039999999999999,0,11.85,0]
[null,"RAUTITAN","x",null,11600151001,6,"Муфта соединительная равнопроходная  40 РХ",4,"шт",17.02,20.083599999999997,120.50159999999998,17.02,102.12,20.079999999999998,120.47999999999999]
[null,"RAUTITAN"]
[null,"RAUTITAN","x","138018",13662601001,1,"Муфта соединительная переходная 40-25 RX. ",5,"шт",26.37,{"$f":"J218*$B$2","v":31.116599999999998},{"$f":"K218*F218","v":31.116599999999998},{"$f":"J218*(1-$E$5-$E$7)*(1-$E$9)*(1+$E$11)","v":26.37},{"$f":"M218*F218","v":26.37},{"$f":"ROUND((M218*$B$2),2)","v":31.12},{"$f":"O218*F218","v":31.12}]
[null,"RAUTITAN",null,null,11378631001,1,"Муфта соединительная переходная  50-32 MX",5,"шт",28.78,33.9604,33.9604,28.78,28.78,33.96,33.96]
[null,"RAUTITAN",null,null,11378431001,2,"Муфта соединительная переходная 50-40 MX",1,"шт",28.78,33.9604,67.9208,28.78,57.56,33.96,67.92]
[null,"RAUTITAN",null,null,11378531001,2,"Муфта соединительная переходная 63-50 MX",1,"шт",37.72,44.509599999999999,89.019199999999998,37.72,75.44,44.51,89.02]
[null,"RAUTITAN","x",null,11600411001,null,"Муфта соединительная переходная 20-16 PX",10,"шт",4.8499999999999996,5.722999999999999,0,4.8499999999999996,0,5.72,0]
[null,"RAUTITAN","x",null,11600421001,null,"Муфта соединительная переходная  25-16 PX",10,"шт",6.91,8.1538000000000004,0,6.91,0,8.15,0]
[null,"RAUTITAN","x",null,11600431001,2,"Муфта соединительная переходная 25-20 PX",10,"шт",6.91,8.1538000000000004,16.307600000000001,6.91,13.82,8.15,16.3]
[null,"RAUTITAN","x",null,11600441001,1,"Муфта соединительная переходная  32-25 PX",10,"шт",10.54,12.437199999999999,12.437199999999999,10.54,10.54,12.44,12.44]
[null,"RAUTITAN","x",null,11600471001,5,"Муфта соединительная переходная 40-32 PX",4,"шт",17.87,21.086600000000001,105.43300000000001,17.87,89.350000000000009,21.09,105.45]
[null,"RAUTITAN"]
[null,"RAUTITAN",null,null,11372061001,null,"Переходник на пайку 16-L15",2,"шт",7.54,{"$f":"J228*$B$2","v":8.8971999999999998},{"$f":"K228*F228","v":0},{"$f":"J228*(1-$E$5-$E$7)*(1-$E$9)*(1+$E$11)","v":7.54},{"$f":"M228*F228","v":0},{"$f":"ROUND((M228*$B$2),2)","v":8.9},{"$f":"O228*F228","v":0}]
[null,"RAUTITAN",null,null,12871931001,null,"Переходник на пайку 20-L15",2,"шт",8.09,9.5461999999999989,0,8.09,0,9.5500000000000007,0]
[null,"RAUTITAN",null,null,11372161001,null,"Переходник на пайку 20-L18",2,"шт",8.09,9.5461999999999989,0,8.09,0,9.5500000000000007,0]
[null,"RAUTITAN",null,null,11375061001,null,"Переходник на пайку 20-L22",2,"шт",8.09,9.5461999999999989,0,8.09,0,9.5500000000000007,0]
["N","RAUTITAN",null,null,11373671001,null,"Переходник на пайку 25-L18. ",2,"шт",8.8699999999999992,10.466599999999998,0,8.8699999999999992,0,10.47,0]
[null,"RAUTITAN",null,null,11372261001,null,"Переходник на пайку 25-L22",2,"шт",9.99,11.7882,0,9.99,0,11.79,0]
[null,"RAUTITAN",null,null,12871961001,null,"Переходник на пайку 25-L28",2,"шт",9.99,11.7882,0,9.99,0,11.79,0]
["N","RAUTITAN",null,null,11373681001,null,"Переходник на пайку 32-L22. ",2,"шт",13.08,15.4344,0,13.08,0,15.43,0]
[null,"RAUTITAN",null,null,11372361001,null,"Переходник на пайку 32-L28",2,"шт",15.61,18.419799999999999,0,15.61,0,18.420000000000002,0]
[null,"RAUTITAN"]
[null,"RAUTITAN",null,null,11376721001,null,"Переходник на запрессовку  16 - P 15",5,"шт",18.57,{"$f":"J238*$B$2","v":21.912599999999998},{"$f":"K238*F238","v":0},{"$f":"J238*(1-$E$5-$E$7)*(1-$E$9)*(1+$E$11)","v":18.57},{"$f":"M238*F238","v":0},{"$f":"ROUND((M238*$B$2),2)","v":21.91},{"$f":"O238*F238","v":0}]
[null,"RAUTITAN",null,null,11376821001,null,"Переходник на запрессовку  20 - P 18",2,"шт",24.03,{"$f":"J239*$B$2","v":28.355399999999999},{"$f":"K239*F239","v":0},{"$f":"J239*(1-$E$5-$E$7)*(1-$E$9)*(1+$E$11)","v":24.03},{"$f":"M239*F239","v":0},{"$f":"ROUND((M239*$B$2),2)","v":28.36},{"$f":"O239*F239","v":0}]
[null,"RAUTITAN",null,null,11377121001,null,"Переходник на запрессовку  20 - P 22",2,"шт",24.03,{"$f":"J240*$B$2","v":28.355399999999999},{"$f":"K240*F240","v":0},{"$f":"J240*(1-$E$5-$E$7)*(1-$E$9)*(1+$E$11)","v":24.03},{"$f":"M240*F240","v":0},{"$f":"ROUND((M240*$B$2),2)","v":28.36},{"$f":"O240*F240","v":0}]
[null,"RAUTITAN",null,null,11376921001,null,"Переходник на запрессовку  25 - P 22",2,"шт",27.25,{"$f":"J241*$B$2","v":32.155000000000001},{"$f":"K241*F241","v":0},{"$f":"J241*(1-$E$5-$E$7)*(1-$E$9)*(1+$E$11)","v":27.25},{"$f":"M241*F241","v":0},{"$f":"ROUND((M241*$B$2),2)","v":32.159999999999997},{"$f":"O241*F241","v":0}]
[null,"RAUTITAN",null,null,11377021001,null,"Переходник на запрессовку  32 - P 28",2,"шт",43.44,{"$f":"J242*$B$2","v":51.259199999999993},{"$f":"K242*F242","v":0},{"$f":"J242*(1-$E$5-$E$7)*(1-$E$9)*(1+$E$11)","v":43.44},{"$f":"M242*F242","v":0},{"$f":"ROUND((M242*$B$2),2)","v":51.26},{"$f":"O242*F242","v":0}]
[null,"RAUTITAN"]
[null,"RAUTITAN","x",null,11379551001,null,"Переходник с наружной резьбой 16-R 1/2 (MX)",10,"шт",5.76,{"$f":"J244*$B$2","v":6.7967999999999993},{"$f":"K244*F244","v":0},{"$f":"J244*(1-$E$5-$E$7)*(1-$E$9)*(1+$E$11)","v":5.76},{"$f":"M244*F244","v":0},{"$f":"ROUND((M244*$B$2),2)","v":6.8},{"$f":"O244*F244","v":0}]
[null,"RAUTITAN","x",null,11379651001,null,"Переходник с наружной резьбой 16-R 3/4 (MX)",10,"шт",5.76,6.7967999999999993,0,5.76,0,6.8,0]
[null,"RAUTITAN","x",139892,13660511001,null,"Переходник с наружной резьбой 16-R 1 (RX)",5,"шт",9.61,11.339799999999999,0,9.61,0,11.34,0]
[null,"RAUTITAN","x",null,11379751001,null,"Переходник с наружной резьбой 20-R 1/2 (MX)\nПосле реализации складского запаса заменяется на 13660521001",10,"шт",6.3,7.4339999999999993,0,6.3,0,7.43,0]
[null,"RAUTITAN","x",137975,13660521001,null,"Переходник с наружной резьбой 20-R 1/2 (RX)",10,"шт",7.44,{"$f":"J248*$B$2","v":8.7791999999999994},{"$f":"K248*F248","v":0},{"$f":"J248*(1-$E$5-$E$7)*(1-$E$9)*(1+$E$11)","v":7.44},{"$f":"M248*F248","v":0},{"$f":"ROUND((M248*$B$2),2)","v":8.7799999999999994},{"$f":"O248*F248","v":0}]
[null,"RAUTITAN","x",null,11379851001,null,"Переходник с наружной резьбой  20-R 3/4 (MX) \nПосле реализации складского запаса заменяется на 13660531001",10,"шт",6.3,7.4339999999999993,0,6.3,0,7.43,0]
[null,"RAUTITAN","x",11379851001,13660531001,null,"Переходник с наружной резьбой  20-R 3/4 (RX)",10,"шт",7.44,{"$f":"J250*$B$2","v":8.7791999999999994},{"$f":"K250*F250","v":0},{"$f":"J250*(1-$E$5-$E$7)*(1-$E$9)*(1+$E$11)","v":7.44},{"$f":"M250*F250","v":0},{"$f":"ROUND((M250*$B$2),2)","v":8.7799999999999994},{"$f":"O250*F250","v":0}]
[null,"RAUTITAN","x",137995,13660551001,null,"Переходник с наружной резьбой  20-R 1 (RX). ",5,"шт",10.33,12.189399999999999,0,10.33,0,12.19,0]
[null,"RAUTITAN","x",null,11391811002,null,"Переходник с наружной резьбой 25-R 1/2 (MX) \nПосле реализации складского запаса заменяется на 13660561001",10,"шт",7.44,8.7791999999999994,0,7.44,0,8.7799999999999994,0]
[null,"RAUTITAN","x",11391811002,13660561001,null,"Переходник с наружной резьбой 25-R 1/2 (RX)",10,"шт",7.44,{"$f":"J253*$B$2","v":8.7791999999999994},{"$f":"K253*F253","v":0},{"$f":"J253*(1-$E$5-$E$7)*(1-$E$9)*(1+$E$11)","v":7.44},{"$f":"M253*F253","v":0},{"$f":"ROUND((M253*$B$2),2)","v":8.7799999999999994},{"$f":"O253*F253","v":0}]
[null,"RAUTITAN","x",null,12595051002,null,"Переходник с наружной резьбой 25-R 3/4 (MX)\nПосле реализации складского запаса заменяется на 13660571001",10,"шт",8.7799999999999994,10.360399999999998,0,8.7799999999999994,0,10.36,0]
[null,"RAUTITAN","x",259505,13660571001,null,"Переходник с наружной резьбой 25-R 3/4 (RX)",10,"шт",7.44,{"$f":"J255*$B$2","v":8.7791999999999994},{"$f":"K255*F255","v":0},{"$f":"J255*(1-$E$5-$E$7)*(1-$E$9)*(1+$E$11)","v":7.44},{"$f":"M255*F255","v":0},{"$f":"ROUND((M255*$B$2),2)","v":8.7799999999999994},{"$f":"O255*F255","v":0}]
[null,"RAUTITAN","x",null,12573361002,null,"Переходник с наружной резьбой 25-R 1 (MX)",10,"шт",7.44,8.7791999999999994,0,7.44,0,8.7799999999999994,0]
[null,"RAUTITAN","x",null,11390811002,null,"Переходник с наружной резьбой 32-R 3/4 (MX)",10,"шт",11.16,13.168799999999999,0,11.16,0,13.17,0]
[null,"RAUTITAN","x",139081,13660591001,null,"Переходник с наружной резьбой 32-R 3/4 (RX)",10,"шт",13.46,15.8828,0,13.46,0,15.88,0]
[null,"RAUTITAN","x",null,11390511002,3,"Переходник с наружной резьбой 32-R 1 (MX)",10,"шт",11.16,13.168799999999999,39.506399999999999,11.16,33.480000000000004,13.17,39.51]
[null,"RAUTITAN",null,139311,13660611001,null,"Переходник с наружной резьбой 32-R 1 1/4 (RX)",5,"шт",16.059999999999999,18.950799999999997,0,16.059999999999999,0,18.95,0]
[null,"RAUTITAN","x",null,11396911002,null,"Переходник с наружной резьбой 40-R 1 1/4 (MX)",5,"шт",15,17.7,0,15,0,17.7,0]
[null,"RAUTITAN",null,139701,13660631001,null,"Переходник с наружной резьбой 50-R 1 1/4 (RX)",5,"шт",25.86,30.514799999999997,0,25.86,0,30.51,0]
[null,"RAUTITAN",null,null,11397111002,1,"Переходник с наружной резьбой 50-R 1 1/2 (MX)",1,"шт",24.04,28.367199999999997,28.367199999999997,24.04,24.04,28.37,28.37]
[null,"RAUTITAN",null,null,11397211002,null,"Переходник с наружной резьбой 63-R 2 (MX)\nПосле реализации складского запаса заменяется на 13660661001",1,"шт",39.630000000000003,46.763399999999997,0,39.630000000000003,0,46.76,0]
[null,"RAUTITAN",null,139721,13660661001,1,"Переходник с наружной резьбой 63-R 2 (RX)",1,"шт",45.7,{"$f":"J265*$B$2","v":53.926000000000002},{"$f":"K265*F265","v":53.926000000000002},{"$f":"J265*(1-$E$5-$E$7)*(1-$E$9)*(1+$E$11)","v":45.7},{"$f":"M265*F265","v":45.7},{"$f":"ROUND((M265*$B$2),2)","v":53.93},{"$f":"O265*F265","v":53.93}]
[null,"RAUTITAN"]
[null,"RAUTITAN",null,null,11377221001,null,"Переходник из нерж. стали с наружной резьбой  16 - R 1/2",5,"шт",15.61,{"$f":"J267*$B$2","v":18.419799999999999},{"$f":"K267*F267","v":0},{"$f":"J267*(1-$E$5-$E$7)*(1-$E$9)*(1+$E$11)","v":15.61},{"$f":"M267*F267","v":0},{"$f":"ROUND((M267*$B$2),2)","v":18.420000000000002},{"$f":"O267*F267","v":0}]
[null,"RAUTITAN",null,null,11377821001,null,"Переходник из нерж. стали с наружной резьбой  20 - R 1/2",5,"шт",19.95,23.540999999999997,0,19.95,0,23.54,0]
[null,"RAUTITAN",null,null,11377321001,null,"Переходник из нерж. стали с наружной резьбой  20 - R 3/4",5,"шт",19.95,23.540999999999997,0,19.95,0,23.54,0]
[null,"RAUTITAN",null,null,11377421001,null,"Переходник из нерж. стали с наружной резьбой  25 - R 3/4",5,"шт",24,28.32,0,24,0,28.32,0]
[null,"RAUTITAN",null,null,11377621001,null,"Переходник из нерж. стали с наружной резьбой  25 - R 1",5,"шт",29.77,35.128599999999999,0,29.77,0,35.130000000000003,0]
[null,"RAUTITAN",null,null,11377521001,null,"Переходник из нерж. стали с наружной резьбой  32 - R 1",2,"шт",36.57,43.1526,0,36.57,0,43.15,0]
[null,"RAUTITAN"]
[null,"RAUTITAN","x",null,12595151002,null,"Переходник с внутренней резьбой  16-Rp 1/2 (MX)\nПосле реализации складского запаса заменяется на 13660671001",10,"шт",5.48,{"$f":"J274*$B$2","v":6.4664000000000001},{"$f":"K274*F274","v":0},{"$f":"J274*(1-$E$5-$E$7)*(1-$E$9)*(1+$E$11)","v":5.48},{"$f":"M274*F274","v":0},{"$f":"ROUND((M274*$B$2),2)","v":6.47},{"$f":"O274*F274","v":0}]
[null,"RAUTITAN","x",259515,13660671001,null,"Переходник с внутренней резьбой  16-Rp 1/2 (RX)",10,"шт",5.48,{"$f":"J275*$B$2","v":6.4664000000000001},{"$f":"K275*F275","v":0},{"$f":"J275*(1-$E$5-$E$7)*(1-$E$9)*(1+$E$11)","v":5.48},{"$f":"M275*F275","v":0},{"$f":"ROUND((M275*$B$2),2)","v":6.47},{"$f":"O275*F275","v":0}]
[null,"RAUTITAN","x",null,12595251002,null,"Переходник с внутренней резьбой  20-Rp 1/2 (MX)",10,"шт",6,7.08,0,6,0,7.08,0]
[null,"RAUTITAN","x",null,11382531001,null,"Переходник с внутренней резьбой  20-Rp 3/4 (MX) \nПосле реализации складского запаса заменяется на 13660691001",10,"шт",6,7.08,0,6,0,7.08,0]
[null,"RAUTITAN","x",11382531001,13660691001,null,"Переходник с внутренней резьбой  20-Rp 3/4 (RX)",10,"шт",6,{"$f":"J278*$B$2","v":7.08},{"$f":"K278*F278","v":0},{"$f":"J278*(1-$E$5-$E$7)*(1-$E$9)*(1+$E$11)","v":6},{"$f":"M278*F278","v":0},{"$f":"ROUND((M278*$B$2),2)","v":7.08},{"$f":"O278*F278","v":0}]
[null,"RAUTITAN","x",139281,13660701001,null,"Переходник с внутренней резьбой  25-Rp 1/2 (RX)",10,"шт",8,9.44,0,8,0,9.44,0]
[null,"RAUTITAN","x",null,12595351002,null,"Переходник с внутренней резьбой  25-Rp 3/4 (MX)",10,"шт",7.44,8.7791999999999994,0,7.44,0,8.7799999999999994,0]
[null,"RAUTITAN","x",241255,13662891001,null,"Переходник с внутренней резьбой  25-Rp 1 (RX)",5,"шт",13.9,16.402000000000001,0,13.9,0,16.399999999999999,0]
[null,"RAUTITAN","x",null,11391011002,null,"Переходник с внутренней резьбой  32-Rp 3/4 (MX)",10,"шт",11.82,13.9476,0,11.82,0,13.95,0]
[null,"RAUTITAN","x",null,11390911002,null,"Переходник с внутренней резьбой  32-Rр 1 (MX)\nПосле реализации складского запаса заменяется на 13660731001",10,"шт",11.82,13.9476,0,11.82,0,13.95,0]
[null,"RAUTITAN","x",139091,13660731001,null,"Переходник с внутренней резьбой  32-Rр 1 (RX)",10,"шт",11.82,{"$f":"J284*$B$2","v":13.9476},{"$f":"K284*F284","v":0},{"$f":"J284*(1-$E$5-$E$7)*(1-$E$9)*(1+$E$11)","v":11.82},{"$f":"M284*F284","v":0},{"$f":"ROUND((M284*$B$2),2)","v":13.95},{"$f":"O284*F284","v":0}]
[null,"RAUTITAN",null,null,11390091001,null,"Переходник с внутренней резьбой  40-Rр 1 1/4 (MX)\nПосле реализации складского запаса заменяется на 13660741001",5,"шт",23.29,27.482199999999999,0,23.29,0,27.48,0]
[null,"RAUTITAN",null,11390091001,13660741001,null,"Переходник с внутренней резьбой  40-Rр 1 1/4 (RX)",5,"шт",23.29,{"$f":"J286*$B$2","v":27.482199999999999},{"$f":"K286*F286","v":0},{"$f":"J286*(1-$E$5-$E$7)*(1-$E$9)*(1+$E$11)","v":23.29},{"$f":"M286*F286","v":0},{"$f":"ROUND((M286*$B$2),2)","v":27.48},{"$f":"O286*F286","v":0}]
[null,"RAUTITAN"]
[null,"RAUTITAN","x",null,11395511002,null,"Переходник с накидной гайкой  16-G 1/2 (MX) \nПосле реализации складского запаса заменяется на 13660751001",10,"шт",5.75,{"$f":"J288*$B$2","v":6.7849999999999993},{"$f":"K288*F288","v":0},{"$f":"J288*(1-$E$5-$E$7)*(1-$E$9)*(1+$E$11)","v":5.75},{"$f":"M288*F288","v":0},{"$f":"ROUND((M288*$B$2),2)","v":6.79},{"$f":"O288*F288","v":0}]
[null,"RAUTITAN","x",139551,13660751001,null,"Переходник с накидной гайкой  16-G 1/2 (RX)",10,"шт",5.75,{"$f":"J289*$B$2","v":6.7849999999999993},{"$f":"K289*F289","v":0},{"$f":"J289*(1-$E$5-$E$7)*(1-$E$9)*(1+$E$11)","v":5.75},{"$f":"M289*F289","v":0},{"$f":"ROUND((M289*$B$2),2)","v":6.79},{"$f":"O289*F289","v":0}]
[null,"RAUTITAN","x",137144,13660761001,null,"Переходник с накидной гайкой  16-G 3/4 (RX)",10,"шт",5.75,6.7849999999999993,0,5.75,0,6.79,0]
[null,"RAUTITAN","x",139561,13660771001,null,"Переходник с накидной гайкой  20-G 1/2 (RX)",10,"шт",7.71,9.0977999999999994,0,7.71,0,9.1,0]
[null,"RAUTITAN","x",null,11395711002,null,"Переходник с накидной гайкой  20-G 3/4 (MX)",10,"шт",7.18,8.4723999999999986,0,7.18,0,8.4700000000000006,0]
[null,"RAUTITAN","x",null,11399121001,null,"Переходник с накидной гайкой  25-G 3/4 (MX)\nПосле реализации складского запаса заменяется на 13660791001",10,"шт",13.67,16.130599999999998,0,13.67,0,16.13,0]
[null,"RAUTITAN","x",139912,13660791001,null,"Переходник с накидной гайкой  25-G 3/4 (RX)",10,"шт",13.67,{"$f":"J294*$B$2","v":16.130599999999998},{"$f":"K294*F294","v":0},{"$f":"J294*(1-$E$5-$E$7)*(1-$E$9)*(1+$E$11)","v":13.67},{"$f":"M294*F294","v":0},{"$f":"ROUND((M294*$B$2),2)","v":16.13},{"$f":"O294*F294","v":0}]
[null,"RAUTITAN","x",139922,13660801001,null,"Переходник с накидной гайкой  25-G 1 (RX)",10,"шт",14.66,17.2988,0,14.66,0,17.3,0]
[null,"RAUTITAN","x",null,11399321001,null,"Переходник с накидной гайкой  32-G 1 (MX)",10,"шт",20.73,24.461399999999998,0,20.73,0,24.46,0]
[null,"RAUTITAN","x",241475,13660821001,null,"Переходник с накидной гайкой  32-G 1 1/4 (RX)",5,"шт",22.4,26.431999999999999,0,22.4,0,26.43,0]
[null,"RAUTITAN","x",137154,13660831001,null,"Переходник с накидной гайкой  32-G 1 1/2 (RX)",5,"шт",26.1,30.798000000000002,0,26.1,0,30.8,0]
[null,"RAUTITAN","x",null,11372651001,null,"Переходник с накидной гайкой  40-G 1 1/2 (MX) \nПосле реализации складского запаса заменяется на 13660841001",1,"шт",26.6,31.388000000000002,0,26.6,0,31.39,0]
[null,"RAUTITAN","x",11372651001,13660841001,null,"Переходник с накидной гайкой  40-G 1 1/2 (RX)",1,"шт",26.6,{"$f":"J300*$B$2","v":31.388000000000002},{"$f":"K300*F300","v":0},{"$f":"J300*(1-$E$5-$E$7)*(1-$E$9)*(1+$E$11)","v":26.6},{"$f":"M300*F300","v":0},{"$f":"ROUND((M300*$B$2),2)","v":31.39},{"$f":"O300*F300","v":0}]
[null,"RAUTITAN",null,137275,13660861001,null,"Переходник с накидной гайкой  50-G 1 3/4 (RX)",1,"шт",50.17,59.200600000000001,0,50.17,0,59.2,0]
[null,"RAUTITAN",null,137285,13660871001,null,"Переходник с накидной гайкой   63-G 2 3/8 (RX)",1,"шт",105.82,124.86759999999998,0,105.82,0,124.87,0]
[null,"RAUTITAN"]
[null,"RAUTITAN",null,null,11398821001,null,"Угольник  90°, 50 MX",1,"шт",43.55,{"$f":"J304*$B$2","v":51.388999999999996},{"$f":"K304*F304","v":0},{"$f":"J304*(1-$E$5-$E$7)*(1-$E$9)*(1+$E$11)","v":43.55},{"$f":"M304*F304","v":0},{"$f":"ROUND((M304*$B$2),2)","v":51.39},{"$f":"O304*F304","v":0}]
[null,"RAUTITAN",null,null,11378731001,null,"Угольник  90°, 63 MX\nПосле реализации складского запаса заменяется на 13660461001",1,"шт",52.46,61.902799999999999,0,52.46,0,61.9,0]
[null,"RAUTITAN",null,137873,13660461001,null,"Угольник  90°, 63 RX",1,"шт",59.46,{"$f":"J306*$B$2","v":70.162800000000004},{"$f":"K306*F306","v":0},{"$f":"J306*(1-$E$5-$E$7)*(1-$E$9)*(1+$E$11)","v":59.46},{"$f":"M306*F306","v":0},{"$f":"ROUND((M306*$B$2),2)","v":70.16},{"$f":"O306*F306","v":0}]
[null,"RAUTITAN","x",null,11600211001,null,"Угольник  90°, 16 PX",10,"шт",4.41,5.2038000000000002,0,4.41,0,5.2,0]
[null,"RAUTITAN","x",null,11600221001,null,"Угольник 90°, 20 PX",10,"шт",5.75,6.7849999999999993,0,5.75,0,6.79,0]
[null,"RAUTITAN","x",null,11600231001,5,"Угольник  90°, 25 PX",10,"шт",7.72,9.1095999999999986,45.547999999999995,7.72,38.6,9.11,45.55]
[null,"RAUTITAN","x",null,11600241001,15,"Угольник 90°, 32 PX",3,"шт",12.37,14.596599999999999,218.94899999999998,12.37,185.54999999999998,14.6,219]
[null,"RAUTITAN","x",null,11600251001,7,"Угольник  90°, 40 PX",3,"шт",21.22,25.039599999999997,175.27719999999997,21.22,148.54,25.04,175.28]
[null,"RAUTITAN"]
[null,"RAUTITAN",null,137094,13660471001,null,"Угольник  45°, 50 RX",1,"шт",52.62,{"$f":"J313*$B$2","v":62.091599999999993},{"$f":"K313*F313","v":0},{"$f":"J313*(1-$E$5-$E$7)*(1-$E$9)*(1+$E$11)","v":52.62},{"$f":"M313*F313","v":0},{"$f":"ROUND((M313*$B$2),2)","v":62.09},{"$f":"O313*F313","v":0}]
[null,"RAUTITAN",null,137104,13660481001,null,"Угольник  45°, 63 RX",1,"шт",79.88,94.258399999999995,0,79.88,0,94.26,0]
[null,"RAUTITAN","x",null,11600521001,null,"Угольник  45°, 20 PX",10,"шт",7.89,9.3101999999999983,0,7.89,0,9.31,0]
[null,"RAUTITAN","x",null,11600531001,null,"Угольник  45°, 25 PX",10,"шт",10.119999999999999,11.941599999999999,0,10.119999999999999,0,11.94,0]
[null,"RAUTITAN","x",null,11600541001,null,"Угольник  45°, 32 PX",3,"шт",14.82,17.4876,0,14.82,0,17.489999999999998,0]
[null,"RAUTITAN","x",null,11600551001,null,"Угольник  45°, 40 PX",2,"шт",27.92,32.945599999999999,0,27.92,0,32.950000000000003,0]
[null,"RAUTITAN"]
[null,"RAUTITAN","x",null,11388811002,25,"Фиксатор поворота с кольцами 90°, 16",10,"шт",2.35,{"$f":"J320*$B$2","v":2.7730000000000001},{"$f":"K320*F320","v":69.325000000000003},{"$f":"J320*(1-$E$5-$E$7)*(1-$E$9)*(1+$E$11)","v":2.35},{"$f":"M320*F320","v":58.75},{"$f":"ROUND((M320*$B$2),2)","v":2.77},{"$f":"O320*F320","v":69.25}]
[null,"RAUTITAN","x",null,11388911002,25,"Фиксатор поворота с кольцами 90°, 20",10,"шт",2.82,{"$f":"J321*$B$2","v":3.3275999999999994},{"$f":"K321*F321","v":83.189999999999984},{"$f":"J321*(1-$E$5-$E$7)*(1-$E$9)*(1+$E$11)","v":2.82},{"$f":"M321*F321","v":70.5},{"$f":"ROUND((M321*$B$2),2)","v":3.33},{"$f":"O321*F321","v":83.25}]
[null,"RAUTITAN","x",null,11383511002,null,"Фиксатор поворота с кольцами 90°, 25",10,"шт",3.73,{"$f":"J322*$B$2","v":4.4013999999999998},{"$f":"K322*F322","v":0},{"$f":"J322*(1-$E$5-$E$7)*(1-$E$9)*(1+$E$11)","v":3.73},{"$f":"M322*F322","v":0},{"$f":"ROUND((M322*$B$2),2)","v":4.4000000000000004},{"$f":"O322*F322","v":0}]
[null,"RAUTITAN","x",null,11386411002,null,"Фиксатор поворота с кольцами 90°, 32",5,"шт",4.46,{"$f":"J323*$B$2","v":5.2627999999999995},{"$f":"K323*F323","v":0},{"$f":"J323*(1-$E$5-$E$7)*(1-$E$9)*(1+$E$11)","v":4.46},{"$f":"M323*F323","v":0},{"$f":"ROUND((M323*$B$2),2)","v":5.26},{"$f":"O323*F323","v":0}]
[null,"RAUTITAN"]
[null,"RAUTITAN",null,null,11391211002,null,"Фиксатор поворота с кольцами 45°, 16",10,"шт",2.35,{"$f":"J325*$B$2","v":2.7730000000000001},{"$f":"K325*F325","v":0},{"$f":"J325*(1-$E$5-$E$7)*(1-$E$9)*(1+$E$11)","v":2.35},{"$f":"M325*F325","v":0},{"$f":"ROUND((M325*$B$2),2)","v":2.77},{"$f":"O325*F325","v":0}]
[null,"RAUTITAN",null,null,11391311002,null,"Фиксатор поворота с кольцами 45°, 20",10,"шт",2.82,{"$f":"J326*$B$2","v":3.3275999999999994},{"$f":"K326*F326","v":0},{"$f":"J326*(1-$E$5-$E$7)*(1-$E$9)*(1+$E$11)","v":2.82},{"$f":"M326*F326","v":0},{"$f":"ROUND((M326*$B$2),2)","v":3.33},{"$f":"O326*F326","v":0}]
[null,"RAUTITAN",null,null,11389111002,null,"Фиксатор поворота с кольцами 45°, 25",10,"шт",3.73,{"$f":"J327*$B$2","v":4.4013999999999998},{"$f":"K327*F327","v":0},{"$f":"J327*(1-$E$5-$E$7)*(1-$E$9)*(1+$E$11)","v":3.73},{"$f":"M327*F327","v":0},{"$f":"ROUND((M327*$B$2),2)","v":4.4000000000000004},{"$f":"O327*F327","v":0}]
[null,"RAUTITAN",null,null,11389211002,null,"Фиксатор поворота с кольцами 45°, 32",5,"шт",4.46,{"$f":"J328*$B$2","v":5.2627999999999995},{"$f":"K328*F328","v":0},{"$f":"J328*(1-$E$5-$E$7)*(1-$E$9)*(1+$E$11)","v":4.46},{"$f":"M328*F328","v":0},{"$f":"ROUND((M328*$B$2),2)","v":5.26},{"$f":"O328*F328","v":0}]
[null,"RAUTITAN"]
[null,"RAUTITAN","x",null,11394911002,null,"Угольник-переходник с наружной резьбой  16-R 1/2 (MX)",10,"шт",5.48,{"$f":"J330*$B$2","v":6.4664000000000001},{"$f":"K330*F330","v":0},{"$f":"J330*(1-$E$5-$E$7)*(1-$E$9)*(1+$E$11)","v":5.48},{"$f":"M330*F330","v":0},{"$f":"ROUND((M330*$B$2),2)","v":6.47},{"$f":"O330*F330","v":0}]
[null,"RAUTITAN","x",null,11395011002,null,"Угольник-переходник с наружной резьбой  20-R 1/2 (MX) \nПосле реализации складского запаса заменятеся на 13660891001",10,"шт",6.31,7.4457999999999993,0,6.31,0,7.45,0]
[null,"RAUTITAN","x",139501,13660891001,null,"Угольник-переходник с наружной резьбой  20-R 1/2 (RX)",10,"шт",6.31,{"$f":"J332*$B$2","v":7.4457999999999993},{"$f":"K332*F332","v":0},{"$f":"J332*(1-$E$5-$E$7)*(1-$E$9)*(1+$E$11)","v":6.31},{"$f":"M332*F332","v":0},{"$f":"ROUND((M332*$B$2),2)","v":7.45},{"$f":"O332*F332","v":0}]
[null,"RAUTITAN",null,null,11372741001,null,"Угольник-переходник с наружной резьбой  16-R 3/4 (MX) Выведен",10,"шт",6.31,7.4457999999999993,0,6.31,0,7.45,0]
[null,"RAUTITAN","x",null,11375451001,null,"Угольник-переходник с наружной резьбой  20-R 3/4 (MX) \nПосле реализации складского запаса заменятеся на 13660901001",10,"шт",6.31,7.4457999999999993,0,6.31,0,7.45,0]
[null,"RAUTITAN","x",137545,13660901001,null,"Угольник-переходник с наружной резьбой  20-R 3/4 ",10,"шт",6.31,{"$f":"J335*$B$2","v":7.4457999999999993},{"$f":"K335*F335","v":0},{"$f":"J335*(1-$E$5-$E$7)*(1-$E$9)*(1+$E$11)","v":6.31},{"$f":"M335*F335","v":0},{"$f":"ROUND((M335*$B$2),2)","v":7.45},{"$f":"O335*F335","v":0}]
[null,"RAUTITAN","x",null,11395111001,null,"Угольник-переходник с наружной резьбой  25-R 3/4 (MX)",10,"шт",8.7200000000000006,10.2896,0,8.7200000000000006,0,10.29,0]
[null,"RAUTITAN",null,137423,13660921001,null,"Угольник-переходник с наружной резьбой  32-R 3/4 (RX)",3,"шт",15.13,17.853400000000001,0,15.13,0,17.850000000000001,0]
[null,"RAUTITAN","x",null,11374331001,null,"Угольник-переходник с наружной резьбой  32-R 1 (MX)\nПосле реализации складского запаса заменятеся на 13660931001",3,"шт",13.94,16.449199999999998,0,13.94,0,16.45,0]
[null,"RAUTITAN","x",137433,13660931001,null,"Угольник-переходник с наружной резьбой  32-R 1 (RX)",3,"шт",19.309999999999999,{"$f":"J339*$B$2","v":22.785799999999998},{"$f":"K339*F339","v":0},{"$f":"J339*(1-$E$5-$E$7)*(1-$E$9)*(1+$E$11)","v":19.309999999999999},{"$f":"M339*F339","v":0},{"$f":"ROUND((M339*$B$2),2)","v":22.79},{"$f":"O339*F339","v":0}]
[null,"RAUTITAN"]
[null,"RAUTITAN","x",null,11372951001,null,"Угольник-переходник с внутренней резьбой  16-Rp 1/2 (MX)",10,"шт",5.88,{"$f":"J341*$B$2","v":6.9383999999999997},{"$f":"K341*F341","v":0},{"$f":"J341*(1-$E$5-$E$7)*(1-$E$9)*(1+$E$11)","v":5.88},{"$f":"M341*F341","v":0},{"$f":"ROUND((M341*$B$2),2)","v":6.94},{"$f":"O341*F341","v":0}]
[null,"RAUTITAN","x",null,11371241001,null,"Угольник-переходник с внутренней резьбой  16-Rp 3/4 (MX)",10,"шт",5.88,6.9383999999999997,0,5.88,0,6.94,0]
[null,"RAUTITAN","x",null,11373051001,null,"Угольник-переходник с внутренней резьбой  20-Rp 1/2 (MX)\nПосле реализации складского запаса заменятеся на 13660961001 ",10,"шт",7.37,8.6966000000000001,0,7.37,0,8.6999999999999993,0]
[null,"RAUTITAN","x",137305,13660961001,null,"Угольник-переходник с внутренней резьбой  20-Rp 1/2 (RX)",10,"шт",7.37,8.6966000000000001,0,7.37,0,8.6999999999999993,0]
[null,"RAUTITAN","x",null,11371341001,null,"Угольник-переходник с внутренней резьбой  20-Rp 3/4 (MX)",10,"шт",7.37,8.6966000000000001,0,7.37,0,8.6999999999999993,0]
[null,"RAUTITAN",null,null,12412551001,null,"Угольник-переходник с внутренней резьбой  25-Rp 1  (MX)",10,"шт",12.5,14.75,0,12.5,0,14.75,0]
[null,"RAUTITAN"]
["V","RAUTITAN","x",null,11384611405,null,"Угольник настенный с внутр. резьбой 16-Rp 1/2 (MX)\nПосле реализации складского запаса заменятеся на 13660991001  ",10,"шт",6.34,{"$f":"J348*$B$2","v":7.4811999999999994},{"$f":"K348*F348","v":0},{"$f":"J348*(1-$E$5-$E$7)*(1-$E$9)*(1+$E$11)","v":6.34},{"$f":"M348*F348","v":0},{"$f":"ROUND((M348*$B$2),2)","v":7.48},{"$f":"O348*F348","v":0}]
[null,"RAUTITAN","x",138461,13660991001,41,"Угольник настенный с внутр. резьбой 16-Rp 1/2 (RX)",10,"шт",6.34,7.4811999999999994,306.72919999999999,6.34,259.94,7.48,306.68]
["V","RAUTITAN","x",null,11384711405,null,"Угольник настенный с внутр. резьбой  20-Rp 1/2 (MX)\nПосле реализации складского запаса заменятеся на 13661001001",10,"шт",7.31,8.6257999999999999,0,7.31,0,8.6300000000000008,0]
["V","RAUTITAN","x",138471,13661001001,20,"Угольник настенный с внутр. резьбой  20-Rp 1/2 (RX)",10,"шт",7.31,8.6257999999999999,172.51599999999999,7.31,146.19999999999999,8.6300000000000008,172.60000000000002]
["V","RAUTITAN","x",null,11391911405,null,"Угольник настенный с внутр. резьбой  20-Rp 3/4 (MX)",10,"шт",7.31,8.6257999999999999,0,7.31,0,8.6300000000000008,0]
["V","RAUTITAN","x",null,11385911405,null,"Угольник настенный с внутр. резьбой  25-Rp 3/4 (MX) \nПосле реализации складского запаса заменятеся на 13661021001",10,"шт",11.19,13.204199999999998,0,11.19,0,13.2,0]
["V","RAUTITAN","x",11385911405,13661021001,null,"Угольник настенный с внутр. резьбой  25-Rp 3/4 (RX)",10,"шт",11.19,{"$f":"J354*$B$2","v":13.204199999999998},{"$f":"K354*F354","v":0},{"$f":"J354*(1-$E$5-$E$7)*(1-$E$9)*(1+$E$11)","v":11.19},{"$f":"M354*F354","v":0},{"$f":"ROUND((M354*$B$2),2)","v":13.2},{"$f":"O354*F354","v":0}]
[null,"RAUTITAN"]
["V","RAUTITAN","x",null,11384411405,null,"Угольник настенный с длинным патрубком, внутр. резьба  16-Rp 1/2 (MX)\nПосле реализации складского запаса заменятеся на 13661051001",10,"шт",6.34,{"$f":"J356*$B$2","v":7.4811999999999994},{"$f":"K356*F356","v":0},{"$f":"J356*(1-$E$5-$E$7)*(1-$E$9)*(1+$E$11)","v":6.34},{"$f":"M356*F356","v":0},{"$f":"ROUND((M356*$B$2),2)","v":7.48},{"$f":"O356*F356","v":0}]
["V","RAUTITAN","x",138441,13661051001,null,"Угольник настенный с длинным патрубком, внутр. резьба  16-Rp 1/2 (RX)",10,"шт",6.34,{"$f":"J357*$B$2","v":7.4811999999999994},{"$f":"K357*F357","v":0},{"$f":"J357*(1-$E$5-$E$7)*(1-$E$9)*(1+$E$11)","v":6.34},{"$f":"M357*F357","v":0},{"$f":"ROUND((M357*$B$2),2)","v":7.48},{"$f":"O357*F357","v":0}]
["V","RAUTITAN","x",null,11384511405,null,"Угольник настенный с длинным патрубком, внутр. резьба  20-Rp 1/2 (MX)\nПосле реализации складского запаса заменятеся на 13661061001",10,"шт",7.31,{"$f":"J358*$B$2","v":8.6257999999999999},{"$f":"K358*F358","v":0},{"$f":"J358*(1-$E$5-$E$7)*(1-$E$9)*(1+$E$11)","v":7.31},{"$f":"M358*F358","v":0},{"$f":"ROUND((M358*$B$2),2)","v":8.6300000000000008},{"$f":"O358*F358","v":0}]
["V","RAUTITAN","x",138451,13661061001,null,"Угольник настенный с длинным патрубком, внутр. резьба  20-Rp 1/2 (RX)",10,"шт",7.31,{"$f":"J359*$B$2","v":8.6257999999999999},{"$f":"K359*F359","v":0},{"$f":"J359*(1-$E$5-$E$7)*(1-$E$9)*(1+$E$11)","v":7.31},{"$f":"M359*F359","v":0},{"$f":"ROUND((M359*$B$2),2)","v":8.6300000000000008},{"$f":"O359*F359","v":0}]
[null,"RAUTITAN"]
["V","RAUTITAN","x",138481,13661071001,null,"Угольник настенный с наружной резьбой  16-R 1/2 (RX)",10,"шт",8.41,{"$f":"J361*$B$2","v":9.9238},{"$f":"K361*F361","v":0},{"$f":"J361*(1-$E$5-$E$7)*(1-$E$9)*(1+$E$11)","v":8.41},{"$f":"M361*F361","v":0},{"$f":"ROUND((M361*$B$2),2)","v":9.92},{"$f":"O361*F361","v":0}]
["V","RAUTITAN","x",138491,13661081001,null,"Угольник настенный с наружной резьбой  20-R 1/2 (RX)",10,"шт",9.1999999999999993,{"$f":"J362*$B$2","v":10.855999999999998},{"$f":"K362*F362","v":0},{"$f":"J362*(1-$E$5-$E$7)*(1-$E$9)*(1+$E$11)","v":9.1999999999999993},{"$f":"M362*F362","v":0},{"$f":"ROUND((M362*$B$2),2)","v":10.86},{"$f":"O362*F362","v":0}]
["V","RAUTITAN","x",138501,13661091001,null,"Угольник настенный с наружной резьбой  20-R 3/4 (RX)",10,"шт",10.33,{"$f":"J363*$B$2","v":12.189399999999999},{"$f":"K363*F363","v":0},{"$f":"J363*(1-$E$5-$E$7)*(1-$E$9)*(1+$E$11)","v":10.33},{"$f":"M363*F363","v":0},{"$f":"ROUND((M363*$B$2),2)","v":12.19},{"$f":"O363*F363","v":0}]
[null,"RAUTITAN"]
["V","RAUTITAN",null,137256,13661121001,null,"Угольник настенный с внутр. резьбой 16-Rp 1/2 длинный, 59 мм (RX)",5,"шт",14.69,{"$f":"J365*$B$2","v":17.334199999999999},{"$f":"K365*F365","v":0},{"$f":"J365*(1-$E$5-$E$7)*(1-$E$9)*(1+$E$11)","v":14.69},{"$f":"M365*F365","v":0},{"$f":"ROUND((M365*$B$2),2)","v":17.329999999999998},{"$f":"O365*F365","v":0}]
["V","RAUTITAN",null,137266,13661131001,null,"Угольник настенный с внутр. резьбой 20-Rp 1/2 длинный, 59 мм (RX)",5,"шт",17.350000000000001,{"$f":"J366*$B$2","v":20.472999999999999},{"$f":"K366*F366","v":0},{"$f":"J366*(1-$E$5-$E$7)*(1-$E$9)*(1+$E$11)","v":17.350000000000001},{"$f":"M366*F366","v":0},{"$f":"ROUND((M366*$B$2),2)","v":20.47},{"$f":"O366*F366","v":0}]
[null,"RAUTITAN"]
[null,"RAUTITAN","x",137083,13661101001,null,"Угольник настенный с квадратными фланцами 16-Rp1/2 (RX).",10,"шт",9.9,{"$f":"J368*$B$2","v":11.682},{"$f":"K368*F368","v":0},{"$f":"J368*(1-$E$5-$E$7)*(1-$E$9)*(1+$E$11)","v":9.9},{"$f":"M368*F368","v":0},{"$f":"ROUND((M368*$B$2),2)","v":11.68},{"$f":"O368*F368","v":0}]
["V","RAUTITAN",null,137373,13661111001,null,"Угольник настенный с квадратными фланцами 20-Rp1/2 (RX). ",10,"шт",12.53,{"$f":"J369*$B$2","v":14.785399999999999},{"$f":"K369*F369","v":0},{"$f":"J369*(1-$E$5-$E$7)*(1-$E$9)*(1+$E$11)","v":12.53},{"$f":"M369*F369","v":0},{"$f":"ROUND((M369*$B$2),2)","v":14.79},{"$f":"O369*F369","v":0}]
[null,"RAUTITAN"]
["V","RAUTITAN",null,139601,13661141001,null,"Угольник для подсоединения сливного бачка  16-Rp1/2 (RX)",10,"шт",18.3,{"$f":"J371*$B$2","v":21.594000000000001},{"$f":"K371*F371","v":0},{"$f":"J371*(1-$E$5-$E$7)*(1-$E$9)*(1+$E$11)","v":18.3},{"$f":"M371*F371","v":0},{"$f":"ROUND((M371*$B$2),2)","v":21.59},{"$f":"O371*F371","v":0}]
[null,"RAUTITAN"]
["V","RAUTITAN",null,null,11392611402,null,"Угольник настенный для гипсокартонных плит  16-Rp1/2x28",10,"шт",11.03,{"$f":"J373*$B$2","v":13.015399999999998},{"$f":"K373*F373","v":0},{"$f":"J373*(1-$E$5-$E$7)*(1-$E$9)*(1+$E$11)","v":11.03},{"$f":"M373*F373","v":0},{"$f":"ROUND((M373*$B$2),2)","v":13.02},{"$f":"O373*F373","v":0}]
["V","RAUTITAN",null,139271,13661161001,null,"Угольник настенный для гипсокартонных плит  20-Rp1/2x28 (RX)",10,"шт",17.64,{"$f":"J374*$B$2","v":20.815200000000001},{"$f":"K374*F374","v":0},{"$f":"J374*(1-$E$5-$E$7)*(1-$E$9)*(1+$E$11)","v":17.64},{"$f":"M374*F374","v":0},{"$f":"ROUND((M374*$B$2),2)","v":20.82},{"$f":"O374*F374","v":0}]
[null,"RAUTITAN"]
["V","RAUTITAN",null,139241,13661171001,null,"Угольник настенный для ДСП  16-Rp1/2x28 (RX)",10,"шт",19.45,{"$f":"J376*$B$2","v":22.950999999999997},{"$f":"K376*F376","v":0},{"$f":"J376*(1-$E$5-$E$7)*(1-$E$9)*(1+$E$11)","v":19.45},{"$f":"M376*F376","v":0},{"$f":"ROUND((M376*$B$2),2)","v":22.95},{"$f":"O376*F376","v":0}]
["V","RAUTITAN",null,139251,13661181001,null,"Угольник настенный для ДСП  20-Rp1/2x28 (RX)",10,"шт",19.36,{"$f":"J377*$B$2","v":22.844799999999999},{"$f":"K377*F377","v":0},{"$f":"J377*(1-$E$5-$E$7)*(1-$E$9)*(1+$E$11)","v":19.36},{"$f":"M377*F377","v":0},{"$f":"ROUND((M377*$B$2),2)","v":22.84},{"$f":"O377*F377","v":0}]
[null,"RAUTITAN"]
["V","RAUTITAN",null,139521,13661201001,null,"Угольник настенный для ДСП  16-Rp1/2x55 (RX)",10,"шт",23.55,{"$f":"J379*$B$2","v":27.788999999999998},{"$f":"K379*F379","v":0},{"$f":"J379*(1-$E$5-$E$7)*(1-$E$9)*(1+$E$11)","v":23.55},{"$f":"M379*F379","v":0},{"$f":"ROUND((M379*$B$2),2)","v":27.79},{"$f":"O379*F379","v":0}]
[null,"RAUTITAN"]
["V","RAUTITAN",null,139611,13661211001,null,"Угольник настенный для подсоед.  к монтажн.Узлам 16-Rp1/2x55 (RX)",10,"шт",26.26,{"$f":"J381*$B$2","v":30.986799999999999},{"$f":"K381*F381","v":0},{"$f":"J381*(1-$E$5-$E$7)*(1-$E$9)*(1+$E$11)","v":26.26},{"$f":"M381*F381","v":0},{"$f":"ROUND((M381*$B$2),2)","v":30.99},{"$f":"O381*F381","v":0}]
[null,"RAUTITAN"]
[null,"RAUTITAN",null,137323,13661231001,null,"Подводка прямая (через стену) 16-Rp1/2 x 28 (RX)",10,"шт",22.37,{"$f":"J383*$B$2","v":26.396599999999999},{"$f":"K383*F383","v":0},{"$f":"J383*(1-$E$5-$E$7)*(1-$E$9)*(1+$E$11)","v":22.37},{"$f":"M383*F383","v":0},{"$f":"ROUND((M383*$B$2),2)","v":26.4},{"$f":"O383*F383","v":0}]
[null,"RAUTITAN"]
["V","RAUTITAN","x",null,12296961001,null,"Защитная лента RAUTITAN ",1,"шт",11.98,{"$f":"J385*$B$2","v":14.1364},{"$f":"K385*F385","v":0},{"$f":"J385*(1-$E$5-$E$7)*(1-$E$9)*(1+$E$11)","v":11.98},{"$f":"M385*F385","v":0},{"$f":"ROUND((M385*$B$2),2)","v":14.14},{"$f":"O385*F385","v":0}]
[null,"RAUTITAN"]
["N","RAUTITAN",null,null,12069271001,null,"Тепло-шумоизоляционный кожух для настенных угольников Rp 1/2 ",20,"шт",3.83,{"$f":"J387*$B$2","v":4.5194000000000001},{"$f":"K387*F387","v":0},{"$f":"J387*(1-$E$5-$E$7)*(1-$E$9)*(1+$E$11)","v":3.83},{"$f":"M387*F387","v":0},{"$f":"ROUND((M387*$B$2),2)","v":4.5199999999999996},{"$f":"O387*F387","v":0}]
["N","RAUTITAN",null,null,12069281001,null,"Тепло-шумоизоляционный кожух для настенных угольников, проходных Rp 1/2",20,"шт",5.52,{"$f":"J388*$B$2","v":6.5135999999999994},{"$f":"K388*F388","v":0},{"$f":"J388*(1-$E$5-$E$7)*(1-$E$9)*(1+$E$11)","v":5.52},{"$f":"M388*F388","v":0},{"$f":"ROUND((M388*$B$2),2)","v":6.51},{"$f":"O388*F388","v":0}]
["V","RAUTITAN","x",null,12414651405,null,"Кронштейн, тип O 75 / 150 короткий",5,"шт",4.46,{"$f":"J389*$B$2","v":5.2627999999999995},{"$f":"K389*F389","v":0},{"$f":"J389*(1-$E$5-$E$7)*(1-$E$9)*(1+$E$11)","v":4.46},{"$f":"M389*F389","v":0},{"$f":"ROUND((M389*$B$2),2)","v":5.26},{"$f":"O389*F389","v":0}]
[null,"RAUTITAN"]
["V","RAUTITAN",null,null,11371051405,null,"Кронштейн, тип O 100",5,"шт",4.46,{"$f":"J391*$B$2","v":5.2627999999999995},{"$f":"K391*F391","v":0},{"$f":"J391*(1-$E$5-$E$7)*(1-$E$9)*(1+$E$11)","v":4.46},{"$f":"M391*F391","v":0},{"$f":"ROUND((M391*$B$2),2)","v":5.26},{"$f":"O391*F391","v":0}]
[null,"RAUTITAN"]
["V","RAUTITAN","x",null,11371151405,null,"Кронштейн, тип O 75 / 150",5,"шт",4.46,{"$f":"J393*$B$2","v":5.2627999999999995},{"$f":"K393*F393","v":0},{"$f":"J393*(1-$E$5-$E$7)*(1-$E$9)*(1+$E$11)","v":4.46},{"$f":"M393*F393","v":0},{"$f":"ROUND((M393*$B$2),2)","v":5.26},{"$f":"O393*F393","v":0}]
[null,"RAUTITAN"]
[null,"RAUTITAN",null,null,11373351001,null,"Кронштейн, тип D в сборе",5,"шт",6.82,{"$f":"J395*$B$2","v":8.0475999999999992},{"$f":"K395*F395","v":0},{"$f":"J395*(1-$E$5-$E$7)*(1-$E$9)*(1+$E$11)","v":6.82},{"$f":"M395*F395","v":0},{"$f":"ROUND((M395*$B$2),2)","v":8.0500000000000007},{"$f":"O395*F395","v":0}]
[null,"RAUTITAN"]
[null,"RAUTITAN",null,null,11373451001,null,"Крепёжный элемент для сифона или отвода (НТ)",5,"шт",5.83,{"$f":"J397*$B$2","v":6.8793999999999995},{"$f":"K397*F397","v":0},{"$f":"J397*(1-$E$5-$E$7)*(1-$E$9)*(1+$E$11)","v":5.83},{"$f":"M397*F397","v":0},{"$f":"ROUND((M397*$B$2),2)","v":6.88},{"$f":"O397*F397","v":0}]
[null,"RAUTITAN"]
["V","RAUTITAN","x",null,11370751405,null,"Кронштейн, тип Z 30",5,"шт",2.11,{"$f":"J399*$B$2","v":2.4897999999999998},{"$f":"K399*F399","v":0},{"$f":"J399*(1-$E$5-$E$7)*(1-$E$9)*(1+$E$11)","v":2.11},{"$f":"M399*F399","v":0},{"$f":"ROUND((M399*$B$2),2)","v":2.4900000000000002},{"$f":"O399*F399","v":0}]
["V","RAUTITAN",null,null,11370851405,null,"Кронштейн, тип Z 42",5,"шт",2.11,{"$f":"J400*$B$2","v":2.4897999999999998},{"$f":"K400*F400","v":0},{"$f":"J400*(1-$E$5-$E$7)*(1-$E$9)*(1+$E$11)","v":2.11},{"$f":"M400*F400","v":0},{"$f":"ROUND((M400*$B$2),2)","v":2.4900000000000002},{"$f":"O400*F400","v":0}]
[null,"RAUTITAN"]
[null,"RAUTITAN",null,null,11370951001,null,"Кронштейн, тип Е",5,"шт",1.9,{"$f":"J402*$B$2","v":2.242},{"$f":"K402*F402","v":0},{"$f":"J402*(1-$E$5-$E$7)*(1-$E$9)*(1+$E$11)","v":1.9},{"$f":"M402*F402","v":0},{"$f":"ROUND((M402*$B$2),2)","v":2.2400000000000002},{"$f":"O402*F402","v":0}]
[null,"RAUTITAN"]
[null,"RAUTITAN","x",null,11370651001,null,"Кронштейн  75 / 150",5,"шт",3.49,{"$f":"J404*$B$2","v":4.1181999999999999},{"$f":"K404*F404","v":0},{"$f":"J404*(1-$E$5-$E$7)*(1-$E$9)*(1+$E$11)","v":3.49},{"$f":"M404*F404","v":0},{"$f":"ROUND((M404*$B$2),2)","v":4.12},{"$f":"O404*F404","v":0}]
[null,"RAUTITAN"]
[null,"RAUTITAN",null,null,11371251001,null,"Кронштейн UA для скрытого монтажа",5,"шт",2.11,{"$f":"J406*$B$2","v":2.4897999999999998},{"$f":"K406*F406","v":0},{"$f":"J406*(1-$E$5-$E$7)*(1-$E$9)*(1+$E$11)","v":2.11},{"$f":"M406*F406","v":0},{"$f":"ROUND((M406*$B$2),2)","v":2.4900000000000002},{"$f":"O406*F406","v":0}]
[null,"RAUTITAN"]
[null,"RAUTITAN",null,null,11370551001,null,"Монтажная шина, 2 м",5,"шт",14.55,{"$f":"J408*$B$2","v":17.169},{"$f":"K408*F408","v":0},{"$f":"J408*(1-$E$5-$E$7)*(1-$E$9)*(1+$E$11)","v":14.55},{"$f":"M408*F408","v":0},{"$f":"ROUND((M408*$B$2),2)","v":17.170000000000002},{"$f":"O408*F408","v":0}]
[null,"RAUTITAN"]
[null,"RAUTITAN",null,null,11376851001,null,"Инструмент для гибки монтажной шины",1,"шт",113.44,{"$f":"J410*$B$2","v":133.85919999999999},{"$f":"K410*F410","v":0},{"$f":"J410*(1-$E$5-$E$7)*(1-$E$9)*(1+$E$11)","v":113.44},{"$f":"M410*F410","v":0},{"$f":"ROUND((M410*$B$2),2)","v":133.86000000000001},{"$f":"O410*F410","v":0}]
[null,"RAUTITAN"]
["V","RAUTITAN",null,null,12414851406,null,"Монтажный блок для скрытого монтажа O 75/150 короткого",5,"шт",17.13,{"$f":"J412*$B$2","v":20.213399999999996},{"$f":"K412*F412","v":0},{"$f":"J412*(1-$E$5-$E$7)*(1-$E$9)*(1+$E$11)","v":17.13},{"$f":"M412*F412","v":0},{"$f":"ROUND((M412*$B$2),2)","v":20.21},{"$f":"O412*F412","v":0}]
[null,"RAUTITAN"]
["V","RAUTITAN",null,241495,13661421001,null,"Монтажный блок для открытого монтажа O 75/150 короткого (RX)",5,"шт",27.93,{"$f":"J414*$B$2","v":32.9574},{"$f":"K414*F414","v":0},{"$f":"J414*(1-$E$5-$E$7)*(1-$E$9)*(1+$E$11)","v":27.93},{"$f":"M414*F414","v":0},{"$f":"ROUND((M414*$B$2),2)","v":32.96},{"$f":"O414*F414","v":0}]
[null,"RAUTITAN"]
[null,"RAUTITAN",null,137375,13661261001,null,"Настенный угольник фланцевый  16-Rp 1/2 (RX)",10,"шт",9.5,{"$f":"J416*$B$2","v":11.209999999999999},{"$f":"K416*F416","v":0},{"$f":"J416*(1-$E$5-$E$7)*(1-$E$9)*(1+$E$11)","v":9.5},{"$f":"M416*F416","v":0},{"$f":"ROUND((M416*$B$2),2)","v":11.21},{"$f":"O416*F416","v":0}]
[null,"RAUTITAN",null,137385,13661271001,null,"Настенный угольник фланцевый  20-Rp 1/2 (RX)",10,"шт",12.5,{"$f":"J417*$B$2","v":14.75},{"$f":"K417*F417","v":0},{"$f":"J417*(1-$E$5-$E$7)*(1-$E$9)*(1+$E$11)","v":12.5},{"$f":"M417*F417","v":0},{"$f":"ROUND((M417*$B$2),2)","v":14.75},{"$f":"O417*F417","v":0}]
[null,"RAUTITAN"]
[null,"RAUTITAN",null,null,11370351001,null,"Розетка настенная для фланцевых угольников",2,"шт",3.9,{"$f":"J419*$B$2","v":4.6019999999999994},{"$f":"K419*F419","v":0},{"$f":"J419*(1-$E$5-$E$7)*(1-$E$9)*(1+$E$11)","v":3.9},{"$f":"M419*F419","v":0},{"$f":"ROUND((M419*$B$2),2)","v":4.5999999999999996},{"$f":"O419*F419","v":0}]
[null,"RAUTITAN"]
["V","RAUTITAN",null,null,11376951405,null,"Кронштейн для настенной розетки 137035-001",5,"шт",6.19,{"$f":"J421*$B$2","v":7.3041999999999998},{"$f":"K421*F421","v":0},{"$f":"J421*(1-$E$5-$E$7)*(1-$E$9)*(1+$E$11)","v":6.19},{"$f":"M421*F421","v":0},{"$f":"ROUND((M421*$B$2),2)","v":7.3},{"$f":"O421*F421","v":0}]
[null,"RAUTITAN"]
[null,"RAUTITAN","x",null,11373031002,null,"Гребенка распределительная на две трубы  R/Rp 3/4-16 \nПосле реализации складского запаса заменяется на 13661281001",1,"шт",17.48,{"$f":"J423*$B$2","v":20.6264},{"$f":"K423*F423","v":0},{"$f":"J423*(1-$E$5-$E$7)*(1-$E$9)*(1+$E$11)","v":17.48},{"$f":"M423*F423","v":0},{"$f":"ROUND((M423*$B$2),2)","v":20.63},{"$f":"O423*F423","v":0}]
[null,"RAUTITAN","x",11373031002,13661281001,null,"Гребенка распределительная на две трубы  R/Rp 3/4-16 (RX)",1,"шт",21.01,{"$f":"J424*$B$2","v":24.791800000000002},{"$f":"K424*F424","v":0},{"$f":"J424*(1-$E$5-$E$7)*(1-$E$9)*(1+$E$11)","v":21.01},{"$f":"M424*F424","v":0},{"$f":"ROUND((M424*$B$2),2)","v":24.79},{"$f":"O424*F424","v":0}]
[null,"RAUTITAN","x",null,11372151002,null,"Гребенка распределительная на две трубы  R/Rp 3/4-20 (MX)",1,"шт",19.36,{"$f":"J425*$B$2","v":22.844799999999999},{"$f":"K425*F425","v":0},{"$f":"J425*(1-$E$5-$E$7)*(1-$E$9)*(1+$E$11)","v":19.36},{"$f":"M425*F425","v":0},{"$f":"ROUND((M425*$B$2),2)","v":22.84},{"$f":"O425*F425","v":0}]
[null,"RAUTITAN",null,137215,13661301001,null,"Гребенка распределительная на две трубы  R/Rp 3/4-20 (RX)",1,"шт",24.33,{"$f":"J426*$B$2","v":28.709399999999995},{"$f":"K426*F426","v":0},{"$f":"J426*(1-$E$5-$E$7)*(1-$E$9)*(1+$E$11)","v":24.33},{"$f":"M426*F426","v":0},{"$f":"ROUND((M426*$B$2),2)","v":28.71},{"$f":"O426*F426","v":0}]
[null,"RAUTITAN"]
[null,"RAUTITAN","x",null,11373131002,null,"Гребенка распределительная на три трубы  R/Rp 3/4-16",1,"шт",20.81,{"$f":"J428*$B$2","v":24.555799999999998},{"$f":"K428*F428","v":0},{"$f":"J428*(1-$E$5-$E$7)*(1-$E$9)*(1+$E$11)","v":20.81},{"$f":"M428*F428","v":0},{"$f":"ROUND((M428*$B$2),2)","v":24.56},{"$f":"O428*F428","v":0}]
[null,"RAUTITAN","x",null,11372251002,null,"Гребенка распределительная на три трубы  R/Rp 3/4-20",1,"шт",23.48,{"$f":"J429*$B$2","v":27.706399999999999},{"$f":"K429*F429","v":0},{"$f":"J429*(1-$E$5-$E$7)*(1-$E$9)*(1+$E$11)","v":23.48},{"$f":"M429*F429","v":0},{"$f":"ROUND((M429*$B$2),2)","v":27.71},{"$f":"O429*F429","v":0}]
[null,"RAUTITAN"]
[null,"RAUTITAN",null,null,12641211001,null,"Кронштейн для крепл. гребенки",1,"шт",18.73,{"$f":"J431*$B$2","v":22.101399999999998},{"$f":"K431*F431","v":0},{"$f":"J431*(1-$E$5-$E$7)*(1-$E$9)*(1+$E$11)","v":18.73},{"$f":"M431*F431","v":0},{"$f":"ROUND((M431*$B$2),2)","v":22.1},{"$f":"O431*F431","v":0}]
[null,"RAUTITAN"]
[null,"RAUTITAN","x",null,11377931001,null,"Заглушка  для полимерн. трубы 16",10,"шт",3.47,{"$f":"J433*$B$2","v":4.0945999999999998},{"$f":"K433*F433","v":0},{"$f":"J433*(1-$E$5-$E$7)*(1-$E$9)*(1+$E$11)","v":3.47},{"$f":"M433*F433","v":0},{"$f":"ROUND((M433*$B$2),2)","v":4.09},{"$f":"O433*F433","v":0}]
[null,"RAUTITAN","x",null,11374361001,null,"Заглушка  для полимерн. трубы 20\nПосле реализации складского запаса заменяется на 13661401001",10,"шт",4.08,{"$f":"J434*$B$2","v":4.8144},{"$f":"K434*F434","v":0},{"$f":"J434*(1-$E$5-$E$7)*(1-$E$9)*(1+$E$11)","v":4.08},{"$f":"M434*F434","v":0},{"$f":"ROUND((M434*$B$2),2)","v":4.8099999999999996},{"$f":"O434*F434","v":0}]
[null,"RAUTITAN","x",137436,13661401001,null,"Заглушка  для полимерн. трубы 20 (RX)",5,"шт",4.08,{"$f":"J435*$B$2","v":4.8144},{"$f":"K435*F435","v":0},{"$f":"J435*(1-$E$5-$E$7)*(1-$E$9)*(1+$E$11)","v":4.08},{"$f":"M435*F435","v":0},{"$f":"ROUND((M435*$B$2),2)","v":4.8099999999999996},{"$f":"O435*F435","v":0}]
[null,"RAUTITAN"]
[null,"RAUTITAN","x",137931,13661431001,null,"Заглушка  для гребенок  Rp 1/2 (RX)",5,"шт",3.63,{"$f":"J437*$B$2","v":4.2833999999999994},{"$f":"K437*F437","v":0},{"$f":"J437*(1-$E$5-$E$7)*(1-$E$9)*(1+$E$11)","v":3.63},{"$f":"M437*F437","v":0},{"$f":"ROUND((M437*$B$2),2)","v":4.28},{"$f":"O437*F437","v":0}]
[null,"RAUTITAN","x",137803,13661441001,null,"Заглушка  для гребенок  Rp 3/4 (RX)",5,"шт",3.91,{"$f":"J438*$B$2","v":4.6138000000000003},{"$f":"K438*F438","v":0},{"$f":"J438*(1-$E$5-$E$7)*(1-$E$9)*(1+$E$11)","v":3.91},{"$f":"M438*F438","v":0},{"$f":"ROUND((M438*$B$2),2)","v":4.6100000000000003},{"$f":"O438*F438","v":0}]
[null,"RAUTITAN"]
[null,"RAUTITAN",null,null,null,null,"1.2. Система радиаторной разводки RAUTITAN"]
[null,"RAUTITAN","x",null,12662421001,null,"Трубка из. нерж. стали  для подкл. радиатора, Г-образная 16/250 ",10,"шт",10.77,{"$f":"J441*$B$2","v":12.708599999999999},{"$f":"K441*F441","v":0},{"$f":"J441*(1-$E$5-$E$7)*(1-$E$9)*(1+$E$11)","v":10.77},{"$f":"M441*F441","v":0},{"$f":"ROUND((M441*$B$2),2)","v":12.71},{"$f":"O441*F441","v":0}]
[null,"RAUTITAN","x",null,12409311001,null,"Трубка из. нерж. стали  для подкл. радиатора, Г-образная 16/500 ",10,"шт",14.67,17.310599999999997,0,14.67,0,17.309999999999999,0]
[null,"RAUTITAN","x",null,12662521001,null,"Трубка из. нерж. стали  для подкл. радиатора, Г-образная 16/1000 ",10,"шт",23.42,27.6356,0,23.42,0,27.64,0]
[null,"RAUTITAN","x",null,12662621001,null,"Трубка из. нерж. стали  для подкл. радиатора, Г-образная 20/250 ",10,"шт",11.66,13.758799999999999,0,11.66,0,13.76,0]
[null,"RAUTITAN","x",null,12409411001,null,"Трубка из. нерж. стали  для подкл. радиатора, Г-образная 20/500 ",10,"шт",15.72,18.549599999999998,0,15.72,0,18.55,0]
[null,"RAUTITAN","x",null,12662721001,null,"Трубка из. нерж. стали  для подкл. радиатора, Г-образная 20/1000 ",10,"шт",25.81,30.455799999999996,0,25.81,0,30.46,0]
[null,"RAUTITAN"]
[null,"RAUTITAN","x",null,12663721001,null,"Комплект трубок из. нерж. стали  для подкл. радиатора, Г-образ 16/250  ",5,"шт",25.18,{"$f":"J448*$B$2","v":29.712399999999999},{"$f":"K448*F448","v":0},{"$f":"J448*(1-$E$5-$E$7)*(1-$E$9)*(1+$E$11)","v":25.18},{"$f":"M448*F448","v":0},{"$f":"ROUND((M448*$B$2),2)","v":29.71},{"$f":"O448*F448","v":0}]
[null,"RAUTITAN",null,null,12663921001,null,"Комплект трубок из. нерж. стали  для подкл. радиатора, Г-образ 20/250  ",5,"шт",25.96,{"$f":"J449*$B$2","v":30.6328},{"$f":"K449*F449","v":0},{"$f":"J449*(1-$E$5-$E$7)*(1-$E$9)*(1+$E$11)","v":25.96},{"$f":"M449*F449","v":0},{"$f":"ROUND((M449*$B$2),2)","v":30.63},{"$f":"O449*F449","v":0}]
[null,"RAUTITAN"]
[null,"RAUTITAN",null,null,12664121001,null,"Комплект трубок 16/250 включая фиксирующий уголок, медь",5,"шт",19.59,{"$f":"J451*$B$2","v":23.116199999999999},{"$f":"K451*F451","v":0},{"$f":"J451*(1-$E$5-$E$7)*(1-$E$9)*(1+$E$11)","v":19.59},{"$f":"M451*F451","v":0},{"$f":"ROUND((M451*$B$2),2)","v":23.12},{"$f":"O451*F451","v":0}]
[null,"RAUTITAN"]
[null,"RAUTITAN","x",null,12662821001,null,"Трубка из. нерж. стали  для подкл. радиатора, Т-образная 16/250 ",10,"шт",18.64,{"$f":"J453*$B$2","v":21.995200000000001},{"$f":"K453*F453","v":0},{"$f":"J453*(1-$E$5-$E$7)*(1-$E$9)*(1+$E$11)","v":18.64},{"$f":"M453*F453","v":0},{"$f":"ROUND((M453*$B$2),2)","v":22},{"$f":"O453*F453","v":0}]
[null,"RAUTITAN","x",null,12408511001,null,"Трубка из. нерж. стали  для подкл. радиатора, Т-образная 16/500 ",10,"шт",26.2,30.915999999999997,0,26.2,0,30.92,0]
[null,"RAUTITAN","x",null,12662921001,null,"Трубка из. нерж. стали  для подкл. радиатора, Т-образная 16/1000 ",10,"шт",34.549999999999997,40.768999999999991,0,34.549999999999997,0,40.770000000000003,0]
[null,"RAUTITAN","x",null,12663021001,null,"Трубка из. нерж. стали  для подкл. радиатора, Т-образная 20/250 ",10,"шт",19.13,22.573399999999996,0,19.13,0,22.57,0]
[null,"RAUTITAN","x",null,12408611001,null,"Трубка из. нерж. стали  для подкл. радиатора, Т-образная 20/500 ",10,"шт",26.9,31.741999999999997,0,26.9,0,31.74,0]
[null,"RAUTITAN","x",null,12663121001,null,"Трубка из. нерж. стали  для подкл. радиатора, Т-образная 20/1000 ",10,"шт",35.590000000000003,41.996200000000002,0,35.590000000000003,0,42,0]
[null,"RAUTITAN","x",null,11040391001,null,"Трубка из. нерж. стали  для подкл. радиатора, Т-образная 25/250 ",10,"шт",22.135593220000001,26.119999999600001,0,22.135593220000001,0,26.12,0]
[null,"RAUTITAN"]
[null,"RAUTITAN",null,null,11101981001,null,"Блок для присоединения к отопительному прибору с универсальной трубой Stabil 16",10,"шт",21.85,{"$f":"J461*$B$2","v":25.783000000000001},{"$f":"K461*F461","v":0},{"$f":"J461*(1-$E$5-$E$7)*(1-$E$9)*(1+$E$11)","v":21.85},{"$f":"M461*F461","v":0},{"$f":"ROUND((M461*$B$2),2)","v":25.78},{"$f":"O461*F461","v":0}]
[null,"RAUTITAN"]
["V","RAUTITAN","x",null,12404571002,null,"Фиксирующая скоба для присоединительных трубок",10,"шт",2.5099999999999998,{"$f":"J463*$B$2","v":2.9617999999999998},{"$f":"K463*F463","v":0},{"$f":"J463*(1-$E$5-$E$7)*(1-$E$9)*(1+$E$11)","v":2.5099999999999998},{"$f":"M463*F463","v":0},{"$f":"ROUND((M463*$B$2),2)","v":2.96},{"$f":"O463*F463","v":0}]
[null,"RAUTITAN"]
[null,"RAUTITAN",null,null,12640611001,null,"Монтажный блок",10,"шт",2.06,{"$f":"J465*$B$2","v":2.4308000000000001},{"$f":"K465*F465","v":0},{"$f":"J465*(1-$E$5-$E$7)*(1-$E$9)*(1+$E$11)","v":2.06},{"$f":"M465*F465","v":0},{"$f":"ROUND((M465*$B$2),2)","v":2.4300000000000002},{"$f":"O465*F465","v":0}]
[null,"RAUTITAN"]
[null,"RAUTITAN",null,null,12640711001,null,"Прокладка",10,"шт",0.46,{"$f":"J467*$B$2","v":0.54279999999999995},{"$f":"K467*F467","v":0},{"$f":"J467*(1-$E$5-$E$7)*(1-$E$9)*(1+$E$11)","v":0.46},{"$f":"M467*F467","v":0},{"$f":"ROUND((M467*$B$2),2)","v":0.54},{"$f":"O467*F467","v":0}]
[null,"RAUTITAN"]
[null,"RAUTITAN",null,null,12407111001,null,"К-т двух резьбозажим. нипелей с нар.резьбой 1/2х3/4  (латунь)",1,"шт",3.54,{"$f":"J469*$B$2","v":4.1772},{"$f":"K469*F469","v":0},{"$f":"J469*(1-$E$5-$E$7)*(1-$E$9)*(1+$E$11)","v":3.54},{"$f":"M469*F469","v":0},{"$f":"ROUND((M469*$B$2),2)","v":4.18},{"$f":"O469*F469","v":0}]
[null,"RAUTITAN"]
[null,"RAUTITAN","x",12406011001,12406011003,null,"Резьбозажимное соединение для металлической трубки G 3/4 -15",10,"шт",3.55,{"$f":"J471*$B$2","v":4.1889999999999992},{"$f":"K471*F471","v":0},{"$f":"J471*(1-$E$5-$E$7)*(1-$E$9)*(1+$E$11)","v":3.55},{"$f":"M471*F471","v":0},{"$f":"ROUND((M471*$B$2),2)","v":4.1900000000000004},{"$f":"O471*F471","v":0}]
[null,"RAUTITAN"]
[null,"RAUTITAN","x",null,12407271001,null,"Пара шаровых кранов с соед. нип. G 1/2xG 3/4, прямой (никелирован.)  ",1,"шт",20.100000000000001,{"$f":"J473*$B$2","v":23.718},{"$f":"K473*F473","v":0},{"$f":"J473*(1-$E$5-$E$7)*(1-$E$9)*(1+$E$11)","v":20.100000000000001},{"$f":"M473*F473","v":0},{"$f":"ROUND((M473*$B$2),2)","v":23.72},{"$f":"O473*F473","v":0}]
[null,"RAUTITAN","x",null,12407371001,null,"Пара шаровых кранов с соед. нип. G 1/2xG 3/4, угловой (никелирован.)  ",1,"шт",20.100000000000001,{"$f":"J474*$B$2","v":23.718},{"$f":"K474*F474","v":0},{"$f":"J474*(1-$E$5-$E$7)*(1-$E$9)*(1+$E$11)","v":20.100000000000001},{"$f":"M474*F474","v":0},{"$f":"ROUND((M474*$B$2),2)","v":23.72},{"$f":"O474*F474","v":0}]
[null,"RAUTITAN"]
["V","RAUTITAN",null,null,12663221401,null,"Крестовина латунная 16-16-16 (\"переход трубы над трубой\")",1,"шт",36.9,{"$f":"J476*$B$2","v":43.541999999999994},{"$f":"K476*F476","v":0},{"$f":"J476*(1-$E$5-$E$7)*(1-$E$9)*(1+$E$11)","v":36.9},{"$f":"M476*F476","v":0},{"$f":"ROUND((M476*$B$2),2)","v":43.54},{"$f":"O476*F476","v":0}]
["V","RAUTITAN",null,null,12663321401,null,"Крестовина  латунная 20-16-20 (\"переход трубы над трубой\")",1,"шт",36.9,{"$f":"J477*$B$2","v":43.541999999999994},{"$f":"K477*F477","v":0},{"$f":"J477*(1-$E$5-$E$7)*(1-$E$9)*(1+$E$11)","v":36.9},{"$f":"M477*F477","v":0},{"$f":"ROUND((M477*$B$2),2)","v":43.54},{"$f":"O477*F477","v":0}]
["V","RAUTITAN",null,null,12663421401,null,"Крестовина  латунная 20-16-16 (\"переход трубы над трубой\")",1,"шт",36.9,{"$f":"J478*$B$2","v":43.541999999999994},{"$f":"K478*F478","v":0},{"$f":"J478*(1-$E$5-$E$7)*(1-$E$9)*(1+$E$11)","v":36.9},{"$f":"M478*F478","v":0},{"$f":"ROUND((M478*$B$2),2)","v":43.54},{"$f":"O478*F478","v":0}]
[null,"RAUTITAN"]
["V","RAUTITAN",null,null,12409211401,null,"Настенные угольники 16х2,2 на кронштейне",5,"шт",22.99,{"$f":"J480*$B$2","v":27.128199999999996},{"$f":"K480*F480","v":0},{"$f":"J480*(1-$E$5-$E$7)*(1-$E$9)*(1+$E$11)","v":22.99},{"$f":"M480*F480","v":0},{"$f":"ROUND((M480*$B$2),2)","v":27.13},{"$f":"O480*F480","v":0}]
[null,"RAUTITAN"]
[null,"RAUTITAN",null,null,12613131001,null,"Трубка Д15x1.0 для подкл. радиатора с наружн. резьбой R 1/2x15",10,"шт",8.8000000000000007,{"$f":"J482*$B$2","v":10.384},{"$f":"K482*F482","v":0},{"$f":"J482*(1-$E$5-$E$7)*(1-$E$9)*(1+$E$11)","v":8.8000000000000007},{"$f":"M482*F482","v":0},{"$f":"ROUND((M482*$B$2),2)","v":10.38},{"$f":"O482*F482","v":0}]
[null,"RAUTITAN"]
[null,"RAUTITAN",null,232021,11102021001,null,"Распределительный коллектор HLV на 2 группы нерж. сталь",1,"шт",62.83,{"$f":"J484*$B$2","v":74.139399999999995},{"$f":"K484*F484","v":0},{"$f":"J484*(1-$E$5-$E$7)*(1-$E$9)*(1+$E$11)","v":62.83},{"$f":"M484*F484","v":0},{"$f":"ROUND((M484*$B$2),2)","v":74.14},{"$f":"O484*F484","v":0}]
[null,"RAUTITAN","x",232031,11102041001,null,"Распределительный коллектор HLV на 3 групп нерж. сталь",1,"шт",81.48,96.1464,0,81.48,0,96.15,0]
[null,"RAUTITAN","x",232041,11102061001,null,"Распределительный коллектор HLV на 4 группы нерж. сталь",1,"шт",93.22,109.99959999999999,0,93.22,0,110,0]
[null,"RAUTITAN","x",232051,11102071001,null,"Распределительный коллектор HLV на 5 групп нерж. сталь",1,"шт",105,123.89999999999999,0,105,0,123.9,0]
[null,"RAUTITAN","x",232061,11102081001,null,"Распределительный коллектор HLV на 6 групп нерж. сталь",1,"шт",118.56,139.9008,0,118.56,0,139.9,0]
[null,"RAUTITAN","x",232071,11102091001,null,"Распределительный коллектор HLV на 7 групп нерж. сталь",1,"шт",129.49,152.79820000000001,0,129.49,0,152.80000000000001,0]
[null,"RAUTITAN",null,232081,11102121001,null,"Распределительный коллектор HLV на 8 групп нерж. сталь",1,"шт",141.97999999999999,167.53639999999999,0,141.97999999999999,0,167.54,0]
[null,"RAUTITAN",null,232091,11102141001,null,"Распределительный коллектор HLV на 9 групп нерж. сталь",1,"шт",153.33000000000001,180.92940000000002,0,153.33000000000001,0,180.93,0]
[null,"RAUTITAN",null,232101,11102161001,null,"Распределительный коллектор HLV на 10 групп нерж. сталь",1,"шт",165.31,195.0658,0,165.31,0,195.07,0]
[null,"RAUTITAN",null,232111,11102171001,null,"Распределительный коллектор HLV на 11 групп нерж. сталь",1,"шт",178.24,210.32319999999999,0,178.24,0,210.32,0]
[null,"RAUTITAN",null,232121,11102181001,null,"Распределительный коллектор HLV на 12 групп нерж. сталь",1,"шт",190.49,224.7782,0,190.49,0,224.78,0]
[null,"RAUTITAN"]
[null,"RAUTITAN","x",null,12663521001,null,"Резьбозажимное соединение flex/pink 16х2,2xG3/4  Заменяется на 12663521003 после реализации складского запаса",2,"шт",4.7,{"$f":"J496*$B$2","v":5.5460000000000003},{"$f":"K496*F496","v":0},{"$f":"J496*(1-$E$5-$E$7)*(1-$E$9)*(1+$E$11)","v":4.7},{"$f":"M496*F496","v":0},{"$f":"ROUND((M496*$B$2),2)","v":5.55},{"$f":"O496*F496","v":0}]
[null,"RAUTITAN","x",null,12663621001,null,"Резьбозажимное соединение flex/pink 20х2,8xG3/4  Заменяется на 12663621003 после реализации складского запаса",2,"шт",4.74,{"$f":"J497*$B$2","v":5.5932000000000004},{"$f":"K497*F497","v":0},{"$f":"J497*(1-$E$5-$E$7)*(1-$E$9)*(1+$E$11)","v":4.74},{"$f":"M497*F497","v":0},{"$f":"ROUND((M497*$B$2),2)","v":5.59},{"$f":"O497*F497","v":0}]
[null,"RAUTITAN","x",null,12663521003,null,"Резьбозажимное соединение  flex/pink 16х2,2xG3/4  ",10,"шт",4.7,{"$f":"J498*$B$2","v":5.5460000000000003},{"$f":"K498*F498","v":0},{"$f":"J498*(1-$E$5-$E$7)*(1-$E$9)*(1+$E$11)","v":4.7},{"$f":"M498*F498","v":0},{"$f":"ROUND((M498*$B$2),2)","v":5.55},{"$f":"O498*F498","v":0}]
[null,"RAUTITAN","x",null,12663621003,null,"Резьбозажимное соединение  flex/pink 20х2,8xG3/4  ",10,"шт",4.74,{"$f":"J499*$B$2","v":5.5932000000000004},{"$f":"K499*F499","v":0},{"$f":"J499*(1-$E$5-$E$7)*(1-$E$9)*(1+$E$11)","v":4.74},{"$f":"M499*F499","v":0},{"$f":"ROUND((M499*$B$2),2)","v":5.59},{"$f":"O499*F499","v":0}]
[null,"RAUTITAN"]
[null,"RAUTITAN","x",null,12664521001,null,"Комплект резьбозажимных соединений stabil 16,2x2,6xG3/4  Заменяется на 12664521003 после реализации складского запаса",2,"шт",9,{"$f":"J501*$B$2","v":10.62},{"$f":"K501*F501","v":0},{"$f":"J501*(1-$E$5-$E$7)*(1-$E$9)*(1+$E$11)","v":9},{"$f":"M501*F501","v":0},{"$f":"ROUND((M501*$B$2),2)","v":10.62},{"$f":"O501*F501","v":0}]
[null,"RAUTITAN","x",null,12664621001,null,"Комплект резьбозажимных соединений stabil 20x2,9xG3/4  Заменяется на 12664621003 после реализации складского запаса",2,"шт",9.09,{"$f":"J502*$B$2","v":10.726199999999999},{"$f":"K502*F502","v":0},{"$f":"J502*(1-$E$5-$E$7)*(1-$E$9)*(1+$E$11)","v":9.09},{"$f":"M502*F502","v":0},{"$f":"ROUND((M502*$B$2),2)","v":10.73},{"$f":"O502*F502","v":0}]
[null,"RAUTITAN","x",null,12664521003,null,"Резьбозажимное соединение stabil 16,2x2,6xG3/4  ",10,"шт",4.5,{"$f":"J503*$B$2","v":5.31},{"$f":"K503*F503","v":0},{"$f":"J503*(1-$E$5-$E$7)*(1-$E$9)*(1+$E$11)","v":4.5},{"$f":"M503*F503","v":0},{"$f":"ROUND((M503*$B$2),2)","v":5.31},{"$f":"O503*F503","v":0}]
[null,"RAUTITAN","x",null,12664621003,null,"Резьбозажимное соединение stabil 20x2,9xG3/4  ",10,"шт",4.5449999999999999,{"$f":"J504*$B$2","v":5.3630999999999993},{"$f":"K504*F504","v":0},{"$f":"J504*(1-$E$5-$E$7)*(1-$E$9)*(1+$E$11)","v":4.5449999999999999},{"$f":"M504*F504","v":0},{"$f":"ROUND((M504*$B$2),2)","v":5.36},{"$f":"O504*F504","v":0}]
[null,"RAUTITAN"]
["N","RAUTITAN","x",269262,12081221001,null,"Комплект двух прямых никелирован. шаровых кранов G1\" для коллекторов ",1,"шт",34.119999999999997,{"$f":"J506*$B$2","v":40.261599999999994},{"$f":"K506*F506","v":0},{"$f":"J506*(1-$E$5-$E$7)*(1-$E$9)*(1+$E$11)","v":34.119999999999997},{"$f":"M506*F506","v":0},{"$f":"ROUND((M506*$B$2),2)","v":40.26},{"$f":"O506*F506","v":0}]
["N","RAUTITAN","x",null,13152241001,null,"Комплект двух угловых никелирован. шаровых кранов G1\" для коллекторов ",1,"шт",50.85,{"$f":"J507*$B$2","v":60.003},{"$f":"K507*F507","v":0},{"$f":"J507*(1-$E$5-$E$7)*(1-$E$9)*(1+$E$11)","v":50.85},{"$f":"M507*F507","v":0},{"$f":"ROUND((M507*$B$2),2)","v":60},{"$f":"O507*F507","v":0}]
[null,"RAUTITAN"]
["N","RAUTITAN",null,null,12197581001,null,"Комплект для установки теплосчетчика, горизонтальный",1,"шт",79.05,{"$f":"J509*$B$2","v":93.278999999999996},{"$f":"K509*F509","v":0},{"$f":"J509*(1-$E$5-$E$7)*(1-$E$9)*(1+$E$11)","v":79.05},{"$f":"M509*F509","v":0},{"$f":"ROUND((M509*$B$2),2)","v":93.28},{"$f":"O509*F509","v":0}]
["N","RAUTITAN",null,null,12197571001,null,"Комплект для установки теплосчетчика, вертикальный",1,"шт",107.84,{"$f":"J510*$B$2","v":127.2512},{"$f":"K510*F510","v":0},{"$f":"J510*(1-$E$5-$E$7)*(1-$E$9)*(1+$E$11)","v":107.84},{"$f":"M510*F510","v":0},{"$f":"ROUND((M510*$B$2),2)","v":127.25},{"$f":"O510*F510","v":0}]
[null,"RAUTITAN"]
[null,"RAUTITAN",null,null,13454001001,null,"Шкаф коллекторный, встраиваемый, тип  UP 110/450 белый",1,"шт",117.22,{"$f":"J512*$B$2","v":138.31959999999998},{"$f":"K512*F512","v":0},{"$f":"J512*(1-$E$5-$E$7)*(1-$E$9)*(1+$E$11)","v":117.22},{"$f":"M512*F512","v":0},{"$f":"ROUND((M512*$B$2),2)","v":138.32},{"$f":"O512*F512","v":0}]
[null,"RAUTITAN",null,null,13454101001,null,"Шкаф коллекторный, встраиваемый, тип  UP 110/550, белый",1,"шт",129.53,152.84539999999998,0,129.53,0,152.85,0]
[null,"RAUTITAN",null,null,13454201001,null,"Шкаф коллекторный, встраиваемый, тип  UP 110/750, белый",1,"шт",153.69,181.35419999999999,0,153.69,0,181.35,0]
[null,"RAUTITAN",null,null,13454301001,null,"Шкаф коллекторный, встраиваемый, тип  UP 110/950, белый",1,"шт",175.61,207.21979999999999,0,175.61,0,207.22,0]
[null,"RAUTITAN",null,null,13454401001,null,"Шкаф коллекторный, встраиваемый, тип  UP 110/1150, белый",1,"шт",206.26,243.38679999999997,0,206.26,0,243.39,0]
[null,"RAUTITAN",null,null,13454501001,null,"Шкаф коллекторный, встраиваемый, тип  UP 110/1300, белый",1,"шт",227.06,267.93079999999998,0,227.06,0,267.93,0]
[null,"RAUTITAN"]
[null,"RAUTITAN",null,null,13474001001,null,"Шкаф коллекторный, приставной, тип  AP 130/500 белый ",1,"шт",104.83,{"$f":"J519*$B$2","v":123.6994},{"$f":"K519*F519","v":0},{"$f":"J519*(1-$E$5-$E$7)*(1-$E$9)*(1+$E$11)","v":104.83},{"$f":"M519*F519","v":0},{"$f":"ROUND((M519*$B$2),2)","v":123.7},{"$f":"O519*F519","v":0}]
[null,"RAUTITAN",null,null,13474101001,null,"Шкаф коллекторный, приставной, тип  AP 130/605, белый ",1,"шт",116.73,137.7414,0,116.73,0,137.74,0]
[null,"RAUTITAN",null,null,13474201001,null,"Шкаф коллекторный, приставной, тип  AP 130/805, белый ",1,"шт",143.53,169.36539999999999,0,143.53,0,169.37,0]
[null,"RAUTITAN",null,null,13474301001,null,"Шкаф коллекторный, приставной, тип  AP 130/1005, белый ",1,"шт",160.44,189.3192,0,160.44,0,189.32,0]
[null,"RAUTITAN",null,null,13474401001,null,"Шкаф коллекторный, приставной, тип  AP 130/1205, белый ",1,"шт",169.61,200.13980000000001,0,169.61,0,200.14,0]
[null,"RAUTITAN",null,null,13474501001,null,"Шкаф коллекторный, приставной, тип  AP 130/1353, белый",1,"шт",195.3,230.45400000000001,0,195.3,0,230.45,0]
[null,"RAUTITAN"]
[null,"RAUTITAN",null,null,13464101001,null,"Шкаф коллекторный, встраиваемый, тип  UP 75/550 , белый",1,"шт",131.54,{"$f":"J526*$B$2","v":155.21719999999999},{"$f":"K526*F526","v":0},{"$f":"J526*(1-$E$5-$E$7)*(1-$E$9)*(1+$E$11)","v":131.54},{"$f":"M526*F526","v":0},{"$f":"ROUND((M526*$B$2),2)","v":155.22},{"$f":"O526*F526","v":0}]
[null,"RAUTITAN",null,null,13464201001,null,"Шкаф коллекторный, встраиваемый, тип  UP 75/750, белый",1,"шт",157.94,{"$f":"J527*$B$2","v":186.36919999999998},{"$f":"K527*F527","v":0},{"$f":"J527*(1-$E$5-$E$7)*(1-$E$9)*(1+$E$11)","v":157.94},{"$f":"M527*F527","v":0},{"$f":"ROUND((M527*$B$2),2)","v":186.37},{"$f":"O527*F527","v":0}]
[null,"RAUTITAN",null,null,13464301001,null,"Шкаф коллекторный, встраиваемый, тип  UP  75/950, белый",1,"шт",178.52,{"$f":"J528*$B$2","v":210.65360000000001},{"$f":"K528*F528","v":0},{"$f":"J528*(1-$E$5-$E$7)*(1-$E$9)*(1+$E$11)","v":178.52},{"$f":"M528*F528","v":0},{"$f":"ROUND((M528*$B$2),2)","v":210.65},{"$f":"O528*F528","v":0}]
[null,"RAUTITAN",null,null,13464401001,null,"Шкаф коллекторный, встраиваемый, тип  UP  75/1150, белый",1,"шт",207.82,{"$f":"J529*$B$2","v":245.22759999999997},{"$f":"K529*F529","v":0},{"$f":"J529*(1-$E$5-$E$7)*(1-$E$9)*(1+$E$11)","v":207.82},{"$f":"M529*F529","v":0},{"$f":"ROUND((M529*$B$2),2)","v":245.23},{"$f":"O529*F529","v":0}]
[null,"RAUTITAN"]
[null,"RAUTITAN",null,null,12573781002,null,"Крюк с дюбелем для 1 трубы",100,"шт",0.35,{"$f":"J531*$B$2","v":0.41299999999999998},{"$f":"K531*F531","v":0},{"$f":"J531*(1-$E$5-$E$7)*(1-$E$9)*(1+$E$11)","v":0.35},{"$f":"M531*F531","v":0},{"$f":"ROUND((M531*$B$2),2)","v":0.41},{"$f":"O531*F531","v":0}]
[null,"RAUTITAN","x",null,12573881002,null,"Двойной крюк с дюбелем для 2-х труб",100,"шт",0.56999999999999995,{"$f":"J532*$B$2","v":0.67259999999999986},{"$f":"K532*F532","v":0},{"$f":"J532*(1-$E$5-$E$7)*(1-$E$9)*(1+$E$11)","v":0.56999999999999995},{"$f":"M532*F532","v":0},{"$f":"ROUND((M532*$B$2),2)","v":0.67},{"$f":"O532*F532","v":0}]
[null,"RAUTITAN","x",null,12657091001,null,"Двойной крюк с дюбелем для 2-х труб в изоляции",50,"шт",0.56999999999999995,{"$f":"J533*$B$2","v":0.67259999999999986},{"$f":"K533*F533","v":0},{"$f":"J533*(1-$E$5-$E$7)*(1-$E$9)*(1+$E$11)","v":0.56999999999999995},{"$f":"M533*F533","v":0},{"$f":"ROUND((M533*$B$2),2)","v":0.67},{"$f":"O533*F533","v":0}]
[null,"RAUTITAN"]
[null,"RAUTITAN",null,null,12899071001,null,"Замыкающий участок с воздухоотводчиком (монтажный шаблон)",1,"шт",16.21,{"$f":"J535*$B$2","v":19.127800000000001},{"$f":"K535*F535","v":0},{"$f":"J535*(1-$E$5-$E$7)*(1-$E$9)*(1+$E$11)","v":16.21},{"$f":"M535*F535","v":0},{"$f":"ROUND((M535*$B$2),2)","v":19.13},{"$f":"O535*F535","v":0}]
[null,"RAUTITAN"]
[null,"RAUTITAN",null,null,12658791001,null,"Комплект пластм. отводов для подкл. отоп. прибора с пом. труб Flex/Pink",1,"шт",7.44,{"$f":"J537*$B$2","v":8.7791999999999994},{"$f":"K537*F537","v":0},{"$f":"J537*(1-$E$5-$E$7)*(1-$E$9)*(1+$E$11)","v":7.44},{"$f":"M537*F537","v":0},{"$f":"ROUND((M537*$B$2),2)","v":8.7799999999999994},{"$f":"O537*F537","v":0}]
[null,"RAUTITAN"]
[null,"RAUTITAN",null,null,12686741001,null,"Декоративная накладка для 2 мет. трубок Дн 15мм",50,"шт",1.83,{"$f":"J539*$B$2","v":2.1593999999999998},{"$f":"K539*F539","v":0},{"$f":"J539*(1-$E$5-$E$7)*(1-$E$9)*(1+$E$11)","v":1.83},{"$f":"M539*F539","v":0},{"$f":"ROUND((M539*$B$2),2)","v":2.16},{"$f":"O539*F539","v":0}]
[null,"RAUTITAN",null,null,12407771001,null,"Декоративная накладка для 2 труб Stabil/Flex, Дн 16/20мм",50,"шт",1.83,{"$f":"J540*$B$2","v":2.1593999999999998},{"$f":"K540*F540","v":0},{"$f":"J540*(1-$E$5-$E$7)*(1-$E$9)*(1+$E$11)","v":1.83},{"$f":"M540*F540","v":0},{"$f":"ROUND((M540*$B$2),2)","v":2.16},{"$f":"O540*F540","v":0}]
[null,"RAUTITAN"]
[null,"RAUTITAN","x",null,12584081002,null,"Фиксатор  поворота трубы 16/17/90°, без колец (оцинк. сталь)",10,"шт",2.35,{"$f":"J542*$B$2","v":2.7730000000000001},{"$f":"K542*F542","v":0},{"$f":"J542*(1-$E$5-$E$7)*(1-$E$9)*(1+$E$11)","v":2.35},{"$f":"M542*F542","v":0},{"$f":"ROUND((M542*$B$2),2)","v":2.77},{"$f":"O542*F542","v":0}]
[null,"RAUTITAN","x",null,12587981002,null,"Фиксатор  поворота трубы 20/90°, без колец (оцинк. сталь)",10,"шт",2.82,{"$f":"J543*$B$2","v":3.3275999999999994},{"$f":"K543*F543","v":0},{"$f":"J543*(1-$E$5-$E$7)*(1-$E$9)*(1+$E$11)","v":2.82},{"$f":"M543*F543","v":0},{"$f":"ROUND((M543*$B$2),2)","v":3.33},{"$f":"O543*F543","v":0}]
[null,"RAUTITAN","x",null,12572491002,null,"Фиксатор  поворота трубы 25/90°, без колец (оцинк. сталь)",10,"шт",3.73,{"$f":"J544*$B$2","v":4.4013999999999998},{"$f":"K544*F544","v":0},{"$f":"J544*(1-$E$5-$E$7)*(1-$E$9)*(1+$E$11)","v":3.73},{"$f":"M544*F544","v":0},{"$f":"ROUND((M544*$B$2),2)","v":4.4000000000000004},{"$f":"O544*F544","v":0}]
[null,"RAUTITAN","x",null,12611531001,null,"Фиксатор  поворота трубы 32/90°, без колец (оцинк. сталь)",5,"шт",4.46,{"$f":"J545*$B$2","v":5.2627999999999995},{"$f":"K545*F545","v":0},{"$f":"J545*(1-$E$5-$E$7)*(1-$E$9)*(1+$E$11)","v":4.46},{"$f":"M545*F545","v":0},{"$f":"ROUND((M545*$B$2),2)","v":5.26},{"$f":"O545*F545","v":0}]
[null,"RAUTITAN"]
[null,"RAUTITAN",null,null,12657291001,null,"Фиксатор  поворота трубы 16/17/45°, без колец (оцинк. сталь)",10,"шт",2.35,{"$f":"J547*$B$2","v":2.7730000000000001},{"$f":"K547*F547","v":0},{"$f":"J547*(1-$E$5-$E$7)*(1-$E$9)*(1+$E$11)","v":2.35},{"$f":"M547*F547","v":0},{"$f":"ROUND((M547*$B$2),2)","v":2.77},{"$f":"O547*F547","v":0}]
[null,"RAUTITAN",null,null,12686241001,null,"Фиксатор  поворота трубы 20/45°, без колец (оцинк. сталь)",10,"шт",2.82,{"$f":"J548*$B$2","v":3.3275999999999994},{"$f":"K548*F548","v":0},{"$f":"J548*(1-$E$5-$E$7)*(1-$E$9)*(1+$E$11)","v":2.82},{"$f":"M548*F548","v":0},{"$f":"ROUND((M548*$B$2),2)","v":3.33},{"$f":"O548*F548","v":0}]
[null,"RAUTITAN",null,null,12686341001,null,"Фиксатор  поворота трубы 25/45°, без колец (оцинк. сталь)",10,"шт",3.73,{"$f":"J549*$B$2","v":4.4013999999999998},{"$f":"K549*F549","v":0},{"$f":"J549*(1-$E$5-$E$7)*(1-$E$9)*(1+$E$11)","v":3.73},{"$f":"M549*F549","v":0},{"$f":"ROUND((M549*$B$2),2)","v":4.4000000000000004},{"$f":"O549*F549","v":0}]
[null,"RAUTITAN",null,null,12686441001,null,"Фиксатор  поворота трубы 32/45°, без колец (оцинк. сталь)",5,"шт",4.46,{"$f":"J550*$B$2","v":5.2627999999999995},{"$f":"K550*F550","v":0},{"$f":"J550*(1-$E$5-$E$7)*(1-$E$9)*(1+$E$11)","v":4.46},{"$f":"M550*F550","v":0},{"$f":"ROUND((M550*$B$2),2)","v":5.26},{"$f":"O550*F550","v":0}]
[null,"RAUTITAN"]
[null,"RAUTITAN",null,null,null,null,"1.3 Плинтусные каналы "]
[null,"RAUTITAN"]
[null,"RAUTITAN",null,null,12405771002,null,"SL-Крестовина Rp1/2\" - Rp3/8\"(Ду10) - Rp1/2\" с внутр. резьбами",1,"шт",56.51,{"$f":"J554*$B$2","v":66.681799999999996},{"$f":"K554*F554","v":0},{"$f":"J554*(1-$E$5-$E$7)*(1-$E$9)*(1+$E$11)","v":56.51},{"$f":"M554*F554","v":0},{"$f":"ROUND((M554*$B$2),2)","v":66.680000000000007},{"$f":"O554*F554","v":0}]
[null,"RAUTITAN"]
[null,"RAUTITAN",null,null,11372381003,null,"SL-комплект двух C-обр. трубок с гильзами 16-12x1.0-16 для подкл. радиаторов ",1,"шт",40.340000000000003,{"$f":"J556*$B$2","v":47.601199999999999},{"$f":"K556*F556","v":0},{"$f":"J556*(1-$E$5-$E$7)*(1-$E$9)*(1+$E$11)","v":40.340000000000003},{"$f":"M556*F556","v":0},{"$f":"ROUND((M556*$B$2),2)","v":47.6},{"$f":"O556*F556","v":0}]
[null,"RAUTITAN",null,null,11372391003,null,"SL-комплект двух C-обр. трубок с гильзами 20-12x1.0-20 для подкл. Радиаторов",1,"шт",47.27,{"$f":"J557*$B$2","v":55.778599999999997},{"$f":"K557*F557","v":0},{"$f":"J557*(1-$E$5-$E$7)*(1-$E$9)*(1+$E$11)","v":47.27},{"$f":"M557*F557","v":0},{"$f":"ROUND((M557*$B$2),2)","v":55.78},{"$f":"O557*F557","v":0}]
[null,"RAUTITAN"]
[null,"RAUTITAN",null,null,11372471003,null,"SL-компл. двух Правых концевых C-обр. трубок с гильзами 16-12x1.0 для подкл. радиаторов",1,"шт",37.67,{"$f":"J559*$B$2","v":44.450600000000001},{"$f":"K559*F559","v":0},{"$f":"J559*(1-$E$5-$E$7)*(1-$E$9)*(1+$E$11)","v":37.67},{"$f":"M559*F559","v":0},{"$f":"ROUND((M559*$B$2),2)","v":44.45},{"$f":"O559*F559","v":0}]
[null,"RAUTITAN",null,null,11372481003,null,"SL-компл. двух Левых концевых C-обр. трубок с гильзами 16-12x1.0 для подкл. радиаторов",1,"шт",37.67,{"$f":"J560*$B$2","v":44.450600000000001},{"$f":"K560*F560","v":0},{"$f":"J560*(1-$E$5-$E$7)*(1-$E$9)*(1+$E$11)","v":37.67},{"$f":"M560*F560","v":0},{"$f":"ROUND((M560*$B$2),2)","v":44.45},{"$f":"O560*F560","v":0}]
[null,"RAUTITAN"]
[null,"RAUTITAN",null,null,11372171004,null,"SL-тройник равнопроходный  16-16-16 с гильзами ",1,"шт",9.58,{"$f":"J562*$B$2","v":11.304399999999999},{"$f":"K562*F562","v":0},{"$f":"J562*(1-$E$5-$E$7)*(1-$E$9)*(1+$E$11)","v":9.58},{"$f":"M562*F562","v":0},{"$f":"ROUND((M562*$B$2),2)","v":11.3},{"$f":"O562*F562","v":0}]
[null,"RAUTITAN",null,null,11372181004,null,"SL-тройник равнопроходный  20-20-20 с гильзами ",1,"шт",11.29,{"$f":"J563*$B$2","v":13.322199999999999},{"$f":"K563*F563","v":0},{"$f":"J563*(1-$E$5-$E$7)*(1-$E$9)*(1+$E$11)","v":11.29},{"$f":"M563*F563","v":0},{"$f":"ROUND((M563*$B$2),2)","v":13.32},{"$f":"O563*F563","v":0}]
[null,"RAUTITAN"]
["V","RAUTITAN",null,null,11371871004,null,"SL-муфта с гильзами равнопроходная 16 ",1,"шт",5.99,{"$f":"J565*$B$2","v":7.0682},{"$f":"K565*F565","v":0},{"$f":"J565*(1-$E$5-$E$7)*(1-$E$9)*(1+$E$11)","v":5.99},{"$f":"M565*F565","v":0},{"$f":"ROUND((M565*$B$2),2)","v":7.07},{"$f":"O565*F565","v":0}]
["V","RAUTITAN",null,null,11371881004,null,"SL-муфта с гильзами равнопроходная 20 ",1,"шт",8.09,{"$f":"J566*$B$2","v":9.5461999999999989},{"$f":"K566*F566","v":0},{"$f":"J566*(1-$E$5-$E$7)*(1-$E$9)*(1+$E$11)","v":8.09},{"$f":"M566*F566","v":0},{"$f":"ROUND((M566*$B$2),2)","v":9.5500000000000007},{"$f":"O566*F566","v":0}]
[null,"RAUTITAN"]
["V","RAUTITAN",null,null,11371891004,null,"SL-муфта с гильзами переходная 20-16 ",1,"шт",7.86,{"$f":"J568*$B$2","v":9.274799999999999},{"$f":"K568*F568","v":0},{"$f":"J568*(1-$E$5-$E$7)*(1-$E$9)*(1+$E$11)","v":7.86},{"$f":"M568*F568","v":0},{"$f":"ROUND((M568*$B$2),2)","v":9.27},{"$f":"O568*F568","v":0}]
[null,"RAUTITAN"]
[null,"RAUTITAN",null,null,11371971004,null,"SL-угольник с гильзами 16/90° ",1,"шт",7.7,{"$f":"J570*$B$2","v":9.0860000000000003},{"$f":"K570*F570","v":0},{"$f":"J570*(1-$E$5-$E$7)*(1-$E$9)*(1+$E$11)","v":7.7},{"$f":"M570*F570","v":0},{"$f":"ROUND((M570*$B$2),2)","v":9.09},{"$f":"O570*F570","v":0}]
["V","RAUTITAN",null,null,11371981004,null,"SL-угольник с гильзами 20/90° ",1,"шт",8.77,{"$f":"J571*$B$2","v":10.348599999999999},{"$f":"K571*F571","v":0},{"$f":"J571*(1-$E$5-$E$7)*(1-$E$9)*(1+$E$11)","v":8.77},{"$f":"M571*F571","v":0},{"$f":"ROUND((M571*$B$2),2)","v":10.35},{"$f":"O571*F571","v":0}]
[null,"RAUTITAN"]
["V","RAUTITAN",null,null,11371991004,null,"SL-переходник с наруж. резьбой и гильзой 16-R1/2\" ",1,"шт",6.67,{"$f":"J573*$B$2","v":7.8705999999999996},{"$f":"K573*F573","v":0},{"$f":"J573*(1-$E$5-$E$7)*(1-$E$9)*(1+$E$11)","v":6.67},{"$f":"M573*F573","v":0},{"$f":"ROUND((M573*$B$2),2)","v":7.87},{"$f":"O573*F573","v":0}]
["V","RAUTITAN",null,null,11372071004,null,"SL-переходник с наруж. резьбой и гильзой 20-R1/2\" ",1,"шт",7.77,{"$f":"J574*$B$2","v":9.1685999999999996},{"$f":"K574*F574","v":0},{"$f":"J574*(1-$E$5-$E$7)*(1-$E$9)*(1+$E$11)","v":7.77},{"$f":"M574*F574","v":0},{"$f":"ROUND((M574*$B$2),2)","v":9.17},{"$f":"O574*F574","v":0}]
[null,"RAUTITAN"]
["V","RAUTITAN",null,null,11372081004,null,"SL-Заглушка с гильзой 16 ",1,"шт",1.22,{"$f":"J576*$B$2","v":1.4396},{"$f":"K576*F576","v":0},{"$f":"J576*(1-$E$5-$E$7)*(1-$E$9)*(1+$E$11)","v":1.22},{"$f":"M576*F576","v":0},{"$f":"ROUND((M576*$B$2),2)","v":1.44},{"$f":"O576*F576","v":0}]
["V","RAUTITAN",null,null,11372091004,null,"SL-Заглушка с гильзой 20 ",1,"шт",1.62,{"$f":"J577*$B$2","v":1.9116},{"$f":"K577*F577","v":0},{"$f":"J577*(1-$E$5-$E$7)*(1-$E$9)*(1+$E$11)","v":1.62},{"$f":"M577*F577","v":0},{"$f":"ROUND((M577*$B$2),2)","v":1.91},{"$f":"O577*F577","v":0}]
[null,"RAUTITAN"]
[null,"RAUTITAN",null,null,11372491003,null,"SL-Надвижная гильза 16 ",1,"шт",5.59,{"$f":"J579*$B$2","v":6.5961999999999996},{"$f":"K579*F579","v":0},{"$f":"J579*(1-$E$5-$E$7)*(1-$E$9)*(1+$E$11)","v":5.59},{"$f":"M579*F579","v":0},{"$f":"ROUND((M579*$B$2),2)","v":6.6},{"$f":"O579*F579","v":0}]
[null,"RAUTITAN",null,null,11372591003,null,"SL-Надвижная гильза 20 ",1,"шт",5.59,{"$f":"J580*$B$2","v":6.5961999999999996},{"$f":"K580*F580","v":0},{"$f":"J580*(1-$E$5-$E$7)*(1-$E$9)*(1+$E$11)","v":5.59},{"$f":"M580*F580","v":0},{"$f":"ROUND((M580*$B$2),2)","v":6.6},{"$f":"O580*F580","v":0}]
[null,"RAUTITAN"]
[null,"RAUTITAN",null,null,12406071001,null,"SL-Комплект телескопических угловых резьбозажим. соединений 12х1.0-R1/2\"",1,"шт",31.02,{"$f":"J582*$B$2","v":36.6036},{"$f":"K582*F582","v":0},{"$f":"J582*(1-$E$5-$E$7)*(1-$E$9)*(1+$E$11)","v":31.02},{"$f":"M582*F582","v":0},{"$f":"ROUND((M582*$B$2),2)","v":36.6},{"$f":"O582*F582","v":0}]
[]
[null,"RAUTITAN",null,null,12405971001,null,"Г-образная трубка 12х1,0 для подключ. к ОП, длина 90х125 мм",10,"шт",4.3890000000000002,{"$f":"J584*$B$2","v":5.1790200000000004},{"$f":"K584*F584","v":0},{"$f":"J584*(1-$E$5-$E$7)*(1-$E$9)*(1+$E$11)","v":4.3890000000000002},{"$f":"M584*F584","v":0},{"$f":"ROUND((M584*$B$2),2)","v":5.18},{"$f":"O584*F584","v":0}]
[null,"RAUTITAN"]
[null,"RAUTITAN",null,null,17260611100,null,"Опорная клипса для трубы  stabil 16 и 20",10,"шт",1.82,{"$f":"J586*$B$2","v":2.1476000000000002},{"$f":"K586*F586","v":0},{"$f":"J586*(1-$E$5-$E$7)*(1-$E$9)*(1+$E$11)","v":1.82},{"$f":"M586*F586","v":0},{"$f":"ROUND((M586*$B$2),2)","v":2.15},{"$f":"O586*F586","v":0}]
[null,"RAUTITAN"]
[null,"RAUTITAN",null,null,17269941100,null,"Основание канала 40/70 RAUSOLO",2,"м",3.44,{"$f":"J588*$B$2","v":4.0591999999999997},{"$f":"K588*F588","v":0},{"$f":"J588*(1-$E$5-$E$7)*(1-$E$9)*(1+$E$11)","v":3.44},{"$f":"M588*F588","v":0},{"$f":"ROUND((M588*$B$2),2)","v":4.0599999999999996},{"$f":"O588*F588","v":0}]
[null,"RAUTITAN"]
[null,"RAUTITAN",null,null,17336331100,null,"Крышка канала 40/70, белый",4,"м",7.44,{"$f":"J590*$B$2","v":8.7791999999999994},{"$f":"K590*F590","v":0},{"$f":"J590*(1-$E$5-$E$7)*(1-$E$9)*(1+$E$11)","v":7.44},{"$f":"M590*F590","v":0},{"$f":"ROUND((M590*$B$2),2)","v":8.7799999999999994},{"$f":"O590*F590","v":0}]
[null,"RAUTITAN",null,null,17336431100,null,"Крышка канала 40/70, светлый бук",4,"м",8.02,{"$f":"J591*$B$2","v":9.4635999999999996},{"$f":"K591*F591","v":0},{"$f":"J591*(1-$E$5-$E$7)*(1-$E$9)*(1+$E$11)","v":8.02},{"$f":"M591*F591","v":0},{"$f":"ROUND((M591*$B$2),2)","v":9.4600000000000009},{"$f":"O591*F591","v":0}]
[null,"RAUTITAN",null,null,17336531100,null,"Крышка канала 40/70, клен",4,"м",8.02,{"$f":"J592*$B$2","v":9.4635999999999996},{"$f":"K592*F592","v":0},{"$f":"J592*(1-$E$5-$E$7)*(1-$E$9)*(1+$E$11)","v":8.02},{"$f":"M592*F592","v":0},{"$f":"ROUND((M592*$B$2),2)","v":9.4600000000000009},{"$f":"O592*F592","v":0}]
[null,"RAUTITAN"]
[null,"RAUTITAN",null,null,12494601150,null,"Заглушка левая 40/70, ПВХ, белый",10,"шт",2.29,{"$f":"J594*$B$2","v":2.7021999999999999},{"$f":"K594*F594","v":0},{"$f":"J594*(1-$E$5-$E$7)*(1-$E$9)*(1+$E$11)","v":2.29},{"$f":"M594*F594","v":0},{"$f":"ROUND((M594*$B$2),2)","v":2.7},{"$f":"O594*F594","v":0}]
["V","RAUTITAN",null,null,12494701150,null,"Заглушка левая 40/70, ПВХ, светлый бук",10,"шт",2.52,{"$f":"J595*$B$2","v":2.9735999999999998},{"$f":"K595*F595","v":0},{"$f":"J595*(1-$E$5-$E$7)*(1-$E$9)*(1+$E$11)","v":2.52},{"$f":"M595*F595","v":0},{"$f":"ROUND((M595*$B$2),2)","v":2.97},{"$f":"O595*F595","v":0}]
["V","RAUTITAN",null,null,12494801150,null,"Заглушка левая 40/70, ПВХ, клен",10,"шт",2.52,{"$f":"J596*$B$2","v":2.9735999999999998},{"$f":"K596*F596","v":0},{"$f":"J596*(1-$E$5-$E$7)*(1-$E$9)*(1+$E$11)","v":2.52},{"$f":"M596*F596","v":0},{"$f":"ROUND((M596*$B$2),2)","v":2.97},{"$f":"O596*F596","v":0}]
[null,"RAUTITAN"]
[null,"RAUTITAN",null,null,12494901150,null,"Заглушка правая 40/70, ПВХ, белый",10,"шт",2.29,{"$f":"J598*$B$2","v":2.7021999999999999},{"$f":"K598*F598","v":0},{"$f":"J598*(1-$E$5-$E$7)*(1-$E$9)*(1+$E$11)","v":2.29},{"$f":"M598*F598","v":0},{"$f":"ROUND((M598*$B$2),2)","v":2.7},{"$f":"O598*F598","v":0}]
["V","RAUTITAN",null,null,12495001150,null,"Заглушка правая 40/70, ПВХ, светлый бук",10,"шт",2.52,{"$f":"J599*$B$2","v":2.9735999999999998},{"$f":"K599*F599","v":0},{"$f":"J599*(1-$E$5-$E$7)*(1-$E$9)*(1+$E$11)","v":2.52},{"$f":"M599*F599","v":0},{"$f":"ROUND((M599*$B$2),2)","v":2.97},{"$f":"O599*F599","v":0}]
["V","RAUTITAN",null,null,12495101150,null,"Заглушка правая 40/70, ПВХ, клен",10,"шт",2.52,{"$f":"J600*$B$2","v":2.9735999999999998},{"$f":"K600*F600","v":0},{"$f":"J600*(1-$E$5-$E$7)*(1-$E$9)*(1+$E$11)","v":2.52},{"$f":"M600*F600","v":0},{"$f":"ROUND((M600*$B$2),2)","v":2.97},{"$f":"O600*F600","v":0}]
[null,"RAUTITAN"]
[null,"RAUTITAN",null,null,12495201150,null,"Внутренний угол 40/70, ПВХ, белый",10,"шт",2.95,{"$f":"J602*$B$2","v":3.4809999999999999},{"$f":"K602*F602","v":0},{"$f":"J602*(1-$E$5-$E$7)*(1-$E$9)*(1+$E$11)","v":2.95},{"$f":"M602*F602","v":0},{"$f":"ROUND((M602*$B$2),2)","v":3.48},{"$f":"O602*F602","v":0}]
["V","RAUTITAN",null,null,12495301150,null,"Внутренний угол 40/70, ПВХ, светлый бук",10,"шт",3.17,{"$f":"J603*$B$2","v":3.7405999999999997},{"$f":"K603*F603","v":0},{"$f":"J603*(1-$E$5-$E$7)*(1-$E$9)*(1+$E$11)","v":3.17},{"$f":"M603*F603","v":0},{"$f":"ROUND((M603*$B$2),2)","v":3.74},{"$f":"O603*F603","v":0}]
["V","RAUTITAN",null,null,12495401150,null,"Внутренний угол 40/70, ПВХ, клен",10,"шт",3.17,{"$f":"J604*$B$2","v":3.7405999999999997},{"$f":"K604*F604","v":0},{"$f":"J604*(1-$E$5-$E$7)*(1-$E$9)*(1+$E$11)","v":3.17},{"$f":"M604*F604","v":0},{"$f":"ROUND((M604*$B$2),2)","v":3.74},{"$f":"O604*F604","v":0}]
[null,"RAUTITAN"]
[null,"RAUTITAN",null,null,12495501150,null,"Внешний угол 40/70, ПВХ, белый",10,"шт",2.95,{"$f":"J606*$B$2","v":3.4809999999999999},{"$f":"K606*F606","v":0},{"$f":"J606*(1-$E$5-$E$7)*(1-$E$9)*(1+$E$11)","v":2.95},{"$f":"M606*F606","v":0},{"$f":"ROUND((M606*$B$2),2)","v":3.48},{"$f":"O606*F606","v":0}]
["V","RAUTITAN",null,null,12495601150,null,"Внешний угол 40/70, ПВХ, светлый бук",10,"шт",3.17,{"$f":"J607*$B$2","v":3.7405999999999997},{"$f":"K607*F607","v":0},{"$f":"J607*(1-$E$5-$E$7)*(1-$E$9)*(1+$E$11)","v":3.17},{"$f":"M607*F607","v":0},{"$f":"ROUND((M607*$B$2),2)","v":3.74},{"$f":"O607*F607","v":0}]
["V","RAUTITAN",null,null,12495701150,null,"Внешний угол 40/70, ПВХ, клен",10,"шт",3.17,{"$f":"J608*$B$2","v":3.7405999999999997},{"$f":"K608*F608","v":0},{"$f":"J608*(1-$E$5-$E$7)*(1-$E$9)*(1+$E$11)","v":3.17},{"$f":"M608*F608","v":0},{"$f":"ROUND((M608*$B$2),2)","v":3.74},{"$f":"O608*F608","v":0}]
[null,"RAUTITAN"]
[null,"RAUTITAN",null,null,12495801150,null,"Соединительная накладка 40/70, ПВХ, белый",10,"шт",1.94,{"$f":"J610*$B$2","v":2.2891999999999997},{"$f":"K610*F610","v":0},{"$f":"J610*(1-$E$5-$E$7)*(1-$E$9)*(1+$E$11)","v":1.94},{"$f":"M610*F610","v":0},{"$f":"ROUND((M610*$B$2),2)","v":2.29},{"$f":"O610*F610","v":0}]
["V","RAUTITAN",null,null,12495901150,null,"Соединительная накладка 40/70, ПВХ, светлый бук",10,"шт",2.08,{"$f":"J611*$B$2","v":2.4544000000000001},{"$f":"K611*F611","v":0},{"$f":"J611*(1-$E$5-$E$7)*(1-$E$9)*(1+$E$11)","v":2.08},{"$f":"M611*F611","v":0},{"$f":"ROUND((M611*$B$2),2)","v":2.4500000000000002},{"$f":"O611*F611","v":0}]
["V","RAUTITAN",null,null,12496001150,null,"Соединительная накладка 40/70, ПВХ, клен",10,"шт",2.08,{"$f":"J612*$B$2","v":2.4544000000000001},{"$f":"K612*F612","v":0},{"$f":"J612*(1-$E$5-$E$7)*(1-$E$9)*(1+$E$11)","v":2.08},{"$f":"M612*F612","v":0},{"$f":"ROUND((M612*$B$2),2)","v":2.4500000000000002},{"$f":"O612*F612","v":0}]
[null,"RAUTITAN"]
[null,"RAUTITAN",null,null,12406971001,null,"Ножницы для вырезания прямоугольных отверстий 26 мм",1,"шт",69.260000000000005,{"$f":"J614*$B$2","v":81.726799999999997},{"$f":"K614*F614","v":0},{"$f":"J614*(1-$E$5-$E$7)*(1-$E$9)*(1+$E$11)","v":69.260000000000005},{"$f":"M614*F614","v":0},{"$f":"ROUND((M614*$B$2),2)","v":81.73},{"$f":"O614*F614","v":0}]
[null,"RAUTITAN",null,null,12408471001,null,"Ножницы для вырезания полукруглых отверстий 16 мм",1,"шт",69.260000000000005,{"$f":"J615*$B$2","v":81.726799999999997},{"$f":"K615*F615","v":0},{"$f":"J615*(1-$E$5-$E$7)*(1-$E$9)*(1+$E$11)","v":69.260000000000005},{"$f":"M615*F615","v":0},{"$f":"ROUND((M615*$B$2),2)","v":81.73},{"$f":"O615*F615","v":0}]
[null,"RAUTITAN"]
[null,"RAUTITAN",null,null,17264441100,null,"Основание канала 40/105 RAUDUO",24,"м",9.41,{"$f":"J617*$B$2","v":11.1038},{"$f":"K617*F617","v":0},{"$f":"J617*(1-$E$5-$E$7)*(1-$E$9)*(1+$E$11)","v":9.41},{"$f":"M617*F617","v":0},{"$f":"ROUND((M617*$B$2),2)","v":11.1},{"$f":"O617*F617","v":0}]
[null,"RAUTITAN"]
[null,"RAUTITAN",null,null,17275941100,null,"Крышка канала 40/105, белый",24,"м",5.67,{"$f":"J619*$B$2","v":6.6905999999999999},{"$f":"K619*F619","v":0},{"$f":"J619*(1-$E$5-$E$7)*(1-$E$9)*(1+$E$11)","v":5.67},{"$f":"M619*F619","v":0},{"$f":"ROUND((M619*$B$2),2)","v":6.69},{"$f":"O619*F619","v":0}]
[null,"RAUTITAN"]
[null,"RAUTITAN",null,null,17338901100,null,"Крышка канала с уплотнением 40/105, белый",24,"м",5.67,{"$f":"J621*$B$2","v":6.6905999999999999},{"$f":"K621*F621","v":0},{"$f":"J621*(1-$E$5-$E$7)*(1-$E$9)*(1+$E$11)","v":5.67},{"$f":"M621*F621","v":0},{"$f":"ROUND((M621*$B$2),2)","v":6.69},{"$f":"O621*F621","v":0}]
[null,"RAUTITAN"]
[null,"RAUTITAN",null,null,17276241150,null,"Заглушка левая 40/105, белый",10,"шт",2.83,{"$f":"J623*$B$2","v":3.3393999999999999},{"$f":"K623*F623","v":0},{"$f":"J623*(1-$E$5-$E$7)*(1-$E$9)*(1+$E$11)","v":2.83},{"$f":"M623*F623","v":0},{"$f":"ROUND((M623*$B$2),2)","v":3.34},{"$f":"O623*F623","v":0}]
[null,"RAUTITAN"]
[null,"RAUTITAN",null,null,17276141150,null,"Заглушка правая 40/105, белый",10,"шт",2.83,{"$f":"J625*$B$2","v":3.3393999999999999},{"$f":"K625*F625","v":0},{"$f":"J625*(1-$E$5-$E$7)*(1-$E$9)*(1+$E$11)","v":2.83},{"$f":"M625*F625","v":0},{"$f":"ROUND((M625*$B$2),2)","v":3.34},{"$f":"O625*F625","v":0}]
[null,"RAUTITAN"]
[null,"RAUTITAN",null,null,17276441150,null,"Внутренний угол 40/105, белый",10,"шт",4.53,{"$f":"J627*$B$2","v":5.3453999999999997},{"$f":"K627*F627","v":0},{"$f":"J627*(1-$E$5-$E$7)*(1-$E$9)*(1+$E$11)","v":4.53},{"$f":"M627*F627","v":0},{"$f":"ROUND((M627*$B$2),2)","v":5.35},{"$f":"O627*F627","v":0}]
[null,"RAUTITAN"]
[null,"RAUTITAN",null,null,17276541150,null,"Внешний угол 40/105, белый",10,"шт",4.53,{"$f":"J629*$B$2","v":5.3453999999999997},{"$f":"K629*F629","v":0},{"$f":"J629*(1-$E$5-$E$7)*(1-$E$9)*(1+$E$11)","v":4.53},{"$f":"M629*F629","v":0},{"$f":"ROUND((M629*$B$2),2)","v":5.35},{"$f":"O629*F629","v":0}]
[null,"RAUTITAN"]
[null,"RAUTITAN",null,null,17276341150,null,"Соединит секция 40/105, белый",10,"шт",2.29,{"$f":"J631*$B$2","v":2.7021999999999999},{"$f":"K631*F631","v":0},{"$f":"J631*(1-$E$5-$E$7)*(1-$E$9)*(1+$E$11)","v":2.29},{"$f":"M631*F631","v":0},{"$f":"ROUND((M631*$B$2),2)","v":2.7},{"$f":"O631*F631","v":0}]
[null,"RAUTITAN"]
[null,"RAUTHERM S",null,null,null,null,"2.1 Системы обогрева/охлаждения поверхностей"]
[null,"RAUTHERM S",null,null,null,null,"2.1.1 Tрубы и гофротрубы"]
[null,"RAUTHERM S",null,null,null,null,"RAUTHERM S"]
["P","RAUTHERM S","x",null,11311281240,null,"Отопит.труба RAUTHERM S 10,1х1,1 мм, бухта 240 м ",240,"м",1.0233999999999999,{"$f":"J636*$B$2","v":1.2076119999999997},{"$f":"K636*F636","v":0},{"$f":"J636*(1-$E$5-$E$7)*(1-$E$9)*(1+$E$11)","v":1.0233999999999999},{"$f":"M636*F636","v":0},{"$f":"ROUND((M636*$B$2),2)","v":1.21},{"$f":"O636*F636","v":0}]
["P","RAUTHERM S","x",null,11365721120,null,"Отопит.труба RAUTHERM S 14х1,5 мм, бухта 120 м. ",120,"м",1.1696,1.3801279999999998,0,1.1696,0,1.38,0]
["P","RAUTHERM S","x",null,11365721240,null,"Отопит.труба RAUTHERM S 14х1,5 мм, бухта 240 м. ",240,"м",1.1696,1.3801279999999998,0,1.1696,0,1.38,0]
["P","RAUTHERM S","x",null,11365721600,null,"Отопит.труба RAUTHERM S 14х1,5 мм, бухта 600 м. ",600,"м",1.075,1.2685,0,1.075,0,1.27,0]
["N","RAUTHERM S","x",null,11602501240,null,"Отопит.труба RAUTHERM SPEED K 14х1,5 мм. с липучкой, бухта 240 м. ",240,"м",1.58,{"$f":"J640*$B$2","v":1.8644000000000001},{"$f":"K640*F640","v":0},{"$f":"J640*(1-$E$5-$E$7)*(1-$E$9)*(1+$E$11)","v":1.58},{"$f":"M640*F640","v":0},{"$f":"ROUND((M640*$B$2),2)","v":1.86},{"$f":"O640*F640","v":0}]
["N","RAUTHERM S","x",null,11602501600,null,"Отопит.труба RAUTHERM SPEED K 14х1,5 мм. с липучкой, бухта 600 м. ",600,"м",1.44,1.6991999999999998,0,1.44,0,1.7,0]
["P","RAUTHERM S","x",null,11361401120,null,"Отопит.труба RAUTHERM S 17х2,0 мм, бухта 120 м ",120,"м",1.3,1.534,0,1.3,0,1.53,0]
["P","RAUTHERM S",null,null,11361401240,null,"Отопит.труба RAUTHERM S 17х2,0 мм, бухта 240 м ",240,"м",1.3,1.534,0,1.3,0,1.53,0]
["P","RAUTHERM S",null,null,11361401500,null,"Отопит.труба RAUTHERM S 17х2,0 мм, бухта 500 м ",500,"м",1.1953999999999998,1.4105719999999997,0,1.1953999999999998,0,1.41,0]
[null,"RAUTHERM S","x",null,11361601120,null,"Отопит.труба RAUTHERM S 20х2,0 мм, бухта 120 м ",120,"м",1.7973999999999999,2.1209319999999998,0,1.7973999999999999,0,2.12,0]
[null,"RAUTHERM S",null,null,11361601240,null,"Отопит.труба RAUTHERM S 20х2,0 мм, бухта 240 м ",240,"м",1.7973999999999999,2.1209319999999998,0,1.7973999999999999,0,2.12,0]
[null,"RAUTHERM S",null,null,11361601500,null,"Отопит.труба RAUTHERM S 20х2,0 мм, бухта 500 м ",500,"м",1.6597999999999999,1.9585639999999997,0,1.6597999999999999,0,1.96,0]
[null,"RAUTHERM S",null,null,11367701120,null,"Отопит.труба RAUTHERM S 25х2,3 мм, бухта 120 м ",120,"м",2.7433999999999998,3.2372119999999995,0,2.7433999999999998,0,3.24,0]
[null,"RAUTHERM S",null,null,11367701300,null,"Отопит.труба RAUTHERM S 25х2,3 мм, бухта 300 м ",300,"м",2.7433999999999998,3.2372119999999995,0,2.7433999999999998,0,3.24,0]
[null,"RAUTHERM S",null,null,11369001050,null,"Отопит.труба RAUTHERM S 32х2,9 мм, бухта 50 м ",50,"м",3.8785999999999996,5.3217999999999996,0,3.8785999999999996,0,4.58,0]
[null,"RAUTHERM S",null,null,11369001100,null,"Отопит.труба RAUTHERM S 32х2,9 мм, бухта 100 м ",100,"м",3.7238000000000002,5.1093999999999999,0,3.7238000000000002,0,4.3899999999999997,0]
[null,"RAUTHERM S"]
[null,"RAUTHERM S",null,null,null,null,"Гофротруба"]
[null,"RAUTHERM S",null,null,11371961050,null,"Гофротруба защитн. для трубы  12/14 мм ",50,"м",0.62,{"$f":"J654*$B$2","v":0.73159999999999992},{"$f":"K654*F654","v":0},{"$f":"J654*(1-$E$5-$E$7)*(1-$E$9)*(1+$E$11)","v":0.62},{"$f":"M654*F654","v":0},{"$f":"ROUND((M654*$B$2),2)","v":0.73},{"$f":"O654*F654","v":0}]
[null,"RAUTHERM S",null,null,11371401050,null,"Гофротруба защитн. для трубы  16/17 мм ",50,"м",0.74,{"$f":"J655*$B$2","v":0.87319999999999998},{"$f":"K655*F655","v":0},{"$f":"J655*(1-$E$5-$E$7)*(1-$E$9)*(1+$E$11)","v":0.74},{"$f":"M655*F655","v":0},{"$f":"ROUND((M655*$B$2),2)","v":0.87},{"$f":"O655*F655","v":0}]
[null,"RAUTHERM S",null,null,11371501050,null,"Гофротруба защитн. для трубы  20 мм ",50,"м",0.83,{"$f":"J656*$B$2","v":0.97939999999999994},{"$f":"K656*F656","v":0},{"$f":"J656*(1-$E$5-$E$7)*(1-$E$9)*(1+$E$11)","v":0.83},{"$f":"M656*F656","v":0},{"$f":"ROUND((M656*$B$2),2)","v":0.98},{"$f":"O656*F656","v":0}]
[null,"RAUTHERM S",null,null,11371601025,null,"Гофротруба защитн. для трубы  25 мм ",25,"м",1.0900000000000001,{"$f":"J657*$B$2","v":1.2862},{"$f":"K657*F657","v":0},{"$f":"J657*(1-$E$5-$E$7)*(1-$E$9)*(1+$E$11)","v":1.0900000000000001},{"$f":"M657*F657","v":0},{"$f":"ROUND((M657*$B$2),2)","v":1.29},{"$f":"O657*F657","v":0}]
[null,"RAUTHERM S",null,null,11371701025,null,"Гофротруба защитн. для трубы  32 мм ",25,"м",1.51,{"$f":"J658*$B$2","v":1.7817999999999998},{"$f":"K658*F658","v":0},{"$f":"J658*(1-$E$5-$E$7)*(1-$E$9)*(1+$E$11)","v":1.51},{"$f":"M658*F658","v":0},{"$f":"ROUND((M658*$B$2),2)","v":1.78},{"$f":"O658*F658","v":0}]
[null,"RAUTHERM S"]
[null,"RAUTHERM S",null,null,null,null,"2.1.2 Haдвижные гильзы и фитинги"]
[null,"RAUTHERM S",null,null,null,null,"Надвижные гильзы"]
[null,"RAUTHERM S","x",null,12005361001,null,"Надвижная гильза 10 x1,1",10,"шт",0.67,{"$f":"J662*$B$2","v":0.79059999999999997},{"$f":"K662*F662","v":0},{"$f":"J662*(1-$E$5-$E$7)*(1-$E$9)*(1+$E$11)","v":0.67},{"$f":"M662*F662","v":0},{"$f":"ROUND((M662*$B$2),2)","v":0.79},{"$f":"O662*F662","v":0}]
[null,"RAUTHERM S","x",null,12460341001,null,"Надвижная гильза 14 x1,5",50,"шт",0.88,1.0384,0,0.88,0,1.04,0]
[null,"RAUTHERM S","x",null,12502971002,null,"Надвижная гильза 17x2,0",50,"шт",0.88,1.0384,0,0.88,0,1.04,0]
[null,"RAUTHERM S","x",null,12503071002,null,"Надвижная гильза 20x2,0 ",50,"шт",0.94,1.1092,0,0.94,0,1.1100000000000001,0]
[null,"RAUTHERM S",null,null,12591971002,null,"Надвижная гильза 25x2,3 ",50,"шт",1.46,1.7227999999999999,0,1.46,0,1.72,0]
[null,"RAUTHERM S",null,null,11395821001,null,"Надвижная гильза 32x2,9 ",50,"шт",3.95,4.6609999999999996,0,3.95,0,4.66,0]
[null,"RAUTHERM S"]
[null,"RAUTHERM S",null,null,null,null,"Фитинги"]
[null,"RAUTHERM S","x",null,12005261001,null,"Муфта  соед. равнопроходн. 10x1,1",10,"шт",4.53,{"$f":"J670*$B$2","v":5.3453999999999997},{"$f":"K670*F670","v":0},{"$f":"J670*(1-$E$5-$E$7)*(1-$E$9)*(1+$E$11)","v":4.53},{"$f":"M670*F670","v":0},{"$f":"ROUND((M670*$B$2),2)","v":5.35},{"$f":"O670*F670","v":0}]
[null,"RAUTHERM S","x",null,12460241001,null,"Муфта  соед. равнопроходн. 14x1,5",10,"шт",4.84,5.7111999999999998,0,4.84,0,5.71,0]
[null,"RAUTHERM S","x",null,12502771002,null,"Муфта  соед. равнопроходн. 17x2,0",10,"шт",4.9000000000000004,5.782,0,4.9000000000000004,0,5.78,0]
[null,"RAUTHERM S","x",null,12503171002,null,"Муфта  соед. равнопроходн. 20x2,0",10,"шт",5.82,6.8676000000000004,0,5.82,0,6.87,0]
[null,"RAUTHERM S",null,null,12591871002,null,"Муфта  соед. равнопроходн. 25x2,3",5,"шт",7.29,8.6021999999999998,0,7.29,0,8.6,0]
[null,"RAUTHERM S",null,null,12611231001,null,"Муфта  соед. равнопроходн. 32x2,9",10,"шт",15.09,17.8062,0,15.09,0,17.809999999999999,0]
[null,"RAUTHERM S"]
[null,"RAUTHERM S","x",null,12005331001,null,"Муфта соединительная переходная 17-10",10,"шт",7.24,{"$f":"J677*$B$2","v":8.5432000000000006},{"$f":"K677*F677","v":0},{"$f":"J677*(1-$E$5-$E$7)*(1-$E$9)*(1+$E$11)","v":7.24},{"$f":"M677*F677","v":0},{"$f":"ROUND((M677*$B$2),2)","v":8.5399999999999991},{"$f":"O677*F677","v":0}]
[null,"RAUTHERM S",null,null,12005341001,null,"Муфта соединительная переходная  20-10",10,"шт",7.24,8.5432000000000006,0,7.24,0,8.5399999999999991,0]
[null,"RAUTHERM S","x",null,12490971001,null,"Муфта соединительная переходная  17-14",10,"шт",5.62,6.6315999999999997,0,5.62,0,6.63,0]
[null,"RAUTHERM S",null,null,12594691002,null,"Муфта соединительная переходная  20-17",10,"шт",5.62,6.6315999999999997,0,5.62,0,6.63,0]
[null,"RAUTHERM S",null,null,12005541001,null,"Муфта соединительная переходная 25-10",10,"шт",8.48,10.006399999999999,0,8.48,0,10.01,0]
[null,"RAUTHERM S",null,null,12594591002,null,"Муфта соединительная переходная 25-20",10,"шт",11.4,13.452,0,11.4,0,13.45,0]
[null,"RAUTHERM S",null,null,12005561001,null,"Муфта соединительная переходная  32-10",10,"шт",12.38,14.6084,0,12.38,0,14.61,0]
[null,"RAUTHERM S",null,null,12611131001,null,"Муфта соединительная переходная  32-25",10,"шт",19.940000000000001,23.529199999999999,0,19.940000000000001,0,23.53,0]
[null,"RAUTHERM S"]
[null,"RAUTHERM S",null,null,12005661001,null,"Переходник с наруж. резьбой 10-R 1/2",10,"шт",5.31,{"$f":"J686*$B$2","v":6.2657999999999996},{"$f":"K686*F686","v":0},{"$f":"J686*(1-$E$5-$E$7)*(1-$E$9)*(1+$E$11)","v":5.31},{"$f":"M686*F686","v":0},{"$f":"ROUND((M686*$B$2),2)","v":6.27},{"$f":"O686*F686","v":0}]
[null,"RAUTHERM S","x",null,12350801001,null,"Переходник с наруж. резьбой 14-R 1/2",10,"шт",6.25,7.375,0,6.25,0,7.38,0]
[null,"RAUTHERM S",null,null,12588171002,null,"Переходник с наруж. резьбой 17-R 1/2",10,"шт",6.29,7.4221999999999992,0,6.29,0,7.42,0]
[null,"RAUTHERM S",null,null,12685601001,null,"Переходник с наруж. резьбой 17-R3/8",10,"шт",6.29,7.4221999999999992,0,6.29,0,7.42,0]
[null,"RAUTHERM S","x",null,12685701001,null,"Переходник с наруж. резьбой 20-R1/2",10,"шт",6.98,8.2363999999999997,0,6.98,0,8.24,0]
[null,"RAUTHERM S",null,null,12588271002,null,"Переходник с наруж. резьбой 20-R3/4",10,"шт",6.98,8.2363999999999997,0,6.98,0,8.24,0]
[null,"RAUTHERM S",null,null,12685801001,null,"Переходник с наруж. резьбой 25-R3/4",5,"шт",11.08,13.074399999999999,0,11.08,0,13.07,0]
[null,"RAUTHERM S",null,null,12534391002,null,"Переходник с наруж. резьбой 25-R1",5,"шт",11.08,13.074399999999999,0,11.08,0,13.07,0]
[null,"RAUTHERM S",null,null,12611431001,null,"Переходник с наруж. резьбой 32-R1",10,"шт",11.09,13.0862,0,11.09,0,13.09,0]
[null,"RAUTHERM S"]
[null,"RAUTHERM S","x",null,12350901001,null,"Угольник 90° - 14",5,"шт",7.03,{"$f":"J696*$B$2","v":8.295399999999999},{"$f":"K696*F696","v":0},{"$f":"J696*(1-$E$5-$E$7)*(1-$E$9)*(1+$E$11)","v":7.03},{"$f":"M696*F696","v":0},{"$f":"ROUND((M696*$B$2),2)","v":8.3000000000000007},{"$f":"O696*F696","v":0}]
[null,"RAUTHERM S",null,null,12588971002,null,"Угольник 90° - 17",5,"шт",7.08,{"$f":"J697*$B$2","v":8.3544},{"$f":"K697*F697","v":0},{"$f":"J697*(1-$E$5-$E$7)*(1-$E$9)*(1+$E$11)","v":7.08},{"$f":"M697*F697","v":0},{"$f":"ROUND((M697*$B$2),2)","v":8.35},{"$f":"O697*F697","v":0}]
["P","RAUTHERM S",null,null,12589071002,null,"Угольник 90° - 20",5,"шт",7.19,{"$f":"J698*$B$2","v":8.4841999999999995},{"$f":"K698*F698","v":0},{"$f":"J698*(1-$E$5-$E$7)*(1-$E$9)*(1+$E$11)","v":7.19},{"$f":"M698*F698","v":0},{"$f":"ROUND((M698*$B$2),2)","v":8.48},{"$f":"O698*F698","v":0}]
[null,"RAUTHERM S",null,null,12594491002,null,"Угольник 90° - 25",5,"шт",9.16,{"$f":"J699*$B$2","v":10.8088},{"$f":"K699*F699","v":0},{"$f":"J699*(1-$E$5-$E$7)*(1-$E$9)*(1+$E$11)","v":9.16},{"$f":"M699*F699","v":0},{"$f":"ROUND((M699*$B$2),2)","v":10.81},{"$f":"O699*F699","v":0}]
[null,"RAUTHERM S",null,null,12611031001,null,"Угольник 90° - 32",3,"шт",18.43,{"$f":"J700*$B$2","v":21.747399999999999},{"$f":"K700*F700","v":0},{"$f":"J700*(1-$E$5-$E$7)*(1-$E$9)*(1+$E$11)","v":18.43},{"$f":"M700*F700","v":0},{"$f":"ROUND((M700*$B$2),2)","v":21.75},{"$f":"O700*F700","v":0}]
[null,"RAUTHERM S"]
[null,"RAUTHERM S",null,null,null,null,"Тройники равнопроходные"]
[null,"RAUTHERM S",null,null,12502871002,null,"Тройник 17-17-17",5,"шт",7.26,{"$f":"J703*$B$2","v":8.5667999999999989},{"$f":"K703*F703","v":0},{"$f":"J703*(1-$E$5-$E$7)*(1-$E$9)*(1+$E$11)","v":7.26},{"$f":"M703*F703","v":0},{"$f":"ROUND((M703*$B$2),2)","v":8.57},{"$f":"O703*F703","v":0}]
[null,"RAUTHERM S",null,null,12588771002,null,"Тройник 20-20-20",5,"шт",11.49,{"$f":"J704*$B$2","v":13.558199999999999},{"$f":"K704*F704","v":0},{"$f":"J704*(1-$E$5-$E$7)*(1-$E$9)*(1+$E$11)","v":11.49},{"$f":"M704*F704","v":0},{"$f":"ROUND((M704*$B$2),2)","v":13.56},{"$f":"O704*F704","v":0}]
[null,"RAUTHERM S",null,null,12535291002,null,"Тройник 25-25-25",5,"шт",13.11,{"$f":"J705*$B$2","v":15.469799999999999},{"$f":"K705*F705","v":0},{"$f":"J705*(1-$E$5-$E$7)*(1-$E$9)*(1+$E$11)","v":13.11},{"$f":"M705*F705","v":0},{"$f":"ROUND((M705*$B$2),2)","v":15.47},{"$f":"O705*F705","v":0}]
[null,"RAUTHERM S",null,null,12610531001,null,"Тройник 32-32-32",3,"шт",26.14,{"$f":"J706*$B$2","v":30.845199999999998},{"$f":"K706*F706","v":0},{"$f":"J706*(1-$E$5-$E$7)*(1-$E$9)*(1+$E$11)","v":26.14},{"$f":"M706*F706","v":0},{"$f":"ROUND((M706*$B$2),2)","v":30.85},{"$f":"O706*F706","v":0}]
[null,"RAUTHERM S",null,null,null,null,"Тройники с уменьшенным боковым проходом"]
[null,"RAUTHERM S",null,null,12005431001,null,"Тройник 17-10-17",10,"шт",6.39,{"$f":"J708*$B$2","v":7.5401999999999996},{"$f":"K708*F708","v":0},{"$f":"J708*(1-$E$5-$E$7)*(1-$E$9)*(1+$E$11)","v":6.39},{"$f":"M708*F708","v":0},{"$f":"ROUND((M708*$B$2),2)","v":7.54},{"$f":"O708*F708","v":0}]
[null,"RAUTHERM S",null,null,12005441001,null,"Тройник 20-10-20",5,"шт",6.39,7.5401999999999996,0,6.39,0,7.54,0]
[null,"RAUTHERM S",null,null,12005631001,null,"Тройник 25-10-25",5,"шт",9.52,11.233599999999999,0,9.52,0,11.23,0]
[null,"RAUTHERM S",null,null,12005641001,null,"Тройник 32-10-32",5,"шт",15.8,18.643999999999998,0,15.8,0,18.64,0]
[null,"RAUTHERM S","x",null,12491071001,null,"Тройник 17-14-17",5,"шт",7.95,9.3810000000000002,0,7.95,0,9.3800000000000008,0]
[null,"RAUTHERM S",null,null,12588671002,null,"Тройник 20-17-20",5,"шт",11.31,13.345800000000001,0,11.31,0,13.35,0]
[null,"RAUTHERM S",null,null,12535691002,null,"Тройник 25-17-25",5,"шт",14.9,17.582000000000001,0,14.9,0,17.579999999999998,0]
[null,"RAUTHERM S",null,null,12535391002,null,"Тройник 25-20-25",5,"шт",13.11,15.469799999999999,0,13.11,0,15.47,0]
[null,"RAUTHERM S",null,null,12611631001,null,"Тройник 32-20-32",3,"шт",27.57,32.532599999999995,0,27.57,0,32.53,0]
[null,"RAUTHERM S",null,null,null,null,"Тройники с уменьшенным торцевым проходом"]
[null,"RAUTHERM S",null,null,12685501001,null,"Тройник 25-25-20",5,"шт",14.83,{"$f":"J718*$B$2","v":17.499399999999998},{"$f":"K718*F718","v":0},{"$f":"J718*(1-$E$5-$E$7)*(1-$E$9)*(1+$E$11)","v":14.83},{"$f":"M718*F718","v":0},{"$f":"ROUND((M718*$B$2),2)","v":17.5},{"$f":"O718*F718","v":0}]
[null,"RAUTHERM S",null,null,null,null,"Тройники с уменьшенным боковым и торцевым проходом"]
[null,"RAUTHERM S",null,null,12588571002,null,"Тройник 20-17-17",5,"шт",11.25,{"$f":"J720*$B$2","v":13.274999999999999},{"$f":"K720*F720","v":0},{"$f":"J720*(1-$E$5-$E$7)*(1-$E$9)*(1+$E$11)","v":11.25},{"$f":"M720*F720","v":0},{"$f":"ROUND((M720*$B$2),2)","v":13.28},{"$f":"O720*F720","v":0}]
[null,"RAUTHERM S",null,null,12535591002,null,"Тройник 25-20-20",5,"шт",12.61,{"$f":"J721*$B$2","v":14.879799999999998},{"$f":"K721*F721","v":0},{"$f":"J721*(1-$E$5-$E$7)*(1-$E$9)*(1+$E$11)","v":12.61},{"$f":"M721*F721","v":0},{"$f":"ROUND((M721*$B$2),2)","v":14.88},{"$f":"O721*F721","v":0}]
[null,"RAUTHERM S",null,null,null,null,"Тройники с увеличенным боковым проходом"]
[null,"RAUTHERM S",null,null,12685201001,null,"Тройник 20-25-20",5,"шт",12.61,{"$f":"J723*$B$2","v":14.879799999999998},{"$f":"K723*F723","v":0},{"$f":"J723*(1-$E$5-$E$7)*(1-$E$9)*(1+$E$11)","v":12.61},{"$f":"M723*F723","v":0},{"$f":"ROUND((M723*$B$2),2)","v":14.88},{"$f":"O723*F723","v":0}]
[null,"RAUTHERM S"]
[null,"RAUTHERM S",null,null,null,null,"2.1.3 Способы крепления труб к полу"]
[null,"RAUTHERM S",null,null,null,null,"Монтажный мат Varionova"]
[null,"RAUTHERM S","x",null,12278291001,null,"Мат ППС 30-2 EPS  и панель с фиксаторами Varionova,  040 DES",11.2,"м2",17.829999999999998,{"$f":"J727*$B$2","v":21.039399999999997},{"$f":"K727*F727","v":0},{"$f":"J727*(1-$E$5-$E$7)*(1-$E$9)*(1+$E$11)","v":17.829999999999998},{"$f":"M727*F727","v":0},{"$f":"ROUND((M727*$B$2),2)","v":21.04},{"$f":"O727*F727","v":0}]
[null,"RAUTHERM S"]
[null,"RAUTHERM S","x",null,12278391001,null,"Панель (пленка) с фиксаторами Varionova",17.920000000000002,"м2",10.199999999999999,{"$f":"J729*$B$2","v":12.035999999999998},{"$f":"K729*F729","v":0},{"$f":"J729*(1-$E$5-$E$7)*(1-$E$9)*(1+$E$11)","v":10.199999999999999},{"$f":"M729*F729","v":0},{"$f":"ROUND((M729*$B$2),2)","v":12.04},{"$f":"O729*F729","v":0}]
[null,"RAUTHERM S"]
[null,"RAUTHERM S",null,null,12278491001,null,"Соединительная лента для мат с фиксаторами Varionova",20,"шт",2.29,{"$f":"J731*$B$2","v":2.7021999999999999},{"$f":"K731*F731","v":0},{"$f":"J731*(1-$E$5-$E$7)*(1-$E$9)*(1+$E$11)","v":2.29},{"$f":"M731*F731","v":0},{"$f":"ROUND((M731*$B$2),2)","v":2.7},{"$f":"O731*F731","v":0}]
[null,"RAUTHERM S"]
[null,"RAUTHERM S",null,null,12278591001,null,"Примыкающая лента для мат с фиксаторами Varionova",20,"шт",2.5099999999999998,{"$f":"J733*$B$2","v":2.9617999999999998},{"$f":"K733*F733","v":0},{"$f":"J733*(1-$E$5-$E$7)*(1-$E$9)*(1+$E$11)","v":2.5099999999999998},{"$f":"M733*F733","v":0},{"$f":"ROUND((M733*$B$2),2)","v":2.96},{"$f":"O733*F733","v":0}]
[null,"RAUTHERM S"]
[null,"RAUTHERM S",null,null,12392031001,null,"Перемычка с гарпунами  мат с фиксаторами Varionova",100,"шт",0.19,{"$f":"J735*$B$2","v":0.22419999999999998},{"$f":"K735*F735","v":0},{"$f":"J735*(1-$E$5-$E$7)*(1-$E$9)*(1+$E$11)","v":0.19},{"$f":"M735*F735","v":0},{"$f":"ROUND((M735*$B$2),2)","v":0.22},{"$f":"O735*F735","v":0}]
[null,"RAUTHERM S"]
[null,"RAUTHERM S",null,null,12278691001,null,"Крепежный элемент для мат с фиксаторами Varionova",20,"шт",0.26,{"$f":"J737*$B$2","v":0.30680000000000002},{"$f":"K737*F737","v":0},{"$f":"J737*(1-$E$5-$E$7)*(1-$E$9)*(1+$E$11)","v":0.26},{"$f":"M737*F737","v":0},{"$f":"ROUND((M737*$B$2),2)","v":0.31},{"$f":"O737*F737","v":0}]
[null,"RAUTHERM S"]
[null,"RAUTHERM S",null,null,null,null,"Монтажный мат с липучкой RAUTHERM SPEED plus"]
["N","RAUTHERM S",null,null,13161101002,null,"RAUTHERM SPEED plus мат с липучкой, рулон 15м*1м",15,"м2",8.42,{"$f":"J740*$B$2","v":9.9355999999999991},{"$f":"K740*F740","v":0},{"$f":"J740*(1-$E$5-$E$7)*(1-$E$9)*(1+$E$11)","v":8.42},{"$f":"M740*F740","v":0},{"$f":"ROUND((M740*$B$2),2)","v":9.94},{"$f":"O740*F740","v":0}]
[]
[null,"RAUTHERM S",null,null,null,null,"Мат для крепления гарпун-скобами"]
[null,"RAUTHERM S",null,null,12404911002,null,"Мат ППС 20-2 для крепления гарпун-скоб, рулон с пленкой",12,"м2",8.74,{"$f":"J743*$B$2","v":10.3132},{"$f":"K743*F743","v":0},{"$f":"J743*(1-$E$5-$E$7)*(1-$E$9)*(1+$E$11)","v":8.74},{"$f":"M743*F743","v":0},{"$f":"ROUND((M743*$B$2),2)","v":10.31},{"$f":"O743*F743","v":0}]
["N","RAUTHERM S",null,null,12053131002,null,"Мат ППС 30-2 для крепления гарпун-скоб , рулон с пленкой",12,"м2",10.4,12.272,0,10.4,0,12.27,0]
["D","RAUTHERM S",null,null,12623631001,null,"Мат ППС 30-2 для крепления гарпун-скоб , рулон с пленкой",12,"м2",10.4,12.272,0,10.4,0,12.27,0]
[null,"RAUTHERM S",null,null,12620931001,null,"Мат ППС 30-2 для крепления гарпун-скоб, складной рулон",12,"м2",10.4,12.272,0,10.4,0,12.27,0]
[null,"RAUTHERM S",null,null,12623931001,null,"Мат ППС 50-2 для крепления гарпун-скоб, складной рулон",8,"м2",14.99,17.688199999999998,0,14.99,0,17.690000000000001,0]
[null,"RAUTHERM S",null,null,12003831001,null,"Мат ППС 70-2 для крепления гарпун-скоб, складной рулон",6,"м2",31.42,37.075600000000001,0,31.42,0,37.08,0]
[null,"RAUTHERM S"]
[null,"RAUTHERM S",null,null,12278351001,null,"Пистолет Multi для крепления гарпун-скоб",1,"шт",359.05,{"$f":"J750*$B$2","v":423.67899999999997},{"$f":"K750*F750","v":0},{"$f":"J750*(1-$E$5-$E$7)*(1-$E$9)*(1+$E$11)","v":359.05},{"$f":"M750*F750","v":0},{"$f":"ROUND((M750*$B$2),2)","v":423.68},{"$f":"O750*F750","v":0}]
[null,"RAUTHERM S"]
[null,"RAUTHERM S","x",null,12402211002,null,"Гарпун-скобы для крепления труб 14-17",300,"шт",0.12,{"$f":"J752*$B$2","v":0.14159999999999998},{"$f":"K752*F752","v":0},{"$f":"J752*(1-$E$5-$E$7)*(1-$E$9)*(1+$E$11)","v":0.12},{"$f":"M752*F752","v":0},{"$f":"ROUND((M752*$B$2),2)","v":0.14000000000000001},{"$f":"O752*F752","v":0}]
[null,"RAUTHERM S"]
[null,"RAUTHERM S",null,null,12623731002,null,"Гарпун-скобы для крепления труб 20",300,"шт",0.13,{"$f":"J754*$B$2","v":0.15340000000000001},{"$f":"K754*F754","v":0},{"$f":"J754*(1-$E$5-$E$7)*(1-$E$9)*(1+$E$11)","v":0.13},{"$f":"M754*F754","v":0},{"$f":"ROUND((M754*$B$2),2)","v":0.15},{"$f":"O754*F754","v":0}]
[null,"RAUTHERM S"]
[null,"RAUTHERM S",null,null,null,null,"Монтаж на шинах RAUFIX"]
[null,"RAUTHERM S","x",null,12439841001,null,"Фиксирующая шина RAUFIX 14 мм, с зубцами",10,"м",2.5099999999999998,{"$f":"J757*$B$2","v":2.9617999999999998},{"$f":"K757*F757","v":0},{"$f":"J757*(1-$E$5-$E$7)*(1-$E$9)*(1+$E$11)","v":2.5099999999999998},{"$f":"M757*F757","v":0},{"$f":"ROUND((M757*$B$2),2)","v":2.96},{"$f":"O757*F757","v":0}]
[null,"RAUTHERM S",null,null,12442481002,null,"Фиксирующая шина RAUFIX 16 / 17 /20 мм, с зубцами",10,"м",3.02,{"$f":"J758*$B$2","v":3.5635999999999997},{"$f":"K758*F758","v":0},{"$f":"J758*(1-$E$5-$E$7)*(1-$E$9)*(1+$E$11)","v":3.02},{"$f":"M758*F758","v":0},{"$f":"ROUND((M758*$B$2),2)","v":3.56},{"$f":"O758*F758","v":0}]
[null,"RAUTHERM S"]
[null,"RAUTHERM S","x",null,12460141001,null,"Фиксирующая шина RAUFIX 14 мм, без зубцов",10,"м",2.5099999999999998,{"$f":"J760*$B$2","v":2.9617999999999998},{"$f":"K760*F760","v":0},{"$f":"J760*(1-$E$5-$E$7)*(1-$E$9)*(1+$E$11)","v":2.5099999999999998},{"$f":"M760*F760","v":0},{"$f":"ROUND((M760*$B$2),2)","v":2.96},{"$f":"O760*F760","v":0}]
[null,"RAUTHERM S","x",null,12402411001,null,"Фиксирующая шина RAUFIX 16 / 17 /20 H833, без зубцов",10,"м",2.7,{"$f":"J761*$B$2","v":3.1859999999999999},{"$f":"K761*F761","v":0},{"$f":"J761*(1-$E$5-$E$7)*(1-$E$9)*(1+$E$11)","v":2.7},{"$f":"M761*F761","v":0},{"$f":"ROUND((M761*$B$2),2)","v":3.19},{"$f":"O761*F761","v":0}]
[null,"RAUTHERM S"]
[null,"RAUTHERM S","x",null,12592681001,null,"Гарпун-скоба для фиксирующих шин",500,"шт",0.1,{"$f":"J763*$B$2","v":0.11799999999999999},{"$f":"K763*F763","v":0},{"$f":"J763*(1-$E$5-$E$7)*(1-$E$9)*(1+$E$11)","v":0.1},{"$f":"M763*F763","v":0},{"$f":"ROUND((M763*$B$2),2)","v":0.12},{"$f":"O763*F763","v":0}]
[null,"RAUTHERM S"]
[null,"RAUTHERM S",null,null,12560541003,null,"Защитная полиэтиленовая пленка \"REHAU\"",120,"м2",0.88,{"$f":"J765*$B$2","v":1.0384},{"$f":"K765*F765","v":0},{"$f":"J765*(1-$E$5-$E$7)*(1-$E$9)*(1+$E$11)","v":0.88},{"$f":"M765*F765","v":0},{"$f":"ROUND((M765*$B$2),2)","v":1.04},{"$f":"O765*F765","v":0}]
[null,"RAUTHERM S"]
[null,"RAUTHERM S",null,null,null,null,"Монтаж на шинах 10"]
[null,"RAUTHERM S","x",null,12288801001,null,"Фиксирующая шина 10",50,"шт",2.39,{"$f":"J768*$B$2","v":2.8201999999999998},{"$f":"K768*F768","v":0},{"$f":"J768*(1-$E$5-$E$7)*(1-$E$9)*(1+$E$11)","v":2.39},{"$f":"M768*F768","v":0},{"$f":"ROUND((M768*$B$2),2)","v":2.82},{"$f":"O768*F768","v":0}]
[null,"RAUTHERM S"]
[null,"RAUTHERM S","x",null,12288901001,null,"Двойной держатель для труб 10",50,"шт",0.67,{"$f":"J770*$B$2","v":0.79059999999999997},{"$f":"K770*F770","v":0},{"$f":"J770*(1-$E$5-$E$7)*(1-$E$9)*(1+$E$11)","v":0.67},{"$f":"M770*F770","v":0},{"$f":"ROUND((M770*$B$2),2)","v":0.79},{"$f":"O770*F770","v":0}]
[null,"RAUTHERM S"]
[null,"RAUTHERM S",null,null,12289501002,null,"Отвод направляющий 90°, 10, с крепежной петлей",25,"шт",1.3,{"$f":"J772*$B$2","v":1.534},{"$f":"K772*F772","v":0},{"$f":"J772*(1-$E$5-$E$7)*(1-$E$9)*(1+$E$11)","v":1.3},{"$f":"M772*F772","v":0},{"$f":"ROUND((M772*$B$2),2)","v":1.53},{"$f":"O772*F772","v":0}]
[null,"RAUTHERM S"]
[null,"RAUTHERM S",null,null,null,null,"Монтаж на арматурной сетке"]
[null,"RAUTHERM S",null,null,12563241005,null,"Арматурная сетка RM 100, размер ячеек 100 мм x 100 мм",10,"шт",13.64,{"$f":"J775*$B$2","v":16.095199999999998},{"$f":"K775*F775","v":0},{"$f":"J775*(1-$E$5-$E$7)*(1-$E$9)*(1+$E$11)","v":13.64},{"$f":"M775*F775","v":0},{"$f":"ROUND((M775*$B$2),2)","v":16.100000000000001},{"$f":"O775*F775","v":0}]
[null,"RAUTHERM S"]
[null,"RAUTHERM S","x",null,12125511001,null,"Поворотная клипса для арматурной сетки Quattro",400,"шт",0.26,{"$f":"J777*$B$2","v":0.30680000000000002},{"$f":"K777*F777","v":0},{"$f":"J777*(1-$E$5-$E$7)*(1-$E$9)*(1+$E$11)","v":0.26},{"$f":"M777*F777","v":0},{"$f":"ROUND((M777*$B$2),2)","v":0.31},{"$f":"O777*F777","v":0}]
[null,"RAUTHERM S"]
[null,"RAUTHERM S","x",null,12125521001,null,"Шток для крепления клипс Quattro",1,"шт",51.4,{"$f":"J779*$B$2","v":60.651999999999994},{"$f":"K779*F779","v":0},{"$f":"J779*(1-$E$5-$E$7)*(1-$E$9)*(1+$E$11)","v":51.4},{"$f":"M779*F779","v":0},{"$f":"ROUND((M779*$B$2),2)","v":60.65},{"$f":"O779*F779","v":0}]
[null,"RAUTHERM S"]
[null,"RAUTHERM S",null,null,12563441007,null,"Проволочная обвязка для арматур. сетки (цена за 100 шт.)",100,"шт",2.12,{"$f":"J781*$B$2","v":2.5015999999999998},{"$f":"K781*F781","v":0},{"$f":"J781*(1-$E$5-$E$7)*(1-$E$9)*(1+$E$11)","v":2.12},{"$f":"M781*F781","v":0},{"$f":"ROUND((M781*$B$2),2)","v":2.5},{"$f":"O781*F781","v":0}]
[null,"RAUTHERM S"]
[null,"RAUTHERM S",null,null,12573041003,null,"Приспособление для закрутки проволочной обвязки",1,"шт",28.42,{"$f":"J783*$B$2","v":33.535600000000002},{"$f":"K783*F783","v":0},{"$f":"J783*(1-$E$5-$E$7)*(1-$E$9)*(1+$E$11)","v":28.42},{"$f":"M783*F783","v":0},{"$f":"ROUND((M783*$B$2),2)","v":33.54},{"$f":"O783*F783","v":0}]
[null,"RAUTHERM S"]
[null,"RAUTHERM S","x",null,17244481100,null,"Ремешок для обвязки (цена за 100 шт.)",100,"шт",5.15,{"$f":"J785*$B$2","v":6.077},{"$f":"K785*F785","v":0},{"$f":"J785*(1-$E$5-$E$7)*(1-$E$9)*(1+$E$11)","v":5.15},{"$f":"M785*F785","v":0},{"$f":"ROUND((M785*$B$2),2)","v":6.08},{"$f":"O785*F785","v":0}]
[null,"RAUTHERM S"]
[null,"RAUTHERM S",null,null,12560541003,null,"Защитная полиэтиленовая пленка \"REHAU\"",120,"м2",0.88,{"$f":"J787*$B$2","v":1.0384},{"$f":"K787*F787","v":0},{"$f":"J787*(1-$E$5-$E$7)*(1-$E$9)*(1+$E$11)","v":0.88},{"$f":"M787*F787","v":0},{"$f":"ROUND((M787*$B$2),2)","v":1.04},{"$f":"O787*F787","v":0}]
[null,"RAUTHERM S"]
["N","RAUTHERM S",null,null,12093361001,null,"Дюбель для фиксирования изоляции",10,"шт",0.31,{"$f":"J789*$B$2","v":0.36579999999999996},{"$f":"K789*F789","v":0},{"$f":"J789*(1-$E$5-$E$7)*(1-$E$9)*(1+$E$11)","v":0.31},{"$f":"M789*F789","v":0},{"$f":"ROUND((M789*$B$2),2)","v":0.37},{"$f":"O789*F789","v":0}]
[null,"RAUTHERM S"]
["N","RAUTHERM S",null,null,null,null,"Сухой способ монтажа"]
["N","RAUTHERM S",null,null,12002991001,null,"Теплоизоляционный мат TS14  1000 x 500 mm",10,"шт",11.43,{"$f":"J792*$B$2","v":13.487399999999999},{"$f":"K792*F792","v":0},{"$f":"J792*(1-$E$5-$E$7)*(1-$E$9)*(1+$E$11)","v":11.43},{"$f":"M792*F792","v":0},{"$f":"ROUND((M792*$B$2),2)","v":13.49},{"$f":"O792*F792","v":0}]
[null,"RAUTHERM S"]
["N","RAUTHERM S",null,null,12003031001,null,"Теплопроводная пластина TS-14  998 x 123 mm",48,"шт",4.1500000000000004,{"$f":"J794*$B$2","v":4.8970000000000002},{"$f":"K794*F794","v":0},{"$f":"J794*(1-$E$5-$E$7)*(1-$E$9)*(1+$E$11)","v":4.1500000000000004},{"$f":"M794*F794","v":0},{"$f":"ROUND((M794*$B$2),2)","v":4.9000000000000004},{"$f":"O794*F794","v":0}]
[null,"RAUTHERM S"]
["N","RAUTHERM S",null,null,12003041001,null,"Поворотная пластина TS-14  245 x 110 mm",25,"шт",4.7,{"$f":"J796*$B$2","v":5.5460000000000003},{"$f":"K796*F796","v":0},{"$f":"J796*(1-$E$5-$E$7)*(1-$E$9)*(1+$E$11)","v":4.7},{"$f":"M796*F796","v":0},{"$f":"ROUND((M796*$B$2),2)","v":5.55},{"$f":"O796*F796","v":0}]
[null,"RAUTHERM S"]
[null,"RAUTHERM S",null,null,null,null,"Теплоизоляция"]
[null,"RAUTHERM S",null,null,12390531001,null,"Тепло- и звукоизоляция ППС 30-2 mm, EPS 040 DES sg. 5kN/m²",300,"м2",9.89,{"$f":"J799*$B$2","v":11.670199999999999},{"$f":"K799*F799","v":0},{"$f":"J799*(1-$E$5-$E$7)*(1-$E$9)*(1+$E$11)","v":9.89},{"$f":"M799*F799","v":0},{"$f":"ROUND((M799*$B$2),2)","v":11.67},{"$f":"O799*F799","v":0}]
[null,"RAUTHERM S",null,null,12393031001,null,"Тепло- и звукоизоляция ППС 50-2 mm, EPS 040 DES sg. 5kN/m²",360,"м2",14.87,{"$f":"J800*$B$2","v":17.546599999999998},{"$f":"K800*F800","v":0},{"$f":"J800*(1-$E$5-$E$7)*(1-$E$9)*(1+$E$11)","v":14.87},{"$f":"M800*F800","v":0},{"$f":"ROUND((M800*$B$2),2)","v":17.55},{"$f":"O800*F800","v":0}]
[null,"RAUTHERM S",null,null,12390931001,null,"Тепло- и звукоизоляция ППС 70-2 mm, EPS 035 DES sg. 10kN/m²",240,"м2",21.1,{"$f":"J801*$B$2","v":24.898},{"$f":"K801*F801","v":0},{"$f":"J801*(1-$E$5-$E$7)*(1-$E$9)*(1+$E$11)","v":21.1},{"$f":"M801*F801","v":0},{"$f":"ROUND((M801*$B$2),2)","v":24.9},{"$f":"O801*F801","v":0}]
[null,"RAUTHERM S"]
[null,"RAUTHERM S",null,null,12391131001,null,"Доп. изоляция ППС 10 mm, EPS 040 DEO, 20 kN/m²",960,"м2",2.38,{"$f":"J803*$B$2","v":2.8083999999999998},{"$f":"K803*F803","v":0},{"$f":"J803*(1-$E$5-$E$7)*(1-$E$9)*(1+$E$11)","v":2.38},{"$f":"M803*F803","v":0},{"$f":"ROUND((M803*$B$2),2)","v":2.81},{"$f":"O803*F803","v":0}]
[null,"RAUTHERM S",null,null,12391331001,null,"Доп. изоляция ППС 30 mm, EPS 040 DEO, 20 kN/m²",320,"м2",7.38,{"$f":"J804*$B$2","v":8.7083999999999993},{"$f":"K804*F804","v":0},{"$f":"J804*(1-$E$5-$E$7)*(1-$E$9)*(1+$E$11)","v":7.38},{"$f":"M804*F804","v":0},{"$f":"ROUND((M804*$B$2),2)","v":8.7100000000000009},{"$f":"O804*F804","v":0}]
[null,"RAUTHERM S",null,null,12391531001,null,"Доп. изоляция ППС 50 mm, EPS 040 DEO, 20 kN/m²",360,"м2",12,{"$f":"J805*$B$2","v":14.16},{"$f":"K805*F805","v":0},{"$f":"J805*(1-$E$5-$E$7)*(1-$E$9)*(1+$E$11)","v":12},{"$f":"M805*F805","v":0},{"$f":"ROUND((M805*$B$2),2)","v":14.16},{"$f":"O805*F805","v":0}]
[null,"RAUTHERM S"]
[null,"RAUTHERM S",null,null,12391231001,null,"Доп. изоляция ППС 10 mm, EPS 035 DEO, 28 kN/m²",960,"м2",3.14,{"$f":"J807*$B$2","v":3.7052},{"$f":"K807*F807","v":0},{"$f":"J807*(1-$E$5-$E$7)*(1-$E$9)*(1+$E$11)","v":3.14},{"$f":"M807*F807","v":0},{"$f":"ROUND((M807*$B$2),2)","v":3.71},{"$f":"O807*F807","v":0}]
[null,"RAUTHERM S",null,null,12391431001,null,"Доп. изоляция ППС 40 mm, EPS 035 DEO, 28 kN/m²",480,"м2",12.53,{"$f":"J808*$B$2","v":14.785399999999999},{"$f":"K808*F808","v":0},{"$f":"J808*(1-$E$5-$E$7)*(1-$E$9)*(1+$E$11)","v":12.53},{"$f":"M808*F808","v":0},{"$f":"ROUND((M808*$B$2),2)","v":14.79},{"$f":"O808*F808","v":0}]
[null,"RAUTHERM S",null,null,12391631001,null,"Доп. изоляция ППС 50 mm, EPS 035 DEO, 28 kN/m²",180,"м2",14.92,{"$f":"J809*$B$2","v":17.605599999999999},{"$f":"K809*F809","v":0},{"$f":"J809*(1-$E$5-$E$7)*(1-$E$9)*(1+$E$11)","v":14.92},{"$f":"M809*F809","v":0},{"$f":"ROUND((M809*$B$2),2)","v":17.61},{"$f":"O809*F809","v":0}]
[null,"RAUTHERM S"]
[null,"RAUTHERM S",null,null,12863281001,null,"Доп. изоляция ППС 10 mm, EPS 035 DEO, 36 kN/m²",960,"м2",3.84,{"$f":"J811*$B$2","v":4.5311999999999992},{"$f":"K811*F811","v":0},{"$f":"J811*(1-$E$5-$E$7)*(1-$E$9)*(1+$E$11)","v":3.84},{"$f":"M811*F811","v":0},{"$f":"ROUND((M811*$B$2),2)","v":4.53},{"$f":"O811*F811","v":0}]
[null,"RAUTHERM S",null,null,12393131001,null,"Доп. изоляция ППС 20 mm, EPS 035 DEO, 36 kN/m²",480,"м2",7.36,{"$f":"J812*$B$2","v":8.6847999999999992},{"$f":"K812*F812","v":0},{"$f":"J812*(1-$E$5-$E$7)*(1-$E$9)*(1+$E$11)","v":7.36},{"$f":"M812*F812","v":0},{"$f":"ROUND((M812*$B$2),2)","v":8.68},{"$f":"O812*F812","v":0}]
[null,"RAUTHERM S",null,null,12393231001,null,"Доп. изоляция ППС 30 mm, EPS 035 DEO, 36 kN/m²",320,"м2",6.34,{"$f":"J813*$B$2","v":7.4811999999999994},{"$f":"K813*F813","v":0},{"$f":"J813*(1-$E$5-$E$7)*(1-$E$9)*(1+$E$11)","v":6.34},{"$f":"M813*F813","v":0},{"$f":"ROUND((M813*$B$2),2)","v":7.48},{"$f":"O813*F813","v":0}]
[null,"RAUTHERM S",null,null,12391831001,null,"Доп. изоляция ППС 50 mm, EPS 035 DEO, 36 kN/m²",360,"м2",19.04,{"$f":"J814*$B$2","v":22.467199999999998},{"$f":"K814*F814","v":0},{"$f":"J814*(1-$E$5-$E$7)*(1-$E$9)*(1+$E$11)","v":19.04},{"$f":"M814*F814","v":0},{"$f":"ROUND((M814*$B$2),2)","v":22.47},{"$f":"O814*F814","v":0}]
[null,"RAUTHERM S"]
[null,"RAUTHERM S",null,null,12278281001,null,"Доп. изоляция ППУ 40 mm, PUR 025 DEO dh, 100 kN/m²",10,"м2",25.82,{"$f":"J816*$B$2","v":30.467599999999997},{"$f":"K816*F816","v":0},{"$f":"J816*(1-$E$5-$E$7)*(1-$E$9)*(1+$E$11)","v":25.82},{"$f":"M816*F816","v":0},{"$f":"ROUND((M816*$B$2),2)","v":30.47},{"$f":"O816*F816","v":0}]
[null,"RAUTHERM S",null,null,12278381001,null,"Доп. изоляция ППУ 50 mm, PUR 025 DEO dh, 100 kN/m²",8,"м2",30.94,{"$f":"J817*$B$2","v":36.5092},{"$f":"K817*F817","v":0},{"$f":"J817*(1-$E$5-$E$7)*(1-$E$9)*(1+$E$11)","v":30.94},{"$f":"M817*F817","v":0},{"$f":"ROUND((M817*$B$2),2)","v":36.51},{"$f":"O817*F817","v":0}]
[null,"RAUTHERM S"]
[null,"RAUTHERM S",null,null,null,null,"Компоненты Системы"]
["D","RAUTHERM S","x",null,12644111002,null,"Профилированная отстенная изоляция",100,"м",1.58,{"$f":"J820*$B$2","v":1.8644000000000001},{"$f":"K820*F820","v":0},{"$f":"J820*(1-$E$5-$E$7)*(1-$E$9)*(1+$E$11)","v":1.58},{"$f":"M820*F820","v":0},{"$f":"ROUND((M820*$B$2),2)","v":1.86},{"$f":"O820*F820","v":0}]
["N","RAUTHERM S","x",null,12179041001,null,"Профилированная отстенная изоляция 8/150 мм",100,"м",1.1200000000000001,{"$f":"J821*$B$2","v":1.3216000000000001},{"$f":"K821*F821","v":0},{"$f":"J821*(1-$E$5-$E$7)*(1-$E$9)*(1+$E$11)","v":1.1200000000000001},{"$f":"M821*F821","v":0},{"$f":"ROUND((M821*$B$2),2)","v":1.32},{"$f":"O821*F821","v":0}]
[null,"RAUTHERM S",null,null,12888011001,null,"Отстенная изоляция, высота 80 мм",100,"м",0.94,{"$f":"J822*$B$2","v":1.1092},{"$f":"K822*F822","v":0},{"$f":"J822*(1-$E$5-$E$7)*(1-$E$9)*(1+$E$11)","v":0.94},{"$f":"M822*F822","v":0},{"$f":"ROUND((M822*$B$2),2)","v":1.1100000000000001},{"$f":"O822*F822","v":0}]
[null,"RAUTHERM S"]
[null,"RAUTHERM S",null,null,12392431001,null,"Профиль для деформационного шва ",24,"м",9.3000000000000007,{"$f":"J824*$B$2","v":10.974},{"$f":"K824*F824","v":0},{"$f":"J824*(1-$E$5-$E$7)*(1-$E$9)*(1+$E$11)","v":9.3000000000000007},{"$f":"M824*F824","v":0},{"$f":"ROUND((M824*$B$2),2)","v":10.97},{"$f":"O824*F824","v":0}]
[null,"RAUTHERM S"]
[null,"RAUTHERM S","x",null,12278331001,null,"Фиксатор отвода пластмас. на 90° для трубы 14",25,"шт",1.04,{"$f":"J826*$B$2","v":1.2272000000000001},{"$f":"K826*F826","v":0},{"$f":"J826*(1-$E$5-$E$7)*(1-$E$9)*(1+$E$11)","v":1.04},{"$f":"M826*F826","v":0},{"$f":"ROUND((M826*$B$2),2)","v":1.23},{"$f":"O826*F826","v":0}]
[null,"RAUTHERM S","x",null,12393331001,null,"Фиксатор отвода пластмас. на 90° для трубы 16/17",25,"шт",1.2,{"$f":"J827*$B$2","v":1.4159999999999999},{"$f":"K827*F827","v":0},{"$f":"J827*(1-$E$5-$E$7)*(1-$E$9)*(1+$E$11)","v":1.2},{"$f":"M827*F827","v":0},{"$f":"ROUND((M827*$B$2),2)","v":1.42},{"$f":"O827*F827","v":0}]
[null,"RAUTHERM S",null,null,12393431001,null,"Фиксатор отвода пластмас. на 90° для трубы 20",25,"шт",1.51,{"$f":"J828*$B$2","v":1.7817999999999998},{"$f":"K828*F828","v":0},{"$f":"J828*(1-$E$5-$E$7)*(1-$E$9)*(1+$E$11)","v":1.51},{"$f":"M828*F828","v":0},{"$f":"ROUND((M828*$B$2),2)","v":1.78},{"$f":"O828*F828","v":0}]
[null,"RAUTHERM S",null,null,12391931001,null,"Фиксатор отвода пластмас. на 90° для трубы 25",25,"шт",2.5499999999999998,{"$f":"J829*$B$2","v":3.0089999999999995},{"$f":"K829*F829","v":0},{"$f":"J829*(1-$E$5-$E$7)*(1-$E$9)*(1+$E$11)","v":2.5499999999999998},{"$f":"M829*F829","v":0},{"$f":"ROUND((M829*$B$2),2)","v":3.01},{"$f":"O829*F829","v":0}]
[null,"RAUTHERM S"]
[null,"RAUTHERM S","x",null,12563741003,null,"Присадка для добавления в стяжку P ",10,"кг",4.18,{"$f":"J831*$B$2","v":4.9323999999999995},{"$f":"K831*F831","v":0},{"$f":"J831*(1-$E$5-$E$7)*(1-$E$9)*(1+$E$11)","v":4.18},{"$f":"M831*F831","v":0},{"$f":"ROUND((M831*$B$2),2)","v":4.93},{"$f":"O831*F831","v":0}]
[null,"RAUTHERM S"]
[null,"RAUTHERM S",null,null,12616651001,null,"Присадка для добавления в стяжку \"Mini\"",25,"кг",6.98,{"$f":"J833*$B$2","v":8.2363999999999997},{"$f":"K833*F833","v":0},{"$f":"J833*(1-$E$5-$E$7)*(1-$E$9)*(1+$E$11)","v":6.98},{"$f":"M833*F833","v":0},{"$f":"ROUND((M833*$B$2),2)","v":8.24},{"$f":"O833*F833","v":0}]
[null,"RAUTHERM S"]
[null,"RAUTHERM S",null,null,12654711001,null,"Полимерные волокна для присадки \"Mini\"",1,"кг",16.760000000000002,{"$f":"J835*$B$2","v":19.776800000000001},{"$f":"K835*F835","v":0},{"$f":"J835*(1-$E$5-$E$7)*(1-$E$9)*(1+$E$11)","v":16.760000000000002},{"$f":"M835*F835","v":0},{"$f":"ROUND((M835*$B$2),2)","v":19.78},{"$f":"O835*F835","v":0}]
[null,"RAUTHERM S"]
[null,"RAUTHERM S",null,null,12401411001,null,"Подставка под датчик измерения остаточной влажности",1,"шт",4.37,{"$f":"J837*$B$2","v":5.1566000000000001},{"$f":"K837*F837","v":0},{"$f":"J837*(1-$E$5-$E$7)*(1-$E$9)*(1+$E$11)","v":4.37},{"$f":"M837*F837","v":0},{"$f":"ROUND((M837*$B$2),2)","v":5.16},{"$f":"O837*F837","v":0}]
[null,"RAUTHERM S"]
[null,"RAUTHERM S",null,null,12619491001,null,"Скотч-лента клейкая, 66м",1,"шт",6.77,{"$f":"J839*$B$2","v":7.988599999999999},{"$f":"K839*F839","v":0},{"$f":"J839*(1-$E$5-$E$7)*(1-$E$9)*(1+$E$11)","v":6.77},{"$f":"M839*F839","v":0},{"$f":"ROUND((M839*$B$2),2)","v":7.99},{"$f":"O839*F839","v":0}]
[null,"RAUTHERM S"]
[null,"RAUTHERM S",null,null,12619591001,null,"Машинка для нанесения скотч-ленты",1,"шт",40.79,{"$f":"J841*$B$2","v":48.132199999999997},{"$f":"K841*F841","v":0},{"$f":"J841*(1-$E$5-$E$7)*(1-$E$9)*(1+$E$11)","v":40.79},{"$f":"M841*F841","v":0},{"$f":"ROUND((M841*$B$2),2)","v":48.13},{"$f":"O841*F841","v":0}]
[null,"RAUTHERM S"]
[null,"RAUTHERM S",null,null,null,null,"2.1.4 Способы крепления труб к стен"]
[null,"RAUTHERM S","x",null,12288801001,null,"Фиксирующая шина 10",50,"шт",2.39,{"$f":"J844*$B$2","v":2.8201999999999998},{"$f":"K844*F844","v":0},{"$f":"J844*(1-$E$5-$E$7)*(1-$E$9)*(1+$E$11)","v":2.39},{"$f":"M844*F844","v":0},{"$f":"ROUND((M844*$B$2),2)","v":2.82},{"$f":"O844*F844","v":0}]
[null,"RAUTHERM S"]
[null,"RAUTHERM S","x",null,12288901001,null,"Двойной держатель для труб 10",50,"шт",0.67,{"$f":"J846*$B$2","v":0.79059999999999997},{"$f":"K846*F846","v":0},{"$f":"J846*(1-$E$5-$E$7)*(1-$E$9)*(1+$E$11)","v":0.67},{"$f":"M846*F846","v":0},{"$f":"ROUND((M846*$B$2),2)","v":0.79},{"$f":"O846*F846","v":0}]
[null,"RAUTHERM S"]
[null,"RAUTHERM S",null,null,12289501002,null,"Отвод направляющий 90°, 10, с крепежной петлей",25,"шт",1.3,{"$f":"J848*$B$2","v":1.534},{"$f":"K848*F848","v":0},{"$f":"J848*(1-$E$5-$E$7)*(1-$E$9)*(1+$E$11)","v":1.3},{"$f":"M848*F848","v":0},{"$f":"ROUND((M848*$B$2),2)","v":1.53},{"$f":"O848*F848","v":0}]
[null,"RAUTHERM S"]
[null,"RAUTHERM S",null,null,null,null,"2.1.5 Коллекторы"]
[null,"RAUTHERM S",null,null,null,null,"Коллекторы и принадлежности"]
["N","RAUTHERM S",null,null,12180211001,null,"Распределительный коллектор HKV на 2 контура нерж .сталь  ",1,"шт",137.6,{"$f":"J852*$B$2","v":162.36799999999999},{"$f":"K852*F852","v":0},{"$f":"J852*(1-$E$5-$E$7)*(1-$E$9)*(1+$E$11)","v":137.6},{"$f":"M852*F852","v":0},{"$f":"ROUND((M852*$B$2),2)","v":162.37},{"$f":"O852*F852","v":0}]
["N","RAUTHERM S",null,null,12180311001,null,"Распределительный коллектор HKV на 3 контура нерж .сталь  ",1,"шт",163.62,193.07159999999999,0,163.62,0,193.07,0]
["N","RAUTHERM S",null,null,12180411001,null,"Распределительный коллектор HKV на 4 контура нерж .сталь  ",1,"шт",189.63,223.76339999999999,0,189.63,0,223.76,0]
["N","RAUTHERM S",null,null,12180511001,null,"Распределительный коллектор HKV на 5 контуров нерж .сталь  ",1,"шт",221.89,261.83019999999999,0,221.89,0,261.83,0]
["N","RAUTHERM S",null,null,12180611001,null,"Распределительный коллектор HKV на 6 контуров нерж .сталь  ",1,"шт",247.91,292.53379999999999,0,247.91,0,292.52999999999997,0]
["N","RAUTHERM S",null,null,12180711001,null,"Распределительный коллектор HKV на 7 контуров нерж .сталь  ",1,"шт",288.5,340.43,0,288.5,0,340.43,0]
["N","RAUTHERM S",null,null,12180811001,null,"Распределительный коллектор HKV на 8 контуров нерж .сталь  ",1,"шт",314.51,371.12179999999995,0,314.51,0,371.12,0]
["N","RAUTHERM S",null,null,12180911001,null,"Распределительный коллектор HKV на 9 контуров нерж .сталь  ",1,"шт",339.5,400.60999999999996,0,339.5,0,400.61,0]
["N","RAUTHERM S",null,null,12181011001,null,"Распределительный коллектор HKV на 10 контуров нерж .сталь  ",1,"шт",379.04,447.2672,0,379.04,0,447.27,0]
["N","RAUTHERM S",null,null,12181111001,null,"Распределительный коллектор HKV на 11 контуров нерж .сталь  ",1,"шт",405.07,477.98259999999999,0,405.07,0,477.98,0]
["N","RAUTHERM S",null,null,12181211001,null,"Распределительный коллектор HKV на 12 контуров нерж .сталь  ",1,"шт",432.11,509.88979999999998,0,432.11,0,509.89,0]
[null,"RAUTHERM S"]
["N","RAUTHERM S","x",null,12080211002,null,"Распределительный коллектор HKV-D на 2 контура нерж .сталь  ",1,"шт",156.34,{"$f":"J864*$B$2","v":184.4812},{"$f":"K864*F864","v":0},{"$f":"J864*(1-$E$5-$E$7)*(1-$E$9)*(1+$E$11)","v":156.34},{"$f":"M864*F864","v":0},{"$f":"ROUND((M864*$B$2),2)","v":184.48},{"$f":"O864*F864","v":0}]
["N","RAUTHERM S","x",null,12080311002,null,"Распределительный коллектор HKV-D на 3 контуранерж .сталь  ",1,"шт",183.38,216.38839999999999,0,183.38,0,216.39,0]
["N","RAUTHERM S","x",null,12080411002,null,"Распределительный коллектор HKV-D на 4 контура нерж .сталь  ",1,"шт",214.61,253.2398,0,214.61,0,253.24,0]
["N","RAUTHERM S","x",null,12080511002,null,"Распределительный коллектор HKV-D на 5 контуров нерж .сталь  ",1,"шт",247.91,292.53379999999999,0,247.91,0,292.52999999999997,0]
["N","RAUTHERM S","x",null,12080611002,null,"Распределительный коллектор HKV-D на 6 контуров нерж .сталь  ",1,"шт",281.20999999999998,331.82779999999997,0,281.20999999999998,0,331.83,0]
["N","RAUTHERM S","x",null,12080711002,null,"Распределительный коллектор HKV-D на 7 контуров нерж .сталь  ",1,"шт",320.76,378.49679999999995,0,320.76,0,378.5,0]
["N","RAUTHERM S","x",null,12080811002,null,"Распределительный коллектор HKV-D на 8 контуров нерж .сталь  ",1,"шт",359.27,423.93859999999995,0,359.27,0,423.94,0]
["N","RAUTHERM S","x",null,12080911002,null,"Распределительный коллектор HKV-D на 9 контуров нерж .сталь  ",1,"шт",392.57,463.23259999999999,0,392.57,0,463.23,0]
["N","RAUTHERM S","x",null,12081011002,null,"Распределительный коллектор HKV-D на 10 контуров нерж .сталь  ",1,"шт",425.89,502.55019999999996,0,425.89,0,502.55,0]
["N","RAUTHERM S","x",null,12081111002,null,"Распределительный коллектор HKV-D на 11 контуров нерж .сталь  ",1,"шт",464.39,547.98019999999997,0,464.39,0,547.98,0]
["N","RAUTHERM S","x",null,12081211002,null,"Распределительный коллектор HKV-D на 12 контуров нерж .сталь  ",1,"шт",490.4,578.67199999999991,0,490.4,0,578.66999999999996,0]
[null,"RAUTHERM S"]
["N","RAUTHERM S","x",null,12075581001,null,"Расходомер к коллекторам HKV-D",1,"шт",19.5,{"$f":"J876*$B$2","v":23.009999999999998},{"$f":"K876*F876","v":0},{"$f":"J876*(1-$E$5-$E$7)*(1-$E$9)*(1+$E$11)","v":19.5},{"$f":"M876*F876","v":0},{"$f":"ROUND((M876*$B$2),2)","v":23.01},{"$f":"O876*F876","v":0}]
[null,"RAUTHERM S"]
["N","RAUTHERM S","x",null,12081221001,null,"Комплект двух прямых никелирован. шаровых кранов 1\" для коллекторов HKV/HLV",1,"шт",34.119999999999997,{"$f":"J878*$B$2","v":40.261599999999994},{"$f":"K878*F878","v":0},{"$f":"J878*(1-$E$5-$E$7)*(1-$E$9)*(1+$E$11)","v":34.119999999999997},{"$f":"M878*F878","v":0},{"$f":"ROUND((M878*$B$2),2)","v":40.26},{"$f":"O878*F878","v":0}]
["N","RAUTHERM S","x",null,13152241001,null,"Комплект двух угловых никелирован. шаровых кранов 1\" для коллекторов HKV/HLV",1,"шт",50.85,{"$f":"J879*$B$2","v":60.003},{"$f":"K879*F879","v":0},{"$f":"J879*(1-$E$5-$E$7)*(1-$E$9)*(1+$E$11)","v":50.85},{"$f":"M879*F879","v":0},{"$f":"ROUND((M879*$B$2),2)","v":60},{"$f":"O879*F879","v":0}]
[null,"RAUTHERM S"]
[null,"RAUTHERM S","x",null,12005461001,null,"Резьбозажимное соединение для подключ. трубы 10,1х1,1 мм",10,"шт",6.25,{"$f":"J881*$B$2","v":7.375},{"$f":"K881*F881","v":0},{"$f":"J881*(1-$E$5-$E$7)*(1-$E$9)*(1+$E$11)","v":6.25},{"$f":"M881*F881","v":0},{"$f":"ROUND((M881*$B$2),2)","v":7.38},{"$f":"O881*F881","v":0}]
[null,"RAUTHERM S","x",null,12460441001,null,"Резьбозажимное соединение для подключ. трубы 14х1,5 мм",10,"шт",4.9400000000000004,{"$f":"J882*$B$2","v":5.8292000000000002},{"$f":"K882*F882","v":0},{"$f":"J882*(1-$E$5-$E$7)*(1-$E$9)*(1+$E$11)","v":4.9400000000000004},{"$f":"M882*F882","v":0},{"$f":"ROUND((M882*$B$2),2)","v":5.83},{"$f":"O882*F882","v":0}]
[null,"RAUTHERM S","x",null,12506071002,null,"Резьбозажимное соединение для подключ. трубы 17х2 мм",10,"шт",4.9400000000000004,{"$f":"J883*$B$2","v":5.8292000000000002},{"$f":"K883*F883","v":0},{"$f":"J883*(1-$E$5-$E$7)*(1-$E$9)*(1+$E$11)","v":4.9400000000000004},{"$f":"M883*F883","v":0},{"$f":"ROUND((M883*$B$2),2)","v":5.83},{"$f":"O883*F883","v":0}]
[null,"RAUTHERM S",null,null,12506171002,null,"Резьбозажимное соединение для подключ. трубы 20х2 мм",10,"шт",4.9400000000000004,{"$f":"J884*$B$2","v":5.8292000000000002},{"$f":"K884*F884","v":0},{"$f":"J884*(1-$E$5-$E$7)*(1-$E$9)*(1+$E$11)","v":4.9400000000000004},{"$f":"M884*F884","v":0},{"$f":"ROUND((M884*$B$2),2)","v":5.83},{"$f":"O884*F884","v":0}]
[null,"RAUTHERM S"]
[null,"RAUTHERM S",null,null,12005531001,null,"Переходник с накидной гайкой 10x1,1-G3/4\" (евроконус)",10,"шт",7.81,{"$f":"J886*$B$2","v":9.2157999999999998},{"$f":"K886*F886","v":0},{"$f":"J886*(1-$E$5-$E$7)*(1-$E$9)*(1+$E$11)","v":7.81},{"$f":"M886*F886","v":0},{"$f":"ROUND((M886*$B$2),2)","v":9.2200000000000006},{"$f":"O886*F886","v":0}]
[null,"RAUTHERM S"]
["N","RAUTHERM S",null,null,12197581001,null,"Комплект для установки теплосчетчика, горизонтальный",1,"шт",79.05,{"$f":"J888*$B$2","v":93.278999999999996},{"$f":"K888*F888","v":0},{"$f":"J888*(1-$E$5-$E$7)*(1-$E$9)*(1+$E$11)","v":79.05},{"$f":"M888*F888","v":0},{"$f":"ROUND((M888*$B$2),2)","v":93.28},{"$f":"O888*F888","v":0}]
["N","RAUTHERM S",null,null,12197571001,null,"Комплект для установки теплосчетчика, вертикальный",1,"шт",107.84,{"$f":"J889*$B$2","v":127.2512},{"$f":"K889*F889","v":0},{"$f":"J889*(1-$E$5-$E$7)*(1-$E$9)*(1+$E$11)","v":107.84},{"$f":"M889*F889","v":0},{"$f":"ROUND((M889*$B$2),2)","v":127.25},{"$f":"O889*F889","v":0}]
["D","RAUTHERM S",null,null,12692421001,null,"Комплект для установки тепломера на коллекторе \nВыводится из программы поставок после реализации складского запаса",1,"шт",121.15,{"$f":"J890*$B$2","v":142.95699999999999},{"$f":"K890*F890","v":0},{"$f":"J890*(1-$E$5-$E$7)*(1-$E$9)*(1+$E$11)","v":121.15},{"$f":"M890*F890","v":0},{"$f":"ROUND((M890*$B$2),2)","v":142.96},{"$f":"O890*F890","v":0}]
[null,"RAUTHERM S"]
["D","RAUTHERM S",null,null,12692521001,null,"Соединительный резьбовой уголок 1\" \nВыводится из программы поставок после реализации складского запаса",1,"шт",9.3699999999999992,{"$f":"J892*$B$2","v":11.056599999999998},{"$f":"K892*F892","v":0},{"$f":"J892*(1-$E$5-$E$7)*(1-$E$9)*(1+$E$11)","v":9.3699999999999992},{"$f":"M892*F892","v":0},{"$f":"ROUND((M892*$B$2),2)","v":11.06},{"$f":"O892*F892","v":0}]
[null,"RAUTHERM S"]
[null,"RAUTHERM S",null,null,null,null,"Распределительные шкафы"]
[null,"RAUTHERM S",null,null,13454001001,null,"Шкаф коллекторный, встраиваемый, тип  UP 110/450 белый",1,"шт",117.22,{"$f":"J895*$B$2","v":138.31959999999998},{"$f":"K895*F895","v":0},{"$f":"J895*(1-$E$5-$E$7)*(1-$E$9)*(1+$E$11)","v":117.22},{"$f":"M895*F895","v":0},{"$f":"ROUND((M895*$B$2),2)","v":138.32},{"$f":"O895*F895","v":0}]
[null,"RAUTHERM S",null,null,13454101001,null,"Шкаф коллекторный, встраиваемый, тип  UP 110/550, белый",1,"шт",129.53,152.84539999999998,0,129.53,0,152.85,0]
[null,"RAUTHERM S",null,null,13454201001,null,"Шкаф коллекторный, встраиваемый, тип  UP 110/750, белый",1,"шт",153.69,181.35419999999999,0,153.69,0,181.35,0]
[null,"RAUTHERM S",null,null,13454301001,null,"Шкаф коллекторный, встраиваемый, тип  UP 110/950, белый",1,"шт",175.61,207.21979999999999,0,175.61,0,207.22,0]
[null,"RAUTHERM S",null,null,13454401001,null,"Шкаф коллекторный, встраиваемый, тип  UP 110/1150, белый",1,"шт",206.26,243.38679999999997,0,206.26,0,243.39,0]
[null,"RAUTHERM S",null,null,13454501001,null,"Шкаф коллекторный, встраиваемый, тип  UP 110/1300, белый",1,"шт",227.06,267.93079999999998,0,227.06,0,267.93,0]
[null,"RAUTHERM S"]
[null,"RAUTHERM S",null,null,13474001001,null,"Шкаф коллекторный, приставной, тип  AP 130/500 белый ",1,"шт",104.83,{"$f":"J902*$B$2","v":123.6994},{"$f":"K902*F902","v":0},{"$f":"J902*(1-$E$5-$E$7)*(1-$E$9)*(1+$E$11)","v":104.83},{"$f":"M902*F902","v":0},{"$f":"ROUND((M902*$B$2),2)","v":123.7},{"$f":"O902*F902","v":0}]
[null,"RAUTHERM S",null,null,13474101001,null,"Шкаф коллекторный, приставной, тип  AP 130/605, белый ",1,"шт",116.73,137.7414,0,116.73,0,137.74,0]
[null,"RAUTHERM S",null,null,13474201001,null,"Шкаф коллекторный, приставной, тип  AP 130/805, белый ",1,"шт",143.53,169.36539999999999,0,143.53,0,169.37,0]
[null,"RAUTHERM S",null,null,13474301001,null,"Шкаф коллекторный, приставной, тип  AP 130/1005, белый ",1,"шт",160.44,189.3192,0,160.44,0,189.32,0]
[null,"RAUTHERM S",null,null,13474401001,null,"Шкаф коллекторный, приставной, тип  AP 130/1205, белый ",1,"шт",169.61,200.13980000000001,0,169.61,0,200.14,0]
[null,"RAUTHERM S",null,null,13474501001,null,"Шкаф коллекторный, приставной, тип  AP 130/1353, белый",1,"шт",195.3,230.45400000000001,0,195.3,0,230.45,0]
[null,"RAUTHERM S"]
[null,"RAUTHERM S",null,null,13464101001,null,"Шкаф коллекторный, встраиваемый, тип  UP 75/550 , белый",1,"шт",131.54,{"$f":"J909*$B$2","v":155.21719999999999},{"$f":"K909*F909","v":0},{"$f":"J909*(1-$E$5-$E$7)*(1-$E$9)*(1+$E$11)","v":131.54},{"$f":"M909*F909","v":0},{"$f":"ROUND((M909*$B$2),2)","v":155.22},{"$f":"O909*F909","v":0}]
[null,"RAUTHERM S",null,null,13464201001,null,"Шкаф коллекторный, встраиваемый, тип  UP 75/750, белый",1,"шт",157.94,{"$f":"J910*$B$2","v":186.36919999999998},{"$f":"K910*F910","v":0},{"$f":"J910*(1-$E$5-$E$7)*(1-$E$9)*(1+$E$11)","v":157.94},{"$f":"M910*F910","v":0},{"$f":"ROUND((M910*$B$2),2)","v":186.37},{"$f":"O910*F910","v":0}]
[null,"RAUTHERM S",null,null,13464301001,null,"Шкаф коллекторный, встраиваемый, тип  UP  75/950, белый",1,"шт",178.52,{"$f":"J911*$B$2","v":210.65360000000001},{"$f":"K911*F911","v":0},{"$f":"J911*(1-$E$5-$E$7)*(1-$E$9)*(1+$E$11)","v":178.52},{"$f":"M911*F911","v":0},{"$f":"ROUND((M911*$B$2),2)","v":210.65},{"$f":"O911*F911","v":0}]
[null,"RAUTHERM S",null,null,13464401001,null,"Шкаф коллекторный, встраиваемый, тип  UP  75/1150, белый",1,"шт",207.82,{"$f":"J912*$B$2","v":245.22759999999997},{"$f":"K912*F912","v":0},{"$f":"J912*(1-$E$5-$E$7)*(1-$E$9)*(1+$E$11)","v":207.82},{"$f":"M912*F912","v":0},{"$f":"ROUND((M912*$B$2),2)","v":245.23},{"$f":"O912*F912","v":0}]
[null,"RAUTHERM S"]
[null,"RAUTHERM S",null,null,null,null,"2.1.6 Системы автоматического регулирования"]
[null,"RAUTHERM S",null,null,null,null,"Система Nea"]
[null,"RAUTHERM S","x",null,13360241001,null,"Терморегулятор Nea H 24 В",1,"шт",44.49,{"$f":"J916*$B$2","v":52.498199999999997},{"$f":"K916*F916","v":0},{"$f":"J916*(1-$E$5-$E$7)*(1-$E$9)*(1+$E$11)","v":44.49},{"$f":"M916*F916","v":0},{"$f":"ROUND((M916*$B$2),2)","v":52.5},{"$f":"O916*F916","v":0}]
[null,"RAUTHERM S","x",null,13362301001,null,"Терморегулятор Nea H 230 В ",1,"шт",44.49,52.498199999999997,0,44.49,0,52.5,0]
[null,"RAUTHERM S","x",null,13370241001,null,"Терморегулятор Nea HT 24 В ",1,"шт",49.94,58.929199999999994,0,49.94,0,58.93,0]
[null,"RAUTHERM S","x",null,13372301001,null,"Терморегулятор Nea HT 230 В ",1,"шт",49.94,58.929199999999994,0,49.94,0,58.93,0]
[null,"RAUTHERM S","x",null,13380241001,null,"Терморегулятор Nea HCT 24 В ",1,"шт",69.16,81.608799999999988,0,69.16,0,81.61,0]
[null,"RAUTHERM S","x",null,13382301001,null,"Терморегулятор Nea HCT 230 В ",1,"шт",69.16,81.608799999999988,0,69.16,0,81.61,0]
[null,"RAUTHERM S","x",null,12390231002,null,"Терморегулятор Е на 230 В (подкл. 12 сервоприводов)",1,"шт",27.07,31.942599999999999,0,27.07,0,31.94,0]
[null,"RAUTHERM S"]
[null,"RAUTHERM S","x",null,12144511001,null,"Выносной датчик Nea 24 В",1,"шт",12.89,{"$f":"J924*$B$2","v":15.2102},{"$f":"K924*F924","v":0},{"$f":"J924*(1-$E$5-$E$7)*(1-$E$9)*(1+$E$11)","v":12.89},{"$f":"M924*F924","v":0},{"$f":"ROUND((M924*$B$2),2)","v":15.21},{"$f":"O924*F924","v":0}]
[null,"RAUTHERM S","x",null,12179051001,null,"Выносной датчик Nea 230 В",1,"шт",22.04,{"$f":"J925*$B$2","v":26.007199999999997},{"$f":"K925*F925","v":0},{"$f":"J925*(1-$E$5-$E$7)*(1-$E$9)*(1+$E$11)","v":22.04},{"$f":"M925*F925","v":0},{"$f":"ROUND((M925*$B$2),2)","v":26.01},{"$f":"O925*F925","v":0}]
[null,"RAUTHERM S","x",null,12270751100,null,"Комплект подключения для терморегулятора\n(защитная трубка c металлическим наконечником и фиксирующим уголком для датчика температуры, гофротрубка для проводки и подрозетник) (не подходит для системы NEA smart R)",1,"шт",17.37,{"$f":"J926*$B$2","v":20.496600000000001},{"$f":"K926*F926","v":0},{"$f":"J926*(1-$E$5-$E$7)*(1-$E$9)*(1+$E$11)","v":17.37},{"$f":"M926*F926","v":0},{"$f":"ROUND((M926*$B$2),2)","v":20.5},{"$f":"O926*F926","v":0}]
[]
[null,"RAUTHERM S","x",13390241002,13490241001,null,"Клеммная колодка Nea H, 24 В, 6 каналов",1,"шт",75.959999999999994,{"$f":"J928*$B$2","v":89.632799999999989},{"$f":"K928*F928","v":0},{"$f":"J928*(1-$E$5-$E$7)*(1-$E$9)*(1+$E$11)","v":75.959999999999994},{"$f":"M928*F928","v":0},{"$f":"ROUND((M928*$B$2),2)","v":89.63},{"$f":"O928*F928","v":0}]
[null,"RAUTHERM S","x",13402301001,13422301001,null,"Клеммная колодка Nea HС, 230 В, 6 каналов, с насосным модулем ",1,"шт",104.67,{"$f":"J929*$B$2","v":123.5106},{"$f":"K929*F929","v":0},{"$f":"J929*(1-$E$5-$E$7)*(1-$E$9)*(1+$E$11)","v":104.67},{"$f":"M929*F929","v":0},{"$f":"ROUND((M929*$B$2),2)","v":123.51},{"$f":"O929*F929","v":0}]
[null,"RAUTHERM S","x",13400241001,13420241001,null,"Клеммная колодка Nea HС, 24 В, 6 каналов, с насосным модулем ",1,"шт",104.67,{"$f":"J930*$B$2","v":123.5106},{"$f":"K930*F930","v":0},{"$f":"J930*(1-$E$5-$E$7)*(1-$E$9)*(1+$E$11)","v":104.67},{"$f":"M930*F930","v":0},{"$f":"ROUND((M930*$B$2),2)","v":123.51},{"$f":"O930*F930","v":0}]
[null,"RAUTHERM S"]
[null,"RAUTHERM S","x",12690241003,13152981001,null,"Тороидальный трансформатор, 24 В",1,"шт",57.5,{"$f":"J932*$B$2","v":67.849999999999994},{"$f":"K932*F932","v":0},{"$f":"J932*(1-$E$5-$E$7)*(1-$E$9)*(1+$E$11)","v":57.5},{"$f":"M932*F932","v":0},{"$f":"ROUND((M932*$B$2),2)","v":67.849999999999994},{"$f":"O932*F932","v":0}]
[null,"RAUTHERM S"]
["D","RAUTHERM S",null,null,13390241001,null,"Клеммная колодка Nea H 24 В с насосным модулем \n(трансформатор 24 В арт. 269024-003 необходимо заказывать отдельно)",1,"шт",93.24,{"$f":"J934*$B$2","v":110.02319999999999},{"$f":"K934*F934","v":0},{"$f":"J934*(1-$E$5-$E$7)*(1-$E$9)*(1+$E$11)","v":93.24},{"$f":"M934*F934","v":0},{"$f":"ROUND((M934*$B$2),2)","v":110.02},{"$f":"O934*F934","v":0}]
["D","RAUTHERM S",null,null,13392301001,null,"Клеммная колодка Nea H 230 В с насосным модулем",1,"шт",93.24,110.02319999999999,0,93.24,0,110.02,0]
["D","RAUTHERM S",null,null,13390241002,null,"Клеммная колодка Nea H 24 В\n(трансформатор 24 В арт. 269024-003 необходимо заказывать отдельно)",1,"шт",75.959999999999994,89.632799999999989,0,75.959999999999994,0,89.63,0]
["D","RAUTHERM S",null,null,13392301002,null,"Клеммная колодка Nea H 230 В ",1,"шт",75.959999999999994,89.632799999999989,0,75.959999999999994,0,89.63,0]
["D","RAUTHERM S",null,null,13400241001,null,"Клеммная колодка Nea HC 24 В с насосным модулем \n(трансформатор 24 В арт. 269024-003 необходимо заказывать отдельно)",1,"шт",104.67,123.5106,0,104.67,0,123.51,0]
["D","RAUTHERM S",null,null,13402301001,null,"Клеммная колодка Nea HC 230 В с насосным модулем ",1,"шт",104.67,123.5106,0,104.67,0,123.51,0]
[null,"RAUTHERM S"]
["D","RAUTHERM S","x",null,12690241003,null,"Трансформатор 24 В",1,"шт",57.5,{"$f":"J941*$B$2","v":67.849999999999994},{"$f":"K941*F941","v":0},{"$f":"J941*(1-$E$5-$E$7)*(1-$E$9)*(1+$E$11)","v":57.5},{"$f":"M941*F941","v":0},{"$f":"ROUND((M941*$B$2),2)","v":67.849999999999994},{"$f":"O941*F941","v":0}]
[null,"RAUTHERM S"]
[null,"RAUTHERM S","x",null,12179151001,null,"Сервопривод UNI на 230 В",1,"шт",31.21,{"$f":"J943*$B$2","v":36.827799999999996},{"$f":"K943*F943","v":0},{"$f":"J943*(1-$E$5-$E$7)*(1-$E$9)*(1+$E$11)","v":31.21},{"$f":"M943*F943","v":0},{"$f":"ROUND((M943*$B$2),2)","v":36.83},{"$f":"O943*F943","v":0}]
[null,"RAUTHERM S","x",null,12179161001,null,"Сервопривод UNI на 24 В",1,"шт",31.21,{"$f":"J944*$B$2","v":36.827799999999996},{"$f":"K944*F944","v":0},{"$f":"J944*(1-$E$5-$E$7)*(1-$E$9)*(1+$E$11)","v":31.21},{"$f":"M944*F944","v":0},{"$f":"ROUND((M944*$B$2),2)","v":36.83},{"$f":"O944*F944","v":0}]
[null,"RAUTHERM S"]
[null,"RAUTHERM S",null,null,12144811001,null,"Таймер-модуль Nea ",1,"шт",208.05,{"$f":"J946*$B$2","v":245.499},{"$f":"K946*F946","v":0},{"$f":"J946*(1-$E$5-$E$7)*(1-$E$9)*(1+$E$11)","v":208.05},{"$f":"M946*F946","v":0},{"$f":"ROUND((M946*$B$2),2)","v":245.5},{"$f":"O946*F946","v":0}]
[null,"RAUTHERM S",null,null,12492871001,null,"Датчик точки росы TPW",1,"шт",192.53,{"$f":"J947*$B$2","v":227.18539999999999},{"$f":"K947*F947","v":0},{"$f":"J947*(1-$E$5-$E$7)*(1-$E$9)*(1+$E$11)","v":192.53},{"$f":"M947*F947","v":0},{"$f":"ROUND((M947*$B$2),2)","v":227.19},{"$f":"O947*F947","v":0}]
[null,"RAUTHERM S"]
[null,"RAUTHERM S",null,null,null,null,"Беспроводная система Nea Smart R"]
["N","RAUTHERM S","x",null,13152671001,null,"Терморегулятор Nea Smart R без дисплея ",1,"шт",63.71,{"$f":"J950*$B$2","v":75.177799999999991},{"$f":"K950*F950","v":0},{"$f":"J950*(1-$E$5-$E$7)*(1-$E$9)*(1+$E$11)","v":63.71},{"$f":"M950*F950","v":0},{"$f":"ROUND((M950*$B$2),2)","v":75.180000000000007},{"$f":"O950*F950","v":0}]
["N","RAUTHERM S","x",null,13152681001,null,"Терморегулятор Nea Smart R D с дисплеем",1,"шт",88.71,104.67779999999999,0,88.71,0,104.68,0]
["N","RAUTHERM S","x",null,13152711001,null,"Клеммная колодка Nea Smart R с Ethernet-портом, 230 В",1,"шт",356.86,421.09480000000002,0,356.86,0,421.09,0]
[null,"RAUTHERM S","x",null,12179151001,null,"Сервопривод UNI на 230 В",1,"шт",31.21,36.827799999999996,0,31.21,0,36.83,0]
["N","RAUTHERM S","x",null,13152751001,null,"Внешний датчик Nea Smart",1,"шт",19.36,22.844799999999999,0,19.36,0,22.84,0]
["N","RAUTHERM S",null,null,13152741001,null,"Ретранслятор Nea Smart R",1,"шт",184.31,217.48579999999998,0,184.31,0,217.49,0]
["N","RAUTHERM S",null,null,13152731001,null,"Антенна Nea Smart R",1,"шт",180.47,212.9546,0,180.47,0,212.95,0]
[null,"RAUTHERM S",null,null,12492871001,null,"Датчик точки росы TPW",1,"шт",192.53,227.18539999999999,0,192.53,0,227.19,0]
[null,"RAUTHERM S"]
[null,"RAUTHERM S",null,null,null,null,"RAUMATIC  М"]
["D","RAUTHERM S",null,null,12491371001,null,"Клеммная колодка для RAUMATIC M на 230 В",1,"шт",80.400000000000006,{"$f":"J960*$B$2","v":94.872},{"$f":"K960*F960","v":0},{"$f":"J960*(1-$E$5-$E$7)*(1-$E$9)*(1+$E$11)","v":80.400000000000006},{"$f":"M960*F960","v":0},{"$f":"ROUND((M960*$B$2),2)","v":94.87},{"$f":"O960*F960","v":0}]
["D","RAUTHERM S",null,null,12491471001,null,"Клеммная колодка для RAUMATIC M на 24 В с трансформатором",1,"шт",112.56,132.82079999999999,0,112.56,0,132.82,0]
["D","RAUTHERM S",null,null,12445301001,null,"Дополнительный модуль 2-х терморегуляторов на 230 В",1,"шт",40.75,48.085000000000001,0,40.75,0,48.09,0]
["D","RAUTHERM S",null,null,12445501001,null,"Дополнительный модуль 2-х  терморегуляторов на 24 В",1,"шт",40.75,48.085000000000001,0,40.75,0,48.09,0]
["D","RAUTHERM S",null,null,12445401001,null,"Дополнительный модуль 4-х сервоприводов на 230 В",1,"шт",49.33,58.209399999999995,0,49.33,0,58.21,0]
["D","RAUTHERM S",null,null,12445601001,null,"Дополнительный модуль 4-х сервоприводов на 24 В",1,"шт",49.33,58.209399999999995,0,49.33,0,58.21,0]
[null,"RAUTHERM S"]
["D","RAUTHERM S",null,null,12491571001,null,"Насосный модуль клеммной колодки на 230 В",1,"шт",73.989999999999995,{"$f":"J967*$B$2","v":87.308199999999985},{"$f":"K967*F967","v":0},{"$f":"J967*(1-$E$5-$E$7)*(1-$E$9)*(1+$E$11)","v":73.989999999999995},{"$f":"M967*F967","v":0},{"$f":"ROUND((M967*$B$2),2)","v":87.31},{"$f":"O967*F967","v":0}]
["D","RAUTHERM S",null,null,12491671001,null,"Насосный модуль клеммной колодки на 24 В",1,"шт",73.989999999999995,{"$f":"J968*$B$2","v":87.308199999999985},{"$f":"K968*F968","v":0},{"$f":"J968*(1-$E$5-$E$7)*(1-$E$9)*(1+$E$11)","v":73.989999999999995},{"$f":"M968*F968","v":0},{"$f":"ROUND((M968*$B$2),2)","v":87.31},{"$f":"O968*F968","v":0}]
[null,"RAUTHERM S"]
["D","RAUTHERM S",null,null,12443801001,null,"Термический сервопривод GLT на 24 В с интелект. режимом работы",1,"шт",75.040000000000006,{"$f":"J970*$B$2","v":88.547200000000004},{"$f":"K970*F970","v":0},{"$f":"J970*(1-$E$5-$E$7)*(1-$E$9)*(1+$E$11)","v":75.040000000000006},{"$f":"M970*F970","v":0},{"$f":"ROUND((M970*$B$2),2)","v":88.55},{"$f":"O970*F970","v":0}]
["N","RAUTHERM S",null,null,13150931001,null,"Термический сервопривод GLT UNI на 24 В с интелект. режимом работы",1,"шт",75.040000000000006,{"$f":"J971*$B$2","v":88.547200000000004},{"$f":"K971*F971","v":0},{"$f":"J971*(1-$E$5-$E$7)*(1-$E$9)*(1+$E$11)","v":75.040000000000006},{"$f":"M971*F971","v":0},{"$f":"ROUND((M971*$B$2),2)","v":88.55},{"$f":"O971*F971","v":0}]
[null,"RAUTHERM S"]
[null,"RAUTHERM S",null,null,null,null,"RAUMATIC  R"]
["D","RAUTHERM S",null,null,12446901002,null,"Терморегулятор с дистанционным радиоуправлением (868МГц, до 30м)",1,"шт",91.12,{"$f":"J974*$B$2","v":107.52160000000001},{"$f":"K974*F974","v":0},{"$f":"J974*(1-$E$5-$E$7)*(1-$E$9)*(1+$E$11)","v":91.12},{"$f":"M974*F974","v":0},{"$f":"ROUND((M974*$B$2),2)","v":107.52},{"$f":"O974*F974","v":0}]
["D","RAUTHERM S",null,null,12447001002,null,"Клеммная колодка радиоуправления для 6 терморегуляторов ( 24 В )",1,"шт",321.58,{"$f":"J975*$B$2","v":379.46439999999996},{"$f":"K975*F975","v":0},{"$f":"J975*(1-$E$5-$E$7)*(1-$E$9)*(1+$E$11)","v":321.58},{"$f":"M975*F975","v":0},{"$f":"ROUND((M975*$B$2),2)","v":379.46},{"$f":"O975*F975","v":0}]
[null,"RAUTHERM S","x",null,12179161001,null,"Сервопривод UNI на 24 В",1,"шт",31.21,{"$f":"J976*$B$2","v":36.827799999999996},{"$f":"K976*F976","v":0},{"$f":"J976*(1-$E$5-$E$7)*(1-$E$9)*(1+$E$11)","v":31.21},{"$f":"M976*F976","v":0},{"$f":"ROUND((M976*$B$2),2)","v":36.83},{"$f":"O976*F976","v":0}]
[null,"RAUTHERM S"]
[null,"RAUTHERM S",null,null,null,null,"Станции температурного регулирования"]
[null,"RAUTHERM S","x",null,12096781001,null,"К-т температ. регулирования FWRS 1`` с постоянными параметрами",1,"шт",503.33,{"$f":"J979*$B$2","v":593.92939999999999},{"$f":"K979*F979","v":0},{"$f":"J979*(1-$E$5-$E$7)*(1-$E$9)*(1+$E$11)","v":503.33},{"$f":"M979*F979","v":0},{"$f":"ROUND((M979*$B$2),2)","v":593.92999999999995},{"$f":"O979*F979","v":0}]
[null,"RAUTHERM S"]
[null,"RAUTHERM S",null,null,12096741001,null,"Терморегулирующая станция TRS-V с автомат. управлением",1,"шт",1483.02,{"$f":"J981*$B$2","v":1749.9635999999998},{"$f":"K981*F981","v":0},{"$f":"J981*(1-$E$5-$E$7)*(1-$E$9)*(1+$E$11)","v":1483.02},{"$f":"M981*F981","v":0},{"$f":"ROUND((M981*$B$2),2)","v":1749.96},{"$f":"O981*F981","v":0}]
[null,"RAUTHERM S"]
[null,"RAUTHERM S",null,null,12096751001,null,"Терморегулирующая станция TRS-20 с автомат. управлением",1,"шт",1522.56,{"$f":"J983*$B$2","v":1796.6207999999999},{"$f":"K983*F983","v":0},{"$f":"J983*(1-$E$5-$E$7)*(1-$E$9)*(1+$E$11)","v":1522.56},{"$f":"M983*F983","v":0},{"$f":"ROUND((M983*$B$2),2)","v":1796.62},{"$f":"O983*F983","v":0}]
[null,"RAUTHERM S"]
[null,"RAUTHERM S",null,null,12096761001,null,"Смесительный насосный узел PMG-25 с руч. управлением",1,"шт",805.52,{"$f":"J985*$B$2","v":950.51359999999988},{"$f":"K985*F985","v":0},{"$f":"J985*(1-$E$5-$E$7)*(1-$E$9)*(1+$E$11)","v":805.52},{"$f":"M985*F985","v":0},{"$f":"ROUND((M985*$B$2),2)","v":950.51},{"$f":"O985*F985","v":0}]
[null,"RAUTHERM S"]
[null,"RAUTHERM S",null,null,12096771001,null,"Смесительный насосный узел PMG-32 с руч. управлением",1,"шт",910.62,{"$f":"J987*$B$2","v":1074.5316},{"$f":"K987*F987","v":0},{"$f":"J987*(1-$E$5-$E$7)*(1-$E$9)*(1+$E$11)","v":910.62},{"$f":"M987*F987","v":0},{"$f":"ROUND((M987*$B$2),2)","v":1074.53},{"$f":"O987*F987","v":0}]
[null,"RAUTHERM S"]
[null,"RAUTHERM S",null,null,12348201001,null,"К-т устройств для автомат. управления смесит. узлом PMG ",1,"шт",697.28,{"$f":"J989*$B$2","v":822.79039999999998},{"$f":"K989*F989","v":0},{"$f":"J989*(1-$E$5-$E$7)*(1-$E$9)*(1+$E$11)","v":697.28},{"$f":"M989*F989","v":0},{"$f":"ROUND((M989*$B$2),2)","v":822.79},{"$f":"O989*F989","v":0}]
[null,"RAUTHERM S"]
[null,"RAUTHERM S",null,null,null,null,"Система регулирования HC BUS"]
["N","RAUTHERM S",null,null,12084611001,null,"Управляющий модуль HC BUS Manager",1,"шт",801.18,{"$f":"J992*$B$2","v":945.39239999999984},{"$f":"K992*F992","v":0},{"$f":"J992*(1-$E$5-$E$7)*(1-$E$9)*(1+$E$11)","v":801.18},{"$f":"M992*F992","v":0},{"$f":"ROUND((M992*$B$2),2)","v":945.39},{"$f":"O992*F992","v":0}]
["N","RAUTHERM S",null,null,12084621001,null,"Комнатный терминал HC BUS Room Unit",1,"шт",234.15,276.29699999999997,0,234.15,0,276.3,0]
["N","RAUTHERM S",null,null,12298671001,null,"Расширительный модуль HC BUS",1,"шт",280.19,330.62419999999997,0,280.19,0,330.62,0]
["N","RAUTHERM S",null,null,13038891001,null,"Web-карта HC BUS",1,"шт",867.17,1023.2606,0,867.17,0,1023.26,0]
[null,"RAUTHERM S",null,null,12279971001,null,"Дисплей D-HC",1,"шт",459.97,542.76459999999997,0,459.97,0,542.76,0]
[null,"RAUTHERM S",null,null,12280871001,null,"Датчик влажности HT-HC",1,"шт",294.23,347.19139999999999,0,294.23,0,347.19,0]
[null,"RAUTHERM S",null,null,12280971001,null,"Датчик температуры помещения RT-HC",1,"шт",87.78,103.5804,0,87.78,0,103.58,0]
[null,"RAUTHERM S",null,null,12280471001,null,"Датчик температуры наружнего воздуха AT-HC",1,"шт",105.69,124.71419999999999,0,105.69,0,124.71,0]
[null,"RAUTHERM S",null,null,12280171001,null,"Набор датчиков S-HC",1,"шт",463.89,547.39019999999994,0,463.89,0,547.39,0]
["N","RAUTHERM S",null,null,12085341001,null,"Датчик температуры воды в под./обр. магистрали FRTC-HC, накладной",1,"шт",42.49,50.138199999999998,0,42.49,0,50.14,0]
[null,"RAUTHERM S",null,null,12280571001,null,"Датчики температуры воды в под. Магистрали FRT-HC",1,"шт",20,23.599999999999998,0,20,0,23.6,0]
[null,"RAUTHERM S",null,null,12280671001,null,"Датчик температуры пола FT-HC",1,"шт",23.2,27.375999999999998,0,23.2,0,27.38,0]
[null,"RAUTHERM S",null,null,12280771001,null,"Погружная гильза IS-HC",1,"шт",38.24,45.123199999999997,0,38.24,0,45.12,0]
["D","RAUTHERM S",null,null,12279771001,null,"Модуль  MM-HC",1,"шт",1434.51,1692.7217999999998,0,1434.51,0,1692.72,0]
["D","RAUTHERM S",null,null,12298671001,null,"Главная распределительная колодка MEM-HC",1,"шт",304.12,358.86160000000001,0,304.12,0,358.86,0]
["D","RAUTHERM S",null,null,12279871001,null,"Управляемый модуль SL-HC",1,"шт",992.95,1171.681,0,992.95,0,1171.68,0]
["D","RAUTHERM S",null,null,12280271001,null,"Базовый модуль BM-HC",1,"шт",978.89,1155.0901999999999,0,978.89,0,1155.0899999999999,0]
["D","RAUTHERM S",null,null,12280371001,null,"Дополнительный базовый модуль BEM-HC",1,"шт",325.83,384.47939999999994,0,325.83,0,384.48,0]
["D","RAUTHERM S",null,null,12690241003,null,"Трансформатор 24 В",1,"шт",57.5,67.849999999999994,0,57.5,0,67.849999999999994,0]
[null,"RAUTHERM S","x",12690241003,13152981001,null,"Тороидальный трансформатор, 24 В",1,"шт",57.5,67.849999999999994,0,57.5,0,67.849999999999994,0]
[null,"RAUTHERM S","x",null,12179161001,null,"Сервопривод UNI на 24 В",1,"шт",31.21,36.827799999999996,0,31.21,0,36.83,0]
[null,"RAUTHERM S"]
[null,"RAUTHERM S",null,null,12492871001,null,"Контроллер точки росы TPW",1,"шт",192.53,{"$f":"J1014*$B$2","v":227.18539999999999},{"$f":"K1014*F1014","v":0},{"$f":"J1014*(1-$E$5-$E$7)*(1-$E$9)*(1+$E$11)","v":192.53},{"$f":"M1014*F1014","v":0},{"$f":"ROUND((M1014*$B$2),2)","v":227.19},{"$f":"O1014*F1014","v":0}]
[null,"RAUTHERM S"]
[null,"RAUTHERM S",null,null,12442101001,null,"Проходной вентиль DV 20 с приводом (24В) ",1,"шт",114.47,{"$f":"J1016*$B$2","v":135.0746},{"$f":"K1016*F1016","v":0},{"$f":"J1016*(1-$E$5-$E$7)*(1-$E$9)*(1+$E$11)","v":114.47},{"$f":"M1016*F1016","v":0},{"$f":"ROUND((M1016*$B$2),2)","v":135.07},{"$f":"O1016*F1016","v":0}]
[null,"RAUTHERM S",null,null,12442201001,null,"Проходной вентиль DV 25 с приводом (24В) ",1,"шт",137.38,{"$f":"J1017*$B$2","v":162.10839999999999},{"$f":"K1017*F1017","v":0},{"$f":"J1017*(1-$E$5-$E$7)*(1-$E$9)*(1+$E$11)","v":137.38},{"$f":"M1017*F1017","v":0},{"$f":"ROUND((M1017*$B$2),2)","v":162.11000000000001},{"$f":"O1017*F1017","v":0}]
[null,"RAUTHERM S",null,null,12442301001,null,"Проходной вентиль DV 32 с приводом (24В) ",1,"шт",239.36,{"$f":"J1018*$B$2","v":282.44479999999999},{"$f":"K1018*F1018","v":0},{"$f":"J1018*(1-$E$5-$E$7)*(1-$E$9)*(1+$E$11)","v":239.36},{"$f":"M1018*F1018","v":0},{"$f":"ROUND((M1018*$B$2),2)","v":282.44},{"$f":"O1018*F1018","v":0}]
[null,"RAUTHERM S"]
[null,"RAUTHERM S",null,null,12442401001,null,"Трехходовой вентиль MV 15 с приводом (24В) ",1,"шт",305.97000000000003,{"$f":"J1020*$B$2","v":361.0446},{"$f":"K1020*F1020","v":0},{"$f":"J1020*(1-$E$5-$E$7)*(1-$E$9)*(1+$E$11)","v":305.97000000000003},{"$f":"M1020*F1020","v":0},{"$f":"ROUND((M1020*$B$2),2)","v":361.04},{"$f":"O1020*F1020","v":0}]
[null,"RAUTHERM S",null,null,12442501001,null,"Трехходовой вентиль MV 20 с приводом (24В) ",1,"шт",333.03,{"$f":"J1021*$B$2","v":392.97539999999992},{"$f":"K1021*F1021","v":0},{"$f":"J1021*(1-$E$5-$E$7)*(1-$E$9)*(1+$E$11)","v":333.03},{"$f":"M1021*F1021","v":0},{"$f":"ROUND((M1021*$B$2),2)","v":392.98},{"$f":"O1021*F1021","v":0}]
[null,"RAUTHERM S",null,null,12442601001,null,"Трехходовой вентиль MV 25 с приводом (24В) ",1,"шт",431.9,{"$f":"J1022*$B$2","v":509.64199999999994},{"$f":"K1022*F1022","v":0},{"$f":"J1022*(1-$E$5-$E$7)*(1-$E$9)*(1+$E$11)","v":431.9},{"$f":"M1022*F1022","v":0},{"$f":"ROUND((M1022*$B$2),2)","v":509.64},{"$f":"O1022*F1022","v":0}]
[null,"RAUTHERM S"]
[null,"RAUTHERM S",null,null,null,null,"2.1.7 Единая система обогрева и охлаждения"]
[null,"RAUTHERM S",null,null,null,null,"\"Мокрый\" способ монтажа"]
["P","RAUTHERM S","x",null,11311281240,null,"Отопит.труба RAUTHERM S 10,1х1,1 мм, бухта 240 м ",240,"м",1.02,{"$f":"J1026*$B$2","v":1.2036},{"$f":"K1026*F1026","v":0},{"$f":"J1026*(1-$E$5-$E$7)*(1-$E$9)*(1+$E$11)","v":1.02},{"$f":"M1026*F1026","v":0},{"$f":"ROUND((M1026*$B$2),2)","v":1.2},{"$f":"O1026*F1026","v":0}]
["P","RAUTHERM S","x",null,11361401120,null,"Отопит.труба RAUTHERM S 17х2,0 мм, бухта 120 м ",120,"м",1.3,1.534,0,1.3,0,1.53,0]
["P","RAUTHERM S",null,null,11361401240,null,"Отопит.труба RAUTHERM S 17х2,0 мм, бухта 240 м ",240,"м",1.3,1.534,0,1.3,0,1.53,0]
[null,"RAUTHERM S","x",null,11361601120,null,"Отопит.труба RAUTHERM S 20х2,0 мм, бухта 120 м ",120,"м",2.09,2.4661999999999997,0,2.09,0,2.4700000000000002,0]
[null,"RAUTHERM S",null,null,11361601240,null,"Отопит.труба RAUTHERM S 20х2,0 мм, бухта 240 м ",240,"м",2.09,2.4661999999999997,0,2.09,0,2.4700000000000002,0]
[null,"RAUTHERM S","x",null,12005361001,null,"Надвижная гильза 10 x1,1",10,"шт",0.67,0.79059999999999997,0,0.67,0,0.79,0]
[null,"RAUTHERM S","x",null,12502971002,null,"Надвижная гильза 17x2,0",50,"шт",0.88,1.0384,0,0.88,0,1.04,0]
[null,"RAUTHERM S","x",null,12503071002,null,"Надвижная гильза 20x2,0 ",50,"шт",0.94,1.1092,0,0.94,0,1.1100000000000001,0]
[null,"RAUTHERM S","x",null,12005261001,null,"Муфта  соед. равнопроходн. 10x1,1",10,"шт",4.53,5.3453999999999997,0,4.53,0,5.35,0]
[null,"RAUTHERM S","x",null,12005331001,null,"Муфта соединительная переходная 17-10",10,"шт",7.24,8.5432000000000006,0,7.24,0,8.5399999999999991,0]
[null,"RAUTHERM S",null,null,12005341001,null,"Муфта соединительная переходная  20-10",10,"шт",7.24,8.5432000000000006,0,7.24,0,8.5399999999999991,0]
[null,"RAUTHERM S",null,null,12005431001,null,"Тройник 17x2,0 - 10,1x1,1 - 17x 2,0",5,"шт",6.39,7.5401999999999996,0,6.39,0,7.54,0]
[null,"RAUTHERM S",null,null,12005441001,null,"Тройник 20x2,0 - 10,1x1,1 - 20x2,0",5,"шт",6.39,7.5401999999999996,0,6.39,0,7.54,0]
[null,"RAUTHERM S",null,null,12005531001,null,"Переходник с накидной гайкой 10x1,5",10,"шт",7.81,9.2157999999999998,0,7.81,0,9.2200000000000006,0]
[null,"RAUTHERM S","x",null,12005461001,null,"Резьбозажимное соединение для подключ. трубы 10,1х1,1 мм",10,"шт",6.25,7.375,0,6.25,0,7.38,0]
[null,"RAUTHERM S"]
[null,"RAUTHERM S",null,null,null,null,"Настенные и потолочные панели для \"сухого\" способа монтажа"]
[null,"RAUTHERM S",null,null,12028601001,null,"Настенная панель 1000*625",1,"шт",60.97,{"$f":"J1043*$B$2","v":71.944599999999994},{"$f":"K1043*F1043","v":0},{"$f":"J1043*(1-$E$5-$E$7)*(1-$E$9)*(1+$E$11)","v":60.97},{"$f":"M1043*F1043","v":0},{"$f":"ROUND((M1043*$B$2),2)","v":71.94},{"$f":"O1043*F1043","v":0}]
[null,"RAUTHERM S",null,null,12028501001,null,"Настенная панель 2000*625",1,"шт",107.36,126.6848,0,107.36,0,126.68,0]
[null,"RAUTHERM S",null,null,12027701001,null,"Потолочная панель 2000*1250",1,"шт",235.55,277.94900000000001,0,235.55,0,277.95,0]
[null,"RAUTHERM S",null,null,12027801001,null,"Потолочная панель 1500*1250",1,"шт",191.74,226.25319999999999,0,191.74,0,226.25,0]
[null,"RAUTHERM S",null,null,12027901001,null,"Потолочная панель 1000*1250",1,"шт",131.47,155.13459999999998,0,131.47,0,155.13,0]
[null,"RAUTHERM S",null,null,12028001001,null,"Потолочная панель 500*1250",1,"шт",82.17,96.960599999999999,0,82.17,0,96.96,0]
[null,"RAUTHERM S"]
[null,"RAUTHERM S",null,null,null,null,"Система регулирования единой системы обогрева/охлаждения поверхностей HC"]
[null,"RAUTHERM S",null,null,12084611001,null,"Управляющий модуль HC BUS Manager",1,"шт",801.18,{"$f":"J1051*$B$2","v":945.39239999999984},{"$f":"K1051*F1051","v":0},{"$f":"J1051*(1-$E$5-$E$7)*(1-$E$9)*(1+$E$11)","v":801.18},{"$f":"M1051*F1051","v":0},{"$f":"ROUND((M1051*$B$2),2)","v":945.39},{"$f":"O1051*F1051","v":0}]
[null,"RAUTHERM S",null,null,12084621001,null,"Комнатный терминал HC BUS Room Unit",1,"шт",234.15,276.29699999999997,0,234.15,0,276.3,0]
[null,"RAUTHERM S",null,null,12298671001,null,"Расширительный модуль HC BUS",1,"шт",280.19,330.62419999999997,0,280.19,0,330.62,0]
[null,"RAUTHERM S",null,null,13038891001,null,"Web-карта HC BUS",1,"шт",867.17,1023.2606,0,867.17,0,1023.26,0]
[null,"RAUTHERM S",null,null,12279971001,null,"Дисплей D-HC",1,"шт",459.97,542.76459999999997,0,459.97,0,542.76,0]
[null,"RAUTHERM S",null,null,12280871001,null,"Датчик влажности HT-HC",1,"шт",294.23,347.19139999999999,0,294.23,0,347.19,0]
[null,"RAUTHERM S",null,null,12280971001,null,"Датчик температуры помещения RT-HC",1,"шт",87.78,103.5804,0,87.78,0,103.58,0]
[null,"RAUTHERM S",null,null,12280471001,null,"Датчик температуры наружнего воздуха AT-HC",1,"шт",105.69,124.71419999999999,0,105.69,0,124.71,0]
[null,"RAUTHERM S",null,null,12280171001,null,"Набор датчиков S-HC",1,"шт",463.89,547.39019999999994,0,463.89,0,547.39,0]
[null,"RAUTHERM S",null,null,12085341001,null,"Датчик температуры воды в под./обр. магистрали FRTC-HC, накладной",1,"шт",42.49,50.138199999999998,0,42.49,0,50.14,0]
[null,"RAUTHERM S",null,null,12280571001,null,"Датчики температуры воды в под. Магистрали FRT-HC",1,"шт",20,23.599999999999998,0,20,0,23.6,0]
[null,"RAUTHERM S",null,null,12280671001,null,"Датчик температуры пола FT-HC",1,"шт",23.2,27.375999999999998,0,23.2,0,27.38,0]
[null,"RAUTHERM S",null,null,12280771001,null,"Погружная гильза IS-HC",1,"шт",38.24,45.123199999999997,0,38.24,0,45.12,0]
["D","RAUTHERM S",null,null,12279771001,null,"Модуль  MM-HC",1,"шт",1434.51,1692.7217999999998,0,1434.51,0,1692.72,0]
["D","RAUTHERM S",null,null,12298671001,null,"Главная распределительная колодка MEM-HC",1,"шт",304.12,358.86160000000001,0,304.12,0,358.86,0]
["D","RAUTHERM S",null,null,12279871001,null,"Управляемый модуль SL-HC",1,"шт",992.95,1171.681,0,992.95,0,1171.68,0]
["D","RAUTHERM S",null,null,12280271001,null,"Базовый модуль BM-HC",1,"шт",978.89,1155.0901999999999,0,978.89,0,1155.0899999999999,0]
["D","RAUTHERM S",null,null,12280371001,null,"Дополнительный базовый модуль BEM-HC",1,"шт",325.83,384.47939999999994,0,325.83,0,384.48,0]
["P","RAUTHERM S","x",null,12690241003,null,"Трансформатор 24 В",1,"шт",57.5,67.849999999999994,0,57.5,0,67.849999999999994,0]
[null,"RAUTHERM S","x",null,12179161001,null,"Сервопривод UNI на 24 В",1,"шт",31.21,36.827799999999996,0,31.21,0,36.83,0]
[null,"RAUTHERM S"]
[null,"RAUTHERM S",null,null,12492871001,null,"Контроллер точки росы TPW",1,"шт",192.53,{"$f":"J1072*$B$2","v":227.18539999999999},{"$f":"K1072*F1072","v":0},{"$f":"J1072*(1-$E$5-$E$7)*(1-$E$9)*(1+$E$11)","v":192.53},{"$f":"M1072*F1072","v":0},{"$f":"ROUND((M1072*$B$2),2)","v":227.19},{"$f":"O1072*F1072","v":0}]
[null,"RAUTHERM S"]
[null,"RAUTHERM S",null,null,12442101001,null,"Проходной вентиль DV 20 с приводом (24В) ",1,"шт",114.47,{"$f":"J1074*$B$2","v":135.0746},{"$f":"K1074*F1074","v":0},{"$f":"J1074*(1-$E$5-$E$7)*(1-$E$9)*(1+$E$11)","v":114.47},{"$f":"M1074*F1074","v":0},{"$f":"ROUND((M1074*$B$2),2)","v":135.07},{"$f":"O1074*F1074","v":0}]
[null,"RAUTHERM S",null,null,12442201001,null,"Проходной вентиль DV 25 с приводом (24В) ",1,"шт",137.38,{"$f":"J1075*$B$2","v":162.10839999999999},{"$f":"K1075*F1075","v":0},{"$f":"J1075*(1-$E$5-$E$7)*(1-$E$9)*(1+$E$11)","v":137.38},{"$f":"M1075*F1075","v":0},{"$f":"ROUND((M1075*$B$2),2)","v":162.11000000000001},{"$f":"O1075*F1075","v":0}]
[null,"RAUTHERM S",null,null,12442301001,null,"Проходной вентиль DV 32 с приводом (24В) ",1,"шт",239.36,{"$f":"J1076*$B$2","v":282.44479999999999},{"$f":"K1076*F1076","v":0},{"$f":"J1076*(1-$E$5-$E$7)*(1-$E$9)*(1+$E$11)","v":239.36},{"$f":"M1076*F1076","v":0},{"$f":"ROUND((M1076*$B$2),2)","v":282.44},{"$f":"O1076*F1076","v":0}]
[null,"RAUTHERM S"]
[null,"RAUTHERM S",null,null,12442401001,null,"Трехходовой вентиль MV 15 с приводом (24В) ",1,"шт",305.97000000000003,{"$f":"J1078*$B$2","v":361.0446},{"$f":"K1078*F1078","v":0},{"$f":"J1078*(1-$E$5-$E$7)*(1-$E$9)*(1+$E$11)","v":305.97000000000003},{"$f":"M1078*F1078","v":0},{"$f":"ROUND((M1078*$B$2),2)","v":361.04},{"$f":"O1078*F1078","v":0}]
[null,"RAUTHERM S",null,null,12442501001,null,"Трехходовой вентиль MV 20 с приводом (24В) ",1,"шт",333.03,{"$f":"J1079*$B$2","v":392.97539999999992},{"$f":"K1079*F1079","v":0},{"$f":"J1079*(1-$E$5-$E$7)*(1-$E$9)*(1+$E$11)","v":333.03},{"$f":"M1079*F1079","v":0},{"$f":"ROUND((M1079*$B$2),2)","v":392.98},{"$f":"O1079*F1079","v":0}]
[null,"RAUTHERM S",null,null,12442601001,null,"Трехходовой вентиль MV 25 с приводом (24В) ",1,"шт",431.9,{"$f":"J1080*$B$2","v":509.64199999999994},{"$f":"K1080*F1080","v":0},{"$f":"J1080*(1-$E$5-$E$7)*(1-$E$9)*(1+$E$11)","v":431.9},{"$f":"M1080*F1080","v":0},{"$f":"ROUND((M1080*$B$2),2)","v":509.64},{"$f":"O1080*F1080","v":0}]
[null,"RAUTHERM S"]
[null,"RAUTHERM S",null,null,null,null,"Инструмент"]
[null,"RAUTHERM S",null,null,12283961001,null,"Механический инструмент RAUTOOL K 10",1,"шт",143.30000000000001,{"$f":"J1083*$B$2","v":169.09399999999999},{"$f":"K1083*F1083","v":0},{"$f":"J1083*(1-$E$5-$E$7)*(1-$E$9)*(1+$E$11)","v":143.30000000000001},{"$f":"M1083*F1083","v":0},{"$f":"ROUND((M1083*$B$2),2)","v":169.09},{"$f":"O1083*F1083","v":0}]
[null,"RAUTHERM S"]
[null,"RAUTHERM S",null,null,null,null,"2.1.8 Инструменты и принадлежности"]
[null,"RAUTHERM S",null,null,12861511002,null,"Барабан с горизонт. раскручиванием труб для \"холодной\" укладки ",1,"шт",608.80999999999995,{"$f":"J1086*$B$2","v":718.39579999999989},{"$f":"K1086*F1086","v":0},{"$f":"J1086*(1-$E$5-$E$7)*(1-$E$9)*(1+$E$11)","v":608.80999999999995},{"$f":"M1086*F1086","v":0},{"$f":"ROUND((M1086*$B$2),2)","v":718.4},{"$f":"O1086*F1086","v":0}]
[null,"RAUTHERM S",null,null,12601081001,null,"Барабан с вертикал. раскручиванием труб для \"теплой\" укладки",1,"шт",712.88,{"$f":"J1087*$B$2","v":841.19839999999999},{"$f":"K1087*F1087","v":0},{"$f":"J1087*(1-$E$5-$E$7)*(1-$E$9)*(1+$E$11)","v":712.88},{"$f":"M1087*F1087","v":0},{"$f":"ROUND((M1087*$B$2),2)","v":841.2},{"$f":"O1087*F1087","v":0}]
["N","RAUTHERM S",null,null,11040271001,null,"Дверной распор для укладки труб",1,"шт",340.2,{"$f":"J1088*$B$2","v":401.43599999999998},{"$f":"K1088*F1088","v":0},{"$f":"J1088*(1-$E$5-$E$7)*(1-$E$9)*(1+$E$11)","v":340.2},{"$f":"M1088*F1088","v":0},{"$f":"ROUND((M1088*$B$2),2)","v":401.44},{"$f":"O1088*F1088","v":0}]
[]
[null,"RAUTHERM S",null,null,null,null,"2.2 Системы для обогрева/охлаждения поверхностей для случаев особого применения "]
[null,"RAUTHERM S",null,null,null,null,"2.2.1  Система подогрева и охлаждения ядра бетонных перекрытий"]
[null,"RAUTHERM S",null,null,null,null,"Комроненты системы"]
["P","RAUTHERM S","x",null,11361401120,null,"Отопит.труба RAUTHERM-S 17х2 мм, бухта 120 м",120,"м",1.3,{"$f":"J1093*$B$2","v":1.534},{"$f":"K1093*F1093","v":0},{"$f":"J1093*(1-$E$5-$E$7)*(1-$E$9)*(1+$E$11)","v":1.3},{"$f":"M1093*F1093","v":0},{"$f":"ROUND((M1093*$B$2),2)","v":1.53},{"$f":"O1093*F1093","v":0}]
["P","RAUTHERM S",null,null,11361401240,null,"Отопит.труба RAUTHERM-S 17х2 мм, бухта 240 м",240,"м",1.3,{"$f":"J1094*$B$2","v":1.534},{"$f":"K1094*F1094","v":0},{"$f":"J1094*(1-$E$5-$E$7)*(1-$E$9)*(1+$E$11)","v":1.3},{"$f":"M1094*F1094","v":0},{"$f":"ROUND((M1094*$B$2),2)","v":1.53},{"$f":"O1094*F1094","v":0}]
["P","RAUTHERM S",null,null,11361401500,null,"Отопит.труба RAUTHERM-S 17х2 мм, бухта 500 м",500,"м",1.2,{"$f":"J1095*$B$2","v":1.4159999999999999},{"$f":"K1095*F1095","v":0},{"$f":"J1095*(1-$E$5-$E$7)*(1-$E$9)*(1+$E$11)","v":1.2},{"$f":"M1095*F1095","v":0},{"$f":"ROUND((M1095*$B$2),2)","v":1.42},{"$f":"O1095*F1095","v":0}]
[null,"RAUTHERM S",null,null,11361601120,null,"Отопит.труба RAUTHERM-S 20х2 мм, бухта 120 м",120,"м",1.8,{"$f":"J1096*$B$2","v":2.1240000000000001},{"$f":"K1096*F1096","v":0},{"$f":"J1096*(1-$E$5-$E$7)*(1-$E$9)*(1+$E$11)","v":1.8},{"$f":"M1096*F1096","v":0},{"$f":"ROUND((M1096*$B$2),2)","v":2.12},{"$f":"O1096*F1096","v":0}]
[null,"RAUTHERM S",null,null,11361601240,null,"Отопит.труба RAUTHERM-S 20х2 мм, бухта 240 м",240,"м",1.8,{"$f":"J1097*$B$2","v":2.1240000000000001},{"$f":"K1097*F1097","v":0},{"$f":"J1097*(1-$E$5-$E$7)*(1-$E$9)*(1+$E$11)","v":1.8},{"$f":"M1097*F1097","v":0},{"$f":"ROUND((M1097*$B$2),2)","v":2.12},{"$f":"O1097*F1097","v":0}]
[null,"RAUTHERM S"]
[null,"RAUTHERM S",null,null,12465991001,null,"Опалубочный футляр",30,"шт",5.73,{"$f":"J1099*$B$2","v":6.7614000000000001},{"$f":"K1099*F1099","v":0},{"$f":"J1099*(1-$E$5-$E$7)*(1-$E$9)*(1+$E$11)","v":5.73},{"$f":"M1099*F1099","v":0},{"$f":"ROUND((M1099*$B$2),2)","v":6.76},{"$f":"O1099*F1099","v":0}]
[null,"RAUTHERM S"]
[null,"RAUTHERM S",null,null,12468991001,null,"Проволочн. обвязка для соед. сетки (цена за 100 шт.)",100,"шт",2.95,{"$f":"J1101*$B$2","v":3.4809999999999999},{"$f":"K1101*F1101","v":0},{"$f":"J1101*(1-$E$5-$E$7)*(1-$E$9)*(1+$E$11)","v":2.95},{"$f":"M1101*F1101","v":0},{"$f":"ROUND((M1101*$B$2),2)","v":3.48},{"$f":"O1101*F1101","v":0}]
[null,"RAUTHERM S"]
[null,"RAUTHERM S",null,null,12573041003,null,"Приспособл. для закрутки проволочн. обвязки",1,"шт",28.42,{"$f":"J1103*$B$2","v":33.535600000000002},{"$f":"K1103*F1103","v":0},{"$f":"J1103*(1-$E$5-$E$7)*(1-$E$9)*(1+$E$11)","v":28.42},{"$f":"M1103*F1103","v":0},{"$f":"ROUND((M1103*$B$2),2)","v":33.54},{"$f":"O1103*F1103","v":0}]
[null,"RAUTHERM S"]
[null,"RAUTHERM S","x",null,17244481100,null,"Ремешок для обвязки (цена за 100 шт.)",100,"шт",5.15,{"$f":"J1105*$B$2","v":6.077},{"$f":"K1105*F1105","v":0},{"$f":"J1105*(1-$E$5-$E$7)*(1-$E$9)*(1+$E$11)","v":5.15},{"$f":"M1105*F1105","v":0},{"$f":"ROUND((M1105*$B$2),2)","v":6.08},{"$f":"O1105*F1105","v":0}]
[null,"RAUTHERM S"]
[null,"RAUTHERM S",null,null,11371401050,null,"Гофротруба защитная для трубы  16x2,2/17х2,0 мм ",50,"м",0.74,{"$f":"J1107*$B$2","v":0.87319999999999998},{"$f":"K1107*F1107","v":0},{"$f":"J1107*(1-$E$5-$E$7)*(1-$E$9)*(1+$E$11)","v":0.74},{"$f":"M1107*F1107","v":0},{"$f":"ROUND((M1107*$B$2),2)","v":0.87},{"$f":"O1107*F1107","v":0}]
[null,"RAUTHERM S",null,null,11371501050,null,"Гофротруба защитная для трубы  20х2,0 мм ",50,"м",0.83,{"$f":"J1108*$B$2","v":0.97939999999999994},{"$f":"K1108*F1108","v":0},{"$f":"J1108*(1-$E$5-$E$7)*(1-$E$9)*(1+$E$11)","v":0.83},{"$f":"M1108*F1108","v":0},{"$f":"ROUND((M1108*$B$2),2)","v":0.98},{"$f":"O1108*F1108","v":0}]
[null,"RAUTHERM S"]
[null,"RAUTHERM S",null,null,12496471001,null,"Быстрый разъем с запорным устройством для сжатого воздуха 17x2,0",10,"шт",10.4,{"$f":"J1110*$B$2","v":12.272},{"$f":"K1110*F1110","v":0},{"$f":"J1110*(1-$E$5-$E$7)*(1-$E$9)*(1+$E$11)","v":10.4},{"$f":"M1110*F1110","v":0},{"$f":"ROUND((M1110*$B$2),2)","v":12.27},{"$f":"O1110*F1110","v":0}]
[null,"RAUTHERM S",null,null,12496571001,null,"Быстрый разъем с запорным устройством для сжатого воздуха 20x2,0",10,"шт",10.4,{"$f":"J1111*$B$2","v":12.272},{"$f":"K1111*F1111","v":0},{"$f":"J1111*(1-$E$5-$E$7)*(1-$E$9)*(1+$E$11)","v":10.4},{"$f":"M1111*F1111","v":0},{"$f":"ROUND((M1111*$B$2),2)","v":12.27},{"$f":"O1111*F1111","v":0}]
[null,"RAUTHERM S"]
[null,"RAUTHERM S",null,null,12316811001,null,"Заглушка для пластмасс. трубы 17x2,0",10,"шт",6.56,{"$f":"J1113*$B$2","v":7.7407999999999992},{"$f":"K1113*F1113","v":0},{"$f":"J1113*(1-$E$5-$E$7)*(1-$E$9)*(1+$E$11)","v":6.56},{"$f":"M1113*F1113","v":0},{"$f":"ROUND((M1113*$B$2),2)","v":7.74},{"$f":"O1113*F1113","v":0}]
[null,"RAUTHERM S",null,null,12316911001,null,"Заглушка для пластмасс. трубы 20x2,0",10,"шт",6.56,{"$f":"J1114*$B$2","v":7.7407999999999992},{"$f":"K1114*F1114","v":0},{"$f":"J1114*(1-$E$5-$E$7)*(1-$E$9)*(1+$E$11)","v":6.56},{"$f":"M1114*F1114","v":0},{"$f":"ROUND((M1114*$B$2),2)","v":7.74},{"$f":"O1114*F1114","v":0}]
[null,"RAUTHERM S"]
[null,"RAUTHERM S",null,null,12468891001,null,"Нипельный разъем для сжатого воздуха 17",1,"шт",5.31,{"$f":"J1116*$B$2","v":6.2657999999999996},{"$f":"K1116*F1116","v":0},{"$f":"J1116*(1-$E$5-$E$7)*(1-$E$9)*(1+$E$11)","v":5.31},{"$f":"M1116*F1116","v":0},{"$f":"ROUND((M1116*$B$2),2)","v":6.27},{"$f":"O1116*F1116","v":0}]
[null,"RAUTHERM S"]
[null,"RAUTHERM S","x",null,12502971002,null,"Надвижная гильза 17x2,0",50,"шт",0.88,{"$f":"J1118*$B$2","v":1.0384},{"$f":"K1118*F1118","v":0},{"$f":"J1118*(1-$E$5-$E$7)*(1-$E$9)*(1+$E$11)","v":0.88},{"$f":"M1118*F1118","v":0},{"$f":"ROUND((M1118*$B$2),2)","v":1.04},{"$f":"O1118*F1118","v":0}]
[null,"RAUTHERM S",null,null,12503071002,null,"Надвижная гильза 20x2,0",50,"шт",0.94,{"$f":"J1119*$B$2","v":1.1092},{"$f":"K1119*F1119","v":0},{"$f":"J1119*(1-$E$5-$E$7)*(1-$E$9)*(1+$E$11)","v":0.94},{"$f":"M1119*F1119","v":0},{"$f":"ROUND((M1119*$B$2),2)","v":1.1100000000000001},{"$f":"O1119*F1119","v":0}]
[null,"RAUTHERM S"]
[null,"RAUTHERM S","x",null,12502771002,null,"Муфта  соед. равнопроходн. 17x2,0",10,"шт",4.9000000000000004,{"$f":"J1121*$B$2","v":5.782},{"$f":"K1121*F1121","v":0},{"$f":"J1121*(1-$E$5-$E$7)*(1-$E$9)*(1+$E$11)","v":4.9000000000000004},{"$f":"M1121*F1121","v":0},{"$f":"ROUND((M1121*$B$2),2)","v":5.78},{"$f":"O1121*F1121","v":0}]
[null,"RAUTHERM S",null,null,12503171002,null,"Муфта  соед. равнопроходн. 20x2,0",10,"шт",5.82,{"$f":"J1122*$B$2","v":6.8676000000000004},{"$f":"K1122*F1122","v":0},{"$f":"J1122*(1-$E$5-$E$7)*(1-$E$9)*(1+$E$11)","v":5.82},{"$f":"M1122*F1122","v":0},{"$f":"ROUND((M1122*$B$2),2)","v":6.87},{"$f":"O1122*F1122","v":0}]
[null,"RAUTHERM S"]
[null,"RAUTHERM S",null,null,12468691001,null,"Защитная лента BKT  длина 30м ширина 0,5м",1,"шт",11.45,{"$f":"J1124*$B$2","v":13.510999999999999},{"$f":"K1124*F1124","v":0},{"$f":"J1124*(1-$E$5-$E$7)*(1-$E$9)*(1+$E$11)","v":11.45},{"$f":"M1124*F1124","v":0},{"$f":"ROUND((M1124*$B$2),2)","v":13.51},{"$f":"O1124*F1124","v":0}]
[null,"RAUTHERM S"]
[null,"RAUTHERM S",null,null,null,null,"2.2.2  Напольное отопление для промышленных зданий"]
[null,"RAUTHERM S",null,null,null,null," Напольное отопление для промышленных зданий в армированном бетоне"]
[null,"RAUTHERM S"]
[null,"RAUTHERM S",null,null,null,null," Напольное отопление для промышленных зданий в сталефибробетоне"]
[null,"RAUTHERM S"]
[null,"RAUTHERM S",null,null,null,null,"Общие Компоненты системы"]
[null,"RAUTHERM S",null,null,11361601120,null,"Отопит.труба RAUTHERM-S 20х2,0 мм, бухта 120 м ",120,"м",1.8,{"$f":"J1132*$B$2","v":2.1240000000000001},{"$f":"K1132*F1132","v":0},{"$f":"J1132*(1-$E$5-$E$7)*(1-$E$9)*(1+$E$11)","v":1.8},{"$f":"M1132*F1132","v":0},{"$f":"ROUND((M1132*$B$2),2)","v":2.12},{"$f":"O1132*F1132","v":0}]
[null,"RAUTHERM S",null,null,11361601240,null,"Отопит.труба RAUTHERM-S 20х2,0 мм, бухта 240 м ",240,"м",1.8,{"$f":"J1133*$B$2","v":2.1240000000000001},{"$f":"K1133*F1133","v":0},{"$f":"J1133*(1-$E$5-$E$7)*(1-$E$9)*(1+$E$11)","v":1.8},{"$f":"M1133*F1133","v":0},{"$f":"ROUND((M1133*$B$2),2)","v":2.12},{"$f":"O1133*F1133","v":0}]
[null,"RAUTHERM S",null,null,11367701120,null,"Отопит.труба RAUTHERM-S 25х2,3 мм, бухта 120 м ",120,"м",2.74,{"$f":"J1134*$B$2","v":3.2332000000000001},{"$f":"K1134*F1134","v":0},{"$f":"J1134*(1-$E$5-$E$7)*(1-$E$9)*(1+$E$11)","v":2.74},{"$f":"M1134*F1134","v":0},{"$f":"ROUND((M1134*$B$2),2)","v":3.23},{"$f":"O1134*F1134","v":0}]
[null,"RAUTHERM S"]
[null,"RAUTHERM S",null,null,12393431001,null,"Направляющая для трубы 90° 20",25,"шт",1.51,{"$f":"J1136*$B$2","v":1.7817999999999998},{"$f":"K1136*F1136","v":0},{"$f":"J1136*(1-$E$5-$E$7)*(1-$E$9)*(1+$E$11)","v":1.51},{"$f":"M1136*F1136","v":0},{"$f":"ROUND((M1136*$B$2),2)","v":1.78},{"$f":"O1136*F1136","v":0}]
[null,"RAUTHERM S",null,null,12391931001,null,"Направляющая для трубы 90° 25",25,"шт",2.5499999999999998,{"$f":"J1137*$B$2","v":3.0089999999999995},{"$f":"K1137*F1137","v":0},{"$f":"J1137*(1-$E$5-$E$7)*(1-$E$9)*(1+$E$11)","v":2.5499999999999998},{"$f":"M1137*F1137","v":0},{"$f":"ROUND((M1137*$B$2),2)","v":3.01},{"$f":"O1137*F1137","v":0}]
[null,"RAUTHERM S",null,null,11371501050,null,"Гофротруба защитн. для трубы  20х2,0 мм ",50,"м",0.83,{"$f":"J1138*$B$2","v":0.97939999999999994},{"$f":"K1138*F1138","v":0},{"$f":"J1138*(1-$E$5-$E$7)*(1-$E$9)*(1+$E$11)","v":0.83},{"$f":"M1138*F1138","v":0},{"$f":"ROUND((M1138*$B$2),2)","v":0.98},{"$f":"O1138*F1138","v":0}]
[null,"RAUTHERM S",null,null,11371601025,null,"Гофротруба защитн. для трубы  25х2,3 мм ",25,"м",1.0900000000000001,{"$f":"J1139*$B$2","v":1.2862},{"$f":"K1139*F1139","v":0},{"$f":"J1139*(1-$E$5-$E$7)*(1-$E$9)*(1+$E$11)","v":1.0900000000000001},{"$f":"M1139*F1139","v":0},{"$f":"ROUND((M1139*$B$2),2)","v":1.29},{"$f":"O1139*F1139","v":0}]
[null,"RAUTHERM S",null,null,12442481002,null,"Шина RAUFIX 16 / 17 /20 мм",10,"м",3.02,{"$f":"J1140*$B$2","v":3.5635999999999997},{"$f":"K1140*F1140","v":0},{"$f":"J1140*(1-$E$5-$E$7)*(1-$E$9)*(1+$E$11)","v":3.02},{"$f":"M1140*F1140","v":0},{"$f":"ROUND((M1140*$B$2),2)","v":3.56},{"$f":"O1140*F1140","v":0}]
[null,"RAUTHERM S"]
[null,"RAUTHERM S",null,null,12662101001,null,"Фиксирующая шина Railfix для трубы 25 х 2,3",512,"м",6.13,{"$f":"J1142*$B$2","v":7.2333999999999996},{"$f":"K1142*F1142","v":0},{"$f":"J1142*(1-$E$5-$E$7)*(1-$E$9)*(1+$E$11)","v":6.13},{"$f":"M1142*F1142","v":0},{"$f":"ROUND((M1142*$B$2),2)","v":7.23},{"$f":"O1142*F1142","v":0}]
[null,"RAUTHERM S",null,null,12503071002,null,"Надвижная гильза 20 ",50,"шт",0.94,{"$f":"J1143*$B$2","v":1.1092},{"$f":"K1143*F1143","v":0},{"$f":"J1143*(1-$E$5-$E$7)*(1-$E$9)*(1+$E$11)","v":0.94},{"$f":"M1143*F1143","v":0},{"$f":"ROUND((M1143*$B$2),2)","v":1.1100000000000001},{"$f":"O1143*F1143","v":0}]
[null,"RAUTHERM S",null,null,12591971002,null,"Надвижная гильза 25 ",50,"шт",1.46,{"$f":"J1144*$B$2","v":1.7227999999999999},{"$f":"K1144*F1144","v":0},{"$f":"J1144*(1-$E$5-$E$7)*(1-$E$9)*(1+$E$11)","v":1.46},{"$f":"M1144*F1144","v":0},{"$f":"ROUND((M1144*$B$2),2)","v":1.72},{"$f":"O1144*F1144","v":0}]
[null,"RAUTHERM S",null,null,12503171002,null,"Муфта  соед. равнопроходн. 20x2,0",10,"шт",5.82,{"$f":"J1145*$B$2","v":6.8676000000000004},{"$f":"K1145*F1145","v":0},{"$f":"J1145*(1-$E$5-$E$7)*(1-$E$9)*(1+$E$11)","v":5.82},{"$f":"M1145*F1145","v":0},{"$f":"ROUND((M1145*$B$2),2)","v":6.87},{"$f":"O1145*F1145","v":0}]
[null,"RAUTHERM S",null,null,12591871002,null,"Муфта  соед. равнопроходн. 25x2,3",5,"шт",7.29,{"$f":"J1146*$B$2","v":8.6021999999999998},{"$f":"K1146*F1146","v":0},{"$f":"J1146*(1-$E$5-$E$7)*(1-$E$9)*(1+$E$11)","v":7.29},{"$f":"M1146*F1146","v":0},{"$f":"ROUND((M1146*$B$2),2)","v":8.6},{"$f":"O1146*F1146","v":0}]
[null,"RAUTHERM S"]
[null,"RAUTHERM S",null,null,null,null,"2.2.3  Амортизирующие полы в спортзалах"]
[null,"RAUTHERM S",null,null,null,null," Амортизирующие полы с промышленным распределительным коллектором"]
[null,"RAUTHERM S"]
[null,"RAUTHERM S",null,null,null,null," Амортизирующие полы с напольным распределительным коллектором для спортзалов"]
[null,"RAUTHERM S"]
[null,"RAUTHERM S",null,null,null,null,"Общие Компоненты системы"]
[null,"RAUTHERM S",null,null,11361601120,null,"Отопит.труба RAUTHERM-S 20х2,0 мм, бухта 120 м ",120,"м",1.8,{"$f":"J1154*$B$2","v":2.1240000000000001},{"$f":"K1154*F1154","v":0},{"$f":"J1154*(1-$E$5-$E$7)*(1-$E$9)*(1+$E$11)","v":1.8},{"$f":"M1154*F1154","v":0},{"$f":"ROUND((M1154*$B$2),2)","v":2.12},{"$f":"O1154*F1154","v":0}]
[null,"RAUTHERM S",null,null,11361601240,null,"Отопит.труба RAUTHERM-S 20х2,0 мм, бухта 240 м ",240,"м",1.8,{"$f":"J1155*$B$2","v":2.1240000000000001},{"$f":"K1155*F1155","v":0},{"$f":"J1155*(1-$E$5-$E$7)*(1-$E$9)*(1+$E$11)","v":1.8},{"$f":"M1155*F1155","v":0},{"$f":"ROUND((M1155*$B$2),2)","v":2.12},{"$f":"O1155*F1155","v":0}]
[null,"RAUTHERM S",null,null,11367701120,null,"Отопит.труба RAUTHERM-S 25х2,3 мм, бухта 120 м ",120,"м",2.74,{"$f":"J1156*$B$2","v":3.2332000000000001},{"$f":"K1156*F1156","v":0},{"$f":"J1156*(1-$E$5-$E$7)*(1-$E$9)*(1+$E$11)","v":2.74},{"$f":"M1156*F1156","v":0},{"$f":"ROUND((M1156*$B$2),2)","v":3.23},{"$f":"O1156*F1156","v":0}]
[null,"RAUTHERM S",null,null,11367701300,null,"Отопит.труба RAUTHERM-S 25х2,3 мм, бухта 300 м ",300,"м",2.74,{"$f":"J1157*$B$2","v":3.2332000000000001},{"$f":"K1157*F1157","v":0},{"$f":"J1157*(1-$E$5-$E$7)*(1-$E$9)*(1+$E$11)","v":2.74},{"$f":"M1157*F1157","v":0},{"$f":"ROUND((M1157*$B$2),2)","v":3.23},{"$f":"O1157*F1157","v":0}]
[null,"RAUTHERM S"]
[null,"RAUTHERM S",null,null,11371501050,null,"Гофротруба защитн. для трубы  20х2,0 мм ",50,"м",0.83,{"$f":"J1159*$B$2","v":0.97939999999999994},{"$f":"K1159*F1159","v":0},{"$f":"J1159*(1-$E$5-$E$7)*(1-$E$9)*(1+$E$11)","v":0.83},{"$f":"M1159*F1159","v":0},{"$f":"ROUND((M1159*$B$2),2)","v":0.98},{"$f":"O1159*F1159","v":0}]
[null,"RAUTHERM S",null,null,11371601025,null,"Гофротруба защитн. для трубы  25х2,3 мм ",25,"м",1.0900000000000001,{"$f":"J1160*$B$2","v":1.2862},{"$f":"K1160*F1160","v":0},{"$f":"J1160*(1-$E$5-$E$7)*(1-$E$9)*(1+$E$11)","v":1.0900000000000001},{"$f":"M1160*F1160","v":0},{"$f":"ROUND((M1160*$B$2),2)","v":1.29},{"$f":"O1160*F1160","v":0}]
[null,"RAUTHERM S",null,null,12442481002,null,"Шина Raufix 16 / 17 /20 мм",10,"м",3.02,{"$f":"J1161*$B$2","v":3.5635999999999997},{"$f":"K1161*F1161","v":0},{"$f":"J1161*(1-$E$5-$E$7)*(1-$E$9)*(1+$E$11)","v":3.02},{"$f":"M1161*F1161","v":0},{"$f":"ROUND((M1161*$B$2),2)","v":3.56},{"$f":"O1161*F1161","v":0}]
[null,"RAUTHERM S"]
[null,"RAUTHERM S",null,null,12662101001,null,"Фиксирующая шина Railfix для трубы 25 х 2,3",512,"м",6.13,{"$f":"J1163*$B$2","v":7.2333999999999996},{"$f":"K1163*F1163","v":0},{"$f":"J1163*(1-$E$5-$E$7)*(1-$E$9)*(1+$E$11)","v":6.13},{"$f":"M1163*F1163","v":0},{"$f":"ROUND((M1163*$B$2),2)","v":7.23},{"$f":"O1163*F1163","v":0}]
[null,"RAUTHERM S",null,null,12503171002,null,"Муфта  соед. равнопроходн. 20x2,0",10,"шт",5.82,{"$f":"J1164*$B$2","v":6.8676000000000004},{"$f":"K1164*F1164","v":0},{"$f":"J1164*(1-$E$5-$E$7)*(1-$E$9)*(1+$E$11)","v":5.82},{"$f":"M1164*F1164","v":0},{"$f":"ROUND((M1164*$B$2),2)","v":6.87},{"$f":"O1164*F1164","v":0}]
[null,"RAUTHERM S",null,null,12591871002,null,"Муфта  соед. равнопроходн. 25x2,3",5,"шт",7.29,{"$f":"J1165*$B$2","v":8.6021999999999998},{"$f":"K1165*F1165","v":0},{"$f":"J1165*(1-$E$5-$E$7)*(1-$E$9)*(1+$E$11)","v":7.29},{"$f":"M1165*F1165","v":0},{"$f":"ROUND((M1165*$B$2),2)","v":8.6},{"$f":"O1165*F1165","v":0}]
[null,"RAUTHERM S",null,null,12503071002,null,"Надвижная гильза 20 ",50,"шт",0.94,{"$f":"J1166*$B$2","v":1.1092},{"$f":"K1166*F1166","v":0},{"$f":"J1166*(1-$E$5-$E$7)*(1-$E$9)*(1+$E$11)","v":0.94},{"$f":"M1166*F1166","v":0},{"$f":"ROUND((M1166*$B$2),2)","v":1.1100000000000001},{"$f":"O1166*F1166","v":0}]
[null,"RAUTHERM S",null,null,12591971002,null,"Надвижная гильза 25 ",50,"шт",1.46,{"$f":"J1167*$B$2","v":1.7227999999999999},{"$f":"K1167*F1167","v":0},{"$f":"J1167*(1-$E$5-$E$7)*(1-$E$9)*(1+$E$11)","v":1.46},{"$f":"M1167*F1167","v":0},{"$f":"ROUND((M1167*$B$2),2)","v":1.72},{"$f":"O1167*F1167","v":0}]
[null,"RAUTHERM S"]
[null,"RAUTHERM S",null,null,12640111001,null,"Утеплитель фольгированн. с отверстиями под виброопоры",6,"м2",38.299999999999997,{"$f":"J1169*$B$2","v":45.193999999999996},{"$f":"K1169*F1169","v":0},{"$f":"J1169*(1-$E$5-$E$7)*(1-$E$9)*(1+$E$11)","v":38.299999999999997},{"$f":"M1169*F1169","v":0},{"$f":"ROUND((M1169*$B$2),2)","v":45.19},{"$f":"O1169*F1169","v":0}]
[null,"RAUTHERM S","x",null,12592681001,null,"Гарпун-скоба для фиксирующих шин",500,"шт",0.1,{"$f":"J1170*$B$2","v":0.11799999999999999},{"$f":"K1170*F1170","v":0},{"$f":"J1170*(1-$E$5-$E$7)*(1-$E$9)*(1+$E$11)","v":0.1},{"$f":"M1170*F1170","v":0},{"$f":"ROUND((M1170*$B$2),2)","v":0.12},{"$f":"O1170*F1170","v":0}]
[null,"RAUTHERM S"]
[null,"RAUTHERM S",null,null,null,null,"2.2.4  Обогрев открытых площадок"]
[null,"RAUTHERM S",null,null,null,null," Обогрев открытых площадок в бетонных панелях"]
[null,"RAUTHERM S"]
[null,"RAUTHERM S",null,null,null,null," Обогрев открытых площадок под тротуарную плитку"]
[null,"RAUTHERM S"]
[null,"RAUTHERM S",null,null,null,null," Обогрев открытых площадок под натуральным и искусственными газонами"]
[null,"RAUTHERM S"]
[null,"RAUTHERM S",null,null,null,null,"Общие Комроненты системы"]
[null,"RAUTHERM S",null,null,11361601120,null,"Отопит.труба RAUTHERM-S 20х2,0 мм, бухта 120 м ",120,"м",1.8,{"$f":"J1180*$B$2","v":2.1240000000000001},{"$f":"K1180*F1180","v":0},{"$f":"J1180*(1-$E$5-$E$7)*(1-$E$9)*(1+$E$11)","v":1.8},{"$f":"M1180*F1180","v":0},{"$f":"ROUND((M1180*$B$2),2)","v":2.12},{"$f":"O1180*F1180","v":0}]
[null,"RAUTHERM S",null,null,11361601240,null,"Отопит.труба RAUTHERM-S 20х2,0 мм, бухта 240 м ",240,"м",1.8,{"$f":"J1181*$B$2","v":2.1240000000000001},{"$f":"K1181*F1181","v":0},{"$f":"J1181*(1-$E$5-$E$7)*(1-$E$9)*(1+$E$11)","v":1.8},{"$f":"M1181*F1181","v":0},{"$f":"ROUND((M1181*$B$2),2)","v":2.12},{"$f":"O1181*F1181","v":0}]
[null,"RAUTHERM S",null,null,11367701120,null,"Отопит.труба RAUTHERM-S 25х2,3 мм, бухта 120 м ",120,"м",2.74,{"$f":"J1182*$B$2","v":3.2332000000000001},{"$f":"K1182*F1182","v":0},{"$f":"J1182*(1-$E$5-$E$7)*(1-$E$9)*(1+$E$11)","v":2.74},{"$f":"M1182*F1182","v":0},{"$f":"ROUND((M1182*$B$2),2)","v":3.23},{"$f":"O1182*F1182","v":0}]
[null,"RAUTHERM S",null,null,11367701300,null,"Отопит.труба RAUTHERM-S 25х2,3 мм, бухта 300 м ",300,"м",2.74,{"$f":"J1183*$B$2","v":3.2332000000000001},{"$f":"K1183*F1183","v":0},{"$f":"J1183*(1-$E$5-$E$7)*(1-$E$9)*(1+$E$11)","v":2.74},{"$f":"M1183*F1183","v":0},{"$f":"ROUND((M1183*$B$2),2)","v":3.23},{"$f":"O1183*F1183","v":0}]
[null,"RAUTHERM S"]
[null,"RAUTHERM S","x",null,17244481100,null,"Ремешок для обвязки (цена за 100 шт.)",100,"шт",5.15,{"$f":"J1185*$B$2","v":6.077},{"$f":"K1185*F1185","v":0},{"$f":"J1185*(1-$E$5-$E$7)*(1-$E$9)*(1+$E$11)","v":5.15},{"$f":"M1185*F1185","v":0},{"$f":"ROUND((M1185*$B$2),2)","v":6.08},{"$f":"O1185*F1185","v":0}]
[null,"RAUTHERM S",null,null,12393431001,null,"Направляющая для трубы 90° 20",25,"шт",1.51,{"$f":"J1186*$B$2","v":1.7817999999999998},{"$f":"K1186*F1186","v":0},{"$f":"J1186*(1-$E$5-$E$7)*(1-$E$9)*(1+$E$11)","v":1.51},{"$f":"M1186*F1186","v":0},{"$f":"ROUND((M1186*$B$2),2)","v":1.78},{"$f":"O1186*F1186","v":0}]
[null,"RAUTHERM S",null,null,12391931001,null,"Направляющая для трубы 90° 25",25,"шт",2.5499999999999998,{"$f":"J1187*$B$2","v":3.0089999999999995},{"$f":"K1187*F1187","v":0},{"$f":"J1187*(1-$E$5-$E$7)*(1-$E$9)*(1+$E$11)","v":2.5499999999999998},{"$f":"M1187*F1187","v":0},{"$f":"ROUND((M1187*$B$2),2)","v":3.01},{"$f":"O1187*F1187","v":0}]
[null,"RAUTHERM S",null,null,11371501050,null,"Гофротруба защитн. для трубы  20х2,0 мм ",50,"м",0.83,{"$f":"J1188*$B$2","v":0.97939999999999994},{"$f":"K1188*F1188","v":0},{"$f":"J1188*(1-$E$5-$E$7)*(1-$E$9)*(1+$E$11)","v":0.83},{"$f":"M1188*F1188","v":0},{"$f":"ROUND((M1188*$B$2),2)","v":0.98},{"$f":"O1188*F1188","v":0}]
[null,"RAUTHERM S",null,null,11371601025,null,"Гофротруба защитн. для трубы  25х2,3 мм ",25,"м",1.0900000000000001,{"$f":"J1189*$B$2","v":1.2862},{"$f":"K1189*F1189","v":0},{"$f":"J1189*(1-$E$5-$E$7)*(1-$E$9)*(1+$E$11)","v":1.0900000000000001},{"$f":"M1189*F1189","v":0},{"$f":"ROUND((M1189*$B$2),2)","v":1.29},{"$f":"O1189*F1189","v":0}]
[null,"RAUTHERM S"]
[null,"RAUTHERM S",null,null,12442481002,null,"Шина Raufix 16 / 17 /20 мм",10,"м",3.02,{"$f":"J1191*$B$2","v":3.5635999999999997},{"$f":"K1191*F1191","v":0},{"$f":"J1191*(1-$E$5-$E$7)*(1-$E$9)*(1+$E$11)","v":3.02},{"$f":"M1191*F1191","v":0},{"$f":"ROUND((M1191*$B$2),2)","v":3.56},{"$f":"O1191*F1191","v":0}]
[null,"RAUTHERM S",null,null,12662101001,null,"Фиксирующая шина Railfix для трубы 25 х 2,3",512,"м",6.13,7.2333999999999996,0,6.13,0,7.23,0]
[null,"RAUTHERM S",null,null,12503171002,null,"Муфта  соед. равнопроходн. 20x2,0",10,"шт",5.82,6.8676000000000004,0,5.82,0,6.87,0]
[null,"RAUTHERM S",null,null,12591871002,null,"Муфта  соед. равнопроходн. 25x2,3",5,"шт",7.29,8.6021999999999998,0,7.29,0,8.6,0]
[null,"RAUTHERM S",null,null,12503071002,null,"Надвижная гильза 20 ",50,"шт",0.94,1.1092,0,0.94,0,1.1100000000000001,0]
[null,"RAUTHERM S",null,null,12591971002,null,"Надвижная гильза 25 ",50,"шт",1.46,1.7227999999999999,0,1.46,0,1.72,0]
[null,"RAUTHERM S"]
[null,"RAUTHERM S",null,null,12535291002,null,"Тройник 25-25-25",5,"шт",13.11,{"$f":"J1198*$B$2","v":15.469799999999999},{"$f":"K1198*F1198","v":0},{"$f":"J1198*(1-$E$5-$E$7)*(1-$E$9)*(1+$E$11)","v":13.11},{"$f":"M1198*F1198","v":0},{"$f":"ROUND((M1198*$B$2),2)","v":15.47},{"$f":"O1198*F1198","v":0}]
[null,"RAUTHERM S",null,null,12535391002,null,"Тройник 25-20-25",5,"шт",13.11,15.469799999999999,0,13.11,0,15.47,0]
[null,"RAUTHERM S",null,null,12685201001,null,"Тройник 20-25-20",5,"шт",12.61,14.879799999999998,0,12.61,0,14.88,0]
[null,"RAUTHERM S",null,null,12685501001,null,"Тройник 25-25-20",5,"шт",14.83,17.499399999999998,0,14.83,0,17.5,0]
[null,"RAUTHERM S",null,null,12588671002,null,"Тройник 20-17-20",5,"шт",11.31,13.345800000000001,0,11.31,0,13.35,0]
[null,"RAUTHERM S",null,null,12588571002,null,"Тройник 20-17-17",5,"шт",11.25,13.274999999999999,0,11.25,0,13.28,0]
[null,"RAUTHERM S",null,null,12535691002,null,"Тройник 25-17-25",5,"шт",14.9,17.582000000000001,0,14.9,0,17.579999999999998,0]
[null,"RAUTHERM S",null,null,12535591002,null,"Тройник 25-20-20",5,"шт",12.61,14.879799999999998,0,12.61,0,14.88,0]
[null,"RAUTHERM S",null,null,12611631001,null,"Тройник 32-20-32",3,"шт",27.57,32.532599999999995,0,27.57,0,32.53,0]
[null,"RAUTHERM S",null,null,12685801001,null,"Переходник с наруж. резьбой 25-R3/4",5,"шт",11.08,13.074399999999999,0,11.08,0,13.07,0]
[null,"RAUTHERM S",null,null,12594491002,null,"Угольник 90° - 25",5,"шт",9.16,10.8088,0,9.16,0,10.81,0]
[null,"RAUTHERM S"]
[null,"RAUTHERM S",null,null,null,null,"2.2.5 Промышленный коллектор "]
[null,"RAUTHERM S",null,null,null,null,"Промышленный коллектор  1 1/4\""]
[null,"RAUTHERM S",null,null,null,null,"с шаровыми кранами на подающей линии"]
[null,"RAUTHERM S",null,null,12466091001,null,"Распределительный коллектор IVK на 2 контура",1,"шт",196.7,{"$f":"J1213*$B$2","v":232.10599999999997},{"$f":"K1213*F1213","v":0},{"$f":"J1213*(1-$E$5-$E$7)*(1-$E$9)*(1+$E$11)","v":196.7},{"$f":"M1213*F1213","v":0},{"$f":"ROUND((M1213*$B$2),2)","v":232.11},{"$f":"O1213*F1213","v":0}]
[null,"RAUTHERM S",null,null,12466191001,null,"Распределительный коллектор IVK на 3 контура",1,"шт",220.62,260.33159999999998,0,220.62,0,260.33,0]
[null,"RAUTHERM S",null,null,12466291001,null,"Распределительный коллектор IVK на 4 контура",1,"шт",258.10000000000002,304.55799999999999,0,258.10000000000002,0,304.56,0]
[null,"RAUTHERM S",null,null,12466391001,null,"Распределительный коллектор IVK на 5 контуров",1,"шт",312.20999999999998,368.40779999999995,0,312.20999999999998,0,368.41,0]
[null,"RAUTHERM S",null,null,12466491001,null,"Распределительный коллектор IVK на 6 контуров",1,"шт",349.68,412.62239999999997,0,349.68,0,412.62,0]
[null,"RAUTHERM S",null,null,12466591001,null,"Распределительный коллектор IVK на 7 контуров",1,"шт",398.6,470.34800000000001,0,398.6,0,470.35,0]
[null,"RAUTHERM S",null,null,12466691001,null,"Распределительный коллектор IVK на 8 контуров",1,"шт",447.51,528.06179999999995,0,447.51,0,528.05999999999995,0]
[null,"RAUTHERM S",null,null,12466791001,null,"Распределительный коллектор IVK на 9 контуров",1,"шт",496.42,585.77559999999994,0,496.42,0,585.78,0]
[null,"RAUTHERM S",null,null,12466891001,null,"Распределительный коллектор IVK на 10 контуров",1,"шт",564.05999999999995,665.59079999999994,0,564.05999999999995,0,665.59,0]
[null,"RAUTHERM S",null,null,12466991001,null,"Распределительный коллектор IVK на 11 контуров",1,"шт",624.42999999999995,736.8273999999999,0,624.42999999999995,0,736.83,0]
[null,"RAUTHERM S",null,null,12467091001,null,"Распределительный коллектор IVK на 12 контуров",1,"шт",661.89,781.03019999999992,0,661.89,0,781.03,0]
[null,"RAUTHERM S"]
[null,"RAUTHERM S",null,null,null,null,"Промышленный коллектор  1 1/4\""]
[null,"RAUTHERM S",null,null,null,null,"с термостатическими вентилями на подающей линии"]
[null,"RAUTHERM S",null,null,12467191001,null,"Распределительный коллектор IVT на 2 контура",1,"шт","-","по запросу",{"$f":"K1227*F1227","v":0},{"$f":"J1227*(1-$E$5-$E$7)*(1-$E$9)*(1+$E$11)","v":0},{"$f":"M1227*F1227","v":0},{"$f":"ROUND((M1227*$B$2),2)","v":0},{"$f":"O1227*F1227","v":0}]
[null,"RAUTHERM S",null,null,12467291001,null,"Распределительный коллектор IVT на 3 контура",1,"шт","-","по запросу",0,0,0,0,0]
[null,"RAUTHERM S",null,null,12467391001,null,"Распределительный коллектор IVT на 4 контура",1,"шт","-","по запросу",0,0,0,0,0]
[null,"RAUTHERM S",null,null,12467491001,null,"Распределительный коллектор IVT на 5 контуров",1,"шт","-","по запросу",0,0,0,0,0]
[null,"RAUTHERM S",null,null,12467591001,null,"Распределительный коллектор IVT на 6 контуров",1,"шт","-","по запросу",0,0,0,0,0]
[null,"RAUTHERM S",null,null,12467691001,null,"Распределительный коллектор IVT на 7 контуров",1,"шт","-","по запросу",0,0,0,0,0]
[null,"RAUTHERM S",null,null,12467791001,null,"Распределительный коллектор IVT на 8 контуров",1,"шт","-","по запросу",0,0,0,0,0]
[null,"RAUTHERM S",null,null,12467891001,null,"Распределительный коллектор IVT на 9 контуров",1,"шт","-","по запросу",0,0,0,0,0]
[null,"RAUTHERM S",null,null,12467991001,null,"Распределительный коллектор IVT на 10 контуров",1,"шт","-","по запросу",0,0,0,0,0]
[null,"RAUTHERM S",null,null,12468091001,null,"Распределительный коллектор IVT на 11 контуров",1,"шт","-","по запросу",0,0,0,0,0]
[null,"RAUTHERM S",null,null,12468191001,null,"Распределительный коллектор IVT на 12 контуров",1,"шт","-","по запросу",0,0,0,0,0]
[null,"RAUTHERM S"]
[null,"RAUTHERM S",null,null,null,null,"Промышленный коллектор  1 1/2\""]
[null,"RAUTHERM S",null,null,null,null,"евроконус для подключения труб 17х2,0 и 20х2,0"]
[null,"RAUTHERM S",null,null,12487601001,null,"Распределительный коллектор IVKE на 2 контура",1,"шт",288.27999999999997,{"$f":"J1241*$B$2","v":340.17039999999997},{"$f":"K1241*F1241","v":0},{"$f":"J1241*(1-$E$5-$E$7)*(1-$E$9)*(1+$E$11)","v":288.27999999999997},{"$f":"M1241*F1241","v":0},{"$f":"ROUND((M1241*$B$2),2)","v":340.17},{"$f":"O1241*F1241","v":0}]
[null,"RAUTHERM S",null,null,12487701001,null,"Распределительный коллектор IVKE на 3 контура",1,"шт",373.62,440.8716,0,373.62,0,440.87,0]
[null,"RAUTHERM S",null,null,12487801001,null,"Распределительный коллектор IVKE на 4 контура",1,"шт",447.51,528.06179999999995,0,447.51,0,528.05999999999995,0]
[null,"RAUTHERM S",null,null,12487901001,null,"Распределительный коллектор IVKE на 5 контуров",1,"шт",508.91,600.51379999999995,0,508.91,0,600.51,0]
[null,"RAUTHERM S",null,null,12488001001,null,"Распределительный коллектор IVKE на 6 контуров",1,"шт",594.24,701.20319999999992,0,594.24,0,701.2,0]
[null,"RAUTHERM S",null,null,12488101001,null,"Распределительный коллектор IVKE на 7 контуров",1,"шт",655.64,773.65519999999992,0,655.64,0,773.66,0]
[null,"RAUTHERM S",null,null,12488201001,null,"Распределительный коллектор IVKE на 8 контуров",1,"шт",704.57,831.39260000000002,0,704.57,0,831.39,0]
[null,"RAUTHERM S",null,null,12488301001,null,"Распределительный коллектор IVKE на 9 контуров",1,"шт",765.97,903.84460000000001,0,765.97,0,903.84,0]
[null,"RAUTHERM S",null,null,12488401001,null,"Распределительный коллектор IVKE на 10 контуров",1,"шт",827.37,976.2965999999999,0,827.37,0,976.3,0]
[null,"RAUTHERM S",null,null,12488501001,null,"Распределительный коллектор IVKE на 11 контуров",1,"шт",936.64,1105.2351999999998,0,936.64,0,1105.24,0]
[null,"RAUTHERM S",null,null,12488601001,null,"Распределительный коллектор IVKE на 12 контуров",1,"шт",999.08,1178.9143999999999,0,999.08,0,1178.9100000000001,0]
[null,"RAUTHERM S"]
[null,"RAUTHERM S",null,null,null,null,"Промышленный коллектор  1 1/2\""]
[null,"RAUTHERM S",null,null,null,null,"резьбозажимные соединения для труб 25х2,3"]
[null,"RAUTHERM S",null,null,12488701001,null,"Распределительный коллектор IVKK на 2 контура",1,"шт",330.95,{"$f":"J1255*$B$2","v":390.52099999999996},{"$f":"K1255*F1255","v":0},{"$f":"J1255*(1-$E$5-$E$7)*(1-$E$9)*(1+$E$11)","v":330.95},{"$f":"M1255*F1255","v":0},{"$f":"ROUND((M1255*$B$2),2)","v":390.52},{"$f":"O1255*F1255","v":0}]
[null,"RAUTHERM S",null,null,12488801001,null,"Распределительный коллектор IVKK на 3 контура",1,"шт",441.27,520.69859999999994,0,441.27,0,520.70000000000005,0]
[null,"RAUTHERM S",null,null,12488901001,null,"Распределительный коллектор IVKK на 4 контура",1,"шт",515.16,607.88879999999995,0,515.16,0,607.89,0]
[null,"RAUTHERM S",null,null,12489001001,null,"Распределительный коллектор IVKK на 5 контуров",1,"шт",612.98,723.31639999999993,0,612.98,0,723.32,0]
[null,"RAUTHERM S",null,null,12489101001,null,"Распределительный коллектор IVKK на 6 контуров",1,"шт",686.87,810.50659999999993,0,686.87,0,810.51,0]
[null,"RAUTHERM S",null,null,12489201001,null,"Распределительный коллектор IVKK на 7 контуров",1,"шт",759.72,896.46960000000001,0,759.72,0,896.47,0]
[null,"RAUTHERM S",null,null,12489301001,null,"Распределительный коллектор IVKK на 8 контуров",1,"шт",832.57,982.43259999999998,0,832.57,0,982.43,0]
[null,"RAUTHERM S",null,null,12489401001,null,"Распределительный коллектор IVKK на 9 контуров",1,"шт",895.01,1056.1117999999999,0,895.01,0,1056.1099999999999,0]
[null,"RAUTHERM S",null,null,12489501001,null,"Распределительный коллектор IVKK на 10 контуров",1,"шт",992.84,1171.5511999999999,0,992.84,0,1171.55,0]
[null,"RAUTHERM S",null,null,12489601001,null,"Распределительный коллектор IVKK на 11 контуров",1,"шт",1103.1500000000001,1301.7170000000001,0,1103.1500000000001,0,1301.72,0]
[null,"RAUTHERM S",null,null,12489701001,null,"Распределительный коллектор IVKK на 12 контуров",1,"шт",1165.5999999999999,1375.4079999999999,0,1165.5999999999999,0,1375.41,0]
[null,"RAUTHERM S"]
[null,"RAUTHERM S",null,null,12506071002,null,"Резьбозажимное соединение для подключ. трубы 17х2 мм",10,"шт",4.9400000000000004,{"$f":"J1267*$B$2","v":5.8292000000000002},{"$f":"K1267*F1267","v":0},{"$f":"J1267*(1-$E$5-$E$7)*(1-$E$9)*(1+$E$11)","v":4.9400000000000004},{"$f":"M1267*F1267","v":0},{"$f":"ROUND((M1267*$B$2),2)","v":5.83},{"$f":"O1267*F1267","v":0}]
[null,"RAUTHERM S",null,null,12506171002,null,"Резьбозажимное соединение для подключ. трубы 20х2 мм",10,"шт",4.9400000000000004,{"$f":"J1268*$B$2","v":5.8292000000000002},{"$f":"K1268*F1268","v":0},{"$f":"J1268*(1-$E$5-$E$7)*(1-$E$9)*(1+$E$11)","v":4.9400000000000004},{"$f":"M1268*F1268","v":0},{"$f":"ROUND((M1268*$B$2),2)","v":5.83},{"$f":"O1268*F1268","v":0}]
[null,"RAUTHERM S"]
[null,"RAUTHERM S","x",null,12179151001,null,"Сервопривод UNI на 230 В",1,"шт",31.21,{"$f":"J1270*$B$2","v":36.827799999999996},{"$f":"K1270*F1270","v":0},{"$f":"J1270*(1-$E$5-$E$7)*(1-$E$9)*(1+$E$11)","v":31.21},{"$f":"M1270*F1270","v":0},{"$f":"ROUND((M1270*$B$2),2)","v":36.83},{"$f":"O1270*F1270","v":0}]
[null,"RAUTHERM S","x",null,12179161001,null,"Сервопривод UNI на 24 В",1,"шт",31.21,{"$f":"J1271*$B$2","v":36.827799999999996},{"$f":"K1271*F1271","v":0},{"$f":"J1271*(1-$E$5-$E$7)*(1-$E$9)*(1+$E$11)","v":31.21},{"$f":"M1271*F1271","v":0},{"$f":"ROUND((M1271*$B$2),2)","v":36.83},{"$f":"O1271*F1271","v":0}]
[null,"RAUTHERM S"]
["N","RAUTHERM S",null,null,13470021001,null,"Регулирующий IVT-вентиль для пром. коллектора, 1/2\"",1,"шт",71.61,{"$f":"J1273*$B$2","v":84.499799999999993},{"$f":"K1273*F1273","v":0},{"$f":"J1273*(1-$E$5-$E$7)*(1-$E$9)*(1+$E$11)","v":71.61},{"$f":"M1273*F1273","v":0},{"$f":"ROUND((M1273*$B$2),2)","v":84.5},{"$f":"O1273*F1273","v":0}]
[null,"RAUTHERM S"]
[null,"RAUTHERM S",null,null,null,null,"Набор шаровых кранов для подключения к пром. коллектору"]
[null,"RAUTHERM S",null,null,12478201001,null,"Комплект двух шаровых кранов 1 1/4\" для пром. коллектора",1,"шт",61.4,{"$f":"J1276*$B$2","v":72.451999999999998},{"$f":"K1276*F1276","v":0},{"$f":"J1276*(1-$E$5-$E$7)*(1-$E$9)*(1+$E$11)","v":61.4},{"$f":"M1276*F1276","v":0},{"$f":"ROUND((M1276*$B$2),2)","v":72.45},{"$f":"O1276*F1276","v":0}]
[null,"RAUTHERM S",null,null,12478301001,null,"Комплект двух шаровых кранов 1 1/2\" для пром. коллектора",1,"шт",86.39,{"$f":"J1277*$B$2","v":101.94019999999999},{"$f":"K1277*F1277","v":0},{"$f":"J1277*(1-$E$5-$E$7)*(1-$E$9)*(1+$E$11)","v":86.39},{"$f":"M1277*F1277","v":0},{"$f":"ROUND((M1277*$B$2),2)","v":101.94},{"$f":"O1277*F1277","v":0}]
[null,"RAUTHERM S"]
[null,"RAUPEX"]
[null,"RAUPEX",null,null,null,null,"3.1 RAUPEX-труба, SDR 11"]
[null,"RAUPEX",null,null,null,null,"RAUPEX-A-труба, SDR 11, серая, тонкостенная"]
[null,"RAUPEX",null,null,11319201005,null,"Труба  для промышленности RAUPEX A 20x1,9 прям.отрезки 5м",5,"м",2.12,{"$f":"J1282*$B$2","v":2.5015999999999998},{"$f":"K1282*F1282","v":0},{"$f":"J1282*(1-$E$5-$E$7)*(1-$E$9)*(1+$E$11)","v":2.12},{"$f":"M1282*F1282","v":0},{"$f":"ROUND((M1282*$B$2),2)","v":2.5},{"$f":"O1282*F1282","v":0}]
[null,"RAUPEX",null,null,11319201100,null,"Труба для промышленности RAUPEX A 20x1,9 бухта 100м",100,"м",2.12,2.5015999999999998,0,2.12,0,2.5,0]
[null,"RAUPEX",null,null,11319301005,null,"Труба для промышленности RAUPEX A 25x2,3 прям.отрезки 5м",5,"м",3.11,3.6697999999999995,0,3.11,0,3.67,0]
[null,"RAUPEX",null,null,11319301100,null,"Труба  для промышленности RAUPEX A 25x2,3 бухта 100м",100,"м",3.11,3.6697999999999995,0,3.11,0,3.67,0]
[null,"RAUPEX",null,null,11319401005,null,"Труба  для промышленности RAUPEX A 32x2,9 прям.отрезки 5м",5,"м",4.26,5.0267999999999997,0,4.26,0,5.03,0]
[null,"RAUPEX",null,null,11319401100,null,"Труба  для промышленности RAUPEX A 32x2,9 бухта 100м",100,"м",4.26,5.0267999999999997,0,4.26,0,5.03,0]
[null,"RAUPEX",null,null,11319501005,null,"Труба для промышленности RAUPEX A 40x3,7 прям.отрезки 5м",5,"м",7.11,8.3897999999999993,0,7.11,0,8.39,0]
[null,"RAUPEX",null,null,11319601005,null,"Труба для промышленности RAUPEX A 50x4,6 прям.отрезки 5м",5,"м",10.44,12.319199999999999,0,10.44,0,12.32,0]
[null,"RAUPEX",null,null,11319701005,null,"Труба для промышленности RAUPEX A 63x5,7 прям.отрезки 5м",5,"м",15.13,17.853400000000001,0,15.13,0,17.850000000000001,0]
[null,"RAUPEX",null,null,11319701100,null,"Труба для промышленности RAUPEX A 63x5,7 бухта 100м",100,"м",15.13,17.853400000000001,0,15.13,0,17.850000000000001,0]
[null,"RAUPEX",null,null,11363121005,null,"Труба для промышленности RAUPEX A 75x6,8 прям.отрезки 5м",5,"м",21.25,25.074999999999999,0,21.25,0,25.08,0]
[null,"RAUPEX",null,null,11363221005,null,"Труба для промышленности RAUPEX A 90x8,2 прям.отрезки 5м",5,"м",27.65,32.626999999999995,0,27.65,0,32.630000000000003,0]
[null,"RAUPEX",null,null,11363321005,null,"Труба для промышленности RAUPEX A 110x10,0 прям.отрезки 5м",5,"м",39.840000000000003,47.011200000000002,0,39.840000000000003,0,47.01,0]
[null,"RAUPEX",null,null,11045411005,null,"Труба для промышленности RAUPEX A 125x11,4 прям.отрезки 5м",5,"м",52.78,62.2804,0,52.78,0,62.28,0]
[null,"RAUPEX",null,null,11364921005,null,"Труба для промышленности RAUPEX A 160x14,6 прям.отрезки 5м",5,"м",79.77,94.128599999999992,0,79.77,0,94.13,0]
[null,"RAUPEX"]
[null,"RAUPEX",null,null,null,null,"RAUPEX-R-труба, SDR 11, зелёная, тонкостенная"]
[null,"RAUPEX",null,null,11350541005,null,"Труба для промышленности RAUPEX K 20x1,9 прям.отрезки 5м",5,"м",2.12,{"$f":"J1299*$B$2","v":2.5015999999999998},{"$f":"K1299*F1299","v":0},{"$f":"J1299*(1-$E$5-$E$7)*(1-$E$9)*(1+$E$11)","v":2.12},{"$f":"M1299*F1299","v":0},{"$f":"ROUND((M1299*$B$2),2)","v":2.5},{"$f":"O1299*F1299","v":0}]
["D","RAUPEX",null,null,11350541100,null,"Труба для промышленности RAUPEX K 20x1,9 бухта 100м",100,"м","-",0,0,0,0,0,0]
[null,"RAUPEX",null,null,11350641005,null,"Труба для промышленности RAUPEX K 25x2,3 прям.отрезки 5м",5,"м",3.11,3.6697999999999995,0,3.11,0,3.67,0]
[null,"RAUPEX",null,null,11350641100,null,"Труба для промышленности RAUPEX K 25x2,3 бухта 100м",100,"м",3.11,3.6697999999999995,0,3.11,0,3.67,0]
[null,"RAUPEX",null,null,11350741005,null,"Труба для промышленности RAUPEX K 32x2,9 прям.отрезки 5м",5,"м",4.26,5.0267999999999997,0,4.26,0,5.03,0]
[null,"RAUPEX",null,null,11350841005,null,"Труба для промышленности RAUPEX K 40x3,7 прям.отрезки 5м",5,"м",7.11,8.3897999999999993,0,7.11,0,8.39,0]
[null,"RAUPEX",null,null,11350941005,null,"Труба для промышленности RAUPEX K 50x4,6 прям.отрезки 5м",5,"м",10.44,12.319199999999999,0,10.44,0,12.32,0]
[null,"RAUPEX",null,null,11351041005,null,"Труба для промышленности RAUPEX K 63x5,7 прям.отрезки 5м",5,"м",15.13,17.853400000000001,0,15.13,0,17.850000000000001,0]
[null,"RAUPEX",null,null,11351141005,null,"Труба для промышленности RAUPEX K 75x6,8 прям.отрезки 5м",5,"м",21.25,25.074999999999999,0,21.25,0,25.08,0]
[null,"RAUPEX",null,null,11351241005,null,"Труба для промышленности RAUPEX K 90x8,2 прям.отрезки 5м",5,"м",27.65,32.626999999999995,0,27.65,0,32.630000000000003,0]
[null,"RAUPEX",null,null,11351341005,null,"Труба для промышленности RAUPEX K 110x10,0 прям.отрезки 5м",5,"м",39.840000000000003,47.011200000000002,0,39.840000000000003,0,47.01,0]
[null,"RAUPEX",null,null,11045511005,null,"Труба для промышленности RAUPEX K 125x11,4 прям.отрезки 5м",5,"м",52.78,62.2804,0,52.78,0,62.28,0]
[null,"RAUPEX",null,null,11351441005,null,"Труба для промышленности RAUPEX K 160x14,6 прям.отрезки 5м",5,"м",79.77,94.128599999999992,0,79.77,0,94.13,0]
[null,"RAUPEX"]
[null,"RAUPEX",null,null,null,null,"RAUPEX-О-труба, SDR 11, голубая, тонкостенная"]
[null,"RAUPEX",null,null,11351541005,null,"Труба для промышленности RAUPEX O 20x1,9 прям.отрезки 5м",5,"м",2.12,{"$f":"J1314*$B$2","v":2.5015999999999998},{"$f":"K1314*F1314","v":0},{"$f":"J1314*(1-$E$5-$E$7)*(1-$E$9)*(1+$E$11)","v":2.12},{"$f":"M1314*F1314","v":0},{"$f":"ROUND((M1314*$B$2),2)","v":2.5},{"$f":"O1314*F1314","v":0}]
[null,"RAUPEX",null,null,11351541100,null,"Труба для промышленности RAUPEX O 20x1,9 бухта 100м",100,"м",2.12,2.5015999999999998,0,2.12,0,2.5,0]
[null,"RAUPEX",null,null,11351641005,null,"Труба для промышленности RAUPEX O 25x2,3 прям.отрезки 5м",5,"м",3.11,3.6697999999999995,0,3.11,0,3.67,0]
[null,"RAUPEX",null,null,11351641100,null,"Труба для промышленности RAUPEX O 25x2,3 бухта 100м",100,"м",3.11,3.6697999999999995,0,3.11,0,3.67,0]
[null,"RAUPEX",null,null,11351741005,null,"Труба для промышленности RAUPEX O 32x2,9 прям.отрезки 5м",5,"м",4.26,5.0267999999999997,0,4.26,0,5.03,0]
[null,"RAUPEX",null,null,11351841005,null,"Труба для промышленности RAUPEX O 40x3,7 прям.отрезки 5м",5,"м",7.11,8.3897999999999993,0,7.11,0,8.39,0]
[null,"RAUPEX",null,null,11351941005,null,"Труба для промышленности RAUPEX O 50x4,6 прям.отрезки 5м",5,"м",10.44,12.319199999999999,0,10.44,0,12.32,0]
[null,"RAUPEX",null,null,11352041005,null,"Труба для промышленности RAUPEX O 63x5,7 прям.отрезки 5м",5,"м",15.13,17.853400000000001,0,15.13,0,17.850000000000001,0]
[null,"RAUPEX",null,null,11352141005,null,"Труба для промышленности RAUPEX O 75x6,8 прям.отрезки 5м",5,"м",21.25,25.074999999999999,0,21.25,0,25.08,0]
[null,"RAUPEX",null,null,11352241005,null,"Труба для промышленности RAUPEX O 90x8,2 прям.отрезки 5м",5,"м",27.65,32.626999999999995,0,27.65,0,32.630000000000003,0]
[null,"RAUPEX",null,null,11352341005,null,"Труба для промышленности RAUPEX O 110x10,0 прям.отрезки 5м",5,"м",39.840000000000003,47.011200000000002,0,39.840000000000003,0,47.01,0]
[null,"RAUPEX",null,null,11045611005,null,"Труба для промышленности RAUPEX O 125x11,4 прям.отрезки 5м",5,"м",52.78,62.2804,0,52.78,0,62.28,0]
[null,"RAUPEX",null,null,11352441005,null,"Труба для промышленности RAUPEX O 160x14,6 прям.отрезки 5м",5,"м",79.77,94.128599999999992,0,79.77,0,94.13,0]
[null,"RAUPEX"]
[null,"RAUPEX",null,null,null,null,"RAUPEX-UV-труба, SDR 11, чёрная, тонкостенная"]
[null,"RAUPEX",null,null,11043411005,null,"Труба для промышленности RAUPEX UV 20x1,9 прям.отрезки 5м",5,"м",2.12,{"$f":"J1329*$B$2","v":2.5015999999999998},{"$f":"K1329*F1329","v":0},{"$f":"J1329*(1-$E$5-$E$7)*(1-$E$9)*(1+$E$11)","v":2.12},{"$f":"M1329*F1329","v":0},{"$f":"ROUND((M1329*$B$2),2)","v":2.5},{"$f":"O1329*F1329","v":0}]
[null,"RAUPEX",null,null,11043411100,null,"Труба для промышленности RAUPEX UV 20x1,9 бухта 100м",100,"м",2.12,2.5015999999999998,0,2.12,0,2.5,0]
[null,"RAUPEX",null,null,11043511005,null,"Труба для промышленности RAUPEX UV 25x2,3 прям.отрезки 5м",5,"м",3.11,3.6697999999999995,0,3.11,0,3.67,0]
[null,"RAUPEX",null,null,11043511100,null,"Труба для промышленности RAUPEX UV 25x2,3 бухта 100м",100,"м",3.11,3.6697999999999995,0,3.11,0,3.67,0]
[null,"RAUPEX",null,null,11043611005,null,"Труба для промышленности RAUPEX UV 32x2,9 прям.отрезки 5м",5,"м",4.26,5.0267999999999997,0,4.26,0,5.03,0]
[null,"RAUPEX",null,null,11043711005,null,"Труба для промышленности RAUPEX UV 40x3,7 прям.отрезки 5м",5,"м",7.11,8.3897999999999993,0,7.11,0,8.39,0]
[null,"RAUPEX",null,null,11043811005,null,"Труба для промышленности RAUPEX UV 50x4,6 прям.отрезки 5м",5,"м",10.44,12.319199999999999,0,10.44,0,12.32,0]
[null,"RAUPEX",null,null,11043911005,null,"Труба для промышленности RAUPEX UV 63x5,7 прям.отрезки 5м",5,"м",15.13,17.853400000000001,0,15.13,0,17.850000000000001,0]
[null,"RAUPEX",null,null,11044011005,null,"Труба для промышленности RAUPEX UV 75x6,8 прям.отрезки 5м",5,"м",21.25,25.074999999999999,0,21.25,0,25.08,0]
[null,"RAUPEX",null,null,11044111005,null,"Труба для промышленности RAUPEX UV 90x8,2 прям.отрезки 5м",5,"м",27.65,32.626999999999995,0,27.65,0,32.630000000000003,0]
[null,"RAUPEX",null,null,11044211005,null,"Труба для промышленности RAUPEX UV 110x10,0 прям.отрезки 5м",5,"м",39.840000000000003,47.011200000000002,0,39.840000000000003,0,47.01,0]
[null,"RAUPEX",null,null,11045711005,null,"Труба для промышленности RAUPEX UV 125x11,4 прям.отрезки 5м",5,"м",52.78,62.2804,0,52.78,0,62.28,0]
[null,"RAUPEX",null,null,11044311005,null,"Труба для промышленности RAUPEX UV 160x14,6 прям.отрезки 5м",5,"м",79.77,94.128599999999992,0,79.77,0,94.13,0]
[null,"RAUPEX"]
[null,"RAUPEX",null,null,null,null,"RAUTHERM-FW-Rohr, SDR 11, красная, тонкостенная"]
[null,"RAUPEX",null,null,11366921005,null,"Труба для промышленности RAUTHERM FW 25x2,3 прям.отрезки 5м",5,"м",3.76,{"$f":"J1344*$B$2","v":4.4367999999999999},{"$f":"K1344*F1344","v":0},{"$f":"J1344*(1-$E$5-$E$7)*(1-$E$9)*(1+$E$11)","v":3.76},{"$f":"M1344*F1344","v":0},{"$f":"ROUND((M1344*$B$2),2)","v":4.4400000000000004},{"$f":"O1344*F1344","v":0}]
[null,"RAUPEX",null,null,11367021005,null,"Труба для промышленности RAUTHERM FW 32x2,9 прям.отрезки 5м",5,"м",5.42,6.3956,0,5.42,0,6.4,0]
[null,"RAUPEX",null,null,11365021005,null,"Труба для промышленности RAUTHERM FW 40x3,7 прям.отрезки 5м",5,"м",7.81,9.2157999999999998,0,7.81,0,9.2200000000000006,0]
[null,"RAUPEX",null,null,11365121005,null,"Труба для промышленности RAUTHERM FW 50x4,6 прям.отрезки 5м",5,"м",11.41,13.463799999999999,0,11.41,0,13.46,0]
[null,"RAUPEX",null,null,11365221005,null,"Труба для промышленности RAUTHERM FW 63x5,7 прям.отрезки 5м",5,"м",16.28,19.2104,0,16.28,0,19.21,0]
[null,"RAUPEX",null,null,11365321005,null,"Труба для промышленности RAUTHERM FW 75x6,8 прям.отрезки 5м",5,"м",24.53,28.945399999999999,0,24.53,0,28.95,0]
[null,"RAUPEX",null,null,11365421005,null,"Труба для промышленности RAUTHERM FW 90x8,2 прям.отрезки 5м",5,"м",32.229999999999997,38.031399999999991,0,32.229999999999997,0,38.03,0]
[null,"RAUPEX",null,null,11365521005,null,"Труба для промышленности RAUTHERM FW 110x10,0 прям.отрезки 5м",5,"м",46.23,54.551399999999994,0,46.23,0,54.55,0]
[null,"RAUPEX",null,null,11364041005,null,"Труба для промышленности RAUTHERM FW 125x11,4 прям.отрезки 5м",5,"м",{"$f":"57.79/1.18","v":48.974576271186443},57.79,0,48.974576271186443,0,57.79,0]
[null,"RAUPEX",null,null,11366521005,null,"Труба для промышленности RAUTHERM FW 160x14,6 прям.отрезки 5м",5,"м",{"$f":"93.21/1.18","v":78.991525423728817},93.21,0,78.991525423728817,0,93.21,0]
[null,"RAUPEX"]
[null,"RAUPEX",null,null,12434831002,null,"Фиксирующий желоб 20, отрезки 4,895 м",10,"шт",7.38,{"$f":"J1355*$B$2","v":8.7083999999999993},{"$f":"K1355*F1355","v":0},{"$f":"J1355*(1-$E$5-$E$7)*(1-$E$9)*(1+$E$11)","v":7.38},{"$f":"M1355*F1355","v":0},{"$f":"ROUND((M1355*$B$2),2)","v":8.7100000000000009},{"$f":"O1355*F1355","v":0}]
[null,"RAUPEX",null,null,12434931002,null,"Фиксирующий желоб 25, отрезки 4,895 м",10,"шт",9.7200000000000006,11.4696,0,9.7200000000000006,0,11.47,0]
[null,"RAUPEX",null,null,12435031002,null,"Фиксирующий желоб 32, отрезки 4,885 м",10,"шт",12.07,14.242599999999999,0,12.07,0,14.24,0]
[null,"RAUPEX",null,null,12435131002,null,"Фиксирующий желоб 40, отрезки 4,875 м",5,"шт",18.14,21.405200000000001,0,18.14,0,21.41,0]
[null,"RAUPEX",null,null,12435231002,null,"Фиксирующий желоб 50, отрезки 4,865 м",5,"шт",22.57,26.6326,0,22.57,0,26.63,0]
[null,"RAUPEX",null,null,12435331002,null,"Фиксирующий желоб 63, отрезки 4,850 м",5,"шт",26.83,31.659399999999998,0,26.83,0,31.66,0]
[null,"RAUPEX",null,null,12228551001,null,"Фиксирующий желоб 75, отрезки 4,825 м",1,"шт",46.83,55.259399999999992,0,46.83,0,55.26,0]
[null,"RAUPEX",null,null,12228561001,null,"Фиксирующий желоб 90, отрезки 4,800 м",1,"шт",60.37,71.236599999999996,0,60.37,0,71.239999999999995,0]
[null,"RAUPEX",null,null,12228571001,null,"Фиксирующий желоб 110, отрезки 4,775 м",1,"шт",67.650000000000006,79.826999999999998,0,67.650000000000006,0,79.83,0]
[null,"RAUPEX",null,null,12316661001,null,"Фиксирующий желоб 125, отрезки 4,775 м",1,"шт",96.77,114.18859999999999,0,96.77,0,114.19,0]
[null,"RAUPEX",null,null,12346001001,null,"Фиксирующий желоб 160, отрезки 4,750 м",1,"шт",110.59,130.49619999999999,0,110.59,0,130.5,0]
[null,"RAUPEX"]
[null,"RAUPEX",null,null,null,null,"3.2 Техника соединения монтажная гильза, SDR 11"]
[null,"RAUPEX",null,null,11395621001,null,"Монтажная гильза SDR 11, 20х1,9",100,"шт",0.88,{"$f":"J1368*$B$2","v":1.0384},{"$f":"K1368*F1368","v":0},{"$f":"J1368*(1-$E$5-$E$7)*(1-$E$9)*(1+$E$11)","v":0.88},{"$f":"M1368*F1368","v":0},{"$f":"ROUND((M1368*$B$2),2)","v":1.04},{"$f":"O1368*F1368","v":0}]
[null,"RAUPEX",null,null,11395721001,null,"Монтажная гильза SDR 11, 25х2,3",50,"шт",1.2,1.4159999999999999,0,1.2,0,1.42,0]
[null,"RAUPEX",null,null,11394921001,null,"Монтажная гильза SDR 11, 32х2,9",50,"шт",2.52,2.9735999999999998,0,2.52,0,2.97,0]
[null,"RAUPEX",null,null,11386831001,null,"Монтажная гильза SDR 11, 40х3,7",25,"шт",4.91,5.7938000000000001,0,4.91,0,5.79,0]
[null,"RAUPEX",null,null,11386931001,null,"Монтажная гильза SDR 11, 50х4,6",25,"шт",6.93,8.1773999999999987,0,6.93,0,8.18,0]
[null,"RAUPEX",null,null,11387031001,null,"Монтажная гильза SDR 11, 63х5,8",25,"шт",10.39,12.260199999999999,0,10.39,0,12.26,0]
[null,"RAUPEX",null,12676711001,12676711002,null,"Монтажная гильза SDR 11, 75х6,8",1,"шт",34.47,40.674599999999998,0,34.47,0,40.67,0]
[null,"RAUPEX",null,12676811001,12676811002,null,"Монтажная гильза SDR 11, 90х8,2",1,"шт",41.41,48.863799999999991,0,41.41,0,48.86,0]
[null,"RAUPEX",null,12676911001,12676911002,null,"Монтажная гильза SDR 11, 110х10,0",1,"шт",55.24,65.183199999999999,0,55.24,0,65.180000000000007,0]
[null,"RAUPEX",null,12352291001,12352291002,null,"Монтажная гильза SDR 11, 125х11,4",1,"шт",82.88,97.798399999999987,0,82.88,0,97.8,0]
[null,"RAUPEX",null,12062561001,12062561002,null,"Монтажная гильза SDR 11, 140х12,7",1,"шт",{"$f":"120.02/1.18","v":101.71186440677967},{"$f":"J1378*$B$2","v":120.02},{"$f":"K1378*F1378","v":0},{"$f":"J1378*(1-$E$5-$E$7)*(1-$E$9)*(1+$E$11)","v":101.71186440677967},{"$f":"M1378*F1378","v":0},{"$f":"ROUND((M1378*$B$2),2)","v":120.02},{"$f":"O1378*F1378","v":0}]
[null,"RAUPEX",null,12343241001,12343241002,null,"Монтажная гильза SDR 11, 160х14,6",1,"шт",124.35,146.73299999999998,0,124.35,0,146.72999999999999,0]
[null,"RAUPEX"]
[null,"RAUPEX",null,null,11690081001,null,"Муфта соединительная равнопроходная SDR 11, 20х1,9 LX",10,"шт",3.72,{"$f":"J1381*$B$2","v":4.3895999999999997},{"$f":"K1381*F1381","v":0},{"$f":"J1381*(1-$E$5-$E$7)*(1-$E$9)*(1+$E$11)","v":3.72},{"$f":"M1381*F1381","v":0},{"$f":"ROUND((M1381*$B$2),2)","v":4.3899999999999997},{"$f":"O1381*F1381","v":0}]
[null,"RAUPEX",null,null,11690101001,null,"Муфта соединительная равнопроходная SDR 11, 25х2,3 LX",10,"шт",5.9,6.9619999999999997,0,5.9,0,6.96,0]
[null,"RAUPEX",null,null,11690131001,null,"Муфта соединительная равнопроходная SDR 11, 32х2,9 LX",3,"шт",11.74,13.853199999999999,0,11.74,0,13.85,0]
[null,"RAUPEX",null,null,11690151001,null,"Муфта соединительная равнопроходная SDR 11, 40х3,7 LX",5,"шт",19.899999999999999,23.481999999999996,0,19.899999999999999,0,23.48,0]
[null,"RAUPEX",null,null,11691441001,null,"Муфта соединительная равнопроходная SDR 11, 50х4,6 LX",1,"шт",28.96,34.172800000000002,0,28.96,0,34.17,0]
[null,"RAUPEX",null,null,11691421001,null,"Муфта соединительная равнопроходная SDR 11, 63х5,8 LX",1,"шт",42.15,49.736999999999995,0,42.15,0,49.74,0]
[null,"RAUPEX",null,null,12676111001,null,"Муфта соединительная равнопроходная SDR 11, 75х6,8",1,"шт",125.78,148.4204,0,125.78,0,148.41999999999999,0]
[null,"RAUPEX",null,null,12676211001,null,"Муфта соединительная равнопроходная SDR 11, 90х8,2",1,"шт",163.51,192.94179999999997,0,163.51,0,192.94,0]
[null,"RAUPEX",null,null,12676311001,null,"Муфта соединительная равнопроходная SDR 11, 110х10,0",1,"шт",183.69,216.7542,0,183.69,0,216.75,0]
[null,"RAUPEX",null,null,12352191001,null,"Муфта соединительная равнопроходная SDR 11, 125х11,4",1,"шт",331.99,391.7482,0,331.99,0,391.75,0]
[null,"RAUPEX",null,null,12062571001,null,"Муфта соединительная равнопроходная SDR 11, 140х12,7",1,"шт",385.15,{"$f":"J1391*$B$2","v":454.47699999999998},{"$f":"K1391*F1391","v":0},{"$f":"J1391*(1-$E$5-$E$7)*(1-$E$9)*(1+$E$11)","v":385.15},{"$f":"M1391*F1391","v":0},{"$f":"ROUND((M1391*$B$2),2)","v":454.48},{"$f":"O1391*F1391","v":0}]
[null,"RAUPEX",null,null,12343341001,null,"Муфта соединительная равнопроходная SDR 11, 160х14,6",1,"шт",421.59,497.47619999999995,0,421.59,0,497.48,0]
[null,"RAUPEX"]
[null,"RAUPEX",null,null,11690121001,null,"Муфта соединительная переходная SDR 11, 25х2,3 - 20х1,9 LX",10,"шт",6.48,{"$f":"J1394*$B$2","v":7.6463999999999999},{"$f":"K1394*F1394","v":0},{"$f":"J1394*(1-$E$5-$E$7)*(1-$E$9)*(1+$E$11)","v":6.48},{"$f":"M1394*F1394","v":0},{"$f":"ROUND((M1394*$B$2),2)","v":7.65},{"$f":"O1394*F1394","v":0}]
[null,"RAUPEX",null,null,11690141001,null,"Муфта соединительная переходная SDR 11, 32х2,9 - 25х2,3 LX",3,"шт",10.38,12.2484,0,10.38,0,12.25,0]
[null,"RAUPEX",null,null,11690161001,null,"Муфта соединительная переходная SDR 11, 40х3,7 - 20х1,9 LX",5,"шт",27.51,32.461799999999997,0,27.51,0,32.46,0]
[null,"RAUPEX",null,null,11690171001,null,"Муфта соединительная переходная SDR 11, 40х3,7 - 32х2,9 LX",5,"шт",19.260000000000002,22.726800000000001,0,19.260000000000002,0,22.73,0]
[null,"RAUPEX",null,null,11691701001,null,"Муфта соединительная переходная SDR 11, 50х4,6 - 32х2,9 LX",1,"шт",28.51,33.641800000000003,0,28.51,0,33.64,0]
[null,"RAUPEX",null,null,11691471001,null,"Муфта соединительная переходная SDR 11, 50х4,6 - 40х3,7 LX",1,"шт",28.96,34.172800000000002,0,28.96,0,34.17,0]
[null,"RAUPEX",null,null,11691481001,null,"Муфта соединительная переходная SDR 11, 63х5,7 - 50х4,6 LX",1,"шт",38.24,45.123199999999997,0,38.24,0,45.12,0]
[null,"RAUPEX",null,null,12676411001,null,"Муфта соединительная переходная SDR 11, 75х6,8 - 63х5,7",1,"шт",129.91999999999999,153.30559999999997,0,129.91999999999999,0,153.31,0]
[null,"RAUPEX",null,null,12676511001,null,"Муфта соединительная переходная SDR 11, 90х8,2 - 75х6,8",1,"шт",160.63999999999999,189.55519999999999,0,160.63999999999999,0,189.56,0]
[null,"RAUPEX",null,null,12676611001,null,"Муфта соединительная переходная SDR 11, 110х10 - 90х8,2",1,"шт",194.51,229.52179999999998,0,194.51,0,229.52,0]
[null,"RAUPEX"]
[null,"RAUPEX",null,null,11690971001,null,"Переходник с наружной резьбой SDR 11, 20х1,9 -R 1/2/L15  LX",10,"шт",6.51,{"$f":"J1405*$B$2","v":7.6817999999999991},{"$f":"K1405*F1405","v":0},{"$f":"J1405*(1-$E$5-$E$7)*(1-$E$9)*(1+$E$11)","v":6.51},{"$f":"M1405*F1405","v":0},{"$f":"ROUND((M1405*$B$2),2)","v":7.68},{"$f":"O1405*F1405","v":0}]
[null,"RAUPEX",null,null,11690981001,null,"Переходник с наружной резьбой SDR 11, 20х1,9 -R 3/4/L18 LX",10,"шт",6.51,7.6817999999999991,0,6.51,0,7.68,0]
[null,"RAUPEX",null,null,11691051001,null,"Переходник с наружной резьбой SDR 11, 25х2,3 -R 3/4 LX",10,"шт",9.83,11.599399999999999,0,9.83,0,11.6,0]
[null,"RAUPEX",null,null,11691041001,null,"Переходник с наружной резьбой SDR 11, 25х2,3- R 1/L22  LX",10,"шт",9.83,11.599399999999999,0,9.83,0,11.6,0]
[null,"RAUPEX",null,null,11691091001,null,"Переходник с наружной резьбой SDR 11, 32х2,9- R 1/L22  LX",3,"шт",11.74,13.853199999999999,0,11.74,0,13.85,0]
[null,"RAUPEX",null,null,11691111001,null,"Переходник с наружной резьбой SDR 11, 40х3,7- R 1 1/4  LX",1,"шт",23.66,27.918799999999997,0,23.66,0,27.92,0]
[null,"RAUPEX",null,null,11691491001,null,"Переходник с наружной резьбой SDR 11, 50х4,6- R 1 1/4 LX",1,"шт",25.23,29.7714,0,25.23,0,29.77,0]
[null,"RAUPEX",null,null,11691431001,null,"Переходник с наружной резьбой SDR 11, 50х4,6- R 1 1/2  LX",1,"шт",25.23,29.7714,0,25.23,0,29.77,0]
[null,"RAUPEX",null,null,11691411001,null,"Переходник с наружной резьбой SDR 11, 63х5,7- R 2  LX",1,"шт",43.77,51.648600000000002,0,43.77,0,51.65,0]
[null,"RAUPEX",null,null,12675811001,null,"Переходник с наружной резьбой SDR 11, 75х6,8- R 2 1/2",1,"шт",126.16,148.86879999999999,0,126.16,0,148.87,0]
[null,"RAUPEX",null,null,12675911001,null,"Переходник с наружной резьбой SDR 11, 90х8,2- R 3 ",1,"шт",164.21,193.76779999999999,0,164.21,0,193.77,0]
[null,"RAUPEX",null,null,12676011001,null,"Переходник с наружной резьбой SDR 11, 110х10,0- R 4 ",1,"шт",185.94,219.4092,0,185.94,0,219.41,0]
[null,"RAUPEX",null,null,12352391001,null,"Переходник с наружной резьбой SDR 11, 125х11,4- R 5",1,"шт",334.88,395.15839999999997,0,334.88,0,395.16,0]
[null,"RAUPEX"]
[null,"RAUPEX",null,null,13045731001,null,"Распределитель на два отвода 90° с внутренней резьбой",1,"шт",226.44,{"$f":"J1419*$B$2","v":267.19919999999996},{"$f":"K1419*F1419","v":0},{"$f":"J1419*(1-$E$5-$E$7)*(1-$E$9)*(1+$E$11)","v":226.44},{"$f":"M1419*F1419","v":0},{"$f":"ROUND((M1419*$B$2),2)","v":267.2},{"$f":"O1419*F1419","v":0}]
[null,"RAUPEX"]
[null,"RAUPEX",null,null,11691681001,null,"Переходник с конусом 60° SDR 11 32- G ½ ",10,"шт",7.88,{"$f":"J1421*$B$2","v":9.2983999999999991},{"$f":"K1421*F1421","v":0},{"$f":"J1421*(1-$E$5-$E$7)*(1-$E$9)*(1+$E$11)","v":7.88},{"$f":"M1421*F1421","v":0},{"$f":"ROUND((M1421*$B$2),2)","v":9.3000000000000007},{"$f":"O1421*F1421","v":0}]
[null,"RAUPEX"]
[null,"RAUPEX",null,null,11690991001,null,"Переходник с внутренней резьбой SDR 11, 20х1,9- Rp 1/2  LX",10,"шт",6.34,{"$f":"J1423*$B$2","v":7.4811999999999994},{"$f":"K1423*F1423","v":0},{"$f":"J1423*(1-$E$5-$E$7)*(1-$E$9)*(1+$E$11)","v":6.34},{"$f":"M1423*F1423","v":0},{"$f":"ROUND((M1423*$B$2),2)","v":7.48},{"$f":"O1423*F1423","v":0}]
[null,"RAUPEX",null,null,11691001001,null,"Переходник с внутренней резьбой SDR 11, 20х1,9- Rp 3/4 LX",10,"шт",6.34,{"$f":"J1424*$B$2","v":7.4811999999999994},{"$f":"K1424*F1424","v":0},{"$f":"J1424*(1-$E$5-$E$7)*(1-$E$9)*(1+$E$11)","v":6.34},{"$f":"M1424*F1424","v":0},{"$f":"ROUND((M1424*$B$2),2)","v":7.48},{"$f":"O1424*F1424","v":0}]
[null,"RAUPEX",null,null,11691071001,null,"Переходник с внутренней резьбой SDR 11, 25х2,3- Rp 3/4 LX",10,"шт",8.02,{"$f":"J1425*$B$2","v":9.4635999999999996},{"$f":"K1425*F1425","v":0},{"$f":"J1425*(1-$E$5-$E$7)*(1-$E$9)*(1+$E$11)","v":8.02},{"$f":"M1425*F1425","v":0},{"$f":"ROUND((M1425*$B$2),2)","v":9.4600000000000009},{"$f":"O1425*F1425","v":0}]
[null,"RAUPEX",null,null,11691061001,null,"Переходник с внутренней резьбой SDR 11, 25х2,3- Rp 1 LX",10,"шт",11.47,{"$f":"J1426*$B$2","v":13.534599999999999},{"$f":"K1426*F1426","v":0},{"$f":"J1426*(1-$E$5-$E$7)*(1-$E$9)*(1+$E$11)","v":11.47},{"$f":"M1426*F1426","v":0},{"$f":"ROUND((M1426*$B$2),2)","v":13.53},{"$f":"O1426*F1426","v":0}]
[null,"RAUPEX",null,null,11691101001,null,"Переходник с внутренней резьбой SDR 11, 32x2,9- Rp1 LX",3,"шт",12.46,{"$f":"J1427*$B$2","v":14.7028},{"$f":"K1427*F1427","v":0},{"$f":"J1427*(1-$E$5-$E$7)*(1-$E$9)*(1+$E$11)","v":12.46},{"$f":"M1427*F1427","v":0},{"$f":"ROUND((M1427*$B$2),2)","v":14.7},{"$f":"O1427*F1427","v":0}]
[null,"RAUPEX"]
[null,"RAUPEX",null,null,12671611001,null,"Переход на сварное соединение SDR 11, 25х2,3-26,9х2,3",10,"шт",10.55,{"$f":"J1429*$B$2","v":12.449},{"$f":"K1429*F1429","v":0},{"$f":"J1429*(1-$E$5-$E$7)*(1-$E$9)*(1+$E$11)","v":10.55},{"$f":"M1429*F1429","v":0},{"$f":"ROUND((M1429*$B$2),2)","v":12.45},{"$f":"O1429*F1429","v":0}]
[null,"RAUPEX",null,null,12671811001,null,"Переход на сварное соединение SDR 11, 32х2,3-26,9х2,3",3,"шт",15.85,18.702999999999999,0,15.85,0,18.7,0]
[null,"RAUPEX",null,null,12672011001,null,"Переход на сварное соединение SDR 11, 40х3,7-42,4х2,6",3,"шт",19.78,23.340399999999999,0,19.78,0,23.34,0]
[null,"RAUPEX",null,null,12672211001,null,"Переход на сварное соединение SDR 11, 50х4,6-48,3х2,6",1,"шт",23.76,28.036799999999999,0,23.76,0,28.04,0]
[null,"RAUPEX",null,null,12672411001,null,"Переход на сварное соединение SDR 11, 63х5,7-60,3х2,9",1,"шт",42.23,49.831399999999995,0,42.23,0,49.83,0]
[null,"RAUPEX",null,null,12672611001,null,"Переход на сварное соединение SDR 11, 75х6,8-76,1х2,9",1,"шт",58.08,68.534399999999991,0,58.08,0,68.53,0]
[null,"RAUPEX",null,null,12672811001,null,"Переход на сварное соединение SDR 11, 98х8,2-88,9х3,2",1,"шт",73.87,87.166600000000003,0,73.87,0,87.17,0]
[null,"RAUPEX",null,null,12673011001,null,"Переход на сварное соединение SDR 11, 110х10,0-114,3х3,6",1,"шт",89.72,105.86959999999999,0,89.72,0,105.87,0]
[null,"RAUPEX",null,null,12352091001,null,"Переход на сварное соединение SDR 11, 125х11,4-139,7х3,6",1,"шт",261.27999999999997,308.31039999999996,0,261.27999999999997,0,308.31,0]
[null,"RAUPEX",null,null,12062531001,null,"Переход на сварное соединение SDR 11, 140x12,7-139,7x3,6",1,"шт",{"$f":"356.94/1.18","v":302.49152542372883},356.94,0,302.49152542372883,0,356.94,0]
[null,"RAUPEX",null,null,12316261001,null,"Переход на сварное соединение SDR 11, 160х14,6-168,3х4,1",1,"шт",333.83,393.91939999999994,0,333.83,0,393.92,0]
[null,"RAUPEX"]
[null,"RAUPEX",null,null,11690451001,null,"Тройник равнопроходный SDR 11, 20х1,9  LX",10,"шт",7.44,{"$f":"J1441*$B$2","v":8.7791999999999994},{"$f":"K1441*F1441","v":0},{"$f":"J1441*(1-$E$5-$E$7)*(1-$E$9)*(1+$E$11)","v":7.44},{"$f":"M1441*F1441","v":0},{"$f":"ROUND((M1441*$B$2),2)","v":8.7799999999999994},{"$f":"O1441*F1441","v":0}]
[null,"RAUPEX",null,null,11690561001,null,"Тройник равнопроходный SDR 11, 25х2,3 LX",10,"шт",8.4,9.911999999999999,0,8.4,0,9.91,0]
[null,"RAUPEX",null,null,11690631001,null,"Тройник равнопроходный SDR 11, 32х2,9 LX",3,"шт",17.809999999999999,21.015799999999999,0,17.809999999999999,0,21.02,0]
[null,"RAUPEX",null,null,11690721001,null,"Тройник равнопроходный SDR 11, 40х3,7 LX",1,"шт",34.97,41.264599999999994,0,34.97,0,41.26,0]
[null,"RAUPEX",null,null,11691561001,null,"Тройник равнопроходный SDR 11, 50х4,6 LX",1,"шт",46.83,55.259399999999992,0,46.83,0,55.26,0]
[null,"RAUPEX",null,null,11691671001,null,"Тройник равнопроходный SDR 11, 63х5,7 LX",1,"шт",52.56,62.020800000000001,0,52.56,0,62.02,0]
[null,"RAUPEX",null,null,12219461001,null,"Тройник равнопроходный SDR 11, 75х6,8",1,"шт",227.95,268.98099999999999,0,227.95,0,268.98,0]
[null,"RAUPEX",null,null,12219481001,null,"Тройник равнопроходный SDR 11, 90х8,2",1,"шт",267.73,315.92140000000001,0,267.73,0,315.92,0]
[null,"RAUPEX",null,null,12219531001,null,"Тройник равнопроходный SDR 11, 110х10,0",1,"шт",364.98,430.6764,0,364.98,0,430.68,0]
[null,"RAUPEX"]
[null,"RAUPEX",null,null,11690491001,null,"Тройник SDR 11, 25-20-20 LX",10,"шт",8.3000000000000007,{"$f":"J1451*$B$2","v":9.7940000000000005},{"$f":"K1451*F1451","v":0},{"$f":"J1451*(1-$E$5-$E$7)*(1-$E$9)*(1+$E$11)","v":8.3000000000000007},{"$f":"M1451*F1451","v":0},{"$f":"ROUND((M1451*$B$2),2)","v":9.7899999999999991},{"$f":"O1451*F1451","v":0}]
[null,"RAUPEX",null,null,11690601001,null,"Тройник SDR 11, 32-25-25 LX",3,"шт",17.809999999999999,21.015799999999999,0,17.809999999999999,0,21.02,0]
[null,"RAUPEX",null,null,11690701001,null,"Тройник SDR 11, 40-32-32 LX",1,"шт",45,53.099999999999994,0,45,0,53.1,0]
[null,"RAUPEX",null,null,11691511001,null,"Тройник SDR 11, 50-25-40 LX",1,"шт",46.12,54.421599999999991,0,46.12,0,54.42,0]
[null,"RAUPEX",null,null,11691531001,null,"Тройник SDR 11, 50-32-40 LX",1,"шт",47,55.459999999999994,0,47,0,55.46,0]
[null,"RAUPEX",null,null,11691601001,null,"Тройник SDR 11, 63-32-50 LX",1,"шт",68.84,81.231200000000001,0,68.84,0,81.23,0]
[null,"RAUPEX",null,null,11691621001,null,"Тройник SDR 11, 63-40-40 LX",1,"шт",71.569999999999993,84.45259999999999,0,71.569999999999993,0,84.45,0]
[null,"RAUPEX",null,null,11691631001,null,"Тройник SDR 11, 63-40-50 LX",1,"шт",78.680000000000007,92.842399999999998,0,78.680000000000007,0,92.84,0]
[null,"RAUPEX",null,null,11691651001,null,"Тройник SDR 11, 63-50-50 LX",1,"шт",85.79,101.23220000000001,0,85.79,0,101.23,0]
[null,"RAUPEX",null,null,12219351001,null,"Тройник SDR 11, 75-32-63",1,"шт",203.26,239.84679999999997,0,203.26,0,239.85,0]
[null,"RAUPEX",null,null,12219381001,null,"Тройник SDR 11, 75-50-63",1,"шт",203.26,239.84679999999997,0,203.26,0,239.85,0]
[null,"RAUPEX",null,null,12219431001,null,"Тройник SDR 11, 75-63-63",1,"шт",203.26,239.84679999999997,0,203.26,0,239.85,0]
[null,"RAUPEX"]
[null,"RAUPEX",null,null,11690531001,null,"Тройник с уменьшенным бок. проходом SDR 11, 25-20-25  LX",10,"шт",8.3000000000000007,{"$f":"J1464*$B$2","v":9.7940000000000005},{"$f":"K1464*F1464","v":0},{"$f":"J1464*(1-$E$5-$E$7)*(1-$E$9)*(1+$E$11)","v":8.3000000000000007},{"$f":"M1464*F1464","v":0},{"$f":"ROUND((M1464*$B$2),2)","v":9.7899999999999991},{"$f":"O1464*F1464","v":0}]
[null,"RAUPEX",null,null,11690591001,null,"Тройник с уменьшенным бок. проходом SDR 11, 32-20-32 LX",5,"шт",17.809999999999999,21.015799999999999,0,17.809999999999999,0,21.02,0]
[null,"RAUPEX",null,null,11690611001,null,"Тройник с уменьшенным бок. проходом SDR 11, 32-25-32 LX",3,"шт",17.809999999999999,21.015799999999999,0,17.809999999999999,0,21.02,0]
[null,"RAUPEX",null,null,11690681001,null,"Тройник с уменьшенным бок. проходом SDR 11, 40-20-40 LX",1,"шт",33.33,39.329399999999993,0,33.33,0,39.33,0]
[null,"RAUPEX",null,null,11690691001,null,"Тройник с уменьшенным бок. проходом SDR 11, 40-25-40 LX",1,"шт",33.33,39.329399999999993,0,33.33,0,39.33,0]
[null,"RAUPEX",null,null,11690711001,null,"Тройник с уменьшенным бок. проходом SDR 11, 40-32-40 LX",1,"шт",33.33,39.329399999999993,0,33.33,0,39.33,0]
[null,"RAUPEX",null,null,11690771001,null,"Тройник с уменьшенным бок. проходом SDR 11, 50-20-50 LX",1,"шт",41.11,48.509799999999998,0,41.11,0,48.51,0]
[null,"RAUPEX",null,null,11691521001,null,"Тройник с уменьшенным бок. проходом SDR 11, 50-25-50 LX",1,"шт",41.11,48.509799999999998,0,41.11,0,48.51,0]
[null,"RAUPEX",null,null,11691541001,null,"Тройник с уменьшенным бок. проходом SDR 11, 50-32-50 LX",1,"шт",41.11,48.509799999999998,0,41.11,0,48.51,0]
[null,"RAUPEX",null,null,11691551001,null,"Тройник с уменьшенным бок. проходом SDR 11, 50-40-50 LX",1,"шт",46.83,55.259399999999992,0,46.83,0,55.26,0]
[null,"RAUPEX",null,null,12444321001,null,"Тройник с уменьшенным бок. проходом SDR 11, 63-20-63 LX",1,"шт",53.94,63.649199999999993,0,53.94,0,63.65,0]
[null,"RAUPEX",null,null,11691591001,null,"Тройник с уменьшенным бок. проходом SDR 11, 63-25-63 LX",1,"шт",55.15,65.076999999999998,0,55.15,0,65.08,0]
[null,"RAUPEX",null,null,11691611001,null,"Тройник с уменьшенным бок. проходом SDR 11, 63-32-63 LX",1,"шт",61.4,72.451999999999998,0,61.4,0,72.45,0]
[null,"RAUPEX",null,null,11691641001,null,"Тройник с уменьшенным бок. проходом SDR 11, 63-40-63 LX",1,"шт",61.4,72.451999999999998,0,61.4,0,72.45,0]
[null,"RAUPEX",null,null,11691661001,null,"Тройник с уменьшенным бок. проходом SDR 11, 63-50-63 LX",1,"шт",61.4,72.451999999999998,0,61.4,0,72.45,0]
[null,"RAUPEX",null,null,12219341001,null,"Тройник с уменьшенным бок. проходом SDR 11, 75-25-75",1,"шт",172.82,203.92759999999998,0,172.82,0,203.93,0]
[null,"RAUPEX",null,null,12677911001,null,"Тройник с уменьшенным бок. проходом SDR 11, 75-32-75",1,"шт",172.82,203.92759999999998,0,172.82,0,203.93,0]
[null,"RAUPEX",null,null,12219361001,null,"Тройник с уменьшенным бок. проходом SDR 11, 75-40-75",1,"шт",172.82,203.92759999999998,0,172.82,0,203.93,0]
[null,"RAUPEX",null,null,12313261001,null,"Тройник с уменьшенным бок. проходом SDR 11, 75-50-75",1,"шт",172.82,203.92759999999998,0,172.82,0,203.93,0]
[null,"RAUPEX",null,null,12219441001,null,"Тройник с уменьшенным бок. проходом SDR 11, 75-63-75",1,"шт",207.35,244.67299999999997,0,207.35,0,244.67,0]
[null,"RAUPEX",null,null,12313361001,null,"Тройник с уменьшенным бок. проходом SDR 11, 90-32-90",1,"шт",186.61,220.19980000000001,0,186.61,0,220.2,0]
[null,"RAUPEX",null,null,12219451001,null,"Тройник с уменьшенным бок. проходом SDR 11, 90-40-90",1,"шт",186.61,220.19980000000001,0,186.61,0,220.2,0]
[null,"RAUPEX",null,null,12313461001,null,"Тройник с уменьшенным бок. проходом SDR 11, 90-63-90",1,"шт",204.89,241.77019999999996,0,204.89,0,241.77,0]
[null,"RAUPEX",null,null,12313561001,null,"Тройник с уменьшенным бок. проходом SDR 11, 110-32-110",1,"шт",228.12,269.1816,0,228.12,0,269.18,0]
[null,"RAUPEX",null,null,12219501001,null,"Тройник с уменьшенным бок. проходом SDR 11, 110-50-110",1,"шт",266.08999999999997,313.98619999999994,0,266.08999999999997,0,313.99,0]
[null,"RAUPEX",null,null,12313661001,null,"Тройник с уменьшенным бок. проходом SDR 11, 110-63-110",1,"шт",276.45999999999998,326.22279999999995,0,276.45999999999998,0,326.22000000000003,0]
[null,"RAUPEX"]
[null,"RAUPEX",null,null,11690471001,null,"Тройник SDR 11, 20-25-20 LX",10,"шт",8.3000000000000007,{"$f":"J1491*$B$2","v":9.7940000000000005},{"$f":"K1491*F1491","v":0},{"$f":"J1491*(1-$E$5-$E$7)*(1-$E$9)*(1+$E$11)","v":8.3000000000000007},{"$f":"M1491*F1491","v":0},{"$f":"ROUND((M1491*$B$2),2)","v":9.7899999999999991},{"$f":"O1491*F1491","v":0}]
[null,"RAUPEX",null,null,12677811001,null,"Тройник SDR 11, 63-75-63",1,"шт",274.29000000000002,{"$f":"J1492*$B$2","v":323.66219999999998},{"$f":"K1492*F1492","v":0},{"$f":"J1492*(1-$E$5-$E$7)*(1-$E$9)*(1+$E$11)","v":274.29000000000002},{"$f":"M1492*F1492","v":0},{"$f":"ROUND((M1492*$B$2),2)","v":323.66000000000003},{"$f":"O1492*F1492","v":0}]
[null,"RAUPEX"]
[null,"RAUPEX",null,null,11690551001,null,"Тройник SDR 11, 25-25-20 LX",10,"шт",8.3000000000000007,{"$f":"J1494*$B$2","v":9.7940000000000005},{"$f":"K1494*F1494","v":0},{"$f":"J1494*(1-$E$5-$E$7)*(1-$E$9)*(1+$E$11)","v":8.3000000000000007},{"$f":"M1494*F1494","v":0},{"$f":"ROUND((M1494*$B$2),2)","v":9.7899999999999991},{"$f":"O1494*F1494","v":0}]
[null,"RAUPEX",null,null,11690621001,null,"Тройник SDR 11, 32-32-25 LX",3,"шт",17.809999999999999,{"$f":"J1495*$B$2","v":21.015799999999999},{"$f":"K1495*F1495","v":0},{"$f":"J1495*(1-$E$5-$E$7)*(1-$E$9)*(1+$E$11)","v":17.809999999999999},{"$f":"M1495*F1495","v":0},{"$f":"ROUND((M1495*$B$2),2)","v":21.02},{"$f":"O1495*F1495","v":0}]
[null,"RAUPEX"]
[null,"RAUPEX",null,null,11691691001,null,"Тройник с конусом 60° SDR 7,4 32 - G ½ - 32 ",30,"шт",39.89,{"$f":"J1497*$B$2","v":47.0702},{"$f":"K1497*F1497","v":0},{"$f":"J1497*(1-$E$5-$E$7)*(1-$E$9)*(1+$E$11)","v":39.89},{"$f":"M1497*F1497","v":0},{"$f":"ROUND((M1497*$B$2),2)","v":47.07},{"$f":"O1497*F1497","v":0}]
[null,"RAUPEX"]
[null,"RAUPEX",null,null,11690481001,null,"Тройник с внутренней резьбой SDR 11, 20-Rp 1/2-20 LX",10,"шт",10.27,{"$f":"J1499*$B$2","v":12.118599999999999},{"$f":"K1499*F1499","v":0},{"$f":"J1499*(1-$E$5-$E$7)*(1-$E$9)*(1+$E$11)","v":10.27},{"$f":"M1499*F1499","v":0},{"$f":"ROUND((M1499*$B$2),2)","v":12.12},{"$f":"O1499*F1499","v":0}]
[null,"RAUPEX",null,null,11690571001,null,"Тройник с внутренней резьбой SDR 11, 25-Rp 1/2-25 LX",10,"шт",10.55,12.449,0,10.55,0,12.45,0]
[null,"RAUPEX",null,null,11690581001,null,"Тройник с внутренней резьбой SDR 11, 25-Rp 3/4-25 LX",10,"шт",10.55,12.449,0,10.55,0,12.45,0]
[null,"RAUPEX",null,null,11690641001,null,"Тройник с внутренней резьбой SDR 11, 32-Rp 1/2-32 LX",3,"шт",20.71,24.437799999999999,0,20.71,0,24.44,0]
[null,"RAUPEX",null,null,11690671001,null,"Тройник с внутренней резьбой SDR 11, 32-Rp 3/4-32 LX",1,"шт",20.71,24.437799999999999,0,20.71,0,24.44,0]
[null,"RAUPEX",null,null,11690651001,null,"Тройник с внутренней резьбой SDR 11, 32-Rp 1-32 LX",1,"шт",20.71,24.437799999999999,0,20.71,0,24.44,0]
[null,"RAUPEX",null,null,11690731001,null,"Тройник с внутренней резьбой SDR 11, 40-Rp 1/2-40 LX",1,"шт",35.950000000000003,42.420999999999999,0,35.950000000000003,0,42.42,0]
[null,"RAUPEX",null,null,11690761001,null,"Тройник с внутренней резьбой SDR 11, 40-Rp 3/4-40  LX",1,"шт",37.86,44.674799999999998,0,37.86,0,44.67,0]
[null,"RAUPEX",null,null,11690751001,null,"Тройник с внутренней резьбой SDR 11, 40-Rp 1-40  LX",1,"шт",35.950000000000003,42.420999999999999,0,35.950000000000003,0,42.42,0]
[null,"RAUPEX",null,null,11690791001,null,"Тройник с внутренней резьбой SDR 11, 50-Rp 1/2-50  LX",1,"шт",40.82,48.1676,0,40.82,0,48.17,0]
[null,"RAUPEX",null,null,11690801001,null,"Тройник с внутренней резьбой SDR 11, 50-Rp 3/4-50 LX",1,"шт",40.82,48.1676,0,40.82,0,48.17,0]
[null,"RAUPEX",null,null,11691581001,null,"Тройник с внутренней резьбой SDR 11, 50-Rp 1-50 LX",1,"шт",40.82,48.1676,0,40.82,0,48.17,0]
[null,"RAUPEX",null,null,11690781001,null,"Тройник с внутренней резьбой SDR 11, 50-Rp 1 1/4-50 LX",1,"шт",40.82,48.1676,0,40.82,0,48.17,0]
[null,"RAUPEX",null,null,11690821001,null,"Тройник с внутренней резьбой SDR 11, 63-Rp 1/2-63 LX",1,"шт",57.24,67.543199999999999,0,57.24,0,67.540000000000006,0]
[null,"RAUPEX",null,null,11690831001,null,"Тройник с внутренней резьбой SDR 11, 63-Rp 3/4-63 LX",1,"шт",57.24,67.543199999999999,0,57.24,0,67.540000000000006,0]
[null,"RAUPEX"]
[null,"RAUPEX",null,null,11690741001,null,"Тройник разнопроходной с внутренней резьбой SDR 11, 40-Rp1-32 LX",1,"шт",35.950000000000003,{"$f":"J1515*$B$2","v":42.420999999999999},{"$f":"K1515*F1515","v":0},{"$f":"J1515*(1-$E$5-$E$7)*(1-$E$9)*(1+$E$11)","v":35.950000000000003},{"$f":"M1515*F1515","v":0},{"$f":"ROUND((M1515*$B$2),2)","v":42.42},{"$f":"O1515*F1515","v":0}]
[null,"RAUPEX",null,null,11691571001,null,"Тройник разнопроходной с внутренней резьбой SDR 11, 50-Rp1 1/4-40 LX",1,"шт",40.86,{"$f":"J1516*$B$2","v":48.214799999999997},{"$f":"K1516*F1516","v":0},{"$f":"J1516*(1-$E$5-$E$7)*(1-$E$9)*(1+$E$11)","v":40.86},{"$f":"M1516*F1516","v":0},{"$f":"ROUND((M1516*$B$2),2)","v":48.21},{"$f":"O1516*F1516","v":0}]
[null,"RAUPEX"]
[null,"RAUPEX",null,null,12098891001,null,"Тройник с отводом 90° SDR 11 32-32-32",4,"шт",58.27,{"$f":"J1518*$B$2","v":68.758600000000001},{"$f":"K1518*F1518","v":0},{"$f":"J1518*(1-$E$5-$E$7)*(1-$E$9)*(1+$E$11)","v":58.27},{"$f":"M1518*F1518","v":0},{"$f":"ROUND((M1518*$B$2),2)","v":68.760000000000005},{"$f":"O1518*F1518","v":0}]
[null,"RAUPEX"]
[null,"RAUPEX",null,null,12247451001,null,"Тройник с двойным отводом 63 - Rp 1/2 - Rp 1/2 - 63 ",1,"шт",95.4,{"$f":"J1520*$B$2","v":112.572},{"$f":"K1520*F1520","v":0},{"$f":"J1520*(1-$E$5-$E$7)*(1-$E$9)*(1+$E$11)","v":95.4},{"$f":"M1520*F1520","v":0},{"$f":"ROUND((M1520*$B$2),2)","v":112.57},{"$f":"O1520*F1520","v":0}]
[null,"RAUPEX"]
[null,"RAUPEX",null,null,11691251001,null,"Угольник 45°, SDR 11, 25х2,3 LX",10,"шт",11.86,{"$f":"J1522*$B$2","v":13.994799999999998},{"$f":"K1522*F1522","v":0},{"$f":"J1522*(1-$E$5-$E$7)*(1-$E$9)*(1+$E$11)","v":11.86},{"$f":"M1522*F1522","v":0},{"$f":"ROUND((M1522*$B$2),2)","v":13.99},{"$f":"O1522*F1522","v":0}]
[null,"RAUPEX",null,null,11691271001,null,"Угольник 45°, SDR 11, 32х2,9 LX",3,"шт",17.29,20.402199999999997,0,17.29,0,20.399999999999999,0]
[null,"RAUPEX",null,null,11691291001,null,"Угольник 45°, SDR 11, 40х3,7 LX",1,"шт",32.56,38.4208,0,32.56,0,38.42,0]
[null,"RAUPEX",null,null,11691311001,null,"Угольник 45°, SDR 11, 50х4,6 LX",1,"шт",51.52,60.793599999999998,0,51.52,0,60.79,0]
[null,"RAUPEX",null,null,11691501001,null,"Угольник 45°, SDR 11, 63х5,8 LX",1,"шт",61.41,72.463799999999992,0,61.41,0,72.459999999999994,0]
[null,"RAUPEX",null,null,12378361001,null,"Угольник 45°, SDR 11, 75х6,8",1,"шт",150.68,177.80240000000001,0,150.68,0,177.8,0]
[null,"RAUPEX"]
[null,"RAUPEX",null,null,11691241001,null,"Угольник 90°, SDR 11, 20х1,9 LX",10,"шт",7.33,{"$f":"J1529*$B$2","v":8.6494},{"$f":"K1529*F1529","v":0},{"$f":"J1529*(1-$E$5-$E$7)*(1-$E$9)*(1+$E$11)","v":7.33},{"$f":"M1529*F1529","v":0},{"$f":"ROUND((M1529*$B$2),2)","v":8.65},{"$f":"O1529*F1529","v":0}]
[null,"RAUPEX",null,null,11691261001,null,"Угольник 90°, SDR 11, 25х2,3 LX",10,"шт",9.07,10.7026,0,9.07,0,10.7,0]
[null,"RAUPEX",null,null,11691281001,null,"Угольник 90°, SDR 11, 32х2,9 LX",3,"шт",14.53,17.145399999999999,0,14.53,0,17.149999999999999,0]
[null,"RAUPEX",null,null,11691301001,null,"Угольник 90°, SDR 11, 40х3,7 LX",1,"шт",27,31.86,0,27,0,31.86,0]
[null,"RAUPEX",null,null,11691451001,null,"Угольник 90°, SDR 11, 50х4,6 LX",1,"шт",45.91,54.173799999999993,0,45.91,0,54.17,0]
[null,"RAUPEX",null,null,11691461001,null,"Угольник 90°, SDR 11, 63х5,7 LX",1,"шт",56.82,67.047600000000003,0,56.82,0,67.05,0]
[null,"RAUPEX",null,null,12677511001,null,"Угольник 90°, SDR 11, 75х6,8",1,"шт",177.96,209.99279999999999,0,177.96,0,209.99,0]
[null,"RAUPEX",null,null,12677611001,null,"Угольник 90°, SDR 11, 90х8,2",1,"шт",213.6,252.04799999999997,0,213.6,0,252.05,0]
[null,"RAUPEX",null,null,12677711001,null,"Угольник 90°, SDR 11, 110x10,0",1,"шт",276.06,325.75079999999997,0,276.06,0,325.75,0]
[null,"RAUPEX"]
[null,"RAUPEX",null,null,11691381001,null,"Угольник-переходник с наружной резьбой SDR 11 20-R 1/2 ",10,"шт",7.7,{"$f":"J1539*$B$2","v":9.0860000000000003},{"$f":"K1539*F1539","v":0},{"$f":"J1539*(1-$E$5-$E$7)*(1-$E$9)*(1+$E$11)","v":7.7},{"$f":"M1539*F1539","v":0},{"$f":"ROUND((M1539*$B$2),2)","v":9.09},{"$f":"O1539*F1539","v":0}]
[null,"RAUPEX",null,null,11691391001,null,"Угольник-переходник с наружной резьбой SDR 11 20-R 3/4 ",10,"шт",7.7,{"$f":"J1540*$B$2","v":9.0860000000000003},{"$f":"K1540*F1540","v":0},{"$f":"J1540*(1-$E$5-$E$7)*(1-$E$9)*(1+$E$11)","v":7.7},{"$f":"M1540*F1540","v":0},{"$f":"ROUND((M1540*$B$2),2)","v":9.09},{"$f":"O1540*F1540","v":0}]
[null,"RAUPEX",null,null,11691401001,null,"Угольник-переходник с наружной резьбой SDR 11 25-R 3/4 ",10,"шт",12.07,{"$f":"J1541*$B$2","v":14.242599999999999},{"$f":"K1541*F1541","v":0},{"$f":"J1541*(1-$E$5-$E$7)*(1-$E$9)*(1+$E$11)","v":12.07},{"$f":"M1541*F1541","v":0},{"$f":"ROUND((M1541*$B$2),2)","v":14.24},{"$f":"O1541*F1541","v":0}]
[null,"RAUPEX",null,null,11690261001,null,"Угольник-переходник с наружной резьбой SDR 11 32-R 1",3,"шт",12.93,{"$f":"J1542*$B$2","v":15.257399999999999},{"$f":"K1542*F1542","v":0},{"$f":"J1542*(1-$E$5-$E$7)*(1-$E$9)*(1+$E$11)","v":12.93},{"$f":"M1542*F1542","v":0},{"$f":"ROUND((M1542*$B$2),2)","v":15.26},{"$f":"O1542*F1542","v":0}]
[null,"RAUPEX"]
[null,"RAUPEX",null,null,11691161001,null,"Настенный угольник с внутр.резьбой, SDR 11, 20x1,9-Rp 1/2 LX",10,"шт",7.7,{"$f":"J1544*$B$2","v":9.0860000000000003},{"$f":"K1544*F1544","v":0},{"$f":"J1544*(1-$E$5-$E$7)*(1-$E$9)*(1+$E$11)","v":7.7},{"$f":"M1544*F1544","v":0},{"$f":"ROUND((M1544*$B$2),2)","v":9.09},{"$f":"O1544*F1544","v":0}]
[null,"RAUPEX",null,null,11691181001,null,"Настенный угольник с внутр.резьбой, SDR 11, 20x1,9-Rp 3/4 LX",10,"шт",7.7,{"$f":"J1545*$B$2","v":9.0860000000000003},{"$f":"K1545*F1545","v":0},{"$f":"J1545*(1-$E$5-$E$7)*(1-$E$9)*(1+$E$11)","v":7.7},{"$f":"M1545*F1545","v":0},{"$f":"ROUND((M1545*$B$2),2)","v":9.09},{"$f":"O1545*F1545","v":0}]
[null,"RAUPEX",null,null,11691191001,null,"Настенный угольник с внутр.резьбой, SDR 11, 25x2,3-Rp 3/4 LX",10,"шт",12.02,{"$f":"J1546*$B$2","v":14.183599999999998},{"$f":"K1546*F1546","v":0},{"$f":"J1546*(1-$E$5-$E$7)*(1-$E$9)*(1+$E$11)","v":12.02},{"$f":"M1546*F1546","v":0},{"$f":"ROUND((M1546*$B$2),2)","v":14.18},{"$f":"O1546*F1546","v":0}]
[null,"RAUPEX"]
[null,"RAUPEX",null,null,null,null,"3.3 Шаровые краны со штуцерами под надвижную гильзу, SDR 11"]
[null,"RAUPEX",null,null,12331431001,null,"Шаровой кран со штуцерами под надвижную гильзу 20x1,9 - 20x1,9",1,"шт",21.6,{"$f":"J1549*$B$2","v":25.488},{"$f":"K1549*F1549","v":0},{"$f":"J1549*(1-$E$5-$E$7)*(1-$E$9)*(1+$E$11)","v":21.6},{"$f":"M1549*F1549","v":0},{"$f":"ROUND((M1549*$B$2),2)","v":25.49},{"$f":"O1549*F1549","v":0}]
[null,"RAUPEX",null,null,12331631001,null,"Шаровой кран со штуцерами под надвижную гильзу 25x2,3 - 25x2,3",1,"шт",29.31,34.585799999999999,0,29.31,0,34.590000000000003,0]
[null,"RAUPEX",null,null,12331831001,null,"Шаровой кран со штуцерами под надвижную гильзу 32x2,9 - 32x2,9",1,"шт",35.78,42.220399999999998,0,35.78,0,42.22,0]
[null,"RAUPEX",null,null,12332131001,null,"Шаровой кран со штуцерами под надвижную гильзу 40x3,7 - 40x3,7",1,"шт",54.59,64.416200000000003,0,54.59,0,64.42,0]
[null,"RAUPEX",null,null,12332331001,null,"Шаровой кран со штуцерами под надвижную гильзу 50x4,6 - 50x4,6",1,"шт",83.28,98.270399999999995,0,83.28,0,98.27,0]
[null,"RAUPEX",null,null,12332531001,null,"Шаровой кран со штуцерами под надвижную гильзу 63x5,8 - 63x5,8",1,"шт",93.57,110.41259999999998,0,93.57,0,110.41,0]
[null,"RAUPEX"]
[null,"RAUPEX",null,null,12331531001,null,"Шаровой кран со штуцером под гильзу и нар. резьбой, 220х1,9-R 3/4",1,"шт",24.39,{"$f":"J1556*$B$2","v":28.780200000000001},{"$f":"K1556*F1556","v":0},{"$f":"J1556*(1-$E$5-$E$7)*(1-$E$9)*(1+$E$11)","v":24.39},{"$f":"M1556*F1556","v":0},{"$f":"ROUND((M1556*$B$2),2)","v":28.78},{"$f":"O1556*F1556","v":0}]
[null,"RAUPEX",null,null,12331731001,null,"Шаровой кран со штуцером под гильзу и нар. резьбой, 25x2,3-R 1",1,"шт",28.35,{"$f":"J1557*$B$2","v":33.453000000000003},{"$f":"K1557*F1557","v":0},{"$f":"J1557*(1-$E$5-$E$7)*(1-$E$9)*(1+$E$11)","v":28.35},{"$f":"M1557*F1557","v":0},{"$f":"ROUND((M1557*$B$2),2)","v":33.450000000000003},{"$f":"O1557*F1557","v":0}]
[null,"RAUPEX",null,null,12331931001,null,"Шаровой кран со штуцером под гильзу и нар. резьбой, 32x2,9-R 1",1,"шт",33.78,{"$f":"J1558*$B$2","v":39.860399999999998},{"$f":"K1558*F1558","v":0},{"$f":"J1558*(1-$E$5-$E$7)*(1-$E$9)*(1+$E$11)","v":33.78},{"$f":"M1558*F1558","v":0},{"$f":"ROUND((M1558*$B$2),2)","v":39.86},{"$f":"O1558*F1558","v":0}]
[null,"RAUPEX"]
[null,"RAUPEX",null,null,null,null,"3.4 Техника соединения электросварная муфта FUSAPEX"]
[null,"RAUPEX",null,null,12033911001,null,"FUSAPEX Электросварная муфта 50",1,"шт",39.119999999999997,{"$f":"J1561*$B$2","v":46.161599999999993},{"$f":"K1561*F1561","v":0},{"$f":"J1561*(1-$E$5-$E$7)*(1-$E$9)*(1+$E$11)","v":39.119999999999997},{"$f":"M1561*F1561","v":0},{"$f":"ROUND((M1561*$B$2),2)","v":46.16},{"$f":"O1561*F1561","v":0}]
[null,"RAUPEX",null,null,12033931001,null,"FUSAPEX Электросварная муфта 63",1,"шт",42.25,49.854999999999997,0,42.25,0,49.86,0]
[null,"RAUPEX",null,null,12219541001,null,"FUSAPEX Электросварная муфта 75",1,"шт",49.03,57.855399999999996,0,49.03,0,57.86,0]
[null,"RAUPEX",null,null,12219551001,null,"FUSAPEX Электросварная муфта 90",1,"шт",63.49,74.918199999999999,0,63.49,0,74.92,0]
[null,"RAUPEX",null,null,12219561001,null,"FUSAPEX Электросварная муфта 110",1,"шт",76.849999999999994,90.682999999999993,0,76.849999999999994,0,90.68,0]
[null,"RAUPEX",null,null,12219581001,null,"FUSAPEX Электросварная муфта 125",1,"шт",102.45,120.89099999999999,0,102.45,0,120.89,0]
[null,"RAUPEX",null,null,12219601001,null,"FUSAPEX Электросварная муфта 160",1,"шт",134.72,158.96959999999999,0,134.72,0,158.97,0]
[null,"RAUPEX"]
[null,"RAUPEX",null,null,12143981001,null,"FUSAPEX Электросварной переходник SDR 11 63-50",1,"шт",117.64,{"$f":"J1569*$B$2","v":138.8152},{"$f":"K1569*F1569","v":0},{"$f":"J1569*(1-$E$5-$E$7)*(1-$E$9)*(1+$E$11)","v":117.64},{"$f":"M1569*F1569","v":0},{"$f":"ROUND((M1569*$B$2),2)","v":138.82},{"$f":"O1569*F1569","v":0}]
[null,"RAUPEX",null,null,12143991001,null,"FUSAPEX Электросварной переходник SDR 11 75-50",1,"шт",117.64,138.8152,0,117.64,0,138.82,0]
[null,"RAUPEX",null,null,12144011001,null,"FUSAPEX Электросварной переходник SDR 11 75-63",1,"шт",117.64,138.8152,0,117.64,0,138.82,0]
[null,"RAUPEX",null,null,12144021001,null,"FUSAPEX Электросварной переходник SDR 11 90-50",1,"шт",124.18,146.5324,0,124.18,0,146.53,0]
[null,"RAUPEX",null,null,12144031001,null,"FUSAPEX Электросварной переходник SDR 11 90-63",1,"шт",124.18,146.5324,0,124.18,0,146.53,0]
[null,"RAUPEX",null,null,12036041001,null,"FUSAPEX Электросварной переходник SDR 11 90-75",1,"шт",124.18,146.5324,0,124.18,0,146.53,0]
[null,"RAUPEX",null,null,12144051001,null,"FUSAPEX Электросварной переходник SDR 11 110-50",1,"шт",127.37,150.29659999999998,0,127.37,0,150.30000000000001,0]
[null,"RAUPEX",null,null,12144061001,null,"FUSAPEX Электросварной переходник SDR 11 110-63",1,"шт",127.37,150.29659999999998,0,127.37,0,150.30000000000001,0]
[null,"RAUPEX",null,null,12036051001,null,"FUSAPEX Электросварной переходник SDR 11 110-75",1,"шт",127.37,150.29659999999998,0,127.37,0,150.30000000000001,0]
[null,"RAUPEX",null,null,12036071001,null,"FUSAPEX Электросварной переходник SDR 11 110-90",1,"шт",127.37,150.29659999999998,0,127.37,0,150.30000000000001,0]
[null,"RAUPEX",null,null,12144071001,null,"FUSAPEX Электросварной переходник SDR 11 125-50",1,"шт",131.19,154.80419999999998,0,131.19,0,154.80000000000001,0]
[null,"RAUPEX",null,null,12144081001,null,"FUSAPEX Электросварной переходник SDR 11 125-63",1,"шт",131.19,154.80419999999998,0,131.19,0,154.80000000000001,0]
[null,"RAUPEX",null,null,12036081001,null,"FUSAPEX Электросварной переходник SDR 11 125-75",1,"шт",131.19,154.80419999999998,0,131.19,0,154.80000000000001,0]
[null,"RAUPEX",null,null,12036111001,null,"FUSAPEX Электросварной переходник SDR 11 125-90",1,"шт",131.19,154.80419999999998,0,131.19,0,154.80000000000001,0]
[null,"RAUPEX",null,null,12036141001,null,"FUSAPEX Электросварной переходник SDR 11 125-110",1,"шт",131.19,154.80419999999998,0,131.19,0,154.80000000000001,0]
[null,"RAUPEX",null,null,12036151001,null,"FUSAPEX Электросварной переходник SDR 11 160-75",1,"шт",140.54,165.8372,0,140.54,0,165.84,0]
[null,"RAUPEX",null,null,12036161001,null,"FUSAPEX Электросварной переходник SDR 11 160-90",1,"шт",140.54,165.8372,0,140.54,0,165.84,0]
[null,"RAUPEX",null,null,12036171001,null,"FUSAPEX Электросварной переходник SDR 11 160-110",1,"шт",140.54,165.8372,0,140.54,0,165.84,0]
[null,"RAUPEX",null,null,12036181001,null,"FUSAPEX Электросварной переходник SDR 11 160-125",1,"шт",140.54,165.8372,0,140.54,0,165.84,0]
[null,"RAUPEX"]
[null,"RAUPEX",null,null,12085231001,null,"FUSAPEX Эл.-сварная муфта с наружн.резьбой из латуни 50 - R 1 1/2\"",1,"шт",157.72999999999999,{"$f":"J1589*$B$2","v":186.12139999999997},{"$f":"K1589*F1589","v":0},{"$f":"J1589*(1-$E$5-$E$7)*(1-$E$9)*(1+$E$11)","v":157.72999999999999},{"$f":"M1589*F1589","v":0},{"$f":"ROUND((M1589*$B$2),2)","v":186.12},{"$f":"O1589*F1589","v":0}]
[null,"RAUPEX",null,null,12085241001,null,"FUSAPEX Эл.-сварная муфта с наружн.резьбой из латуни 63 - R 2\"",1,"шт",175,{"$f":"J1590*$B$2","v":206.5},{"$f":"K1590*F1590","v":0},{"$f":"J1590*(1-$E$5-$E$7)*(1-$E$9)*(1+$E$11)","v":175},{"$f":"M1590*F1590","v":0},{"$f":"ROUND((M1590*$B$2),2)","v":206.5},{"$f":"O1590*F1590","v":0}]
[null,"RAUPEX",null,null,12887151001,null,"FUSAPEX Эл.-сварная муфта с наружн.резьбой из латуни 75 - R 2 1/2\"",1,"шт",177.96,{"$f":"J1591*$B$2","v":209.99279999999999},{"$f":"K1591*F1591","v":0},{"$f":"J1591*(1-$E$5-$E$7)*(1-$E$9)*(1+$E$11)","v":177.96},{"$f":"M1591*F1591","v":0},{"$f":"ROUND((M1591*$B$2),2)","v":209.99},{"$f":"O1591*F1591","v":0}]
[null,"RAUPEX"]
[null,"RAUPEX",null,null,11055791001,null,"FUSAPEX  Фланцевый переходник SDR 11 50/40",1,"шт",163.35,{"$f":"J1593*$B$2","v":192.75299999999999},{"$f":"K1593*F1593","v":0},{"$f":"J1593*(1-$E$5-$E$7)*(1-$E$9)*(1+$E$11)","v":163.35},{"$f":"M1593*F1593","v":0},{"$f":"ROUND((M1593*$B$2),2)","v":192.75},{"$f":"O1593*F1593","v":0}]
[null,"RAUPEX",null,null,11022841001,null,"FUSAPEX  Фланцевый переходник SDR 11 63/50",1,"шт",168.84,199.2312,0,168.84,0,199.23,0]
[null,"RAUPEX",null,null,12031281001,null,"FUSAPEX  Фланцевый переходник SDR 11 75/65",1,"шт",170.67,201.39059999999998,0,170.67,0,201.39,0]
[null,"RAUPEX",null,null,12299981001,null,"FUSAPEX  Фланцевый переходник SDR 11 90/80",1,"шт",178.62,210.77160000000001,0,178.62,0,210.77,0]
[null,"RAUPEX",null,null,12299991001,null,"FUSAPEX  Фланцевый переходник SDR 11 110/100",1,"шт",186.26,219.78679999999997,0,186.26,0,219.79,0]
[null,"RAUPEX",null,null,12887131001,null,"FUSAPEX  Фланцевый переходник SDR 11 125/100",1,"шт",192.63,227.30339999999998,0,192.63,0,227.3,0]
[null,"RAUPEX"]
[null,"RAUPEX",null,null,12052581001,null,"Профиль-уплотнение из EPDM 50/40",1,"шт",13.83,{"$f":"J1600*$B$2","v":16.319399999999998},{"$f":"K1600*F1600","v":0},{"$f":"J1600*(1-$E$5-$E$7)*(1-$E$9)*(1+$E$11)","v":13.83},{"$f":"M1600*F1600","v":0},{"$f":"ROUND((M1600*$B$2),2)","v":16.32},{"$f":"O1600*F1600","v":0}]
[null,"RAUPEX",null,null,12052631001,null,"Профиль-уплотнение из EPDM 63/50",1,"шт",14.49,{"$f":"J1601*$B$2","v":17.098199999999999},{"$f":"K1601*F1601","v":0},{"$f":"J1601*(1-$E$5-$E$7)*(1-$E$9)*(1+$E$11)","v":14.49},{"$f":"M1601*F1601","v":0},{"$f":"ROUND((M1601*$B$2),2)","v":17.100000000000001},{"$f":"O1601*F1601","v":0}]
[null,"RAUPEX",null,null,12052651001,null,"Профиль-уплотнение из EPDM 75/65",1,"шт",15.22,{"$f":"J1602*$B$2","v":17.959599999999998},{"$f":"K1602*F1602","v":0},{"$f":"J1602*(1-$E$5-$E$7)*(1-$E$9)*(1+$E$11)","v":15.22},{"$f":"M1602*F1602","v":0},{"$f":"ROUND((M1602*$B$2),2)","v":17.96},{"$f":"O1602*F1602","v":0}]
[null,"RAUPEX",null,null,12052661001,null,"Профиль-уплотнение из EPDM 90/80",1,"шт",17.350000000000001,{"$f":"J1603*$B$2","v":20.472999999999999},{"$f":"K1603*F1603","v":0},{"$f":"J1603*(1-$E$5-$E$7)*(1-$E$9)*(1+$E$11)","v":17.350000000000001},{"$f":"M1603*F1603","v":0},{"$f":"ROUND((M1603*$B$2),2)","v":20.47},{"$f":"O1603*F1603","v":0}]
[null,"RAUPEX",null,null,12052671001,null,"Профиль-уплотнение из EPDM 110/100 и 125/100",1,"шт",17.98,{"$f":"J1604*$B$2","v":21.2164},{"$f":"K1604*F1604","v":0},{"$f":"J1604*(1-$E$5-$E$7)*(1-$E$9)*(1+$E$11)","v":17.98},{"$f":"M1604*F1604","v":0},{"$f":"ROUND((M1604*$B$2),2)","v":21.22},{"$f":"O1604*F1604","v":0}]
[null,"RAUPEX"]
[null,"RAUPEX",null,null,12895091001,null,"FUSAPEX Электросварной угольник 90 град. 75",1,"шт",82.22,{"$f":"J1606*$B$2","v":97.019599999999997},{"$f":"K1606*F1606","v":0},{"$f":"J1606*(1-$E$5-$E$7)*(1-$E$9)*(1+$E$11)","v":82.22},{"$f":"M1606*F1606","v":0},{"$f":"ROUND((M1606*$B$2),2)","v":97.02},{"$f":"O1606*F1606","v":0}]
[null,"RAUPEX",null,null,12895111001,null,"FUSAPEX Электросварной угольник 90 град. 90",1,"шт",103.02,{"$f":"J1607*$B$2","v":121.56359999999999},{"$f":"K1607*F1607","v":0},{"$f":"J1607*(1-$E$5-$E$7)*(1-$E$9)*(1+$E$11)","v":103.02},{"$f":"M1607*F1607","v":0},{"$f":"ROUND((M1607*$B$2),2)","v":121.56},{"$f":"O1607*F1607","v":0}]
[null,"RAUPEX",null,null,12895141001,null,"FUSAPEX Электросварной угольник 90 град. 110",1,"шт",123.84,{"$f":"J1608*$B$2","v":146.13120000000001},{"$f":"K1608*F1608","v":0},{"$f":"J1608*(1-$E$5-$E$7)*(1-$E$9)*(1+$E$11)","v":123.84},{"$f":"M1608*F1608","v":0},{"$f":"ROUND((M1608*$B$2),2)","v":146.13},{"$f":"O1608*F1608","v":0}]
[null,"RAUPEX",null,null,12895161001,null,"FUSAPEX Электросварной угольник 90 град. 125",1,"шт",222.39,{"$f":"J1609*$B$2","v":262.42019999999997},{"$f":"K1609*F1609","v":0},{"$f":"J1609*(1-$E$5-$E$7)*(1-$E$9)*(1+$E$11)","v":222.39},{"$f":"M1609*F1609","v":0},{"$f":"ROUND((M1609*$B$2),2)","v":262.42},{"$f":"O1609*F1609","v":0}]
[null,"RAUPEX"]
[null,"RAUPEX",null,null,12064291001,null,"FUSAPEX Электросварной тройник для труб SDR 11 50-50-50",1,"шт",135.34,{"$f":"J1611*$B$2","v":159.7012},{"$f":"K1611*F1611","v":0},{"$f":"J1611*(1-$E$5-$E$7)*(1-$E$9)*(1+$E$11)","v":135.34},{"$f":"M1611*F1611","v":0},{"$f":"ROUND((M1611*$B$2),2)","v":159.69999999999999},{"$f":"O1611*F1611","v":0}]
[null,"RAUPEX",null,null,12064331001,null,"FUSAPEX Электросварной тройник для труб SDR 11 63-63-63",1,"шт",143.4,169.21199999999999,0,143.4,0,169.21,0]
[null,"RAUPEX",null,null,12064351001,null,"FUSAPEX Электросварной тройник для труб SDR 11 75-75-75",1,"шт",215.43,254.20740000000001,0,215.43,0,254.21,0]
[null,"RAUPEX",null,null,12064371001,null,"FUSAPEX Электросварной тройник для труб SDR 11 90-90-90",1,"шт",228.84,270.03120000000001,0,228.84,0,270.02999999999997,0]
[null,"RAUPEX",null,null,12064381001,null,"FUSAPEX Электросварной тройник для труб SDR 11 110-110-110",1,"шт",232.09,273.86619999999999,0,232.09,0,273.87,0]
[null,"RAUPEX",null,null,12064391001,null,"FUSAPEX Электросварной тройник для труб SDR 11 125-125-125",1,"шт",411.99,486.14819999999997,0,411.99,0,486.15,0]
[null,"RAUPEX"]
["D","RAUPEX",null,null,12016951001,null,"FUSAPEX Электросварной тройник для труб SDR 11 поколение I 90-90-90 ",1,"шт","-",{"$f":"J1618*$B$2","v":0},{"$f":"K1618*F1618","v":0},{"$f":"J1618*(1-$E$5-$E$7)*(1-$E$9)*(1+$E$11)","v":0},{"$f":"M1618*F1618","v":0},{"$f":"ROUND((M1618*$B$2),2)","v":0},{"$f":"O1618*F1618","v":0}]
[null,"RAUPEX"]
[null,"RAUPEX",null,null,null,null,"3.5 Техника соединения электросварная муфта PE 100"]
[null,"RAUPEX",null,null,12450021001,null,"Электросварная муфта равнопроходная PE, 20",1,"шт",7.29,{"$f":"J1621*$B$2","v":8.6021999999999998},{"$f":"K1621*F1621","v":0},{"$f":"J1621*(1-$E$5-$E$7)*(1-$E$9)*(1+$E$11)","v":7.29},{"$f":"M1621*F1621","v":0},{"$f":"ROUND((M1621*$B$2),2)","v":8.6},{"$f":"O1621*F1621","v":0}]
[null,"RAUPEX",null,null,12450121001,null,"Электросварная муфта равнопроходная PE, 25",1,"шт",8.5399999999999991,10.077199999999998,0,8.5399999999999991,0,10.08,0]
[null,"RAUPEX",null,null,12450221001,null,"Электросварная муфта равнопроходная PE, 32",1,"шт",9.3699999999999992,11.056599999999998,0,9.3699999999999992,0,11.06,0]
[null,"RAUPEX",null,null,12450321001,null,"Электросварная муфта равнопроходная PE, 40",1,"шт",9.68,11.4224,0,9.68,0,11.42,0]
[null,"RAUPEX",null,null,12450421001,null,"Электросварная муфта равнопроходная PE, 50",1,"шт",14.99,17.688199999999998,0,14.99,0,17.690000000000001,0]
[null,"RAUPEX",null,null,12450521001,null,"Электросварная муфта равнопроходная PE, 63",1,"шт",15.82,18.6676,0,15.82,0,18.670000000000002,0]
[null,"RAUPEX",null,null,12450621001,null,"Электросварная муфта равнопроходная PE, 75",1,"шт",22.05,26.018999999999998,0,22.05,0,26.02,0]
[null,"RAUPEX",null,null,12450721001,null,"Электросварная муфта равнопроходная PE, 90",1,"шт",29.66,34.998799999999996,0,29.66,0,35,0]
[null,"RAUPEX",null,null,12450821001,null,"Электросварная муфта равнопроходная PE, 110",1,"шт",36.119999999999997,42.621599999999994,0,36.119999999999997,0,42.62,0]
[null,"RAUPEX",null,null,12330621001,null,"Электросварная муфта равнопроходная PE, 125",1,"шт",49.33,58.209399999999995,0,49.33,0,58.21,0]
[null,"RAUPEX",null,null,12451121001,null,"Электросварная муфта равнопроходная PE, 160",1,"шт",65.67,77.490600000000001,0,65.67,0,77.489999999999995,0]
[null,"RAUPEX"]
[null,"RAUPEX",null,null,12452421001,null,"Электросварная муфта переходная PE, 25-20",1,"шт",13.7,{"$f":"J1633*$B$2","v":16.165999999999997},{"$f":"K1633*F1633","v":0},{"$f":"J1633*(1-$E$5-$E$7)*(1-$E$9)*(1+$E$11)","v":13.7},{"$f":"M1633*F1633","v":0},{"$f":"ROUND((M1633*$B$2),2)","v":16.170000000000002},{"$f":"O1633*F1633","v":0}]
[null,"RAUPEX",null,null,12452521001,null,"Электросварная муфта переходная PE, 32-20",1,"шт",15.68,18.502399999999998,0,15.68,0,18.5,0]
[null,"RAUPEX",null,null,12452621001,null,"Электросварная муфта переходная PE, 32-25",1,"шт",16.89,19.930199999999999,0,16.89,0,19.93,0]
[null,"RAUPEX",null,null,12891491001,null,"Электросварная муфта переходная PE, 40-25",1,"шт",20.69,24.414200000000001,0,20.69,0,24.41,0]
[null,"RAUPEX",null,null,12452721001,null,"Электросварная муфта переходная PE, 40-32",1,"шт",20.69,24.414200000000001,0,20.69,0,24.41,0]
[null,"RAUPEX",null,null,12891511001,null,"Электросварная муфта переходная PE, 50-25",1,"шт",23.91,28.213799999999999,0,23.91,0,28.21,0]
[null,"RAUPEX",null,null,12452821001,null,"Электросварная муфта переходная PE, 50-32",1,"шт",23.91,28.213799999999999,0,23.91,0,28.21,0]
[null,"RAUPEX",null,null,12452921001,null,"Электросварная муфта переходная PE, 50-40",1,"шт",25.83,30.479399999999995,0,25.83,0,30.48,0]
[null,"RAUPEX",null,null,12453021001,null,"Электросварная муфта переходная PE, 63-32",1,"шт",31.51,37.181800000000003,0,31.51,0,37.18,0]
[null,"RAUPEX",null,null,12453121001,null,"Электросварная муфта переходная PE, 63-40",1,"шт",31.51,37.181800000000003,0,31.51,0,37.18,0]
[null,"RAUPEX",null,null,12453221001,null,"Электросварная муфта переходная PE, 63-50",1,"шт",31.51,37.181800000000003,0,31.51,0,37.18,0]
[null,"RAUPEX",null,null,12496271001,null,"Электросварная муфта переходная PE, 75-63",1,"шт",37.909999999999997,44.733799999999995,0,37.909999999999997,0,44.73,0]
[null,"RAUPEX",null,null,12480041001,null,"Электросварная муфта переходная PE, 90-50",1,"шт",47.31,55.825800000000001,0,47.31,0,55.83,0]
[null,"RAUPEX",null,null,12453321001,null,"Электросварная муфта переходная PE, 90-63",1,"шт",47.31,55.825800000000001,0,47.31,0,55.83,0]
[null,"RAUPEX",null,null,12252431001,null,"Электросварная муфта переходная PE, 90-75",1,"шт",47.31,55.825800000000001,0,47.31,0,55.83,0]
[null,"RAUPEX",null,null,12451021001,null,"Электросварная муфта переходная PE, 110-63",1,"шт",75.38,88.948399999999992,0,75.38,0,88.95,0]
[null,"RAUPEX",null,null,12453421001,null,"Электросварная муфта переходная PE, 110-90",1,"шт",76.650000000000006,90.447000000000003,0,76.650000000000006,0,90.45,0]
[null,"RAUPEX",null,null,12330821001,null,"Электросварная муфта переходная PE, 125-90",1,"шт",94.25,111.21499999999999,0,94.25,0,111.22,0]
[null,"RAUPEX",null,null,12336221001,null,"Электросварная муфта переходная PE, 125-110",1,"шт",94.25,111.21499999999999,0,94.25,0,111.22,0]
[null,"RAUPEX",null,null,12389401001,null,"Электросварная муфта переходная PE, 160-90",1,"шт",147,173.45999999999998,0,147,0,173.46,0]
[null,"RAUPEX",null,null,12389481001,null,"Электросварная муфта переходная PE, 160-110",1,"шт",148.31,175.00579999999999,0,148.31,0,175.01,0]
[null,"RAUPEX",null,null,12389501001,null,"Электросварная муфта переходная PE, 160-125",1,"шт",148.31,175.00579999999999,0,148.31,0,175.01,0]
[null,"RAUPEX"]
[null,"RAUPEX",null,null,12428471001,null,"Переходник под эл.-сварное соединение, безмуфтовый, PE, 40-32",1,"шт",8.2799999999999994,{"$f":"J1656*$B$2","v":9.7703999999999986},{"$f":"K1656*F1656","v":0},{"$f":"J1656*(1-$E$5-$E$7)*(1-$E$9)*(1+$E$11)","v":8.2799999999999994},{"$f":"M1656*F1656","v":0},{"$f":"ROUND((M1656*$B$2),2)","v":9.77},{"$f":"O1656*F1656","v":0}]
[null,"RAUPEX",null,null,12428671001,null,"Переходник под эл.-сварное соединение, безмуфтовый, PE, 50-32",1,"шт",9.86,11.634799999999998,0,9.86,0,11.63,0]
[null,"RAUPEX",null,null,12428771001,null,"Переходник под эл.-сварное соединение, безмуфтовый, PE, 50-40",1,"шт",9.86,11.634799999999998,0,9.86,0,11.63,0]
[null,"RAUPEX",null,null,12428871001,null,"Переходник под эл.-сварное соединение, безмуфтовый, PE, 63-32",1,"шт",13.46,15.8828,0,13.46,0,15.88,0]
[null,"RAUPEX",null,null,12428971001,null,"Переходник под эл.-сварное соединение, безмуфтовый, PE, 63-40",1,"шт",13.46,15.8828,0,13.46,0,15.88,0]
[null,"RAUPEX",null,null,12429071001,null,"Переходник под эл.-сварное соединение, безмуфтовый, PE, 63-50",1,"шт",13.46,15.8828,0,13.46,0,15.88,0]
[null,"RAUPEX",null,null,12429171001,null,"Переходник под эл.-сварное соединение, безмуфтовый, PE, 75-50",1,"шт",20.81,24.555799999999998,0,20.81,0,24.56,0]
[null,"RAUPEX",null,null,12429271001,null,"Переходник под эл.-сварное соединение, безмуфтовый, PE, 75-63",1,"шт",20.81,24.555799999999998,0,20.81,0,24.56,0]
[null,"RAUPEX",null,null,12342441001,null,"Переходник под эл.-сварное соединение, безмуфтовый, PE, 90-50",1,"шт",28.53,33.665399999999998,0,28.53,0,33.67,0]
[null,"RAUPEX",null,null,12429371001,null,"Переходник под эл.-сварное соединение, безмуфтовый, PE, 90-63",1,"шт",28.53,33.665399999999998,0,28.53,0,33.67,0]
[null,"RAUPEX",null,null,12429471001,null,"Переходник под эл.-сварное соединение, безмуфтовый, PE, 90-75",1,"шт",28.53,33.665399999999998,0,28.53,0,33.67,0]
[null,"RAUPEX",null,null,12429571001,null,"Переходник под эл.-сварное соединение, безмуфтовый, PE, 110-63",1,"шт",38.049999999999997,44.898999999999994,0,38.049999999999997,0,44.9,0]
[null,"RAUPEX",null,null,12342541001,null,"Переходник под эл.-сварное соединение, безмуфтовый, PE, 110-75",1,"шт",38.049999999999997,44.898999999999994,0,38.049999999999997,0,44.9,0]
[null,"RAUPEX",null,null,12429671001,null,"Переходник под эл.-сварное соединение, безмуфтовый, PE, 110-90",1,"шт",38.049999999999997,44.898999999999994,0,38.049999999999997,0,44.9,0]
[null,"RAUPEX",null,null,12330921001,null,"Переходник под эл.-сварное соединение, безмуфтовый, PE, 125-63",1,"шт",45.87,54.126599999999996,0,45.87,0,54.13,0]
[null,"RAUPEX",null,null,12331021001,null,"Переходник под эл.-сварное соединение, безмуфтовый, PE, 125-90",1,"шт",45.87,54.126599999999996,0,45.87,0,54.13,0]
[null,"RAUPEX",null,null,12331121001,null,"Переходник под эл.-сварное соединение, безмуфтовый, PE, 125-110",1,"шт",45.87,54.126599999999996,0,45.87,0,54.13,0]
[null,"RAUPEX",null,null,12429771001,null,"Переходник под эл.-сварное соединение, безмуфтовый, PE, 160-90",1,"шт",88.25,104.13499999999999,0,88.25,0,104.14,0]
[null,"RAUPEX",null,null,12429871001,null,"Переходник под эл.-сварное соединение, безмуфтовый, PE, 160-110",1,"шт",88.25,104.13499999999999,0,88.25,0,104.14,0]
[null,"RAUPEX",null,null,12336321001,null,"Переходник под эл.-сварное соединение, безмуфтовый, PE, 160-125",1,"шт",88.25,104.13499999999999,0,88.25,0,104.14,0]
[null,"RAUPEX"]
[null,"RAUPEX",null,null,12461841001,null,"Эл.-сварная муфта с наруж. резьбой из латуни, 20-1/2\"",1,"шт",41.67,{"$f":"J1677*$B$2","v":49.1706},{"$f":"K1677*F1677","v":0},{"$f":"J1677*(1-$E$5-$E$7)*(1-$E$9)*(1+$E$11)","v":41.67},{"$f":"M1677*F1677","v":0},{"$f":"ROUND((M1677*$B$2),2)","v":49.17},{"$f":"O1677*F1677","v":0}]
[null,"RAUPEX",null,null,12457621001,null,"Эл.-сварная муфта с наруж. резьбой из латуни, 25-3/4\"",1,"шт",48.05,56.698999999999991,0,48.05,0,56.7,0]
[null,"RAUPEX",null,null,12354251001,null,"Эл.-сварная муфта с наруж. резьбой из латуни, 32-1/2\"",null,"шт",44.92,53.005600000000001,0,44.92,0,53.01,0]
[null,"RAUPEX",null,null,12354351001,null,"Эл.-сварная муфта с наруж. резьбой из латуни, 32-3/4\"",null,"шт",44.92,53.005600000000001,0,44.92,0,53.01,0]
[null,"RAUPEX",null,null,12457721001,null,"Эл.-сварная муфта с наруж. резьбой из латуни, 32-1\"",1,"шт",45.12,53.241599999999991,0,45.12,0,53.24,0]
[null,"RAUPEX",null,null,12457821001,null,"Эл.-сварная муфта с наруж. резьбой из латуни, 32-1 1/4\"",1,"шт",51.2,60.415999999999997,0,51.2,0,60.42,0]
[null,"RAUPEX",null,null,12457921001,null,"Эл.-сварная муфта с наруж. резьбой из латуни, 32-1 1/2\"",1,"шт",55.18,65.112399999999994,0,55.18,0,65.11,0]
[null,"RAUPEX",null,null,12458021001,null,"Эл.-сварная муфта с наруж. резьбой из латуни, 40-1\"",1,"шт",57.02,67.283600000000007,0,57.02,0,67.28,0]
[null,"RAUPEX",null,null,12458121001,null,"Эл.-сварная муфта с наруж. резьбой из латуни, 40-1 1/4\"",1,"шт",54.87,64.746599999999987,0,54.87,0,64.75,0]
[null,"RAUPEX",null,null,12458221001,null,"Эл.-сварная муфта с наруж. резьбой из латуни, 40-1 1/2\"",1,"шт",63.2,74.575999999999993,0,63.2,0,74.58,0]
[null,"RAUPEX",null,null,12458321001,null,"Эл.-сварная муфта с наруж. резьбой из латуни, 40-2\"",1,"шт",85.3,100.654,0,85.3,0,100.65,0]
[null,"RAUPEX",null,null,12458421001,null,"Эл.-сварная муфта с наруж. резьбой из латуни, 50-1\"",1,"шт",68.75,81.125,0,68.75,0,81.13,0]
[null,"RAUPEX",null,null,12458521001,null,"Эл.-сварная муфта с наруж. резьбой из латуни, 50-1 1/4\"",1,"шт",63.57,75.012599999999992,0,63.57,0,75.010000000000005,0]
[null,"RAUPEX",null,null,12458621001,null,"Эл.-сварная муфта с наруж. резьбой из латуни, 50-1 1/2\"",1,"шт",61.04,72.027199999999993,0,61.04,0,72.03,0]
[null,"RAUPEX",null,null,12458721001,null,"Эл.-сварная муфта с наруж. резьбой из латуни, 50-2\"",1,"шт",69.36,81.844799999999992,0,69.36,0,81.84,0]
[null,"RAUPEX",null,null,12458821001,null,"Эл.-сварная муфта с наруж. резьбой из латуни, 63-1 1/4\"",1,"шт",86.39,101.94019999999999,0,86.39,0,101.94,0]
[null,"RAUPEX",null,null,12458921001,null,"Эл.-сварная муфта с наруж. резьбой из латуни, 63-1 1/2\"",1,"шт",82.82,97.727599999999981,0,82.82,0,97.73,0]
[null,"RAUPEX",null,null,12459021001,null,"Эл.-сварная муфта с наруж. резьбой из латуни, 63-2\"",1,"шт",86.39,101.94019999999999,0,86.39,0,101.94,0]
[null,"RAUPEX",null,null,12468021001,null,"Эл.-сварная муфта с наруж. резьбой из латуни, 75-2\"",1,"шт",145.38,171.54839999999999,0,145.38,0,171.55,0]
[null,"RAUPEX",null,null,12454521001,null,"Эл.-сварная муфта с наруж. резьбой из латуни, 75-2 1/2\"",1,"шт",141.88,167.41839999999999,0,141.88,0,167.42,0]
[null,"RAUPEX"]
[null,"RAUPEX",null,null,12450371001,null,"Эл.-сварная муфта с наруж. резьбой из PE 100, 25-3/4\"",1,"шт",22.64,{"$f":"J1698*$B$2","v":26.715199999999999},{"$f":"K1698*F1698","v":0},{"$f":"J1698*(1-$E$5-$E$7)*(1-$E$9)*(1+$E$11)","v":22.64},{"$f":"M1698*F1698","v":0},{"$f":"ROUND((M1698*$B$2),2)","v":26.72},{"$f":"O1698*F1698","v":0}]
[null,"RAUPEX",null,null,12450471001,null,"Эл.-сварная муфта с наруж. резьбой из PE 100, 32-1\"",1,"шт",25.66,30.278799999999997,0,25.66,0,30.28,0]
[null,"RAUPEX",null,null,12450571001,null,"Эл.-сварная муфта с наруж. резьбой из PE 100, 40-1\"",1,"шт",32.51,38.361799999999995,0,32.51,0,38.36,0]
[null,"RAUPEX",null,null,12450671001,null,"Эл.-сварная муфта с наруж. резьбой из PE 100, 40-1 1/4\"",1,"шт",31.41,37.063800000000001,0,31.41,0,37.06,0]
[null,"RAUPEX",null,null,12450771001,null,"Эл.-сварная муфта с наруж. резьбой из PE 100, 40-1 1/2\"",1,"шт",36.18,42.692399999999999,0,36.18,0,42.69,0]
[null,"RAUPEX",null,null,12450871001,null,"Эл.-сварная муфта с наруж. резьбой из PE 100, 50-1 1/2\"",1,"шт",47.46,56.002800000000001,0,47.46,0,56,0]
[null,"RAUPEX",null,null,12450971001,null,"Эл.-сварная муфта с наруж. резьбой из PE 100, 63-1 1/2\"",1,"шт",60.64,71.555199999999999,0,60.64,0,71.56,0]
[null,"RAUPEX",null,null,12451071001,null,"Эл.-сварная муфта с наруж. резьбой из PE 100, 63-2\"",1,"шт",59.29,69.962199999999996,0,59.29,0,69.959999999999994,0]
[null,"RAUPEX"]
[null,"RAUPEX",null,null,12461941001,null,"Эл.-сварная муфта с внутр. резьбой из латуни,  20-1/2\"",1,"шт",47.74,{"$f":"J1707*$B$2","v":56.333199999999998},{"$f":"K1707*F1707","v":0},{"$f":"J1707*(1-$E$5-$E$7)*(1-$E$9)*(1+$E$11)","v":47.74},{"$f":"M1707*F1707","v":0},{"$f":"ROUND((M1707*$B$2),2)","v":56.33},{"$f":"O1707*F1707","v":0}]
[null,"RAUPEX",null,null,12459121001,null,"Эл.-сварная муфта с внутр. резьбой из латуни,  25-3/4\"",1,"шт",51,60.18,0,51,0,60.18,0]
[null,"RAUPEX",null,null,12459221001,null,"Эл.-сварная муфта с внутр. резьбой из латуни,  32-1\"",1,"шт",50,59,0,50,0,59,0]
[null,"RAUPEX",null,null,12459321001,null,"Эл.-сварная муфта с внутр. резьбой из латуни,  40-1\"",1,"шт",63.08,74.434399999999997,0,63.08,0,74.430000000000007,0]
[null,"RAUPEX",null,null,12459421001,null,"Эл.-сварная муфта с внутр. резьбой из латуни,  40-1 1/4\"",1,"шт",61.93,73.077399999999997,0,61.93,0,73.08,0]
[null,"RAUPEX",null,null,12459521001,null,"Эл.-сварная муфта с внутр. резьбой из латуни,  40-1 1/2\"",1,"шт",70.680000000000007,83.4024,0,70.680000000000007,0,83.4,0]
[null,"RAUPEX",null,null,12459621001,null,"Эл.-сварная муфта с внутр. резьбой из латуни,  50-1 1/2\"",1,"шт",64.69,76.334199999999996,0,64.69,0,76.33,0]
[null,"RAUPEX",null,null,12459721001,null,"Эл.-сварная муфта с внутр. резьбой из латуни,  50-2\"",1,"шт",73.34,86.541200000000003,0,73.34,0,86.54,0]
[null,"RAUPEX",null,null,12459821001,null,"Эл.-сварная муфта с внутр. резьбой из латуни,  63-1 1/2\"",1,"шт",87.68,103.4624,0,87.68,0,103.46,0]
[null,"RAUPEX",null,null,12459921001,null,"Эл.-сварная муфта с внутр. резьбой из латуни,  63-2\"",1,"шт",91.67,108.17059999999999,0,91.67,0,108.17,0]
[null,"RAUPEX"]
[null,"RAUPEX",null,null,12451221001,null,"Электросварная концевая муфта (заглушка) PE, 20",1,"шт",14.64,{"$f":"J1718*$B$2","v":17.275199999999998},{"$f":"K1718*F1718","v":0},{"$f":"J1718*(1-$E$5-$E$7)*(1-$E$9)*(1+$E$11)","v":14.64},{"$f":"M1718*F1718","v":0},{"$f":"ROUND((M1718*$B$2),2)","v":17.28},{"$f":"O1718*F1718","v":0}]
[null,"RAUPEX",null,null,12451321001,null,"Электросварная концевая муфта (заглушка) PE, 25",1,"шт",15.68,18.502399999999998,0,15.68,0,18.5,0]
[null,"RAUPEX",null,null,12451421001,null,"Электросварная концевая муфта (заглушка) PE, 32",1,"шт",18.190000000000001,21.464200000000002,0,18.190000000000001,0,21.46,0]
[null,"RAUPEX",null,null,12451521001,null,"Электросварная концевая муфта (заглушка) PE, 40",1,"шт",20.09,23.706199999999999,0,20.09,0,23.71,0]
[null,"RAUPEX",null,null,12451621001,null,"Электросварная концевая муфта (заглушка) PE, 50",1,"шт",29.9,35.281999999999996,0,29.9,0,35.28,0]
[null,"RAUPEX",null,null,12451721001,null,"Электросварная концевая муфта (заглушка) PE, 63",1,"шт",33.18,39.1524,0,33.18,0,39.15,0]
[null,"RAUPEX",null,null,12451821001,null,"Электросварная концевая муфта (заглушка) PE, 75",1,"шт",52.01,61.371799999999993,0,52.01,0,61.37,0]
[null,"RAUPEX",null,null,12451921001,null,"Электросварная концевая муфта (заглушка) PE, 90 ",1,"шт",68.78,81.160399999999996,0,68.78,0,81.16,0]
[null,"RAUPEX",null,null,12452021001,null,"Электросварная концевая муфта (заглушка) PE, 110",1,"шт",88.67,104.6306,0,88.67,0,104.63,0]
[null,"RAUPEX",null,null,12330721001,null,"Электросварная концевая муфта (заглушка) PE, 125",1,"шт",108.37,127.8766,0,108.37,0,127.88,0]
[null,"RAUPEX",null,null,12452321001,null,"Электросварная концевая муфта (заглушка) PE, 160",1,"шт",152.21,179.6078,0,152.21,0,179.61,0]
[null,"RAUPEX"]
[null,"RAUPEX",null,null,12252381001,null,"Электросварной тройник 90° PE, 20-20-20",1,"шт",21.86,{"$f":"J1730*$B$2","v":25.794799999999999},{"$f":"K1730*F1730","v":0},{"$f":"J1730*(1-$E$5-$E$7)*(1-$E$9)*(1+$E$11)","v":21.86},{"$f":"M1730*F1730","v":0},{"$f":"ROUND((M1730*$B$2),2)","v":25.79},{"$f":"O1730*F1730","v":0}]
[null,"RAUPEX",null,null,12248291001,null,"Электросварной тройник 90° PE, 25-25-25",1,"шт",21.86,25.794799999999999,0,21.86,0,25.79,0]
[null,"RAUPEX",null,null,12453721001,null,"Электросварной тройник 90° PE, 32-32-32",1,"шт",22.94,27.069199999999999,0,22.94,0,27.07,0]
[null,"RAUPEX",null,null,12453821001,null,"Электросварной тройник 90° PE, 40-40-40",1,"шт",25.83,30.479399999999995,0,25.83,0,30.48,0]
[null,"RAUPEX",null,null,12453921001,null,"Электросварной тройник 90° PE, 50-50-50",1,"шт",33.93,40.037399999999998,0,33.93,0,40.04,0]
[null,"RAUPEX",null,null,12454021001,null,"Электросварной тройник 90° PE, 63-63-63",1,"шт",37.29,44.002199999999995,0,37.29,0,44,0]
[null,"RAUPEX",null,null,12454121001,null,"Электросварной тройник 90° PE, 75-75-75",1,"шт",53.42,63.035599999999995,0,53.42,0,63.04,0]
[null,"RAUPEX",null,null,12454221001,null,"Электросварной тройник 90° PE, 90-90-90",1,"шт",63.84,75.331199999999995,0,63.84,0,75.33,0]
[null,"RAUPEX",null,null,12454321001,null,"Электросварной тройник 90° PE, 110-110-110",1,"шт",100.62,118.7316,0,100.62,0,118.73,0]
[null,"RAUPEX",null,null,12331221001,null,"Электросварной тройник 90° PE, 125-125-125",1,"шт",129.72999999999999,153.08139999999997,0,129.72999999999999,0,153.08000000000001,0]
[null,"RAUPEX",null,null,12454421001,null,"Электросварной тройник 90° PE, 160-160-160",1,"шт",236.29,278.82219999999995,0,236.29,0,278.82,0]
[null,"RAUPEX"]
[null,"RAUPEX",null,null,12453521001,null,"Электросварной тройник 90° PE, 20-32-20",50,"шт",25.75,{"$f":"J1742*$B$2","v":30.384999999999998},{"$f":"K1742*F1742","v":0},{"$f":"J1742*(1-$E$5-$E$7)*(1-$E$9)*(1+$E$11)","v":25.75},{"$f":"M1742*F1742","v":0},{"$f":"ROUND((M1742*$B$2),2)","v":30.39},{"$f":"O1742*F1742","v":0}]
[null,"RAUPEX",null,null,12453621001,null,"Электросварной тройник 90° PE, 25-32-25",50,"шт",26.16,{"$f":"J1743*$B$2","v":30.8688},{"$f":"K1743*F1743","v":0},{"$f":"J1743*(1-$E$5-$E$7)*(1-$E$9)*(1+$E$11)","v":26.16},{"$f":"M1743*F1743","v":0},{"$f":"ROUND((M1743*$B$2),2)","v":30.87},{"$f":"O1743*F1743","v":0}]
[null,"RAUPEX"]
[null,"RAUPEX",null,null,12252391001,null,"Электросварной тройник 90° PE, 25-20-25",1,"шт",25.5,{"$f":"J1745*$B$2","v":30.09},{"$f":"K1745*F1745","v":0},{"$f":"J1745*(1-$E$5-$E$7)*(1-$E$9)*(1+$E$11)","v":25.5},{"$f":"M1745*F1745","v":0},{"$f":"ROUND((M1745*$B$2),2)","v":30.09},{"$f":"O1745*F1745","v":0}]
[null,"RAUPEX",null,null,12454621001,null,"Электросварной тройник 90° PE, 32-20-32",1,"шт",27.13,32.013399999999997,0,27.13,0,32.01,0]
[null,"RAUPEX",null,null,12891361001,null,"Электросварной тройник 90° PE, 32-25-32",1,"шт",27.13,32.013399999999997,0,27.13,0,32.01,0]
[null,"RAUPEX",null,null,12454721001,null,"Электросварной тройник 90° PE, 40-20-40",1,"шт",31.35,36.993000000000002,0,31.35,0,36.99,0]
[null,"RAUPEX",null,null,12891371001,null,"Электросварной тройник 90° PE, 40-25-40",1,"шт",31.35,36.993000000000002,0,31.35,0,36.99,0]
[null,"RAUPEX",null,null,12891381001,null,"Электросварной тройник 90° PE, 40-32-40",1,"шт",31.35,36.993000000000002,0,31.35,0,36.99,0]
[null,"RAUPEX",null,null,12454821001,null,"Электросварной тройник 90° PE, 50-20-50",1,"шт",40.83,48.179399999999994,0,40.83,0,48.18,0]
[null,"RAUPEX",null,null,12891391001,null,"Электросварной тройник 90° PE, 50-25-50",1,"шт",40.83,48.179399999999994,0,40.83,0,48.18,0]
[null,"RAUPEX",null,null,12454921001,null,"Электросварной тройник 90° PE, 50-32-50",1,"шт",40.83,48.179399999999994,0,40.83,0,48.18,0]
[null,"RAUPEX",null,null,12891411001,null,"Электросварной тройник 90° PE, 50-40-50",1,"шт",40.83,48.179399999999994,0,40.83,0,48.18,0]
[null,"RAUPEX",null,null,12455021001,null,"Электросварной тройник 90° PE, 63-20-63",1,"шт",46.58,54.964399999999998,0,46.58,0,54.96,0]
[null,"RAUPEX",null,null,12455121001,null,"Электросварной тройник 90° PE, 63-32-63",1,"шт",46.58,54.964399999999998,0,46.58,0,54.96,0]
[null,"RAUPEX",null,null,12452121001,null,"Электросварной тройник 90° PE, 63-40-63",1,"шт",46.58,54.964399999999998,0,46.58,0,54.96,0]
[null,"RAUPEX",null,null,12452221001,null,"Электросварной тройник 90° PE, 63-50-63",1,"шт",46.58,54.964399999999998,0,46.58,0,54.96,0]
[null,"RAUPEX",null,null,12034091001,null,"Электросварной тройник 90° PE, 75-63-75",1,"шт",{"$f":"88.07/1.18","v":74.635593220338976},{"$f":"J1759*$B$2","v":88.07},{"$f":"K1759*F1759","v":0},{"$f":"J1759*(1-$E$5-$E$7)*(1-$E$9)*(1+$E$11)","v":74.635593220338976},{"$f":"M1759*F1759","v":0},{"$f":"ROUND((M1759*$B$2),2)","v":88.07},{"$f":"O1759*F1759","v":0}]
[null,"RAUPEX",null,null,12455221001,null,"Электросварной тройник 90° PE, 90-63-90",1,"шт",74.89,88.370199999999997,0,74.89,0,88.37,0]
[null,"RAUPEX",null,null,12455321001,null,"Электросварной тройник 90° PE, 110-63-110",1,"шт",117.88,139.0984,0,117.88,0,139.1,0]
[null,"RAUPEX",null,null,12455421001,null,"Электросварной тройник 90° PE, 110-90-110",1,"шт",117.88,139.0984,0,117.88,0,139.1,0]
[null,"RAUPEX",null,null,12332021001,null,"Электросварной тройник 90° PE, 125-90-125",1,"шт",154.87,182.7466,0,154.87,0,182.75,0]
[null,"RAUPEX",null,null,12332121001,null,"Электросварной тройник 90° PE, 125-110-125",1,"шт",154.87,182.7466,0,154.87,0,182.75,0]
[null,"RAUPEX",null,null,12456221001,null,"Электросварной тройник 90° PE, 160-90-160",1,"шт",277.07,326.94259999999997,0,277.07,0,326.94,0]
[null,"RAUPEX",null,null,12457321001,null,"Электросварной тройник 90° PE, 160-110-160",1,"шт",277.07,326.94259999999997,0,277.07,0,326.94,0]
[null,"RAUPEX",null,null,12336421001,null,"Электросварной тройник 90° PE, 160-125-160",1,"шт",277.07,326.94259999999997,0,277.07,0,326.94,0]
[null,"RAUPEX"]
[null,"RAUPEX",null,null,12331321001,null,"Эл.-сварной тройник PE с фланцем на бок. отводе, 90-Ду80-90",1,"шт",266.16000000000003,{"$f":"J1769*$B$2","v":314.06880000000001},{"$f":"K1769*F1769","v":0},{"$f":"J1769*(1-$E$5-$E$7)*(1-$E$9)*(1+$E$11)","v":266.16000000000003},{"$f":"M1769*F1769","v":0},{"$f":"ROUND((M1769*$B$2),2)","v":314.07},{"$f":"O1769*F1769","v":0}]
[null,"RAUPEX",null,null,12331421001,null,"Эл.-сварной тройник PE с фланцем на бок. отводе, 110-Ду80-110",1,"шт",394.6,465.62799999999999,0,394.6,0,465.63,0]
[null,"RAUPEX",null,null,12331521001,null,"Эл.-сварной тройник PE с фланцем на бок. отводе, 110-Ду100-110",1,"шт",399.49,471.39819999999997,0,399.49,0,471.4,0]
[null,"RAUPEX",null,null,12331621001,null,"Эл.-сварной тройник PE с фланцем на бок. отводе, 125-Ду80-125",1,"шт",475.4,560.97199999999998,0,475.4,0,560.97,0]
[null,"RAUPEX",null,null,12331721001,null,"Эл.-сварной тройник PE с фланцем на бок. отводе, 125-Ду100-125",1,"шт",480.48,566.96640000000002,0,480.48,0,566.97,0]
[null,"RAUPEX",null,null,12331821001,null,"Эл.-сварной тройник PE с фланцем на бок. отводе, 160-Ду80-160",1,"шт",551.09,650.28620000000001,0,551.09,0,650.29,0]
[null,"RAUPEX",null,null,12331921001,null,"Эл.-сварной тройник PE с фланцем на бок. отводе, 160-Ду100-160",1,"шт",569.03,671.45539999999994,0,569.03,0,671.46,0]
[null,"RAUPEX"]
[null,"RAUPEX",null,null,12254031001,null,"Электросварной угольник 0 до 24°, PE, 110",1,"шт",354.51,{"$f":"J1777*$B$2","v":418.32179999999994},{"$f":"K1777*F1777","v":0},{"$f":"J1777*(1-$E$5-$E$7)*(1-$E$9)*(1+$E$11)","v":354.51},{"$f":"M1777*F1777","v":0},{"$f":"ROUND((M1777*$B$2),2)","v":418.32},{"$f":"O1777*F1777","v":0}]
[null,"RAUPEX",null,null,12254041001,null,"Электросварной угольник 0 до 24°, PE, 125",1,"шт",438.05,{"$f":"J1778*$B$2","v":516.899},{"$f":"K1778*F1778","v":0},{"$f":"J1778*(1-$E$5-$E$7)*(1-$E$9)*(1+$E$11)","v":438.05},{"$f":"M1778*F1778","v":0},{"$f":"ROUND((M1778*$B$2),2)","v":516.9},{"$f":"O1778*F1778","v":0}]
[null,"RAUPEX",null,null,12254051001,null,"Электросварной угольник 0 до 24°, PE, 160",1,"шт",631.65,{"$f":"J1779*$B$2","v":745.34699999999998},{"$f":"K1779*F1779","v":0},{"$f":"J1779*(1-$E$5-$E$7)*(1-$E$9)*(1+$E$11)","v":631.65},{"$f":"M1779*F1779","v":0},{"$f":"ROUND((M1779*$B$2),2)","v":745.35},{"$f":"O1779*F1779","v":0}]
[null,"RAUPEX"]
[null,"RAUPEX",null,null,12758681001,null,"Электросварной угольник 22,5°, PE, 90",1,"шт",69.95,{"$f":"J1781*$B$2","v":82.540999999999997},{"$f":"K1781*F1781","v":0},{"$f":"J1781*(1-$E$5-$E$7)*(1-$E$9)*(1+$E$11)","v":69.95},{"$f":"M1781*F1781","v":0},{"$f":"ROUND((M1781*$B$2),2)","v":82.54},{"$f":"O1781*F1781","v":0}]
[null,"RAUPEX",null,null,12758781001,null,"Электросварной угольник 22,5°, PE, 110",1,"шт",102.51,{"$f":"J1782*$B$2","v":120.9618},{"$f":"K1782*F1782","v":0},{"$f":"J1782*(1-$E$5-$E$7)*(1-$E$9)*(1+$E$11)","v":102.51},{"$f":"M1782*F1782","v":0},{"$f":"ROUND((M1782*$B$2),2)","v":120.96},{"$f":"O1782*F1782","v":0}]
[null,"RAUPEX",null,null,12332221001,null,"Электросварной угольник 22,5°, PE, 125",1,"шт",139.4,{"$f":"J1783*$B$2","v":164.49199999999999},{"$f":"K1783*F1783","v":0},{"$f":"J1783*(1-$E$5-$E$7)*(1-$E$9)*(1+$E$11)","v":139.4},{"$f":"M1783*F1783","v":0},{"$f":"ROUND((M1783*$B$2),2)","v":164.49},{"$f":"O1783*F1783","v":0}]
[null,"RAUPEX",null,null,12332321001,null,"Электросварной угольник 22,5°, PE, 160",1,"шт",268.58,{"$f":"J1784*$B$2","v":316.92439999999999},{"$f":"K1784*F1784","v":0},{"$f":"J1784*(1-$E$5-$E$7)*(1-$E$9)*(1+$E$11)","v":268.58},{"$f":"M1784*F1784","v":0},{"$f":"ROUND((M1784*$B$2),2)","v":316.92},{"$f":"O1784*F1784","v":0}]
[null,"RAUPEX"]
[null,"RAUPEX",null,null,12455521001,null,"Электросварной угольник 45°, PE, 32",1,"шт",22.44,{"$f":"J1786*$B$2","v":26.479199999999999},{"$f":"K1786*F1786","v":0},{"$f":"J1786*(1-$E$5-$E$7)*(1-$E$9)*(1+$E$11)","v":22.44},{"$f":"M1786*F1786","v":0},{"$f":"ROUND((M1786*$B$2),2)","v":26.48},{"$f":"O1786*F1786","v":0}]
[null,"RAUPEX",null,null,12455621001,null,"Электросварной угольник 45°, PE, 40",1,"шт",26.55,31.329000000000001,0,26.55,0,31.33,0]
[null,"RAUPEX",null,null,12455721001,null,"Электросварной угольник 45°, PE, 50",1,"шт",33.56,39.6008,0,33.56,0,39.6,0]
[null,"RAUPEX",null,null,12455821001,null,"Электросварной угольник 45°, PE, 63",1,"шт",38.36,45.264799999999994,0,38.36,0,45.26,0]
[null,"RAUPEX",null,null,12455921001,null,"Электросварной угольник 45°, PE, 75",1,"шт",55.57,65.572599999999994,0,55.57,0,65.569999999999993,0]
[null,"RAUPEX",null,null,12456021001,null,"Электросварной угольник 45°, PE, 90",1,"шт",68.010000000000005,80.251800000000003,0,68.010000000000005,0,80.25,0]
[null,"RAUPEX",null,null,12456121001,null,"Электросварной угольник 45°, PE, 110",1,"шт",98.13,115.79339999999999,0,98.13,0,115.79,0]
[null,"RAUPEX",null,null,12332421001,null,"Электросварной угольник 45°, PE, 125",1,"шт",135.49,159.87819999999999,0,135.49,0,159.88,0]
[null,"RAUPEX",null,null,12456321001,null,"Электросварной угольник 45°, PE, 160",1,"шт",267.49,315.63819999999998,0,267.49,0,315.64,0]
[null,"RAUPEX"]
[null,"RAUPEX",null,null,12456421001,null,"Электросварной угольник 90°, PE, 20",1,"шт",20.81,{"$f":"J1796*$B$2","v":24.555799999999998},{"$f":"K1796*F1796","v":0},{"$f":"J1796*(1-$E$5-$E$7)*(1-$E$9)*(1+$E$11)","v":20.81},{"$f":"M1796*F1796","v":0},{"$f":"ROUND((M1796*$B$2),2)","v":24.56},{"$f":"O1796*F1796","v":0}]
[null,"RAUPEX",null,null,12456521001,null,"Электросварной угольник 90°, PE, 25",1,"шт",20.81,24.555799999999998,0,20.81,0,24.56,0]
[null,"RAUPEX",null,null,12456621001,null,"Электросварной угольник 90°, PE, 32",1,"шт",22.44,26.479199999999999,0,22.44,0,26.48,0]
[null,"RAUPEX",null,null,12456721001,null,"Электросварной угольник 90°, PE, 40",1,"шт",26.55,31.329000000000001,0,26.55,0,31.33,0]
[null,"RAUPEX",null,null,12456821001,null,"Электросварной угольник 90°, PE, 50",1,"шт",33.56,39.6008,0,33.56,0,39.6,0]
[null,"RAUPEX",null,null,12456921001,null,"Электросварной угольник 90°, PE, 63",1,"шт",38.36,45.264799999999994,0,38.36,0,45.26,0]
[null,"RAUPEX",null,null,12457021001,null,"Электросварной угольник 90°, PE, 75",1,"шт",54.35,64.132999999999996,0,54.35,0,64.13,0]
[null,"RAUPEX",null,null,12457121001,null,"Электросварной угольник 90°, PE, 90",1,"шт",68.010000000000005,80.251800000000003,0,68.010000000000005,0,80.25,0]
[null,"RAUPEX",null,null,12457221001,null,"Электросварной угольник 90°, PE, 110",1,"шт",98.13,115.79339999999999,0,98.13,0,115.79,0]
[null,"RAUPEX",null,null,12332521001,null,"Электросварной угольник 90°, PE, 125",1,"шт",267.49,315.63819999999998,0,267.49,0,315.64,0]
[null,"RAUPEX",null,null,12457421001,null,"Электросварной угольник 90°, PE, 160",1,"шт",267.49,315.63819999999998,0,267.49,0,315.64,0]
[null,"RAUPEX"]
[null,"RAUPEX",null,null,12460021001,null,"Эл.-св. угольник 45° с наруж. резьбой из латуни,  32-1\"",1,"шт",54.03,{"$f":"J1808*$B$2","v":63.755399999999995},{"$f":"K1808*F1808","v":0},{"$f":"J1808*(1-$E$5-$E$7)*(1-$E$9)*(1+$E$11)","v":54.03},{"$f":"M1808*F1808","v":0},{"$f":"ROUND((M1808*$B$2),2)","v":63.76},{"$f":"O1808*F1808","v":0}]
[null,"RAUPEX",null,null,12460121001,null,"Эл.-св. угольник 45° с наруж. резьбой из латуни,  32-1 1/4\"",1,"шт",60.69,71.614199999999997,0,60.69,0,71.61,0]
[null,"RAUPEX",null,null,12460221001,null,"Эл.-св. угольник 45° с наруж. резьбой из латуни,  32-1 1/2\"",1,"шт",64.62,76.251599999999996,0,64.62,0,76.25,0]
[null,"RAUPEX",null,null,12460321001,null,"Эл.-св. угольник 45° с наруж. резьбой из латуни,  40-1\"",1,"шт",67.94,80.169199999999989,0,67.94,0,80.17,0]
[null,"RAUPEX",null,null,12460421001,null,"Эл.-св. угольник 45° с наруж. резьбой из латуни,  40-1 1/4\"",1,"шт",65.05,76.758999999999986,0,65.05,0,76.760000000000005,0]
[null,"RAUPEX",null,null,12460521001,null,"Эл.-св. угольник 45° с наруж. резьбой из латуни,  40-1 1/2\"",1,"шт",71.260000000000005,84.086799999999997,0,71.260000000000005,0,84.09,0]
[null,"RAUPEX",null,null,12460721001,null,"Эл.-св. угольник 45° с наруж. резьбой из латуни,  50-1\"",1,"шт",76.34,90.081199999999995,0,76.34,0,90.08,0]
[null,"RAUPEX",null,null,12460821001,null,"Эл.-св. угольник 45° с наруж. резьбой из латуни,  50-1 1/4\"",1,"шт",71.47,84.334599999999995,0,71.47,0,84.33,0]
[null,"RAUPEX",null,null,12460921001,null,"Эл.-св. угольник 45° с наруж. резьбой из латуни,  50-1 1/2\"",1,"шт",71.319999999999993,84.157599999999988,0,71.319999999999993,0,84.16,0]
[null,"RAUPEX",null,null,12461121001,null,"Эл.-св. угольник 45° с наруж. резьбой из латуни,  63-1 1/4\"",1,"шт",97.05,114.51899999999999,0,97.05,0,114.52,0]
[null,"RAUPEX",null,null,12461221001,null,"Эл.-св. угольник 45° с наруж. резьбой из латуни,  63-1 1/2\"",1,"шт",94.35,111.33299999999998,0,94.35,0,111.33,0]
[null,"RAUPEX",null,null,12461321001,null,"Эл.-св. угольник 45° с наруж. резьбой из латуни,  63-2\"",1,"шт",93.18,109.9524,0,93.18,0,109.95,0]
[null,"RAUPEX",null,null,12466921001,null,"Эл.-св. угольник 45° с наруж. резьбой из латуни,  75-2\"",1,"шт",182.29,215.10219999999998,0,182.29,0,215.1,0]
[null,"RAUPEX",null,null,12468121001,null,"Эл.-св. угольник 45° с наруж. резьбой из латуни,  75-2 1/2\"",1,"шт",179.23,211.49139999999997,0,179.23,0,211.49,0]
[null,"RAUPEX"]
[null,"RAUPEX",null,null,12451171001,null,"Эл.-св. угольник 45° с наруж. резьбой из PE 100, 32-1\"",1,"шт",30.9,{"$f":"J1823*$B$2","v":36.461999999999996},{"$f":"K1823*F1823","v":0},{"$f":"J1823*(1-$E$5-$E$7)*(1-$E$9)*(1+$E$11)","v":30.9},{"$f":"M1823*F1823","v":0},{"$f":"ROUND((M1823*$B$2),2)","v":36.46},{"$f":"O1823*F1823","v":0}]
[null,"RAUPEX",null,null,12451271001,null,"Эл.-св. угольник 45° с наруж. резьбой из PE 100, 40-1\"",1,"шт",39,46.019999999999996,0,39,0,46.02,0]
[null,"RAUPEX",null,null,12451371001,null,"Эл.-св. угольник 45° с наруж. резьбой из PE 100, 40-1 1/4\"",1,"шт",37.29,44.002199999999995,0,37.29,0,44,0]
[null,"RAUPEX",null,null,12451471001,null,"Эл.-св. угольник 45° с наруж. резьбой из PE 100, 40-1 1/2\"",1,"шт",40.56,47.860799999999998,0,40.56,0,47.86,0]
[null,"RAUPEX",null,null,12451571001,null,"Эл.-св. угольник 45° с наруж. резьбой из PE 100, 50-1 1/2\"",1,"шт",40.56,47.860799999999998,0,40.56,0,47.86,0]
[null,"RAUPEX",null,null,12451671001,null,"Эл.-св. угольник 45° с наруж. резьбой из PE 100, 63-1 1/2\"",1,"шт",54.82,64.687600000000003,0,54.82,0,64.69,0]
[null,"RAUPEX",null,null,12451771001,null,"Эл.-св. угольник 45° с наруж. резьбой из PE 100, 63-2\"",1,"шт",53.31,62.905799999999999,0,53.31,0,62.91,0]
[null,"RAUPEX"]
[null,"RAUPEX",null,null,12461421001,null,"Эл.-св. угольник 45° с внутр. резьбой из латуни, 32-1\"",1,"шт",56.69,{"$f":"J1831*$B$2","v":66.894199999999998},{"$f":"K1831*F1831","v":0},{"$f":"J1831*(1-$E$5-$E$7)*(1-$E$9)*(1+$E$11)","v":56.69},{"$f":"M1831*F1831","v":0},{"$f":"ROUND((M1831*$B$2),2)","v":66.89},{"$f":"O1831*F1831","v":0}]
[null,"RAUPEX",null,null,12461521001,null,"Эл.-св. угольник 45° с внутр. резьбой из латуни, 40-1\"",1,"шт",71.25,84.074999999999989,0,71.25,0,84.08,0]
[null,"RAUPEX",null,null,12461621001,null,"Эл.-св. угольник 45° с внутр. резьбой из латуни, 40-1 1/4\"",1,"шт",68.06,80.3108,0,68.06,0,80.31,0]
[null,"RAUPEX",null,null,12461721001,null,"Эл.-св. угольник 45° с внутр. резьбой из латуни, 40-1 1/2\"",1,"шт",73.709999999999994,86.977799999999988,0,73.709999999999994,0,86.98,0]
[null,"RAUPEX",null,null,12461821001,null,"Эл.-св. угольник 45° с внутр. резьбой из латуни, 50-1 1/2\"",1,"шт",78.17,92.240600000000001,0,78.17,0,92.24,0]
[null,"RAUPEX",null,null,12461921001,null,"Эл.-св. угольник 45° с внутр. резьбой из латуни, 50-2\"",1,"шт",86.93,102.5774,0,86.93,0,102.58,0]
[null,"RAUPEX",null,null,12462121001,null,"Эл.-св. угольник 45° с внутр. резьбой из латуни, 63-2\"",1,"шт",97.62,115.19159999999999,0,97.62,0,115.19,0]
[null,"RAUPEX"]
[null,"RAUPEX",null,null,12391101001,null,"Эл.-св. угольник 90° с наруж. резьбой из латуни, 25-1/2\"",1,"шт",51.74,{"$f":"J1839*$B$2","v":61.053199999999997},{"$f":"K1839*F1839","v":0},{"$f":"J1839*(1-$E$5-$E$7)*(1-$E$9)*(1+$E$11)","v":51.74},{"$f":"M1839*F1839","v":0},{"$f":"ROUND((M1839*$B$2),2)","v":61.05},{"$f":"O1839*F1839","v":0}]
[null,"RAUPEX",null,null,12462221001,null,"Эл.-св. угольник 90° с наруж. резьбой из латуни, 25-3/4\"",1,"шт",51.74,61.053199999999997,0,51.74,0,61.05,0]
[null,"RAUPEX",null,null,12462321001,null,"Эл.-св. угольник 90° с наруж. резьбой из латуни, 32-1\"",1,"шт",54.03,63.755399999999995,0,54.03,0,63.76,0]
[null,"RAUPEX",null,null,12462421001,null,"Эл.-св. угольник 90° с наруж. резьбой из латуни, 32-1 1/4\"",1,"шт",60.69,71.614199999999997,0,60.69,0,71.61,0]
[null,"RAUPEX",null,null,12462521001,null,"Эл.-св. угольник 90° с наруж. резьбой из латуни, 32-1 1/2\"",1,"шт",64.62,76.251599999999996,0,64.62,0,76.25,0]
[null,"RAUPEX",null,null,12462621001,null,"Эл.-св. угольник 90° с наруж. резьбой из латуни, 40-1\"",1,"шт",67.94,80.169199999999989,0,67.94,0,80.17,0]
[null,"RAUPEX",null,null,12462721001,null,"Эл.-св. угольник 90° с наруж. резьбой из латуни, 40-1 1/4\"",1,"шт",65.05,76.758999999999986,0,65.05,0,76.760000000000005,0]
[null,"RAUPEX",null,null,12462821001,null,"Эл.-св. угольник 90° с наруж. резьбой из латуни, 40-1 1/2\"",1,"шт",71.260000000000005,84.086799999999997,0,71.260000000000005,0,84.09,0]
[null,"RAUPEX",null,null,12463021001,null,"Эл.-св. угольник 90° с наруж. резьбой из латуни, 50-1\"",1,"шт",76.34,90.081199999999995,0,76.34,0,90.08,0]
[null,"RAUPEX",null,null,12463121001,null,"Эл.-св. угольник 90° с наруж. резьбой из латуни, 50-1 1/4\"",1,"шт",71.47,84.334599999999995,0,71.47,0,84.33,0]
["D","RAUPEX",null,null,12463221001,null,"Эл.-св. угольник 90° с наруж. резьбой из латуни, 50-1 1/2\"",1,"шт",71.319999999999993,84.157599999999988,0,71.319999999999993,0,84.16,0]
[null,"RAUPEX",null,null,12463421001,null,"Эл.-св. угольник 90° с наруж. резьбой из латуни, 63-1 1/4\"",1,"шт",97.05,114.51899999999999,0,97.05,0,114.52,0]
[null,"RAUPEX",null,null,12463521001,null,"Эл.-св. угольник 90° с наруж. резьбой из латуни, 63-1 1/2\"",1,"шт",94.35,111.33299999999998,0,94.35,0,111.33,0]
[null,"RAUPEX",null,null,12463621001,null,"Эл.-св. угольник 90° с наруж. резьбой из латуни, 63-2\"",1,"шт",93.18,109.9524,0,93.18,0,109.95,0]
[null,"RAUPEX",null,null,12439231001,null,"Эл.-св. угольник 90° с наруж. резьбой из латуни, 75-2\"",1,"шт",182.29,215.10219999999998,0,182.29,0,215.1,0]
[null,"RAUPEX",null,null,12439331001,null,"Эл.-св. угольник 90° с наруж. резьбой из латуни, 75-2 1/2\"",1,"шт",179.23,211.49139999999997,0,179.23,0,211.49,0]
[null,"RAUPEX"]
[null,"RAUPEX",null,null,12315761001,null,"Эл.-св. угольник 90° с наруж. резьбой из PE 100, 25-3/4\"",1,"шт",29.9,{"$f":"J1856*$B$2","v":35.281999999999996},{"$f":"K1856*F1856","v":0},{"$f":"J1856*(1-$E$5-$E$7)*(1-$E$9)*(1+$E$11)","v":29.9},{"$f":"M1856*F1856","v":0},{"$f":"ROUND((M1856*$B$2),2)","v":35.28},{"$f":"O1856*F1856","v":0}]
[null,"RAUPEX",null,null,12451871001,null,"Эл.-св. угольник 90° с наруж. резьбой из PE 100, 32-1\"",1,"шт",30.9,36.461999999999996,0,30.9,0,36.46,0]
[null,"RAUPEX",null,null,12451971001,null,"Эл.-св. угольник 90° с наруж. резьбой из PE 100, 40-1\"",1,"шт",39,46.019999999999996,0,39,0,46.02,0]
[null,"RAUPEX",null,null,12452071001,null,"Эл.-св. угольник 90° с наруж. резьбой из PE 100, 40-1 1/4\"",1,"шт",37.29,44.002199999999995,0,37.29,0,44,0]
[null,"RAUPEX",null,null,12452171001,null,"Эл.-св. угольник 90° с наруж. резьбой из PE 100, 40-1 1/2\"",1,"шт",40.56,47.860799999999998,0,40.56,0,47.86,0]
[null,"RAUPEX",null,null,12452271001,null,"Эл.-св. угольник 90° с наруж. резьбой из PE 100, 50-1 1/2\"",1,"шт",40.56,47.860799999999998,0,40.56,0,47.86,0]
[null,"RAUPEX",null,null,12452371001,null,"Эл.-св. угольник 90° с наруж. резьбой из PE 100, 63-1 1/2\"",1,"шт",54.77,64.628600000000006,0,54.77,0,64.63,0]
[null,"RAUPEX",null,null,12452471001,null,"Эл.-св. угольник 90° с наруж. резьбой из PE 100, 63-2\"",1,"шт",53.31,62.905799999999999,0,53.31,0,62.91,0]
[null,"RAUPEX"]
[null,"RAUPEX",null,null,12391201001,null,"Эл.-св. угольник 90° с внутр. резьбой из латуни, 20-1/2\"",1,"шт",53.13,{"$f":"J1865*$B$2","v":62.693399999999997},{"$f":"K1865*F1865","v":0},{"$f":"J1865*(1-$E$5-$E$7)*(1-$E$9)*(1+$E$11)","v":53.13},{"$f":"M1865*F1865","v":0},{"$f":"ROUND((M1865*$B$2),2)","v":62.69},{"$f":"O1865*F1865","v":0}]
[null,"RAUPEX",null,null,12463721001,null,"Эл.-св. угольник 90° с внутр. резьбой из латуни, 25-3/4\"",1,"шт",53.13,62.693399999999997,0,53.13,0,62.69,0]
[null,"RAUPEX",null,null,12463821001,null,"Эл.-св. угольник 90° с внутр. резьбой из латуни, 32-1\"",1,"шт",56.25,66.375,0,56.25,0,66.38,0]
[null,"RAUPEX",null,null,12463921001,null,"Эл.-св. угольник 90° с внутр. резьбой из латуни, 40-1\"",1,"шт",57.3,67.61399999999999,0,57.3,0,67.61,0]
[null,"RAUPEX",null,null,12464021001,null,"Эл.-св. угольник 90° с внутр. резьбой из латуни, 40-1 1/4\"",1,"шт",67.34,79.461200000000005,0,67.34,0,79.459999999999994,0]
[null,"RAUPEX",null,null,12464121001,null,"Эл.-св. угольник 90° с внутр. резьбой из латуни, 40-1 1/2\"",1,"шт",73.709999999999994,86.977799999999988,0,73.709999999999994,0,86.98,0]
[null,"RAUPEX",null,null,12464221001,null,"Эл.-св. угольник 90° с внутр. резьбой из латуни, 50-1 1/2\"",1,"шт",78.17,92.240600000000001,0,78.17,0,92.24,0]
[null,"RAUPEX",null,null,12464321001,null,"Эл.-св. угольник 90° с внутр. резьбой из латуни, 50-2\"",1,"шт",86.93,102.5774,0,86.93,0,102.58,0]
[null,"RAUPEX",null,null,12464521001,null,"Эл.-св. угольник 90° с внутр. резьбой из латуни, 63-2\"",1,"шт",97.62,115.19159999999999,0,97.62,0,115.19,0]
[null,"RAUPEX"]
[null,"RAUPEX",null,null,12333021001,null,"Эл.-св. тройник под верт. врезку в магистраль, 63-32",1,"шт",78.05,{"$f":"J1875*$B$2","v":92.09899999999999},{"$f":"K1875*F1875","v":0},{"$f":"J1875*(1-$E$5-$E$7)*(1-$E$9)*(1+$E$11)","v":78.05},{"$f":"M1875*F1875","v":0},{"$f":"ROUND((M1875*$B$2),2)","v":92.1},{"$f":"O1875*F1875","v":0}]
[null,"RAUPEX",null,null,12333121001,null,"Эл.-св. тройник под верт. врезку в магистраль, 63-40",1,"шт",78.05,92.09899999999999,0,78.05,0,92.1,0]
[null,"RAUPEX",null,null,12333221001,null,"Эл.-св. тройник под верт. врезку в магистраль, 63-50",1,"шт",78.05,92.09899999999999,0,78.05,0,92.1,0]
[null,"RAUPEX",null,null,12333321001,null,"Эл.-св. тройник под верт. врезку в магистраль, 63-63",1,"шт",78.05,92.09899999999999,0,78.05,0,92.1,0]
[null,"RAUPEX",null,null,12333421001,null,"Эл.-св. тройник под верт. врезку в магистраль, 75-32",1,"шт",79.819999999999993,94.187599999999989,0,79.819999999999993,0,94.19,0]
[null,"RAUPEX",null,null,12333521001,null,"Эл.-св. тройник под верт. врезку в магистраль, 75-40",1,"шт",79.819999999999993,94.187599999999989,0,79.819999999999993,0,94.19,0]
[null,"RAUPEX",null,null,12333621001,null,"Эл.-св. тройник под верт. врезку в магистраль, 75-50",1,"шт",79.819999999999993,94.187599999999989,0,79.819999999999993,0,94.19,0]
[null,"RAUPEX",null,null,12333721001,null,"Эл.-св. тройник под верт. врезку в магистраль, 75-63",1,"шт",79.819999999999993,94.187599999999989,0,79.819999999999993,0,94.19,0]
[null,"RAUPEX",null,null,12333821001,null,"Эл.-св. тройник под верт. врезку в магистраль, 90-32",1,"шт",84.48,99.686400000000006,0,84.48,0,99.69,0]
[null,"RAUPEX",null,null,12333921001,null,"Эл.-св. тройник под верт. врезку в магистраль, 90-40",1,"шт",84.48,99.686400000000006,0,84.48,0,99.69,0]
[null,"RAUPEX",null,null,12334021001,null,"Эл.-св. тройник под верт. врезку в магистраль, 90-50",1,"шт",84.48,99.686400000000006,0,84.48,0,99.69,0]
[null,"RAUPEX",null,null,12334121001,null,"Эл.-св. тройник под верт. врезку в магистраль, 90-63",1,"шт",84.48,99.686400000000006,0,84.48,0,99.69,0]
[null,"RAUPEX",null,null,12334221001,null,"Эл.-св. тройник под верт. врезку в магистраль, 110-32",1,"шт",88.71,104.67779999999999,0,88.71,0,104.68,0]
[null,"RAUPEX",null,null,12334321001,null,"Эл.-св. тройник под верт. врезку в магистраль, 110-40",1,"шт",88.71,104.67779999999999,0,88.71,0,104.68,0]
[null,"RAUPEX",null,null,12334421001,null,"Эл.-св. тройник под верт. врезку в магистраль, 110-50",1,"шт",88.71,104.67779999999999,0,88.71,0,104.68,0]
[null,"RAUPEX",null,null,12334521001,null,"Эл.-св. тройник под верт. врезку в магистраль, 110-63",1,"шт",88.71,104.67779999999999,0,88.71,0,104.68,0]
[null,"RAUPEX",null,null,12334621001,null,"Эл.-св. тройник под верт. врезку в магистраль, 110-90",1,"шт",106.07,125.16259999999998,0,106.07,0,125.16,0]
[null,"RAUPEX",null,null,12334721001,null,"Эл.-св. тройник под верт. врезку в магистраль, 125-32",1,"шт",92.36,108.98479999999999,0,92.36,0,108.98,0]
[null,"RAUPEX",null,null,12334821001,null,"Эл.-св. тройник под верт. врезку в магистраль, 125-40",1,"шт",92.36,108.98479999999999,0,92.36,0,108.98,0]
[null,"RAUPEX",null,null,12334921001,null,"Эл.-св. тройник под верт. врезку в магистраль, 125-50",1,"шт",92.36,108.98479999999999,0,92.36,0,108.98,0]
[null,"RAUPEX",null,null,12335021001,null,"Эл.-св. тройник под верт. врезку в магистраль, 125-63",1,"шт",92.36,108.98479999999999,0,92.36,0,108.98,0]
[null,"RAUPEX",null,null,12335121001,null,"Эл.-св. тройник под верт. врезку в магистраль, 125-90",1,"шт",133.13,157.09339999999997,0,133.13,0,157.09,0]
[null,"RAUPEX",null,null,12335221001,null,"Эл.-св. тройник под верт. врезку в магистраль, 160-32",1,"шт",132.25,156.05499999999998,0,132.25,0,156.06,0]
[null,"RAUPEX",null,null,12335321001,null,"Эл.-св. тройник под верт. врезку в магистраль, 160-40",1,"шт",132.25,156.05499999999998,0,132.25,0,156.06,0]
[null,"RAUPEX",null,null,12335421001,null,"Эл.-св. тройник под верт. врезку в магистраль, 160-50",1,"шт",132.25,156.05499999999998,0,132.25,0,156.06,0]
[null,"RAUPEX",null,null,12335521001,null,"Эл.-св. тройник под верт. врезку в магистраль, 160-63",1,"шт",132.25,156.05499999999998,0,132.25,0,156.06,0]
[null,"RAUPEX",null,null,12335621001,null,"Эл.-св. тройник под верт. врезку в магистраль, 160-90",1,"шт",151.65,178.947,0,151.65,0,178.95,0]
[null,"RAUPEX"]
[null,"RAUPEX",null,null,12453871001,null,"Эл.-св. тройник под гор. врезку в магистраль под давлением, 40-20",1,"шт",55.06,{"$f":"J1903*$B$2","v":64.970799999999997},{"$f":"K1903*F1903","v":0},{"$f":"J1903*(1-$E$5-$E$7)*(1-$E$9)*(1+$E$11)","v":55.06},{"$f":"M1903*F1903","v":0},{"$f":"ROUND((M1903*$B$2),2)","v":64.97},{"$f":"O1903*F1903","v":0}]
[null,"RAUPEX",null,null,12464621001,null,"Эл.-св. тройник под гор. врезку в магистраль под давлением, 40-32",1,"шт",55.06,64.970799999999997,0,55.06,0,64.97,0]
[null,"RAUPEX",null,null,12453971001,null,"Эл.-св. тройник под гор. врезку в магистраль под давлением, 50-20",1,"шт",68.510000000000005,80.841800000000006,0,68.510000000000005,0,80.84,0]
[null,"RAUPEX",null,null,12891541001,null,"Эл.-св. тройник под гор. врезку в магистраль под давлением, 50-25",1,"шт",68.510000000000005,80.841800000000006,0,68.510000000000005,0,80.84,0]
[null,"RAUPEX",null,null,12464721001,null,"Эл.-св. тройник под гор. врезку в магистраль под давлением, 50-32",1,"шт",68.510000000000005,80.841800000000006,0,68.510000000000005,0,80.84,0]
[null,"RAUPEX",null,null,12454071001,null,"Эл.-св. тройник под гор. врезку в магистраль под давлением, 63-20",1,"шт",75.58,89.184399999999997,0,75.58,0,89.18,0]
[null,"RAUPEX",null,null,12891551001,null,"Эл.-св. тройник под гор. врезку в магистраль под давлением, 63-25",1,"шт",75.58,89.184399999999997,0,75.58,0,89.18,0]
[null,"RAUPEX",null,null,12464821001,null,"Эл.-св. тройник под гор. врезку в магистраль под давлением, 63-32",1,"шт",75.58,89.184399999999997,0,75.58,0,89.18,0]
[null,"RAUPEX",null,null,12464921001,null,"Эл.-св. тройник под гор. врезку в магистраль под давлением, 63-40",1,"шт",75.58,89.184399999999997,0,75.58,0,89.18,0]
[null,"RAUPEX",null,null,12465021001,null,"Эл.-св. тройник под гор. врезку в магистраль под давлением, 63-50",1,"шт",76.3,90.033999999999992,0,76.3,0,90.03,0]
[null,"RAUPEX",null,null,12465121001,null,"Эл.-св. тройник под гор. врезку в магистраль под давлением, 63-63",1,"шт",76.3,90.033999999999992,0,76.3,0,90.03,0]
[null,"RAUPEX",null,null,12465221001,null,"Эл.-св. тройник под гор. врезку в магистраль под давлением, 75-32",1,"шт",82.05,96.818999999999988,0,82.05,0,96.82,0]
[null,"RAUPEX",null,null,12465321001,null,"Эл.-св. тройник под гор. врезку в магистраль под давлением, 75-40",1,"шт",82.05,96.818999999999988,0,82.05,0,96.82,0]
[null,"RAUPEX",null,null,12465421001,null,"Эл.-св. тройник под гор. врезку в магистраль под давлением, 75-50",1,"шт",83.37,98.376599999999996,0,83.37,0,98.38,0]
[null,"RAUPEX",null,null,12465521001,null,"Эл.-св. тройник под гор. врезку в магистраль под давлением, 75-63",1,"шт",83.37,98.376599999999996,0,83.37,0,98.38,0]
[null,"RAUPEX",null,null,12891561001,null,"Эл.-св. тройник под гор. врезку в магистраль под давлением, 90-25",1,"шт",83.33,98.329399999999993,0,83.33,0,98.33,0]
[null,"RAUPEX",null,null,12465621001,null,"Эл.-св. тройник под гор. врезку в магистраль под давлением, 90-32",1,"шт",83.33,98.329399999999993,0,83.33,0,98.33,0]
[null,"RAUPEX",null,null,12465721001,null,"Эл.-св. тройник под гор. врезку в магистраль под давлением, 90-40",1,"шт",83.33,98.329399999999993,0,83.33,0,98.33,0]
[null,"RAUPEX",null,null,12465821001,null,"Эл.-св. тройник под гор. врезку в магистраль под давлением, 90-50",1,"шт",91,107.38,0,91,0,107.38,0]
[null,"RAUPEX",null,null,12465921001,null,"Эл.-св. тройник под гор. врезку в магистраль под давлением, 90-63",1,"шт",91,107.38,0,91,0,107.38,0]
[null,"RAUPEX",null,null,12466021001,null,"Эл.-св. тройник под гор. врезку в магистраль под давлением, 110-32",1,"шт",95.25,112.395,0,95.25,0,112.4,0]
[null,"RAUPEX",null,null,12466121001,null,"Эл.-св. тройник под гор. врезку в магистраль под давлением, 110-40",1,"шт",95.25,112.395,0,95.25,0,112.4,0]
[null,"RAUPEX",null,null,12466221001,null,"Эл.-св. тройник под гор. врезку в магистраль под давлением, 110-50",1,"шт",100.15,118.17700000000001,0,100.15,0,118.18,0]
[null,"RAUPEX",null,null,12466321001,null,"Эл.-св. тройник под гор. врезку в магистраль под давлением, 110-63",1,"шт",100.15,118.17700000000001,0,100.15,0,118.18,0]
[null,"RAUPEX",null,null,12332621001,null,"Эл.-св. тройник под гор. врезку в магистраль под давлением, 125-32",1,"шт",109.56,129.2808,0,109.56,0,129.28,0]
[null,"RAUPEX",null,null,12332721001,null,"Эл.-св. тройник под гор. врезку в магистраль под давлением, 125-40",1,"шт",109.56,129.2808,0,109.56,0,129.28,0]
[null,"RAUPEX",null,null,12332821001,null,"Эл.-св. тройник под гор. врезку в магистраль под давлением, 125-50",1,"шт",116.95,138.001,0,116.95,0,138,0]
[null,"RAUPEX",null,null,12332921001,null,"Эл.-св. тройник под гор. врезку в магистраль под давлением, 125-63",1,"шт",116.95,138.001,0,116.95,0,138,0]
[null,"RAUPEX",null,null,12466421001,null,"Эл.-св. тройник под гор. врезку в магистраль под давлением, 160-32",1,"шт",155.13,183.05339999999998,0,155.13,0,183.05,0]
[null,"RAUPEX",null,null,12466521001,null,"Эл.-св. тройник под гор. врезку в магистраль под давлением, 160-40",1,"шт",155.13,183.05339999999998,0,155.13,0,183.05,0]
[null,"RAUPEX",null,null,12466621001,null,"Эл.-св. тройник под гор. врезку в магистраль под давлением, 160-50",1,"шт",157.37,185.69659999999999,0,157.37,0,185.7,0]
[null,"RAUPEX",null,null,12466721001,null,"Эл.-св. тройник под гор. врезку в магистраль под давлением, 160-63",1,"шт",157.37,185.69659999999999,0,157.37,0,185.7,0]
[null,"RAUPEX"]
[null,"RAUPEX",null,null,12471321001,null,"Эл.-св. концевик PE под фланец, 32 ",1,"шт",7.61,{"$f":"J1936*$B$2","v":8.9797999999999991},{"$f":"K1936*F1936","v":0},{"$f":"J1936*(1-$E$5-$E$7)*(1-$E$9)*(1+$E$11)","v":7.61},{"$f":"M1936*F1936","v":0},{"$f":"ROUND((M1936*$B$2),2)","v":8.98},{"$f":"O1936*F1936","v":0}]
[null,"RAUPEX",null,null,12471421001,null,"Эл.-св. концевик PE под фланец, 40 ",1,"шт",9.09,10.726199999999999,0,9.09,0,10.73,0]
[null,"RAUPEX",null,null,12471521001,null,"Эл.-св. концевик PE под фланец, 50 ",1,"шт",11.59,13.6762,0,11.59,0,13.68,0]
[null,"RAUPEX",null,null,12471621001,null,"Эл.-св. концевик PE под фланец, 63 ",1,"шт",13.46,15.8828,0,13.46,0,15.88,0]
[null,"RAUPEX",null,null,12471721001,null,"Эл.-св. концевик PE под фланец, 75 ",1,"шт",17.14,20.225200000000001,0,17.14,0,20.23,0]
[null,"RAUPEX",null,null,12471821001,null,"Эл.-св. концевик PE под фланец, 90 ",1,"шт",22.53,26.5854,0,22.53,0,26.59,0]
[null,"RAUPEX",null,null,12471921001,null,"Эл.-св. концевик PE под фланец, 110 ",1,"шт",27.98,33.016399999999997,0,27.98,0,33.020000000000003,0]
[null,"RAUPEX",null,null,12335921001,null,"Эл.-св. концевик PE под фланец, 125",1,"шт",34.79,41.052199999999999,0,34.79,0,41.05,0]
[null,"RAUPEX",null,null,12472021001,null,"Эл.-св. концевик PE под фланец, 160 ",1,"шт",49.46,58.3628,0,49.46,0,58.36,0]
[null,"RAUPEX"]
[null,"RAUPEX",null,null,12467221001,null,"Фланец PP со стальным вкладышем, 32",1,"шт",14.93,{"$f":"J1946*$B$2","v":17.6174},{"$f":"K1946*F1946","v":0},{"$f":"J1946*(1-$E$5-$E$7)*(1-$E$9)*(1+$E$11)","v":14.93},{"$f":"M1946*F1946","v":0},{"$f":"ROUND((M1946*$B$2),2)","v":17.62},{"$f":"O1946*F1946","v":0}]
[null,"RAUPEX",null,null,12467321001,null,"Фланец PP со стальным вкладышем, 40",1,"шт",17.66,20.838799999999999,0,17.66,0,20.84,0]
[null,"RAUPEX",null,null,12467421001,null,"Фланец PP со стальным вкладышем, 50",1,"шт",21.37,25.2166,0,21.37,0,25.22,0]
[null,"RAUPEX",null,null,12467521001,null,"Фланец PP со стальным вкладышем, 63",1,"шт",26.72,31.529599999999999,0,26.72,0,31.53,0]
[null,"RAUPEX",null,null,12467621001,null,"Фланец PP со стальным вкладышем, 75",1,"шт",30.11,35.529799999999994,0,30.11,0,35.53,0]
[null,"RAUPEX",null,null,12467821001,null,"Фланец PP со стальным вкладышем, 90",1,"шт",36.19,42.704199999999993,0,36.19,0,42.7,0]
[null,"RAUPEX",null,null,12467921001,null,"Фланец PP со стальным вкладышем, 110",1,"шт",49.55,58.468999999999994,0,49.55,0,58.47,0]
[null,"RAUPEX",null,null,12335821001,null,"Фланец PP со стальным вкладышем, 125",1,"шт",49.55,58.468999999999994,0,49.55,0,58.47,0]
[null,"RAUPEX",null,null,12468221001,null,"Фланец PP со стальным вкладышем, 160",1,"шт",76.44,90.19919999999999,0,76.44,0,90.2,0]
[null,"RAUPEX"]
[null,"RAUPEX",null,null,12889751001,null,"Профиль-уплотнение из EPDM 32/25",1,"шт",12.09,{"$f":"J1956*$B$2","v":14.2662},{"$f":"K1956*F1956","v":0},{"$f":"J1956*(1-$E$5-$E$7)*(1-$E$9)*(1+$E$11)","v":12.09},{"$f":"M1956*F1956","v":0},{"$f":"ROUND((M1956*$B$2),2)","v":14.27},{"$f":"O1956*F1956","v":0}]
[null,"RAUPEX",null,null,12889791001,null,"Профиль-уплотнение из EPDM 40/32",1,"шт",12.66,14.938799999999999,0,12.66,0,14.94,0]
[null,"RAUPEX",null,null,12889811001,null,"Профиль-уплотнение из EPDM 50/40",1,"шт",13.56,16.000799999999998,0,13.56,0,16,0]
[null,"RAUPEX",null,null,12889831001,null,"Профиль-уплотнение из EPDM 63/50",1,"шт",14.19,16.744199999999999,0,14.19,0,16.739999999999998,0]
[null,"RAUPEX",null,null,12889841001,null,"Профиль-уплотнение из EPDM 75/65",1,"шт",14.65,17.286999999999999,0,14.65,0,17.29,0]
[null,"RAUPEX",null,null,12889851001,null,"Профиль-уплотнение из EPDM 90/80",1,"шт",15.17,17.900600000000001,0,15.17,0,17.899999999999999,0]
[null,"RAUPEX",null,null,12889871001,null,"Профиль-уплотнение из EPDM 110/100",1,"шт",17.25,20.355,0,17.25,0,20.36,0]
[null,"RAUPEX",null,null,12889881001,null,"Профиль-уплотнение из EPDM 125/100",1,"шт",17.25,20.355,0,17.25,0,20.36,0]
[null,"RAUPEX",null,null,12889891001,null,"Профиль-уплотнение из EPDM 160/150",1,"шт",24.26,28.626799999999999,0,24.26,0,28.63,0]
[null,"RAUPEX"]
[null,"RAUPEX",null,null,12891161001,null,"Профиль-уплотнение из NPR 32/25",1,"шт",11.16,{"$f":"J1966*$B$2","v":13.168799999999999},{"$f":"K1966*F1966","v":0},{"$f":"J1966*(1-$E$5-$E$7)*(1-$E$9)*(1+$E$11)","v":11.16},{"$f":"M1966*F1966","v":0},{"$f":"ROUND((M1966*$B$2),2)","v":13.17},{"$f":"O1966*F1966","v":0}]
[null,"RAUPEX",null,null,12891171001,null,"Профиль-уплотнение из NPR 40/32",1,"шт",11.79,13.912199999999999,0,11.79,0,13.91,0]
[null,"RAUPEX",null,null,12891181001,null,"Профиль-уплотнение из NPR 50/40",1,"шт",12.3,14.513999999999999,0,12.3,0,14.51,0]
[null,"RAUPEX",null,null,12891211001,null,"Профиль-уплотнение из NPR 63/50",1,"шт",13.25,15.635,0,13.25,0,15.64,0]
[null,"RAUPEX",null,null,12891231001,null,"Профиль-уплотнение из NPR 75/65",1,"шт",13.56,16.000799999999998,0,13.56,0,16,0]
[null,"RAUPEX",null,null,12891241001,null,"Профиль-уплотнение из NPR 90/80",1,"шт",14.19,16.744199999999999,0,14.19,0,16.739999999999998,0]
[null,"RAUPEX",null,null,12891251001,null,"Профиль-уплотнение из NPR 110/100",1,"шт",15.95,18.820999999999998,0,15.95,0,18.82,0]
[null,"RAUPEX",null,null,12891261001,null,"Профиль-уплотнение из NPR 125/100",1,"шт",15.95,18.820999999999998,0,15.95,0,18.82,0]
[null,"RAUPEX",null,null,12891271001,null,"Профиль-уплотнение из NPR 160/150",1,"шт",22.64,26.715199999999999,0,22.64,0,26.72,0]
[null,"RAUPEX"]
[null,"RAUPEX",null,null,null,null,"3.6  Трубы RAUPEX, SDR 7,4"]
[null,"RAUPEX",null,null,null,null,"2 Серия, SDR 7,4 (толстостенная)"]
[null,"RAUPEX",null,null,null,null,"RAUPEX-A-труба, SDR 7,4, серая, толстостенная"]
[null,"RAUPEX",null,null,11363921005,null,"Труба для промышленности RAUPEX A 20x2,8 прям.отрезки 5м",5,"м",3.55,{"$f":"J1979*$B$2","v":4.1889999999999992},{"$f":"K1979*F1979","v":0},{"$f":"J1979*(1-$E$5-$E$7)*(1-$E$9)*(1+$E$11)","v":3.55},{"$f":"M1979*F1979","v":0},{"$f":"ROUND((M1979*$B$2),2)","v":4.1900000000000004},{"$f":"O1979*F1979","v":0}]
[null,"RAUPEX",null,null,11363621005,null,"Труба для промышленности RAUPEX A 25x3,5 прям.отрезки 5м",5,"м",3.6,4.2480000000000002,0,3.6,0,4.25,0]
[null,"RAUPEX",null,null,11363621100,null,"Труба для промышленности RAUPEX A 25x3,5 бухта 100м",100,"м",3.6,4.2480000000000002,0,3.6,0,4.25,0]
[null,"RAUPEX",null,null,11363421005,null,"Труба для промышленности RAUPEX A 32x4,4 прям.отрезки 5м",5,"м",5.04,5.9471999999999996,0,5.04,0,5.95,0]
[null,"RAUPEX",null,null,11363821005,null,"Труба для промышленности RAUPEX A 40x5,5 прям.отрезки 5м",5,"м",8.44,9.9591999999999992,0,8.44,0,9.9600000000000009,0]
[null,"RAUPEX",null,null,11363721005,null,"Труба для промышленности RAUPEX A 50x6,9 прям.отрезки 5м",5,"м",10.93,12.897399999999999,0,10.93,0,12.9,0]
[null,"RAUPEX",null,null,11363521005,null,"Труба для промышленности RAUPEX A 63x8,7 прям.отрезки 5м",5,"м",15.62,18.4316,0,15.62,0,18.43,0]
[null,"RAUPEX"]
[null,"RAUPEX",null,null,null,null,"RAUPEX-R-труба, SDR 7,4, зелёная, толстостенная"]
[null,"RAUPEX",null,null,11040611005,null,"Труба для промышленности RAUPEX K 20x2,8 прям.отрезки 5м",5,"м",2.5099999999999998,{"$f":"J1988*$B$2","v":2.9617999999999998},{"$f":"K1988*F1988","v":0},{"$f":"J1988*(1-$E$5-$E$7)*(1-$E$9)*(1+$E$11)","v":2.5099999999999998},{"$f":"M1988*F1988","v":0},{"$f":"ROUND((M1988*$B$2),2)","v":2.96},{"$f":"O1988*F1988","v":0}]
[null,"RAUPEX",null,null,11040711005,null,"Труба для промышленности RAUPEX K 25x3,5 прям.отрезки 5м",5,"м",3.6,4.2480000000000002,0,3.6,0,4.25,0]
[null,"RAUPEX",null,null,11040811005,null,"Труба для промышленности RAUPEX K 32x4,4 прям.отрезки 5м",5,"м",5.04,5.9471999999999996,0,5.04,0,5.95,0]
[null,"RAUPEX",null,null,11040911005,null,"Труба для промышленности RAUPEX K 40x5,5 прям.отрезки 5м",5,"м",8.44,9.9591999999999992,0,8.44,0,9.9600000000000009,0]
[null,"RAUPEX",null,null,11041011005,null,"Труба для промышленности RAUPEX K 50x6,9 прям.отрезки 5м",5,"м",10.93,12.897399999999999,0,10.93,0,12.9,0]
[null,"RAUPEX",null,null,11041111005,null,"Труба для промышленности RAUPEX K 63x8,7 прям.отрезки 5м",5,"м",15.62,18.4316,0,15.62,0,18.43,0]
[null,"RAUPEX"]
[null,"RAUPEX",null,null,12434831002,null,"Фиксирующий жёлоб 20, отрезки 4,895м",10,"шт",7.38,{"$f":"J1995*$B$2","v":8.7083999999999993},{"$f":"K1995*F1995","v":0},{"$f":"J1995*(1-$E$5-$E$7)*(1-$E$9)*(1+$E$11)","v":7.38},{"$f":"M1995*F1995","v":0},{"$f":"ROUND((M1995*$B$2),2)","v":8.7100000000000009},{"$f":"O1995*F1995","v":0}]
[null,"RAUPEX",null,null,12434931002,null,"Фиксирующий жёлоб 25, отрезки 4,895м",10,"шт",9.7200000000000006,11.4696,0,9.7200000000000006,0,11.47,0]
[null,"RAUPEX",null,null,12435031002,null,"Фиксирующий жёлоб 32, отрезки 4,885м",10,"шт",12.07,14.242599999999999,0,12.07,0,14.24,0]
[null,"RAUPEX",null,null,12435131002,null,"Фиксирующий жёлоб 40, отрезки 4,875м",5,"шт",18.14,21.405200000000001,0,18.14,0,21.41,0]
[null,"RAUPEX",null,null,12435231002,null,"Фиксирующий жёлоб 50, отрезки 4,865м",5,"шт",22.57,26.6326,0,22.57,0,26.63,0]
[null,"RAUPEX",null,null,12435331002,null,"Фиксирующий жёлоб 63, отрезки 4,850м",5,"шт",26.83,31.659399999999998,0,26.83,0,31.66,0]
[null,"RAUPEX",null,null,12228551001,null,"Фиксирующий желоб 75, отрезки 4,825 м",1,"шт",46.83,55.259399999999992,0,46.83,0,55.26,0]
[null,"RAUPEX",null,null,12228561001,null,"Фиксирующий желоб 90, отрезки 4,800 м",1,"шт",60.37,71.236599999999996,0,60.37,0,71.239999999999995,0]
[null,"RAUPEX",null,null,12228571001,null,"Фиксирующий желоб 110, отрезки 4,775 м",1,"шт",67.650000000000006,79.826999999999998,0,67.650000000000006,0,79.83,0]
[null,"RAUPEX",null,null,12316661001,null,"Фиксирующий желоб 125, отрезки 4,775 м",1,"шт",96.77,114.18859999999999,0,96.77,0,114.19,0]
[null,"RAUPEX",null,null,12346001001,null,"Фиксирующий желоб 160, отрезки 4,750 м",1,"шт",110.59,130.49619999999999,0,110.59,0,130.5,0]
[null,"RAUPEX"]
[null,"RAUPEX",null,null,null,null,"3.7 Техника соединения монтажная гильза, SDR 7,4"]
[null,"RAUPEX",null,null,12596151002,null,"Монтажная гильза 20х2,8",100,"шт",0.87,{"$f":"J2008*$B$2","v":1.0266},{"$f":"K2008*F2008","v":0},{"$f":"J2008*(1-$E$5-$E$7)*(1-$E$9)*(1+$E$11)","v":0.87},{"$f":"M2008*F2008","v":0},{"$f":"ROUND((M2008*$B$2),2)","v":1.03},{"$f":"O2008*F2008","v":0}]
[null,"RAUPEX",null,null,12596251402,null,"Монтажная гильза 25х3,5",100,"шт",1.1499999999999999,1.3569999999999998,0,1.1499999999999999,0,1.36,0]
[null,"RAUPEX",null,null,11371661001,null,"Монтажная гильза 32х4,4",25,"шт",2.2000000000000002,2.5960000000000001,0,2.2000000000000002,0,2.6,0]
[null,"RAUPEX",null,null,11372961001,null,"Монтажная гильза 40х5,5",25,"шт",4.04,4.7671999999999999,0,4.04,0,4.7699999999999996,0]
[null,"RAUPEX",null,null,11397711002,null,"Монтажная гильза 50х6,9",25,"шт",6.59,7.7761999999999993,0,6.59,0,7.78,0]
[null,"RAUPEX",null,null,11397811002,null,"Монтажная гильза 63х8,7",25,"шт",9.33,11.009399999999999,0,9.33,0,11.01,0]
[null,"RAUPEX"]
[null,"RAUPEX",null,11680091001,13129701001,null,"Муфта соединительная равнопроходная  20х2,8",10,"шт",5.13,{"$f":"J2015*$B$2","v":6.0533999999999999},{"$f":"K2015*F2015","v":0},{"$f":"J2015*(1-$E$5-$E$7)*(1-$E$9)*(1+$E$11)","v":5.13},{"$f":"M2015*F2015","v":0},{"$f":"ROUND((M2015*$B$2),2)","v":6.05},{"$f":"O2015*F2015","v":0}]
[null,"RAUPEX",null,11680121001,13129711001,null,"Муфта соединительная равнопроходная  25х3,5",10,"шт",7.31,8.6257999999999999,0,7.31,0,8.6300000000000008,0]
[null,"RAUPEX",null,11680141001,13129731001,null,"Муфта соединительная равнопроходная  32х4,4",10,"шт",11.16,13.168799999999999,0,11.16,0,13.17,0]
[null,"RAUPEX",null,11680171001,13129721001,null,"Муфта соединительная равнопроходная  40х5,5",1,"шт",18.91,22.313800000000001,0,18.91,0,22.31,0]
[null,"RAUPEX",null,null,11680201001,null,"Муфта соединительная равнопроходная  50х6,9",1,"шт",27.41,32.343800000000002,0,27.41,0,32.340000000000003,0]
[null,"RAUPEX",null,null,11680221001,null,"Муфта соединительная равнопроходная  63х8,7",1,"шт",35.92,42.385599999999997,0,35.92,0,42.39,0]
[null,"RAUPEX"]
[null,"RAUPEX",null,11680111001,13129771001,null,"Муфта соединительная переходная 25х3,5 - 20х2,8",10,"шт",7.31,{"$f":"J2022*$B$2","v":8.6257999999999999},{"$f":"K2022*F2022","v":0},{"$f":"J2022*(1-$E$5-$E$7)*(1-$E$9)*(1+$E$11)","v":7.31},{"$f":"M2022*F2022","v":0},{"$f":"ROUND((M2022*$B$2),2)","v":8.6300000000000008},{"$f":"O2022*F2022","v":0}]
[null,"RAUPEX",null,11680131001,13129781001,null,"Муфта соединительная переходная 32х4,4 - 25х3,5",10,"шт",11.16,13.168799999999999,0,11.16,0,13.17,0]
[null,"RAUPEX",null,11680151001,13129811001,null,"Муфта соединительная переходная 40х5,5 - 25х4,4",5,"шт",18.91,22.313800000000001,0,18.91,0,22.31,0]
[null,"RAUPEX",null,11680161001,13129801001,null,"Муфта соединительная переходная 40х5,5 - 32х4,4",5,"шт",18.91,22.313800000000001,0,18.91,0,22.31,0]
[null,"RAUPEX",null,null,11680181001,null,"Муфта соединительная переходная 50х6,9 - 32х4,4",1,"шт",28.78,33.9604,0,28.78,0,33.96,0]
[null,"RAUPEX",null,null,11680191001,null,"Муфта соединительная переходная 50х6,9 - 40х5,5",1,"шт",28.78,33.9604,0,28.78,0,33.96,0]
[null,"RAUPEX",null,null,11680211001,null,"Муфта соединительная переходная 63х8,7 - 50х6,9",1,"шт",37.72,44.509599999999999,0,37.72,0,44.51,0]
[null,"RAUPEX"]
[null,"RAUPEX",null,null,11680901001,null,"Переходник с наружной резьбой 20x2,8- R 1/2 L15",10,"шт",6.3,{"$f":"J2030*$B$2","v":7.4339999999999993},{"$f":"K2030*F2030","v":0},{"$f":"J2030*(1-$E$5-$E$7)*(1-$E$9)*(1+$E$11)","v":6.3},{"$f":"M2030*F2030","v":0},{"$f":"ROUND((M2030*$B$2),2)","v":7.43},{"$f":"O2030*F2030","v":0}]
[null,"RAUPEX",null,11680921001,13129951001,null,"Переходник с наружной резьбой 20x2,8- R 3/4 L15",10,"шт",6.3,7.4339999999999993,0,6.3,0,7.43,0]
[null,"RAUPEX",null,null,11680911001,null,"Переходник с наружной резьбой 20x2,8- R1 L18",5,"шт",8.58,10.1244,0,8.58,0,10.119999999999999,0]
[null,"RAUPEX",null,11680971001,13129961001,null,"Переходник с наружной резьбой 25x3,5- R 1/2 ",10,"шт",7.44,8.7791999999999994,0,7.44,0,8.7799999999999994,0]
[null,"RAUPEX",null,null,11680991001,null,"Переходник с наружной резьбой 25x3,5- R 3/4 L18",10,"шт",7.44,8.7791999999999994,0,7.44,0,8.7799999999999994,0]
[null,"RAUPEX",null,11680981001,13129981001,null,"Переходник с наружной резьбой 25x3,5- R1/ L22",10,"шт",7.44,8.7791999999999994,0,7.44,0,8.7799999999999994,0]
[null,"RAUPEX",null,11681061001,13129991001,null,"Переходник с наружной резьбой 32x4,4- R 3/4 ",10,"шт",11.16,13.168799999999999,0,11.16,0,13.17,0]
[null,"RAUPEX",null,null,11681051001,null,"Переходник с наружной резьбой 32x4,4- R1/L22 ",10,"шт",11.16,13.168799999999999,0,11.16,0,13.17,0]
[null,"RAUPEX",null,null,11681091001,null,"Переходник с наружной резьбой 40x5,5- R1 1/4 ",5,"шт",15,17.7,0,15,0,17.7,0]
[null,"RAUPEX",null,null,11681111001,null,"Переходник с наружной резьбой 50х6,9- R1 1/2 ",1,"шт",24.04,28.367199999999997,0,24.04,0,28.37,0]
[null,"RAUPEX",null,null,11681131001,null,"Переходник с наружной резьбой 63x8,7- R2 ",1,"шт",35.700000000000003,42.125999999999998,0,35.700000000000003,0,42.13,0]
[null,"RAUPEX"]
[null,"RAUPEX",null,null,12446661001,null,"Переходник 32x4,4- G 1/2",10,"шт",13.07,{"$f":"J2042*$B$2","v":15.422599999999999},{"$f":"K2042*F2042","v":0},{"$f":"J2042*(1-$E$5-$E$7)*(1-$E$9)*(1+$E$11)","v":13.07},{"$f":"M2042*F2042","v":0},{"$f":"ROUND((M2042*$B$2),2)","v":15.42},{"$f":"O2042*F2042","v":0}]
[null,"RAUPEX",null,null,12446761001,null,"Переходник 32x4,4- G 3/4",10,"шт",13.22,{"$f":"J2043*$B$2","v":15.599600000000001},{"$f":"K2043*F2043","v":0},{"$f":"J2043*(1-$E$5-$E$7)*(1-$E$9)*(1+$E$11)","v":13.22},{"$f":"M2043*F2043","v":0},{"$f":"ROUND((M2043*$B$2),2)","v":15.6},{"$f":"O2043*F2043","v":0}]
[null,"RAUPEX",null,null,12473661001,null,"Переходник 32x4,4- G1",10,"шт",15.57,{"$f":"J2044*$B$2","v":18.372599999999998},{"$f":"K2044*F2044","v":0},{"$f":"J2044*(1-$E$5-$E$7)*(1-$E$9)*(1+$E$11)","v":15.57},{"$f":"M2044*F2044","v":0},{"$f":"ROUND((M2044*$B$2),2)","v":18.37},{"$f":"O2044*F2044","v":0}]
[null,"RAUPEX"]
[null,"RAUPEX",null,11680931001,13130641001,null,"Переходник с внутренней резьбой 20х2,8- Rp 1/2",10,"шт",6,{"$f":"J2046*$B$2","v":7.08},{"$f":"K2046*F2046","v":0},{"$f":"J2046*(1-$E$5-$E$7)*(1-$E$9)*(1+$E$11)","v":6},{"$f":"M2046*F2046","v":0},{"$f":"ROUND((M2046*$B$2),2)","v":7.08},{"$f":"O2046*F2046","v":0}]
[null,"RAUPEX",null,11680941001,13130651001,null,"Переходник с внутренней резьбой 20х2,8- Rp 3/4",10,"шт",6,7.08,0,6,0,7.08,0]
[null,"RAUPEX",null,11681011001,13130661001,null,"Переходник с внутренней резьбой 25х3,5- Rp 3/4",10,"шт",7.44,8.7791999999999994,0,7.44,0,8.7799999999999994,0]
[null,"RAUPEX",null,11681081001,13130671001,null,"Переходник с внутренней резьбой 32x4,4- Rp 3/4",10,"шт",11.82,13.9476,0,11.82,0,13.95,0]
[null,"RAUPEX",null,11681071001,13130681001,null,"Переходник с внутренней резьбой 32x4,4- Rp 1",10,"шт",11.82,13.9476,0,11.82,0,13.95,0]
[null,"RAUPEX",null,11681101001,13130691001,null,"Переходник с внутренней резьбой 40-Rр 1 1/4",5,"шт",23.29,27.482199999999999,0,23.29,0,27.48,0]
[null,"RAUPEX"]
["D","RAUPEX",null,null,11680881001,null,"Переходник с накидной гайкой 20x2,8-G 1/2",10,"шт",7.18,{"$f":"J2053*$B$2","v":8.4723999999999986},{"$f":"K2053*F2053","v":0},{"$f":"J2053*(1-$E$5-$E$7)*(1-$E$9)*(1+$E$11)","v":7.18},{"$f":"M2053*F2053","v":0},{"$f":"ROUND((M2053*$B$2),2)","v":8.4700000000000006},{"$f":"O2053*F2053","v":0}]
[null,"RAUPEX",null,null,11680891001,null,"Переходник с накидной гайкой 20x2,8-G 3/4",10,"шт",7.18,{"$f":"J2054*$B$2","v":8.4723999999999986},{"$f":"K2054*F2054","v":0},{"$f":"J2054*(1-$E$5-$E$7)*(1-$E$9)*(1+$E$11)","v":7.18},{"$f":"M2054*F2054","v":0},{"$f":"ROUND((M2054*$B$2),2)","v":8.4700000000000006},{"$f":"O2054*F2054","v":0}]
[null,"RAUPEX",null,null,11680961001,null,"Переходник с накидной гайкой 25x3,5-G 3/4",10,"шт",13.67,{"$f":"J2055*$B$2","v":16.130599999999998},{"$f":"K2055*F2055","v":0},{"$f":"J2055*(1-$E$5-$E$7)*(1-$E$9)*(1+$E$11)","v":13.67},{"$f":"M2055*F2055","v":0},{"$f":"ROUND((M2055*$B$2),2)","v":16.13},{"$f":"O2055*F2055","v":0}]
[null,"RAUPEX",null,null,11680951001,null,"Переходник с накидной гайкой 25x3,5-G 1",10,"шт",13.67,{"$f":"J2056*$B$2","v":16.130599999999998},{"$f":"K2056*F2056","v":0},{"$f":"J2056*(1-$E$5-$E$7)*(1-$E$9)*(1+$E$11)","v":13.67},{"$f":"M2056*F2056","v":0},{"$f":"ROUND((M2056*$B$2),2)","v":16.13},{"$f":"O2056*F2056","v":0}]
[null,"RAUPEX",null,null,11681031001,null,"Переходник с накидной гайкой 32x4,4-G 1",10,"шт",20.73,{"$f":"J2057*$B$2","v":24.461399999999998},{"$f":"K2057*F2057","v":0},{"$f":"J2057*(1-$E$5-$E$7)*(1-$E$9)*(1+$E$11)","v":20.73},{"$f":"M2057*F2057","v":0},{"$f":"ROUND((M2057*$B$2),2)","v":24.46},{"$f":"O2057*F2057","v":0}]
[null,"RAUPEX"]
[null,"RAUPEX",null,null,12893491001,null,"Переход на сварное соеднинение 25 x 3,5 - 26,9 x 2,3",10,"шт",{"$f":"9.39/1.18","v":7.9576271186440684},{"$f":"J2059*$B$2","v":9.39},{"$f":"K2059*F2059","v":0},{"$f":"J2059*(1-$E$5-$E$7)*(1-$E$9)*(1+$E$11)","v":7.9576271186440684},{"$f":"M2059*F2059","v":0},{"$f":"ROUND((M2059*$B$2),2)","v":9.39},{"$f":"O2059*F2059","v":0}]
[null,"RAUPEX",null,null,12677011001,null,"Переход на сварное соеднинение 32 x 4,4 - 33,7 x 2,6",3,"шт",{"$f":"13.29/1.18","v":11.26271186440678},13.290000000000001,{"$f":"K2060*F2060","v":0},{"$f":"J2060*(1-$E$5-$E$7)*(1-$E$9)*(1+$E$11)","v":11.26271186440678},{"$f":"M2060*F2060","v":0},{"$f":"ROUND((M2060*$B$2),2)","v":13.29},{"$f":"O2060*F2060","v":0}]
[null,"RAUPEX",null,null,12677111001,null,"Переход на сварное соеднинение 40 x 5,5 - 42,4 x 2,6",3,"шт",{"$f":"29.83/1.18","v":25.279661016949152},29.83,{"$f":"K2061*F2061","v":0},{"$f":"J2061*(1-$E$5-$E$7)*(1-$E$9)*(1+$E$11)","v":25.279661016949152},{"$f":"M2061*F2061","v":0},{"$f":"ROUND((M2061*$B$2),2)","v":29.83},{"$f":"O2061*F2061","v":0}]
[null,"RAUPEX",null,null,13158271001,null,"Переход на сварное соеднинение 50 x 6,9 - 48,3 x 2,6",1,"шт",{"$f":"37.79/1.18","v":32.025423728813557},37.789999999999992,{"$f":"K2062*F2062","v":0},{"$f":"J2062*(1-$E$5-$E$7)*(1-$E$9)*(1+$E$11)","v":32.025423728813557},{"$f":"M2062*F2062","v":0},{"$f":"ROUND((M2062*$B$2),2)","v":37.79},{"$f":"O2062*F2062","v":0}]
[null,"RAUPEX",null,null,13158281001,null,"Переход на сварное соеднинение 63 x 8,6 - 60,3 x 2,9",1,"шт",{"$f":"40.28/1.18","v":34.135593220338983},40.279999999999994,{"$f":"K2063*F2063","v":0},{"$f":"J2063*(1-$E$5-$E$7)*(1-$E$9)*(1+$E$11)","v":34.135593220338983},{"$f":"M2063*F2063","v":0},{"$f":"ROUND((M2063*$B$2),2)","v":40.28},{"$f":"O2063*F2063","v":0}]
[null,"RAUPEX"]
[null,"RAUPEX",null,11680371001,13129491001,null,"Тройник равнопроходный 20х2,8",10,"шт",7.06,{"$f":"J2065*$B$2","v":8.3308},{"$f":"K2065*F2065","v":0},{"$f":"J2065*(1-$E$5-$E$7)*(1-$E$9)*(1+$E$11)","v":7.06},{"$f":"M2065*F2065","v":0},{"$f":"ROUND((M2065*$B$2),2)","v":8.33},{"$f":"O2065*F2065","v":0}]
[null,"RAUPEX",null,11680481001,13129511001,null,"Тройник равнопроходный 25х3,5",10,"шт",7.97,9.4045999999999985,0,7.97,0,9.4,0]
[null,"RAUPEX",null,11680601001,13129521001,null,"Тройник равнопроходный 32х4,4",3,"шт",16.16,19.0688,0,16.16,0,19.07,0]
[null,"RAUPEX",null,11680681001,13129531001,null,"Тройник равнопроходный 40х5,5",1,"шт",31.67,37.370600000000003,0,31.67,0,37.369999999999997,0]
[null,"RAUPEX",null,null,11680751001,null,"Тройник равнопроходный 50х6,9",1,"шт",38.92,45.925600000000003,0,38.92,0,45.93,0]
[null,"RAUPEX",null,null,11680811001,null,"Тройник равнопроходный 63х8,7",1,"шт",48.82,57.607599999999998,0,48.82,0,57.61,0]
[null,"RAUPEX"]
[null,"RAUPEX",null,11680451001,13129581001,null,"Тройник с уменьшенным боковым проходом 25-20-25",10,"шт",7.97,{"$f":"J2072*$B$2","v":9.4045999999999985},{"$f":"K2072*F2072","v":0},{"$f":"J2072*(1-$E$5-$E$7)*(1-$E$9)*(1+$E$11)","v":7.97},{"$f":"M2072*F2072","v":0},{"$f":"ROUND((M2072*$B$2),2)","v":9.4},{"$f":"O2072*F2072","v":0}]
[null,"RAUPEX",null,null,11680541001,null,"Тройник с уменьшенным боковым проходом 32-20-32",3,"шт",16.16,19.0688,0,16.16,0,19.07,0]
[null,"RAUPEX",null,11680571001,13129601001,null,"Тройник с уменьшенным боковым проходом 32-25-32",3,"шт",16.16,19.0688,0,16.16,0,19.07,0]
[null,"RAUPEX",null,null,11680641001,null,"Тройник с уменьшенным боковым проходом 40-20-40",1,"шт",31.67,37.370600000000003,0,31.67,0,37.369999999999997,0]
[null,"RAUPEX",null,null,11680651001,null,"Тройник с уменьшенным боковым проходом 40-25-40",1,"шт",31.67,37.370600000000003,0,31.67,0,37.369999999999997,0]
[null,"RAUPEX",null,null,11680671001,null,"Тройник с уменьшенным боковым проходом 40-32-40",1,"шт",31.67,37.370600000000003,0,31.67,0,37.369999999999997,0]
[null,"RAUPEX",null,null,11680711001,null,"Тройник с уменьшенным боковым проходом 50-25-50",1,"шт",38.92,45.925600000000003,0,38.92,0,45.93,0]
[null,"RAUPEX",null,null,11680731001,null,"Тройник с уменьшенным боковым проходом 50-32-50",1,"шт",38.92,45.925600000000003,0,38.92,0,45.93,0]
[null,"RAUPEX",null,null,11680741001,null,"Тройник с уменьшенным боковым проходом 50-40-50",1,"шт",38.92,45.925600000000003,0,38.92,0,45.93,0]
[null,"RAUPEX",null,null,11680781001,null,"Тройник с уменьшенным боковым проходом 63-32-63",1,"шт",48.82,57.607599999999998,0,48.82,0,57.61,0]
[null,"RAUPEX",null,null,11680801001,null,"Тройник с уменьшенным боковым проходом 63-50-63",1,"шт",48.82,57.607599999999998,0,48.82,0,57.61,0]
[null,"RAUPEX"]
[null,"RAUPEX",null,11680471001,13129641001,null,"Тройник 25-25-20",10,"шт",7.97,{"$f":"J2084*$B$2","v":9.4045999999999985},{"$f":"K2084*F2084","v":0},{"$f":"J2084*(1-$E$5-$E$7)*(1-$E$9)*(1+$E$11)","v":7.97},{"$f":"M2084*F2084","v":0},{"$f":"ROUND((M2084*$B$2),2)","v":9.4},{"$f":"O2084*F2084","v":0}]
[null,"RAUPEX",null,null,11680591001,null,"Тройник 32-32-25",3,"шт",16.16,{"$f":"J2085*$B$2","v":19.0688},{"$f":"K2085*F2085","v":0},{"$f":"J2085*(1-$E$5-$E$7)*(1-$E$9)*(1+$E$11)","v":16.16},{"$f":"M2085*F2085","v":0},{"$f":"ROUND((M2085*$B$2),2)","v":19.07},{"$f":"O2085*F2085","v":0}]
[null,"RAUPEX"]
[null,"RAUPEX",null,11680441001,13129651001,null,"Тройник 25-20-20",10,"шт",7.06,{"$f":"J2087*$B$2","v":8.3308},{"$f":"K2087*F2087","v":0},{"$f":"J2087*(1-$E$5-$E$7)*(1-$E$9)*(1+$E$11)","v":7.06},{"$f":"M2087*F2087","v":0},{"$f":"ROUND((M2087*$B$2),2)","v":8.33},{"$f":"O2087*F2087","v":0}]
[null,"RAUPEX",null,null,11680531001,null,"Тройник 32-20-25",3,"шт",16.16,{"$f":"J2088*$B$2","v":19.0688},{"$f":"K2088*F2088","v":0},{"$f":"J2088*(1-$E$5-$E$7)*(1-$E$9)*(1+$E$11)","v":16.16},{"$f":"M2088*F2088","v":0},{"$f":"ROUND((M2088*$B$2),2)","v":19.07},{"$f":"O2088*F2088","v":0}]
[null,"RAUPEX",null,11680561001,13129661001,null,"Тройник 32-25-25",3,"шт",16.16,{"$f":"J2089*$B$2","v":19.0688},{"$f":"K2089*F2089","v":0},{"$f":"J2089*(1-$E$5-$E$7)*(1-$E$9)*(1+$E$11)","v":16.16},{"$f":"M2089*F2089","v":0},{"$f":"ROUND((M2089*$B$2),2)","v":19.07},{"$f":"O2089*F2089","v":0}]
[null,"RAUPEX",null,null,11680661001,null,"Тройник 40-32-32",1,"шт",31.67,{"$f":"J2090*$B$2","v":37.370600000000003},{"$f":"K2090*F2090","v":0},{"$f":"J2090*(1-$E$5-$E$7)*(1-$E$9)*(1+$E$11)","v":31.67},{"$f":"M2090*F2090","v":0},{"$f":"ROUND((M2090*$B$2),2)","v":37.369999999999997},{"$f":"O2090*F2090","v":0}]
[null,"RAUPEX",null,null,11680721001,null,"Тройник 50-32-40",1,"шт",38.92,{"$f":"J2091*$B$2","v":45.925600000000003},{"$f":"K2091*F2091","v":0},{"$f":"J2091*(1-$E$5-$E$7)*(1-$E$9)*(1+$E$11)","v":38.92},{"$f":"M2091*F2091","v":0},{"$f":"ROUND((M2091*$B$2),2)","v":45.93},{"$f":"O2091*F2091","v":0}]
[null,"RAUPEX"]
[null,"RAUPEX",null,null,11680391001,null,"Тройник 20-25-20",10,"шт",7.06,{"$f":"J2093*$B$2","v":8.3308},{"$f":"K2093*F2093","v":0},{"$f":"J2093*(1-$E$5-$E$7)*(1-$E$9)*(1+$E$11)","v":7.06},{"$f":"M2093*F2093","v":0},{"$f":"ROUND((M2093*$B$2),2)","v":8.33},{"$f":"O2093*F2093","v":0}]
[null,"RAUPEX"]
[null,"RAUPEX",null,null,12093471001,null,"Тройник с гор. бок. отводом под 90°, 32-32-32",32,"шт",36.880000000000003,{"$f":"J2095*$B$2","v":43.5184},{"$f":"K2095*F2095","v":0},{"$f":"J2095*(1-$E$5-$E$7)*(1-$E$9)*(1+$E$11)","v":36.880000000000003},{"$f":"M2095*F2095","v":0},{"$f":"ROUND((M2095*$B$2),2)","v":43.52},{"$f":"O2095*F2095","v":0}]
[null,"RAUPEX"]
[null,"RAUPEX",null,null,12093481001,null,"Тройник с гор. бок. отводом под 45°, 32-32-32",4,"шт",36.880000000000003,{"$f":"J2097*$B$2","v":43.5184},{"$f":"K2097*F2097","v":0},{"$f":"J2097*(1-$E$5-$E$7)*(1-$E$9)*(1+$E$11)","v":36.880000000000003},{"$f":"M2097*F2097","v":0},{"$f":"ROUND((M2097*$B$2),2)","v":43.52},{"$f":"O2097*F2097","v":0}]
[null,"RAUPEX"]
[null,"RAUPEX",null,null,12093491001,null,"Тройник с гор. бок. отводом под 315°, 32-32-32",4,"шт",36.880000000000003,{"$f":"J2099*$B$2","v":43.5184},{"$f":"K2099*F2099","v":0},{"$f":"J2099*(1-$E$5-$E$7)*(1-$E$9)*(1+$E$11)","v":36.880000000000003},{"$f":"M2099*F2099","v":0},{"$f":"ROUND((M2099*$B$2),2)","v":43.52},{"$f":"O2099*F2099","v":0}]
[null,"RAUPEX"]
[null,"RAUPEX",null,11680501001,13129671001,null,"Тройник с внутренней резьбой 25x3,5 -Rp 3/4-25",10,"шт",10.029999999999999,{"$f":"J2101*$B$2","v":11.835399999999998},{"$f":"K2101*F2101","v":0},{"$f":"J2101*(1-$E$5-$E$7)*(1-$E$9)*(1+$E$11)","v":10.029999999999999},{"$f":"M2101*F2101","v":0},{"$f":"ROUND((M2101*$B$2),2)","v":11.84},{"$f":"O2101*F2101","v":0}]
[null,"RAUPEX",null,null,11680631001,null,"Тройник с внутренней резьбой 32х4,4 -Rp 3/4-32",3,"шт",19.72,{"$f":"J2102*$B$2","v":23.269599999999997},{"$f":"K2102*F2102","v":0},{"$f":"J2102*(1-$E$5-$E$7)*(1-$E$9)*(1+$E$11)","v":19.72},{"$f":"M2102*F2102","v":0},{"$f":"ROUND((M2102*$B$2),2)","v":23.27},{"$f":"O2102*F2102","v":0}]
[null,"RAUPEX",null,11680611001,13129681001,null,"Тройник с внутренней резьбой 32х4,4 -Rp1-32",3,"шт",19.72,{"$f":"J2103*$B$2","v":23.269599999999997},{"$f":"K2103*F2103","v":0},{"$f":"J2103*(1-$E$5-$E$7)*(1-$E$9)*(1+$E$11)","v":19.72},{"$f":"M2103*F2103","v":0},{"$f":"ROUND((M2103*$B$2),2)","v":23.27},{"$f":"O2103*F2103","v":0}]
[null,"RAUPEX"]
[null,"RAUPEX",null,null,11680621001,null,"Тройник с внутренней резьбой 32х4,4 -Rp 3/4-25",3,"шт",19.72,{"$f":"J2105*$B$2","v":23.269599999999997},{"$f":"K2105*F2105","v":0},{"$f":"J2105*(1-$E$5-$E$7)*(1-$E$9)*(1+$E$11)","v":19.72},{"$f":"M2105*F2105","v":0},{"$f":"ROUND((M2105*$B$2),2)","v":23.27},{"$f":"O2105*F2105","v":0}]
[null,"RAUPEX"]
[null,"RAUPEX",null,null,12446061001,null,"Тройник с резьб. подключ. под евро-конус на бок. отводе, 32-G 1/2-32",3,"шт",28.3,{"$f":"J2107*$B$2","v":33.393999999999998},{"$f":"K2107*F2107","v":0},{"$f":"J2107*(1-$E$5-$E$7)*(1-$E$9)*(1+$E$11)","v":28.3},{"$f":"M2107*F2107","v":0},{"$f":"ROUND((M2107*$B$2),2)","v":33.39},{"$f":"O2107*F2107","v":0}]
[null,"RAUPEX",null,null,12446161001,null,"Тройник с резьб. подключ. под евро-конус на бок. отводе, 32-G 3/4-32",3,"шт",28.3,{"$f":"J2108*$B$2","v":33.393999999999998},{"$f":"K2108*F2108","v":0},{"$f":"J2108*(1-$E$5-$E$7)*(1-$E$9)*(1+$E$11)","v":28.3},{"$f":"M2108*F2108","v":0},{"$f":"ROUND((M2108*$B$2),2)","v":33.39},{"$f":"O2108*F2108","v":0}]
[null,"RAUPEX"]
[null,"RAUPEX",null,null,11681481001,null,"Угольник 45°, 32x4,4",3,"шт",16.47,{"$f":"J2110*$B$2","v":19.434599999999996},{"$f":"K2110*F2110","v":0},{"$f":"J2110*(1-$E$5-$E$7)*(1-$E$9)*(1+$E$11)","v":16.47},{"$f":"M2110*F2110","v":0},{"$f":"ROUND((M2110*$B$2),2)","v":19.43},{"$f":"O2110*F2110","v":0}]
[null,"RAUPEX",null,null,11681521001,null,"Угольник 45°, 50x6,9",1,"шт",49.04,{"$f":"J2111*$B$2","v":57.867199999999997},{"$f":"K2111*F2111","v":0},{"$f":"J2111*(1-$E$5-$E$7)*(1-$E$9)*(1+$E$11)","v":49.04},{"$f":"M2111*F2111","v":0},{"$f":"ROUND((M2111*$B$2),2)","v":57.87},{"$f":"O2111*F2111","v":0}]
[null,"RAUPEX",null,null,11681541001,null,"Угольник 45°, 63x8,7",1,"шт",58.47,{"$f":"J2112*$B$2","v":68.994599999999991},{"$f":"K2112*F2112","v":0},{"$f":"J2112*(1-$E$5-$E$7)*(1-$E$9)*(1+$E$11)","v":58.47},{"$f":"M2112*F2112","v":0},{"$f":"ROUND((M2112*$B$2),2)","v":68.989999999999995},{"$f":"O2112*F2112","v":0}]
[null,"RAUPEX"]
[null,"RAUPEX",null,11681451001,13129861001,null,"Угольник 90°, 20х2,8",10,"шт",6.39,{"$f":"J2114*$B$2","v":7.5401999999999996},{"$f":"K2114*F2114","v":0},{"$f":"J2114*(1-$E$5-$E$7)*(1-$E$9)*(1+$E$11)","v":6.39},{"$f":"M2114*F2114","v":0},{"$f":"ROUND((M2114*$B$2),2)","v":7.54},{"$f":"O2114*F2114","v":0}]
[null,"RAUPEX",null,11681471001,13129871001,null,"Угольник 90°, 25x3,5",10,"шт",8.57,10.1126,0,8.57,0,10.11,0]
[null,"RAUPEX",null,11681491001,13129881001,null,"Угольник 90°, 32x4,4",3,"шт",13.74,16.213200000000001,0,13.74,0,16.21,0]
[null,"RAUPEX",null,11681511001,13129891001,null,"Угольник 90°, 40x5,5",1,"шт",23.58,27.824399999999997,0,23.58,0,27.82,0]
[null,"RAUPEX",null,null,11681531001,null,"Угольник 90°, 50x6,9",1,"шт",43.55,51.388999999999996,0,43.55,0,51.39,0]
[null,"RAUPEX",null,null,11681551001,null,"Угольник 90°, 63x8,7",1,"шт",52.46,61.902799999999999,0,52.46,0,61.9,0]
[null,"RAUPEX"]
[null,"RAUPEX",null,null,11681621001,null,"Уголок-переходник с наружной резьбой 20x2,8-R 1/2",10,"шт",6.31,{"$f":"J2121*$B$2","v":7.4457999999999993},{"$f":"K2121*F2121","v":0},{"$f":"J2121*(1-$E$5-$E$7)*(1-$E$9)*(1+$E$11)","v":6.31},{"$f":"M2121*F2121","v":0},{"$f":"ROUND((M2121*$B$2),2)","v":7.45},{"$f":"O2121*F2121","v":0}]
[null,"RAUPEX",null,null,11681631001,null,"Уголок-переходник с наружной резьбой 20x2,8-R 3/4",10,"шт",6.31,{"$f":"J2122*$B$2","v":7.4457999999999993},{"$f":"K2122*F2122","v":0},{"$f":"J2122*(1-$E$5-$E$7)*(1-$E$9)*(1+$E$11)","v":6.31},{"$f":"M2122*F2122","v":0},{"$f":"ROUND((M2122*$B$2),2)","v":7.45},{"$f":"O2122*F2122","v":0}]
[null,"RAUPEX",null,11681641001,13130701001,null,"Уголок-переходник с наружной резьбой 25x3,5-R 3/4",10,"шт",8.7200000000000006,{"$f":"J2123*$B$2","v":10.2896},{"$f":"K2123*F2123","v":0},{"$f":"J2123*(1-$E$5-$E$7)*(1-$E$9)*(1+$E$11)","v":8.7200000000000006},{"$f":"M2123*F2123","v":0},{"$f":"ROUND((M2123*$B$2),2)","v":10.29},{"$f":"O2123*F2123","v":0}]
[null,"RAUPEX",null,11681651001,13130711001,null,"Уголок-переходник с наружной резьбой 32x4,4-R 1",3,"шт",13.94,{"$f":"J2124*$B$2","v":16.449199999999998},{"$f":"K2124*F2124","v":0},{"$f":"J2124*(1-$E$5-$E$7)*(1-$E$9)*(1+$E$11)","v":13.94},{"$f":"M2124*F2124","v":0},{"$f":"ROUND((M2124*$B$2),2)","v":16.45},{"$f":"O2124*F2124","v":0}]
[null,"RAUPEX"]
[null,"RAUPEX",null,null,11681581001,null,"Переходник с внутренней резьбой 20х2,8- Rp 1/2",10,"шт",7.37,{"$f":"J2126*$B$2","v":8.6966000000000001},{"$f":"K2126*F2126","v":0},{"$f":"J2126*(1-$E$5-$E$7)*(1-$E$9)*(1+$E$11)","v":7.37},{"$f":"M2126*F2126","v":0},{"$f":"ROUND((M2126*$B$2),2)","v":8.6999999999999993},{"$f":"O2126*F2126","v":0}]
[null,"RAUPEX",null,null,11681591001,null,"Переходник с внутренней резьбой 20х2,8- Rp 3/4",10,"шт",7.37,{"$f":"J2127*$B$2","v":8.6966000000000001},{"$f":"K2127*F2127","v":0},{"$f":"J2127*(1-$E$5-$E$7)*(1-$E$9)*(1+$E$11)","v":7.37},{"$f":"M2127*F2127","v":0},{"$f":"ROUND((M2127*$B$2),2)","v":8.6999999999999993},{"$f":"O2127*F2127","v":0}]
[null,"RAUPEX",null,null,11681601001,null,"Переходник с внутренней резьбой 25х3,5- Rp1",10,"шт",12.5,{"$f":"J2128*$B$2","v":14.75},{"$f":"K2128*F2128","v":0},{"$f":"J2128*(1-$E$5-$E$7)*(1-$E$9)*(1+$E$11)","v":12.5},{"$f":"M2128*F2128","v":0},{"$f":"ROUND((M2128*$B$2),2)","v":14.75},{"$f":"O2128*F2128","v":0}]
[null,"RAUPEX"]
[]
[null,"RAUPEX",null,null,11681311001,null,"Угольник настенный с коротким нарезным патрубком 20x2,8-Rp 1/2",10,"шт",7.31,{"$f":"J2131*$B$2","v":8.6257999999999999},{"$f":"K2131*F2131","v":0},{"$f":"J2131*(1-$E$5-$E$7)*(1-$E$9)*(1+$E$11)","v":7.31},{"$f":"M2131*F2131","v":0},{"$f":"ROUND((M2131*$B$2),2)","v":8.6300000000000008},{"$f":"O2131*F2131","v":0}]
[null,"RAUPEX",null,11681341001,13130741001,null,"Угольник настенный с коротким нарезным патрубком 20x2,8-Rp 3/4",10,"шт",7.31,{"$f":"J2132*$B$2","v":8.6257999999999999},{"$f":"K2132*F2132","v":0},{"$f":"J2132*(1-$E$5-$E$7)*(1-$E$9)*(1+$E$11)","v":7.31},{"$f":"M2132*F2132","v":0},{"$f":"ROUND((M2132*$B$2),2)","v":8.6300000000000008},{"$f":"O2132*F2132","v":0}]
[null,"RAUPEX",null,11681351001,13130751001,null,"Угольник настенный с коротким нарезным патрубком 25x3,5-Rp 3/4",10,"шт",11.19,{"$f":"J2133*$B$2","v":13.204199999999998},{"$f":"K2133*F2133","v":0},{"$f":"J2133*(1-$E$5-$E$7)*(1-$E$9)*(1+$E$11)","v":11.19},{"$f":"M2133*F2133","v":0},{"$f":"ROUND((M2133*$B$2),2)","v":13.2},{"$f":"O2133*F2133","v":0}]
[null,"RAUPEX"]
[null,"RAUPEX",null,null,11388911002,null,"Отвод направляющий 90°, 20, с кольцами",10,"шт",2.82,{"$f":"J2135*$B$2","v":3.3275999999999994},{"$f":"K2135*F2135","v":0},{"$f":"J2135*(1-$E$5-$E$7)*(1-$E$9)*(1+$E$11)","v":2.82},{"$f":"M2135*F2135","v":0},{"$f":"ROUND((M2135*$B$2),2)","v":3.33},{"$f":"O2135*F2135","v":0}]
[null,"RAUPEX",null,null,11383511002,null,"Отвод направляющий 90°, 25, с кольцами",10,"шт",3.73,{"$f":"J2136*$B$2","v":4.4013999999999998},{"$f":"K2136*F2136","v":0},{"$f":"J2136*(1-$E$5-$E$7)*(1-$E$9)*(1+$E$11)","v":3.73},{"$f":"M2136*F2136","v":0},{"$f":"ROUND((M2136*$B$2),2)","v":4.4000000000000004},{"$f":"O2136*F2136","v":0}]
[null,"RAUPEX",null,null,11386411002,null,"Отвод направляющий 90°, 32, с кольцами",5,"шт",4.46,{"$f":"J2137*$B$2","v":5.2627999999999995},{"$f":"K2137*F2137","v":0},{"$f":"J2137*(1-$E$5-$E$7)*(1-$E$9)*(1+$E$11)","v":4.46},{"$f":"M2137*F2137","v":0},{"$f":"ROUND((M2137*$B$2),2)","v":5.26},{"$f":"O2137*F2137","v":0}]
[null,"RAUPEX"]
[null,"RAUPEX",null,null,11391311002,null,"Отвод направляющий 45°, 20, с кольцами",10,"шт",2.82,{"$f":"J2139*$B$2","v":3.3275999999999994},{"$f":"K2139*F2139","v":0},{"$f":"J2139*(1-$E$5-$E$7)*(1-$E$9)*(1+$E$11)","v":2.82},{"$f":"M2139*F2139","v":0},{"$f":"ROUND((M2139*$B$2),2)","v":3.33},{"$f":"O2139*F2139","v":0}]
[null,"RAUPEX",null,null,11389111002,null,"Отвод направляющий 45°, 25, с кольцами",10,"шт",3.73,{"$f":"J2140*$B$2","v":4.4013999999999998},{"$f":"K2140*F2140","v":0},{"$f":"J2140*(1-$E$5-$E$7)*(1-$E$9)*(1+$E$11)","v":3.73},{"$f":"M2140*F2140","v":0},{"$f":"ROUND((M2140*$B$2),2)","v":4.4000000000000004},{"$f":"O2140*F2140","v":0}]
[null,"RAUPEX",null,null,11389211002,null,"Отвод направляющий 45°, 32, с кольцами",5,"шт",4.46,{"$f":"J2141*$B$2","v":5.2627999999999995},{"$f":"K2141*F2141","v":0},{"$f":"J2141*(1-$E$5-$E$7)*(1-$E$9)*(1+$E$11)","v":4.46},{"$f":"M2141*F2141","v":0},{"$f":"ROUND((M2141*$B$2),2)","v":5.26},{"$f":"O2141*F2141","v":0}]
[null,"RAUPEX"]
[null,"RAUPEX",null,null,13660341001,null,"Муфта соединительная равнопроходная  50-50 RX",1,"шт",32.78,{"$f":"J2143*$B$2","v":38.680399999999999},{"$f":"K2143*F2143","v":0},{"$f":"J2143*(1-$E$5-$E$7)*(1-$E$9)*(1+$E$11)","v":32.78},{"$f":"M2143*F2143","v":0},{"$f":"ROUND((M2143*$B$2),2)","v":38.68},{"$f":"O2143*F2143","v":0}]
[null,"RAUPEX",null,null,13660361001,null,"Муфта соединительная равнопроходная  63-63 RX",1,"шт",46.02,{"$f":"J2144*$B$2","v":54.303600000000003},{"$f":"K2144*F2144","v":0},{"$f":"J2144*(1-$E$5-$E$7)*(1-$E$9)*(1+$E$11)","v":46.02},{"$f":"M2144*F2144","v":0},{"$f":"ROUND((M2144*$B$2),2)","v":54.3},{"$f":"O2144*F2144","v":0}]
[null,"RAUPEX"]
[null,"RAUPEX","x",null,13662601001,null,"Муфта соединительная переходная 40-25 RX",5,"шт",26.37,{"$f":"J2146*$B$2","v":31.116599999999998},{"$f":"K2146*F2146","v":0},{"$f":"J2146*(1-$E$5-$E$7)*(1-$E$9)*(1+$E$11)","v":26.37},{"$f":"M2146*F2146","v":0},{"$f":"ROUND((M2146*$B$2),2)","v":31.12},{"$f":"O2146*F2146","v":0}]
[null,"RAUPEX",null,null,13660391001,null,"Муфта соединительная переходная 50-32 RX",5,"шт",32.26,{"$f":"J2147*$B$2","v":38.066799999999994},{"$f":"K2147*F2147","v":0},{"$f":"J2147*(1-$E$5-$E$7)*(1-$E$9)*(1+$E$11)","v":32.26},{"$f":"M2147*F2147","v":0},{"$f":"ROUND((M2147*$B$2),2)","v":38.07},{"$f":"O2147*F2147","v":0}]
[null,"RAUPEX",null,null,13660411001,null,"Муфта соединительная переходная 50-40 RX",1,"шт",32.26,{"$f":"J2148*$B$2","v":38.066799999999994},{"$f":"K2148*F2148","v":0},{"$f":"J2148*(1-$E$5-$E$7)*(1-$E$9)*(1+$E$11)","v":32.26},{"$f":"M2148*F2148","v":0},{"$f":"ROUND((M2148*$B$2),2)","v":38.07},{"$f":"O2148*F2148","v":0}]
[null,"RAUPEX",null,null,13660431001,null,"Муфта соединительная переходная 63-50 RX",1,"шт",42.16,{"$f":"J2149*$B$2","v":49.748799999999996},{"$f":"K2149*F2149","v":0},{"$f":"J2149*(1-$E$5-$E$7)*(1-$E$9)*(1+$E$11)","v":42.16},{"$f":"M2149*F2149","v":0},{"$f":"ROUND((M2149*$B$2),2)","v":49.75},{"$f":"O2149*F2149","v":0}]
[null,"RAUPEX"]
[null,"RAUPEX",null,null,13660521001,null,"Переходник с наружной резьбой  20-R 1/2 RX",10,"шт",7.44,{"$f":"J2151*$B$2","v":8.7791999999999994},{"$f":"K2151*F2151","v":0},{"$f":"J2151*(1-$E$5-$E$7)*(1-$E$9)*(1+$E$11)","v":7.44},{"$f":"M2151*F2151","v":0},{"$f":"ROUND((M2151*$B$2),2)","v":8.7799999999999994},{"$f":"O2151*F2151","v":0}]
[null,"RAUPEX",null,null,13660531001,null,"Переходник с наружной резьбой  20-R 3/4 RX",10,"шт",7.44,8.7791999999999994,0,7.44,0,8.7799999999999994,0]
[null,"RAUPEX","x",null,13660551001,null,"Переходник с наружной резьбой  20-R 1 RX",5,"шт",10.33,12.189399999999999,0,10.33,0,12.19,0]
[null,"RAUPEX",null,null,13660561001,null,"Переходник с наружной резьбой  25-R 1/2 RX",10,"шт",7.44,8.7791999999999994,0,7.44,0,8.7799999999999994,0]
[null,"RAUPEX",null,null,13660571001,null,"Переходник с наружной резьбой  25-R 3/4 RX",10,"шт",8.7799999999999994,10.360399999999998,0,8.7799999999999994,0,10.36,0]
[null,"RAUPEX",null,null,13660581001,null,"Переходник с наружной резьбой  25-R 1 RX",10,"шт",7.44,8.7791999999999994,0,7.44,0,8.7799999999999994,0]
[null,"RAUPEX",null,null,13660591001,null,"Переходник с наружной резьбой  32-R 3/4 RX",10,"шт",13.46,15.8828,0,13.46,0,15.88,0]
[null,"RAUPEX",null,null,13660601001,null,"Переходник с наружной резьбой  32-R 1 RX",10,"шт",13.46,15.8828,0,13.46,0,15.88,0]
[null,"RAUPEX",null,null,13660611001,null,"Переходник с наружной резьбой  32-R 1 1/4 RX",5,"шт",16.059999999999999,18.950799999999997,0,16.059999999999999,0,18.95,0]
[null,"RAUPEX",null,null,13660621001,null,"Переходник с наружной резьбой  40-R 1 1/4 RX",5,"шт",17.7,20.885999999999999,0,17.7,0,20.89,0]
[null,"RAUPEX",null,null,13660631001,null,"Переходник с наружной резьбой  50-R 1 1/4 RX",5,"шт",25.86,30.514799999999997,0,25.86,0,30.51,0]
[null,"RAUPEX",null,null,13660651001,null,"Переходник с наружной резьбой  50-R 1 1/2 RX",1,"шт",25.86,30.514799999999997,0,25.86,0,30.51,0]
[null,"RAUPEX",null,null,13660661001,null,"Переходник с наружной резьбой  63-R 2 RX",1,"шт",39.630000000000003,46.763399999999997,0,39.630000000000003,0,46.76,0]
[null,"RAUPEX"]
[null,"RAUPEX",null,null,13660681001,null,"Переходник с внутренней резьбой  20-Rp 1/2 RX",10,"шт",6,{"$f":"J2165*$B$2","v":7.08},{"$f":"K2165*F2165","v":0},{"$f":"J2165*(1-$E$5-$E$7)*(1-$E$9)*(1+$E$11)","v":6},{"$f":"M2165*F2165","v":0},{"$f":"ROUND((M2165*$B$2),2)","v":7.08},{"$f":"O2165*F2165","v":0}]
[null,"RAUPEX",null,null,13660691001,null,"Переходник с внутренней резьбой  20-Rp 3/4 RX",10,"шт",6,7.08,0,6,0,7.08,0]
[null,"RAUPEX","x",null,13660701001,null,"Переходник с внутренней резьбой  25-Rp 1/2 RX",10,"шт",8,9.44,0,8,0,9.44,0]
[null,"RAUPEX",null,null,13660711001,null,"Переходник с внутренней резьбой  25-Rp 3/4 RX",10,"шт",8,9.44,0,8,0,9.44,0]
[null,"RAUPEX","x",null,13662891001,null,"Переходник с внутренней резьбой  25-Rp 1 RX",5,"шт",13.9,{"$f":"J2169*$B$2","v":16.402000000000001},{"$f":"K2169*F2169","v":0},{"$f":"J2169*(1-$E$5-$E$7)*(1-$E$9)*(1+$E$11)","v":13.9},{"$f":"M2169*F2169","v":0},{"$f":"ROUND((M2169*$B$2),2)","v":16.399999999999999},{"$f":"O2169*F2169","v":0}]
[null,"RAUPEX",null,null,13660721001,null,"Переходник с внутренней резьбой  32-Rp 3/4 RX",10,"шт",11.82,13.9476,0,11.82,0,13.95,0]
[null,"RAUPEX",null,null,13660731001,null,"Переходник с внутренней резьбой  32-Rp 1 RX",10,"шт",11.82,13.9476,0,11.82,0,13.95,0]
[null,"RAUPEX",null,null,13660741001,null,"Переходник с внутренней резьбой  40-Rp 1 1/4 RX",5,"шт",23.29,27.482199999999999,0,23.29,0,27.48,0]
[null,"RAUPEX"]
[null,"RAUPEX",null,null,13660471001,null,"Угольник  45°, 50 RX",1,"шт",52.62,{"$f":"J2174*$B$2","v":62.091599999999993},{"$f":"K2174*F2174","v":0},{"$f":"J2174*(1-$E$5-$E$7)*(1-$E$9)*(1+$E$11)","v":52.62},{"$f":"M2174*F2174","v":0},{"$f":"ROUND((M2174*$B$2),2)","v":62.09},{"$f":"O2174*F2174","v":0}]
[null,"RAUPEX",null,null,13660481001,null,"Угольник  45°, 63 RX",1,"шт",79.88,{"$f":"J2175*$B$2","v":94.258399999999995},{"$f":"K2175*F2175","v":0},{"$f":"J2175*(1-$E$5-$E$7)*(1-$E$9)*(1+$E$11)","v":79.88},{"$f":"M2175*F2175","v":0},{"$f":"ROUND((M2175*$B$2),2)","v":94.26},{"$f":"O2175*F2175","v":0}]
[null,"RAUPEX"]
[null,"RAUPEX",null,null,13660011001,null,"Тройник равнопроходный 50-50-50 RX",1,"шт",47.12,{"$f":"J2177*$B$2","v":55.601599999999991},{"$f":"K2177*F2177","v":0},{"$f":"J2177*(1-$E$5-$E$7)*(1-$E$9)*(1+$E$11)","v":47.12},{"$f":"M2177*F2177","v":0},{"$f":"ROUND((M2177*$B$2),2)","v":55.6},{"$f":"O2177*F2177","v":0}]
[null,"RAUPEX",null,null,13660021001,null,"Тройник равнопроходный 63-63-63 RX",1,"шт",62.12,{"$f":"J2178*$B$2","v":73.301599999999993},{"$f":"K2178*F2178","v":0},{"$f":"J2178*(1-$E$5-$E$7)*(1-$E$9)*(1+$E$11)","v":62.12},{"$f":"M2178*F2178","v":0},{"$f":"ROUND((M2178*$B$2),2)","v":73.3},{"$f":"O2178*F2178","v":0}]
[null,"RAUPEX"]
[null,"RAUPEX",null,null,13660031001,null,"Тройник с уменьшенным боковым проходом 50-20-50 RX",1,"шт",41.74,{"$f":"J2180*$B$2","v":49.2532},{"$f":"K2180*F2180","v":0},{"$f":"J2180*(1-$E$5-$E$7)*(1-$E$9)*(1+$E$11)","v":41.74},{"$f":"M2180*F2180","v":0},{"$f":"ROUND((M2180*$B$2),2)","v":49.25},{"$f":"O2180*F2180","v":0}]
[null,"RAUPEX",null,null,13660041001,null,"Тройник с уменьшенным боковым проходом 50-25-50 RX",1,"шт",43.78,51.660399999999996,0,43.78,0,51.66,0]
[null,"RAUPEX",null,null,13660051001,null,"Тройник с уменьшенным боковым проходом 50-32-50 RX",1,"шт",43.78,51.660399999999996,0,43.78,0,51.66,0]
[null,"RAUPEX",null,null,13660061001,null,"Тройник с уменьшенным боковым проходом 50-40-50 RX",1,"шт",43.78,51.660399999999996,0,43.78,0,51.66,0]
[null,"RAUPEX",null,null,13660081001,null,"Тройник с уменьшенным боковым проходом 63-25-63 RX",1,"шт",52.68,62.162399999999998,0,52.68,0,62.16,0]
[null,"RAUPEX",null,null,13660091001,null,"Тройник с уменьшенным боковым проходом 63-32-63 RX",1,"шт",52.68,62.162399999999998,0,52.68,0,62.16,0]
[null,"RAUPEX",null,null,13660101001,null,"Тройник с уменьшенным боковым проходом 63-40-63 RX",1,"шт",53.2,62.776000000000003,0,53.2,0,62.78,0]
[null,"RAUPEX",null,null,13660111001,null,"Тройник с уменьшенным боковым проходом 63-50-63 RX",1,"шт",94.97,112.0646,0,94.97,0,112.06,0]
[null,"RAUPEX"]
[null,"RAUPEX",null,null,13660121001,null,"Тройник с уменьшенным боковым и торцевым проходами 50-32-40 RX",1,"шт",43.78,{"$f":"J2189*$B$2","v":51.660399999999996},{"$f":"K2189*F2189","v":0},{"$f":"J2189*(1-$E$5-$E$7)*(1-$E$9)*(1+$E$11)","v":43.78},{"$f":"M2189*F2189","v":0},{"$f":"ROUND((M2189*$B$2),2)","v":51.66},{"$f":"O2189*F2189","v":0}]
[null,"RAUPEX"]
[null,"RAUPEX",null,null,13660201001,null,"Тройник с внутр. резьбой на боков. проходе 25-Rp 3/4-25 RX",10,"шт",12.04,{"$f":"J2191*$B$2","v":14.207199999999998},{"$f":"K2191*F2191","v":0},{"$f":"J2191*(1-$E$5-$E$7)*(1-$E$9)*(1+$E$11)","v":12.04},{"$f":"M2191*F2191","v":0},{"$f":"ROUND((M2191*$B$2),2)","v":14.21},{"$f":"O2191*F2191","v":0}]
[null,"RAUPEX",null,null,13660241001,null,"Тройник с внутр. резьбой на боков. проходе 32-Rp 3/4-25 RX",3,"шт",23.73,28.0014,0,23.73,0,28,0]
[null,"RAUPEX",null,null,13660211001,null,"Тройник с внутр. резьбой на боков. проходе 32-Rp 3/4-32 RX",3,"шт",26.77,31.5886,0,26.77,0,31.59,0]
[null,"RAUPEX",null,null,13660261001,null,"Тройник с внутр. резьбой на боков. проходе 32-Rp 1-32 RX",3,"шт",26.77,31.5886,0,26.77,0,31.59,0]
[null,"RAUPEX",null,null,13660281001,null,"Тройник с внутр. резьбой на боков. проходе 40-Rp 1-40 RX",1,"шт",39.94,47.129199999999997,0,39.94,0,47.13,0]
[null,"RAUPEX",null,null,13660311001,null,"Тройник с внутр. резьбой на боков. проходе 50-Rp 1-50 RX",1,"шт",54.49,64.298199999999994,0,54.49,0,64.3,0]
[null,"RAUPEX"]
[null,"RAUPEX",null,null,13660891001,null,"Угольник-переходник с наружной резьбой 20-R1/2 RX",10,"шт",6.31,{"$f":"J2198*$B$2","v":7.4457999999999993},{"$f":"K2198*F2198","v":0},{"$f":"J2198*(1-$E$5-$E$7)*(1-$E$9)*(1+$E$11)","v":6.31},{"$f":"M2198*F2198","v":0},{"$f":"ROUND((M2198*$B$2),2)","v":7.45},{"$f":"O2198*F2198","v":0}]
[null,"RAUPEX",null,null,13660901001,null,"Угольник-переходник с наружной резьбой  20-R 3/4 RX",10,"шт",6.31,{"$f":"J2199*$B$2","v":7.4457999999999993},{"$f":"K2199*F2199","v":0},{"$f":"J2199*(1-$E$5-$E$7)*(1-$E$9)*(1+$E$11)","v":6.31},{"$f":"M2199*F2199","v":0},{"$f":"ROUND((M2199*$B$2),2)","v":7.45},{"$f":"O2199*F2199","v":0}]
[null,"RAUPEX",null,null,13660911001,null,"Угольник-переходник с наружной резьбой 25-R3/4 RX",10,"шт",8.7200000000000006,{"$f":"J2200*$B$2","v":10.2896},{"$f":"K2200*F2200","v":0},{"$f":"J2200*(1-$E$5-$E$7)*(1-$E$9)*(1+$E$11)","v":8.7200000000000006},{"$f":"M2200*F2200","v":0},{"$f":"ROUND((M2200*$B$2),2)","v":10.29},{"$f":"O2200*F2200","v":0}]
[null,"RAUPEX",null,null,13660921001,null,"Угольник-переходник с наружной резьбой 32-R3/4 RX",3,"шт",15.13,{"$f":"J2201*$B$2","v":17.853400000000001},{"$f":"K2201*F2201","v":0},{"$f":"J2201*(1-$E$5-$E$7)*(1-$E$9)*(1+$E$11)","v":15.13},{"$f":"M2201*F2201","v":0},17.850000000000001,0]
[null,"RAUPEX",null,null,13660931001,null,"Угольник-переходник с наружной резьбойй 32-R1 RX",3,"шт",{"$f":"22.78/1.18","v":19.305084745762713},{"$f":"J2202*$B$2","v":22.78},{"$f":"K2202*F2202","v":0},{"$f":"J2202*(1-$E$5-$E$7)*(1-$E$9)*(1+$E$11)","v":19.305084745762713},{"$f":"M2202*F2202","v":0},{"$f":"ROUND((M2202*$B$2),2)","v":22.78},{"$f":"O2202*F2202","v":0}]
[null,"RAUPEX"]
[null,"RAUPEX",null,null,13661081001,null,"Угольник настенный с наружной резьбой 20x2,8-R 1/2 RX",10,"шт",9.1999999999999993,{"$f":"J2204*$B$2","v":10.855999999999998},{"$f":"K2204*F2204","v":0},{"$f":"J2204*(1-$E$5-$E$7)*(1-$E$9)*(1+$E$11)","v":9.1999999999999993},{"$f":"M2204*F2204","v":0},{"$f":"ROUND((M2204*$B$2),2)","v":10.86},{"$f":"O2204*F2204","v":0}]
[null,"RAUPEX",null,null,13661091001,null,"Угольник настенный с наружной резьбой  20-R 3/4 RX",10,"шт",10.33,{"$f":"J2205*$B$2","v":12.189399999999999},{"$f":"K2205*F2205","v":0},{"$f":"J2205*(1-$E$5-$E$7)*(1-$E$9)*(1+$E$11)","v":10.33},{"$f":"M2205*F2205","v":0},{"$f":"ROUND((M2205*$B$2),2)","v":12.19},{"$f":"O2205*F2205","v":0}]
[null,"RAUPEX"]
[null,"RAUPEX"]
[null,"RAUPEX",null,null,null,null,"3.8 Техника крепления для труб RAUPEX"]
[null,"RAUPEX",null,null,12436331001,null,"Клипса для крепления трубы 20",10,"шт",0.83,{"$f":"J2209*$B$2","v":0.97939999999999994},{"$f":"K2209*F2209","v":0},{"$f":"J2209*(1-$E$5-$E$7)*(1-$E$9)*(1+$E$11)","v":0.83},{"$f":"M2209*F2209","v":0},{"$f":"ROUND((M2209*$B$2),2)","v":0.98},{"$f":"O2209*F2209","v":0}]
[null,"RAUPEX",null,null,12436431001,null,"Клипса для крепления трубы 25",10,"шт",1.04,{"$f":"J2210*$B$2","v":1.2272000000000001},{"$f":"K2210*F2210","v":0},{"$f":"J2210*(1-$E$5-$E$7)*(1-$E$9)*(1+$E$11)","v":1.04},{"$f":"M2210*F2210","v":0},{"$f":"ROUND((M2210*$B$2),2)","v":1.23},{"$f":"O2210*F2210","v":0}]
[null,"RAUPEX",null,null,12436531001,null,"Клипса для крепления трубы 32",10,"шт",1.25,{"$f":"J2211*$B$2","v":1.4749999999999999},{"$f":"K2211*F2211","v":0},{"$f":"J2211*(1-$E$5-$E$7)*(1-$E$9)*(1+$E$11)","v":1.25},{"$f":"M2211*F2211","v":0},{"$f":"ROUND((M2211*$B$2),2)","v":1.48},{"$f":"O2211*F2211","v":0}]
[null,"RAUPEX"]
[null,"RAUPEX",null,null,12436631001,null,"Клипса с защелкой для крепления трубы 40",10,"шт",1.78,{"$f":"J2213*$B$2","v":2.1004},{"$f":"K2213*F2213","v":0},{"$f":"J2213*(1-$E$5-$E$7)*(1-$E$9)*(1+$E$11)","v":1.78},{"$f":"M2213*F2213","v":0},{"$f":"ROUND((M2213*$B$2),2)","v":2.1},{"$f":"O2213*F2213","v":0}]
[null,"RAUPEX",null,null,12436731001,null,"Клипса с защелкой для крепления трубы 50",10,"шт",2.08,2.4544000000000001,0,2.08,0,2.4500000000000002,0]
[null,"RAUPEX",null,null,12436831001,null,"Клипса с защелкой для крепления трубы 63",10,"шт",2.4500000000000002,2.891,0,2.4500000000000002,0,2.89,0]
[null,"RAUPEX",null,null,12436931001,null,"Клипса с защелкой для крепления трубы 75",10,"шт",3.95,4.6609999999999996,0,3.95,0,4.66,0]
[null,"RAUPEX",null,null,12437031001,null,"Клипса с защелкой для крепления трубы 90",10,"шт",5.25,6.1949999999999994,0,5.25,0,6.2,0]
[null,"RAUPEX",null,null,12437131001,null,"Клипса с защелкой для крепления трубы 110",10,"шт",6.15,7.2569999999999997,0,6.15,0,7.26,0]
[null,"RAUPEX",null,null,12493501001,null,"Клипса с защелкой для крепления трубы 125",10,"шт",8.85,10.443,0,8.85,0,10.44,0]
[null,"RAUPEX",null,null,12437231001,null,"Клипса с защелкой для крепления трубы 160",10,"шт",9.68,11.4224,0,9.68,0,11.42,0]
[null,"RAUPEX"]
[null,"RAUPEX",null,null,12437931001,null,"Распорка для соединения с клеммами для крепления труб",10,"шт",0.63,{"$f":"J2222*$B$2","v":0.74339999999999995},{"$f":"K2222*F2222","v":0},{"$f":"J2222*(1-$E$5-$E$7)*(1-$E$9)*(1+$E$11)","v":0.63},{"$f":"M2222*F2222","v":0},{"$f":"ROUND((M2222*$B$2),2)","v":0.74},{"$f":"O2222*F2222","v":0}]
[null,"RAUPEX"]
[null,"RAUPEX",null,null,null,null,"3.9 Техника быстрого крепления и комплектующие пневмотических систем"]
[null,"RAUPEX",null,null,12496671001,null,"Быстрый разъем NP 7.2 пластмассовый с внутр. резьбой G1/2\"",10,"шт",17.48,{"$f":"J2225*$B$2","v":20.6264},{"$f":"K2225*F2225","v":0},{"$f":"J2225*(1-$E$5-$E$7)*(1-$E$9)*(1+$E$11)","v":17.48},{"$f":"M2225*F2225","v":0},{"$f":"ROUND((M2225*$B$2),2)","v":20.63},{"$f":"O2225*F2225","v":0}]
[null,"RAUPEX",null,null,12496771001,null,"Быстрый разъем NP 7.2 пластмассовый с наруж. резьбой G1/2\"",10,"шт",17.48,{"$f":"J2226*$B$2","v":20.6264},{"$f":"K2226*F2226","v":0},{"$f":"J2226*(1-$E$5-$E$7)*(1-$E$9)*(1+$E$11)","v":17.48},{"$f":"M2226*F2226","v":0},{"$f":"ROUND((M2226*$B$2),2)","v":20.63},{"$f":"O2226*F2226","v":0}]
[null,"RAUPEX",null,null,12496871001,null,"Быстрый разъем NP 7.2 пластмассовый для шланга Dу 9мм",10,"шт",17.48,{"$f":"J2227*$B$2","v":20.6264},{"$f":"K2227*F2227","v":0},{"$f":"J2227*(1-$E$5-$E$7)*(1-$E$9)*(1+$E$11)","v":17.48},{"$f":"M2227*F2227","v":0},{"$f":"ROUND((M2227*$B$2),2)","v":20.63},{"$f":"O2227*F2227","v":0}]
[null,"RAUPEX",null,null,12496971001,null,"Быстрый разъем NP 7.2 пластмассовый для шланга Dу 13мм",10,"шт",17.48,{"$f":"J2228*$B$2","v":20.6264},{"$f":"K2228*F2228","v":0},{"$f":"J2228*(1-$E$5-$E$7)*(1-$E$9)*(1+$E$11)","v":17.48},{"$f":"M2228*F2228","v":0},{"$f":"ROUND((M2228*$B$2),2)","v":20.63},{"$f":"O2228*F2228","v":0}]
[null,"RAUPEX"]
[null,"RAUPEX",null,null,12497071001,null,"Распред. коллектор с 2 быстр. разъемами NP 7.2 и наруж. резьбой G1/2\"",1,"шт",41.84,{"$f":"J2230*$B$2","v":49.371200000000002},{"$f":"K2230*F2230","v":0},{"$f":"J2230*(1-$E$5-$E$7)*(1-$E$9)*(1+$E$11)","v":41.84},{"$f":"M2230*F2230","v":0},{"$f":"ROUND((M2230*$B$2),2)","v":49.37},{"$f":"O2230*F2230","v":0}]
[null,"RAUPEX"]
[null,"RAUPEX",null,null,12493801001,null,"Розетка с 3 отводами вн. рез. G1/2\" для сжат. воздуха и штуцером 32x2,9 под надвижную гильзу ",1,"шт",42.04,{"$f":"J2232*$B$2","v":49.607199999999999},{"$f":"K2232*F2232","v":0},{"$f":"J2232*(1-$E$5-$E$7)*(1-$E$9)*(1+$E$11)","v":42.04},{"$f":"M2232*F2232","v":0},{"$f":"ROUND((M2232*$B$2),2)","v":49.61},{"$f":"O2232*F2232","v":0}]
[null,"RAUPEX"]
[null,"RAUPEX",null,null,12493901001,null,"Розетка с 3 отводами вн. рез. G1/2\" для сжат. воздуха и вн. рез. G1\"",1,"шт",42.04,{"$f":"J2234*$B$2","v":49.607199999999999},{"$f":"K2234*F2234","v":0},{"$f":"J2234*(1-$E$5-$E$7)*(1-$E$9)*(1+$E$11)","v":42.04},{"$f":"M2234*F2234","v":0},{"$f":"ROUND((M2234*$B$2),2)","v":49.61},{"$f":"O2234*F2234","v":0}]
[null,"RAUPEX"]
[null,"RAUPEX",null,null,12494001001,null,"Кронштейн стальной для тройной розетки сжатого воздуха",1,"шт",7.61,{"$f":"J2236*$B$2","v":8.9797999999999991},{"$f":"K2236*F2236","v":0},{"$f":"J2236*(1-$E$5-$E$7)*(1-$E$9)*(1+$E$11)","v":7.61},{"$f":"M2236*F2236","v":0},{"$f":"ROUND((M2236*$B$2),2)","v":8.98},{"$f":"O2236*F2236","v":0}]
[null,"RAUPEX"]
[null,"RAUPEX",null,null,12494101001,null,"Заглушка с нар. рез. G1/2\" для розетки сжатого воздуха",1,"шт",4.3600000000000003,{"$f":"J2238*$B$2","v":5.1448},{"$f":"K2238*F2238","v":0},{"$f":"J2238*(1-$E$5-$E$7)*(1-$E$9)*(1+$E$11)","v":4.3600000000000003},{"$f":"M2238*F2238","v":0},{"$f":"ROUND((M2238*$B$2),2)","v":5.14},{"$f":"O2238*F2238","v":0}]
[null,"RAUPEX"]
[null,"RAUPEX",null,null,12497171001,null,"Штуцер стальной NP 7.2  для подключения шланга Dу 9мм",10,"шт",2.34,{"$f":"J2240*$B$2","v":2.7611999999999997},{"$f":"K2240*F2240","v":0},{"$f":"J2240*(1-$E$5-$E$7)*(1-$E$9)*(1+$E$11)","v":2.34},{"$f":"M2240*F2240","v":0},{"$f":"ROUND((M2240*$B$2),2)","v":2.76},{"$f":"O2240*F2240","v":0}]
[null,"RAUPEX",null,null,12497271001,null,"Штуцер стальной NP 7.2  для подключения шланга Dу 13мм",10,"шт",3.17,{"$f":"J2241*$B$2","v":3.7405999999999997},{"$f":"K2241*F2241","v":0},{"$f":"J2241*(1-$E$5-$E$7)*(1-$E$9)*(1+$E$11)","v":3.17},{"$f":"M2241*F2241","v":0},{"$f":"ROUND((M2241*$B$2),2)","v":3.74},{"$f":"O2241*F2241","v":0}]
[null,"RAUPEX",null,null,12497371001,null,"Штуцер стальной NP 7.2 с нар. рез. G1/4\"",10,"шт",2.12,{"$f":"J2242*$B$2","v":2.5015999999999998},{"$f":"K2242*F2242","v":0},{"$f":"J2242*(1-$E$5-$E$7)*(1-$E$9)*(1+$E$11)","v":2.12},{"$f":"M2242*F2242","v":0},{"$f":"ROUND((M2242*$B$2),2)","v":2.5},{"$f":"O2242*F2242","v":0}]
[null,"RAUPEX",null,null,12497471001,null,"Штуцер стальной NP 7.2 с нар. рез. G3/8\"",10,"шт",2.82,{"$f":"J2243*$B$2","v":3.3275999999999994},{"$f":"K2243*F2243","v":0},{"$f":"J2243*(1-$E$5-$E$7)*(1-$E$9)*(1+$E$11)","v":2.82},{"$f":"M2243*F2243","v":0},{"$f":"ROUND((M2243*$B$2),2)","v":3.33},{"$f":"O2243*F2243","v":0}]
[null,"RAUPEX",null,null,12497571001,null,"Штуцер стальной NP 7.2 с нар. рез. G 1/2\"",10,"шт",4.58,{"$f":"J2244*$B$2","v":5.4043999999999999},{"$f":"K2244*F2244","v":0},{"$f":"J2244*(1-$E$5-$E$7)*(1-$E$9)*(1+$E$11)","v":4.58},{"$f":"M2244*F2244","v":0},{"$f":"ROUND((M2244*$B$2),2)","v":5.4},{"$f":"O2244*F2244","v":0}]
[null,"RAUPEX"]
[null,"RAUPEX",null,null,12492701001,null,"Пружинное кольцо для закрепления шланга Dу 9мм на штуцере",100,"шт",0.26,{"$f":"J2246*$B$2","v":0.30680000000000002},{"$f":"K2246*F2246","v":0},{"$f":"J2246*(1-$E$5-$E$7)*(1-$E$9)*(1+$E$11)","v":0.26},{"$f":"M2246*F2246","v":0},{"$f":"ROUND((M2246*$B$2),2)","v":0.31},{"$f":"O2246*F2246","v":0}]
[null,"RAUPEX",null,null,12492801001,null,"Пружинное кольцо для закрепления шланга Dу 13мм на штуцере",100,"шт",0.36,{"$f":"J2247*$B$2","v":0.42479999999999996},{"$f":"K2247*F2247","v":0},{"$f":"J2247*(1-$E$5-$E$7)*(1-$E$9)*(1+$E$11)","v":0.36},{"$f":"M2247*F2247","v":0},{"$f":"ROUND((M2247*$B$2),2)","v":0.42},{"$f":"O2247*F2247","v":0}]
[null,"RAUPEX"]
[null,"RAUPEX",null,null,12492601001,null,"Пневмопистолет с метал. форсункой с вн. рез. G1/4\"",1,"шт",16.34,{"$f":"J2249*$B$2","v":19.281199999999998},{"$f":"K2249*F2249","v":0},{"$f":"J2249*(1-$E$5-$E$7)*(1-$E$9)*(1+$E$11)","v":16.34},{"$f":"M2249*F2249","v":0},{"$f":"ROUND((M2249*$B$2),2)","v":19.28},{"$f":"O2249*F2249","v":0}]
[null,"RAUPEX"]
[null,"RAUPEX",null,null,10285611002,null,"Шланг ПВХ с арм. нитью RAUFILAM E, Dвн. 9x3мм, в рулоне 50 м",150,"м","-","По запросу",{"$f":"K2251*F2251","v":0},{"$f":"J2251*(1-$E$5-$E$7)*(1-$E$9)*(1+$E$11)","v":0},{"$f":"M2251*F2251","v":0},{"$f":"ROUND((M2251*$B$2),2)","v":0},{"$f":"O2251*F2251","v":0}]
[null,"RAUPEX",null,null,10286011002,null,"Шланг ПВХ с арм. нитью RAUFILAM E, Dвн. 13.2x3.3мм, в рулоне 50 м",100,"м","-","По запросу",{"$f":"K2252*F2252","v":0},{"$f":"J2252*(1-$E$5-$E$7)*(1-$E$9)*(1+$E$11)","v":0},{"$f":"M2252*F2252","v":0},{"$f":"ROUND((M2252*$B$2),2)","v":0},{"$f":"O2252*F2252","v":0}]
[null,"RAUPEX"]
[null,"RAUPEX",null,null,12496571001,null,"Быстрый разъем NP 7.2  со штуцером под надвиж. гильзу 20x1,9мм, SDR 11",10,"шт",10.4,{"$f":"J2254*$B$2","v":12.272},{"$f":"K2254*F2254","v":0},{"$f":"J2254*(1-$E$5-$E$7)*(1-$E$9)*(1+$E$11)","v":10.4},{"$f":"M2254*F2254","v":0},{"$f":"ROUND((M2254*$B$2),2)","v":12.27},{"$f":"O2254*F2254","v":0}]
[null,"RAUPEX"]
[null,"RAUPEX",null,null,12414531001,null,"Противопожарная манжета для труб 20",1,"шт",51.39,{"$f":"J2256*$B$2","v":60.6402},{"$f":"K2256*F2256","v":0},{"$f":"J2256*(1-$E$5-$E$7)*(1-$E$9)*(1+$E$11)","v":51.39},{"$f":"M2256*F2256","v":0},{"$f":"ROUND((M2256*$B$2),2)","v":60.64},{"$f":"O2256*F2256","v":0}]
[null,"RAUPEX",null,null,12414631001,null,"Противопожарная манжета для труб 25",1,"шт",54.29,64.06219999999999,0,54.29,0,64.06,0]
[null,"RAUPEX",null,null,12414731001,null,"Противопожарная манжета для труб 32",1,"шт",58.84,69.431200000000004,0,58.84,0,69.430000000000007,0]
[null,"RAUPEX",null,null,12414831001,null,"Противопожарная манжета для труб 40",1,"шт",65.13,76.853399999999993,0,65.13,0,76.849999999999994,0]
[null,"RAUPEX",null,null,12414931001,null,"Противопожарная манжета для труб 50",1,"шт",66.25,78.174999999999997,0,66.25,0,78.180000000000007,0]
[null,"RAUPEX",null,null,12415031001,null,"Противопожарная манжета для труб 63",1,"шт",75.430000000000007,89.007400000000004,0,75.430000000000007,0,89.01,0]
[null,"RAUPEX"]
[null,"RAUTHERMEX"]
[null,"RAUTHERMEX",null,null,null,null,"4.1 Трубы SDR 11 "]
[null,"RAUTHERMEX",null,null,null,null,"Серия 1 (тонкостенная)"]
[null,"RAUTHERMEX",null,null,null,null,"UNO (светлосерая одинарная)"]
[null,"RAUTHERMEX",null,null,13521611001,null,"Tруба RAUTHERMEX UNO серия 1  25/91 макс. длина в бухте  560 м.",null,"м",30.29,{"$f":"J2267*$B$2","v":35.742199999999997},{"$f":"K2267*F2267","v":0},{"$f":"J2267*(1-$E$5-$E$7)*(1-$E$9)*(1+$E$11)","v":30.29},{"$f":"M2267*F2267","v":0},{"$f":"ROUND((M2267*$B$2),2)","v":35.74},{"$f":"O2267*F2267","v":0}]
[null,"RAUTHERMEX",null,null,13521711001,null,"Tруба RAUTHERMEX UNO серия 1  32/91 макс. длина в бухте  560 м.",null,"м",35.44,41.819199999999995,0,35.44,0,41.82,0]
[null,"RAUTHERMEX",null,null,13521811001,null,"Tруба RAUTHERMEX UNO серия 1  40/91 макс. длина в бухте  560 м.",null,"м",37.369999999999997,44.096599999999995,0,37.369999999999997,0,44.1,0]
[null,"RAUTHERMEX",null,null,13521911001,null,"Tруба RAUTHERMEX UNO серия 1  50/111 макс. длина в бухте 380 м.",null,"м",54.12,63.861599999999996,0,54.12,0,63.86,0]
[null,"RAUTHERMEX",null,null,13522011001,null,"Tруба RAUTHERMEX UNO серия 1  63/126 макс. длина в бухте 280 м.",null,"м",76.03,89.715400000000002,0,76.03,0,89.72,0]
[null,"RAUTHERMEX",null,null,13522111001,null,"Tруба RAUTHERMEX UNO серия 1  75/162 макс. длина в бухте 144 м.",null,"м",94.06,110.99079999999999,0,94.06,0,110.99,0]
[null,"RAUTHERMEX",null,null,13522211001,null,"Tруба RAUTHERMEX UNO серия 1  90/162 макс. длина в бухте 144 м.",null,"м",105.65,124.667,0,105.65,0,124.67,0]
[null,"RAUTHERMEX",null,null,13522311001,null,"Tруба RAUTHERMEX UNO серия 1  110/162 макс. длина в бухте 144 м.",null,"м",123.7,145.96600000000001,0,123.7,0,145.97,0]
[null,"RAUTHERMEX",null,null,13522411002,null,"Tруба RAUTHERMEX UNO серия 1  125/182 макс. длина в бухте 86 м.",null,"м",179.11,211.34980000000002,0,179.11,0,211.35,0]
[null,"RAUTHERMEX",null,null,13038671001,null,"Tруба RAUTHERMEX UNO серия 1  140/202 макс. длина в бухте 75 м.",null,"м",250.41,295.48379999999997,0,250.41,0,295.48,0]
[null,"RAUTHERMEX",null,null,13522511001,null,"Tруба RAUTHERMEX UNO серия 1  160/250 отркезки 12 м.",null,"м",277.02,{"$f":"J2277*$B$2","v":326.88359999999994},0,277.02,0,326.88,0]
[null,"RAUTHERMEX"]
[null,"RAUTHERMEX",null,null,null,null,"DUO (светлосерая двойная) "]
[null,"RAUTHERMEX",null,null,13566421001,null,"Tруба RAUTHERMEX DUO 20+20/111 макс. длина в бухте 400 м.",null,"м","-","по запросу",{"$f":"K2280*F2280","v":0},{"$f":"J2280*(1-$E$5-$E$7)*(1-$E$9)*(1+$E$11)","v":0},{"$f":"M2280*F2280","v":0},{"$f":"ROUND((M2280*$B$2),2)","v":0},{"$f":"O2280*F2280","v":0}]
[null,"RAUTHERMEX",null,null,13522611001,null,"Tруба RAUTHERMEX DUO 25+25/111 макс. длина в бухте 380 м.",null,"м",48.96,{"$f":"J2281*$B$2","v":57.772799999999997},{"$f":"K2281*F2281","v":0},{"$f":"J2281*(1-$E$5-$E$7)*(1-$E$9)*(1+$E$11)","v":48.96},{"$f":"M2281*F2281","v":0},{"$f":"ROUND((M2281*$B$2),2)","v":57.77},{"$f":"O2281*F2281","v":0}]
[null,"RAUTHERMEX",null,null,13522711001,null,"Tруба RAUTHERMEX DUO 32+32/111 макс. длина в бухте 380 м.",null,"м",55.4,65.372,0,55.4,0,65.37,0]
[null,"RAUTHERMEX",null,null,13522811001,null,"Tруба RAUTHERMEX DUO 40+40/126 макс. длина в бухте 280 м.",null,"м",68.290000000000006,80.5822,0,68.290000000000006,0,80.58,0]
[null,"RAUTHERMEX",null,null,13522911001,null,"Tруба RAUTHERMEX DUO 50+50/162 макс. длина в бухте 144 м.",null,"м",91.49,107.95819999999999,0,91.49,0,107.96,0]
[null,"RAUTHERMEX",null,null,13523011001,null,"Tруба RAUTHERMEX DUO 63+63/182 макс. длина в бухте 86 м.",null,"м",126.28,149.0104,0,126.28,0,149.01,0]
[null,"RAUTHERMEX",null,null,13566711001,null,"Tруба RAUTHERMEX DUO 75+75/202 макс. длина в бухте 75 м.",null,"м","-","по запросу",0,0,0,0,0]
[null,"RAUTHERMEX"]
[null,"RAUTHERMEX",null,null,null,null,"UNO PLUS(светлосерая одинарная)"]
[null,"RAUTHERMEX",null,null,13528851001,null,"Tруба RAUTHERMEX UNO Plus 32/111 макс. длина в бухте 380 м.",null,"м","-","по запросу",{"$f":"K2289*F2289","v":0},{"$f":"J2289*(1-$E$5-$E$7)*(1-$E$9)*(1+$E$11)","v":0},{"$f":"M2289*F2289","v":0},{"$f":"ROUND((M2289*$B$2),2)","v":0},{"$f":"O2289*F2289","v":0}]
[null,"RAUTHERMEX",null,null,13528951001,null,"Tруба RAUTHERMEX UNO Plus 40/126 макс. длина в бухте 280 м.",null,"м","-","по запросу",{"$f":"K2290*F2290","v":0},0,0,0,0]
[null,"RAUTHERMEX",null,null,13529051001,null,"Tруба RAUTHERMEX UNO Plus 50/126 макс. длина в бухте 280 м.",null,"м","-","по запросу",0,0,0,0,0]
[null,"RAUTHERMEX",null,null,13529151001,null,"Tруба RAUTHERMEX UNO Plus 63/142 макс. длина в бухте 140 м.",null,"м","-","по запросу",0,0,0,0,0]
[null,"RAUTHERMEX",null,null,13529251001,null,"Tруба RAUTHERMEX UNO Plus 90/182 макс. длина в бухте 86 м.",null,"м","-","по запросу",0,0,0,0,0]
[null,"RAUTHERMEX",null,null,13529351001,null,"Tруба RAUTHERMEX UNO Plus 110/182 макс. длина в бухте 86 м.",null,"м","-","по запросу",0,0,0,0,0]
[null,"RAUTHERMEX",null,null,13566651001,null,"Tруба RAUTHERMEX UNO PlusPlus 110/202 макс. длина в бухте 75 м.",null,"м","-","по запросу",{"$f":"K2295*F2295","v":0},{"$f":"J2295*(1-$E$5-$E$7)*(1-$E$9)*(1+$E$11)","v":0},{"$f":"M2295*F2295","v":0},{"$f":"ROUND((M2295*$B$2),2)","v":0},{"$f":"O2295*F2295","v":0}]
[null,"RAUTHERMEX",null,null,13566371001,null,"Tруба RAUTHERMEX UNO Plus 125/202 макс. длина в бухте 75 м.",null,"м","-","по запросу",{"$f":"K2296*F2296","v":0},{"$f":"J2296*(1-$E$5-$E$7)*(1-$E$9)*(1+$E$11)","v":0},{"$f":"M2296*F2296","v":0},{"$f":"ROUND((M2296*$B$2),2)","v":0},{"$f":"O2296*F2296","v":0}]
[null,"RAUTHERMEX"]
[null,"RAUTHERMEX",null,null,null,null,"DUO PLUS (светлосерая двойная) "]
[null,"RAUTHERMEX",null,null,13529451001,null,"Tруба RAUTHERMEX DUO Plus 32+32/126 макс. длина в бухте 280 м.",null,"м","-","по запросу",{"$f":"K2299*F2299","v":0},{"$f":"J2299*(1-$E$5-$E$7)*(1-$E$9)*(1+$E$11)","v":0},{"$f":"M2299*F2299","v":0},{"$f":"ROUND((M2299*$B$2),2)","v":0},{"$f":"O2299*F2299","v":0}]
[null,"RAUTHERMEX",null,null,13529551001,null,"Tруба RAUTHERMEX DUO Plus 40+40/142 макс. длина в бухте 140 м.",null,"м","-","по запросу",{"$f":"K2300*F2300","v":0},{"$f":"J2300*(1-$E$5-$E$7)*(1-$E$9)*(1+$E$11)","v":0},{"$f":"M2300*F2300","v":0},{"$f":"ROUND((M2300*$B$2),2)","v":0},{"$f":"O2300*F2300","v":0}]
[null,"RAUTHERMEX",null,null,13529651001,null,"Tруба RAUTHERMEX DUO Plus 50+50/182 макс. длина в бухте 86 м.",null,"м","-","по запросу",{"$f":"K2301*F2301","v":0},{"$f":"J2301*(1-$E$5-$E$7)*(1-$E$9)*(1+$E$11)","v":0},{"$f":"M2301*F2301","v":0},{"$f":"ROUND((M2301*$B$2),2)","v":0},{"$f":"O2301*F2301","v":0}]
[null,"RAUTHERMEX",null,null,13566121001,null,"Tруба RAUTHERMEX DUO Plus 63+63/202 макс. длина в бухте 75 м.",null,"м","-","по запросу",{"$f":"K2302*F2302","v":0},{"$f":"J2302*(1-$E$5-$E$7)*(1-$E$9)*(1+$E$11)","v":0},{"$f":"M2302*F2302","v":0},{"$f":"ROUND((M2302*$B$2),2)","v":0},{"$f":"O2302*F2302","v":0}]
[null,"RAUTHERMEX"]
[null,"RAUTHERMEX",null,null,null,null,"Вводы в здание UNO SDR 11"]
[null,"RAUTHERMEX",null,null,12400041001,null,"Ввод в здание угловой RAUTHERMEX UNO серия 1  SDR 11 25/91",null,"шт",229.35,{"$f":"J2305*$B$2","v":270.63299999999998},{"$f":"K2305*F2305","v":0},{"$f":"J2305*(1-$E$5-$E$7)*(1-$E$9)*(1+$E$11)","v":229.35},{"$f":"M2305*F2305","v":0},{"$f":"ROUND((M2305*$B$2),2)","v":270.63},{"$f":"O2305*F2305","v":0}]
[null,"RAUTHERMEX",null,null,12400641001,null,"Ввод в здание угловой RAUTHERMEX UNO серия 1  SDR 11 32/91",null,"шт",233.24,275.22320000000002,0,233.24,0,275.22000000000003,0]
[null,"RAUTHERMEX",null,null,12400741001,null,"Ввод в здание угловой RAUTHERMEX UNO серия 1  SDR 11 40/91",null,"шт",243.53,287.36539999999997,0,243.53,0,287.37,0]
[null,"RAUTHERMEX",null,null,12400841001,null,"Ввод в здание угловой RAUTHERMEX UNO серия 1  SDR 11 50/11",null,"шт",269.29000000000002,317.76220000000001,0,269.29000000000002,0,317.76,0]
[null,"RAUTHERMEX",null,null,12400941001,null,"Ввод в здание угловой RAUTHERMEX UNO серия 1  SDR 11 63/126",null,"шт",319.55,377.06900000000002,0,319.55,0,377.07,0]
[null,"RAUTHERMEX",null,null,12400541001,null,"Ввод в здание угловой RAUTHERMEX UNO серия 1  SDR 11 75/162",null,"шт",381.39,450.04019999999997,0,381.39,0,450.04,0]
[null,"RAUTHERMEX",null,null,12401141001,null,"Ввод в здание угловой RAUTHERMEX UNO серия 1  SDR 11 90/162",null,"шт",475.47,561.05460000000005,0,475.47,0,561.04999999999995,0]
[null,"RAUTHERMEX",null,null,12401241001,null,"Ввод в здание угловой RAUTHERMEX UNO серия 1  SDR 11 110/162",null,"шт",564.36,665.94479999999999,0,564.36,0,665.94,0]
[null,"RAUTHERMEX",null,null,12228271001,null,"Ввод в здание угловой RAUTHERMEX UNO серия 1  SDR 11 125/182",null,"шт",740.88,874.23839999999996,0,740.88,0,874.24,0]
[null,"RAUTHERMEX"]
[null,"RAUTHERMEX",null,null,null,null,"Вводы в здание DUO SDR 11"]
[null,"RAUTHERMEX",null,null,12401941001,null,"Ввод в здание угловой RAUTHERMEX DUO серия 1  SDR 11 25+25/111",null,"шт",320.83999999999997,{"$f":"J2316*$B$2","v":378.59119999999996},{"$f":"K2316*F2316","v":0},{"$f":"J2316*(1-$E$5-$E$7)*(1-$E$9)*(1+$E$11)","v":320.83999999999997},{"$f":"M2316*F2316","v":0},{"$f":"ROUND((M2316*$B$2),2)","v":378.59},{"$f":"O2316*F2316","v":0}]
[null,"RAUTHERMEX",null,null,12402241001,null,"Ввод в здание угловой RAUTHERMEX DUO серия 1  SDR 11 32+32/111",null,"шт",373.66,440.91880000000003,0,373.66,0,440.92,0]
[null,"RAUTHERMEX",null,null,12402341001,null,"Ввод в здание угловой RAUTHERMEX DUO серия 1  SDR 11 40+40/126",null,"шт",412.31,486.5258,0,412.31,0,486.53,0]
[null,"RAUTHERMEX",null,null,12402441001,null,"Ввод в здание угловой RAUTHERMEX DUO серия 1  SDR 11 50+50/162",null,"шт",483.19,570.16419999999994,0,483.19,0,570.16,0]
[null,"RAUTHERMEX",null,null,12437881001,null,"Ввод в здание угловой RAUTHERMEX DUO серия 1  SDR 11 63+63/182",null,"шт",657.14,775.4251999999999,0,657.14,0,775.43,0]
[null,"RAUTHERMEX",null,null,13153751001,null,"Ввод в здание угловой RAUTHERMEX DUO серия 1  SDR 11 75+75/202",null,"шт",964.54,1138.1571999999999,0,964.54,0,1138.1600000000001,0]
[null,"RAUTHERMEX"]
[null,"RAUTHERMEX",null,null,null,null,"Разветвитель SDR 11"]
[null,"RAUTHERMEX",null,null,12403141001,null,"Разветвитель 25/91- 25+25/111",1,"шт",450.97,{"$f":"J2324*$B$2","v":532.14459999999997},{"$f":"K2324*F2324","v":0},{"$f":"J2324*(1-$E$5-$E$7)*(1-$E$9)*(1+$E$11)","v":450.97},{"$f":"M2324*F2324","v":0},{"$f":"ROUND((M2324*$B$2),2)","v":532.14},{"$f":"O2324*F2324","v":0}]
[null,"RAUTHERMEX",null,null,12403541001,null,"Разветвитель 32/76 - 32+32/111",1,"шт",470.31,554.96579999999994,0,470.31,0,554.97,0]
[null,"RAUTHERMEX",null,null,12403641001,null,"Разветвитель 40/91 - 40+40/126",1,"шт",505.09,596.00619999999992,0,505.09,0,596.01,0]
[null,"RAUTHERMEX",null,null,12403741001,null,"Разветвитель 50/111 - 50+50/162",1,"шт",565.65,667.46699999999998,0,565.65,0,667.47,0]
[null,"RAUTHERMEX",null,null,12394231001,null,"Разветвитель 63/162 - 63+63/182",1,"шт",681.62,804.3116,0,681.62,0,804.31,0]
[null,"RAUTHERMEX",null,null,13149441001,null,"Разветвитель 75/162 - 75+75/202",1,"шт",964.58,1138.2044000000001,0,964.58,0,1138.2,0]
[null,"RAUTHERMEX"]
[null,"RAUTHERMEX",null,null,null,null,"Шахта для систем теплоснабжения"]
[null,"RAUTHERMEX",null,null,12085581001,null,"Шахта для систем теплоснабжения 800 мм",1,"шт",584.75,{"$f":"J2332*$B$2","v":690.005},{"$f":"K2332*F2332","v":0},{"$f":"J2332*(1-$E$5-$E$7)*(1-$E$9)*(1+$E$11)","v":584.75},{"$f":"M2332*F2332","v":0},{"$f":"ROUND((M2332*$B$2),2)","v":690.01},{"$f":"O2332*F2332","v":0}]
[null,"RAUTHERMEX",null,null,12979911033,null,"Термоусадочный шланг для соединения шахты",1,"шт",50.85,{"$f":"J2333*$B$2","v":60.003},{"$f":"K2333*F2333","v":0},{"$f":"J2333*(1-$E$5-$E$7)*(1-$E$9)*(1+$E$11)","v":50.85},{"$f":"M2333*F2333","v":0},{"$f":"ROUND((M2333*$B$2),2)","v":60},{"$f":"O2333*F2333","v":0}]
[null,"RAUTHERMEX"]
[null,"RAUTHERMEX",null,null,null,null,"Вводы в здание, стальные"]
[null,"RAUTHERMEX",null,null,12091381001,null,"Ввод в здание стальной 140 / 225",1,"шт",3192.95,{"$f":"J2336*$B$2","v":3767.6809999999996},{"$f":"K2336*F2336","v":0},{"$f":"J2336*(1-$E$5-$E$7)*(1-$E$9)*(1+$E$11)","v":3192.95},{"$f":"M2336*F2336","v":0},{"$f":"ROUND((M2336*$B$2),2)","v":3767.68},{"$f":"O2336*F2336","v":0}]
[null,"RAUTHERMEX",null,null,12012271001,null,"Ввод в здание стальной 160 / 250",1,"шт",3391.51,{"$f":"J2337*$B$2","v":4001.9818},{"$f":"K2337*F2337","v":0},{"$f":"J2337*(1-$E$5-$E$7)*(1-$E$9)*(1+$E$11)","v":3391.51},{"$f":"M2337*F2337","v":0},{"$f":"ROUND((M2337*$B$2),2)","v":4001.98},{"$f":"O2337*F2337","v":0}]
[null,"RAUTHERMEX"]
[null,"RAUTHERMEX"]
[null,"RAUTHERMEX",null,null,null,null,"4.2 Техника соединения  на надвижной гильзе SDR 11"]
[null,"RAUTHERMEX",null,null,11395621001,null,"Монтажная гильза 20х1,9",100,"шт",0.88,{"$f":"J2341*$B$2","v":1.0384},{"$f":"K2341*F2341","v":0},{"$f":"J2341*(1-$E$5-$E$7)*(1-$E$9)*(1+$E$11)","v":0.88},{"$f":"M2341*F2341","v":0},{"$f":"ROUND((M2341*$B$2),2)","v":1.04},{"$f":"O2341*F2341","v":0}]
[null,"RAUTHERMEX",null,null,11395721001,null,"Монтажная гильза 25х2,3",50,"шт",1.2,{"$f":"J2342*$B$2","v":1.4159999999999999},{"$f":"K2342*F2342","v":0},{"$f":"J2342*(1-$E$5-$E$7)*(1-$E$9)*(1+$E$11)","v":1.2},{"$f":"M2342*F2342","v":0},{"$f":"ROUND((M2342*$B$2),2)","v":1.42},{"$f":"O2342*F2342","v":0}]
[null,"RAUTHERMEX",null,null,11394921001,null,"Монтажная гильза 32х2,9",50,"шт",2.52,2.9735999999999998,0,2.52,0,2.97,0]
[null,"RAUTHERMEX",null,null,11386831001,null,"Монтажная гильза 40х3,7",25,"шт",4.91,5.7938000000000001,0,4.91,0,5.79,0]
[null,"RAUTHERMEX",null,null,11386931001,null,"Монтажная гильза 50х4,6",25,"шт",6.93,8.1773999999999987,0,6.93,0,8.18,0]
[null,"RAUTHERMEX",null,null,11387031001,null,"Монтажная гильза 63х5,8",25,"шт",10.39,12.260199999999999,0,10.39,0,12.26,0]
["V","RAUTHERMEX",null,12676711001,12676711002,null,"Монтажная гильза 75х6,8",1,"шт",34.47,40.674599999999998,0,34.47,0,40.67,0]
["V","RAUTHERMEX",null,12676811001,12676811002,null,"Монтажная гильза 90х8,2",1,"шт",41.41,48.863799999999991,0,41.41,0,48.86,0]
["V","RAUTHERMEX",null,12676911001,12676911002,null,"Монтажная гильза 110х10,0",1,"шт",55.24,65.183199999999999,0,55.24,0,65.180000000000007,0]
["V","RAUTHERMEX",null,12352291001,12352291002,null,"Монтажная гильза 125х11,4",1,"шт",82.88,97.798399999999987,0,82.88,0,97.8,0]
["V","RAUTHERMEX",null,12062561001,12062561002,null,"Монтажная гильза 140х12,7",1,"шт",{"$f":"120.2/1.18","v":101.86440677966102},120.2,0,101.86440677966102,0,120.2,0]
["V","RAUTHERMEX",null,12343241001,12343241002,null,"Монтажная гильза 160х14,6",1,"шт",124.35,{"$f":"J2352*$B$2","v":146.73299999999998},0,124.35,0,146.72999999999999,0]
[null,"RAUTHERMEX"]
[null,"RAUTHERMEX",null,null,11690081001,null,"Муфта соединительная равнопроходная  20x1,9 LX",10,"шт",3.72,{"$f":"J2354*$B$2","v":4.3895999999999997},{"$f":"K2354*F2354","v":0},{"$f":"J2354*(1-$E$5-$E$7)*(1-$E$9)*(1+$E$11)","v":3.72},{"$f":"M2354*F2354","v":0},{"$f":"ROUND((M2354*$B$2),2)","v":4.3899999999999997},{"$f":"O2354*F2354","v":0}]
[null,"RAUTHERMEX",null,null,11690101001,null,"Муфта соединительная равнопроходная  25х2,3 LX",10,"шт",5.9,{"$f":"J2355*$B$2","v":6.9619999999999997},{"$f":"K2355*F2355","v":0},{"$f":"J2355*(1-$E$5-$E$7)*(1-$E$9)*(1+$E$11)","v":5.9},{"$f":"M2355*F2355","v":0},{"$f":"ROUND((M2355*$B$2),2)","v":6.96},{"$f":"O2355*F2355","v":0}]
[null,"RAUTHERMEX",null,null,11690131001,null,"Муфта соединительная равнопроходная 32х2,9 LX",3,"шт",11.74,13.853199999999999,0,11.74,0,13.85,0]
[null,"RAUTHERMEX",null,null,11690151001,null,"Муфта соединительная равнопроходная  40х3,7 LX",5,"шт",19.899999999999999,23.481999999999996,0,19.899999999999999,0,23.48,0]
[null,"RAUTHERMEX",null,null,11691441001,null,"Муфта соединительная равнопроходная  50х4,6 LX",1,"шт",28.96,34.172800000000002,0,28.96,0,34.17,0]
[null,"RAUTHERMEX",null,null,11691421001,null,"Муфта соединительная равнопроходная  63х5,7 LX",1,"шт",42.15,49.736999999999995,0,42.15,0,49.74,0]
[null,"RAUTHERMEX",null,null,12676111001,null,"Муфта соединительная равнопроходная  75х6,8",1,"шт",125.78,148.4204,0,125.78,0,148.41999999999999,0]
[null,"RAUTHERMEX",null,null,12676211001,null,"Муфта соединительная равнопроходная  90х8,2",1,"шт",163.51,192.94179999999997,0,163.51,0,192.94,0]
[null,"RAUTHERMEX",null,null,12676311001,null,"Муфта соединительная равнопроходная  110х10",1,"шт",183.69,216.7542,0,183.69,0,216.75,0]
[null,"RAUTHERMEX",null,null,12352191001,null,"Муфта соединительная равнопроходная  125х11,4",1,"шт",331.99,391.7482,0,331.99,0,391.75,0]
[null,"RAUTHERMEX",null,null,12062571001,null,"Муфта соединительная равнопроходная  140х12,7",1,"шт",385.15,454.47699999999998,0,385.15,0,454.48,0]
[null,"RAUTHERMEX",null,null,12343341001,null,"Муфта соединительная равнопроходная  160х14,6",1,"шт",421.59,{"$f":"J2365*$B$2","v":497.47619999999995},0,421.59,0,497.48,0]
[null,"RAUTHERMEX"]
[null,"RAUTHERMEX",null,null,11690121001,null,"Муфта соединительная переходная 25х2,3 - 20х1,9 LX",10,"шт",6.48,{"$f":"J2367*$B$2","v":7.6463999999999999},{"$f":"K2367*F2367","v":0},{"$f":"J2367*(1-$E$5-$E$7)*(1-$E$9)*(1+$E$11)","v":6.48},{"$f":"M2367*F2367","v":0},{"$f":"ROUND((M2367*$B$2),2)","v":7.65},{"$f":"O2367*F2367","v":0}]
[null,"RAUTHERMEX",null,null,11690141001,null,"Муфта соединительная переходная 32х2,9 - 25х2,3 LX",3,"шт",10.38,{"$f":"J2368*$B$2","v":12.2484},{"$f":"K2368*F2368","v":0},{"$f":"J2368*(1-$E$5-$E$7)*(1-$E$9)*(1+$E$11)","v":10.38},{"$f":"M2368*F2368","v":0},{"$f":"ROUND((M2368*$B$2),2)","v":12.25},{"$f":"O2368*F2368","v":0}]
[null,"RAUTHERMEX",null,null,11690161001,null,"Муфта соединительная переходная 40х3,7 - 20х1,9 LX",5,"шт",27.51,32.461799999999997,0,27.51,0,32.46,0]
[null,"RAUTHERMEX",null,null,11690171001,null,"Муфта соединительная переходная 40х3,7 - 32х2,9 LX",5,"шт",19.260000000000002,22.726800000000001,0,19.260000000000002,0,22.73,0]
[null,"RAUTHERMEX",null,null,11691701001,null,"Муфта соединительная переходная 50х4,6 - 32х2,9 LX",1,"шт",28.51,33.641800000000003,0,28.51,0,33.64,0]
[null,"RAUTHERMEX",null,null,11691471001,null,"Муфта соединительная переходная 50х4,6 - 40х3,7 LX",1,"шт",28.96,34.172800000000002,0,28.96,0,34.17,0]
[null,"RAUTHERMEX",null,null,11691481001,null,"Муфта соединительная переходная 63х5,7 - 50х4,6 LX",1,"шт",38.24,45.123199999999997,0,38.24,0,45.12,0]
[null,"RAUTHERMEX",null,null,12676411001,null,"Муфта соединительная переходная 75х6,8 - 63х5,7",1,"шт",129.91999999999999,153.30559999999997,0,129.91999999999999,0,153.31,0]
[null,"RAUTHERMEX",null,null,12676511001,null,"Муфта соединительная переходная 90х8,2 - 75х6,8",1,"шт",160.63999999999999,189.55519999999999,0,160.63999999999999,0,189.56,0]
[null,"RAUTHERMEX",null,null,12676611001,null,"Муфта соединительная переходная 110х10 - 90х8,2",1,"шт",194.51,229.52179999999998,0,194.51,0,229.52,0]
[null,"RAUTHERMEX"]
[null,"RAUTHERMEX",null,null,11690451001,null,"Тройник равнопроходный 20х1,9  LX",10,"шт",7.44,{"$f":"J2378*$B$2","v":8.7791999999999994},{"$f":"K2378*F2378","v":0},{"$f":"J2378*(1-$E$5-$E$7)*(1-$E$9)*(1+$E$11)","v":7.44},{"$f":"M2378*F2378","v":0},{"$f":"ROUND((M2378*$B$2),2)","v":8.7799999999999994},{"$f":"O2378*F2378","v":0}]
[null,"RAUTHERMEX",null,null,11690561001,null,"Тройник равнопроходный 25х2,3 LX",10,"шт",8.4,{"$f":"J2379*$B$2","v":9.911999999999999},{"$f":"K2379*F2379","v":0},{"$f":"J2379*(1-$E$5-$E$7)*(1-$E$9)*(1+$E$11)","v":8.4},{"$f":"M2379*F2379","v":0},{"$f":"ROUND((M2379*$B$2),2)","v":9.91},{"$f":"O2379*F2379","v":0}]
[null,"RAUTHERMEX",null,null,11690631001,null,"Тройник равнопроходный 32х2,9 LX",3,"шт",17.809999999999999,21.015799999999999,0,17.809999999999999,0,21.02,0]
[null,"RAUTHERMEX",null,null,11690721001,null,"Тройник равнопроходный 40х3,7 LX",1,"шт",34.97,41.264599999999994,0,34.97,0,41.26,0]
[null,"RAUTHERMEX",null,null,11691561001,null,"Тройник равнопроходный 50х4,6 LX",1,"шт",46.83,55.259399999999992,0,46.83,0,55.26,0]
[null,"RAUTHERMEX",null,null,11691671001,null,"Тройник равнопроходный 63х5,7 LX",1,"шт",52.56,62.020800000000001,0,52.56,0,62.02,0]
[null,"RAUTHERMEX",null,null,12219461001,null,"Тройник равнопроходный 75x6,8",1,"шт",227.95,268.98099999999999,0,227.95,0,268.98,0]
[null,"RAUTHERMEX",null,null,12219481001,null,"Тройник равнопроходный 90x8,2",1,"шт",267.73,315.92140000000001,0,267.73,0,315.92,0]
[null,"RAUTHERMEX",null,null,12219531001,null,"Тройник равнопроходный 110x10",1,"шт",364.98,430.6764,0,364.98,0,430.68,0]
[null,"RAUTHERMEX"]
[null,"RAUTHERMEX",null,null,11690491001,null,"Тройник 25-20-20 LX",10,"шт",8.3000000000000007,{"$f":"J2388*$B$2","v":9.7940000000000005},{"$f":"K2388*F2388","v":0},{"$f":"J2388*(1-$E$5-$E$7)*(1-$E$9)*(1+$E$11)","v":8.3000000000000007},{"$f":"M2388*F2388","v":0},{"$f":"ROUND((M2388*$B$2),2)","v":9.7899999999999991},{"$f":"O2388*F2388","v":0}]
[null,"RAUTHERMEX",null,null,11690601001,null,"Тройник 32-25-25 LX",3,"шт",17.809999999999999,{"$f":"J2389*$B$2","v":21.015799999999999},{"$f":"K2389*F2389","v":0},{"$f":"J2389*(1-$E$5-$E$7)*(1-$E$9)*(1+$E$11)","v":17.809999999999999},{"$f":"M2389*F2389","v":0},{"$f":"ROUND((M2389*$B$2),2)","v":21.02},{"$f":"O2389*F2389","v":0}]
[null,"RAUTHERMEX",null,null,11690701001,null,"Тройник 40-32-32 LX",1,"шт",45,53.099999999999994,0,45,0,53.1,0]
[null,"RAUTHERMEX",null,null,11691531001,null,"Тройник 50-32-40 LX",1,"шт",47,55.459999999999994,0,47,0,55.46,0]
[null,"RAUTHERMEX",null,null,11691511001,null,"Тройник 50-25-40 LX",1,"шт",46.12,54.421599999999991,0,46.12,0,54.42,0]
[null,"RAUTHERMEX",null,null,11691601001,null,"Тройник 63-32-50 LX",1,"шт",68.84,81.231200000000001,0,68.84,0,81.23,0]
[null,"RAUTHERMEX",null,null,11691621001,null,"Тройник 63-40-40 LX",1,"шт",71.569999999999993,84.45259999999999,0,71.569999999999993,0,84.45,0]
[null,"RAUTHERMEX",null,null,11691631001,null,"Тройник 63-40-50 LX",1,"шт",78.680000000000007,92.842399999999998,0,78.680000000000007,0,92.84,0]
[null,"RAUTHERMEX",null,null,11691651001,null,"Тройник 63-50-50 LX",1,"шт",85.79,101.23220000000001,0,85.79,0,101.23,0]
[null,"RAUTHERMEX",null,null,12219351001,null,"Тройник 75-32-63",1,"шт",203.26,239.84679999999997,0,203.26,0,239.85,0]
[null,"RAUTHERMEX",null,null,12219381001,null,"Тройник 75-50-63",1,"шт",203.26,239.84679999999997,0,203.26,0,239.85,0]
[null,"RAUTHERMEX",null,null,12219431001,null,"Тройник 75-63-63",1,"шт",203.26,239.84679999999997,0,203.26,0,239.85,0]
[null,"RAUTHERMEX"]
[null,"RAUTHERMEX",null,null,11690531001,null,"Тройник с уменьшенным боковым проходом 25-20-25  LX",10,"шт",8.3000000000000007,{"$f":"J2401*$B$2","v":9.7940000000000005},{"$f":"K2401*F2401","v":0},{"$f":"J2401*(1-$E$5-$E$7)*(1-$E$9)*(1+$E$11)","v":8.3000000000000007},{"$f":"M2401*F2401","v":0},{"$f":"ROUND((M2401*$B$2),2)","v":9.7899999999999991},{"$f":"O2401*F2401","v":0}]
[null,"RAUTHERMEX",null,null,11690591001,null,"Тройник с уменьшенным боковым проходом 32-20-32 LX",5,"шт",17.809999999999999,21.015799999999999,0,17.809999999999999,0,21.02,0]
[null,"RAUTHERMEX",null,null,11690611001,null,"Тройник с уменьшенным боковым проходом 32-25-32 LX",3,"шт",17.809999999999999,{"$f":"J2403*$B$2","v":21.015799999999999},{"$f":"K2403*F2403","v":0},{"$f":"J2403*(1-$E$5-$E$7)*(1-$E$9)*(1+$E$11)","v":17.809999999999999},{"$f":"M2403*F2403","v":0},{"$f":"ROUND((M2403*$B$2),2)","v":21.02},{"$f":"O2403*F2403","v":0}]
[null,"RAUTHERMEX",null,null,11690681001,null,"Тройник с уменьшенным боковым проходом 40-20-40 LX",1,"шт",33.33,39.329399999999993,0,33.33,0,39.33,0]
[null,"RAUTHERMEX",null,null,11690691001,null,"Тройник с уменьшенным боковым проходом 40-25-40 LX",1,"шт",33.33,39.329399999999993,0,33.33,0,39.33,0]
[null,"RAUTHERMEX",null,null,11690711001,null,"Тройник с уменьшенным боковым проходом 40-32-40 LX",1,"шт",33.33,39.329399999999993,0,33.33,0,39.33,0]
[null,"RAUTHERMEX",null,null,11690771001,null,"Тройник с уменьшенным боковым проходом 50-20-50 LX",1,"шт",41.11,48.509799999999998,0,41.11,0,48.51,0]
[null,"RAUTHERMEX",null,null,11691521001,null,"Тройник с уменьшенным боковым проходом 50-25-50 LX",1,"шт",41.11,48.509799999999998,0,41.11,0,48.51,0]
[null,"RAUTHERMEX",null,null,11691541001,null,"Тройник с уменьшенным боковым проходом 50-32-50 LX",1,"шт",41.11,48.509799999999998,0,41.11,0,48.51,0]
[null,"RAUTHERMEX",null,null,11691551001,null,"Тройник с уменьшенным боковым проходом 50-40-50 LX",1,"шт",46.83,55.259399999999992,0,46.83,0,55.26,0]
[null,"RAUTHERMEX",null,null,12444321001,null,"Тройник с уменьшенным боковым проходом 63-20-63 LX",1,"шт",53.94,63.649199999999993,0,53.94,0,63.65,0]
[null,"RAUTHERMEX",null,null,11691591001,null,"Тройник с уменьшенным боковым проходом 63-25-63 LX",1,"шт",55.15,65.076999999999998,0,55.15,0,65.08,0]
[null,"RAUTHERMEX",null,null,11691611001,null,"Тройник с уменьшенным боковым проходом 63-32-63 LX",1,"шт",61.4,72.451999999999998,0,61.4,0,72.45,0]
[null,"RAUTHERMEX",null,null,11691641001,null,"Тройник с уменьшенным боковым проходом 63-40-63 LX",1,"шт",61.4,72.451999999999998,0,61.4,0,72.45,0]
[null,"RAUTHERMEX",null,null,11691661001,null,"Тройник с уменьшенным боковым проходом 63-50-63 LX",1,"шт",61.4,72.451999999999998,0,61.4,0,72.45,0]
[null,"RAUTHERMEX",null,null,12219341001,null,"Тройник с уменьшенным боковым проходом 75-25-75",1,"шт",172.82,203.92759999999998,0,172.82,0,203.93,0]
[null,"RAUTHERMEX",null,null,12677911001,null,"Тройник с уменьшенным боковым проходом 75-32-75",1,"шт",172.82,203.92759999999998,0,172.82,0,203.93,0]
[null,"RAUTHERMEX",null,null,12219361001,null,"Тройник с уменьшенным боковым проходом 75-40-75",1,"шт",172.82,203.92759999999998,0,172.82,0,203.93,0]
[null,"RAUTHERMEX",null,null,12313261001,null,"Тройник с уменьшенным боковым проходом 75-50-75",1,"шт",172.82,203.92759999999998,0,172.82,0,203.93,0]
[null,"RAUTHERMEX",null,null,12219441001,null,"Тройник с уменьшенным боковым проходом 75-63-75",1,"шт",207.35,244.67299999999997,0,207.35,0,244.67,0]
[null,"RAUTHERMEX",null,null,12313361001,null,"Тройник с уменьшенным боковым проходом 90-32-90",1,"шт",186.61,220.19980000000001,0,186.61,0,220.2,0]
[null,"RAUTHERMEX",null,null,12219451001,null,"Тройник с уменьшенным боковым проходом 90-40-90",1,"шт",186.61,220.19980000000001,0,186.61,0,220.2,0]
[null,"RAUTHERMEX",null,null,12313461001,null,"Тройник с уменьшенным боковым проходом 90-63-90",1,"шт",204.89,241.77019999999996,0,204.89,0,241.77,0]
[null,"RAUTHERMEX",null,null,12313561001,null,"Тройник с уменьшенным боковым проходом 110-32-110",1,"шт",228.12,269.1816,0,228.12,0,269.18,0]
[null,"RAUTHERMEX",null,null,12219501001,null,"Тройник с уменьшенным боковым проходом 110-50-110",1,"шт",266.08999999999997,313.98619999999994,0,266.08999999999997,0,313.99,0]
[null,"RAUTHERMEX",null,null,12313661001,null,"Тройник с уменьшенным боковым проходом 110-63-110",1,"шт",276.45999999999998,326.22279999999995,0,276.45999999999998,0,326.22000000000003,0]
[null,"RAUTHERMEX"]
[null,"RAUTHERMEX",null,null,11690471001,null,"Тройник SDR 11, 20-25-20 LX",10,"шт",8.3000000000000007,{"$f":"J2428*$B$2","v":9.7940000000000005},{"$f":"K2428*F2428","v":0},{"$f":"J2428*(1-$E$5-$E$7)*(1-$E$9)*(1+$E$11)","v":8.3000000000000007},{"$f":"M2428*F2428","v":0},{"$f":"ROUND((M2428*$B$2),2)","v":9.7899999999999991},{"$f":"O2428*F2428","v":0}]
[null,"RAUTHERMEX",null,null,12677811001,null,"Тройник SDR 11, 63-75-63",1,"шт",274.29000000000002,{"$f":"J2429*$B$2","v":323.66219999999998},{"$f":"K2429*F2429","v":0},{"$f":"J2429*(1-$E$5-$E$7)*(1-$E$9)*(1+$E$11)","v":274.29000000000002},{"$f":"M2429*F2429","v":0},{"$f":"ROUND((M2429*$B$2),2)","v":323.66000000000003},{"$f":"O2429*F2429","v":0}]
[null,"RAUTHERMEX"]
[null,"RAUTHERMEX",null,null,11690551001,null,"Тройник SDR 11, 25-25-20 LX",10,"шт",8.3000000000000007,{"$f":"J2431*$B$2","v":9.7940000000000005},{"$f":"K2431*F2431","v":0},{"$f":"J2431*(1-$E$5-$E$7)*(1-$E$9)*(1+$E$11)","v":8.3000000000000007},{"$f":"M2431*F2431","v":0},{"$f":"ROUND((M2431*$B$2),2)","v":9.7899999999999991},{"$f":"O2431*F2431","v":0}]
[null,"RAUTHERMEX",null,null,11690621001,null,"Тройник SDR 11, 32-32-25 LX",3,"шт",17.809999999999999,{"$f":"J2432*$B$2","v":21.015799999999999},{"$f":"K2432*F2432","v":0},{"$f":"J2432*(1-$E$5-$E$7)*(1-$E$9)*(1+$E$11)","v":17.809999999999999},{"$f":"M2432*F2432","v":0},{"$f":"ROUND((M2432*$B$2),2)","v":21.02},{"$f":"O2432*F2432","v":0}]
[null,"RAUTHERMEX"]
[null,"RAUTHERMEX",null,null,12226841001,null,"Тройник в комплекте с монтажными гильзами 40-25-32",null,"шт",121.76,{"$f":"J2434*$B$2","v":143.67679999999999},{"$f":"K2434*F2434","v":0},{"$f":"J2434*(1-$E$5-$E$7)*(1-$E$9)*(1+$E$11)","v":121.76},{"$f":"M2434*F2434","v":0},{"$f":"ROUND((M2434*$B$2),2)","v":143.68},{"$f":"O2434*F2434","v":0}]
[null,"RAUTHERMEX",null,null,12227041001,null,"Тройник в комплекте с монтажными гильзами 50-40-40",null,"шт",168.79,199.17219999999998,0,168.79,0,199.17,0]
[null,"RAUTHERMEX",null,null,12227141001,null,"Тройник в комплекте с монтажными гильзами 63-25-50",null,"шт",208.74,246.31319999999999,0,208.74,0,246.31,0]
[null,"RAUTHERMEX",null,null,12411941001,null,"Тройник в комплекте с монтажными гильзами 75-25-63",null,"шт",247.39,291.92019999999997,0,247.39,0,291.92,0]
[null,"RAUTHERMEX",null,null,12412141001,null,"Тройник в комплекте с монтажными гильзами 75-40-63",null,"шт",261.56,308.64080000000001,0,261.56,0,308.64,0]
[null,"RAUTHERMEX",null,null,12413041001,null,"Тройник в комплекте с монтажными гильзами 90-25-75",null,"шт",311.82,367.94759999999997,0,311.82,0,367.95,0]
[null,"RAUTHERMEX",null,null,12413141001,null,"Тройник в комплекте с монтажными гильзами 90-32-75",null,"шт",320.83999999999997,378.59119999999996,0,320.83999999999997,0,378.59,0]
[null,"RAUTHERMEX",null,null,12413241001,null,"Тройник в комплекте с монтажными гильзами 90-40-75",null,"шт",325.99,384.66820000000001,0,325.99,0,384.67,0]
[null,"RAUTHERMEX",null,null,12413341001,null,"Тройник в комплекте с монтажными гильзами 90-50-75",null,"шт",346.61,408.99979999999999,0,346.61,0,409,0]
[null,"RAUTHERMEX",null,null,12413441001,null,"Тройник в комплекте с монтажными гильзами 90-63-75",null,"шт",363.36,428.76479999999998,0,363.36,0,428.76,0]
[null,"RAUTHERMEX",null,null,12413541001,null,"Тройник в комплекте с монтажными гильзами 90-75-75",null,"шт",385.27,454.61859999999996,0,385.27,0,454.62,0]
[null,"RAUTHERMEX",null,null,12414341001,null,"Тройник в комплекте с монтажными гильзами 110-25-90",null,"шт",400.73,472.8614,0,400.73,0,472.86,0]
[null,"RAUTHERMEX",null,null,12414441001,null,"Тройник в комплекте с монтажными гильзами 110-32-90",null,"шт",409.74,483.4932,0,409.74,0,483.49,0]
[null,"RAUTHERMEX",null,null,12414541001,null,"Тройник в комплекте с монтажными гильзами 110-40-90",null,"шт",416.19,491.10419999999999,0,416.19,0,491.1,0]
[null,"RAUTHERMEX",null,null,12414641001,null,"Тройник в комплекте с монтажными гильзами 110-50-90",null,"шт",435.51,513.90179999999998,0,435.51,0,513.9,0]
[null,"RAUTHERMEX",null,null,12414741001,null,"Тройник в комплекте с монтажными гильзами 110-63-90",null,"шт",453.56,535.20079999999996,0,453.56,0,535.20000000000005,0]
[null,"RAUTHERMEX",null,null,12414841001,null,"Тройник в комплекте с монтажными гильзами 110-75-90",null,"шт",471.59,556.47619999999995,0,471.59,0,556.48,0]
[null,"RAUTHERMEX",null,null,12414941001,null,"Тройник в комплекте с монтажными гильзами 110-90-90",null,"шт",487.05,574.71899999999994,0,487.05,0,574.72,0]
[null,"RAUTHERMEX",null,null,13103181001,null,"Тройник в комплекте с монтажными гильзами 125-25-110",null,"шт","-","по запросу",0,0,0,0,0]
[null,"RAUTHERMEX",null,null,13103171001,null,"Тройник в комплекте с монтажными гильзами 125-32-110",null,"шт","-","по запросу",0,0,0,0,0]
[null,"RAUTHERMEX",null,null,13103161001,null,"Тройник в комплекте с монтажными гильзами 125-40-110",null,"шт","-","по запросу",0,0,0,0,0]
[null,"RAUTHERMEX",null,null,13103081001,null,"Тройник в комплекте с монтажными гильзами 125-50-110",null,"шт","-","по запросу",0,0,0,0,0]
[null,"RAUTHERMEX",null,null,13103071001,null,"Тройник в комплекте с монтажными гильзами 125-63-110",null,"шт","-","по запросу",0,0,0,0,0]
[null,"RAUTHERMEX",null,null,13103061001,null,"Тройник в комплекте с монтажными гильзами 125-75-110",null,"шт","-","по запросу",0,0,0,0,0]
[null,"RAUTHERMEX",null,null,13018891001,null,"Тройник в комплекте с монтажными гильзами 125-90-110",null,"шт","-","по запросу",0,0,0,0,0]
[null,"RAUTHERMEX",null,null,13018881001,null,"Тройник в комплекте с монтажными гильзами 125-110-110",null,"шт","-","по запросу",0,0,0,0,0]
[null,"RAUTHERMEX",null,null,13018971001,null,"Тройник в комплекте с монтажными гильзами 125-125-110",null,"шт","-","по запросу",0,0,0,0,0]
[null,"RAUTHERMEX"]
[null,"RAUTHERMEX",null,null,12413641001,null,"Тройник в комплекте с монтажными гильзами 90-25-90",null,"шт",344.03,{"$f":"J2462*$B$2","v":405.95539999999994},{"$f":"K2462*F2462","v":0},{"$f":"J2462*(1-$E$5-$E$7)*(1-$E$9)*(1+$E$11)","v":344.03},{"$f":"M2462*F2462","v":0},{"$f":"ROUND((M2462*$B$2),2)","v":405.96},{"$f":"O2462*F2462","v":0}]
[null,"RAUTHERMEX",null,null,12413941001,null,"Тройник в комплекте с монтажными гильзами 90-50-90",null,"шт",383.98,453.09640000000002,0,383.98,0,453.1,0]
[null,"RAUTHERMEX",null,null,12414141001,null,"Тройник в комплекте с монтажными гильзами 90-75-90",null,"шт",416.19,491.10419999999999,0,416.19,0,491.1,0]
[null,"RAUTHERMEX",null,null,12415041001,null,"Тройник в комплекте с монтажными гильзами 110-25-110",null,"шт",444.52,524.53359999999998,0,444.52,0,524.53,0]
[null,"RAUTHERMEX",null,null,12415241001,null,"Тройник в комплекте с монтажными гильзами 110-40-110",null,"шт",458.7,541.26599999999996,0,458.7,0,541.27,0]
[null,"RAUTHERMEX",null,null,12415541001,null,"Тройник в комплекте с монтажными гильзами 110-75-110",null,"шт",515.41,608.18379999999991,0,515.41,0,608.17999999999995,0]
[null,"RAUTHERMEX",null,null,12415641001,null,"Тройник в комплекте с монтажными гильзами 110-90-110",null,"шт",552.77,652.26859999999999,0,552.77,0,652.27,0]
[null,"RAUTHERMEX",null,null,13019061001,null,"Тройник в комплекте с монтажными гильзами 125-25-125",null,"шт","-","по запросу",0,0,0,0,0]
[null,"RAUTHERMEX",null,null,13019051001,null,"Тройник в комплекте с монтажными гильзами 125-32-125",null,"шт","-","по запросу",0,0,0,0,0]
[null,"RAUTHERMEX",null,null,13040041001,null,"Тройник в комплекте с монтажными гильзами 125-40-125",null,"шт","-","по запросу",0,0,0,0,0]
[null,"RAUTHERMEX",null,null,13018961001,null,"Тройник в комплекте с монтажными гильзами 125-50-125",null,"шт","-","по запросу",0,0,0,0,0]
[null,"RAUTHERMEX",null,null,13018951001,null,"Тройник в комплекте с монтажными гильзами 125-63-125",null,"шт","-","по запросу",0,0,0,0,0]
[null,"RAUTHERMEX",null,null,13528961001,null,"Тройник в комплекте с монтажными гильзами 125-75-125",null,"шт","-","по запросу",0,0,0,0,0]
[null,"RAUTHERMEX",null,null,13528971001,null,"Тройник в комплекте с монтажными гильзами 125-90-125",null,"шт","-","по запросу",0,0,0,0,0]
[null,"RAUTHERMEX",null,null,13528991001,null,"Тройник в комплекте с монтажными гильзами 125-110-125",null,"шт","-","по запросу",0,0,0,0,0]
[null,"RAUTHERMEX",null,null,13528981001,null,"Тройник в комплекте с монтажными гильзами 125-125-125",null,"шт","-","по запросу",0,0,0,0,0]
[null,"RAUTHERMEX"]
[null,"RAUTHERMEX",null,null,12014111001,null,"Тройник стальной предизолированный 125-125-125",null,"шт",2115.38,{"$f":"J2479*$B$2","v":2496.1484},{"$f":"K2479*F2479","v":0},{"$f":"J2479*(1-$E$5-$E$7)*(1-$E$9)*(1+$E$11)","v":2115.38},{"$f":"M2479*F2479","v":0},{"$f":"ROUND((M2479*$B$2),2)","v":2496.15},{"$f":"O2479*F2479","v":0}]
[null,"RAUTHERMEX",null,null,12014131001,null,"Тройник стальной предизолированный 160-160-160",null,"шт",3762.62,{"$f":"J2480*$B$2","v":4439.8915999999999},{"$f":"K2480*F2480","v":0},{"$f":"J2480*(1-$E$5-$E$7)*(1-$E$9)*(1+$E$11)","v":3762.62},{"$f":"M2480*F2480","v":0},{"$f":"ROUND((M2480*$B$2),2)","v":4439.8900000000003},{"$f":"O2480*F2480","v":0}]
[null,"RAUTHERMEX"]
[null,"RAUTHERMEX",null,null,11690481001,null,"Тройник с внутренней резьбой 20-Rp 1/2-20 LX",10,"шт",10.27,{"$f":"J2482*$B$2","v":12.118599999999999},{"$f":"K2482*F2482","v":0},{"$f":"J2482*(1-$E$5-$E$7)*(1-$E$9)*(1+$E$11)","v":10.27},{"$f":"M2482*F2482","v":0},{"$f":"ROUND((M2482*$B$2),2)","v":12.12},{"$f":"O2482*F2482","v":0}]
[null,"RAUTHERMEX",null,null,11690571001,null,"Тройник с внутренней резьбой 25-Rp 1/2-25 LX",10,"шт",10.55,{"$f":"J2483*$B$2","v":12.449},{"$f":"K2483*F2483","v":0},{"$f":"J2483*(1-$E$5-$E$7)*(1-$E$9)*(1+$E$11)","v":10.55},{"$f":"M2483*F2483","v":0},{"$f":"ROUND((M2483*$B$2),2)","v":12.45},{"$f":"O2483*F2483","v":0}]
[null,"RAUTHERMEX",null,null,11690581001,null,"Тройник с внутренней резьбой 25-Rp 3/4-25 LX",10,"шт",10.55,12.449,0,10.55,0,12.45,0]
[null,"RAUTHERMEX",null,null,11690641001,null,"Тройник с внутренней резьбой 32-Rp 1/2-32 LX",3,"шт",20.71,24.437799999999999,0,20.71,0,24.44,0]
[null,"RAUTHERMEX",null,null,11690671001,null,"Тройник с внутренней резьбой 32-Rp 3/4-32 LX",1,"шт",20.71,24.437799999999999,0,20.71,0,24.44,0]
[null,"RAUTHERMEX",null,null,11690651001,null,"Тройник с внутренней резьбой 32-Rp 1-32 LX",1,"шт",20.71,24.437799999999999,0,20.71,0,24.44,0]
[null,"RAUTHERMEX",null,null,11690731001,null,"Тройник с внутренней резьбой 40-Rp 1/2-40 LX",1,"шт",35.950000000000003,42.420999999999999,0,35.950000000000003,0,42.42,0]
[null,"RAUTHERMEX",null,null,11690761001,null,"Тройник с внутренней резьбой 40-Rp 3/4-40 LX",1,"шт",37.86,44.674799999999998,0,37.86,0,44.67,0]
[null,"RAUTHERMEX",null,null,11690751001,null,"Тройник с внутренней резьбой 40-Rp 1-40 LX",1,"шт",35.950000000000003,42.420999999999999,0,35.950000000000003,0,42.42,0]
[null,"RAUTHERMEX",null,null,11690791001,null,"Тройник с внутренней резьбой 50-Rp 1/2-50 LX",1,"шт",40.82,48.1676,0,40.82,0,48.17,0]
[null,"RAUTHERMEX",null,null,11690801001,null,"Тройник с внутренней резьбой 50-Rp 3/4-50 LX",1,"шт",40.82,48.1676,0,40.82,0,48.17,0]
[null,"RAUTHERMEX",null,null,11691581001,null,"Тройник с внутренней резьбой 50-Rp 1-50 LX",1,"шт",40.82,48.1676,0,40.82,0,48.17,0]
[null,"RAUTHERMEX",null,null,11690781001,null,"Тройник с внутренней резьбой 50-Rp 1 1/4-50 LX",1,"шт",40.82,48.1676,0,40.82,0,48.17,0]
[null,"RAUTHERMEX",null,null,11690821001,null,"Тройник с внутренней резьбой 63-Rp 1/2-63 LX",1,"шт",57.24,67.543199999999999,0,57.24,0,67.540000000000006,0]
[null,"RAUTHERMEX",null,null,11690831001,null,"Тройник с внутренней резьбой 63-Rp 3/4-63 LX",1,"шт",57.24,67.543199999999999,0,57.24,0,67.540000000000006,0]
[null,"RAUTHERMEX"]
[null,"RAUTHERMEX",null,null,11690741001,null,"Тройник разнопроходной с внутренней резьбой 40-Rp 1-32 LX",1,"шт",35.950000000000003,{"$f":"J2498*$B$2","v":42.420999999999999},{"$f":"K2498*F2498","v":0},{"$f":"J2498*(1-$E$5-$E$7)*(1-$E$9)*(1+$E$11)","v":35.950000000000003},{"$f":"M2498*F2498","v":0},{"$f":"ROUND((M2498*$B$2),2)","v":42.42},{"$f":"O2498*F2498","v":0}]
[null,"RAUTHERMEX",null,null,11691571001,null,"Тройник разнопроходной с внутренней резьбой 50-Rp 1/4-40 LX",1,"шт",40.86,{"$f":"J2499*$B$2","v":48.214799999999997},{"$f":"K2499*F2499","v":0},{"$f":"J2499*(1-$E$5-$E$7)*(1-$E$9)*(1+$E$11)","v":40.86},{"$f":"M2499*F2499","v":0},{"$f":"ROUND((M2499*$B$2),2)","v":48.21},{"$f":"O2499*F2499","v":0}]
[null,"RAUTHERMEX"]
[null,"RAUTHERMEX",null,null,11691251001,null,"Угольник 45° 25х2,3 LX",10,"шт",11.86,{"$f":"J2501*$B$2","v":13.994799999999998},{"$f":"K2501*F2501","v":0},{"$f":"J2501*(1-$E$5-$E$7)*(1-$E$9)*(1+$E$11)","v":11.86},{"$f":"M2501*F2501","v":0},{"$f":"ROUND((M2501*$B$2),2)","v":13.99},{"$f":"O2501*F2501","v":0}]
[null,"RAUTHERMEX",null,null,11691271001,null,"Угольник 45° 32х2,9 LX",3,"шт",17.29,20.402199999999997,0,17.29,0,20.399999999999999,0]
[null,"RAUTHERMEX",null,null,11691291001,null,"Угольник 45° 40х3,7 LX",1,"шт",32.56,38.4208,0,32.56,0,38.42,0]
[null,"RAUTHERMEX",null,null,11691311001,null,"Угольник 45° 50х4,6 LX",1,"шт",51.52,60.793599999999998,0,51.52,0,60.79,0]
[null,"RAUTHERMEX",null,null,11691501001,null,"Угольник 45° 63х5,8 LX",1,"шт",61.41,72.463799999999992,0,61.41,0,72.459999999999994,0]
[null,"RAUTHERMEX",null,null,12378361001,null,"Угольник 45° 75х6,8",1,"шт",150.68,177.80240000000001,0,150.68,0,177.8,0]
[null,"RAUTHERMEX"]
[null,"RAUTHERMEX",null,null,11691241001,null,"Угольник 90° 20х1,9 LX",10,"шт",7.33,{"$f":"J2508*$B$2","v":8.6494},{"$f":"K2508*F2508","v":0},{"$f":"J2508*(1-$E$5-$E$7)*(1-$E$9)*(1+$E$11)","v":7.33},{"$f":"M2508*F2508","v":0},{"$f":"ROUND((M2508*$B$2),2)","v":8.65},{"$f":"O2508*F2508","v":0}]
[null,"RAUTHERMEX",null,null,11691261001,null,"Угольник 90° 25х2,3 LX",10,"шт",9.07,{"$f":"J2509*$B$2","v":10.7026},{"$f":"K2509*F2509","v":0},{"$f":"J2509*(1-$E$5-$E$7)*(1-$E$9)*(1+$E$11)","v":9.07},{"$f":"M2509*F2509","v":0},{"$f":"ROUND((M2509*$B$2),2)","v":10.7},{"$f":"O2509*F2509","v":0}]
[null,"RAUTHERMEX",null,null,11691281001,null,"Угольник 90° 32х2,9 LX",3,"шт",14.53,17.145399999999999,0,14.53,0,17.149999999999999,0]
[null,"RAUTHERMEX",null,null,11691301001,null,"Угольник 90° 40х3,7 LX",1,"шт",27,31.86,0,27,0,31.86,0]
[null,"RAUTHERMEX",null,null,11691451001,null,"Угольник 90° 50х4,6 LX",1,"шт",45.91,54.173799999999993,0,45.91,0,54.17,0]
[null,"RAUTHERMEX",null,null,11691461001,null,"Угольник 90° 63х5,8 LX",1,"шт",56.82,67.047600000000003,0,56.82,0,67.05,0]
[null,"RAUTHERMEX",null,null,12677511001,null,"Угольник 90° 75х6,8",1,"шт",177.96,209.99279999999999,0,177.96,0,209.99,0]
[null,"RAUTHERMEX",null,null,12677611001,null,"Угольник 90° 90х8,2",1,"шт",213.6,252.04799999999997,0,213.6,0,252.05,0]
[null,"RAUTHERMEX",null,null,12677711001,null,"Угольник 90° 110х10",1,"шт",276.06,325.75079999999997,0,276.06,0,325.75,0]
[null,"RAUTHERMEX"]
[null,"RAUTHERMEX",null,null,11690971001,null,"Переходник с наружной резьбой 20х1,9 -R 1/2/L15  LX",10,"шт",6.51,{"$f":"J2518*$B$2","v":7.6817999999999991},{"$f":"K2518*F2518","v":0},{"$f":"J2518*(1-$E$5-$E$7)*(1-$E$9)*(1+$E$11)","v":6.51},{"$f":"M2518*F2518","v":0},{"$f":"ROUND((M2518*$B$2),2)","v":7.68},{"$f":"O2518*F2518","v":0}]
[null,"RAUTHERMEX",null,null,11690981001,null,"Переходник с наружной резьбой 20х1,9 -R 3/4/L18 LX",10,"шт",6.51,7.6817999999999991,0,6.51,0,7.68,0]
[null,"RAUTHERMEX",null,null,11691051001,null,"Переходник с наружной резьбой 25х2,3 -R 3/4  LX",10,"шт",9.83,{"$f":"J2520*$B$2","v":11.599399999999999},{"$f":"K2520*F2520","v":0},{"$f":"J2520*(1-$E$5-$E$7)*(1-$E$9)*(1+$E$11)","v":9.83},{"$f":"M2520*F2520","v":0},{"$f":"ROUND((M2520*$B$2),2)","v":11.6},{"$f":"O2520*F2520","v":0}]
[null,"RAUTHERMEX",null,null,11691041001,null,"Переходник с наружной резьбой 25х2,3- R 1/L22   LX",10,"шт",9.83,11.599399999999999,0,9.83,0,11.6,0]
[null,"RAUTHERMEX",null,null,11691091001,null,"Переходник с наружной резьбой 32х2,9- R 1/L22 LX",3,"шт",11.74,13.853199999999999,0,11.74,0,13.85,0]
[null,"RAUTHERMEX",null,null,11691111001,null,"Переходник с наружной резьбой 40х3,7- R 1 1/4 LX",1,"шт",23.66,27.918799999999997,0,23.66,0,27.92,0]
[null,"RAUTHERMEX",null,null,11691491001,null,"Переходник с наружной резьбой 50х4,6- R 1 1/4 LX",1,"шт",25.23,29.7714,0,25.23,0,29.77,0]
[null,"RAUTHERMEX",null,null,11691431001,null,"Переходник с наружной резьбой 50х4,6- R 1 1/2 LX",1,"шт",25.23,29.7714,0,25.23,0,29.77,0]
[null,"RAUTHERMEX",null,null,11691411001,null,"Переходник с наружной резьбой 63х5,7- R 2 LX",1,"шт",43.77,51.648600000000002,0,43.77,0,51.65,0]
[null,"RAUTHERMEX",null,null,12675811001,null,"Переходник с наружной резьбой 75х6,8- R 2 1/2",1,"шт",126.16,148.86879999999999,0,126.16,0,148.87,0]
[null,"RAUTHERMEX",null,null,12675911001,null,"Переходник с наружной резьбой 90х8,2- R 3 ",1,"шт",164.21,193.76779999999999,0,164.21,0,193.77,0]
[null,"RAUTHERMEX",null,null,12676011001,null,"Переходник с наружной резьбой 110х10- R 4 ",1,"шт",185.94,219.4092,0,185.94,0,219.41,0]
[null,"RAUTHERMEX",null,null,12352391001,null,"Переходник с наружной резьбой 125х11,4- R 5",1,"шт",334.88,395.15839999999997,0,334.88,0,395.16,0]
[null,"RAUTHERMEX"]
[null,"RAUTHERMEX",null,null,11690991001,null,"Переходник с внутренней резьбой 20х1,9- Rp 1/2  LX",10,"шт",6.34,{"$f":"J2532*$B$2","v":7.4811999999999994},{"$f":"K2532*F2532","v":0},{"$f":"J2532*(1-$E$5-$E$7)*(1-$E$9)*(1+$E$11)","v":6.34},{"$f":"M2532*F2532","v":0},{"$f":"ROUND((M2532*$B$2),2)","v":7.48},{"$f":"O2532*F2532","v":0}]
[null,"RAUTHERMEX",null,null,11691001001,null,"Переходник с внутренней резьбой 20х1,9- Rp 3/4 LX",10,"шт",6.34,{"$f":"J2533*$B$2","v":7.4811999999999994},{"$f":"K2533*F2533","v":0},{"$f":"J2533*(1-$E$5-$E$7)*(1-$E$9)*(1+$E$11)","v":6.34},{"$f":"M2533*F2533","v":0},{"$f":"ROUND((M2533*$B$2),2)","v":7.48},{"$f":"O2533*F2533","v":0}]
[null,"RAUTHERMEX",null,null,11691071001,null,"Переходник с внутренней резьбой 25х2,3- Rp 3/4 LX",10,"шт",8.02,{"$f":"J2534*$B$2","v":9.4635999999999996},{"$f":"K2534*F2534","v":0},{"$f":"J2534*(1-$E$5-$E$7)*(1-$E$9)*(1+$E$11)","v":8.02},{"$f":"M2534*F2534","v":0},{"$f":"ROUND((M2534*$B$2),2)","v":9.4600000000000009},{"$f":"O2534*F2534","v":0}]
[null,"RAUTHERMEX",null,null,11691061001,null,"Переходник с внутренней резьбой 25х2,3- Rp 1 LX",10,"шт",11.47,{"$f":"J2535*$B$2","v":13.534599999999999},{"$f":"K2535*F2535","v":0},{"$f":"J2535*(1-$E$5-$E$7)*(1-$E$9)*(1+$E$11)","v":11.47},{"$f":"M2535*F2535","v":0},{"$f":"ROUND((M2535*$B$2),2)","v":13.53},{"$f":"O2535*F2535","v":0}]
[null,"RAUTHERMEX",null,null,11691101001,null,"Переходник с внутренней резьбой 32x2,9- Rp1 LX",3,"шт",12.46,{"$f":"J2536*$B$2","v":14.7028},{"$f":"K2536*F2536","v":0},{"$f":"J2536*(1-$E$5-$E$7)*(1-$E$9)*(1+$E$11)","v":12.46},{"$f":"M2536*F2536","v":0},{"$f":"ROUND((M2536*$B$2),2)","v":14.7},{"$f":"O2536*F2536","v":0}]
[null,"RAUTHERMEX"]
[null,"RAUTHERMEX",null,null,12671611001,null,"Переход на сварное соединение 25х2,3-26,9х2,3",10,"шт",10.55,{"$f":"J2538*$B$2","v":12.449},{"$f":"K2538*F2538","v":0},{"$f":"J2538*(1-$E$5-$E$7)*(1-$E$9)*(1+$E$11)","v":10.55},{"$f":"M2538*F2538","v":0},{"$f":"ROUND((M2538*$B$2),2)","v":12.45},{"$f":"O2538*F2538","v":0}]
[null,"RAUTHERMEX",null,null,12671811001,null,"Переход на сварное соединение 32х2,9-33,7х2,6",3,"шт",15.85,18.702999999999999,0,15.85,0,18.7,0]
[null,"RAUTHERMEX",null,null,12672011001,null,"Переход на сварное соединение 40х3,7-42,4х2,6",3,"шт",19.78,23.340399999999999,0,19.78,0,23.34,0]
[null,"RAUTHERMEX",null,null,12672211001,null,"Переход на сварное соединение 50х4,6-48,3х2,6",1,"шт",23.76,28.036799999999999,0,23.76,0,28.04,0]
[null,"RAUTHERMEX",null,null,12672411001,null,"Переход на сварное соединение 63х5,7-60,3х2,9",1,"шт",42.23,49.831399999999995,0,42.23,0,49.83,0]
[null,"RAUTHERMEX",null,null,12672611001,null,"Переход на сварное соединение 75х6,8-76,1х2,9",1,"шт",58.08,68.534399999999991,0,58.08,0,68.53,0]
[null,"RAUTHERMEX",null,null,12672811001,null,"Переход на сварное соединение 90х8,2-88,9х3,2",1,"шт",73.87,87.166600000000003,0,73.87,0,87.17,0]
[null,"RAUTHERMEX",null,null,12673011001,null,"Переход на сварное соединение 110х10,0-114,3х3,6",1,"шт",89.72,105.86959999999999,0,89.72,0,105.87,0]
[null,"RAUTHERMEX",null,null,12062531001,null,"Переход на сварное соединение 140x12,7-139,7x3,6",1,"шт",{"$f":"356.94/1.18","v":302.49152542372883},{"$f":"J2546*$B$2","v":356.94},{"$f":"K2546*F2546","v":0},302.49152542372883,0,356.94,0]
[null,"RAUTHERMEX",null,null,12352091001,null,"Переход на сварное соединение 125х10,0-139,7х3,6",1,"шт",261.27999999999997,{"$f":"J2547*$B$2","v":308.31039999999996},{"$f":"K2547*F2547","v":0},261.27999999999997,0,308.31,0]
[null,"RAUTHERMEX",null,null,12316261001,null,"Переход на сварное соединение 160х10,0-168,3х3,6",1,"шт",333.83,{"$f":"J2548*$B$2","v":393.91939999999994},{"$f":"K2548*F2548","v":0},333.83,0,393.92,0]
[null,"RAUTHERMEX"]
[null,"RAUTHERMEX",null,null,11691381001,null,"Угольник-переходник с наружной резьбой 20-R 1/2 ",10,"шт",7.7,{"$f":"J2550*$B$2","v":9.0860000000000003},{"$f":"K2550*F2550","v":0},{"$f":"J2550*(1-$E$5-$E$7)*(1-$E$9)*(1+$E$11)","v":7.7},{"$f":"M2550*F2550","v":0},{"$f":"ROUND((M2550*$B$2),2)","v":9.09},{"$f":"O2550*F2550","v":0}]
[null,"RAUTHERMEX",null,null,11691391001,null,"Угольник-переходник с наружной резьбой 20-R 3/4 ",10,"шт",7.7,{"$f":"J2551*$B$2","v":9.0860000000000003},{"$f":"K2551*F2551","v":0},{"$f":"J2551*(1-$E$5-$E$7)*(1-$E$9)*(1+$E$11)","v":7.7},{"$f":"M2551*F2551","v":0},{"$f":"ROUND((M2551*$B$2),2)","v":9.09},{"$f":"O2551*F2551","v":0}]
[null,"RAUTHERMEX",null,null,11691401001,null,"Угольник-переходник с наружной резьбой 25-R 3/4 ",10,"шт",12.07,{"$f":"J2552*$B$2","v":14.242599999999999},{"$f":"K2552*F2552","v":0},{"$f":"J2552*(1-$E$5-$E$7)*(1-$E$9)*(1+$E$11)","v":12.07},{"$f":"M2552*F2552","v":0},{"$f":"ROUND((M2552*$B$2),2)","v":14.24},{"$f":"O2552*F2552","v":0}]
[null,"RAUTHERMEX",null,null,11690261001,null,"Угольник-переходник с наружной резьбой 32-R 1",3,"шт",12.93,{"$f":"J2553*$B$2","v":15.257399999999999},{"$f":"K2553*F2553","v":0},{"$f":"J2553*(1-$E$5-$E$7)*(1-$E$9)*(1+$E$11)","v":12.93},{"$f":"M2553*F2553","v":0},{"$f":"ROUND((M2553*$B$2),2)","v":15.26},{"$f":"O2553*F2553","v":0}]
[null,"RAUTHERMEX"]
[null,"RAUTHERMEX",null,null,null,null,"4.3 Запорная арматура для ввода трубы SDR 11"]
[null,"RAUTHERMEX",null,null,13532851001,null,"Запорная арматура для ввода трубы RTX UNO 25 со штуцерами под монтажные гильзы",1,"шт","-","по запросу",{"$f":"K2556*F2556","v":0},{"$f":"J2556*(1-$E$5-$E$7)*(1-$E$9)*(1+$E$11)","v":0},{"$f":"M2556*F2556","v":0},{"$f":"ROUND((M2556*$B$2),2)","v":0},{"$f":"O2556*F2556","v":0}]
[null,"RAUTHERMEX",null,null,13529261001,null,"Запорная арматура для ввода трубы RTX UNO 32 со штуцерами под монтажные гильзы",1,"шт","-","по запросу",0,0,0,0,0]
[null,"RAUTHERMEX",null,null,13529271001,null,"Запорная арматура для ввода трубы RTX UNO 40 со штуцерами под монтажные гильзы",1,"шт","-","по запросу",0,0,0,0,0]
[null,"RAUTHERMEX",null,null,13529371001,null,"Запорная арматура для ввода трубы RTX UNO 50 со штуцерами под монтажные гильзы",1,"шт","-","по запросу",0,0,0,0,0]
[null,"RAUTHERMEX",null,null,13529281001,null,"Запорная арматура для ввода трубы RTX UNO 63 со штуцерами под монтажные гильзы",1,"шт","-","по запросу",0,0,0,0,0]
[null,"RAUTHERMEX",null,null,13529191001,null,"Запорная арматура для ввода трубы RTX UNO 75 со штуцерами под монтажные гильзы",1,"шт","-","по запросу",0,0,0,0,0]
[null,"RAUTHERMEX",null,null,13529241001,null,"Запорная арматура для ввода трубы RTX UNO 50 со штуцерами под монтажные гильзы",1,"шт","-","по запросу",0,0,0,0,0]
[null,"RAUTHERMEX",null,null,13529751001,null,"Запорная арматура для ввода трубы RTX UNO 63 со штуцерами под монтажные гильзы",1,"шт","-","по запросу",0,0,0,0,0]
[null,"RAUTHERMEX",null,null,13529231001,null,"Запорная арматура для ввода трубы RTX UNO 75 со штуцерами под монтажные гильзы",1,"шт","-","по запросу",0,0,0,0,0]
[null,"RAUTHERMEX"]
[null,"RAUTHERMEX",null,null,13532951001,null,"Запорная арматура для ввода трубы RTX DUO 25 со штуцерами под монтажные гильзы",1,"шт","-","по запросу",{"$f":"K2566*F2566","v":0},{"$f":"J2566*(1-$E$5-$E$7)*(1-$E$9)*(1+$E$11)","v":0},{"$f":"M2566*F2566","v":0},{"$f":"ROUND((M2566*$B$2),2)","v":0},{"$f":"O2566*F2566","v":0}]
[null,"RAUTHERMEX",null,null,13533051001,null,"Запорная арматура для ввода трубы RTX DUO 32 со штуцерами под монтажные гильзы",1,"шт","-","по запросу",0,0,0,0,0]
[null,"RAUTHERMEX",null,null,13533151001,null,"Запорная арматура для ввода трубы RTX DUO 40 со штуцерами под монтажные гильзы",1,"шт","-","по запросу",0,0,0,0,0]
[null,"RAUTHERMEX",null,null,13533251001,null,"Запорная арматура для ввода трубы RTX DUO 50 со штуцерами под монтажные гильзы",1,"шт","-","по запросу",0,0,0,0,0]
[null,"RAUTHERMEX",null,null,13533351001,null,"Запорная арматура для ввода трубы RTX DUO 63 со штуцерами под монтажные гильзы",1,"шт","-","по запросу",0,0,0,0,0]
[null,"RAUTHERMEX",null,null,13576001001,null,"Запорная арматура для ввода трубы RTX DUO 75 со штуцерами под монтажные гильзы",1,"шт","-","по запросу",0,0,0,0,0]
[null,"RAUTHERMEX"]
[null,"RAUTHERMEX",null,null,null,null,"4.4 Шаровые краны со штуцерами под надвижную гильзу, SDR 11"]
[null,"RAUTHERMEX",null,null,12331431001,null,"Шаровой кран со штуцерами под надвижную гильзу 20x1,9 - 20x1,9",1,"шт",21.6,{"$f":"J2574*$B$2","v":25.488},{"$f":"K2574*F2574","v":0},{"$f":"J2574*(1-$E$5-$E$7)*(1-$E$9)*(1+$E$11)","v":21.6},{"$f":"M2574*F2574","v":0},{"$f":"ROUND((M2574*$B$2),2)","v":25.49},{"$f":"O2574*F2574","v":0}]
[null,"RAUTHERMEX",null,null,12331631001,null,"Шаровой кран со штуцерами под надвижную гильзу 25x2,3 - 25x2,3",1,"шт",29.31,{"$f":"J2575*$B$2","v":34.585799999999999},{"$f":"K2575*F2575","v":0},{"$f":"J2575*(1-$E$5-$E$7)*(1-$E$9)*(1+$E$11)","v":29.31},{"$f":"M2575*F2575","v":0},{"$f":"ROUND((M2575*$B$2),2)","v":34.590000000000003},{"$f":"O2575*F2575","v":0}]
[null,"RAUTHERMEX",null,null,12331831001,null,"Шаровой кран со штуцерами под надвижную гильзу 32x2,9 - 32x2,9",1,"шт",35.78,{"$f":"J2576*$B$2","v":42.220399999999998},{"$f":"K2576*F2576","v":0},{"$f":"J2576*(1-$E$5-$E$7)*(1-$E$9)*(1+$E$11)","v":35.78},{"$f":"M2576*F2576","v":0},{"$f":"ROUND((M2576*$B$2),2)","v":42.22},{"$f":"O2576*F2576","v":0}]
[null,"RAUTHERMEX",null,null,12332131001,null,"Шаровой кран со штуцерами под надвижную гильзу 40x3,7 - 40x3,7",1,"шт",54.59,{"$f":"J2577*$B$2","v":64.416200000000003},{"$f":"K2577*F2577","v":0},{"$f":"J2577*(1-$E$5-$E$7)*(1-$E$9)*(1+$E$11)","v":54.59},{"$f":"M2577*F2577","v":0},{"$f":"ROUND((M2577*$B$2),2)","v":64.42},{"$f":"O2577*F2577","v":0}]
[null,"RAUTHERMEX",null,null,12332331001,null,"Шаровой кран со штуцерами под надвижную гильзу 50x4,6 - 50x4,6",1,"шт",83.28,{"$f":"J2578*$B$2","v":98.270399999999995},{"$f":"K2578*F2578","v":0},{"$f":"J2578*(1-$E$5-$E$7)*(1-$E$9)*(1+$E$11)","v":83.28},{"$f":"M2578*F2578","v":0},{"$f":"ROUND((M2578*$B$2),2)","v":98.27},{"$f":"O2578*F2578","v":0}]
[null,"RAUTHERMEX",null,null,12332531001,null,"Шаровой кран со штуцерами под надвижную гильзу 63x5,8 - 63x5,8",1,"шт",93.57,{"$f":"J2579*$B$2","v":110.41259999999998},{"$f":"K2579*F2579","v":0},{"$f":"J2579*(1-$E$5-$E$7)*(1-$E$9)*(1+$E$11)","v":93.57},{"$f":"M2579*F2579","v":0},{"$f":"ROUND((M2579*$B$2),2)","v":110.41},{"$f":"O2579*F2579","v":0}]
[null,"RAUTHERMEX"]
[null,"RAUTHERMEX",null,null,12331531001,null,"Шаровой кран со штуцером под гильзу и нар. резьбой, 220х1,9-R 3/4",1,"шт",24.39,{"$f":"J2581*$B$2","v":28.780200000000001},{"$f":"K2581*F2581","v":0},{"$f":"J2581*(1-$E$5-$E$7)*(1-$E$9)*(1+$E$11)","v":24.39},{"$f":"M2581*F2581","v":0},{"$f":"ROUND((M2581*$B$2),2)","v":28.78},{"$f":"O2581*F2581","v":0}]
[null,"RAUTHERMEX",null,null,12331731001,null,"Шаровой кран со штуцером под гильзу и нар. резьбой, 25x2,3-R 1",1,"шт",28.35,{"$f":"J2582*$B$2","v":33.453000000000003},{"$f":"K2582*F2582","v":0},{"$f":"J2582*(1-$E$5-$E$7)*(1-$E$9)*(1+$E$11)","v":28.35},{"$f":"M2582*F2582","v":0},{"$f":"ROUND((M2582*$B$2),2)","v":33.450000000000003},{"$f":"O2582*F2582","v":0}]
[null,"RAUTHERMEX",null,null,12331931001,null,"Шаровой кран со штуцером под гильзу и нар. резьбой, 32x2,9-R 1",1,"шт",33.78,{"$f":"J2583*$B$2","v":39.860399999999998},{"$f":"K2583*F2583","v":0},{"$f":"J2583*(1-$E$5-$E$7)*(1-$E$9)*(1+$E$11)","v":33.78},{"$f":"M2583*F2583","v":0},{"$f":"ROUND((M2583*$B$2),2)","v":39.86},{"$f":"O2583*F2583","v":0}]
[null,"RAUTHERMEX"]
[null,"RAUTHERMEX",null,null,null,null,"4.5 Трубы SDR 7,4"]
[null,"RAUTHERMEX",null,null,null,null,"Серия 2 (тонкостенная)"]
[null,"RAUTHERMEX",null,null,null,null,"UNO (чёрная двойная)"]
[null,"RAUTHERMEX",null,null,12861141001,null,"Tруба RAUTHERMEX UNO серия 2  SDR 7,4 20/76",null,"м",25.76,{"$f":"J2588*$B$2","v":30.396799999999999},{"$f":"K2588*F2588","v":0},{"$f":"J2588*(1-$E$5-$E$7)*(1-$E$9)*(1+$E$11)","v":25.76},{"$f":"M2588*F2588","v":0},{"$f":"ROUND((M2588*$B$2),2)","v":30.4},{"$f":"O2588*F2588","v":0}]
[null,"RAUTHERMEX",null,null,12861241001,null,"Tруба RAUTHERMEX UNO серия 2  SDR 7,4  25/76",null,"м",29,34.22,0,29,0,34.22,0]
[null,"RAUTHERMEX",null,null,12861341001,null,"Tруба RAUTHERMEX UNO серия 2  SDR 7,4  32/76",null,"м",36.08,42.574399999999997,0,36.08,0,42.57,0]
[null,"RAUTHERMEX",null,null,12861441001,null,"Tруба RAUTHERMEX UNO серия 2  SDR 7,4  40/91",null,"м",46.39,54.740199999999994,0,46.39,0,54.74,0]
[null,"RAUTHERMEX",null,null,12861541001,null,"Tруба RAUTHERMEX UNO серия 2  SDR 7,4  50/111",null,"м",59.28,69.950400000000002,0,59.28,0,69.95,0]
[null,"RAUTHERMEX",null,null,12861641001,null,"Tруба RAUTHERMEX UNO серия 2  SDR 7,4  63/126",null,"м",92.77,109.4686,0,92.77,0,109.47,0]
[null,"RAUTHERMEX"]
[null,"RAUTHERMEX",null,null,null,null,"DUO (чёрная двойная)"]
[null,"RAUTHERMEX",null,null,12861741001,null,"Tруба RAUTHERMEX DUO серия 2  25+20/91",null,"м",45.1,{"$f":"J2596*$B$2","v":53.217999999999996},{"$f":"K2596*F2596","v":0},{"$f":"J2596*(1-$E$5-$E$7)*(1-$E$9)*(1+$E$11)","v":45.1},{"$f":"M2596*F2596","v":0},{"$f":"ROUND((M2596*$B$2),2)","v":53.22},{"$f":"O2596*F2596","v":0}]
[null,"RAUTHERMEX",null,null,12861841001,null,"Tруба RAUTHERMEX DUO серия 2  32+20/111",null,"м",56.69,{"$f":"J2597*$B$2","v":66.894199999999998},{"$f":"K2597*F2597","v":0},{"$f":"J2597*(1-$E$5-$E$7)*(1-$E$9)*(1+$E$11)","v":56.69},{"$f":"M2597*F2597","v":0},{"$f":"ROUND((M2597*$B$2),2)","v":66.89},{"$f":"O2597*F2597","v":0}]
[null,"RAUTHERMEX",null,null,12861941001,null,"Tруба RAUTHERMEX DUO серия 2  40+25/126",null,"м",69.58,{"$f":"J2598*$B$2","v":82.104399999999998},{"$f":"K2598*F2598","v":0},{"$f":"J2598*(1-$E$5-$E$7)*(1-$E$9)*(1+$E$11)","v":69.58},{"$f":"M2598*F2598","v":0},{"$f":"ROUND((M2598*$B$2),2)","v":82.1},{"$f":"O2598*F2598","v":0}]
[null,"RAUTHERMEX",null,null,12862041001,null,"Tруба RAUTHERMEX DUO серия 2  50+32/140",null,"м",79.89,{"$f":"J2599*$B$2","v":94.270200000000003},{"$f":"K2599*F2599","v":0},{"$f":"J2599*(1-$E$5-$E$7)*(1-$E$9)*(1+$E$11)","v":79.89},{"$f":"M2599*F2599","v":0},{"$f":"ROUND((M2599*$B$2),2)","v":94.27},{"$f":"O2599*F2599","v":0}]
[null,"RAUTHERMEX"]
[null,"RAUTHERMEX",null,null,null,null,"Вводы в здание UNO SDR 7,4"]
[null,"RAUTHERMEX",null,null,12227241001,null,"Ввод в здание угловой RAUTHERMEX UNO серия 2  SDR 7,4  20/76",null,"шт",225.49,{"$f":"J2602*$B$2","v":266.07819999999998},{"$f":"K2602*F2602","v":0},{"$f":"J2602*(1-$E$5-$E$7)*(1-$E$9)*(1+$E$11)","v":225.49},{"$f":"M2602*F2602","v":0},{"$f":"ROUND((M2602*$B$2),2)","v":266.08},{"$f":"O2602*F2602","v":0}]
[null,"RAUTHERMEX",null,null,12227341001,null,"Ввод в здание угловой RAUTHERMEX UNO серия 2  SDR 7,4  25/76",null,"шт",230.64,272.15519999999998,0,230.64,0,272.16000000000003,0]
[null,"RAUTHERMEX",null,null,12401541001,null,"Ввод в здание угловой RAUTHERMEX UNO серия 2  SDR 7,4  32/76",null,"шт",238.37,281.27659999999997,0,238.37,0,281.27999999999997,0]
[null,"RAUTHERMEX",null,null,12401641001,null,"Ввод в здание угловой RAUTHERMEX UNO серия 2  SDR 7,4  40/91",null,"шт",256.42,302.57560000000001,0,256.42,0,302.58,0]
[null,"RAUTHERMEX",null,null,12401741001,null,"Ввод в здание угловой RAUTHERMEX UNO серия 2  SDR 7,4  50/111",null,"шт",295.06,348.17079999999999,0,295.06,0,348.17,0]
[null,"RAUTHERMEX",null,null,12401841001,null,"Ввод в здание угловой RAUTHERMEX UNO серия 2  SDR 7,4  63/126",null,"шт",380.11,448.52979999999997,0,380.11,0,448.53,0]
[null,"RAUTHERMEX"]
[null,"RAUTHERMEX",null,null,null,null,"Вводы в здание DUO 7,4"]
[null,"RAUTHERMEX",null,null,12227441001,null,"Ввод в здание угловой RAUTHERMEX DUO серия 2  SDR 7,4  25+20/91",null,"шт",372.37,{"$f":"J2610*$B$2","v":439.39659999999998},{"$f":"K2610*F2610","v":0},{"$f":"J2610*(1-$E$5-$E$7)*(1-$E$9)*(1+$E$11)","v":372.37},{"$f":"M2610*F2610","v":0},{"$f":"ROUND((M2610*$B$2),2)","v":439.4},{"$f":"O2610*F2610","v":0}]
[null,"RAUTHERMEX",null,null,12227541001,null,"Ввод в здание угловой RAUTHERMEX DUO серия 2  SDR 7,4  32+20/111",null,"шт",385.27,{"$f":"J2611*$B$2","v":454.61859999999996},{"$f":"K2611*F2611","v":0},{"$f":"J2611*(1-$E$5-$E$7)*(1-$E$9)*(1+$E$11)","v":385.27},{"$f":"M2611*F2611","v":0},{"$f":"ROUND((M2611*$B$2),2)","v":454.62},{"$f":"O2611*F2611","v":0}]
[null,"RAUTHERMEX",null,null,12227641001,null,"Ввод в здание угловой RAUTHERMEX DUO серия 2  SDR 7,4  40+25/126",null,"шт",457.42,{"$f":"J2612*$B$2","v":539.75559999999996},{"$f":"K2612*F2612","v":0},{"$f":"J2612*(1-$E$5-$E$7)*(1-$E$9)*(1+$E$11)","v":457.42},{"$f":"M2612*F2612","v":0},{"$f":"ROUND((M2612*$B$2),2)","v":539.76},{"$f":"O2612*F2612","v":0}]
[null,"RAUTHERMEX",null,null,12403041001,null,"Ввод в здание угловой RAUTHERMEX DUO серия 2  SDR 7,4  50+32/126",null,"шт",466.43,{"$f":"J2613*$B$2","v":550.38739999999996},{"$f":"K2613*F2613","v":0},{"$f":"J2613*(1-$E$5-$E$7)*(1-$E$9)*(1+$E$11)","v":466.43},{"$f":"M2613*F2613","v":0},{"$f":"ROUND((M2613*$B$2),2)","v":550.39},{"$f":"O2613*F2613","v":0}]
[]
[null,"RAUTHERMEX",null,null,null,null,"STRONG DUO 7,4"]
[null,"RAUTHERMEX",null,null,14501021001,null,"Tруба RAUTHERMEX STRONG DUO SDR 7,4 25+25/111",1,"м",{"$f":"57.6/1.18","v":48.813559322033903},{"$f":"J2616*$B$2","v":57.6},{"$f":"K2616*F2616","v":0},{"$f":"J2616*(1-$E$5-$E$7)*(1-$E$9)*(1+$E$11)","v":48.813559322033903},{"$f":"M2616*F2616","v":0},{"$f":"ROUND((M2616*$B$2),2)","v":57.6},{"$f":"O2616*F2616","v":0}]
[null,"RAUTHERMEX",null,null,14500941001,null,"Tруба RAUTHERMEX STRONG DUO SDR 7,4 25+25/126",1,"м",{"$f":"59.4/1.18","v":50.33898305084746},{"$f":"J2617*$B$2","v":59.4},{"$f":"K2617*F2617","v":0},{"$f":"J2617*(1-$E$5-$E$7)*(1-$E$9)*(1+$E$11)","v":50.33898305084746},{"$f":"M2617*F2617","v":0},{"$f":"ROUND((M2617*$B$2),2)","v":59.4},{"$f":"O2617*F2617","v":0}]
[null,"RAUTHERMEX",null,null,14501031001,null,"Tруба RAUTHERMEX STRONG DUO SDR 7,4 32+32/111",1,"м",{"$f":"73.5/1.18","v":62.288135593220339},73.5,0,62.288135593220339,0,73.5,0]
[null,"RAUTHERMEX",null,null,14501071001,null,"Tруба RAUTHERMEX STRONG DUO SDR 7,4 32+32/126",1,"м",{"$f":"75.8/1.18","v":64.237288135593218},75.8,0,64.237288135593218,0,75.8,0]
[null,"RAUTHERMEX",null,null,14500951001,null,"Tруба RAUTHERMEX STRONG DUO SDR 7,4 32+32/142",1,"м",{"$f":"78.15/1.18","v":66.228813559322049},78.15000000000002,0,66.228813559322049,0,78.150000000000006,0]
[null,"RAUTHERMEX",null,null,14501041001,null,"Tруба RAUTHERMEX STRONG DUO SDR 7,4 40+40/126",1,"м",{"$f":"96.4/1.18","v":81.694915254237301},96.4,0,81.694915254237301,0,96.4,0]
[null,"RAUTHERMEX",null,null,14501081001,null,"Tруба RAUTHERMEX STRONG DUO SDR 7,4 40+40/142",1,"м",{"$f":"101.15/1.18","v":85.720338983050851},101.15,0,85.720338983050851,0,101.15,0]
[null,"RAUTHERMEX",null,null,14500961001,null,"Tруба RAUTHERMEX STRONG DUO SDR 7,4 40+40/162",1,"м",{"$f":"102.6/1.18","v":86.949152542372886},102.6,0,86.949152542372886,0,102.6,0]
[null,"RAUTHERMEX",null,null,14501051001,null,"Tруба RAUTHERMEX STRONG DUO SDR 7,4 50+50/162",1,"м",{"$f":"130.38/1.18","v":110.49152542372882},130.38,0,110.49152542372882,0,130.38,0]
[null,"RAUTHERMEX",null,null,14500991001,null,"Tруба RAUTHERMEX STRONG DUO SDR 7,4 50+50/182",1,"м",{"$f":"134.41/1.18","v":113.90677966101696},134.41,0,113.90677966101696,0,134.41,0]
[null,"RAUTHERMEX",null,null,14500971001,null,"Tруба RAUTHERMEX STRONG DUO SDR 7,4 50+50/202",1,"м",{"$f":"139.41/1.18","v":118.14406779661017},139.41,0,118.14406779661017,0,139.41,0]
[null,"RAUTHERMEX",null,null,14501061001,null,"Tруба RAUTHERMEX STRONG DUO SDR 7,4 63+63/182",1,"м",{"$f":"171.45/1.18","v":145.29661016949152},171.45,0,145.29661016949152,0,171.45,0]
[null,"RAUTHERMEX"]
[null,"RAUTHERMEX",null,null,null,null,"4.6 Техника соединения  на надвижной гильзе SDR 7,4"]
[null,"RAUTHERMEX",null,null,12596151002,null,"Монтажная гильза 20x2,8",100,"шт",0.87,{"$f":"J2630*$B$2","v":1.0266},{"$f":"K2630*F2630","v":0},{"$f":"J2630*(1-$E$5-$E$7)*(1-$E$9)*(1+$E$11)","v":0.87},{"$f":"M2630*F2630","v":0},{"$f":"ROUND((M2630*$B$2),2)","v":1.03},{"$f":"O2630*F2630","v":0}]
[null,"RAUTHERMEX",null,null,12596251002,null,"Монтажная гильза 25x3,5",100,"шт",1.1499999999999999,1.3569999999999998,0,1.1499999999999999,0,1.36,0]
[null,"RAUTHERMEX",null,null,11371661001,null,"Монтажная гильза 32x4,4",25,"шт",2.2000000000000002,2.5960000000000001,0,2.2000000000000002,0,2.6,0]
[null,"RAUTHERMEX",null,null,11372961001,null,"Монтажная гильза 40x5,5",25,"шт",4.04,4.7671999999999999,0,4.04,0,4.7699999999999996,0]
[null,"RAUTHERMEX",null,null,11397711002,null,"Монтажная гильза 50х6,9",25,"шт",6.59,7.7761999999999993,0,6.59,0,7.78,0]
[null,"RAUTHERMEX",null,null,11397811002,null,"Монтажная гильза 63х8,6",25,"шт",9.33,11.009399999999999,0,9.33,0,11.01,0]
[null,"RAUTHERMEX"]
[null,"RAUTHERMEX",null,11680091001,13129701001,null,"Муфта соединительная равнопроходная  20x2,8",10,"шт",5.13,{"$f":"J2637*$B$2","v":6.0533999999999999},{"$f":"K2637*F2637","v":0},{"$f":"J2637*(1-$E$5-$E$7)*(1-$E$9)*(1+$E$11)","v":5.13},{"$f":"M2637*F2637","v":0},{"$f":"ROUND((M2637*$B$2),2)","v":6.05},{"$f":"O2637*F2637","v":0}]
[null,"RAUTHERMEX",null,11680121001,13129711001,null,"Муфта соединительная равнопроходная  25x3,5",10,"шт",7.31,8.6257999999999999,0,7.31,0,8.6300000000000008,0]
[null,"RAUTHERMEX",null,11680141001,13129731001,null,"Муфта соединительная равнопроходная  32х4,4",10,"шт",11.16,13.168799999999999,0,11.16,0,13.17,0]
[null,"RAUTHERMEX",null,11680171001,13129721001,null,"Муфта соединительная равнопроходная  40х5,5",1,"шт",18.91,22.313800000000001,0,18.91,0,22.31,0]
[null,"RAUTHERMEX",null,11680201001,13660341001,null,"Муфта соединительная равнопроходная  50х6,9 RX",1,"шт",32.78,38.680399999999999,0,32.78,0,38.68,0]
[null,"RAUTHERMEX",null,11680221001,13660361001,null,"Муфта соединительная равнопроходная  63х8,6 RX",1,"шт",46.02,54.303600000000003,0,46.02,0,54.3,0]
[null,"RAUTHERMEX"]
[null,"RAUTHERMEX",null,11680111001,13129771001,null,"Муфта соединительная переходная 25x3,5 - 20x2,8",10,"шт",7.31,{"$f":"J2644*$B$2","v":8.6257999999999999},{"$f":"K2644*F2644","v":0},{"$f":"J2644*(1-$E$5-$E$7)*(1-$E$9)*(1+$E$11)","v":7.31},{"$f":"M2644*F2644","v":0},{"$f":"ROUND((M2644*$B$2),2)","v":8.6300000000000008},{"$f":"O2644*F2644","v":0}]
[null,"RAUTHERMEX",null,11680131001,13129781001,null,"Муфта соединительная переходная 32х4,4 - 25х3,5",10,"шт",11.16,13.168799999999999,0,11.16,0,13.17,0]
[null,"RAUTHERMEX",null,13129811001,13662601001,null,"Муфта соединительная переходная 40х5,5 - 25х3,5 RX",5,"шт",26.37,31.116599999999998,0,26.37,0,31.12,0]
[null,"RAUTHERMEX",null,11680161001,13129801001,null,"Муфта соединительная переходная 40х5,5 - 32х4,4",5,"шт",18.91,22.313800000000001,0,18.91,0,22.31,0]
[null,"RAUTHERMEX",null,11680181001,13660391001,null,"Муфта соединительная переходная 50х6,9 - 32х4,4 RX",1,"шт",36.24,42.763199999999998,0,36.24,0,42.76,0]
[null,"RAUTHERMEX",null,11680191001,13660411001,null,"Муфта соединительная переходная 50х6,9 - 40х5,5 RX",1,"шт",32.26,38.066799999999994,0,32.26,0,38.07,0]
[null,"RAUTHERMEX",null,11680211001,13660431001,null,"Муфта соединительная переходная 63х8,6 - 50х6,9 RX",1,"шт",42.16,49.748799999999996,0,42.16,0,49.75,0]
[null,"RAUTHERMEX"]
[null,"RAUTHERMEX",null,11680371001,13129491001,null,"Тройник равнопроходный 20x2,8",10,"шт",7.06,{"$f":"J2652*$B$2","v":8.3308},{"$f":"K2652*F2652","v":0},{"$f":"J2652*(1-$E$5-$E$7)*(1-$E$9)*(1+$E$11)","v":7.06},{"$f":"M2652*F2652","v":0},{"$f":"ROUND((M2652*$B$2),2)","v":8.33},{"$f":"O2652*F2652","v":0}]
[null,"RAUTHERMEX",null,11680481001,13129511001,null,"Тройник равнопроходный 25x3,5",10,"шт",7.97,9.4045999999999985,0,7.97,0,9.4,0]
[null,"RAUTHERMEX",null,11680601001,13129521001,null,"Тройник равнопроходный 32х4,4",3,"шт",16.16,19.0688,0,16.16,0,19.07,0]
[null,"RAUTHERMEX",null,11680681001,13129531001,null,"Тройник равнопроходный 40х5,5",1,"шт",31.67,37.370600000000003,0,31.67,0,37.369999999999997,0]
[null,"RAUTHERMEX",null,11680751001,13660011001,null,"Тройник равнопроходный 50х6,9 RX",1,"шт",47.12,55.601599999999991,0,47.12,0,55.6,0]
[null,"RAUTHERMEX",null,11680811001,13660021001,null,"Тройник равнопроходный 63х8,6 RX",1,"шт",62.12,73.301599999999993,0,62.12,0,73.3,0]
[null,"RAUTHERMEX"]
[null,"RAUTHERMEX",null,11680451001,13129581001,null,"Тройник с уменьшенным боковым проходом 25-20-25",10,"шт",7.97,{"$f":"J2659*$B$2","v":9.4045999999999985},{"$f":"K2659*F2659","v":0},{"$f":"J2659*(1-$E$5-$E$7)*(1-$E$9)*(1+$E$11)","v":7.97},{"$f":"M2659*F2659","v":0},{"$f":"ROUND((M2659*$B$2),2)","v":9.4},{"$f":"O2659*F2659","v":0}]
[null,"RAUTHERMEX",null,null,11680541001,null,"Тройник с уменьшенным боковым проходом 32-20-32",3,"шт",16.16,19.0688,0,16.16,0,19.07,0]
[null,"RAUTHERMEX",null,11680571001,13129601001,null,"Тройник с уменьшенным боковым проходом 32-25-32",3,"шт",16.16,19.0688,0,16.16,0,19.07,0]
[null,"RAUTHERMEX",null,null,11680641001,null,"Тройник с уменьшенным боковым проходом 40-20-40",1,"шт",31.67,37.370600000000003,0,31.67,0,37.369999999999997,0]
[null,"RAUTHERMEX",null,null,11680651001,null,"Тройник с уменьшенным боковым проходом 40-25-40",1,"шт",31.67,37.370600000000003,0,31.67,0,37.369999999999997,0]
[null,"RAUTHERMEX",null,null,11680671001,null,"Тройник с уменьшенным боковым проходом 40-32-40",1,"шт",31.67,37.370600000000003,0,31.67,0,37.369999999999997,0]
[null,"RAUTHERMEX",null,null,13660031001,null,"Тройник с уменьшенным боковым проходом 50-20-50 RX",1,"шт",41.74,{"$f":"J2665*$B$2","v":49.2532},{"$f":"K2665*F2665","v":0},{"$f":"J2665*(1-$E$5-$E$7)*(1-$E$9)*(1+$E$11)","v":41.74},{"$f":"M2665*F2665","v":0},{"$f":"ROUND((M2665*$B$2),2)","v":49.25},{"$f":"O2665*F2665","v":0}]
[null,"RAUTHERMEX",null,11680711001,13660041001,null,"Тройник с уменьшенным боковым проходом 50-25-50 RX",1,"шт",43.78,51.660399999999996,0,43.78,0,51.66,0]
[null,"RAUTHERMEX",null,11680731001,13660051001,null,"Тройник с уменьшенным боковым проходом 50-32-50 RX",1,"шт",43.78,51.660399999999996,0,43.78,0,51.66,0]
[null,"RAUTHERMEX",null,11680741001,13660061001,null,"Тройник с уменьшенным боковым проходом 50-40-50 RX",1,"шт",43.78,51.660399999999996,0,43.78,0,51.66,0]
[null,"RAUTHERMEX",null,11680771001,13660081001,null,"Тройник с уменьшенным боковым проходом 63-25-63 RX",1,"шт",52.68,62.162399999999998,0,52.68,0,62.16,0]
[null,"RAUTHERMEX",null,11680781001,13660091001,null,"Тройник с уменьшенным боковым проходом 63-32-63",1,"шт",52.68,62.162399999999998,0,52.68,0,62.16,0]
[null,"RAUTHERMEX",null,11680791001,13660101001,null,"Тройник с уменьшенным боковым проходом 63-40-63 RX",1,"шт",53.2,62.776000000000003,0,53.2,0,62.78,0]
[null,"RAUTHERMEX",null,11680801001,13660111001,null,"Тройник с уменьшенным боковым проходом 63-50-63",1,"шт",94.97,112.0646,0,94.97,0,112.06,0]
[null,"RAUTHERMEX"]
[null,"RAUTHERMEX",null,11680471001,13129641001,null,"Тройник с уменьшенным боковым проходом 25-25-20",10,"шт",7.97,{"$f":"J2674*$B$2","v":9.4045999999999985},{"$f":"K2674*F2674","v":0},{"$f":"J2674*(1-$E$5-$E$7)*(1-$E$9)*(1+$E$11)","v":7.97},{"$f":"M2674*F2674","v":0},{"$f":"ROUND((M2674*$B$2),2)","v":9.4},{"$f":"O2674*F2674","v":0}]
[null,"RAUTHERMEX",null,null,11680591001,null,"Тройник с уменьшенным боковым проходом 32-32-25",3,"шт",16.16,{"$f":"J2675*$B$2","v":19.0688},{"$f":"K2675*F2675","v":0},{"$f":"J2675*(1-$E$5-$E$7)*(1-$E$9)*(1+$E$11)","v":16.16},{"$f":"M2675*F2675","v":0},{"$f":"ROUND((M2675*$B$2),2)","v":19.07},{"$f":"O2675*F2675","v":0}]
[null,"RAUTHERMEX"]
[null,"RAUTHERMEX",null,11680441001,13129651001,null,"Тройник 25-20-20",10,"шт",7.06,{"$f":"J2677*$B$2","v":8.3308},{"$f":"K2677*F2677","v":0},{"$f":"J2677*(1-$E$5-$E$7)*(1-$E$9)*(1+$E$11)","v":7.06},{"$f":"M2677*F2677","v":0},{"$f":"ROUND((M2677*$B$2),2)","v":8.33},{"$f":"O2677*F2677","v":0}]
[null,"RAUTHERMEX",null,null,11680531001,null,"Тройник 32-25-20",3,"шт",16.16,{"$f":"J2678*$B$2","v":19.0688},{"$f":"K2678*F2678","v":0},{"$f":"J2678*(1-$E$5-$E$7)*(1-$E$9)*(1+$E$11)","v":16.16},{"$f":"M2678*F2678","v":0},{"$f":"ROUND((M2678*$B$2),2)","v":19.07},{"$f":"O2678*F2678","v":0}]
[null,"RAUTHERMEX",null,11680561001,13129661001,null,"Тройник 32-20-25",3,"шт",16.16,{"$f":"J2679*$B$2","v":19.0688},{"$f":"K2679*F2679","v":0},{"$f":"J2679*(1-$E$5-$E$7)*(1-$E$9)*(1+$E$11)","v":16.16},{"$f":"M2679*F2679","v":0},{"$f":"ROUND((M2679*$B$2),2)","v":19.07},{"$f":"O2679*F2679","v":0}]
[null,"RAUTHERMEX",null,null,11680661001,null,"Тройник 40-32-32",1,"шт",31.67,{"$f":"J2680*$B$2","v":37.370600000000003},{"$f":"K2680*F2680","v":0},{"$f":"J2680*(1-$E$5-$E$7)*(1-$E$9)*(1+$E$11)","v":31.67},{"$f":"M2680*F2680","v":0},{"$f":"ROUND((M2680*$B$2),2)","v":37.369999999999997},{"$f":"O2680*F2680","v":0}]
[null,"RAUTHERMEX",null,11680721001,13660121001,null,"Тройник 50-32-40",1,"шт",43.78,{"$f":"J2681*$B$2","v":51.660399999999996},{"$f":"K2681*F2681","v":0},{"$f":"J2681*(1-$E$5-$E$7)*(1-$E$9)*(1+$E$11)","v":43.78},{"$f":"M2681*F2681","v":0},{"$f":"ROUND((M2681*$B$2),2)","v":51.66},{"$f":"O2681*F2681","v":0}]
[null,"RAUTHERMEX"]
[null,"RAUTHERMEX",null,null,11680391001,null,"Тройник 20-25-20",10,"шт",7.06,{"$f":"J2683*$B$2","v":8.3308},{"$f":"K2683*F2683","v":0},{"$f":"J2683*(1-$E$5-$E$7)*(1-$E$9)*(1+$E$11)","v":7.06},{"$f":"M2683*F2683","v":0},{"$f":"ROUND((M2683*$B$2),2)","v":8.33},{"$f":"O2683*F2683","v":0}]
[null,"RAUTHERMEX"]
[null,"RAUTHERMEX",null,13129671001,13660201001,null,"Тройник с внутр.резьбой на боков.проходе 25x3,5-Rp 3/4-25 RX",10,"шт",12.04,{"$f":"J2685*$B$2","v":14.207199999999998},{"$f":"K2685*F2685","v":0},{"$f":"J2685*(1-$E$5-$E$7)*(1-$E$9)*(1+$E$11)","v":12.04},{"$f":"M2685*F2685","v":0},{"$f":"ROUND((M2685*$B$2),2)","v":14.21},{"$f":"O2685*F2685","v":0}]
[null,"RAUTHERMEX",null,11680631001,13660211001,null,"Тройник с внутр.резьбой на боков.проходе 32x4,4-Rp3/4-32 RX",3,"шт",26.77,{"$f":"J2686*$B$2","v":31.5886},{"$f":"K2686*F2686","v":0},{"$f":"J2686*(1-$E$5-$E$7)*(1-$E$9)*(1+$E$11)","v":26.77},{"$f":"M2686*F2686","v":0},{"$f":"ROUND((M2686*$B$2),2)","v":31.59},{"$f":"O2686*F2686","v":0}]
[null,"RAUTHERMEX",null,13129681001,13660231001,null,"Тройник с внутр.резьбой на боков.проходе 32x4,4-Rp1-32 RX",3,"шт",19.72,{"$f":"J2687*$B$2","v":23.269599999999997},{"$f":"K2687*F2687","v":0},{"$f":"J2687*(1-$E$5-$E$7)*(1-$E$9)*(1+$E$11)","v":19.72},{"$f":"M2687*F2687","v":0},{"$f":"ROUND((M2687*$B$2),2)","v":23.27},{"$f":"O2687*F2687","v":0}]
[null,"RAUTHERMEX",null,11680691001,13660281001,null,"Тройник с внутр.резьбой на боков.проходе 40x5,5-Rp1-40 RX",1,"шт",39.94,{"$f":"J2688*$B$2","v":47.129199999999997},{"$f":"K2688*F2688","v":0},{"$f":"J2688*(1-$E$5-$E$7)*(1-$E$9)*(1+$E$11)","v":39.94},{"$f":"M2688*F2688","v":0},{"$f":"ROUND((M2688*$B$2),2)","v":47.13},{"$f":"O2688*F2688","v":0}]
[null,"RAUTHERMEX"]
[null,"RAUTHERMEX",null,null,11680621001,null,"Тройник с внутренней резьбой 32х4,4 -Rp 3/4-25",3,"шт",19.72,{"$f":"J2690*$B$2","v":23.269599999999997},{"$f":"K2690*F2690","v":0},{"$f":"J2690*(1-$E$5-$E$7)*(1-$E$9)*(1+$E$11)","v":19.72},{"$f":"M2690*F2690","v":0},{"$f":"ROUND((M2690*$B$2),2)","v":23.27},{"$f":"O2690*F2690","v":0}]
[null,"RAUTHERMEX"]
[null,"RAUTHERMEX",null,null,12893491001,null,"Переходник на сварное соединение 25х3,5 - 26,9х2,3",10,"шт",{"$f":"9.39/1.18","v":7.9576271186440684},{"$f":"J2692*$B$2","v":9.39},{"$f":"K2692*F2692","v":0},{"$f":"J2692*(1-$E$5-$E$7)*(1-$E$9)*(1+$E$11)","v":7.9576271186440684},{"$f":"M2692*F2692","v":0},{"$f":"ROUND((M2692*$B$2),2)","v":9.39},{"$f":"O2692*F2692","v":0}]
[null,"RAUTHERMEX",null,null,12677011001,null,"Переходник на сварное соединение 32х4,4 - 33,7х2,6",3,"шт",{"$f":"13.29/1.18","v":11.26271186440678},{"$f":"J2693*$B$2","v":13.290000000000001},{"$f":"K2693*F2693","v":0},{"$f":"J2693*(1-$E$5-$E$7)*(1-$E$9)*(1+$E$11)","v":11.26271186440678},{"$f":"M2693*F2693","v":0},{"$f":"ROUND((M2693*$B$2),2)","v":13.29},{"$f":"O2693*F2693","v":0}]
[null,"RAUTHERMEX",null,null,12677111001,null,"Переходник на сварное соединение 40х5,5 - 42,4х2,6",3,"шт",{"$f":"29.83/1.18","v":25.279661016949152},{"$f":"J2694*$B$2","v":29.83},{"$f":"K2694*F2694","v":0},{"$f":"J2694*(1-$E$5-$E$7)*(1-$E$9)*(1+$E$11)","v":25.279661016949152},{"$f":"M2694*F2694","v":0},{"$f":"ROUND((M2694*$B$2),2)","v":29.83},{"$f":"O2694*F2694","v":0}]
[null,"RAUTHERMEX",null,null,13158271001,null,"Переходник на сварное соединение 50х6,9 - 48,3х2,6",1,"шт",{"$f":"37.79/1.18","v":32.025423728813557},37.789999999999992,0,32.025423728813557,0,37.79,0]
[null,"RAUTHERMEX",null,null,13158281001,null,"Переходник на сварное соединение 63х8,6 - 60,3х2,9",1,"шт",{"$f":"40.28/1.18","v":34.135593220338983},40.279999999999994,0,34.135593220338983,0,40.28,0]
[null,"RAUTHERMEX"]
[null,"RAUTHERMEX",null,13130641001,13660681001,null,"Переходник с внутренней резьбой 20-Rp1/2 RX",10,"шт",6,{"$f":"J2698*$B$2","v":7.08},{"$f":"K2698*F2698","v":0},{"$f":"J2698*(1-$E$5-$E$7)*(1-$E$9)*(1+$E$11)","v":6},{"$f":"M2698*F2698","v":0},{"$f":"ROUND((M2698*$B$2),2)","v":7.08},{"$f":"O2698*F2698","v":0}]
[null,"RAUTHERMEX",null,13130651001,13660691001,null,"Переходник с внутренней резьбой 20-Rp3/4 RX",10,"шт",6,7.08,0,6,0,7.08,0]
[null,"RAUTHERMEX",null,11681001001,13660701001,null,"Переходник с внутренней резьбой 25-Rp1/2 RX",10,"шт",8,9.44,0,8,0,9.44,0]
[null,"RAUTHERMEX",null,13130661001,13660711001,null,"Переходник с внутренней резьбой 25-Rp3/4 RX",10,"шт",8,9.44,0,8,0,9.44,0]
[null,"RAUTHERMEX",null,13130671001,13660721001,null,"Переходник с внутренней резьбой 32x4,4-Rp3/4 RX",10,"шт",11.82,13.9476,0,11.82,0,13.95,0]
[null,"RAUTHERMEX",null,13130681001,13660731001,null,"Переходник с внутренней резьбой 32x4,4-Rp1 RX",10,"шт",11.82,13.9476,0,11.82,0,13.95,0]
[null,"RAUTHERMEX",null,13130691001,13660841001,null,"Переходник с внутренней резьбой 40-Rр 1 1/4 RX",5,"шт",26.6,31.388000000000002,0,26.6,0,31.39,0]
[null,"RAUTHERMEX"]
[null,"RAUTHERMEX",null,11680901001,13660521001,null,"Переходник с наружной резьбой 20-R 1/2",10,"шт",7.44,{"$f":"J2706*$B$2","v":8.7791999999999994},{"$f":"K2706*F2706","v":0},{"$f":"J2706*(1-$E$5-$E$7)*(1-$E$9)*(1+$E$11)","v":7.44},{"$f":"M2706*F2706","v":0},{"$f":"ROUND((M2706*$B$2),2)","v":8.7799999999999994},{"$f":"O2706*F2706","v":0}]
[null,"RAUTHERMEX",null,13129951001,13660531001,null,"Переходник с наружной резьбой 20-R 3/4 -L15",10,"шт",7.44,8.7791999999999994,0,7.44,0,8.7799999999999994,0]
[null,"RAUTHERMEX",null,11680911001,13660551001,null,"Переходник с наружной резьбой 20x2,8- R1 L18",5,"шт",10.33,12.189399999999999,0,10.33,0,12.19,0]
[null,"RAUTHERMEX",null,13129961001,13660561001,null,"Переходник с наружной резьбой 25-R1/2",10,"шт",7.44,8.7791999999999994,0,7.44,0,8.7799999999999994,0]
[null,"RAUTHERMEX",null,11680991001,13660571001,null,"Переходник с наружной резьбой 25-R3/4/L18",10,"шт",8.7799999999999994,10.360399999999998,0,8.7799999999999994,0,10.36,0]
[null,"RAUTHERMEX",null,13129981001,13660581001,null,"Переходник с наружной резьбой 25-R1/L22",10,"шт",7.44,8.7791999999999994,0,7.44,0,8.7799999999999994,0]
[null,"RAUTHERMEX",null,13129991001,13660591001,null,"Переходник с наружной резьбой 32x4,4-R3/4",10,"шт",13.46,15.8828,0,13.46,0,15.88,0]
[null,"RAUTHERMEX",null,11681051001,13660601001,null,"Переходник с наружной резьбой 32x4,4-R1/L22",10,"шт",13.46,15.8828,0,13.46,0,15.88,0]
[null,"RAUTHERMEX",null,11681041001,13660611001,null,"Переходник с наружной резьбой 32-R 1 1/4",5,"шт",16.059999999999999,18.950799999999997,0,16.059999999999999,0,18.95,0]
[null,"RAUTHERMEX",null,11681091001,13660621001,null,"Переходник с наружной резьбой 40x5,5-R1 1/4",5,"шт",17.7,20.885999999999999,0,17.7,0,20.89,0]
[null,"RAUTHERMEX",null,11681121001,13660631001,null,"Переходник с наружной резьбой 50x6,9-R1 1/4 RX",5,"шт",25.86,30.514799999999997,0,25.86,0,30.51,0]
[null,"RAUTHERMEX",null,11681111001,13660651001,null,"Переходник с наружной резьбой 50x6,9-R1 1/2",1,"шт",25.86,30.514799999999997,0,25.86,0,30.51,0]
[null,"RAUTHERMEX",null,11681131001,13660661001,null,"Переходник с наружной резьбой 63x8,6-R2",1,"шт",39.630000000000003,46.763399999999997,0,39.630000000000003,0,46.76,0]
[null,"RAUTHERMEX"]
["D","RAUTHERMEX",null,null,11680881001,null,"Переходник с накидной гайкой 20-G1/2",10,"шт",7.18,{"$f":"J2720*$B$2","v":8.4723999999999986},{"$f":"K2720*F2720","v":0},{"$f":"J2720*(1-$E$5-$E$7)*(1-$E$9)*(1+$E$11)","v":7.18},{"$f":"M2720*F2720","v":0},{"$f":"ROUND((M2720*$B$2),2)","v":8.4700000000000006},{"$f":"O2720*F2720","v":0}]
[null,"RAUTHERMEX",null,null,11680891001,null,"Переходник с накидной гайкой 20-G3/4",10,"шт",7.18,{"$f":"J2721*$B$2","v":8.4723999999999986},{"$f":"K2721*F2721","v":0},{"$f":"J2721*(1-$E$5-$E$7)*(1-$E$9)*(1+$E$11)","v":7.18},{"$f":"M2721*F2721","v":0},{"$f":"ROUND((M2721*$B$2),2)","v":8.4700000000000006},{"$f":"O2721*F2721","v":0}]
[null,"RAUTHERMEX",null,null,11680961001,null,"Переходник с накидной гайкой 25-G3/4",10,"шт",13.67,{"$f":"J2722*$B$2","v":16.130599999999998},{"$f":"K2722*F2722","v":0},{"$f":"J2722*(1-$E$5-$E$7)*(1-$E$9)*(1+$E$11)","v":13.67},{"$f":"M2722*F2722","v":0},{"$f":"ROUND((M2722*$B$2),2)","v":16.13},{"$f":"O2722*F2722","v":0}]
["D","RAUTHERMEX",null,null,11680951001,null,"Переходник с накидной гайкой 25-G1",10,"шт",13.67,{"$f":"J2723*$B$2","v":16.130599999999998},{"$f":"K2723*F2723","v":0},{"$f":"J2723*(1-$E$5-$E$7)*(1-$E$9)*(1+$E$11)","v":13.67},{"$f":"M2723*F2723","v":0},{"$f":"ROUND((M2723*$B$2),2)","v":16.13},{"$f":"O2723*F2723","v":0}]
[null,"RAUTHERMEX",null,null,11681031001,null,"Переходник с накидной гайкой 32-G1",10,"шт",20.73,{"$f":"J2724*$B$2","v":24.461399999999998},{"$f":"K2724*F2724","v":0},{"$f":"J2724*(1-$E$5-$E$7)*(1-$E$9)*(1+$E$11)","v":20.73},{"$f":"M2724*F2724","v":0},{"$f":"ROUND((M2724*$B$2),2)","v":24.46},{"$f":"O2724*F2724","v":0}]
[null,"RAUTHERMEX"]
[null,"RAUTHERMEX",null,11681621001,13660891001,null,"Угольник-переходник с наружной резьбой 20-R1/2",10,"шт",6.31,{"$f":"J2726*$B$2","v":7.4457999999999993},{"$f":"K2726*F2726","v":0},{"$f":"J2726*(1-$E$5-$E$7)*(1-$E$9)*(1+$E$11)","v":6.31},{"$f":"M2726*F2726","v":0},{"$f":"ROUND((M2726*$B$2),2)","v":7.45},{"$f":"O2726*F2726","v":0}]
[null,"RAUTHERMEX",null,11681631001,13660901001,null,"Угольник-переходник с наружной резьбой  20-R 3/4",10,"шт",6.31,{"$f":"J2727*$B$2","v":7.4457999999999993},{"$f":"K2727*F2727","v":0},{"$f":"J2727*(1-$E$5-$E$7)*(1-$E$9)*(1+$E$11)","v":6.31},{"$f":"M2727*F2727","v":0},{"$f":"ROUND((M2727*$B$2),2)","v":7.45},{"$f":"O2727*F2727","v":0}]
[null,"RAUTHERMEX",null,13130701001,13660911001,null,"Угольник-переходник с наружной резьбой 25-R3/4",10,"шт",8.7200000000000006,{"$f":"J2728*$B$2","v":10.2896},{"$f":"K2728*F2728","v":0},{"$f":"J2728*(1-$E$5-$E$7)*(1-$E$9)*(1+$E$11)","v":8.7200000000000006},{"$f":"M2728*F2728","v":0},{"$f":"ROUND((M2728*$B$2),2)","v":10.29},{"$f":"O2728*F2728","v":0}]
[null,"RAUTHERMEX",null,11681661001,13660921001,null,"Угольник-переходник с наружной резьбой 32-R3/4 RX",3,"шт",15.13,{"$f":"J2729*$B$2","v":17.853400000000001},{"$f":"K2729*F2729","v":0},{"$f":"J2729*(1-$E$5-$E$7)*(1-$E$9)*(1+$E$11)","v":15.13},{"$f":"M2729*F2729","v":0},{"$f":"ROUND((M2729*$B$2),2)","v":17.850000000000001},{"$f":"O2729*F2729","v":0}]
[null,"RAUTHERMEX",null,13130711001,13660931001,null,"Угольник-переходник с наружной резьбойй 32-R1",3,"шт",19.309999999999999,{"$f":"J2730*$B$2","v":22.785799999999998},{"$f":"K2730*F2730","v":0},{"$f":"J2730*(1-$E$5-$E$7)*(1-$E$9)*(1+$E$11)","v":19.309999999999999},{"$f":"M2730*F2730","v":0},{"$f":"ROUND((M2730*$B$2),2)","v":22.79},{"$f":"O2730*F2730","v":0}]
[null,"RAUTHERMEX"]
[null,"RAUTHERMEX",null,null,11681581001,null,"Переходник с внутренней резьбой 20-Rp1/2",10,"шт",7.37,{"$f":"J2732*$B$2","v":8.6966000000000001},{"$f":"K2732*F2732","v":0},{"$f":"J2732*(1-$E$5-$E$7)*(1-$E$9)*(1+$E$11)","v":7.37},{"$f":"M2732*F2732","v":0},{"$f":"ROUND((M2732*$B$2),2)","v":8.6999999999999993},{"$f":"O2732*F2732","v":0}]
[null,"RAUTHERMEX",null,null,11681591001,null,"Переходник с внутренней резьбой 20-Rp3/4",10,"шт",7.37,{"$f":"J2733*$B$2","v":8.6966000000000001},{"$f":"K2733*F2733","v":0},{"$f":"J2733*(1-$E$5-$E$7)*(1-$E$9)*(1+$E$11)","v":7.37},{"$f":"M2733*F2733","v":0},{"$f":"ROUND((M2733*$B$2),2)","v":8.6999999999999993},{"$f":"O2733*F2733","v":0}]
[null,"RAUTHERMEX",null,null,11681601001,null,"Переходник с внутренней резьбой 25-Rp1",10,"шт",12.5,{"$f":"J2734*$B$2","v":14.75},{"$f":"K2734*F2734","v":0},{"$f":"J2734*(1-$E$5-$E$7)*(1-$E$9)*(1+$E$11)","v":12.5},{"$f":"M2734*F2734","v":0},{"$f":"ROUND((M2734*$B$2),2)","v":14.75},{"$f":"O2734*F2734","v":0}]
[null,"RAUTHERMEX"]
[null,"RAUTHERMEX",null,11681451001,13129861001,null,"Угольник 90° 20x2,8",10,"шт",6.39,{"$f":"J2736*$B$2","v":7.5401999999999996},{"$f":"K2736*F2736","v":0},{"$f":"J2736*(1-$E$5-$E$7)*(1-$E$9)*(1+$E$11)","v":6.39},{"$f":"M2736*F2736","v":0},{"$f":"ROUND((M2736*$B$2),2)","v":7.54},{"$f":"O2736*F2736","v":0}]
[null,"RAUTHERMEX",null,11681471001,13129871001,null,"Угольник 90° 25x3,5",10,"шт",8.57,10.1126,0,8.57,0,10.11,0]
[null,"RAUTHERMEX",null,11681491001,13129881001,null,"Угольник 90° 32x4,4",3,"шт",13.74,16.213200000000001,0,13.74,0,16.21,0]
[null,"RAUTHERMEX",null,null,13129891001,null,"Угольник 90° 40x5,5",1,"шт",23.58,27.824399999999997,0,23.58,0,27.82,0]
[null,"RAUTHERMEX",null,null,11681531001,null,"Угольник 90° 50x6,9",1,"шт",43.55,51.388999999999996,0,43.55,0,51.39,0]
[null,"RAUTHERMEX",null,null,11681551001,null,"Угольник 90° 63x8,6",1,"шт",52.46,61.902799999999999,0,52.46,0,61.9,0]
[null,"RAUTHERMEX"]
[null,"RAUTHERMEX",null,null,11681481001,null,"Угольник 45° 32x4,4",3,"шт",16.47,{"$f":"J2743*$B$2","v":19.434599999999996},{"$f":"K2743*F2743","v":0},{"$f":"J2743*(1-$E$5-$E$7)*(1-$E$9)*(1+$E$11)","v":16.47},{"$f":"M2743*F2743","v":0},{"$f":"ROUND((M2743*$B$2),2)","v":19.43},{"$f":"O2743*F2743","v":0}]
[null,"RAUTHERMEX",null,11681521001,13660471001,null,"Угольник 45° 50x6,9",1,"шт",52.62,{"$f":"J2744*$B$2","v":62.091599999999993},{"$f":"K2744*F2744","v":0},{"$f":"J2744*(1-$E$5-$E$7)*(1-$E$9)*(1+$E$11)","v":52.62},{"$f":"M2744*F2744","v":0},{"$f":"ROUND((M2744*$B$2),2)","v":62.09},{"$f":"O2744*F2744","v":0}]
[null,"RAUTHERMEX",null,11681541001,13660481001,null,"Угольник 45° 63x8,6",1,"шт",79.88,{"$f":"J2745*$B$2","v":94.258399999999995},{"$f":"K2745*F2745","v":0},{"$f":"J2745*(1-$E$5-$E$7)*(1-$E$9)*(1+$E$11)","v":79.88},{"$f":"M2745*F2745","v":0},{"$f":"ROUND((M2745*$B$2),2)","v":94.26},{"$f":"O2745*F2745","v":0}]
[null,"RAUTHERMEX"]
[null,"RAUTHERMEX",null,null,null,null,"4.7 RAUTHERMEX COOL для холодного водоснабжения SDR 11"]
[null,"RAUTHERMEX",null,null,null,null,"Труба серия 1, SDR 11 с каналом под электрический кабель"]
[null,"RAUTHERMEX",null,null,12867411001,null,"Труба для холодного водоснабжения 25/76",null,"м",39.94,{"$f":"J2749*$B$2","v":47.129199999999997},{"$f":"K2749*F2749","v":0},{"$f":"J2749*(1-$E$5-$E$7)*(1-$E$9)*(1+$E$11)","v":39.94},{"$f":"M2749*F2749","v":0},{"$f":"ROUND((M2749*$B$2),2)","v":47.13},{"$f":"O2749*F2749","v":0}]
[null,"RAUTHERMEX",null,null,12867511001,null,"Труба для холодного водоснабжения 32/76",null,"м",41.88,49.418399999999998,0,41.88,0,49.42,0]
[null,"RAUTHERMEX",null,null,12867611001,null,"Труба для холодного водоснабжения 40/91",null,"м",46.39,54.740199999999994,0,46.39,0,54.74,0]
[null,"RAUTHERMEX",null,null,12867711001,null,"Труба для холодного водоснабжения 50/91",null,"м",48.96,57.772799999999997,0,48.96,0,57.77,0]
[null,"RAUTHERMEX",null,null,12867811001,null,"Труба для холодного водоснабжения 63/126",null,"м",70.22,82.8596,0,70.22,0,82.86,0]
[null,"RAUTHERMEX",null,null,12867911001,null,"Труба для холодного водоснабжения 75/126",null,"м",73.44,86.659199999999998,0,73.44,0,86.66,0]
[null,"RAUTHERMEX",null,null,12868011001,null,"Труба для холодного водоснабжения 90/162",null,"м",90.83,107.17939999999999,0,90.83,0,107.18,0]
[null,"RAUTHERMEX",null,null,12868111001,null,"Труба для холодного водоснабжения 110/162",null,"м",97.94,115.5692,0,97.94,0,115.57,0]
[null,"RAUTHERMEX"]
[null,"RAUTHERMEX",null,null,null,null,"Труба серия 1, SDR 11 без канала под электрический кабель"]
[null,"RAUTHERMEX",null,null,12868211001,null,"Труба для холодного водоснабжения 25/76",null,"м",23.84,{"$f":"J2759*$B$2","v":28.1312},{"$f":"K2759*F2759","v":0},{"$f":"J2759*(1-$E$5-$E$7)*(1-$E$9)*(1+$E$11)","v":23.84},{"$f":"M2759*F2759","v":0},{"$f":"ROUND((M2759*$B$2),2)","v":28.13},{"$f":"O2759*F2759","v":0}]
[null,"RAUTHERMEX",null,null,12868311001,null,"Труба для холодного водоснабжения 32/76",null,"м",25.12,29.6416,0,25.12,0,29.64,0]
[null,"RAUTHERMEX",null,null,12868411001,null,"Труба для холодного водоснабжения 40/91",null,"м",29,34.22,0,29,0,34.22,0]
[null,"RAUTHERMEX",null,null,12868511001,null,"Труба для холодного водоснабжения 50/91",null,"м",32.85,38.762999999999998,0,32.85,0,38.76,0]
[null,"RAUTHERMEX",null,null,12868611001,null,"Труба для холодного водоснабжения 63/126",null,"м",45.74,53.973199999999999,0,45.74,0,53.97,0]
[null,"RAUTHERMEX",null,null,12868711001,null,"Труба для холодного водоснабжения 75/126",null,"м",50.25,59.294999999999995,0,50.25,0,59.3,0]
[null,"RAUTHERMEX",null,null,12868811001,null,"Труба для холодного водоснабжения 90/162",null,"м",63.78,75.260400000000004,0,63.78,0,75.260000000000005,0]
[null,"RAUTHERMEX",null,null,12868911001,null,"Труба для холодного водоснабжения 110/162",null,"м",72.8,85.903999999999996,0,72.8,0,85.9,0]
[null,"RAUTHERMEX"]
[null,"RAUTHERMEX",null,null,null,null,"Комплектующие RAUTHERMEX COOL"]
[null,"RAUTHERMEX",null,null,12876511001,null,"Соединение греющий кабель/ кабель электроснабжения",null,"шт",32.21,{"$f":"J2769*$B$2","v":38.007799999999996},{"$f":"K2769*F2769","v":0},{"$f":"J2769*(1-$E$5-$E$7)*(1-$E$9)*(1+$E$11)","v":32.21},{"$f":"M2769*F2769","v":0},{"$f":"ROUND((M2769*$B$2),2)","v":38.01},{"$f":"O2769*F2769","v":0}]
[null,"RAUTHERMEX",null,null,12876611001,null,"Соединительный элемент для греющего кабеля",null,"шт",42.52,50.1736,0,42.52,0,50.17,0]
[null,"RAUTHERMEX",null,null,12876711001,null,"Наконечник для греющего кабеля",null,"шт",23.19,27.3642,0,23.19,0,27.36,0]
[null,"RAUTHERMEX",null,null,12876811001,null,"Тройник для греющего кабеля",null,"шт",109.52,129.2336,0,109.52,0,129.22999999999999,0]
[null,"RAUTHERMEX",null,null,12876911001,null,"Комплект для изоляции термодатчика для труб 76-92",null,"шт",34.79,41.052199999999999,0,34.79,0,41.05,0]
[null,"RAUTHERMEX",null,null,12877011001,null,"Комплект для изоляции термодатчика для труб 111-126",null,"шт",37.369999999999997,44.096599999999995,0,37.369999999999997,0,44.1,0]
[null,"RAUTHERMEX",null,null,13503521001,null,"Комплект для изоляции термодатчика для труб 142-182",null,"шт",{"$f":"64.18/1.18","v":54.389830508474581},64.180000000000007,0,54.389830508474581,0,64.180000000000007,0]
[null,"RAUTHERMEX",null,null,12877111001,null,"Температурный датчик к термостату UTR 15",null,"шт",354.34,{"$f":"J2776*$B$2","v":418.12119999999993},0,354.34,0,418.12,0]
[null,"RAUTHERMEX",null,null,13503531001,null,"Термодатчик отдельно к термостату UTR 15",null,"шт",{"$f":"120.6/1.18","v":102.20338983050847},{"$f":"J2777*$B$2","v":120.6},0,102.20338983050847,0,120.6,0]
[null,"RAUTHERMEX"]
[null,"RAUTHERMEX",null,null,null,null,"4.8  Комплект муфт"]
[null,"RAUTHERMEX",null,null,12156271001,null,"Соединительная муфта 182-250",1,"шт",307.44,{"$f":"J2780*$B$2","v":362.7792},{"$f":"K2780*F2780","v":0},{"$f":"J2780*(1-$E$5-$E$7)*(1-$E$9)*(1+$E$11)","v":307.44},{"$f":"M2780*F2780","v":0},{"$f":"ROUND((M2780*$B$2),2)","v":362.78},{"$f":"O2780*F2780","v":0}]
[null,"RAUTHERMEX",null,null,12156281001,null,"Соединительная муфта 202-250",1,"шт",309.75,{"$f":"J2781*$B$2","v":365.505},{"$f":"K2781*F2781","v":0},{"$f":"J2781*(1-$E$5-$E$7)*(1-$E$9)*(1+$E$11)","v":309.75},{"$f":"M2781*F2781","v":0},{"$f":"ROUND((M2781*$B$2),2)","v":365.51},{"$f":"O2781*F2781","v":0}]
[null,"RAUTHERMEX",null,null,12988221001,null,"Соединительная муфта 250-250",1,"шт",312.18,{"$f":"J2782*$B$2","v":368.37239999999997},{"$f":"K2782*F2782","v":0},{"$f":"J2782*(1-$E$5-$E$7)*(1-$E$9)*(1+$E$11)","v":312.18},{"$f":"M2782*F2782","v":0},{"$f":"ROUND((M2782*$B$2),2)","v":368.37},{"$f":"O2782*F2782","v":0}]
[null,"RAUTHERMEX"]
[null,"RAUTHERMEX",null,null,null,null,"4.10 Заглушки и шахтные уплотнители"]
[null,"RAUTHERMEX",null,null,12403631001,null,"Уплотнительное кольцо для домового ввода труб 91/133",1,"шт",18.670000000000002,{"$f":"J2785*$B$2","v":22.0306},{"$f":"K2785*F2785","v":0},{"$f":"J2785*(1-$E$5-$E$7)*(1-$E$9)*(1+$E$11)","v":18.670000000000002},{"$f":"M2785*F2785","v":0},{"$f":"ROUND((M2785*$B$2),2)","v":22.03},{"$f":"O2785*F2785","v":0}]
[null,"RAUTHERMEX",null,null,12403731001,null,"Уплотнительное кольцо для домового ввода труб 111/153",1,"шт",23.19,27.3642,0,23.19,0,27.36,0]
[null,"RAUTHERMEX",null,null,12403831001,null,"Уплотнительное кольцо для домового ввода труб 126/168",1,"шт",25.76,30.396799999999999,0,25.76,0,30.4,0]
[null,"RAUTHERMEX",null,null,12404031001,null,"Уплотнительное кольцо для домового ввода труб 162/203",1,"шт",32.21,38.007799999999996,0,32.21,0,38.01,0]
[null,"RAUTHERMEX",null,null,12391011001,null,"Уплотнительное кольцо для домового ввода труб 182/223",1,"шт",38.01,44.851799999999997,0,38.01,0,44.85,0]
[null,"RAUTHERMEX",null,null,13532781001,null,"Уплотнительное кольцо для домового ввода труб 202/234",1,"шт",35.590000000000003,41.996200000000002,0,35.590000000000003,0,42,0]
[null,"RAUTHERMEX",null,null,12199831001,null,"Уплотнительное кольцо для домового ввода труб 225/261",1,"шт",39.32,46.397599999999997,0,39.32,0,46.4,0]
[null,"RAUTHERMEX",null,null,12988181001,null,"Уплотнительное кольцо для домового ввода труб 250/286",1,"шт",48.01,56.651799999999994,0,48.01,0,56.65,0]
[null,"RAUTHERMEX"]
[null,"RAUTHERMEX",null,null,12854211001,null,"Шахтный уплотнительный фланец 80мм/75/125",1,"шт",95.35,{"$f":"J2794*$B$2","v":112.51299999999999},{"$f":"K2794*F2794","v":0},{"$f":"J2794*(1-$E$5-$E$7)*(1-$E$9)*(1+$E$11)","v":95.35},{"$f":"M2794*F2794","v":0},{"$f":"ROUND((M2794*$B$2),2)","v":112.51},{"$f":"O2794*F2794","v":0}]
[null,"RAUTHERMEX",null,null,12854311001,null,"Шахтный уплотнительный фланец 80мм/91/150",1,"шт",122.41,144.44379999999998,0,122.41,0,144.44,0]
[null,"RAUTHERMEX",null,null,12854411001,null,"Шахтный уплотнительный фланец 80мм/111/200",1,"шт",186.84,220.47119999999998,0,186.84,0,220.47,0]
[null,"RAUTHERMEX",null,null,12854511001,null,"Шахтный уплотнительный фланец 80мм/126/200",1,"шт",193.28,228.07039999999998,0,193.28,0,228.07,0]
[null,"RAUTHERMEX",null,null,12854611001,null,"Шахтный уплотнительный фланец 80мм/142/200",1,"шт",199.71,235.65780000000001,0,199.71,0,235.66,0]
[null,"RAUTHERMEX",null,null,12854711001,null,"Шахтный уплотнительный фланец 80мм/162/250",1,"шт",251.26,296.48679999999996,0,251.26,0,296.49,0]
[null,"RAUTHERMEX",null,null,12854811001,null,"Шахтный уплотнительный фланец 80мм/182/250",1,"шт",270.58999999999997,319.29619999999994,0,270.58999999999997,0,319.3,0]
[null,"RAUTHERMEX",null,null,12193761001,null,"Шахтный уплотнительный фланец 80мм/202/300",1,"шт",{"$f":"768.12/1.18","v":650.94915254237287},768.12,{"$f":"K2801*F2801","v":0},{"$f":"J2801*(1-$E$5-$E$7)*(1-$E$9)*(1+$E$11)","v":650.94915254237287},{"$f":"M2801*F2801","v":0},{"$f":"ROUND((M2801*$B$2),2)","v":768.12},{"$f":"O2801*F2801","v":0}]
[null,"RAUTHERMEX",null,null,12988121001,null,"Шахтный уплотнительный фланец 80мм/250/350",1,"шт",{"$f":"942.84/1.18","v":799.01694915254245},942.84,0,799.01694915254245,0,942.84,0]
[null,"RAUTHERMEX"]
[null,"RAUTHERMEX",null,null,12854911001,null,"Шахтный уплотнительный фланец 40мм/75/125",1,"шт",61.85,{"$f":"J2804*$B$2","v":72.983000000000004},{"$f":"K2804*F2804","v":0},{"$f":"J2804*(1-$E$5-$E$7)*(1-$E$9)*(1+$E$11)","v":61.85},{"$f":"M2804*F2804","v":0},{"$f":"ROUND((M2804*$B$2),2)","v":72.98},{"$f":"O2804*F2804","v":0}]
[null,"RAUTHERMEX",null,null,12855011001,null,"Шахтный уплотнительный фланец 40мм/91/150",1,"шт",76.03,89.715400000000002,0,76.03,0,89.72,0]
[null,"RAUTHERMEX",null,null,12855111001,null,"Шахтный уплотнительный фланец 40мм/111/200",1,"шт",110.81,130.75579999999999,0,110.81,0,130.76,0]
[null,"RAUTHERMEX",null,null,12855211001,null,"Шахтный уплотнительный фланец 40мм/126/200",1,"шт",113.38,133.7884,0,113.38,0,133.79,0]
[null,"RAUTHERMEX",null,null,12855311001,null,"Шахтный уплотнительный фланец 40мм/142/200",1,"шт",117.25,138.35499999999999,0,117.25,0,138.36000000000001,0]
[null,"RAUTHERMEX",null,null,12855411001,null,"Шахтный уплотнительный фланец 40мм/162/250",1,"шт",161.06,190.05079999999998,0,161.06,0,190.05,0]
[null,"RAUTHERMEX",null,null,12855511001,null,"Шахтный уплотнительный фланец 40мм/182/250",1,"шт",167.5,197.64999999999998,0,167.5,0,197.65,0]
[null,"RAUTHERMEX",null,null,12183111001,null,"Шахтный уплотнительный фланец 40мм/202/300",1,"шт",575.91,679.57379999999989,0,575.91,0,679.57,0]
[null,"RAUTHERMEX",null,null,12988151001,null,"Шахтный уплотнительный фланец 40мм/250/350",1,"шт",341.51,402.98179999999996,0,341.51,0,402.98,0]
[null,"RAUTHERMEX"]
[null,"RAUTHERMEX",null,null,12227741001,null,"Труба для шахтного уплотнительного фланца DN 125",1,"шт",57.98,{"$f":"J2814*$B$2","v":68.416399999999996},{"$f":"K2814*F2814","v":0},{"$f":"J2814*(1-$E$5-$E$7)*(1-$E$9)*(1+$E$11)","v":57.98},{"$f":"M2814*F2814","v":0},{"$f":"ROUND((M2814*$B$2),2)","v":68.42},{"$f":"O2814*F2814","v":0}]
[null,"RAUTHERMEX",null,null,12227841001,null,"Труба для шахтного уплотнительного фланца DN 150",1,"шт",63.13,{"$f":"J2815*$B$2","v":74.493399999999994},{"$f":"K2815*F2815","v":0},{"$f":"J2815*(1-$E$5-$E$7)*(1-$E$9)*(1+$E$11)","v":63.13},{"$f":"M2815*F2815","v":0},{"$f":"ROUND((M2815*$B$2),2)","v":74.489999999999995},{"$f":"O2815*F2815","v":0}]
[null,"RAUTHERMEX",null,null,12227941001,null,"Труба для шахтного уплотнительного фланца DN 200",1,"шт",82.46,{"$f":"J2816*$B$2","v":97.302799999999991},{"$f":"K2816*F2816","v":0},{"$f":"J2816*(1-$E$5-$E$7)*(1-$E$9)*(1+$E$11)","v":82.46},{"$f":"M2816*F2816","v":0},{"$f":"ROUND((M2816*$B$2),2)","v":97.3},{"$f":"O2816*F2816","v":0}]
[null,"RAUTHERMEX",null,null,12228041001,null,"Труба для шахтного уплотнительного фланца DN 250",1,"шт",193.28,{"$f":"J2817*$B$2","v":228.07039999999998},{"$f":"K2817*F2817","v":0},{"$f":"J2817*(1-$E$5-$E$7)*(1-$E$9)*(1+$E$11)","v":193.28},{"$f":"M2817*F2817","v":0},{"$f":"ROUND((M2817*$B$2),2)","v":228.07},{"$f":"O2817*F2817","v":0}]
[null,"RAUTHERMEX"]
[null,"RAUTHERMEX",null,null,12228141001,null,"Фиксатор обшивки 125",1,"шт",20.62,{"$f":"J2819*$B$2","v":24.331599999999998},{"$f":"K2819*F2819","v":0},{"$f":"J2819*(1-$E$5-$E$7)*(1-$E$9)*(1+$E$11)","v":20.62},{"$f":"M2819*F2819","v":0},{"$f":"ROUND((M2819*$B$2),2)","v":24.33},{"$f":"O2819*F2819","v":0}]
[null,"RAUTHERMEX",null,null,12228241001,null,"Фиксатор обшивки 150",1,"шт",24.48,{"$f":"J2820*$B$2","v":28.886399999999998},{"$f":"K2820*F2820","v":0},{"$f":"J2820*(1-$E$5-$E$7)*(1-$E$9)*(1+$E$11)","v":24.48},{"$f":"M2820*F2820","v":0},{"$f":"ROUND((M2820*$B$2),2)","v":28.89},{"$f":"O2820*F2820","v":0}]
[null,"RAUTHERMEX",null,null,12228341001,null,"Фиксатор обшивки 200",1,"шт",30.29,{"$f":"J2821*$B$2","v":35.742199999999997},{"$f":"K2821*F2821","v":0},{"$f":"J2821*(1-$E$5-$E$7)*(1-$E$9)*(1+$E$11)","v":30.29},{"$f":"M2821*F2821","v":0},{"$f":"ROUND((M2821*$B$2),2)","v":35.74},{"$f":"O2821*F2821","v":0}]
[null,"RAUTHERMEX",null,null,12228441001,null,"Фиксатор обшивки 250",1,"шт",34.79,{"$f":"J2822*$B$2","v":41.052199999999999},{"$f":"K2822*F2822","v":0},{"$f":"J2822*(1-$E$5-$E$7)*(1-$E$9)*(1+$E$11)","v":34.79},{"$f":"M2822*F2822","v":0},{"$f":"ROUND((M2822*$B$2),2)","v":41.05},{"$f":"O2822*F2822","v":0}]
[null,"RAUTHERMEX"]
[null,"RAUTHERMEX",null,null,12228541001,null,"Комплект с эпоксидной смолой",1,"шт",85.04,{"$f":"J2824*$B$2","v":100.3472},{"$f":"K2824*F2824","v":0},{"$f":"J2824*(1-$E$5-$E$7)*(1-$E$9)*(1+$E$11)","v":85.04},{"$f":"M2824*F2824","v":0},{"$f":"ROUND((M2824*$B$2),2)","v":100.35},{"$f":"O2824*F2824","v":0}]
[null,"RAUTHERMEX"]
[null,"RAUTHERMEX",null,null,12099611001,null,"Термоусадочная заглушка 20/76",1,"шт",41.23,{"$f":"J2826*$B$2","v":48.651399999999995},{"$f":"K2826*F2826","v":0},{"$f":"J2826*(1-$E$5-$E$7)*(1-$E$9)*(1+$E$11)","v":41.23},{"$f":"M2826*F2826","v":0},{"$f":"ROUND((M2826*$B$2),2)","v":48.65},{"$f":"O2826*F2826","v":0}]
[null,"RAUTHERMEX",null,null,12099611001,null,"Термоусадочная заглушка 25/91",1,"шт",41.23,48.651399999999995,0,41.23,0,48.65,0]
[null,"RAUTHERMEX",null,null,12099611001,null,"Термоусадочная заглушка 25/76",1,"шт",41.23,48.651399999999995,0,41.23,0,48.65,0]
[null,"RAUTHERMEX",null,null,12099611001,null,"Термоусадочная заглушка 32/76",1,"шт",41.23,48.651399999999995,0,41.23,0,48.65,0]
[null,"RAUTHERMEX",null,null,12099611001,null,"Термоусадочная заглушка 32/91",1,"шт",41.23,48.651399999999995,0,41.23,0,48.65,0]
[null,"RAUTHERMEX",null,null,12099611001,null,"Термоусадочная заглушка 40/91",1,"шт",41.23,48.651399999999995,0,41.23,0,48.65,0]
[null,"RAUTHERMEX",null,null,12099611001,null,"Термоусадочная заглушка 50/111",1,"шт",41.23,48.651399999999995,0,41.23,0,48.65,0]
[null,"RAUTHERMEX",null,null,12099621001,null,"Термоусадочная заглушка 50/126",1,"шт",46.39,{"$f":"J2833*$B$2","v":54.740199999999994},{"$f":"K2833*F2833","v":0},{"$f":"J2833*(1-$E$5-$E$7)*(1-$E$9)*(1+$E$11)","v":46.39},{"$f":"M2833*F2833","v":0},{"$f":"ROUND((M2833*$B$2),2)","v":54.74},{"$f":"O2833*F2833","v":0}]
[null,"RAUTHERMEX",null,null,12099621001,null,"Термоусадочная заглушка 63/126",1,"шт",46.39,54.740199999999994,0,46.39,0,54.74,0]
[null,"RAUTHERMEX",null,null,12099621001,null,"Термоусадочная заглушка 63/142",1,"шт",46.39,{"$f":"J2835*$B$2","v":54.740199999999994},{"$f":"K2835*F2835","v":0},{"$f":"J2835*(1-$E$5-$E$7)*(1-$E$9)*(1+$E$11)","v":46.39},{"$f":"M2835*F2835","v":0},{"$f":"ROUND((M2835*$B$2),2)","v":54.74},{"$f":"O2835*F2835","v":0}]
[null,"RAUTHERMEX",null,null,12099631001,null,"Термоусадочная заглушка 75/162 ",1,"шт",59.28,69.950400000000002,0,59.28,0,69.95,0]
[null,"RAUTHERMEX",null,null,12099631001,null,"Термоусадочная заглушка 90/162",1,"шт",59.28,69.950400000000002,0,59.28,0,69.95,0]
[null,"RAUTHERMEX",null,null,12099631001,null,"Термоусадочная заглушка 110/162",1,"шт",59.28,69.950400000000002,0,59.28,0,69.95,0]
[null,"RAUTHERMEX",null,null,12099631001,null,"Термоусадочная заглушка 110/202",1,"шт",59.28,{"$f":"J2839*$B$2","v":69.950400000000002},{"$f":"K2839*F2839","v":0},{"$f":"J2839*(1-$E$5-$E$7)*(1-$E$9)*(1+$E$11)","v":59.28},{"$f":"M2839*F2839","v":0},{"$f":"ROUND((M2839*$B$2),2)","v":69.95},{"$f":"O2839*F2839","v":0}]
[null,"RAUTHERMEX",null,null,12099631001,null,"Термоусадочная заглушка 125/182",1,"шт",59.28,69.950400000000002,0,59.28,0,69.95,0]
[null,"RAUTHERMEX",null,null,12099631001,null,"Термоусадочная заглушка 125/202",1,"шт",59.28,{"$f":"J2841*$B$2","v":69.950400000000002},{"$f":"K2841*F2841","v":0},{"$f":"J2841*(1-$E$5-$E$7)*(1-$E$9)*(1+$E$11)","v":59.28},{"$f":"M2841*F2841","v":0},{"$f":"ROUND((M2841*$B$2),2)","v":69.95},{"$f":"O2841*F2841","v":0}]
[null,"RAUTHERMEX",null,null,12988211001,null,"Термоусадочная заглушка 160/250",1,"шт",93.55,110.389,0,93.55,0,110.39,0]
[null,"RAUTHERMEX",null,null,12099641001,null,"Термоусадочная заглушка 25+20/91 ",1,"шт",96.89,114.33019999999999,0,96.89,0,114.33,0]
[null,"RAUTHERMEX",null,null,12099641001,null,"Термоусадочная заглушка 20+20/111",1,"шт",96.89,{"$f":"J2844*$B$2","v":114.33019999999999},{"$f":"K2844*F2844","v":0},{"$f":"J2844*(1-$E$5-$E$7)*(1-$E$9)*(1+$E$11)","v":96.89},{"$f":"M2844*F2844","v":0},{"$f":"ROUND((M2844*$B$2),2)","v":114.33},{"$f":"O2844*F2844","v":0}]
[null,"RAUTHERMEX",null,null,12099641001,null,"Термоусадочная заглушка 25+25/111 ",1,"шт",96.89,114.33019999999999,0,96.89,0,114.33,0]
[null,"RAUTHERMEX",null,null,12099661001,null,"Термоусадочная заглушка 32+20/111",1,"шт",103.08,121.63439999999999,0,103.08,0,121.63,0]
[null,"RAUTHERMEX",null,null,12099661001,null,"Термоусадочная заглушка 32+32/111",1,"шт",103.08,121.63439999999999,0,103.08,0,121.63,0]
[null,"RAUTHERMEX",null,null,12099661001,null,"Термоусадочная заглушка 40+25/126",1,"шт",103.08,121.63439999999999,0,103.08,0,121.63,0]
[null,"RAUTHERMEX",null,null,12099661001,null,"Термоусадочная заглушка 40+40/126",1,"шт",103.08,121.63439999999999,0,103.08,0,121.63,0]
[null,"RAUTHERMEX",null,null,12099661001,null,"Термоусадочная заглушка 50+32/126",1,"шт",103.08,121.63439999999999,0,103.08,0,121.63,0]
[null,"RAUTHERMEX",null,null,12099671001,null,"Термоусадочная заглушка 50+50/162",1,"шт",108.23,127.7114,0,108.23,0,127.71,0]
[null,"RAUTHERMEX",null,null,12099681001,null,"Термоусадочная заглушка 63+63/182",1,"шт",119.83,141.39939999999999,0,119.83,0,141.4,0]
[null,"RAUTHERMEX",null,null,12099681001,null,"Термоусадочная заглушка 63+63/202",1,"шт",119.83,{"$f":"J2853*$B$2","v":141.39939999999999},{"$f":"K2853*F2853","v":0},{"$f":"J2853*(1-$E$5-$E$7)*(1-$E$9)*(1+$E$11)","v":119.83},{"$f":"M2853*F2853","v":0},{"$f":"ROUND((M2853*$B$2),2)","v":141.4},{"$f":"O2853*F2853","v":0}]
[null,"RAUTHERMEX",null,null,12099681001,null,"Термоусадочная заглушка 75+75/202",1,"шт",119.83,141.39939999999999,0,119.83,0,141.4,0]
[null,"RAUTHERMEX"]
[null,"RAUTHERMEX",null,null,12163971001,null,"Заглушки резиновые EPDM UNO 25/ 91",1,"шт",15.25,{"$f":"J2856*$B$2","v":17.994999999999997},{"$f":"K2856*F2856","v":0},{"$f":"J2856*(1-$E$5-$E$7)*(1-$E$9)*(1+$E$11)","v":15.25},{"$f":"M2856*F2856","v":0},{"$f":"ROUND((M2856*$B$2),2)","v":18},{"$f":"O2856*F2856","v":0}]
[null,"RAUTHERMEX",null,null,12163971001,null,"Заглушки резиновые EPDM UNO 32/ 91",1,"шт",15.25,17.994999999999997,0,15.25,0,18,0]
[null,"RAUTHERMEX",null,null,12163981001,null,"Заглушки резиновые EPDM UNO 32/111",1,"шт",19.77,23.328599999999998,0,19.77,0,23.33,0]
[null,"RAUTHERMEX",null,null,12163971001,null,"Заглушки резиновые EPDM UNO 40/91",1,"шт",15.25,17.994999999999997,0,15.25,0,18,0]
[null,"RAUTHERMEX",null,null,12181791001,null,"Заглушки резиновые EPDM UNO 40/126",1,"шт",22.78,26.880400000000002,0,22.78,0,26.88,0]
[null,"RAUTHERMEX",null,null,12163981001,null,"Заглушки резиновые EPDM UNO 50/111",1,"шт",19.77,23.328599999999998,0,19.77,0,23.33,0]
[null,"RAUTHERMEX",null,null,12181791001,null,"Заглушки резиновые EPDM UNO 50/126",1,"шт",22.78,26.880400000000002,0,22.78,0,26.88,0]
[null,"RAUTHERMEX",null,null,12181791001,null,"Заглушки резиновые EPDM UNO 63/126",1,"шт",22.78,26.880400000000002,0,22.78,0,26.88,0]
[null,"RAUTHERMEX",null,null,12181851001,null,"Заглушки резиновые EPDM UNO 75/162",1,"шт",22.33,26.349399999999996,0,22.33,0,26.35,0]
[null,"RAUTHERMEX",null,null,12181851001,null,"Заглушки резиновые EPDM UNO 90/162",1,"шт",22.33,26.349399999999996,0,22.33,0,26.35,0]
[null,"RAUTHERMEX",null,null,12181861001,null,"Заглушки резиновые EPDM UNO 90/182",1,"шт",36.58,43.164399999999993,0,36.58,0,43.16,0]
[null,"RAUTHERMEX",null,null,12181851001,null,"Заглушки резиновые EPDM UNO 110/162",1,"шт",22.33,26.349399999999996,0,22.33,0,26.35,0]
[null,"RAUTHERMEX",null,null,12181861001,null,"Заглушки резиновые EPDM UNO 110/182",1,"шт",36.58,43.164399999999993,0,36.58,0,43.16,0]
[null,"RAUTHERMEX",null,null,12181871001,null,"Заглушки резиновые EPDM UNO 110/202",1,"шт",43.87,51.766599999999997,0,43.87,0,51.77,0]
[null,"RAUTHERMEX",null,null,12181861001,null,"Заглушки резиновые EPDM UNO 125/182",1,"шт",36.58,43.164399999999993,0,36.58,0,43.16,0]
[null,"RAUTHERMEX",null,null,12181871001,null,"Заглушки резиновые EPDM UNO 140/202",1,"шт",43.87,51.766599999999997,0,43.87,0,51.77,0]
[null,"RAUTHERMEX",null,null,12181881001,null,"Заглушки резиновые EPDM UNO 160/250",1,"шт",46.29,54.622199999999999,0,46.29,0,54.62,0]
[null,"RAUTHERMEX"]
[null,"RAUTHERMEX",null,null,12163991001,null,"Заглушки резиновые EPDM DUO 25+25 / 111",1,"шт",17.149999999999999,{"$f":"J2874*$B$2","v":20.236999999999998},{"$f":"K2874*F2874","v":0},{"$f":"J2874*(1-$E$5-$E$7)*(1-$E$9)*(1+$E$11)","v":17.149999999999999},{"$f":"M2874*F2874","v":0},{"$f":"ROUND((M2874*$B$2),2)","v":20.239999999999998},{"$f":"O2874*F2874","v":0}]
[null,"RAUTHERMEX",null,null,12163991001,null,"Заглушки резиновые EPDM DUO 32+32 / 111",1,"шт",17.149999999999999,20.236999999999998,0,17.149999999999999,0,20.239999999999998,0]
[null,"RAUTHERMEX",null,null,12181891001,null,"Заглушки резиновые EPDM DUO 32+32 / 126",1,"шт",19.36,22.844799999999999,0,19.36,0,22.84,0]
[null,"RAUTHERMEX",null,null,12181891001,null,"Заглушки резиновые EPDM DUO 40+40 / 126",1,"шт",19.36,22.844799999999999,0,19.36,0,22.84,0]
[null,"RAUTHERMEX",null,null,12181911001,null,"Заглушки резиновые EPDM DUO 50+50 / 162",1,"шт",24.55,28.968999999999998,0,24.55,0,28.97,0]
[null,"RAUTHERMEX",null,null,12181921001,null,"Заглушки резиновые EPDM DUO 50+50 /182",1,"шт",28.42,33.535600000000002,0,28.42,0,33.54,0]
[null,"RAUTHERMEX",null,null,12181921001,null,"Заглушки резиновые EPDM DUO 63+63 / 182",1,"шт",28.42,33.535600000000002,0,28.42,0,33.54,0]
[null,"RAUTHERMEX"]
[null,"RAUTHERMEX",null,null,13510541001,null,"Изоляционный Т-обр. кожух, большой, 76-182",1,"шт",239.93,{"$f":"J2882*$B$2","v":283.11739999999998},{"$f":"K2882*F2882","v":0},{"$f":"J2882*(1-$E$5-$E$7)*(1-$E$9)*(1+$E$11)","v":239.93},{"$f":"M2882*F2882","v":0},{"$f":"ROUND((M2882*$B$2),2)","v":283.12},{"$f":"O2882*F2882","v":0}]
[null,"RAUTHERMEX",null,null,12979321001,null,"Изоляционный Т-обр. кожух, малый, 76-126",1,"шт",155.19999999999999,183.13599999999997,0,155.19999999999999,0,183.14,0]
[null,"RAUTHERMEX",null,null,13510671001,null,"Изоляционный I-обр. кожух, малый, 76-126",1,"шт",112.8,133.10399999999998,0,112.8,0,133.1,0]
[null,"RAUTHERMEX",null,null,13520381001,null,"Изоляционный I-обр. кожух, большой, 76-182",1,"шт",185.34,218.7012,0,185.34,0,218.7,0]
[null,"RAUTHERMEX",null,null,13510681001,null,"Изоляционный Г-обр. кожух, малый, 76-126",1,"шт",125.95,148.62100000000001,0,125.95,0,148.62,0]
[null,"RAUTHERMEX",null,null,13520391001,null,"Изоляционный Г-обр. кожух, большой, 76-182",1,"шт",295.13,348.2534,0,295.13,0,348.25,0]
[null,"RAUTHERMEX"]
[null,"RAUTHERMEX",null,null,13510551001,null,"Уплотнительное кольцо 182/76",1,"шт",41.7,{"$f":"J2889*$B$2","v":49.206000000000003},{"$f":"K2889*F2889","v":0},{"$f":"J2889*(1-$E$5-$E$7)*(1-$E$9)*(1+$E$11)","v":41.7},{"$f":"M2889*F2889","v":0},{"$f":"ROUND((M2889*$B$2),2)","v":49.21},{"$f":"O2889*F2889","v":0}]
[null,"RAUTHERMEX",null,null,13510561001,null,"Уплотнительное кольцо 182/91",1,"шт",40.18,47.412399999999998,0,40.18,0,47.41,0]
[null,"RAUTHERMEX",null,null,13510571001,null,"Уплотнительное кольцо 182/111",1,"шт",39.700000000000003,46.846000000000004,0,39.700000000000003,0,46.85,0]
[null,"RAUTHERMEX",null,null,13510581001,null,"Уплотнительное кольцо 182/126",1,"шт",28.75,33.924999999999997,0,28.75,0,33.93,0]
[null,"RAUTHERMEX",null,null,13510591001,null,"Уплотнительное кольцо 182/142",1,"шт",26.59,31.376199999999997,0,26.59,0,31.38,0]
[null,"RAUTHERMEX",null,null,13510611001,null,"Уплотнительное кольцо 182/162",1,"шт",24.85,29.323,0,24.85,0,29.32,0]
[null,"RAUTHERMEX",null,null,13510621001,null,"Уплотнительное кольцо 182/182",1,"шт",20.85,24.603000000000002,0,20.85,0,24.6,0]
[null,"RAUTHERMEX",null,null,12143491001,null,"Уплотнительное кольцо 126/76",1,"шт",10.38,12.2484,0,10.38,0,12.25,0]
[null,"RAUTHERMEX",null,null,12143481001,null,"Уплотнительное кольцо 126/91",1,"шт",8.57,10.1126,0,8.57,0,10.11,0]
[null,"RAUTHERMEX",null,null,12143471001,null,"Уплотнительное кольцо 126/111",1,"шт",6.95,8.2010000000000005,0,6.95,0,8.1999999999999993,0]
[null,"RAUTHERMEX",null,null,12979301001,null,"Уплотнительное кольцо 126/126",1,"шт",5.52,6.5135999999999994,0,5.52,0,6.51,0]
[null,"RAUTHERMEX"]
[null,"RAUTHERMEX",null,null,13518781001,null,"Пена монтажная, малый комплект №4",1,"шт",25.33,{"$f":"J2901*$B$2","v":29.889399999999995},{"$f":"K2901*F2901","v":0},{"$f":"J2901*(1-$E$5-$E$7)*(1-$E$9)*(1+$E$11)","v":25.33},{"$f":"M2901*F2901","v":0},{"$f":"ROUND((M2901*$B$2),2)","v":29.89},{"$f":"O2901*F2901","v":0}]
[null,"RAUTHERMEX",null,null,12983571001,null,"Пена монтажная, малый комплект №5",1,"шт",25.8,{"$f":"J2902*$B$2","v":30.443999999999999},{"$f":"K2902*F2902","v":0},{"$f":"J2902*(1-$E$5-$E$7)*(1-$E$9)*(1+$E$11)","v":25.8},{"$f":"M2902*F2902","v":0},{"$f":"ROUND((M2902*$B$2),2)","v":30.44},{"$f":"O2902*F2902","v":0}]
[null,"RAUTHERMEX",null,null,13524131001,null,"Пена монтажная, большой комплект №8",1,"шт",42.98,{"$f":"J2903*$B$2","v":50.716399999999993},{"$f":"K2903*F2903","v":0},{"$f":"J2903*(1-$E$5-$E$7)*(1-$E$9)*(1+$E$11)","v":42.98},{"$f":"M2903*F2903","v":0},{"$f":"ROUND((M2903*$B$2),2)","v":50.72},{"$f":"O2903*F2903","v":0}]
[null,"RAUTHERMEX",null,null,13510631001,null,"Пена монтажная, большой комплект №9.1",1,"шт",44.65,{"$f":"J2904*$B$2","v":52.686999999999998},{"$f":"K2904*F2904","v":0},{"$f":"J2904*(1-$E$5-$E$7)*(1-$E$9)*(1+$E$11)","v":44.65},{"$f":"M2904*F2904","v":0},{"$f":"ROUND((M2904*$B$2),2)","v":52.69},{"$f":"O2904*F2904","v":0}]
[null,"RAUTHERMEX"]
[null,"RAUTHERMEX",null,null,12425341001,null,"Заглушка 20/76",1,"шт",14.82,{"$f":"J2906*$B$2","v":17.4876},{"$f":"K2906*F2906","v":0},{"$f":"J2906*(1-$E$5-$E$7)*(1-$E$9)*(1+$E$11)","v":14.82},{"$f":"M2906*F2906","v":0},{"$f":"ROUND((M2906*$B$2),2)","v":17.489999999999998},{"$f":"O2906*F2906","v":0}]
[null,"RAUTHERMEX",null,null,12425441001,null,"Заглушка 25/91",1,"шт",15.46,18.242799999999999,0,15.46,0,18.239999999999998,0]
[null,"RAUTHERMEX",null,null,12425541001,null,"Заглушка 25/76",1,"шт",14.82,17.4876,0,14.82,0,17.489999999999998,0]
[null,"RAUTHERMEX",null,null,12425641001,null,"Заглушка 32/76",1,"шт",13.53,15.965399999999999,0,13.53,0,15.97,0]
[null,"RAUTHERMEX",null,null,12469891001,null,"Заглушка 32/91",1,"шт",15.46,18.242799999999999,0,15.46,0,18.239999999999998,0]
[null,"RAUTHERMEX",null,null,12425841001,null,"Заглушка 40/91",1,"шт",15.46,18.242799999999999,0,15.46,0,18.239999999999998,0]
[null,"RAUTHERMEX",null,null,12426041001,null,"Заглушка 50/111",1,"шт",18.670000000000002,22.0306,0,18.670000000000002,0,22.03,0]
[null,"RAUTHERMEX",null,null,12426241001,null,"Заглушка 63/126",1,"шт",21.27,25.098599999999998,0,21.27,0,25.1,0]
[null,"RAUTHERMEX",null,null,12426541001,null,"Заглушка 75/162 ",1,"шт",25.76,30.396799999999999,0,25.76,0,30.4,0]
[null,"RAUTHERMEX",null,null,12426641001,null,"Заглушка 90/162",1,"шт",25.76,30.396799999999999,0,25.76,0,30.4,0]
[null,"RAUTHERMEX",null,null,12426741001,null,"Заглушка 110/162",1,"шт",25.76,30.396799999999999,0,25.76,0,30.4,0]
[null,"RAUTHERMEX",null,null,12883741001,null,"Заглушка 125/182",1,"шт",26.76,31.576799999999999,0,26.76,0,31.58,0]
[null,"RAUTHERMEX",null,null,12403131001,null,"Заглушка 25+25/111 ",1,"шт",15.46,18.242799999999999,0,15.46,0,18.239999999999998,0]
[null,"RAUTHERMEX",null,null,12426941001,null,"Заглушка 25+20/91",1,"шт",14.82,17.4876,0,14.82,0,17.489999999999998,0]
[null,"RAUTHERMEX",null,null,12427141001,null,"Заглушка 32+20/111",1,"шт",15.46,18.242799999999999,0,15.46,0,18.239999999999998,0]
[null,"RAUTHERMEX",null,null,12427241001,null,"Заглушка 32+32/111",1,"шт",15.46,18.242799999999999,0,15.46,0,18.239999999999998,0]
[null,"RAUTHERMEX",null,null,12427441001,null,"Заглушка 40+25/126",1,"шт",16.100000000000001,18.998000000000001,0,16.100000000000001,0,19,0]
[null,"RAUTHERMEX",null,null,12427541001,null,"Заглушка 40+40/126",1,"шт",16.100000000000001,18.998000000000001,0,16.100000000000001,0,19,0]
[null,"RAUTHERMEX",null,null,12427741001,null,"Заглушка 50+32/126",1,"шт",15.46,18.242799999999999,0,15.46,0,18.239999999999998,0]
[null,"RAUTHERMEX",null,null,12427841001,null,"Заглушка 50+50/162 ",1,"шт",18.03,21.275400000000001,0,18.03,0,21.28,0]
[null,"RAUTHERMEX",null,null,12390911001,null,"Заглушка 63+63/182",1,"шт",21.91,25.8538,0,21.91,0,25.85,0]
[null,"RAUTHERMEX"]
[null,"RAUTHERMEX",null,null,13020681001,null,"Сигнальная красная лента трассы теплоснабжения, 250м",250,"м",0.11,{"$f":"J2928*$B$2","v":0.1298},{"$f":"K2928*F2928","v":0},{"$f":"J2928*(1-$E$5-$E$7)*(1-$E$9)*(1+$E$11)","v":0.11},{"$f":"M2928*F2928","v":0},{"$f":"ROUND((M2928*$B$2),2)","v":0.13},{"$f":"O2928*F2928","v":0}]
[null,"RAUTHERMEX"]
[null,"RAUTOOL"]
[null,"RAUTOOL",null,null,null,null,"5. МОНТАЖНЫЙ ИНСТРУМЕНТ RAUTOOL "]
[null,"RAUTOOL"]
[null,"RAUTOOL","x",null,11377641005,null,"Комплект механического инструмента RAUTOOL М1",1,"шт",470.43,{"$f":"J2933*$B$2","v":555.10739999999998},{"$f":"K2933*F2933","v":0},{"$f":"J2933*(1-$E$5-$E$7)*(1-$E$9)*(1+$E$11)","v":470.43},{"$f":"M2933*F2933","v":0},{"$f":"ROUND((M2933*$B$2),2)","v":555.11},{"$f":"O2933*F2933","v":0}]
["N","RAUTOOL",null,null,11374151001,null,"Чемодан для инструмента RAUTOOL M1",1,"шт",116.11,{"$f":"J2934*$B$2","v":137.00979999999998},{"$f":"K2934*F2934","v":0},{"$f":"J2934*(1-$E$5-$E$7)*(1-$E$9)*(1+$E$11)","v":116.11},{"$f":"M2934*F2934","v":0},{"$f":"ROUND((M2934*$B$2),2)","v":137.01},{"$f":"O2934*F2934","v":0}]
[null,"RAUTOOL"]
[null,"RAUTOOL","x",null,11377441001,null,"Комплект запрессовочн. тисков М1 16/20",1,"шт",77.02,{"$f":"J2936*$B$2","v":90.883599999999987},{"$f":"K2936*F2936","v":0},{"$f":"J2936*(1-$E$5-$E$7)*(1-$E$9)*(1+$E$11)","v":77.02},{"$f":"M2936*F2936","v":0},{"$f":"ROUND((M2936*$B$2),2)","v":90.88},{"$f":"O2936*F2936","v":0}]
[null,"RAUTOOL","x",null,11377541001,null,"Комплект запрессовочн. тисков М1 17/20",1,"шт",77.02,{"$f":"J2937*$B$2","v":90.883599999999987},{"$f":"K2937*F2937","v":0},{"$f":"J2937*(1-$E$5-$E$7)*(1-$E$9)*(1+$E$11)","v":77.02},{"$f":"M2937*F2937","v":0},{"$f":"ROUND((M2937*$B$2),2)","v":90.88},{"$f":"O2937*F2937","v":0}]
[null,"RAUTOOL","x",null,11373641001,null,"Комплект запрессовочн. тисков М1 25/32  (цвет: золотисто-желтый)",1,"шт",82.84,{"$f":"J2938*$B$2","v":97.751199999999997},{"$f":"K2938*F2938","v":0},{"$f":"J2938*(1-$E$5-$E$7)*(1-$E$9)*(1+$E$11)","v":82.84},{"$f":"M2938*F2938","v":0},{"$f":"ROUND((M2938*$B$2),2)","v":97.75},{"$f":"O2938*F2938","v":0}]
[null,"RAUTOOL",null,null,12017981001,null,"Комплект запрессовочн. тисков М1 40 (цвет: черный)",1,"шт",104.6,{"$f":"J2939*$B$2","v":123.42799999999998},{"$f":"K2939*F2939","v":0},{"$f":"J2939*(1-$E$5-$E$7)*(1-$E$9)*(1+$E$11)","v":104.6},{"$f":"M2939*F2939","v":0},{"$f":"ROUND((M2939*$B$2),2)","v":123.43},{"$f":"O2939*F2939","v":0}]
[null,"RAUTOOL"]
["N","RAUTOOL","x",null,12141761001,null,"Экспандер механический системы QC",1,"шт",124.27,{"$f":"J2941*$B$2","v":146.6386},{"$f":"K2941*F2941","v":0},{"$f":"J2941*(1-$E$5-$E$7)*(1-$E$9)*(1+$E$11)","v":124.27},{"$f":"M2941*F2941","v":0},{"$f":"ROUND((M2941*$B$2),2)","v":146.63999999999999},{"$f":"O2941*F2941","v":0}]
[null,"RAUTOOL"]
["N","RAUTOOL","x",null,12141691001,null,"Расширительная насадка для экспандера QC 16х2,2",1,"шт",44.02,{"$f":"J2943*$B$2","v":51.943600000000004},{"$f":"K2943*F2943","v":0},{"$f":"J2943*(1-$E$5-$E$7)*(1-$E$9)*(1+$E$11)","v":44.02},{"$f":"M2943*F2943","v":0},{"$f":"ROUND((M2943*$B$2),2)","v":51.94},{"$f":"O2943*F2943","v":0}]
["N","RAUTOOL","x",null,12141711001,null,"Расширительная насадка для экспандера QC 20х2,8",1,"шт",44.02,51.943600000000004,0,44.02,0,51.94,0]
["N","RAUTOOL","x",null,12141721001,null,"Расширительная насадка для экспандера QC 25х3,5",1,"шт",44.02,51.943600000000004,0,44.02,0,51.94,0]
["N","RAUTOOL","x",null,12141751001,null,"Расширительная насадка для экспандера QC 32х4,4",1,"шт",44.02,51.943600000000004,0,44.02,0,51.94,0]
["N","RAUTOOL","x",null,11315591001,null,"Расширительная насадка для экспандера QC 17х2,0",1,"шт",44.02,51.943600000000004,0,44.02,0,51.94,0]
["N","RAUTOOL",null,null,11315651001,null,"Расширительная насадка для экспандера QC 20х2,0",1,"шт",44.02,51.943600000000004,0,44.02,0,51.94,0]
["N","RAUTOOL",null,null,11315671001,null,"Расширительная насадка для экспандера QC 25х2,3",1,"шт",44.02,51.943600000000004,0,44.02,0,51.94,0]
["N","RAUTOOL",null,null,11315681001,null,"Расширительная насадка для экспандера QC 32х2,9",1,"шт",44.02,51.943600000000004,0,44.02,0,51.94,0]
["N","RAUTOOL","x",null,12092241001,null,"Расширительная насадка для экспандера QC 16,2х2,6 (Stabil)",1,"шт",49.74,58.693199999999997,0,49.74,0,58.69,0]
["N","RAUTOOL","x",null,12092251001,null,"Расширительная насадка для экспандера QC 20х2,9 (Stabil)",1,"шт",49.74,58.693199999999997,0,49.74,0,58.69,0]
["N","RAUTOOL","x",null,12092261001,null,"Расширительная насадка для экспандера QC 25х3,7 (Stabil)",1,"шт",49.74,58.693199999999997,0,49.74,0,58.69,0]
["N","RAUTOOL","x",null,12092271001,null,"Расширительная насадка для экспандера QC 32х4,7 (Stabil)",1,"шт",49.74,58.693199999999997,0,49.74,0,58.69,0]
["N","RAUTOOL","x",null,12166941001,null,"Расширительная насадка экспандера QC для метал. трубок",1,"шт",34.75,41.004999999999995,0,34.75,0,41.01,0]
[null,"RAUTOOL"]
["N","RAUTOOL",null,null,11373441001,null,"Расширительная насадка для M1 40х5,5",1,"шт",262.70999999999998,{"$f":"J2957*$B$2","v":309.99779999999998},{"$f":"K2957*F2957","v":0},{"$f":"J2957*(1-$E$5-$E$7)*(1-$E$9)*(1+$E$11)","v":262.70999999999998},{"$f":"M2957*F2957","v":0},{"$f":"ROUND((M2957*$B$2),2)","v":310},{"$f":"O2957*F2957","v":0}]
["N","RAUTOOL",null,null,11373141001,null,"Расширительная насадка для M1 40х3,7",1,"шт",262.70999999999998,{"$f":"J2958*$B$2","v":309.99779999999998},{"$f":"K2958*F2958","v":0},{"$f":"J2958*(1-$E$5-$E$7)*(1-$E$9)*(1+$E$11)","v":262.70999999999998},{"$f":"M2958*F2958","v":0},{"$f":"ROUND((M2958*$B$2),2)","v":310},{"$f":"O2958*F2958","v":0}]
[null,"RAUTOOL"]
[null,"RAUTOOL","x",null,11396021001,null,"Расширительная насадка для экспандера RO 16х2,2",1,"шт",44.02,{"$f":"J2960*$B$2","v":51.943600000000004},{"$f":"K2960*F2960","v":0},{"$f":"J2960*(1-$E$5-$E$7)*(1-$E$9)*(1+$E$11)","v":44.02},{"$f":"M2960*F2960","v":0},{"$f":"ROUND((M2960*$B$2),2)","v":51.94},{"$f":"O2960*F2960","v":0}]
[null,"RAUTOOL","x",null,11396121001,null,"Расширительная насадка для экспандера RO 20х2,8",1,"шт",44.02,51.943600000000004,0,44.02,0,51.94,0]
[null,"RAUTOOL","x",null,11396221001,null,"Расширительная насадка для экспандера RO 25х3,5",1,"шт",44.02,51.943600000000004,0,44.02,0,51.94,0]
[null,"RAUTOOL","x",null,11396321001,null,"Расширительная насадка для экспандера RO 32х4,4",1,"шт",44.02,51.943600000000004,0,44.02,0,51.94,0]
[null,"RAUTOOL","x",null,11396421001,null,"Расширительная насадка для экспандера RO 17х2,0",1,"шт",44.02,51.943600000000004,0,44.02,0,51.94,0]
[null,"RAUTOOL",null,null,11396521001,null,"Расширительная насадка для экспандера RO 20х2,0",1,"шт",44.02,51.943600000000004,0,44.02,0,51.94,0]
[null,"RAUTOOL",null,null,11396621001,null,"Расширительная насадка для экспандера RO 25х2,3",1,"шт",44.02,51.943600000000004,0,44.02,0,51.94,0]
[null,"RAUTOOL",null,null,11371931001,null,"Расширительная насадка для экспандера RO 32х2,9",1,"шт",44.02,51.943600000000004,0,44.02,0,51.94,0]
[null,"RAUTOOL","x",null,12445711001,null,"Расширительная насадка для экспандера RO 16,2х2,6 (Stabil)",1,"шт",49.74,58.693199999999997,0,49.74,0,58.69,0]
[null,"RAUTOOL","x",null,12445811001,null,"Расширительная насадка для экспандера RO 20х2,9 (Stabil)",1,"шт",49.74,58.693199999999997,0,49.74,0,58.69,0]
[null,"RAUTOOL","x",null,12445911001,null,"Расширительная насадка для экспандера RO 25х3,7 (Stabil)",1,"шт",49.74,58.693199999999997,0,49.74,0,58.69,0]
[null,"RAUTOOL","x",null,12446011001,null,"Расширительная насадка для экспандера RO 32х4,7 (Stabil)",1,"шт",49.74,58.693199999999997,0,49.74,0,58.69,0]
[null,"RAUTOOL"]
[null,"RAUTOOL","x",null,11374951002,null,"Ножницы труборезные 16-25 (basic)",1,"шт",18.010000000000002,{"$f":"J2973*$B$2","v":21.251799999999999},{"$f":"K2973*F2973","v":0},{"$f":"J2973*(1-$E$5-$E$7)*(1-$E$9)*(1+$E$11)","v":18.010000000000002},{"$f":"M2973*F2973","v":0},{"$f":"ROUND((M2973*$B$2),2)","v":21.25},{"$f":"O2973*F2973","v":0}]
[null,"RAUTOOL","x",null,13152421001,null,"Ножницы труборезные RAUTITAN 16-40 stabil (цвет: белый)",1,"шт",33.83,39.919399999999996,0,33.83,0,39.92,0]
[null,"RAUTOOL","x",null,11380621001,null,"Ножницы труборезные RAUTITAN 16-40 stabil (цвет: красный)",1,"шт",33.83,39.919399999999996,0,33.83,0,39.92,0]
[null,"RAUTOOL",null,null,13152431001,null,"Запасн. лезвие для ножниц RAUTITAN 16-40 (для арт. 13152421001)",1,"шт",13.94,16.449199999999998,0,13.94,0,16.45,0]
[null,"RAUTOOL",null,null,11380721001,null,"Запасн. лезвие для ножниц RAUTITAN 16-40 (для арт. 138062-001)",1,"шт",13.94,16.449199999999998,0,13.94,0,16.45,0]
[null,"RAUTOOL",null,null,12474741001,null,"Ножницы для труб RAUTITAN 16/20 (цвет: зеленый)",1,"шт",62.72,74.009599999999992,0,62.72,0,74.010000000000005,0]
[null,"RAUTOOL",null,null,12474641001,null,"Запасн. лезвие для ножниц RAUTITAN 16/20 (для арт. 247474-001)",1,"шт",18.149999999999999,21.416999999999998,0,18.149999999999999,0,21.42,0]
[null,"RAUTOOL"]
[null,"RAUTOOL","x",null,12474841001,null,"Пружина для гнутья трубы Stabil 16",1,"шт",6.15,{"$f":"J2981*$B$2","v":7.2569999999999997},{"$f":"K2981*F2981","v":0},{"$f":"J2981*(1-$E$5-$E$7)*(1-$E$9)*(1+$E$11)","v":6.15},{"$f":"M2981*F2981","v":0},{"$f":"ROUND((M2981*$B$2),2)","v":7.26},{"$f":"O2981*F2981","v":0}]
[null,"RAUTOOL","x",null,12474941001,null,"Пружина для гнутья трубы Stabil 20",1,"шт",7.18,{"$f":"J2982*$B$2","v":8.4723999999999986},{"$f":"K2982*F2982","v":0},{"$f":"J2982*(1-$E$5-$E$7)*(1-$E$9)*(1+$E$11)","v":7.18},{"$f":"M2982*F2982","v":0},{"$f":"ROUND((M2982*$B$2),2)","v":8.4700000000000006},{"$f":"O2982*F2982","v":0}]
[null,"RAUTOOL"]
[null,"RAUTOOL",null,null,12283961001,null,"Механический инструмент RAUTOOL K 10",1,"шт",143.30000000000001,{"$f":"J2984*$B$2","v":169.09399999999999},{"$f":"K2984*F2984","v":0},{"$f":"J2984*(1-$E$5-$E$7)*(1-$E$9)*(1+$E$11)","v":143.30000000000001},{"$f":"M2984*F2984","v":0},{"$f":"ROUND((M2984*$B$2),2)","v":169.09},{"$f":"O2984*F2984","v":0}]
[null,"RAUTOOL","x",null,12446211001,null,"Механический инструмент RAUTOOL K 14",1,"шт",207.11,{"$f":"J2985*$B$2","v":244.38980000000001},{"$f":"K2985*F2985","v":0},{"$f":"J2985*(1-$E$5-$E$7)*(1-$E$9)*(1+$E$11)","v":207.11},{"$f":"M2985*F2985","v":0},{"$f":"ROUND((M2985*$B$2),2)","v":244.39},{"$f":"O2985*F2985","v":0}]
[null,"RAUTOOL",null,null,12036011001,null,"Механический инструмент RAUTOOL М-light",1,"шт",285.19,{"$f":"J2986*$B$2","v":336.52420000000001},{"$f":"K2986*F2986","v":0},{"$f":"J2986*(1-$E$5-$E$7)*(1-$E$9)*(1+$E$11)","v":285.19},{"$f":"M2986*F2986","v":0},{"$f":"ROUND((M2986*$B$2),2)","v":336.52},{"$f":"O2986*F2986","v":0}]
[null,"RAUTOOL"]
[null,"RAUTOOL","x",null,12035971001,null,"Комплект гидравлич. инстр. на электроаккумулят. RAUTOOL A-light2",1,"шт",1282.6400000000001,{"$f":"J2988*$B$2","v":1513.5152},{"$f":"K2988*F2988","v":0},{"$f":"J2988*(1-$E$5-$E$7)*(1-$E$9)*(1+$E$11)","v":1282.6400000000001},{"$f":"M2988*F2988","v":0},{"$f":"ROUND((M2988*$B$2),2)","v":1513.52},{"$f":"O2988*F2988","v":0}]
[null,"RAUTOOL",null,null,12036191001,null,"Запасной электроаккумулятор к инструменту RAUTOOL A-light2/ A3 /E3 /G2 / Xpand",1,"шт",121.83,{"$f":"J2989*$B$2","v":143.7594},{"$f":"K2989*F2989","v":0},{"$f":"J2989*(1-$E$5-$E$7)*(1-$E$9)*(1+$E$11)","v":121.83},{"$f":"M2989*F2989","v":0},{"$f":"ROUND((M2989*$B$2),2)","v":143.76},{"$f":"O2989*F2989","v":0}]
[null,"RAUTOOL"]
["D","RAUTOOL","x",null,12088911001,null,"Комплект гидравлич. расширительн. инстр. на электроаккумулят. RAUTOOL Xpand",1,"шт",288.70999999999998,{"$f":"J2991*$B$2","v":340.67779999999993},{"$f":"K2991*F2991","v":0},{"$f":"J2991*(1-$E$5-$E$7)*(1-$E$9)*(1+$E$11)","v":288.70999999999998},{"$f":"M2991*F2991","v":0},{"$f":"ROUND((M2991*$B$2),2)","v":340.68},{"$f":"O2991*F2991","v":0}]
["N","RAUTOOL","x",null,12168201001,null,"Комплект гидравлич. расширительн. инстр. на электроаккумулят. RAUTOOL Xpand",1,"шт",288.70999999999998,{"$f":"J2992*$B$2","v":340.67779999999993},{"$f":"K2992*F2992","v":0},{"$f":"J2992*(1-$E$5-$E$7)*(1-$E$9)*(1+$E$11)","v":288.70999999999998},{"$f":"M2992*F2992","v":0},{"$f":"ROUND((M2992*$B$2),2)","v":340.68},{"$f":"O2992*F2992","v":0}]
["D","RAUTOOL","x",null,12089571001,null,"Кейс для инструмента RAUTOOL Xpand",1,"шт",39.14,{"$f":"J2993*$B$2","v":46.185199999999995},{"$f":"K2993*F2993","v":0},{"$f":"J2993*(1-$E$5-$E$7)*(1-$E$9)*(1+$E$11)","v":39.14},{"$f":"M2993*F2993","v":0},{"$f":"ROUND((M2993*$B$2),2)","v":46.19},{"$f":"O2993*F2993","v":0}]
[null,"RAUTOOL"]
[null,"RAUTOOL",null,null,12174781001,null,"Комплект аккумуляторного инструмента RAUTOOL A-light2 Kombi (экспандер+запрессовщик)",1,"шт",1461.86,{"$f":"J2995*$B$2","v":1724.9947999999997},{"$f":"K2995*F2995","v":0},{"$f":"J2995*(1-$E$5-$E$7)*(1-$E$9)*(1+$E$11)","v":1461.86},{"$f":"M2995*F2995","v":0},{"$f":"ROUND((M2995*$B$2),2)","v":1724.99},{"$f":"O2995*F2995","v":0}]
[null,"RAUTOOL"]
[null,"RAUTOOL","x",null,12024841001,null,"Комплект мех.-гидравлич. инстр. RAUTOOL H2",1,"шт",961.73,{"$f":"J2997*$B$2","v":1134.8414},{"$f":"K2997*F2997","v":0},{"$f":"J2997*(1-$E$5-$E$7)*(1-$E$9)*(1+$E$11)","v":961.73},{"$f":"M2997*F2997","v":0},{"$f":"ROUND((M2997*$B$2),2)","v":1134.8399999999999},{"$f":"O2997*F2997","v":0}]
[null,"RAUTOOL",null,null,12035951001,null,"К-т гидравлич. инстр. на электроаккумулят. RAUTOOL A3",1,"шт",1708.55,{"$f":"J2998*$B$2","v":2016.0889999999999},{"$f":"K2998*F2998","v":0},{"$f":"J2998*(1-$E$5-$E$7)*(1-$E$9)*(1+$E$11)","v":1708.55},{"$f":"M2998*F2998","v":0},{"$f":"ROUND((M2998*$B$2),2)","v":2016.09},{"$f":"O2998*F2998","v":0}]
[null,"RAUTOOL",null,null,12036231001,null,"Запасной электроаккумулятор 3,0 Ач для RAUTOOL A-light2/ A3 /E3 /G2 /Xpand",1,"шт",157.13,{"$f":"J2999*$B$2","v":185.4134},{"$f":"K2999*F2999","v":0},{"$f":"J2999*(1-$E$5-$E$7)*(1-$E$9)*(1+$E$11)","v":157.13},{"$f":"M2999*F2999","v":0},{"$f":"ROUND((M2999*$B$2),2)","v":185.41},{"$f":"O2999*F2999","v":0}]
[null,"RAUTOOL",null,null,12036091001,null,"Зарядное устройство к инструменту RAUTOOL A-light2 / A3 /E3 /G2 /Xpand",1,"шт",137.86000000000001,{"$f":"J3000*$B$2","v":162.6748},{"$f":"K3000*F3000","v":0},{"$f":"J3000*(1-$E$5-$E$7)*(1-$E$9)*(1+$E$11)","v":137.86000000000001},{"$f":"M3000*F3000","v":0},{"$f":"ROUND((M3000*$B$2),2)","v":162.66999999999999},{"$f":"O3000*F3000","v":0}]
["D","RAUTOOL","x",null,12036211001,null,"Сетевой адаптер для А3, G2, A-light2, Xpand",1,"шт",286.55,{"$f":"J3001*$B$2","v":338.12900000000002},{"$f":"K3001*F3001","v":0},{"$f":"J3001*(1-$E$5-$E$7)*(1-$E$9)*(1+$E$11)","v":286.55},{"$f":"M3001*F3001","v":0},{"$f":"ROUND((M3001*$B$2),2)","v":338.13},{"$f":"O3001*F3001","v":0}]
[null,"RAUTOOL"]
[null,"RAUTOOL","x",null,11393611002,null,"К-т запрес. тисков H1/H2,E2,A3,A-light2, для труб 16/20",1,"шт",87.1,{"$f":"J3003*$B$2","v":102.77799999999999},{"$f":"K3003*F3003","v":0},{"$f":"J3003*(1-$E$5-$E$7)*(1-$E$9)*(1+$E$11)","v":87.1},{"$f":"M3003*F3003","v":0},{"$f":"ROUND((M3003*$B$2),2)","v":102.78},{"$f":"O3003*F3003","v":0}]
["N","RAUTOOL",null,null,12051331001,null,"К-т запрес. тисков H2, A3, A-light2 для труб 16/20/25",1,"шт",136.08000000000001,{"$f":"J3004*$B$2","v":160.5744},{"$f":"K3004*F3004","v":0},{"$f":"J3004*(1-$E$5-$E$7)*(1-$E$9)*(1+$E$11)","v":136.08000000000001},{"$f":"M3004*F3004","v":0},{"$f":"ROUND((M3004*$B$2),2)","v":160.57},{"$f":"O3004*F3004","v":0}]
[null,"RAUTOOL",null,null,12590491002,null,"К-т запрес. тисков H1/H2,E2,A3,A-light2 для труб 17/20",1,"шт",87.1,{"$f":"J3005*$B$2","v":102.77799999999999},{"$f":"K3005*F3005","v":0},{"$f":"J3005*(1-$E$5-$E$7)*(1-$E$9)*(1+$E$11)","v":87.1},{"$f":"M3005*F3005","v":0},{"$f":"ROUND((M3005*$B$2),2)","v":102.78},{"$f":"O3005*F3005","v":0}]
[null,"RAUTOOL","x",null,12572591002,null,"К-т запрес. тисков H1/H2,E2,A3,A-light2, для труб 25/32 (цвет: золотисто-желтый)",1,"шт",110.32,{"$f":"J3006*$B$2","v":130.17759999999998},{"$f":"K3006*F3006","v":0},{"$f":"J3006*(1-$E$5-$E$7)*(1-$E$9)*(1+$E$11)","v":110.32},{"$f":"M3006*F3006","v":0},{"$f":"ROUND((M3006*$B$2),2)","v":130.18},{"$f":"O3006*F3006","v":0}]
[null,"RAUTOOL",null,null,12018011001,null,"К-т запрес. тисков H1/H2,E2,A3,A-light2, для трубы 40 (цвет: черный) ",1,"шт",119.02,{"$f":"J3007*$B$2","v":140.44359999999998},{"$f":"K3007*F3007","v":0},{"$f":"J3007*(1-$E$5-$E$7)*(1-$E$9)*(1+$E$11)","v":119.02},{"$f":"M3007*F3007","v":0},{"$f":"ROUND((M3007*$B$2),2)","v":140.44},{"$f":"O3007*F3007","v":0}]
[null,"RAUTOOL"]
["N","RAUTOOL",null,null,12484011001,null,"Расширительная насадка для H2, A-light2, A3 16х2,2/20х2,8",1,"шт",111.25,{"$f":"J3009*$B$2","v":131.27500000000001},{"$f":"K3009*F3009","v":0},{"$f":"J3009*(1-$E$5-$E$7)*(1-$E$9)*(1+$E$11)","v":111.25},{"$f":"M3009*F3009","v":0},{"$f":"ROUND((M3009*$B$2),2)","v":131.28},{"$f":"O3009*F3009","v":0}]
["N","RAUTOOL",null,null,12484111001,null,"Расширительная насадка для H2, A-light2, A3 17х2,0/20х2,0",1,"шт",111.25,{"$f":"J3010*$B$2","v":131.27500000000001},{"$f":"K3010*F3010","v":0},{"$f":"J3010*(1-$E$5-$E$7)*(1-$E$9)*(1+$E$11)","v":111.25},{"$f":"M3010*F3010","v":0},{"$f":"ROUND((M3010*$B$2),2)","v":131.28},{"$f":"O3010*F3010","v":0}]
[null,"RAUTOOL"]
["N","RAUTOOL",null,null,12174691001,null,"Универс. расш. наконеч. H1/H2,E2,A3,A-light2, для насадок QC",1,"шт",92.82,{"$f":"J3012*$B$2","v":109.52759999999999},{"$f":"K3012*F3012","v":0},{"$f":"J3012*(1-$E$5-$E$7)*(1-$E$9)*(1+$E$11)","v":92.82},{"$f":"M3012*F3012","v":0},{"$f":"ROUND((M3012*$B$2),2)","v":109.53},{"$f":"O3012*F3012","v":0}]
[null,"RAUTOOL"]
[null,"RAUTOOL",null,null,11383231001,null,"Расширительный насадка H1/H2,E2,A3, A-light2 для труб 40х3,7",1,"шт",214.5,{"$f":"J3014*$B$2","v":253.10999999999999},{"$f":"K3014*F3014","v":0},{"$f":"J3014*(1-$E$5-$E$7)*(1-$E$9)*(1+$E$11)","v":214.5},{"$f":"M3014*F3014","v":0},{"$f":"ROUND((M3014*$B$2),2)","v":253.11},{"$f":"O3014*F3014","v":0}]
["N","RAUTOOL",null,null,12093921001,null,"Расширительная насадка для инструмента Xpand 40х3,7",1,"шт",214.5,253.10999999999999,0,214.5,0,253.11,0]
[null,"RAUTOOL",null,null,12446111001,null,"Расширительный насадка H1/H2,E2,A3, A-light2 для труб 40х5,5",1,"шт",214.5,253.10999999999999,0,214.5,0,253.11,0]
["N","RAUTOOL",null,null,12093931001,null,"Расширительная насадка для инструмента Xpand 40х5,5",1,"шт",214.5,253.10999999999999,0,214.5,0,253.11,0]
[null,"RAUTOOL",null,null,12476441001,null,"Расширительная насадка H1/H2,E2,A3, A-light2 для труб Stabil 40х6,0",1,"шт",218.87,258.26659999999998,0,218.87,0,258.27,0]
["N","RAUTOOL",null,null,12093941001,null,"Расширительная насадка для инструмента Xpand 40х6,0",1,"шт",218.87,258.26659999999998,0,218.87,0,258.27,0]
[null,"RAUTOOL"]
["D","RAUTOOL",null,null,12035991001,null,"Комплект электро-гидравлич. инстр. RAUTOOL G2 50/63",1,"шт",3010.82,{"$f":"J3021*$B$2","v":3552.7676000000001},{"$f":"K3021*F3021","v":0},{"$f":"J3021*(1-$E$5-$E$7)*(1-$E$9)*(1+$E$11)","v":3010.82},{"$f":"M3021*F3021","v":0},{"$f":"ROUND((M3021*$B$2),2)","v":3552.77},{"$f":"O3021*F3021","v":0}]
["N","RAUTOOL",null,null,13149851001,null,"Комплект электро-гидравлич. инстр. RAUTOOL G2",1,"шт",3010.82,{"$f":"J3022*$B$2","v":3552.7676000000001},{"$f":"K3022*F3022","v":0},{"$f":"J3022*(1-$E$5-$E$7)*(1-$E$9)*(1+$E$11)","v":3010.82},{"$f":"M3022*F3022","v":0},{"$f":"ROUND((M3022*$B$2),2)","v":3552.77},{"$f":"O3022*F3022","v":0}]
[null,"RAUTOOL",null,null,12036231001,null,"Запасной электроаккумулятор 3,0 Ач для RAUTOOL A-light2/ A3  /G2 /Xpand",1,"шт",157.13,{"$f":"J3023*$B$2","v":185.4134},{"$f":"K3023*F3023","v":0},{"$f":"J3023*(1-$E$5-$E$7)*(1-$E$9)*(1+$E$11)","v":157.13},{"$f":"M3023*F3023","v":0},{"$f":"ROUND((M3023*$B$2),2)","v":185.41},{"$f":"O3023*F3023","v":0}]
[null,"RAUTOOL",null,null,12036091001,null,"Зарядное устройство к инструменту RAUTOOL A-light2 / A3 /G2 /Xpand",1,"шт",137.86000000000001,{"$f":"J3024*$B$2","v":162.6748},{"$f":"K3024*F3024","v":0},{"$f":"J3024*(1-$E$5-$E$7)*(1-$E$9)*(1+$E$11)","v":137.86000000000001},{"$f":"M3024*F3024","v":0},{"$f":"ROUND((M3024*$B$2),2)","v":162.66999999999999},{"$f":"O3024*F3024","v":0}]
["D","RAUTOOL","x",null,12036211001,null,"Сетевой адаптер для А3, G2, A-light2",1,"шт",286.55,{"$f":"J3025*$B$2","v":338.12900000000002},{"$f":"K3025*F3025","v":0},{"$f":"J3025*(1-$E$5-$E$7)*(1-$E$9)*(1+$E$11)","v":286.55},{"$f":"M3025*F3025","v":0},{"$f":"ROUND((M3025*$B$2),2)","v":338.13},{"$f":"O3025*F3025","v":0}]
[null,"RAUTOOL"]
["D","RAUTOOL",null,null,11374251001,null,"Комплект механико-гидравлич. инстр. RAUTOOL H/G1 50x6,9-63x8,6",1,"шт",2435.2600000000002,{"$f":"J3027*$B$2","v":2873.6068},{"$f":"K3027*F3027","v":0},{"$f":"J3027*(1-$E$5-$E$7)*(1-$E$9)*(1+$E$11)","v":2435.2600000000002},{"$f":"M3027*F3027","v":0},{"$f":"ROUND((M3027*$B$2),2)","v":2873.61},{"$f":"O3027*F3027","v":0}]
["D","RAUTOOL",null,null,11374041001,null,"Комплект механико-гидравлич. инстр. RAUTOOL H/G1 (F) 50x4,6-63x5,7",1,"шт",2435.2600000000002,{"$f":"J3028*$B$2","v":2873.6068},{"$f":"K3028*F3028","v":0},{"$f":"J3028*(1-$E$5-$E$7)*(1-$E$9)*(1+$E$11)","v":2435.2600000000002},{"$f":"M3028*F3028","v":0},{"$f":"ROUND((M3028*$B$2),2)","v":2873.61},{"$f":"O3028*F3028","v":0}]
["N","RAUTOOL",null,null,13149871001,null,"Комплект механико-гидравлич. инстр. RAUTOOL H/G1 (F) 50x4,6-63x5,7 (без расширительных насадок)",1,"шт",2087.34,{"$f":"J3029*$B$2","v":2463.0612000000001},{"$f":"K3029*F3029","v":0},{"$f":"J3029*(1-$E$5-$E$7)*(1-$E$9)*(1+$E$11)","v":2087.34},{"$f":"M3029*F3029","v":0},{"$f":"ROUND((M3029*$B$2),2)","v":2463.06},{"$f":"O3029*F3029","v":0}]
[null,"RAUTOOL"]
[null,"RAUTOOL",null,null,12018021001,null,"К-т запрессовочн. тисков G2,E/G1,H/G1,H/G1 (F), для трубы 40 (цвет: черный)",1,"шт",233.72,{"$f":"J3031*$B$2","v":275.78960000000001},{"$f":"K3031*F3031","v":0},{"$f":"J3031*(1-$E$5-$E$7)*(1-$E$9)*(1+$E$11)","v":233.72},{"$f":"M3031*F3031","v":0},{"$f":"ROUND((M3031*$B$2),2)","v":275.79000000000002},{"$f":"O3031*F3031","v":0}]
[null,"RAUTOOL",null,null,11376241001,null,"К-т запрессовочн. тисков G2,E/G1,H/G1,H/G1 (F), для трубы 50",1,"шт",214.5,253.10999999999999,0,214.5,0,253.11,0]
[null,"RAUTOOL",null,null,11376341001,null,"К-т запрессовочн. тисков G2,E/G1,H/G1,H/G1 (F), для трубы 63",1,"шт",226.15,266.85699999999997,0,226.15,0,266.86,0]
[null,"RAUTOOL",null,null,11376441001,null,"Запрессовочные тиски G2,E/G1,H/G1,H/G1 (F), для трубы 75",1,"шт",475.4,560.97199999999998,0,475.4,0,560.97,0]
[null,"RAUTOOL",null,null,11376541001,null,"Запрессовочные тиски G2,E/G1,H/G1,H/G1 (F), для трубы 90",1,"шт",521.72,615.62959999999998,0,521.72,0,615.63,0]
[null,"RAUTOOL",null,null,11376641001,null,"Запрессовочные тиски G2,E/G1,H/G1,H/G1 (F), для трубы 110",1,"шт",550.75,649.88499999999999,0,550.75,0,649.89,0]
[null,"RAUTOOL"]
[null,"RAUTOOL",null,null,11398811001,null,"Расширительная насадка G2,E/G1,H/G1,H/G1 (F), для трубы 40х5,5",1,"шт",162.26,{"$f":"J3038*$B$2","v":191.46679999999998},{"$f":"K3038*F3038","v":0},{"$f":"J3038*(1-$E$5-$E$7)*(1-$E$9)*(1+$E$11)","v":162.26},{"$f":"M3038*F3038","v":0},{"$f":"ROUND((M3038*$B$2),2)","v":191.47},{"$f":"O3038*F3038","v":0}]
[null,"RAUTOOL",null,null,11398911001,null,"Расширительная насадка G2,E/G1,H/G1,H/G1 (F), для трубы 50х6,9",1,"шт",168.19,198.46419999999998,0,168.19,0,198.46,0]
[null,"RAUTOOL",null,null,11399011001,null,"Расширительная насадка G2,E/G1,H/G1,H/G1 (F), для трубы 63х8,6",1,"шт",179.74,212.0932,0,179.74,0,212.09,0]
[null,"RAUTOOL",null,null,11384631001,null,"Расширительная насадка G2,E/G1,H/G1,H/G1 (F), для трубы 40х3,7",1,"шт",162.26,191.46679999999998,0,162.26,0,191.47,0]
[null,"RAUTOOL",null,null,11374241001,null,"Расширительная насадка G2,E/G1,H/G1,H/G1 (F), для трубы 50х4,6",1,"шт",168.19,198.46419999999998,0,168.19,0,198.46,0]
[null,"RAUTOOL",null,null,11374341001,null,"Расширительная насадка G2,E/G1,H/G1,H/G1 (F), для трубы 63х5,7",1,"шт",179.74,212.0932,0,179.74,0,212.09,0]
[null,"RAUTOOL",null,null,11375841001,null,"Расширительная насадка G2,E/G1,H/G1,H/G1 (F), для трубы 75x6,8",1,"шт",220.32,259.9776,0,220.32,0,259.98,0]
[null,"RAUTOOL",null,null,11376041001,null,"Расширительная насадка G2,E/G1,H/G1,H/G1 (F), для трубы 90x8,2",1,"шт",284.11,335.24979999999999,0,284.11,0,335.25,0]
[null,"RAUTOOL",null,null,11376141001,null,"Расширительная насадка G2,E/G1,H/G1,H/G1 (F), для трубы 110x10,0",1,"шт",405.88,478.93839999999994,0,405.88,0,478.94,0]
[null,"RAUTOOL"]
[null,"RAUTOOL",null,null,11378251001,null,"Сменный комплект насадок G2,E/G1,H/G1,H/G1 (F), для труб 50-110",1,"шт",2666.21,{"$f":"J3048*$B$2","v":3146.1277999999998},{"$f":"K3048*F3048","v":0},{"$f":"J3048*(1-$E$5-$E$7)*(1-$E$9)*(1+$E$11)","v":2666.21},{"$f":"M3048*F3048","v":0},{"$f":"ROUND((M3048*$B$2),2)","v":3146.13},{"$f":"O3048*F3048","v":0}]
[null,"RAUTOOL"]
["N","RAUTOOL",null,null,11315581001,null,"Ножницы труборезные 63",1,"шт",69.63,{"$f":"J3050*$B$2","v":82.163399999999996},{"$f":"K3050*F3050","v":0},{"$f":"J3050*(1-$E$5-$E$7)*(1-$E$9)*(1+$E$11)","v":69.63},{"$f":"M3050*F3050","v":0},{"$f":"ROUND((M3050*$B$2),2)","v":82.16},{"$f":"O3050*F3050","v":0}]
["N","RAUTOOL",null,null,11315571001,null,"Запасн. лезвие для труборезн. ножниц 63 (для арт. 131558-001)",1,"шт",29.04,34.267199999999995,0,29.04,0,34.270000000000003,0]
["D","RAUTOOL",null,null,11373941001,null,"Труборез дисковый 50-125",1,"шт",115.93,136.79740000000001,0,115.93,0,136.80000000000001,0]
["N","RAUTOOL",null,null,13152391001,null,"Труборез дисковый 50-125",1,"шт",115.93,136.79740000000001,0,115.93,0,136.80000000000001,0]
[null,"RAUTOOL","x",null,12687641001,null,"Расширительная насадка экспандера RO для метал. трубок 15х1,0",1,"шт",34.75,41.004999999999995,0,34.75,0,41.01,0]
[null,"RAUTOOL",null,null,11372341001,null,"Ручной фиксаторный зажим для труб",1,"шт",2,2.36,0,2,0,2.36,0]
[null,"RAUTOOL",null,null,11381301002,null,"Шестигранный ключ 4 мм для настенных угольников",1,"шт",34.75,41.004999999999995,0,34.75,0,41.01,0]
[null,"RAUTOOL"]
[null,"RAUTOOL",null,null,12894551001,null,"Комплект инструмента для электросварных муфт FUSAPEX",1,"шт",4978.37,{"$f":"J3058*$B$2","v":5874.4766},{"$f":"K3058*F3058","v":0},{"$f":"J3058*(1-$E$5-$E$7)*(1-$E$9)*(1+$E$11)","v":4978.37},{"$f":"M3058*F3058","v":0},{"$f":"ROUND((M3058*$B$2),2)","v":5874.48},{"$f":"O3058*F3058","v":0}]
[null,"RAUTOOL",null,null,12447621001,null,"Сварочный аппарат Monomatic для электросварных муфт FUSAPEX",1,"шт",1438,{"$f":"J3059*$B$2","v":1696.84},{"$f":"K3059*F3059","v":0},{"$f":"J3059*(1-$E$5-$E$7)*(1-$E$9)*(1+$E$11)","v":1438},{"$f":"M3059*F3059","v":0},{"$f":"ROUND((M3059*$B$2),2)","v":1696.84},{"$f":"O3059*F3059","v":0}]
[null,"RAUTOOL",null,null,12136371001,null,"Универсальный набор клемм для закрепления труб 20-63мм (центрирование)",1,"шт",786.63,{"$f":"J3060*$B$2","v":928.22339999999997},{"$f":"K3060*F3060","v":0},{"$f":"J3060*(1-$E$5-$E$7)*(1-$E$9)*(1+$E$11)","v":786.63},{"$f":"M3060*F3060","v":0},{"$f":"ROUND((M3060*$B$2),2)","v":928.22},{"$f":"O3060*F3060","v":0}]
[null,"RAUTOOL",null,null,12254451001,null,"Универсальный набор клемм для закрепления труб 63-180мм (центрирование)",1,"шт",1455.95,{"$f":"J3061*$B$2","v":1718.021},{"$f":"K3061*F3061","v":0},{"$f":"J3061*(1-$E$5-$E$7)*(1-$E$9)*(1+$E$11)","v":1455.95},{"$f":"M3061*F3061","v":0},{"$f":"ROUND((M3061*$B$2),2)","v":1718.02},{"$f":"O3061*F3061","v":0}]
[null,"RAUTOOL"]
[null,"RAUTOOL",null,null,11802711001,null,"Чистящее средство Тангит для электросварных соединений",1,"шт",16.899999999999999,{"$f":"J3063*$B$2","v":19.941999999999997},{"$f":"K3063*F3063","v":0},{"$f":"J3063*(1-$E$5-$E$7)*(1-$E$9)*(1+$E$11)","v":16.899999999999999},{"$f":"M3063*F3063","v":0},{"$f":"ROUND((M3063*$B$2),2)","v":19.940000000000001},{"$f":"O3063*F3063","v":0}]
[null,"RAUTOOL",null,null,12336521001,null,"Набор очищающих салфеток Тангит, 100 шт.",100,"шт",12.99,{"$f":"J3064*$B$2","v":15.328199999999999},{"$f":"K3064*F3064","v":0},{"$f":"J3064*(1-$E$5-$E$7)*(1-$E$9)*(1+$E$11)","v":12.99},{"$f":"M3064*F3064","v":0},{"$f":"ROUND((M3064*$B$2),2)","v":15.33},{"$f":"O3064*F3064","v":0}]
[null,"RAUTOOL"]
[null,"RAUTOOL",null,null,12465441001,null,"Ручной скребок для зачистки верхнего слоя трубы шириной 54 мм",1,"шт",22.4,{"$f":"J3066*$B$2","v":26.431999999999999},{"$f":"K3066*F3066","v":0},{"$f":"J3066*(1-$E$5-$E$7)*(1-$E$9)*(1+$E$11)","v":22.4},{"$f":"M3066*F3066","v":0},{"$f":"ROUND((M3066*$B$2),2)","v":26.43},{"$f":"O3066*F3066","v":0}]
[null,"RAUTOOL",null,null,12221281001,null,"Механич. фреза для срезания верхнего слоя с трубы 50 - 160мм",1,"шт",1061.53,1252.6053999999999,0,1061.53,0,1252.6099999999999,0]
[null,"RAUTOOL",null,null,12221291001,null,"Запасное лезвие для механической фрезы",1,"шт",37.270000000000003,43.9786,0,37.270000000000003,0,43.98,0]
["D","RAUTOOL",null,null,12210161001,null,"Труборез дисковый для полимерных труб 110-160мм",1,"шт",139.46,164.56280000000001,0,139.46,0,164.56,0]
["N","RAUTOOL",null,null,13152401001,null,"Труборез дисковый для полимерных труб 110-160мм",1,"шт",139.46,164.56280000000001,0,139.46,0,164.56,0]
["N","RAUTOOL",null,null,13152411001,null,"Запасное лезвие для трубореза (13152401001) 110-160мм",1,"шт",17.59,20.7562,0,17.59,0,20.76,0]
[null,"RAUTOOL"]
[null,"RAUTOOL",null,null,12223141001,null,"Приводной шток для фрезы 12 мм тройников под врезку, с четырехгран. концовкой и резьбой 1/2\" ",1,"шт",14.86,{"$f":"J3073*$B$2","v":17.534799999999997},{"$f":"K3073*F3073","v":0},{"$f":"J3073*(1-$E$5-$E$7)*(1-$E$9)*(1+$E$11)","v":14.86},{"$f":"M3073*F3073","v":0},{"$f":"ROUND((M3073*$B$2),2)","v":17.53},{"$f":"O3073*F3073","v":0}]
[null,"RAUTOOL"]
[null,"RAUTOOL",null,null,12050651001,null,"Комплект инстр. RAUTOOL Industry электрогидравл., аккумуляторный для труб SDR 11, 20-110 мм",1,"шт",3777.78,{"$f":"J3075*$B$2","v":4457.7803999999996},{"$f":"K3075*F3075","v":0},{"$f":"J3075*(1-$E$5-$E$7)*(1-$E$9)*(1+$E$11)","v":3777.78},{"$f":"M3075*F3075","v":0},{"$f":"ROUND((M3075*$B$2),2)","v":4457.78},{"$f":"O3075*F3075","v":0}]
["D","RAUTOOL",null,null,11380051001,null,"Комплект механико-гидравлич. инстр. RAUTOOL H/G1 125/140/160",1,"шт",null,"по запросу",0,0,0,0,0]
["D","RAUTOOL",null,null,11380441001,null,"Комплект электро-гидравлич. инстр. RAUTOOL G2 125/140/160 (SDR11)",1,"шт",null,"по запросу",0,0,0,0,0]
["N","RAUTOOL",null,null,13149841001,null,"Комплект электро-гидравлич. инстр. RAUTOOL G XL 125/140/160",1,"шт",null,"по запросу",0,0,0,0,0]
["N","RAUTOOL",null,null,13153011001,null,"Запасной аккумулятор 36В / 4 Ач для RAUTOOL G XL",1,"шт",null,"по запросу",0,0,0,0,0]
[null,"RAUTOOL",null,null,12062591001,null,"К-т  запрессовочных тисков и расширительной насадки  140 мм",1,"шт",null,"по запросу",0,0,0,0,0]
[null,"RAUTOOL",null,null,12039051001,null,"К-т  запрессовочных тисков и расширительной насадки  125/160 мм",1,"шт",null,"по запросу",0,0,0,0,0]
[null,"RAUTOOL"]
[null,"RAUPIANO"]
[null,"RAUPIANO",null,null,null,null,"6.1 Шумопоглощающая система \nвнутренней канализации\nRAUPIANO PLUS"]
[null,"RAUPIANO",null,null,null,null,"6.2 Канализационная труба RAUPIANO с раструбом и рез. уплотн. кольцом"]
[null,"RAUPIANO",null,null,11230041004,null,"Канализационная труба диам.40/150 мм                                                             После реализации складского запаса заменяется на 11230041005","20","шт",1.92,{"$f":"J3086*$B$2","v":2.2655999999999996},{"$f":"K3086*F3086","v":0},{"$f":"J3086*(1-$E$5-$E$7)*(1-$E$9)*(1+$E$11)","v":1.92},{"$f":"M3086*F3086","v":0},{"$f":"ROUND((M3086*$B$2),2)","v":2.27},{"$f":"O3086*F3086","v":0}]
["V","RAUPIANO",null,11230041004,11230041005,null,"Канализационная труба диам.40/150 мм                                                             ","20","шт",1.92,2.2655999999999996,0,1.92,0,2.27,0]
[null,"RAUPIANO",null,null,11230141004,null,"Канализационная труба диам.40/250 мм                                                                        После реализации складского запаса заменяется на 11230141006","20","шт",2.4500000000000002,2.891,0,2.4500000000000002,0,2.89,0]
["V","RAUPIANO",null,11230141004,11230141006,null,"Канализационная труба диам.40/250 мм                                                                        ","20","шт",2.4500000000000002,{"$f":"J3089*$B$2","v":2.891},{"$f":"K3089*F3089","v":0},{"$f":"J3089*(1-$E$5-$E$7)*(1-$E$9)*(1+$E$11)","v":2.4500000000000002},{"$f":"M3089*F3089","v":0},{"$f":"ROUND((M3089*$B$2),2)","v":2.89},{"$f":"O3089*F3089","v":0}]
[null,"RAUPIANO",null,null,11230241004,null,"Канализационная труба диам.40/500 мм","20","шт",3.38,3.9883999999999995,0,3.38,0,3.99,0]
["V","RAUPIANO",null,null,11230341200,null,"Канализационная труба диам.40/1000 мм","6","шт",5.31,6.2657999999999996,0,5.31,0,6.27,0]
["V","RAUPIANO",null,null,11230441200,null,"Канализационная труба диам.40/2000 мм","6","шт",9.94,11.729199999999999,0,9.94,0,11.73,0]
["V","RAUPIANO",null,null,11230541200,null,"Канализационная труба диам.40/3000 мм","6","шт",15.85,18.702999999999999,0,15.85,0,18.7,0]
[null,"RAUPIANO"]
[null,"RAUPIANO","x",120094,11200941005,null,"Канализационная труба диам.50/150 мм","20","шт",2.25,{"$f":"J3095*$B$2","v":2.6549999999999998},{"$f":"K3095*F3095","v":0},{"$f":"J3095*(1-$E$5-$E$7)*(1-$E$9)*(1+$E$11)","v":2.25},{"$f":"M3095*F3095","v":0},{"$f":"ROUND((M3095*$B$2),2)","v":2.66},{"$f":"O3095*F3095","v":0}]
[null,"RAUPIANO","x",120104,11201041005,null,"Канализационная труба диам.50/250 мм","20","шт",2.95,3.4809999999999999,0,2.95,0,3.48,0]
[null,"RAUPIANO","x",null,11201141005,null,"Канализационная труба диам.50/500 мм","20","шт",4,4.72,0,4,0,4.72,0]
["V","RAUPIANO","x",null,11201241006,null,"Канализационная труба диам.50/750 мм","6","шт",5.52,6.5135999999999994,0,5.52,0,6.51,0]
["V","RAUPIANO","x",null,11201341200,null,"Канализационная труба диам.50/1000 мм","6","шт",6.29,7.4221999999999992,0,6.29,0,7.42,0]
["V","RAUPIANO","x",null,11201441200,null,"Канализационная труба диам.50/1500 мм","6","шт",9.3699999999999992,11.056599999999998,0,9.3699999999999992,0,11.06,0]
["V","RAUPIANO","x",null,11201541200,null,"Канализационная труба диам.50/2000 мм","6","шт",11.76,13.876799999999999,0,11.76,0,13.88,0]
["V","RAUPIANO",null,null,11209341200,null,"Канализационная труба диам.50/3000 мм","6","шт",18.170000000000002,21.4406,0,18.170000000000002,0,21.44,0]
[null,"RAUPIANO"]
[null,"RAUPIANO",null,null,11201741004,null,"Канализационная труба диам. 75/150 мм                                                                    После реализации складского запаса заменяется на 11201741005","20","шт",3.74,{"$f":"J3104*$B$2","v":4.4131999999999998},{"$f":"K3104*F3104","v":0},{"$f":"J3104*(1-$E$5-$E$7)*(1-$E$9)*(1+$E$11)","v":3.74},{"$f":"M3104*F3104","v":0},{"$f":"ROUND((M3104*$B$2),2)","v":4.41},{"$f":"O3104*F3104","v":0}]
["V","RAUPIANO",null,11201741004,11201741005,null,"Канализационная труба диам. 75/150 мм                                                                    ","20","шт",3.74,{"$f":"J3105*$B$2","v":4.4131999999999998},{"$f":"K3105*F3105","v":0},{"$f":"J3105*(1-$E$5-$E$7)*(1-$E$9)*(1+$E$11)","v":3.74},{"$f":"M3105*F3105","v":0},{"$f":"ROUND((M3105*$B$2),2)","v":4.41},{"$f":"O3105*F3105","v":0}]
[null,"RAUPIANO",null,null,11201841004,null,"Канализационная труба диам. 75/250 мм                                                                     После реализации складского запаса заменяется на 11201841005","20","шт",4.4800000000000004,5.2864000000000004,0,4.4800000000000004,0,5.29,0]
["V","RAUPIANO",null,11201841004,11201841005,null,"Канализационная труба диам. 75/250 мм                                                                     ","20","шт",4.4800000000000004,5.2864000000000004,{"$f":"K3107*F3107","v":0},{"$f":"J3107*(1-$E$5-$E$7)*(1-$E$9)*(1+$E$11)","v":4.4800000000000004},{"$f":"M3107*F3107","v":0},{"$f":"ROUND((M3107*$B$2),2)","v":5.29},{"$f":"O3107*F3107","v":0}]
[null,"RAUPIANO",null,null,11201941004,null,"Канализационная труба диам. 75/500 мм","20","шт",6.35,7.4929999999999994,0,6.35,0,7.49,0]
["V","RAUPIANO",null,null,11202041006,null,"Канализационная труба диам. 75/750 мм",9,"шт",8.33,9.8293999999999997,0,8.33,0,9.83,0]
["V","RAUPIANO",null,null,11202141200,null,"Канализационная труба диам. 75/1000 мм",6,"шт",10.029999999999999,11.835399999999998,0,10.029999999999999,0,11.84,0]
["V","RAUPIANO",null,null,11202241200,null,"Канализационная труба диам. 75/1500 мм",6,"шт",13.94,16.449199999999998,0,13.94,0,16.45,0]
["V","RAUPIANO",null,null,11202341200,null,"Канализационная труба диам. 75/2000 мм",6,"шт",16.55,19.529,0,16.55,0,19.53,0]
["V","RAUPIANO",null,null,11209441200,null,"Канализационная труба диам. 75/3000 мм",6,"шт",25.5,30.09,0,25.5,0,30.09,0]
[null,"RAUPIANO"]
[null,"RAUPIANO",null,123984,11239841002,null,"Канализационная труба диам. 90/150 мм",20,"шт",3.99,{"$f":"J3115*$B$2","v":4.7081999999999997},{"$f":"K3115*F3115","v":0},{"$f":"J3115*(1-$E$5-$E$7)*(1-$E$9)*(1+$E$11)","v":3.99},{"$f":"M3115*F3115","v":0},{"$f":"ROUND((M3115*$B$2),2)","v":4.71},{"$f":"O3115*F3115","v":0}]
[null,"RAUPIANO",null,123184,11231841005,null,"Канализационная труба диам. 90/250 мм",20,"шт",4.9400000000000004,5.8292000000000002,0,4.9400000000000004,0,5.83,0]
[null,"RAUPIANO",null,null,11231941004,null,"Канализационная труба диам. 90/500 мм",20,"шт",7.18,8.4723999999999986,0,7.18,0,8.4700000000000006,0]
["V","RAUPIANO",null,null,11232041200,null,"Канализационная труба диам. 90/1000 мм",4,"шт",12.28,14.490399999999999,0,12.28,0,14.49,0]
["V","RAUPIANO",null,null,11239941200,null,"Канализационная труба диам. 90/1500 мм",4,"шт",22.71,26.797799999999999,0,22.71,0,26.8,0]
["V","RAUPIANO",null,null,11232141200,null,"Канализационная труба диам. 90/2000 мм",4,"шт",21.08,24.874399999999998,0,21.08,0,24.87,0]
["V","RAUPIANO",null,null,11232241200,null,"Канализационная труба диам. 90/3000 мм",4,"шт",30.71,36.2378,0,30.71,0,36.24,0]
[null,"RAUPIANO"]
[null,"RAUPIANO",null,null,11202541003,null,"Канализационная труба диам. 110/150 мм",20,"шт",4.21,{"$f":"J3123*$B$2","v":4.9677999999999995},{"$f":"K3123*F3123","v":0},{"$f":"J3123*(1-$E$5-$E$7)*(1-$E$9)*(1+$E$11)","v":4.21},{"$f":"M3123*F3123","v":0},{"$f":"ROUND((M3123*$B$2),2)","v":4.97},{"$f":"O3123*F3123","v":0}]
[null,"RAUPIANO","x",null,11202641003,null,"Канализационная труба диам. 110/250 мм",20,"шт",5.52,6.5135999999999994,0,5.52,0,6.51,0]
[null,"RAUPIANO","x",null,11202741005,null,"Канализационная труба диам. 110/500 мм",20,"шт",8.11,9.569799999999999,0,8.11,0,9.57,0]
["V","RAUPIANO",null,null,11202841006,null,"Канализационная труба диам. 110/750 мм",4,"шт",12.02,14.183599999999998,0,12.02,0,14.18,0]
["V","RAUPIANO","x",null,11202941200,null,"Канализационная труба диам. 110/1000 мм",4,"шт",13.53,15.965399999999999,0,13.53,0,15.97,0]
["V","RAUPIANO","x",null,11203041200,null,"Канализационная труба диам. 110/1500 мм",4,"шт",21.18,24.9924,0,21.18,0,24.99,0]
["V","RAUPIANO","x",null,11203141200,null,"Канализационная труба диам. 110/2000 мм",4,"шт",23.63,27.883399999999998,0,23.63,0,27.88,0]
["V","RAUPIANO","x",null,11203241200,null,"Канализационная труба диам. 110/3000 мм",4,"шт",36.119999999999997,42.621599999999994,0,36.119999999999997,0,42.62,0]
[null,"RAUPIANO"]
[null,"RAUPIANO",null,null,11206541003,null,"Канализационная труба диам. 125/150 мм",6,"шт",11.86,{"$f":"J3132*$B$2","v":13.994799999999998},{"$f":"K3132*F3132","v":0},{"$f":"J3132*(1-$E$5-$E$7)*(1-$E$9)*(1+$E$11)","v":11.86},{"$f":"M3132*F3132","v":0},{"$f":"ROUND((M3132*$B$2),2)","v":13.99},{"$f":"O3132*F3132","v":0}]
[null,"RAUPIANO",null,null,11206641001,null,"Канализационная труба диам. 125/250 мм",10,"шт",12.75,15.045,0,12.75,0,15.05,0]
[null,"RAUPIANO",null,null,11206741005,null,"Канализационная труба диам. 125/500 мм",6,"шт",14.57,17.192599999999999,0,14.57,0,17.190000000000001,0]
["V","RAUPIANO",null,null,11206941200,null,"Канализационная труба диам. 125/1000 мм",2,"шт",26.02,30.703599999999998,0,26.02,0,30.7,0]
["V","RAUPIANO",null,null,11207041200,null,"Канализационная труба диам. 125/1500 мм",2,"шт",36.42,42.9756,0,36.42,0,42.98,0]
["V","RAUPIANO",null,null,11207141200,null,"Канализационная труба диам. 125/2000 мм",2,"шт",46.83,55.259399999999992,0,46.83,0,55.26,0]
["V","RAUPIANO",null,null,11207241200,null,"Канализационная труба диам. 125/3000 мм",2,"шт",66.599999999999994,78.587999999999994,0,66.599999999999994,0,78.59,0]
[null,"RAUPIANO"]
[null,"RAUPIANO",null,null,11229541004,null,"Канализационная труба диам. 160/500 мм",8,"шт",18.739999999999998,{"$f":"J3140*$B$2","v":22.113199999999996},{"$f":"K3140*F3140","v":0},{"$f":"J3140*(1-$E$5-$E$7)*(1-$E$9)*(1+$E$11)","v":18.739999999999998},{"$f":"M3140*F3140","v":0},{"$f":"ROUND((M3140*$B$2),2)","v":22.11},{"$f":"O3140*F3140","v":0}]
[null,"RAUPIANO",null,null,11216641005,null,"Канализационная труба диам. 160/1000 мм",1,"шт",33.299999999999997,{"$f":"J3141*$B$2","v":39.293999999999997},{"$f":"K3141*F3141","v":0},{"$f":"J3141*(1-$E$5-$E$7)*(1-$E$9)*(1+$E$11)","v":33.299999999999997},{"$f":"M3141*F3141","v":0},{"$f":"ROUND((M3141*$B$2),2)","v":39.29},{"$f":"O3141*F3141","v":0}]
[null,"RAUPIANO",null,null,11216741005,null,"Канализационная труба диам. 160/2000 мм",1,"шт",57.24,{"$f":"J3142*$B$2","v":67.543199999999999},{"$f":"K3142*F3142","v":0},{"$f":"J3142*(1-$E$5-$E$7)*(1-$E$9)*(1+$E$11)","v":57.24},{"$f":"M3142*F3142","v":0},{"$f":"ROUND((M3142*$B$2),2)","v":67.540000000000006},{"$f":"O3142*F3142","v":0}]
[null,"RAUPIANO",null,null,11216841005,null,"Канализационная труба диам. 160/3000 мм",1,"шт",83.26,{"$f":"J3143*$B$2","v":98.246800000000007},{"$f":"K3143*F3143","v":0},{"$f":"J3143*(1-$E$5-$E$7)*(1-$E$9)*(1+$E$11)","v":83.26},{"$f":"M3143*F3143","v":0},{"$f":"ROUND((M3143*$B$2),2)","v":98.25},{"$f":"O3143*F3143","v":0}]
[null,"RAUPIANO"]
[null,"RAUPIANO",null,null,11230151400,null,"Канализационная труба диам. 200/1000 мм",1,"шт",100.86,{"$f":"J3145*$B$2","v":119.01479999999999},{"$f":"K3145*F3145","v":0},{"$f":"J3145*(1-$E$5-$E$7)*(1-$E$9)*(1+$E$11)","v":100.86},{"$f":"M3145*F3145","v":0},{"$f":"ROUND((M3145*$B$2),2)","v":119.01},{"$f":"O3145*F3145","v":0}]
[null,"RAUPIANO",null,null,11230251400,null,"Канализационная труба диам. 200/2000 мм",1,"шт",157.9,{"$f":"J3146*$B$2","v":186.322},{"$f":"K3146*F3146","v":0},{"$f":"J3146*(1-$E$5-$E$7)*(1-$E$9)*(1+$E$11)","v":157.9},{"$f":"M3146*F3146","v":0},{"$f":"ROUND((M3146*$B$2),2)","v":186.32},{"$f":"O3146*F3146","v":0}]
[null,"RAUPIANO",null,null,11230351400,null,"Канализационная труба диам. 200/3000 мм",1,"шт",220.61,{"$f":"J3147*$B$2","v":260.31979999999999},{"$f":"K3147*F3147","v":0},{"$f":"J3147*(1-$E$5-$E$7)*(1-$E$9)*(1+$E$11)","v":220.61},{"$f":"M3147*F3147","v":0},{"$f":"ROUND((M3147*$B$2),2)","v":260.32},{"$f":"O3147*F3147","v":0}]
[null,"RAUPIANO"]
[null,"RAUPIANO",null,null,11230641001,null,"Отвод диам. 40 на 15°",20,"шт",1.46,{"$f":"J3149*$B$2","v":1.7227999999999999},{"$f":"K3149*F3149","v":0},{"$f":"J3149*(1-$E$5-$E$7)*(1-$E$9)*(1+$E$11)","v":1.46},{"$f":"M3149*F3149","v":0},{"$f":"ROUND((M3149*$B$2),2)","v":1.72},{"$f":"O3149*F3149","v":0}]
[null,"RAUPIANO",null,null,11230741001,null,"Отвод диам. 40 на 30°",20,"шт",1.46,{"$f":"J3150*$B$2","v":1.7227999999999999},{"$f":"K3150*F3150","v":0},{"$f":"J3150*(1-$E$5-$E$7)*(1-$E$9)*(1+$E$11)","v":1.46},{"$f":"M3150*F3150","v":0},{"$f":"ROUND((M3150*$B$2),2)","v":1.72},{"$f":"O3150*F3150","v":0}]
[null,"RAUPIANO",null,null,11230841001,null,"Отвод диам. 40 на 45°",20,"шт",1.46,{"$f":"J3151*$B$2","v":1.7227999999999999},{"$f":"K3151*F3151","v":0},{"$f":"J3151*(1-$E$5-$E$7)*(1-$E$9)*(1+$E$11)","v":1.46},{"$f":"M3151*F3151","v":0},{"$f":"ROUND((M3151*$B$2),2)","v":1.72},{"$f":"O3151*F3151","v":0}]
[null,"RAUPIANO",null,null,11240871001,null,"Отвод диам. 40 на 67°",20,"шт",1.46,{"$f":"J3152*$B$2","v":1.7227999999999999},{"$f":"K3152*F3152","v":0},{"$f":"J3152*(1-$E$5-$E$7)*(1-$E$9)*(1+$E$11)","v":1.46},{"$f":"M3152*F3152","v":0},{"$f":"ROUND((M3152*$B$2),2)","v":1.72},{"$f":"O3152*F3152","v":0}]
[null,"RAUPIANO",null,null,11230941001,null,"Отвод диам. 40 на 87°",20,"шт",1.46,{"$f":"J3153*$B$2","v":1.7227999999999999},{"$f":"K3153*F3153","v":0},{"$f":"J3153*(1-$E$5-$E$7)*(1-$E$9)*(1+$E$11)","v":1.46},{"$f":"M3153*F3153","v":0},{"$f":"ROUND((M3153*$B$2),2)","v":1.72},{"$f":"O3153*F3153","v":0}]
[null,"RAUPIANO"]
[null,"RAUPIANO","x",null,11210941001,null,"Отвод диам. 50 на 15°",20,"шт",1.72,{"$f":"J3155*$B$2","v":2.0295999999999998},{"$f":"K3155*F3155","v":0},{"$f":"J3155*(1-$E$5-$E$7)*(1-$E$9)*(1+$E$11)","v":1.72},{"$f":"M3155*F3155","v":0},{"$f":"ROUND((M3155*$B$2),2)","v":2.0299999999999998},{"$f":"O3155*F3155","v":0}]
[null,"RAUPIANO","x",null,11211041001,null,"Отвод диам. 50 на 30°",20,"шт",1.72,{"$f":"J3156*$B$2","v":2.0295999999999998},{"$f":"K3156*F3156","v":0},{"$f":"J3156*(1-$E$5-$E$7)*(1-$E$9)*(1+$E$11)","v":1.72},{"$f":"M3156*F3156","v":0},{"$f":"ROUND((M3156*$B$2),2)","v":2.0299999999999998},{"$f":"O3156*F3156","v":0}]
[null,"RAUPIANO","x",null,11211141001,null,"Отвод диам. 50 на 45°",20,"шт",1.72,{"$f":"J3157*$B$2","v":2.0295999999999998},{"$f":"K3157*F3157","v":0},{"$f":"J3157*(1-$E$5-$E$7)*(1-$E$9)*(1+$E$11)","v":1.72},{"$f":"M3157*F3157","v":0},{"$f":"ROUND((M3157*$B$2),2)","v":2.0299999999999998},{"$f":"O3157*F3157","v":0}]
[null,"RAUPIANO","x",null,11211241001,null,"Отвод диам. 50 на 67°",20,"шт",1.72,{"$f":"J3158*$B$2","v":2.0295999999999998},{"$f":"K3158*F3158","v":0},{"$f":"J3158*(1-$E$5-$E$7)*(1-$E$9)*(1+$E$11)","v":1.72},{"$f":"M3158*F3158","v":0},{"$f":"ROUND((M3158*$B$2),2)","v":2.0299999999999998},{"$f":"O3158*F3158","v":0}]
[null,"RAUPIANO","x",null,11211341001,null,"Отвод диам. 50 на 87°",20,"шт",1.72,{"$f":"J3159*$B$2","v":2.0295999999999998},{"$f":"K3159*F3159","v":0},{"$f":"J3159*(1-$E$5-$E$7)*(1-$E$9)*(1+$E$11)","v":1.72},{"$f":"M3159*F3159","v":0},{"$f":"ROUND((M3159*$B$2),2)","v":2.0299999999999998},{"$f":"O3159*F3159","v":0}]
[null,"RAUPIANO"]
[null,"RAUPIANO",null,null,11211441001,null,"Отвод диам. 75 на 15°",20,"шт",2.65,{"$f":"J3161*$B$2","v":3.1269999999999998},{"$f":"K3161*F3161","v":0},{"$f":"J3161*(1-$E$5-$E$7)*(1-$E$9)*(1+$E$11)","v":2.65},{"$f":"M3161*F3161","v":0},{"$f":"ROUND((M3161*$B$2),2)","v":3.13},{"$f":"O3161*F3161","v":0}]
[null,"RAUPIANO",null,null,11211541001,null,"Отвод диам. 75 на 30°",20,"шт",2.65,{"$f":"J3162*$B$2","v":3.1269999999999998},{"$f":"K3162*F3162","v":0},{"$f":"J3162*(1-$E$5-$E$7)*(1-$E$9)*(1+$E$11)","v":2.65},{"$f":"M3162*F3162","v":0},{"$f":"ROUND((M3162*$B$2),2)","v":3.13},{"$f":"O3162*F3162","v":0}]
[null,"RAUPIANO",null,null,11211641001,null,"Отвод диам. 75 на 45°",20,"шт",2.65,{"$f":"J3163*$B$2","v":3.1269999999999998},{"$f":"K3163*F3163","v":0},{"$f":"J3163*(1-$E$5-$E$7)*(1-$E$9)*(1+$E$11)","v":2.65},{"$f":"M3163*F3163","v":0},{"$f":"ROUND((M3163*$B$2),2)","v":3.13},{"$f":"O3163*F3163","v":0}]
[null,"RAUPIANO",null,null,11211741001,null,"Отвод диам. 75 на 67°",20,"шт",2.65,{"$f":"J3164*$B$2","v":3.1269999999999998},{"$f":"K3164*F3164","v":0},{"$f":"J3164*(1-$E$5-$E$7)*(1-$E$9)*(1+$E$11)","v":2.65},{"$f":"M3164*F3164","v":0},{"$f":"ROUND((M3164*$B$2),2)","v":3.13},{"$f":"O3164*F3164","v":0}]
[null,"RAUPIANO",null,null,11211841001,null,"Отвод диам. 75 на 87°",20,"шт",2.65,{"$f":"J3165*$B$2","v":3.1269999999999998},{"$f":"K3165*F3165","v":0},{"$f":"J3165*(1-$E$5-$E$7)*(1-$E$9)*(1+$E$11)","v":2.65},{"$f":"M3165*F3165","v":0},{"$f":"ROUND((M3165*$B$2),2)","v":3.13},{"$f":"O3165*F3165","v":0}]
[null,"RAUPIANO"]
[null,"RAUPIANO",null,null,11233841001,null,"Отвод диам. 90 на 15°",20,"шт",4.63,{"$f":"J3167*$B$2","v":5.4633999999999991},{"$f":"K3167*F3167","v":0},{"$f":"J3167*(1-$E$5-$E$7)*(1-$E$9)*(1+$E$11)","v":4.63},{"$f":"M3167*F3167","v":0},{"$f":"ROUND((M3167*$B$2),2)","v":5.46},{"$f":"O3167*F3167","v":0}]
[null,"RAUPIANO",null,null,11233941001,null,"Отвод диам. 90 на 30°",20,"шт",4.63,{"$f":"J3168*$B$2","v":5.4633999999999991},{"$f":"K3168*F3168","v":0},{"$f":"J3168*(1-$E$5-$E$7)*(1-$E$9)*(1+$E$11)","v":4.63},{"$f":"M3168*F3168","v":0},{"$f":"ROUND((M3168*$B$2),2)","v":5.46},{"$f":"O3168*F3168","v":0}]
[null,"RAUPIANO",null,null,11234041001,null,"Отвод диам. 90 на 45°",20,"шт",4.63,{"$f":"J3169*$B$2","v":5.4633999999999991},{"$f":"K3169*F3169","v":0},{"$f":"J3169*(1-$E$5-$E$7)*(1-$E$9)*(1+$E$11)","v":4.63},{"$f":"M3169*F3169","v":0},{"$f":"ROUND((M3169*$B$2),2)","v":5.46},{"$f":"O3169*F3169","v":0}]
[null,"RAUPIANO",null,null,11230781001,null,"Отвод диам. 90 на 67°",20,"шт",4.63,{"$f":"J3170*$B$2","v":5.4633999999999991},{"$f":"K3170*F3170","v":0},{"$f":"J3170*(1-$E$5-$E$7)*(1-$E$9)*(1+$E$11)","v":4.63},{"$f":"M3170*F3170","v":0},{"$f":"ROUND((M3170*$B$2),2)","v":5.46},{"$f":"O3170*F3170","v":0}]
[null,"RAUPIANO",null,null,11234141001,null,"Отвод диам. 90 на 87°",20,"шт",4.63,{"$f":"J3171*$B$2","v":5.4633999999999991},{"$f":"K3171*F3171","v":0},{"$f":"J3171*(1-$E$5-$E$7)*(1-$E$9)*(1+$E$11)","v":4.63},{"$f":"M3171*F3171","v":0},{"$f":"ROUND((M3171*$B$2),2)","v":5.46},{"$f":"O3171*F3171","v":0}]
[null,"RAUPIANO"]
[null,"RAUPIANO","x",null,11234241001,null,"Отвод диам. 110 на 15°",20,"шт",6.25,{"$f":"J3173*$B$2","v":7.375},{"$f":"K3173*F3173","v":0},{"$f":"J3173*(1-$E$5-$E$7)*(1-$E$9)*(1+$E$11)","v":6.25},{"$f":"M3173*F3173","v":0},{"$f":"ROUND((M3173*$B$2),2)","v":7.38},{"$f":"O3173*F3173","v":0}]
[null,"RAUPIANO","x",null,11234341001,null,"Отвод диам. 110 на 30°",20,"шт",6.25,{"$f":"J3174*$B$2","v":7.375},{"$f":"K3174*F3174","v":0},{"$f":"J3174*(1-$E$5-$E$7)*(1-$E$9)*(1+$E$11)","v":6.25},{"$f":"M3174*F3174","v":0},{"$f":"ROUND((M3174*$B$2),2)","v":7.38},{"$f":"O3174*F3174","v":0}]
[null,"RAUPIANO","x",null,11234441001,null,"Отвод диам. 110 на 45°",20,"шт",6.25,{"$f":"J3175*$B$2","v":7.375},{"$f":"K3175*F3175","v":0},{"$f":"J3175*(1-$E$5-$E$7)*(1-$E$9)*(1+$E$11)","v":6.25},{"$f":"M3175*F3175","v":0},{"$f":"ROUND((M3175*$B$2),2)","v":7.38},{"$f":"O3175*F3175","v":0}]
[null,"RAUPIANO","x",null,11234541001,null,"Отвод диам. 110 на 67°",20,"шт",6.25,{"$f":"J3176*$B$2","v":7.375},{"$f":"K3176*F3176","v":0},{"$f":"J3176*(1-$E$5-$E$7)*(1-$E$9)*(1+$E$11)","v":6.25},{"$f":"M3176*F3176","v":0},{"$f":"ROUND((M3176*$B$2),2)","v":7.38},{"$f":"O3176*F3176","v":0}]
[null,"RAUPIANO","x",null,11234641001,null,"Отвод диам. 110 на 87°",20,"шт",6.25,{"$f":"J3177*$B$2","v":7.375},{"$f":"K3177*F3177","v":0},{"$f":"J3177*(1-$E$5-$E$7)*(1-$E$9)*(1+$E$11)","v":6.25},{"$f":"M3177*F3177","v":0},{"$f":"ROUND((M3177*$B$2),2)","v":7.38},{"$f":"O3177*F3177","v":0}]
[null,"RAUPIANO"]
[null,"RAUPIANO",null,null,11234741001,null,"Отвод диам. 125 на 15°",20,"шт",14.57,{"$f":"J3179*$B$2","v":17.192599999999999},{"$f":"K3179*F3179","v":0},{"$f":"J3179*(1-$E$5-$E$7)*(1-$E$9)*(1+$E$11)","v":14.57},{"$f":"M3179*F3179","v":0},{"$f":"ROUND((M3179*$B$2),2)","v":17.190000000000001},{"$f":"O3179*F3179","v":0}]
[null,"RAUPIANO",null,null,11234841001,null,"Отвод диам. 125 на 30°",20,"шт",14.57,{"$f":"J3180*$B$2","v":17.192599999999999},{"$f":"K3180*F3180","v":0},{"$f":"J3180*(1-$E$5-$E$7)*(1-$E$9)*(1+$E$11)","v":14.57},{"$f":"M3180*F3180","v":0},{"$f":"ROUND((M3180*$B$2),2)","v":17.190000000000001},{"$f":"O3180*F3180","v":0}]
[null,"RAUPIANO",null,null,11234941001,null,"Отвод диам. 125 на 45°",20,"шт",14.57,{"$f":"J3181*$B$2","v":17.192599999999999},{"$f":"K3181*F3181","v":0},{"$f":"J3181*(1-$E$5-$E$7)*(1-$E$9)*(1+$E$11)","v":14.57},{"$f":"M3181*F3181","v":0},{"$f":"ROUND((M3181*$B$2),2)","v":17.190000000000001},{"$f":"O3181*F3181","v":0}]
[null,"RAUPIANO",null,null,11235041001,null,"Отвод диам. 125 на 67°",20,"шт",14.57,{"$f":"J3182*$B$2","v":17.192599999999999},{"$f":"K3182*F3182","v":0},{"$f":"J3182*(1-$E$5-$E$7)*(1-$E$9)*(1+$E$11)","v":14.57},{"$f":"M3182*F3182","v":0},{"$f":"ROUND((M3182*$B$2),2)","v":17.190000000000001},{"$f":"O3182*F3182","v":0}]
[null,"RAUPIANO",null,null,11235141001,null,"Отвод диам. 125 на 87°",20,"шт",14.57,{"$f":"J3183*$B$2","v":17.192599999999999},{"$f":"K3183*F3183","v":0},{"$f":"J3183*(1-$E$5-$E$7)*(1-$E$9)*(1+$E$11)","v":14.57},{"$f":"M3183*F3183","v":0},{"$f":"ROUND((M3183*$B$2),2)","v":17.190000000000001},{"$f":"O3183*F3183","v":0}]
[null,"RAUPIANO"]
["N","RAUPIANO",null,11009281001,11009281002,null,"Крестовина с параллельными отводами 90/90/50/90/87°",10,"шт",31.78,{"$f":"J3185*$B$2","v":37.500399999999999},{"$f":"K3185*F3185","v":0},{"$f":"J3185*(1-$E$5-$E$7)*(1-$E$9)*(1+$E$11)","v":31.78},{"$f":"M3185*F3185","v":0},{"$f":"ROUND((M3185*$B$2),2)","v":37.5},{"$f":"O3185*F3185","v":0},"EUR"]
["N","RAUPIANO",null,11009291001,11009291002,null,"Крестовина с параллельными отводами 110/110/50/110/87°",10,"шт",33.1,{"$f":"J3186*$B$2","v":39.058},{"$f":"K3186*F3186","v":0},{"$f":"J3186*(1-$E$5-$E$7)*(1-$E$9)*(1+$E$11)","v":33.1},{"$f":"M3186*F3186","v":0},{"$f":"ROUND((M3186*$B$2),2)","v":39.06},{"$f":"O3186*F3186","v":0},"EUR"]
[null,"RAUPIANO",null,null,11240281001,null,"Отвод диам. 160 на 45°",10,"шт",35.58,{"$f":"J3187*$B$2","v":41.984399999999994},{"$f":"K3187*F3187","v":0},{"$f":"J3187*(1-$E$5-$E$7)*(1-$E$9)*(1+$E$11)","v":35.58},{"$f":"M3187*F3187","v":0},{"$f":"ROUND((M3187*$B$2),2)","v":41.98},{"$f":"O3187*F3187","v":0}]
[null,"RAUPIANO",null,null,11240291001,null,"Отвод диам. 160 на 87°",10,"шт",53.28,{"$f":"J3188*$B$2","v":62.870399999999997},{"$f":"K3188*F3188","v":0},{"$f":"J3188*(1-$E$5-$E$7)*(1-$E$9)*(1+$E$11)","v":53.28},{"$f":"M3188*F3188","v":0},{"$f":"ROUND((M3188*$B$2),2)","v":62.87},{"$f":"O3188*F3188","v":0}]
[null,"RAUPIANO"]
["N","RAUPIANO",null,11026771001,11026771002,null,"Двухплоскостная крестовина правая 110/110/75",10,"шт",33.630000000000003,{"$f":"J3190*$B$2","v":39.683399999999999},{"$f":"K3190*F3190","v":0},{"$f":"J3190*(1-$E$5-$E$7)*(1-$E$9)*(1+$E$11)","v":33.630000000000003},{"$f":"M3190*F3190","v":0},{"$f":"ROUND((M3190*$B$2),2)","v":39.68},{"$f":"O3190*F3190","v":0},"EUR"]
["N","RAUPIANO",null,11026781001,11026781002,null,"Двухплоскостная крестовина левая 110/110/75",10,"шт",33.630000000000003,{"$f":"J3191*$B$2","v":39.683399999999999},{"$f":"K3191*F3191","v":0},{"$f":"J3191*(1-$E$5-$E$7)*(1-$E$9)*(1+$E$11)","v":33.630000000000003},{"$f":"M3191*F3191","v":0},{"$f":"ROUND((M3191*$B$2),2)","v":39.68},{"$f":"O3191*F3191","v":0},"EUR"]
[null,"RAUPIANO"]
[null,"RAUPIANO",null,null,11002591001,null,"Отвод длинный диам. 110 на 87°",10,"шт",7.23,{"$f":"J3193*$B$2","v":8.5313999999999997},{"$f":"K3193*F3193","v":0},{"$f":"J3193*(1-$E$5-$E$7)*(1-$E$9)*(1+$E$11)","v":7.23},{"$f":"M3193*F3193","v":0},{"$f":"ROUND((M3193*$B$2),2)","v":8.5299999999999994},{"$f":"O3193*F3193","v":0}]
[null,"RAUPIANO"]
[null,"RAUPIANO"]
["N","RAUPIANO",null,11026791001,11026791002,null,"Двухплоскостная крестовина правая 110/90/75",10,"шт",31.27,{"$f":"J3196*$B$2","v":36.898599999999995},{"$f":"K3196*F3196","v":0},{"$f":"J3196*(1-$E$5-$E$7)*(1-$E$9)*(1+$E$11)","v":31.27},{"$f":"M3196*F3196","v":0},{"$f":"ROUND((M3196*$B$2),2)","v":36.9},{"$f":"O3196*F3196","v":0},"EUR"]
["N","RAUPIANO",null,11026891001,11026891002,null,"Двухплоскостная крестовина левая 110/90/75",10,"шт",31.27,{"$f":"J3197*$B$2","v":36.898599999999995},{"$f":"K3197*F3197","v":0},{"$f":"J3197*(1-$E$5-$E$7)*(1-$E$9)*(1+$E$11)","v":31.27},{"$f":"M3197*F3197","v":0},{"$f":"ROUND((M3197*$B$2),2)","v":36.9},{"$f":"O3197*F3197","v":0},"EUR"]
["N","RAUPIANO",null,11205641002,11205641003,null,"Отвод параллельный 110/110",9,"шт",54.12,{"$f":"J3198*$B$2","v":63.861599999999996},{"$f":"K3198*F3198","v":0},{"$f":"J3198*(1-$E$5-$E$7)*(1-$E$9)*(1+$E$11)","v":54.12},{"$f":"M3198*F3198","v":0},{"$f":"ROUND((M3198*$B$2),2)","v":63.86},{"$f":"O3198*F3198","v":0},"EUR"]
[null,"RAUPIANO"]
["N","RAUPIANO",null,null,11210741002,null,"Шпилька для хомута М8",100,"шт",0.31,{"$f":"J3200*$B$2","v":0.36579999999999996},{"$f":"K3200*F3200","v":0},{"$f":"J3200*(1-$E$5-$E$7)*(1-$E$9)*(1+$E$11)","v":0.31},{"$f":"M3200*F3200","v":0},{"$f":"ROUND((M3200*$B$2),2)","v":0.37},{"$f":"O3200*F3200","v":0},"EUR"]
["N","RAUPIANO",null,null,11210841002,null,"Шпилька для хомута М10",100,"шт",0.57999999999999996,{"$f":"J3201*$B$2","v":0.6843999999999999},{"$f":"K3201*F3201","v":0},{"$f":"J3201*(1-$E$5-$E$7)*(1-$E$9)*(1+$E$11)","v":0.57999999999999996},{"$f":"M3201*F3201","v":0},{"$f":"ROUND((M3201*$B$2),2)","v":0.68},{"$f":"O3201*F3201","v":0},"EUR"]
["N","RAUPIANO","x",null,11215641003,null,"Крестовина двухплоскостная 110/110/110/87°",10,"шт",40.06,{"$f":"J3202*$B$2","v":47.270800000000001},{"$f":"K3202*F3202","v":0},{"$f":"J3202*(1-$E$5-$E$7)*(1-$E$9)*(1+$E$11)","v":40.06},{"$f":"M3202*F3202","v":0},{"$f":"ROUND((M3202*$B$2),2)","v":47.27},{"$f":"O3202*F3202","v":0},"EUR"]
[null,"RAUPIANO"]
[null,"RAUPIANO",null,null,11231041001,null,"Тройник 40/40/45°",20,"шт",2.76,{"$f":"J3204*$B$2","v":3.2567999999999997},{"$f":"K3204*F3204","v":0},{"$f":"J3204*(1-$E$5-$E$7)*(1-$E$9)*(1+$E$11)","v":2.76},{"$f":"M3204*F3204","v":0},{"$f":"ROUND((M3204*$B$2),2)","v":3.26},{"$f":"O3204*F3204","v":0}]
[null,"RAUPIANO",null,null,11231141001,null,"Тройник 40/40/87°",20,"шт",2.76,3.2567999999999997,0,2.76,0,3.26,0]
[null,"RAUPIANO",null,null,11240891001,null,"Тройник 50/40/45°",20,"шт",2.95,3.4809999999999999,0,2.95,0,3.48,0]
[null,"RAUPIANO",null,null,11240971001,null,"Тройник 50/40/87°",20,"шт",2.95,3.4809999999999999,0,2.95,0,3.48,0]
[null,"RAUPIANO","x",null,11212341001,null,"Тройник 50/50/45°",20,"шт",3.17,3.7405999999999997,0,3.17,0,3.74,0]
[null,"RAUPIANO","x",null,11212541001,null,"Тройник 50/50/87°",20,"шт",3.17,3.7405999999999997,0,3.17,0,3.74,0]
[null,"RAUPIANO",null,null,11212641001,null,"Тройник 75/50/45°",20,"шт",4.37,5.1566000000000001,0,4.37,0,5.16,0]
[null,"RAUPIANO",null,null,11212841001,null,"Тройник 75/50/87°",20,"шт",4.37,5.1566000000000001,0,4.37,0,5.16,0]
[null,"RAUPIANO",null,null,11212941001,null,"Тройник 75/75/45°",20,"шт",6.98,8.2363999999999997,0,6.98,0,8.24,0]
[null,"RAUPIANO",null,null,11215441001,null,"Тройник 75/75/87°",20,"шт",6.98,8.2363999999999997,0,6.98,0,8.24,0]
[null,"RAUPIANO",null,null,11232741001,null,"Тройник 90/50/45°",20,"шт",7.29,8.6021999999999998,0,7.29,0,8.6,0]
[null,"RAUPIANO",null,null,11232841001,null,"Тройник 90/50/87°",20,"шт",7.29,8.6021999999999998,0,7.29,0,8.6,0]
[null,"RAUPIANO",null,null,11238341001,null,"Тройник 90/75/45°",20,"шт",8.3699999999999992,9.876599999999998,0,8.3699999999999992,0,9.8800000000000008,0]
[null,"RAUPIANO",null,null,11238441001,null,"Тройник 90/75/87°",20,"шт",13.7,16.165999999999997,0,13.7,0,16.170000000000002,0]
[null,"RAUPIANO",null,null,11232941001,null,"Тройник 90/90/45°",20,"шт",8.64,10.1952,0,8.64,0,10.199999999999999,0]
[null,"RAUPIANO",null,null,11233041001,null,"Тройник 90/90/87° max flow (гидравл. оптимизированный радиус изгиба)",20,"шт",9.8000000000000007,11.564,0,9.8000000000000007,0,11.56,0]
[null,"RAUPIANO","x",null,11213041001,null,"Тройник 110/50/45°",20,"шт",7.44,8.7791999999999994,0,7.44,0,8.7799999999999994,0]
[null,"RAUPIANO","x",null,11213241001,null,"Тройник 110/50/87°",20,"шт",7.44,8.7791999999999994,0,7.44,0,8.7799999999999994,0]
[null,"RAUPIANO",null,null,11213341001,null,"Тройник 110/75/45°",20,"шт",9.52,11.233599999999999,0,9.52,0,11.23,0]
[null,"RAUPIANO",null,null,11213441001,null,"Тройник 110/75/87°",20,"шт",9.52,11.233599999999999,0,9.52,0,11.23,0]
[null,"RAUPIANO",null,null,11002571001,null,"Тройник 110/90/45°",20,"шт",10.59,12.4962,0,10.59,0,12.5,0]
[null,"RAUPIANO",null,null,11002581001,null,"Тройник 110/90/87°",20,"шт",10.59,12.4962,0,10.59,0,12.5,0]
[null,"RAUPIANO","x",null,11229841001,null,"Тройник 110/110/45°",20,"шт",11.45,13.510999999999999,0,11.45,0,13.51,0]
[null,"RAUPIANO","x",null,11230051001,null,"Тройник 110/110/87° max flow (гидравл. оптимизированный радиус изгиба)",20,"шт",12.48,14.7264,0,12.48,0,14.73,0]
[null,"RAUPIANO",null,null,11205741001,null,"Тройник 125/110/45°",10,"шт",20.82,24.567599999999999,0,20.82,0,24.57,0]
[null,"RAUPIANO",null,null,11205941001,null,"Тройник 125/110/87°",10,"шт",20.82,24.567599999999999,0,20.82,0,24.57,0]
[null,"RAUPIANO",null,null,11205841001,null,"Тройник 125/125/45°",10,"шт",24.99,29.488199999999996,0,24.99,0,29.49,0]
[null,"RAUPIANO",null,null,11206041001,null,"Тройник 125/125/87°",10,"шт",24.99,29.488199999999996,0,24.99,0,29.49,0]
[null,"RAUPIANO",null,null,11240371001,null,"Тройник 160/110/45°",10,"шт",48.31,57.005800000000001,0,48.31,0,57.01,0]
[null,"RAUPIANO",null,121744,11240691001,null,"Тройник 160/110/87° ",10,"шт",36.42,42.9756,0,36.42,0,42.98,0]
["N","RAUPIANO",null,11220341100,11220341002,null,"Хомут шумопоглощающий с защелкой 160  М10",5,"шт",14.05,16.579000000000001,0,14.05,0,16.579999999999998,0,"EUR"]
["N","RAUPIANO",null,11230561001,11230561002,null,"Отвод для упрощ. установки противоп.манжет под потолком Дн. 75 на 45°",10,"шт",83.16,98.128799999999984,0,83.16,0,98.13,0,"EUR"]
[null,"RAUPIANO",null,null,11240381001,null,"Тройник 160/160/45°",10,"шт",76.489999999999995,90.258199999999988,0,76.489999999999995,0,90.26,0]
[null,"RAUPIANO",null,121784,11240771001,null,"Тройник 160/160/87°",10,"шт",55.15,65.076999999999998,0,55.15,0,65.08,0]
["N","RAUPIANO",null,11236941001,11231121001,null,"Тройник 200/160/45°",5,"шт",77.05,90.918999999999997,0,77.05,0,90.92,0]
[null,"RAUPIANO",null,null,11237041001,null,"Тройник 200/160/87°",5,"шт",125.28,147.8304,0,125.28,0,147.83000000000001,0]
["N","RAUPIANO",null,11239641001,11231161001,null,"Тройник 200/200/45°",5,"шт",85.87,101.3266,0,85.87,0,101.33,0]
[null,"RAUPIANO"]
[null,"RAUPIANO",null,null,11230451001,null,"Крестовина разнопроходная с увел.проходом справа 90/75/90/87°",10,"шт",100.92,{"$f":"J3242*$B$2","v":119.0856},{"$f":"K3242*F3242","v":0},{"$f":"J3242*(1-$E$5-$E$7)*(1-$E$9)*(1+$E$11)","v":100.92},{"$f":"M3242*F3242","v":0},{"$f":"ROUND((M3242*$B$2),2)","v":119.09},{"$f":"O3242*F3242","v":0}]
[null,"RAUPIANO",null,null,11237611001,null,"Крестовина разнопроходная с увел.проходом справа 110/75/110/87°",10,"шт",104.35,{"$f":"J3243*$B$2","v":123.13299999999998},{"$f":"K3243*F3243","v":0},{"$f":"J3243*(1-$E$5-$E$7)*(1-$E$9)*(1+$E$11)","v":104.35},{"$f":"M3243*F3243","v":0},{"$f":"ROUND((M3243*$B$2),2)","v":123.13},{"$f":"O3243*F3243","v":0}]
[null,"RAUPIANO"]
[null,"RAUPIANO",null,null,11230551001,null,"Крестовина разнопроходная с увел.проходом слева 90/75/90/87°",10,"шт",100.92,{"$f":"J3245*$B$2","v":119.0856},{"$f":"K3245*F3245","v":0},{"$f":"J3245*(1-$E$5-$E$7)*(1-$E$9)*(1+$E$11)","v":100.92},{"$f":"M3245*F3245","v":0},{"$f":"ROUND((M3245*$B$2),2)","v":119.09},{"$f":"O3245*F3245","v":0}]
[null,"RAUPIANO",null,null,11237711001,null,"Крестовина разнопроходная с увел.проходом слева 110/75/110/87°",10,"шт",104.35,{"$f":"J3246*$B$2","v":123.13299999999998},{"$f":"K3246*F3246","v":0},{"$f":"J3246*(1-$E$5-$E$7)*(1-$E$9)*(1+$E$11)","v":104.35},{"$f":"M3246*F3246","v":0},{"$f":"ROUND((M3246*$B$2),2)","v":123.13},{"$f":"O3246*F3246","v":0}]
[null,"RAUPIANO"]
["N","RAUPIANO",null,11230571001,11230571002,null,"Отвод для упрощ. установки противоп.манжет под потолком Дн. 90 на 45°",10,"шт",90.79,{"$f":"J3248*$B$2","v":107.1322},{"$f":"K3248*F3248","v":0},{"$f":"J3248*(1-$E$5-$E$7)*(1-$E$9)*(1+$E$11)","v":90.79},{"$f":"M3248*F3248","v":0},{"$f":"ROUND((M3248*$B$2),2)","v":107.13},{"$f":"O3248*F3248","v":0},"EUR"]
["N","RAUPIANO",null,11230581001,11230581002,null,"Отвод для упрощ. установки противоп.манжет под потолком Дн. 110 на 45°",10,"шт",94.14,{"$f":"J3249*$B$2","v":111.0852},{"$f":"K3249*F3249","v":0},{"$f":"J3249*(1-$E$5-$E$7)*(1-$E$9)*(1+$E$11)","v":94.14},{"$f":"M3249*F3249","v":0},{"$f":"ROUND((M3249*$B$2),2)","v":111.09},{"$f":"O3249*F3249","v":0},"EUR"]
[null,"RAUPIANO"]
["N","RAUPIANO",null,11230751001,11230751002,null,"Отвод для упрощ. установки противоп.манжет под потолком Дн. 75 на 87°",10,"шт",83.16,{"$f":"J3251*$B$2","v":98.128799999999984},{"$f":"K3251*F3251","v":0},{"$f":"J3251*(1-$E$5-$E$7)*(1-$E$9)*(1+$E$11)","v":83.16},{"$f":"M3251*F3251","v":0},{"$f":"ROUND((M3251*$B$2),2)","v":98.13},{"$f":"O3251*F3251","v":0},"EUR"]
["N","RAUPIANO",null,11230851001,11230851002,null,"Отвод для упрощ. установки противоп.манжет под потолком Дн. 90 на 87°",10,"шт",90.79,{"$f":"J3252*$B$2","v":107.1322},{"$f":"K3252*F3252","v":0},{"$f":"J3252*(1-$E$5-$E$7)*(1-$E$9)*(1+$E$11)","v":90.79},{"$f":"M3252*F3252","v":0},{"$f":"ROUND((M3252*$B$2),2)","v":107.13},{"$f":"O3252*F3252","v":0},"EUR"]
["N","RAUPIANO",null,123664,11230891001,null,"Отвод диам. 200 на 87°",10,"шт",52.29,{"$f":"J3253*$B$2","v":61.702199999999998},{"$f":"K3253*F3253","v":0},{"$f":"J3253*(1-$E$5-$E$7)*(1-$E$9)*(1+$E$11)","v":52.29},{"$f":"M3253*F3253","v":0},{"$f":"ROUND((M3253*$B$2),2)","v":61.7},{"$f":"O3253*F3253","v":0},"EUR"]
["N","RAUPIANO",null,11240591001,11230921001,null,"Отвод диам. 160 на 15°",10,"шт",23.7,{"$f":"J3254*$B$2","v":27.965999999999998},{"$f":"K3254*F3254","v":0},{"$f":"J3254*(1-$E$5-$E$7)*(1-$E$9)*(1+$E$11)","v":23.7},{"$f":"M3254*F3254","v":0},{"$f":"ROUND((M3254*$B$2),2)","v":27.97},{"$f":"O3254*F3254","v":0},"EUR"]
[null,"RAUPIANO"]
[null,"RAUPIANO",null,null,11237141001,null,"Крестовина 90/90/90/87° max flow (гидравлически оптимизированный радиус)",10,"шт",22.04,{"$f":"J3256*$B$2","v":26.007199999999997},{"$f":"K3256*F3256","v":0},{"$f":"J3256*(1-$E$5-$E$7)*(1-$E$9)*(1+$E$11)","v":22.04},{"$f":"M3256*F3256","v":0},{"$f":"ROUND((M3256*$B$2),2)","v":26.01},{"$f":"O3256*F3256","v":0}]
[null,"RAUPIANO"]
[null,"RAUPIANO","x",null,11215541001,null,"Крестовина 110/110/110/87°",20,"шт",14.57,{"$f":"J3258*$B$2","v":17.192599999999999},{"$f":"K3258*F3258","v":0},{"$f":"J3258*(1-$E$5-$E$7)*(1-$E$9)*(1+$E$11)","v":14.57},{"$f":"M3258*F3258","v":0},{"$f":"ROUND((M3258*$B$2),2)","v":17.190000000000001},{"$f":"O3258*F3258","v":0}]
[null,"RAUPIANO",null,null,11229641001,null,"Крестовина 110/110/110/45°",10,"шт",14.57,{"$f":"J3259*$B$2","v":17.192599999999999},{"$f":"K3259*F3259","v":0},{"$f":"J3259*(1-$E$5-$E$7)*(1-$E$9)*(1+$E$11)","v":14.57},{"$f":"M3259*F3259","v":0},{"$f":"ROUND((M3259*$B$2),2)","v":17.190000000000001},{"$f":"O3259*F3259","v":0}]
[null,"RAUPIANO",null,null,11235941001,null,"Крестовина 125/110/110/45°",10,"шт",142.12,{"$f":"J3260*$B$2","v":167.70159999999998},{"$f":"K3260*F3260","v":0},{"$f":"J3260*(1-$E$5-$E$7)*(1-$E$9)*(1+$E$11)","v":142.12},{"$f":"M3260*F3260","v":0},{"$f":"ROUND((M3260*$B$2),2)","v":167.7},{"$f":"O3260*F3260","v":0}]
[null,"RAUPIANO",null,null,11236841001,null,"Крестовина 160/110/110/87°",10,"шт",152.87,{"$f":"J3261*$B$2","v":180.38659999999999},{"$f":"K3261*F3261","v":0},{"$f":"J3261*(1-$E$5-$E$7)*(1-$E$9)*(1+$E$11)","v":152.87},{"$f":"M3261*F3261","v":0},{"$f":"ROUND((M3261*$B$2),2)","v":180.39},{"$f":"O3261*F3261","v":0}]
[null,"RAUPIANO"]
["N","RAUPIANO",null,11230951001,11230951002,null,"Отвод для упрощ. установки противоп.манжет под потолком Дн. 110 на 87°",10,"шт",94.14,{"$f":"J3263*$B$2","v":111.0852},{"$f":"K3263*F3263","v":0},{"$f":"J3263*(1-$E$5-$E$7)*(1-$E$9)*(1+$E$11)","v":94.14},{"$f":"M3263*F3263","v":0},{"$f":"ROUND((M3263*$B$2),2)","v":111.09},{"$f":"O3263*F3263","v":0},"EUR"]
["N","RAUPIANO",null,11240671001,11230961001,null,"Отвод диам. 160 на 30°",10,"шт",28.04,{"$f":"J3264*$B$2","v":33.087199999999996},{"$f":"K3264*F3264","v":0},{"$f":"J3264*(1-$E$5-$E$7)*(1-$E$9)*(1+$E$11)","v":28.04},{"$f":"M3264*F3264","v":0},{"$f":"ROUND((M3264*$B$2),2)","v":33.090000000000003},{"$f":"O3264*F3264","v":0},"EUR"]
[null,"RAUPIANO"]
["N","RAUPIANO",null,11236541001,11230971001,null,"Отвод диам. 200 на 45°",10,"шт",46.49,{"$f":"J3266*$B$2","v":54.858199999999997},{"$f":"K3266*F3266","v":0},{"$f":"J3266*(1-$E$5-$E$7)*(1-$E$9)*(1+$E$11)","v":46.49},{"$f":"M3266*F3266","v":0},{"$f":"ROUND((M3266*$B$2),2)","v":54.86},{"$f":"O3266*F3266","v":0},"EUR"]
["N","RAUPIANO",null,11237841001,11230981001,null,"Муфта двухраструбная 200",10,"шт",31.72,{"$f":"J3267*$B$2","v":37.429599999999994},{"$f":"K3267*F3267","v":0},{"$f":"J3267*(1-$E$5-$E$7)*(1-$E$9)*(1+$E$11)","v":31.72},{"$f":"M3267*F3267","v":0},{"$f":"ROUND((M3267*$B$2),2)","v":37.43},{"$f":"O3267*F3267","v":0},"EUR"]
[null,"RAUPIANO"]
[null,"RAUPIANO",null,null,11231241001,null,"Переходник 50/40",20,"шт",1.82,{"$f":"J3269*$B$2","v":2.1476000000000002},{"$f":"K3269*F3269","v":0},{"$f":"J3269*(1-$E$5-$E$7)*(1-$E$9)*(1+$E$11)","v":1.82},{"$f":"M3269*F3269","v":0},{"$f":"ROUND((M3269*$B$2),2)","v":2.15},{"$f":"O3269*F3269","v":0}]
[null,"RAUPIANO",null,null,11213841001,null,"Переходник 75/50",20,"шт",2.12,2.5015999999999998,0,2.12,0,2.5,0]
[null,"RAUPIANO",null,null,11233141001,null,"Переходник 90/50",20,"шт",2.86,3.3747999999999996,0,2.86,0,3.37,0]
[null,"RAUPIANO",null,null,11233241001,null,"Переходник 90/75",20,"шт",3.86,4.5547999999999993,0,3.86,0,4.55,0]
[null,"RAUPIANO","x",null,11213941001,null,"Переходник 110/50",20,"шт",3.48,4.1063999999999998,0,3.48,0,4.1100000000000003,0]
[null,"RAUPIANO",null,null,11214041001,null,"Переходник 110/75",20,"шт",4.58,5.4043999999999999,0,4.58,0,5.4,0]
[null,"RAUPIANO",null,null,11219941001,null,"Переходник 110/90",20,"шт",5.2,6.1360000000000001,0,5.2,0,6.14,0]
[null,"RAUPIANO",null,null,11206141001,null,"Переходник 125/110",20,"шт",10.3,12.154,0,10.3,0,12.15,0]
[null,"RAUPIANO",null,null,11240391001,null,"Переходник 160/110",20,"шт",23.28,27.470400000000001,0,23.28,0,27.47,0]
[null,"RAUPIANO",null,11218041002,11231051001,null,"Переходник 160/125",20,"шт",14.26,16.826799999999999,0,14.26,0,16.829999999999998,0]
["N","RAUPIANO",null,11237941001,11230991001,null,"Муфта надвижная 200",10,"шт",33.78,39.860399999999998,0,33.78,0,39.86,0,"EUR"]
[null,"RAUPIANO"]
[null,"RAUPIANO",null,null,11231641001,null,"Патрубок приборный 40/40-30",20,"шт",2.19,{"$f":"J3281*$B$2","v":2.5841999999999996},{"$f":"K3281*F3281","v":0},{"$f":"J3281*(1-$E$5-$E$7)*(1-$E$9)*(1+$E$11)","v":2.19},{"$f":"M3281*F3281","v":0},{"$f":"ROUND((M3281*$B$2),2)","v":2.58},{"$f":"O3281*F3281","v":0}]
[null,"RAUPIANO",null,null,11214141001,null,"Патрубок приборный 50/40-30",20,"шт",2.39,{"$f":"J3282*$B$2","v":2.8201999999999998},{"$f":"K3282*F3282","v":0},{"$f":"J3282*(1-$E$5-$E$7)*(1-$E$9)*(1+$E$11)","v":2.39},{"$f":"M3282*F3282","v":0},{"$f":"ROUND((M3282*$B$2),2)","v":2.82},{"$f":"O3282*F3282","v":0}]
[null,"RAUPIANO",null,11214241001,"выведен",null,"Патрубок приборный 50/50",20,"шт",2.7,{"$f":"J3283*$B$2","v":3.1859999999999999},{"$f":"K3283*F3283","v":0},{"$f":"J3283*(1-$E$5-$E$7)*(1-$E$9)*(1+$E$11)","v":2.7},{"$f":"M3283*F3283","v":0},{"$f":"ROUND((M3283*$B$2),2)","v":3.19},{"$f":"O3283*F3283","v":0}]
[null,"RAUPIANO"]
[null,"RAUPIANO",null,null,11235741001,null,"Переход на дыхательный стояк 75/80",10,"шт",22.3,{"$f":"J3285*$B$2","v":26.314},{"$f":"K3285*F3285","v":0},{"$f":"J3285*(1-$E$5-$E$7)*(1-$E$9)*(1+$E$11)","v":22.3},{"$f":"M3285*F3285","v":0},{"$f":"ROUND((M3285*$B$2),2)","v":26.31},{"$f":"O3285*F3285","v":0}]
[null,"RAUPIANO"]
[null,"RAUPIANO",null,null,11250241001,null,"Переход на чугунную трубу/трубу из другого материала  50/53 - 63",1,"шт",16.28,{"$f":"J3287*$B$2","v":19.2104},{"$f":"K3287*F3287","v":0},{"$f":"J3287*(1-$E$5-$E$7)*(1-$E$9)*(1+$E$11)","v":16.28},{"$f":"M3287*F3287","v":0},{"$f":"ROUND((M3287*$B$2),2)","v":19.21},{"$f":"O3287*F3287","v":0}]
[null,"RAUPIANO",null,null,11250341001,null,"Переход на чугунную трубу/трубу из другого материала  75/75 - 89",1,"шт",19.71,{"$f":"J3288*$B$2","v":23.2578},{"$f":"K3288*F3288","v":0},{"$f":"J3288*(1-$E$5-$E$7)*(1-$E$9)*(1+$E$11)","v":19.71},{"$f":"M3288*F3288","v":0},{"$f":"ROUND((M3288*$B$2),2)","v":23.26},{"$f":"O3288*F3288","v":0}]
[null,"RAUPIANO",null,null,11239041001,null,"Переход на чугунную трубу/трубу из другого материала  110/ 90",1,"шт",22.28,{"$f":"J3289*$B$2","v":26.290399999999998},{"$f":"K3289*F3289","v":0},{"$f":"J3289*(1-$E$5-$E$7)*(1-$E$9)*(1+$E$11)","v":22.28},{"$f":"M3289*F3289","v":0},{"$f":"ROUND((M3289*$B$2),2)","v":26.29},{"$f":"O3289*F3289","v":0}]
[null,"RAUPIANO",null,null,11239141001,null,"Переход на чугунную трубу/трубу из другого материала  110/ 110",1,"шт",23.13,{"$f":"J3290*$B$2","v":27.293399999999998},{"$f":"K3290*F3290","v":0},{"$f":"J3290*(1-$E$5-$E$7)*(1-$E$9)*(1+$E$11)","v":23.13},{"$f":"M3290*F3290","v":0},{"$f":"ROUND((M3290*$B$2),2)","v":27.29},{"$f":"O3290*F3290","v":0}]
[null,"RAUPIANO"]
[null,"RAUPIANO",null,null,11231741001,null,"Отвод под сифон Dн 40/40-30",20,"шт",1.51,{"$f":"J3292*$B$2","v":1.7817999999999998},{"$f":"K3292*F3292","v":0},{"$f":"J3292*(1-$E$5-$E$7)*(1-$E$9)*(1+$E$11)","v":1.51},{"$f":"M3292*F3292","v":0},{"$f":"ROUND((M3292*$B$2),2)","v":1.78},{"$f":"O3292*F3292","v":0}]
[null,"RAUPIANO",null,null,11226941001,null,"Отвод под сифон Dн 50/40-30",20,"шт",1.51,{"$f":"J3293*$B$2","v":1.7817999999999998},{"$f":"K3293*F3293","v":0},{"$f":"J3293*(1-$E$5-$E$7)*(1-$E$9)*(1+$E$11)","v":1.51},{"$f":"M3293*F3293","v":0},{"$f":"ROUND((M3293*$B$2),2)","v":1.78},{"$f":"O3293*F3293","v":0}]
[null,"RAUPIANO","x",null,11214441001,null,"Отвод под сифон Dн 50/50",20,"шт",2.08,{"$f":"J3294*$B$2","v":2.4544000000000001},{"$f":"K3294*F3294","v":0},{"$f":"J3294*(1-$E$5-$E$7)*(1-$E$9)*(1+$E$11)","v":2.08},{"$f":"M3294*F3294","v":0},{"$f":"ROUND((M3294*$B$2),2)","v":2.4500000000000002},{"$f":"O3294*F3294","v":0}]
[null,"RAUPIANO"]
[null,"RAUPIANO",null,null,11231341001,null,"Заглушка 40",20,"шт",0.79,{"$f":"J3296*$B$2","v":0.93220000000000003},{"$f":"K3296*F3296","v":0},{"$f":"J3296*(1-$E$5-$E$7)*(1-$E$9)*(1+$E$11)","v":0.79},{"$f":"M3296*F3296","v":0},{"$f":"ROUND((M3296*$B$2),2)","v":0.93},{"$f":"O3296*F3296","v":0}]
[null,"RAUPIANO","x",null,11214541001,null,"Заглушка 50",20,"шт",0.88,1.0384,0,0.88,0,1.04,0]
[null,"RAUPIANO",null,null,11214641001,null,"Заглушка 75",20,"шт",1.51,1.7817999999999998,0,1.51,0,1.78,0]
[null,"RAUPIANO",null,null,11233341001,null,"Заглушка 90",20,"шт",1.82,2.1476000000000002,0,1.82,0,2.15,0]
[null,"RAUPIANO","x",null,11214741001,null,"Заглушка 110",20,"шт",1.98,2.3363999999999998,0,1.98,0,2.34,0]
[null,"RAUPIANO",null,null,11206241001,null,"Заглушка 125",20,"шт",6.77,7.988599999999999,0,6.77,0,7.99,0]
["N","RAUPIANO",null,11237641001,11231021001,null,"Переходник 200/160",10,"шт",28.58,33.724399999999996,0,28.58,0,33.72,0,"EUR"]
["N","RAUPIANO",null,11237741002,11231061001,null,"Заглушка 160",10,"шт",10.08,11.894399999999999,0,10.08,0,11.89,0,"EUR"]
[null,"RAUPIANO"]
[null,"RAUPIANO",null,null,11230001001,null,"Запор для заглушки 110",5,"шт",8.3800000000000008,{"$f":"J3305*$B$2","v":9.8884000000000007},{"$f":"K3305*F3305","v":0},{"$f":"J3305*(1-$E$5-$E$7)*(1-$E$9)*(1+$E$11)","v":8.3800000000000008},{"$f":"M3305*F3305","v":0},{"$f":"ROUND((M3305*$B$2),2)","v":9.89},{"$f":"O3305*F3305","v":0}]
[null,"RAUPIANO",null,null,11230021001,null,"Запор для заглушки 160",5,"шт",10.09,{"$f":"J3306*$B$2","v":11.906199999999998},{"$f":"K3306*F3306","v":0},{"$f":"J3306*(1-$E$5-$E$7)*(1-$E$9)*(1+$E$11)","v":10.09},{"$f":"M3306*F3306","v":0},{"$f":"ROUND((M3306*$B$2),2)","v":11.91},{"$f":"O3306*F3306","v":0}]
[null,"RAUPIANO",null,null,11230061001,null,"Запор для заглушки 200",5,"шт",11.81,{"$f":"J3307*$B$2","v":13.9358},{"$f":"K3307*F3307","v":0},{"$f":"J3307*(1-$E$5-$E$7)*(1-$E$9)*(1+$E$11)","v":11.81},{"$f":"M3307*F3307","v":0},{"$f":"ROUND((M3307*$B$2),2)","v":13.94},{"$f":"O3307*F3307","v":0}]
[null,"RAUPIANO"]
[null,"RAUPIANO",null,null,11231441001,null,"Муфта двухраструбная 40",20,"шт",2.08,{"$f":"J3309*$B$2","v":2.4544000000000001},{"$f":"K3309*F3309","v":0},{"$f":"J3309*(1-$E$5-$E$7)*(1-$E$9)*(1+$E$11)","v":2.08},{"$f":"M3309*F3309","v":0},{"$f":"ROUND((M3309*$B$2),2)","v":2.4500000000000002},{"$f":"O3309*F3309","v":0}]
[null,"RAUPIANO","x",null,11214841001,null,"Муфта двухраструбная 50",20,"шт",2.29,2.7021999999999999,0,2.29,0,2.7,0]
[null,"RAUPIANO",null,null,11215841001,null,"Муфта двухраструбная 75",20,"шт",5.16,6.0888,0,5.16,0,6.09,0]
[null,"RAUPIANO",null,null,11233441001,null,"Муфта двухраструбная 90",20,"шт",5.73,6.7614000000000001,0,5.73,0,6.76,0]
[null,"RAUPIANO","x",null,11214941001,null,"Муфта двухраструбная 110",20,"шт",6.39,7.5401999999999996,0,6.39,0,7.54,0]
[null,"RAUPIANO",null,null,11204741001,null,"Муфта двухраструбная 125",10,"шт",14.05,16.579000000000001,0,14.05,0,16.579999999999998,0]
[null,"RAUPIANO",null,null,11240471001,null,"Муфта двухраструбная 160",10,"шт",27.52,32.473599999999998,0,27.52,0,32.47,0]
["N","RAUPIANO",null,11217541002,11231071001,null,"Тройник 160/125/45°",10,"шт",43.7,51.566000000000003,0,43.7,0,51.57,0,"EUR"]
[null,"RAUPIANO"]
[null,"RAUPIANO",null,null,11231541001,null,"Муфта надвижная 40",20,"шт",2.08,{"$f":"J3318*$B$2","v":2.4544000000000001},{"$f":"K3318*F3318","v":0},{"$f":"J3318*(1-$E$5-$E$7)*(1-$E$9)*(1+$E$11)","v":2.08},{"$f":"M3318*F3318","v":0},{"$f":"ROUND((M3318*$B$2),2)","v":2.4500000000000002},{"$f":"O3318*F3318","v":0}]
[null,"RAUPIANO","x",null,11215041001,null,"Муфта надвижная 50",20,"шт",2.29,2.7021999999999999,0,2.29,0,2.7,0]
[null,"RAUPIANO",null,null,11215741001,null,"Муфта надвижная 75",20,"шт",5.16,6.0888,0,5.16,0,6.09,0]
[null,"RAUPIANO",null,null,11233541001,null,"Муфта надвижная 90",20,"шт",5.73,6.7614000000000001,0,5.73,0,6.76,0]
[null,"RAUPIANO","x",null,11215141001,null,"Муфта надвижная 110",20,"шт",6.39,7.5401999999999996,0,6.39,0,7.54,0]
[null,"RAUPIANO",null,null,11204641001,null,"Муфта надвижная 125",10,"шт",14.05,16.579000000000001,0,14.05,0,16.579999999999998,0]
[null,"RAUPIANO",null,null,11240481001,null,"Муфта надвижная 160",10,"шт",28.26,33.346800000000002,0,28.26,0,33.35,0]
["N","RAUPIANO",null,11217641002,11231081001,null,"Тройник 160/125/87°",10,"шт",43.7,51.566000000000003,0,43.7,0,51.57,0,"EUR"]
[null,"RAUPIANO"]
[null,"RAUPIANO","x",null,11210391001,null,"Ревизия 50 ",20,"шт",4.74,{"$f":"J3327*$B$2","v":5.5932000000000004},{"$f":"K3327*F3327","v":0},{"$f":"J3327*(1-$E$5-$E$7)*(1-$E$9)*(1+$E$11)","v":4.74},{"$f":"M3327*F3327","v":0},{"$f":"ROUND((M3327*$B$2),2)","v":5.59},{"$f":"O3327*F3327","v":0}]
[null,"RAUPIANO",null,null,11230791001,null,"Ревизия 75",20,"шт",8.44,{"$f":"J3328*$B$2","v":9.9591999999999992},0,8.44,0,9.9600000000000009,0]
[null,"RAUPIANO",null,null,11233641001,null,"Ревизия 90",20,"шт",9.99,{"$f":"J3329*$B$2","v":11.7882},0,9.99,0,11.79,0]
[null,"RAUPIANO","x",null,11215341003,null,"Ревизия 110",20,"шт",11.71,{"$f":"J3330*$B$2","v":13.8178},0,11.71,0,13.82,0]
[null,"RAUPIANO",null,null,11206341001,null,"Ревизия 125",20,"шт",29.14,{"$f":"J3331*$B$2","v":34.385199999999998},0,29.14,0,34.39,0]
[null,"RAUPIANO",null,null,11240491001,null,"Ревизия 160",10,"шт",61.57,67.900000000000006,0,61.57,0,72.650000000000006,0]
[null,"RAUPIANO"]
[null,"RAUPIANO",null,null,11233741001,null,"Патрубок компенсационный 90",20,"шт",10.199999999999999,{"$f":"J3334*$B$2","v":12.035999999999998},{"$f":"K3334*F3334","v":0},{"$f":"J3334*(1-$E$5-$E$7)*(1-$E$9)*(1+$E$11)","v":10.199999999999999},{"$f":"M3334*F3334","v":0},{"$f":"ROUND((M3334*$B$2),2)","v":12.04},{"$f":"O3334*F3334","v":0}]
[null,"RAUPIANO","x",null,11215941001,null,"Патрубок компенсационный 110",20,"шт",12.28,{"$f":"J3335*$B$2","v":14.490399999999999},{"$f":"K3335*F3335","v":0},{"$f":"J3335*(1-$E$5-$E$7)*(1-$E$9)*(1+$E$11)","v":12.28},{"$f":"M3335*F3335","v":0},{"$f":"ROUND((M3335*$B$2),2)","v":14.49},{"$f":"O3335*F3335","v":0}]
[null,"RAUPIANO"]
[null,"RAUPIANO",null,null,11216041001,null,"Отвод для присоед.выпуска унитаза 110/22°",10,"шт",5.16,{"$f":"J3337*$B$2","v":6.0888},{"$f":"K3337*F3337","v":0},{"$f":"J3337*(1-$E$5-$E$7)*(1-$E$9)*(1+$E$11)","v":5.16},{"$f":"M3337*F3337","v":0},{"$f":"ROUND((M3337*$B$2),2)","v":6.09},{"$f":"O3337*F3337","v":0}]
[null,"RAUPIANO","x",null,11216141001,null,"Отвод для присоед.выпуска унитаза 110/45°",10,"шт",5.31,{"$f":"J3338*$B$2","v":6.2657999999999996},{"$f":"K3338*F3338","v":0},{"$f":"J3338*(1-$E$5-$E$7)*(1-$E$9)*(1+$E$11)","v":5.31},{"$f":"M3338*F3338","v":0},{"$f":"ROUND((M3338*$B$2),2)","v":6.27},{"$f":"O3338*F3338","v":0}]
[null,"RAUPIANO",null,null,11216241001,null,"Отвод для присоед.выпуска унитаза 110/90°",10,"шт",5.46,{"$f":"J3339*$B$2","v":6.4427999999999992},{"$f":"K3339*F3339","v":0},{"$f":"J3339*(1-$E$5-$E$7)*(1-$E$9)*(1+$E$11)","v":5.46},{"$f":"M3339*F3339","v":0},{"$f":"ROUND((M3339*$B$2),2)","v":6.44},{"$f":"O3339*F3339","v":0}]
[null,"RAUPIANO"]
[null,"RAUPIANO",null,null,11229341001,null,"Патрубок приборный 90/250 мм",10,"шт",6.51,{"$f":"J3341*$B$2","v":7.6817999999999991},{"$f":"K3341*F3341","v":0},{"$f":"J3341*(1-$E$5-$E$7)*(1-$E$9)*(1+$E$11)","v":6.51},{"$f":"M3341*F3341","v":0},{"$f":"ROUND((M3341*$B$2),2)","v":7.68},{"$f":"O3341*F3341","v":0}]
[null,"RAUPIANO","x",null,11216341001,null,"Патрубок приборный 110/150 мм",10,"шт",5.46,{"$f":"J3342*$B$2","v":6.4427999999999992},{"$f":"K3342*F3342","v":0},{"$f":"J3342*(1-$E$5-$E$7)*(1-$E$9)*(1+$E$11)","v":5.46},{"$f":"M3342*F3342","v":0},{"$f":"ROUND((M3342*$B$2),2)","v":6.44},{"$f":"O3342*F3342","v":0}]
[null,"RAUPIANO","x",null,11216441001,null,"Патрубок приборный 110/250 мм",10,"шт",6.51,{"$f":"J3343*$B$2","v":7.6817999999999991},{"$f":"K3343*F3343","v":0},{"$f":"J3343*(1-$E$5-$E$7)*(1-$E$9)*(1+$E$11)","v":6.51},{"$f":"M3343*F3343","v":0},{"$f":"ROUND((M3343*$B$2),2)","v":7.68},{"$f":"O3343*F3343","v":0}]
[null,"RAUPIANO"]
[null,"RAUPIANO",null,null,11230071001,null,"Уплотнительная манжета 17-90",10,"шт",5.65,{"$f":"J3345*$B$2","v":6.6669999999999998},{"$f":"K3345*F3345","v":0},{"$f":"J3345*(1-$E$5-$E$7)*(1-$E$9)*(1+$E$11)","v":5.65},{"$f":"M3345*F3345","v":0},{"$f":"ROUND((M3345*$B$2),2)","v":6.67},{"$f":"O3345*F3345","v":0}]
[null,"RAUPIANO"]
["V","RAUPIANO",null,null,11220041100,null,"Хомут шумопоглощающий с защелкой 75 M8/10 ",5,"шт",7.29,{"$f":"J3347*$B$2","v":8.6021999999999998},{"$f":"K3347*F3347","v":0},{"$f":"J3347*(1-$E$5-$E$7)*(1-$E$9)*(1+$E$11)","v":7.29},{"$f":"M3347*F3347","v":0},{"$f":"ROUND((M3347*$B$2),2)","v":8.6},{"$f":"O3347*F3347","v":0}]
["V","RAUPIANO",null,null,11220441100,null,"Хомут шумопоглощающий с защелкой 90 M8/10 ",5,"шт",7.81,9.2157999999999998,0,7.81,0,9.2200000000000006,0]
[null,"RAUPIANO","x",null,11220141100,null,"Хомут шумопоглощающий с защелкой 110 M8/10 ",5,"шт",8.3699999999999992,9.876599999999998,0,8.3699999999999992,0,9.8800000000000008,0]
[null,"RAUPIANO",null,null,11220241100,null,"Хомут шумопоглощающий с защелкой 125 М10/12",5,"шт",9.52,11.233599999999999,0,9.52,0,11.23,0]
["N","RAUPIANO",null,11239741001,11231091001,null,"Заглушка 200",10,"шт",18.75,22.125,0,18.75,0,22.13,0,"EUR"]
[null,"RAUPIANO",null,null,11239241001,null,"Хомут шумопоглощающий  200 с анкерной шпилькой М12/60 мм и стеновой пластиной",5,"шт",28.28,33.370399999999997,0,28.28,0,33.369999999999997,0]
[null,"RAUPIANO"]
[null,"RAUPIANO",null,null,11226441001,null,"Хомут обжимной 40 M8",25,"шт",1.51,{"$f":"J3354*$B$2","v":1.7817999999999998},{"$f":"K3354*F3354","v":0},{"$f":"J3354*(1-$E$5-$E$7)*(1-$E$9)*(1+$E$11)","v":1.51},{"$f":"M3354*F3354","v":0},{"$f":"ROUND((M3354*$B$2),2)","v":1.78},{"$f":"O3354*F3354","v":0}]
[null,"RAUPIANO","x",null,11205041001,null,"Хомут обжимной 50 M8",25,"шт",1.78,2.1004,0,1.78,0,2.1,0]
["V","RAUPIANO",null,120514,11200261001,null,"Хомут обжимной 75 M8/10 ",10,"шт",3.38,3.9883999999999995,0,3.38,0,3.99,0]
["V","RAUPIANO",null,122054,11200471001,null,"Хомут обжимной 90 M8/10 ",10,"шт",3.7,4.3659999999999997,0,3.7,0,4.37,0]
[null,"RAUPIANO","x",120524,11200291001,null,"Хомут обжимной 110 M8/10 ",10,"шт",3.95,4.6609999999999996,0,3.95,0,4.66,0]
[null,"RAUPIANO",null,120804,11200481001,null,"Хомут обжимной 125 M10 ",10,"шт",4.4800000000000004,5.2864000000000004,0,4.4800000000000004,0,5.29,0]
[null,"RAUPIANO",null,121844,11200491001,null,"Хомут обжимной 160 M10",10,"шт",7.08,8.3544,0,7.08,0,8.35,0]
[null,"RAUPIANO",null,null,11239341001,null,"Хомут обжимной 200 с анкерной шпилькой М12/60 мм и стеновой пластиной",10,"шт",14.57,17.192599999999999,0,14.57,0,17.190000000000001,0]
[null,"RAUPIANO"]
[null,"RAUPIANO",null,null,11226541001,null,"Хомут опорный  40 M8",25,"шт",1.51,{"$f":"J3363*$B$2","v":1.7817999999999998},{"$f":"K3363*F3363","v":0},{"$f":"J3363*(1-$E$5-$E$7)*(1-$E$9)*(1+$E$11)","v":1.51},{"$f":"M3363*F3363","v":0},{"$f":"ROUND((M3363*$B$2),2)","v":1.78},{"$f":"O3363*F3363","v":0}]
[null,"RAUPIANO","x",null,11205341001,null,"Хомут опорный 50 M8",25,"шт",1.78,2.1004,0,1.78,0,2.1,0]
[null,"RAUPIANO",null,120544,11200191001,null,"Хомут опорный 75 M8/10 ",10,"шт",3.38,3.9883999999999995,0,3.38,0,3.99,0]
[null,"RAUPIANO",null,122064,11200551001,null,"Хомут опорный 90 M8/10 ",10,"шт",3.7,4.3659999999999997,0,3.7,0,4.37,0]
[null,"RAUPIANO","x",120554,11200271001,null,"Хомут опорный 110 M8/10 ",10,"шт",3.95,4.6609999999999996,0,3.95,0,4.66,0]
[null,"RAUPIANO",null,120814,11200561001,null,"Хомут опорный 125 M10 ",10,"шт",4.4800000000000004,5.2864000000000004,0,4.4800000000000004,0,5.29,0]
[null,"RAUPIANO",null,121854,11200571001,null,"Хомут опорный 160 M10 ",10,"шт",7.08,8.3544,0,7.08,0,8.35,0]
[null,"RAUPIANO",null,null,11239441001,null,"Хомут опорный 200 с анкерной шпилькой М12/60 мм и стеновой пластиной",10,"шт",14.57,17.192599999999999,0,14.57,0,17.190000000000001,0]
[null,"RAUPIANO"]
[null,"RAUPIANO",null,null,11006591001,null,"Хомут обжимной с замком 40",1,"шт",11.3,{"$f":"J3372*$B$2","v":13.334},{"$f":"K3372*F3372","v":0},{"$f":"J3372*(1-$E$5-$E$7)*(1-$E$9)*(1+$E$11)","v":11.3},{"$f":"M3372*F3372","v":0},{"$f":"ROUND((M3372*$B$2),2)","v":13.33},{"$f":"O3372*F3372","v":0}]
[null,"RAUPIANO",null,null,11006611001,null,"Хомут обжимной с замком 50",1,"шт",11.51,13.581799999999999,0,11.51,0,13.58,0]
[null,"RAUPIANO",null,null,11006621001,null,"Хомут обжимной с замком 75",1,"шт",12.69,14.974199999999998,0,12.69,0,14.97,0]
[null,"RAUPIANO",null,null,11006631001,null,"Хомут обжимной с замком 90",1,"шт",13.14,15.5052,0,13.14,0,15.51,0]
[null,"RAUPIANO",null,null,11006641001,null,"Хомут обжимной с замком 110",1,"шт",13.73,16.2014,0,13.73,0,16.2,0]
[null,"RAUPIANO",null,null,11006651001,null,"Хомут обжимной с замком 125",1,"шт",14.62,17.2516,0,14.62,0,17.25,0]
["N","RAUPIANO",null,null,11029461001,null,"Хомут обжимной с замком 160",1,"шт",16.8,19.823999999999998,0,16.8,0,19.82,0]
["N","RAUPIANO",null,null,11029471001,null,"Хомут обжимной с замком 200",1,"шт",20.6,24.308,0,20.6,0,24.31,0]
[]
["N","RAUPIANO",null,11237241001,11237241002,null,"Крестовина двухплоскостная 90/90/90/87° max flow (гидравлически оптимизированный радиус)",10,"шт",27.62,{"$f":"J3381*$B$2","v":32.5916},{"$f":"K3381*F3381","v":0},{"$f":"J3381*(1-$E$5-$E$7)*(1-$E$9)*(1+$E$11)","v":27.62},{"$f":"M3381*F3381","v":0},{"$f":"ROUND((M3381*$B$2),2)","v":32.590000000000003},{"$f":"O3381*F3381","v":0},"EUR"]
["N","RAUPIANO",null,11237341001,11237341002,null,"Отвод параллельный 90/90",10,"шт",44.62,{"$f":"J3382*$B$2","v":52.651599999999995},{"$f":"K3382*F3382","v":0},{"$f":"J3382*(1-$E$5-$E$7)*(1-$E$9)*(1+$E$11)","v":44.62},{"$f":"M3382*F3382","v":0},{"$f":"ROUND((M3382*$B$2),2)","v":52.65},{"$f":"O3382*F3382","v":0},"EUR"]
[null,"RAUPIANO"]
[null,"RAUPIANO",null,null,null,null,"6.3 Противопожарная защита для труб RAUPIANO"]
[null,"RAUPIANO",null,null,11210421001,null,"Противопожарная лента DN 40-50, длина 1050 мм",1,"шт",243.14829,{"$f":"J3385*$B$2","v":286.9149822},{"$f":"K3385*F3385","v":0},{"$f":"J3385*(1-$E$5-$E$7)*(1-$E$9)*(1+$E$11)","v":243.14829},{"$f":"M3385*F3385","v":0},{"$f":"ROUND((M3385*$B$2),2)","v":286.91000000000003},{"$f":"O3385*F3385","v":0}]
[null,"RAUPIANO",null,null,11210471001,null,"Противопожарная лента DN 75-90, длина 2205 мм ",1,"шт",356.82319200000018,{"$f":"J3386*$B$2","v":421.05136656000019},{"$f":"K3386*F3386","v":0},{"$f":"J3386*(1-$E$5-$E$7)*(1-$E$9)*(1+$E$11)","v":356.82319200000018},{"$f":"M3386*F3386","v":0},{"$f":"ROUND((M3386*$B$2),2)","v":421.05},{"$f":"O3386*F3386","v":0}]
[null,"RAUPIANO"]
[null,"RAUPIANO",null,null,11221041001,null,"Противопожарная манжета компакт 50",2,"шт",50.99,{"$f":"J3388*$B$2","v":60.168199999999999},{"$f":"K3388*F3388","v":0},{"$f":"J3388*(1-$E$5-$E$7)*(1-$E$9)*(1+$E$11)","v":50.99},{"$f":"M3388*F3388","v":0},{"$f":"ROUND((M3388*$B$2),2)","v":60.17},{"$f":"O3388*F3388","v":0}]
[null,"RAUPIANO",null,null,11221141001,null,"Противопожарная манжета компакт 75",2,"шт",60.37,{"$f":"J3389*$B$2","v":71.236599999999996},{"$f":"K3389*F3389","v":0},{"$f":"J3389*(1-$E$5-$E$7)*(1-$E$9)*(1+$E$11)","v":60.37},{"$f":"M3389*F3389","v":0},{"$f":"ROUND((M3389*$B$2),2)","v":71.239999999999995},{"$f":"O3389*F3389","v":0}]
[null,"RAUPIANO",null,null,11220051001,null,"Противопожарная манжета компакт 90",2,"шт",65.97,{"$f":"J3390*$B$2","v":77.8446},{"$f":"K3390*F3390","v":0},{"$f":"J3390*(1-$E$5-$E$7)*(1-$E$9)*(1+$E$11)","v":65.97},{"$f":"M3390*F3390","v":0},{"$f":"ROUND((M3390*$B$2),2)","v":77.84},{"$f":"O3390*F3390","v":0}]
[null,"RAUPIANO",null,null,11221241001,null,"Противопожарная манжета компакт 110",2,"шт",69.72,{"$f":"J3391*$B$2","v":82.269599999999997},{"$f":"K3391*F3391","v":0},{"$f":"J3391*(1-$E$5-$E$7)*(1-$E$9)*(1+$E$11)","v":69.72},{"$f":"M3391*F3391","v":0},{"$f":"ROUND((M3391*$B$2),2)","v":82.27},{"$f":"O3391*F3391","v":0}]
[null,"RAUPIANO",null,null,11221341001,null,"Противопожарная манжета компакт 125",2,"шт",79.09,{"$f":"J3392*$B$2","v":93.3262},{"$f":"K3392*F3392","v":0},{"$f":"J3392*(1-$E$5-$E$7)*(1-$E$9)*(1+$E$11)","v":79.09},{"$f":"M3392*F3392","v":0},{"$f":"ROUND((M3392*$B$2),2)","v":93.33},{"$f":"O3392*F3392","v":0}]
[null,"RAUPIANO"]
[null,"RAUPIANO",null,null,11218941001,null,"Противопожарная манжета плюс 40-50",2,"шт",61.4,{"$f":"J3394*$B$2","v":72.451999999999998},{"$f":"K3394*F3394","v":0},{"$f":"J3394*(1-$E$5-$E$7)*(1-$E$9)*(1+$E$11)","v":61.4},{"$f":"M3394*F3394","v":0},{"$f":"ROUND((M3394*$B$2),2)","v":72.45},{"$f":"O3394*F3394","v":0}]
[null,"RAUPIANO",null,null,11219041001,null,"Противопожарная манжета плюс 75",2,"шт",66.599999999999994,78.587999999999994,0,66.599999999999994,0,78.59,0]
[null,"RAUPIANO",null,null,11219141001,null,"Противопожарная манжета плюс 90",2,"шт",72.849999999999994,85.962999999999994,0,72.849999999999994,0,85.96,0]
[null,"RAUPIANO",null,null,11219241001,null,"Противопожарная манжета плюс 110",2,"шт",79.09,93.3262,0,79.09,0,93.33,0]
[null,"RAUPIANO",null,null,11219341001,null,"Противопожарная манжета плюс 125",2,"шт",95.74,112.97319999999999,0,95.74,0,112.97,0]
[null,"RAUPIANO",null,null,11219441001,null,"Противопожарная манжета плюс 160",2,"шт",185.24,218.58320000000001,0,185.24,0,218.58,0]
[null,"RAUPIANO",null,null,11210081001,null,"Противопожарная манжета плюс 200",2,"шт",264.97000000000003,312.66460000000001,0,264.97000000000003,0,312.66000000000003,0]
[null,"RAUPIANO"]
[null,"RAUPIANO",null,null,11208341001,null,"Противопожарная манжета 75 угловая",1,"шт",149.86000000000001,{"$f":"J3402*$B$2","v":176.8348},{"$f":"K3402*F3402","v":0},{"$f":"J3402*(1-$E$5-$E$7)*(1-$E$9)*(1+$E$11)","v":149.86000000000001},{"$f":"M3402*F3402","v":0},{"$f":"ROUND((M3402*$B$2),2)","v":176.83},{"$f":"O3402*F3402","v":0}]
[null,"RAUPIANO",null,null,11208741001,null,"Противопожарная манжета 90 угловая",1,"шт",226.87,{"$f":"J3403*$B$2","v":267.70659999999998},{"$f":"K3403*F3403","v":0},{"$f":"J3403*(1-$E$5-$E$7)*(1-$E$9)*(1+$E$11)","v":226.87},{"$f":"M3403*F3403","v":0},{"$f":"ROUND((M3403*$B$2),2)","v":267.70999999999998},{"$f":"O3403*F3403","v":0}]
[null,"RAUPIANO",null,null,11208441001,null,"Противопожарная манжета 110 угловая",1,"шт",187.33,{"$f":"J3404*$B$2","v":221.04939999999999},{"$f":"K3404*F3404","v":0},{"$f":"J3404*(1-$E$5-$E$7)*(1-$E$9)*(1+$E$11)","v":187.33},{"$f":"M3404*F3404","v":0},{"$f":"ROUND((M3404*$B$2),2)","v":221.05},{"$f":"O3404*F3404","v":0}]
[null,"RAUPIANO",null,null,11208541001,null,"Противопожарная манжета 125 угловая",1,"шт",247.69,{"$f":"J3405*$B$2","v":292.27420000000001},{"$f":"K3405*F3405","v":0},{"$f":"J3405*(1-$E$5-$E$7)*(1-$E$9)*(1+$E$11)","v":247.69},{"$f":"M3405*F3405","v":0},{"$f":"ROUND((M3405*$B$2),2)","v":292.27},{"$f":"O3405*F3405","v":0}]
[null,"RAUPIANO"]
[null,"RAUPIANO",null,null,null,null,"6.4 Комплектующие"]
[null,"RAUPIANO",null,null,11238241001,null,"Гибкое (гофрир.)  подключение к выходу вентиляц. части стояка 75/90/110",1,"шт",33.229999999999997,{"$f":"J3408*$B$2","v":39.211399999999998},{"$f":"K3408*F3408","v":0},{"$f":"J3408*(1-$E$5-$E$7)*(1-$E$9)*(1+$E$11)","v":33.229999999999997},{"$f":"M3408*F3408","v":0},{"$f":"ROUND((M3408*$B$2),2)","v":39.21},{"$f":"O3408*F3408","v":0}]
[null,"RAUPIANO"]
[null,"RAUPIANO",null,null,11282431002,null,"Кольцо уплотнительное резиновое для раструба трубы 40",1,"шт",0.26,{"$f":"J3410*$B$2","v":0.30680000000000002},{"$f":"K3410*F3410","v":0},{"$f":"J3410*(1-$E$5-$E$7)*(1-$E$9)*(1+$E$11)","v":0.26},{"$f":"M3410*F3410","v":0},{"$f":"ROUND((M3410*$B$2),2)","v":0.31},{"$f":"O3410*F3410","v":0}]
[null,"RAUPIANO","x",null,11280131002,null,"Кольцо уплотнительное резиновое для раструба трубы 50",1,"шт",0.36,0.42479999999999996,0,0.36,0,0.42,0]
[null,"RAUPIANO",null,null,11280231002,null,"Кольцо уплотнительное резиновое для раструба трубы 75",1,"шт",0.36,0.42479999999999996,0,0.36,0,0.42,0]
[null,"RAUPIANO",null,null,11280031001,null,"Кольцо уплотнительное резиновое для раструба трубы 90",1,"шт",0.36,0.42479999999999996,0,0.36,0,0.42,0]
[null,"RAUPIANO","x",null,11280331002,null,"Кольцо уплотнительное резиновое для раструба трубы 110",1,"шт",0.36,0.42479999999999996,0,0.36,0,0.42,0]
[null,"RAUPIANO",null,null,11280431003,null,"Кольцо уплотнительное резиновое для раструба трубы 125",1,"шт",0.79,0.93220000000000003,0,0.79,0,0.93,0]
[null,"RAUPIANO",null,null,11280531003,null,"Кольцо уплотнительное резиновое для раструба трубы 160",1,"шт",0.79,0.93220000000000003,0,0.79,0,0.93,0]
[null,"RAUPIANO"]
[null,"RAUPIANO","x",null,11262531002,null,"Резиновый сальник 50/40",20,"шт",0.79,{"$f":"J3418*$B$2","v":0.93220000000000003},{"$f":"K3418*F3418","v":0},{"$f":"J3418*(1-$E$5-$E$7)*(1-$E$9)*(1+$E$11)","v":0.79},{"$f":"M3418*F3418","v":0},{"$f":"ROUND((M3418*$B$2),2)","v":0.93},{"$f":"O3418*F3418","v":0}]
[null,"RAUPIANO",null,null,11219131003,null,"Резиновый сальник 50/50",20,"шт",0.88,{"$f":"J3419*$B$2","v":1.0384},{"$f":"K3419*F3419","v":0},{"$f":"J3419*(1-$E$5-$E$7)*(1-$E$9)*(1+$E$11)","v":0.88},{"$f":"M3419*F3419","v":0},{"$f":"ROUND((M3419*$B$2),2)","v":1.04},{"$f":"O3419*F3419","v":0}]
[null,"RAUPIANO"]
["V","RAUPIANO",null,null,11229231003,null,"Сальник резиновый с выступом гофра 40/30",20,"шт",0.99,{"$f":"J3421*$B$2","v":1.1681999999999999},{"$f":"K3421*F3421","v":0},{"$f":"J3421*(1-$E$5-$E$7)*(1-$E$9)*(1+$E$11)","v":0.99},{"$f":"M3421*F3421","v":0},{"$f":"ROUND((M3421*$B$2),2)","v":1.17},{"$f":"O3421*F3421","v":0}]
["V","RAUPIANO","x",null,11229331003,null,"Сальник резиновый с выступом гофра 50/30",20,"шт",1.0900000000000001,{"$f":"J3422*$B$2","v":1.2862},{"$f":"K3422*F3422","v":0},{"$f":"J3422*(1-$E$5-$E$7)*(1-$E$9)*(1+$E$11)","v":1.0900000000000001},{"$f":"M3422*F3422","v":0},{"$f":"ROUND((M3422*$B$2),2)","v":1.29},{"$f":"O3422*F3422","v":0}]
["V","RAUPIANO","x",null,11229431003,null,"Сальник резиновый с выступом гофра 50/40",20,"шт",1.2,{"$f":"J3423*$B$2","v":1.4159999999999999},{"$f":"K3423*F3423","v":0},{"$f":"J3423*(1-$E$5-$E$7)*(1-$E$9)*(1+$E$11)","v":1.2},{"$f":"M3423*F3423","v":0},{"$f":"ROUND((M3423*$B$2),2)","v":1.42},{"$f":"O3423*F3423","v":0}]
[null,"RAUPIANO"]
[null,"RAUPIANO","x",null,11289331002,null,"Технический вазелин  для раструб. соединений, Тюбик - 150 г",50,"шт",2.08,{"$f":"J3425*$B$2","v":2.4544000000000001},{"$f":"K3425*F3425","v":0},{"$f":"J3425*(1-$E$5-$E$7)*(1-$E$9)*(1+$E$11)","v":2.08},{"$f":"M3425*F3425","v":0},{"$f":"ROUND((M3425*$B$2),2)","v":2.4500000000000002},{"$f":"O3425*F3425","v":0}]
[null,"RAUPIANO",null,null,11289431003,null,"Технический вазелин  для раструб. соединений, Тюбик - 250 г",50,"шт",2.65,{"$f":"J3426*$B$2","v":3.1269999999999998},{"$f":"K3426*F3426","v":0},{"$f":"J3426*(1-$E$5-$E$7)*(1-$E$9)*(1+$E$11)","v":2.65},{"$f":"M3426*F3426","v":0},{"$f":"ROUND((M3426*$B$2),2)","v":3.13},{"$f":"O3426*F3426","v":0}]
[null,"RAUPIANO",null,null,11289531003,null,"Технический вазелин  для раструб. соединений, Тюбик - 500 г",24,"шт",3.65,{"$f":"J3427*$B$2","v":4.3069999999999995},{"$f":"K3427*F3427","v":0},{"$f":"J3427*(1-$E$5-$E$7)*(1-$E$9)*(1+$E$11)","v":3.65},{"$f":"M3427*F3427","v":0},{"$f":"ROUND((M3427*$B$2),2)","v":4.3099999999999996},{"$f":"O3427*F3427","v":0}]
[null,"RAUPIANO"]
[null,"VACUCLEAN"]
[null,"VACUCLEAN",null,null,null,null,"7.1 Центральный пылесос"]
[null,"VACUCLEAN",null,null,13522071002,null,"VACUCLEAN 2000",1,"шт",1091.05,{"$f":"J3431*$B$2","v":1287.4389999999999},{"$f":"K3431*F3431","v":0},{"$f":"J3431*(1-$E$5-$E$7)*(1-$E$9)*(1+$E$11)","v":1091.05},{"$f":"M3431*F3431","v":0},{"$f":"ROUND((M3431*$B$2),2)","v":1287.44},{"$f":"O3431*F3431","v":0}]
[null,"VACUCLEAN",null,null,13522081002,null,"VACUCLEAN 3000",1,"шт",1753.05,{"$f":"J3432*$B$2","v":2068.5989999999997},{"$f":"K3432*F3432","v":0},{"$f":"J3432*(1-$E$5-$E$7)*(1-$E$9)*(1+$E$11)","v":1753.05},{"$f":"M3432*F3432","v":0},{"$f":"ROUND((M3432*$B$2),2)","v":2068.6},{"$f":"O3432*F3432","v":0}]
[null,"VACUCLEAN",null,null,13522091002,null,"VACUCLEAN 4000",1,"шт",2095.9699999999998,{"$f":"J3433*$B$2","v":2473.2445999999995},{"$f":"K3433*F3433","v":0},{"$f":"J3433*(1-$E$5-$E$7)*(1-$E$9)*(1+$E$11)","v":2095.9699999999998},{"$f":"M3433*F3433","v":0},{"$f":"ROUND((M3433*$B$2),2)","v":2473.2399999999998},{"$f":"O3433*F3433","v":0}]
[null,"VACUCLEAN"]
[null,"VACUCLEAN",null,null,null,null,"7.2 Набор для пылеудаления"]
[null,"VACUCLEAN",null,null,null,null,"7.2.1 Система радиоуправления"]
[null,"VACUCLEAN",null,null,13522121002,null,"Базовый комплект для пылеудаления VACUCLEAN ",1,"шт",355,{"$f":"J3437*$B$2","v":418.9},{"$f":"K3437*F3437","v":0},{"$f":"J3437*(1-$E$5-$E$7)*(1-$E$9)*(1+$E$11)","v":355},{"$f":"M3437*F3437","v":0},{"$f":"ROUND((M3437*$B$2),2)","v":418.9},{"$f":"O3437*F3437","v":0}]
[null,"VACUCLEAN",null,null,12498301001,null,"Дополнительный всасывающий модуль",1,"шт",262.63,309.90339999999998,0,262.63,0,309.89999999999998,0]
[null,"VACUCLEAN",null,null,12278041002,null,"Базовый пакет VACUCLEAN",1,"шт",187.12,220.80160000000001,0,187.12,0,220.8,0]
[null,"VACUCLEAN",null,null,12424731001,null,"Всасывающий шланг 8м",1,"шт",124.89,147.37019999999998,0,124.89,0,147.37,0]
[null,"VACUCLEAN",null,13522161001,13522161002,null,"Всасывающий шланг 8м со встроенной системой дистанц. радиоуправления",1,"шт",161.86000000000001,190.9948,0,161.86000000000001,0,190.99,0]
[null,"VACUCLEAN",null,null,12424831001,null,"Шланг стрейч VACUCLEAN",1,"шт",92.1,108.67799999999998,0,92.1,0,108.68,0]
[null,"VACUCLEAN",null,null,12423731001,null,"Удлиннитель шланга 3 м ",1,"шт",72.39,85.420199999999994,0,72.39,0,85.42,0]
[null,"VACUCLEAN"]
[null,"VACUCLEAN",null,null,null,null,"7.2.2 Кабельное управление"]
[null,"VACUCLEAN",null,null,13590201001,null,"Базовый комплект для пылеудаления VACUCLEAN CC",1,"шт",402.32,{"$f":"J3446*$B$2","v":474.73759999999999},{"$f":"K3446*F3446","v":0},{"$f":"J3446*(1-$E$5-$E$7)*(1-$E$9)*(1+$E$11)","v":402.32},{"$f":"M3446*F3446","v":0},{"$f":"ROUND((M3446*$B$2),2)","v":474.74},{"$f":"O3446*F3446","v":0}]
[null,"VACUCLEAN",null,null,13523521003,null,"Набор для пылеудаления VACUCLEAN K",1,"шт",264.86,{"$f":"J3447*$B$2","v":312.53480000000002},{"$f":"K3447*F3447","v":0},{"$f":"J3447*(1-$E$5-$E$7)*(1-$E$9)*(1+$E$11)","v":264.86},{"$f":"M3447*F3447","v":0},{"$f":"ROUND((M3447*$B$2),2)","v":312.52999999999997},{"$f":"O3447*F3447","v":0}]
[null,"VACUCLEAN",null,null,12455771002,null,"Базовый пакет VACUCLEAN CC",1,"шт",232.6,{"$f":"J3448*$B$2","v":274.46799999999996},{"$f":"K3448*F3448","v":0},{"$f":"J3448*(1-$E$5-$E$7)*(1-$E$9)*(1+$E$11)","v":232.6},{"$f":"M3448*F3448","v":0},{"$f":"ROUND((M3448*$B$2),2)","v":274.47000000000003},{"$f":"O3448*F3448","v":0}]
[null,"VACUCLEAN",null,null,13590191001,null,"Всасывающий шланг VACUCLEAN СС",1,"шт",202.89,{"$f":"J3449*$B$2","v":239.41019999999997},{"$f":"K3449*F3449","v":0},{"$f":"J3449*(1-$E$5-$E$7)*(1-$E$9)*(1+$E$11)","v":202.89},{"$f":"M3449*F3449","v":0},{"$f":"ROUND((M3449*$B$2),2)","v":239.41},{"$f":"O3449*F3449","v":0}]
[null,"VACUCLEAN"]
[null,"VACUCLEAN",null,null,null,null,"7.3 Всас. и напольные розетки"]
[null,"VACUCLEAN",null,null,null,null,"7.3.1 Система радиоуправления"]
[null,"VACUCLEAN",null,null,12498501001,null,"Настенная розетка VACUCLEAN белая для радиоуправ. сис.",1,"шт",27.01,{"$f":"J3453*$B$2","v":31.8718},{"$f":"K3453*F3453","v":0},{"$f":"J3453*(1-$E$5-$E$7)*(1-$E$9)*(1+$E$11)","v":27.01},{"$f":"M3453*F3453","v":0},{"$f":"ROUND((M3453*$B$2),2)","v":31.87},{"$f":"O3453*F3453","v":0}]
[null,"VACUCLEAN",null,null,12423031001,null,"Настенная розетка VACUCLEAN бежевая для радиоуправ. сис.",1,"шт",27.01,{"$f":"J3454*$B$2","v":31.8718},{"$f":"K3454*F3454","v":0},{"$f":"J3454*(1-$E$5-$E$7)*(1-$E$9)*(1+$E$11)","v":27.01},{"$f":"M3454*F3454","v":0},{"$f":"ROUND((M3454*$B$2),2)","v":31.87},{"$f":"O3454*F3454","v":0}]
[null,"VACUCLEAN",null,null,12423031003,null,"Настенная розетка VACUCLEAN мат. хром для радиоуправ. сис.",1,"шт",27.01,{"$f":"J3455*$B$2","v":31.8718},{"$f":"K3455*F3455","v":0},{"$f":"J3455*(1-$E$5-$E$7)*(1-$E$9)*(1+$E$11)","v":27.01},{"$f":"M3455*F3455","v":0},{"$f":"ROUND((M3455*$B$2),2)","v":31.87},{"$f":"O3455*F3455","v":0}]
[null,"VACUCLEAN",null,null,12092151001,null,"Розетка для открытого монтажа VACUCLEAN белая для радиоуправ. системы",1,"шт",92.21,{"$f":"J3456*$B$2","v":108.80779999999999},{"$f":"K3456*F3456","v":0},{"$f":"J3456*(1-$E$5-$E$7)*(1-$E$9)*(1+$E$11)","v":92.21},{"$f":"M3456*F3456","v":0},{"$f":"ROUND((M3456*$B$2),2)","v":108.81},{"$f":"O3456*F3456","v":0}]
[null,"VACUCLEAN"]
[null,"VACUCLEAN",null,null,null,null,"7.3.2 Кабель управления"]
[null,"VACUCLEAN",null,null,12423131001,null,"Напольная розетка VACUCLEAN для дистанц./кабельного управ. сис.",1,"шт",52.03,{"$f":"J3459*$B$2","v":61.395399999999995},{"$f":"K3459*F3459","v":0},{"$f":"J3459*(1-$E$5-$E$7)*(1-$E$9)*(1+$E$11)","v":52.03},{"$f":"M3459*F3459","v":0},{"$f":"ROUND((M3459*$B$2),2)","v":61.4},{"$f":"O3459*F3459","v":0}]
[null,"VACUCLEAN"]
[null,"VACUCLEAN",null,null,12435821001,null,"Щелевая розетка Vac-Pan для дистанц./кабельного управ. сис.",1,"шт",90.49,{"$f":"J3461*$B$2","v":106.77819999999998},{"$f":"K3461*F3461","v":0},{"$f":"J3461*(1-$E$5-$E$7)*(1-$E$9)*(1+$E$11)","v":90.49},{"$f":"M3461*F3461","v":0},{"$f":"ROUND((M3461*$B$2),2)","v":106.78},{"$f":"O3461*F3461","v":0}]
["V","VACUCLEAN",null,null,12433021002,null,"Настенная алюминиевая розетка, белая, для дистанц./кабельного управ. сис.",1,"шт",36.049999999999997,{"$f":"J3462*$B$2","v":42.538999999999994},{"$f":"K3462*F3462","v":0},{"$f":"J3462*(1-$E$5-$E$7)*(1-$E$9)*(1+$E$11)","v":36.049999999999997},{"$f":"M3462*F3462","v":0},{"$f":"ROUND((M3462*$B$2),2)","v":42.54},{"$f":"O3462*F3462","v":0}]
[null,"VACUCLEAN",null,null,12435881001,null,"Настенная пластм. розетка, глянц. хром, для дистанц./кабельного управ. сис.",1,"шт",33.83,{"$f":"J3463*$B$2","v":39.919399999999996},{"$f":"K3463*F3463","v":0},{"$f":"J3463*(1-$E$5-$E$7)*(1-$E$9)*(1+$E$11)","v":33.83},{"$f":"M3463*F3463","v":0},{"$f":"ROUND((M3463*$B$2),2)","v":39.92},{"$f":"O3463*F3463","v":0}]
[null,"VACUCLEAN",null,null,12435981001,null,"Настенная пластм. розетка, мат. хром, для дистанц./кабельного управ. сис.",1,"шт",33.83,{"$f":"J3464*$B$2","v":39.919399999999996},{"$f":"K3464*F3464","v":0},{"$f":"J3464*(1-$E$5-$E$7)*(1-$E$9)*(1+$E$11)","v":33.83},{"$f":"M3464*F3464","v":0},{"$f":"ROUND((M3464*$B$2),2)","v":39.92},{"$f":"O3464*F3464","v":0}]
[null,"VACUCLEAN"]
[null,"VACUCLEAN",null,null,null,null,"7.4 Комплектующие"]
[null,"VACUCLEAN",null,null,12423531001,null,"Телескопическая стальная труба VACUCLEAN",1,"шт",28.51,{"$f":"J3467*$B$2","v":33.641800000000003},{"$f":"K3467*F3467","v":0},{"$f":"J3467*(1-$E$5-$E$7)*(1-$E$9)*(1+$E$11)","v":28.51},{"$f":"M3467*F3467","v":0},{"$f":"ROUND((M3467*$B$2),2)","v":33.64},{"$f":"O3467*F3467","v":0}]
[null,"VACUCLEAN",null,null,12423631001,null,"Щетка для мебели VACUCLEAN",1,"шт",9.58,11.304399999999999,0,9.58,0,11.3,0]
[null,"VACUCLEAN",null,null,12423831001,null,"Насадка для швов VACUCLEAN",1,"шт",5.2,6.1360000000000001,0,5.2,0,6.14,0]
[null,"VACUCLEAN",null,null,12423931001,null,"Щетка для радиаторов VACUCLEAN",1,"шт",6.77,7.988599999999999,0,6.77,0,7.99,0]
[null,"VACUCLEAN",null,null,12424031001,null,"Насадка для мебели VACUCLEAN",1,"шт",11.49,13.558199999999999,0,11.49,0,13.56,0]
[null,"VACUCLEAN",null,null,12424131001,null,"Щетка для ковров VACUCLEAN",1,"шт",84.97,100.26459999999999,0,84.97,0,100.26,0]
[null,"VACUCLEAN",null,null,13522141001,null,"Комбинированная насадка VACUCLEAN без защит. колпака",1,"шт",110.47,130.3546,0,110.47,0,130.35,0]
[null,"VACUCLEAN",null,12432821001,12432821002,null,"Сепаратор VACUCLEAN",1,"шт",90.49,106.77819999999998,0,90.49,0,106.78,0]
[null,"VACUCLEAN",null,null,12424531001,null,"Кронштейн для шланга VACUCLEAN",1,"шт",32.68,38.562399999999997,0,32.68,0,38.56,0]
[null,"VACUCLEAN",null,null,12291951001,null,"Адаптер переходн. VACUCLEAN-RAUVACLEAN, хром, 35/32, штекерный",1,"шт",5.63,6.6433999999999997,0,5.63,0,6.64,0]
[null,"VACUCLEAN",null,null,12291961001,null,"Адаптер переходн. VACUCLEAN-RAUVACLEAN, ПЕ 32/35, муфтовый",1,"шт",1.25,1.4749999999999999,0,1.25,0,1.48,0]
[null,"VACUCLEAN",null,null,13522151001,null,"Патронный фильтр VACUCLEAN (для арт. пылесосов 352207, 352208, 352209)",1,"шт",76.98,90.836399999999998,0,76.98,0,90.84,0]
[null,"VACUCLEAN",null,null,12111661001,null,"Патронный фильтр с бугелем для пылесосов прежних моделей (для арт. пылесосов 243502, 243512, 243522)",1,"шт",76.98,90.836399999999998,0,76.98,0,90.84,0]
[null,"VACUCLEAN"]
[null,"VACUCLEAN",null,null,null,null,"7.5 Комплектующие для монтажа"]
[null,"VACUCLEAN",null,null,12433521001,null,"Монтажная рама розетки VACUCLEAN",1,"шт",18.100000000000001,{"$f":"J3482*$B$2","v":21.358000000000001},{"$f":"K3482*F3482","v":0},{"$f":"J3482*(1-$E$5-$E$7)*(1-$E$9)*(1+$E$11)","v":18.100000000000001},{"$f":"M3482*F3482","v":0},{"$f":"ROUND((M3482*$B$2),2)","v":21.36},{"$f":"O3482*F3482","v":0}]
[null,"VACUCLEAN",null,null,12427671001,null,"Крышка для оштукатуривания VACUCLEAN ",1,"шт",3.29,{"$f":"J3483*$B$2","v":3.8821999999999997},{"$f":"K3483*F3483","v":0},{"$f":"J3483*(1-$E$5-$E$7)*(1-$E$9)*(1+$E$11)","v":3.29},{"$f":"M3483*F3483","v":0},{"$f":"ROUND((M3483*$B$2),2)","v":3.88},{"$f":"O3483*F3483","v":0}]
[null,"VACUCLEAN",null,null,11289331002,null,"Смазка для равструбных соединений, 150 г.",50,"шт",2.08,{"$f":"J3484*$B$2","v":2.4544000000000001},{"$f":"K3484*F3484","v":0},{"$f":"J3484*(1-$E$5-$E$7)*(1-$E$9)*(1+$E$11)","v":2.08},{"$f":"M3484*F3484","v":0},{"$f":"ROUND((M3484*$B$2),2)","v":2.4500000000000002},{"$f":"O3484*F3484","v":0}]
[null,"VACUCLEAN",null,null,17244381100,null,"Ремешки для эл. кабеля  3,6 x 290 мм",1,"шт",7.18,{"$f":"J3485*$B$2","v":8.4723999999999986},{"$f":"K3485*F3485","v":0},{"$f":"J3485*(1-$E$5-$E$7)*(1-$E$9)*(1+$E$11)","v":7.18},{"$f":"M3485*F3485","v":0},{"$f":"ROUND((M3485*$B$2),2)","v":8.4700000000000006},{"$f":"O3485*F3485","v":0}]
[null,"VACUCLEAN"]
[null,"VACUCLEAN",null,null,null,null,"7.6 Звукоизоляция"]
[null,"VACUCLEAN",null,null,12498101002,null,"Шумоглушитель VACUCLEAN",1,"шт",82.22,{"$f":"J3488*$B$2","v":97.019599999999997},{"$f":"K3488*F3488","v":0},{"$f":"J3488*(1-$E$5-$E$7)*(1-$E$9)*(1+$E$11)","v":82.22},{"$f":"M3488*F3488","v":0},{"$f":"ROUND((M3488*$B$2),2)","v":97.02},{"$f":"O3488*F3488","v":0}]
[null,"VACUCLEAN"]
[null,"VACUCLEAN",null,null,null,null,"7.7 Трубопроводы"]
[null,"VACUCLEAN",null,120094,11200941005,null,"Труба RAUPIANO Dу 50/150 мм",20,"шт",2.25,{"$f":"J3491*$B$2","v":2.6549999999999998},{"$f":"K3491*F3491","v":0},{"$f":"J3491*(1-$E$5-$E$7)*(1-$E$9)*(1+$E$11)","v":2.25},{"$f":"M3491*F3491","v":0},{"$f":"ROUND((M3491*$B$2),2)","v":2.66},{"$f":"O3491*F3491","v":0}]
[null,"VACUCLEAN",null,120104,11201041005,null,"Труба RAUPIANO Dу 50/250 мм",20,"шт",2.95,3.4809999999999999,0,2.95,0,3.48,0]
[null,"VACUCLEAN",null,null,11201141005,null,"Труба RAUPIANO Dу 50/500 мм",20,"шт",4,4.72,0,4,0,4.72,0]
[null,"VACUCLEAN",null,null,11201241006,null,"Труба RAUPIANO Dу 50/750 мм",6,"шт",5.52,6.5135999999999994,0,5.52,0,6.51,0]
[null,"VACUCLEAN",null,null,11201341200,null,"Труба RAUPIANO Dу 50/1000 мм",6,"шт",6.29,7.4221999999999992,0,6.29,0,7.42,0]
[null,"VACUCLEAN",null,null,11201441200,null,"Труба RAUPIANO Dу 50/1500 мм",6,"шт",9.3699999999999992,11.056599999999998,0,9.3699999999999992,0,11.06,0]
[null,"VACUCLEAN",null,null,11201541200,null,"Труба RAUPIANO Dу 50/2000 мм",6,"шт",11.76,13.876799999999999,0,11.76,0,13.88,0]
[null,"VACUCLEAN",null,null,11201841004,null,"Труба RAUPIANO Dу 75/250 мм",20,"шт",4.4800000000000004,5.2864000000000004,0,4.4800000000000004,0,5.29,0]
[null,"VACUCLEAN",null,null,11201941004,null,"Труба RAUPIANO Dу 75/500 мм",20,"шт",6.35,7.4929999999999994,0,6.35,0,7.49,0]
[null,"VACUCLEAN",null,null,11202141200,null,"Труба RAUPIANO Dу 75/1000 мм",6,"шт",10.029999999999999,11.835399999999998,0,10.029999999999999,0,11.84,0]
[null,"VACUCLEAN",null,null,11202341200,null,"Труба RAUPIANO Dу 75/2000 мм",6,"шт",16.55,19.529,0,16.55,0,19.53,0]
[null,"VACUCLEAN",null,null,11202741005,null,"Труба RAUPIANO Dу 110/500 мм",20,"шт",8.11,9.569799999999999,0,8.11,0,9.57,0]
[null,"VACUCLEAN"]
[null,"VACUCLEAN",null,null,null,null,"7.8 Фасонные части"]
[null,"VACUCLEAN",null,null,12108491001,null,"Отвод Vacuclean 70 мм  Dy 50",5,"шт",16.55,{"$f":"J3505*$B$2","v":19.529},{"$f":"K3505*F3505","v":0},{"$f":"J3505*(1-$E$5-$E$7)*(1-$E$9)*(1+$E$11)","v":16.55},{"$f":"M3505*F3505","v":0},{"$f":"ROUND((M3505*$B$2),2)","v":19.53},{"$f":"O3505*F3505","v":0}]
[null,"VACUCLEAN",null,null,11211141001,null,"Отвод Dу 50 45° RAUPIANO",20,"шт",1.72,2.0295999999999998,0,1.72,0,2.0299999999999998,0]
[null,"VACUCLEAN",null,null,11211641001,null,"Отвод Dу 75 45° RAUPIANO",20,"шт",2.65,3.1269999999999998,0,2.65,0,3.13,0]
[null,"VACUCLEAN",null,null,11212341001,null,"Тройник Dу 50/50 45° RAUPIANO",20,"шт",3.17,3.7405999999999997,0,3.17,0,3.74,0]
[null,"VACUCLEAN",null,null,11213341001,null,"Тройник Dу 110/75 45° RAUPIANO",20,"шт",9.52,11.233599999999999,0,9.52,0,11.23,0]
[null,"VACUCLEAN",null,null,11214541001,null,"Заглушка Dу 50 RAUPIANO",20,"шт",0.88,1.0384,0,0.88,0,1.04,0]
[null,"VACUCLEAN",null,null,11214841001,null,"Муфта двухраструбная Dу 50 RAUPIANO plus",20,"шт",2.29,2.7021999999999999,0,2.29,0,2.7,0]
[null,"VACUCLEAN",null,null,11214041001,null,"Переходник Dу 110/75 RAUPIANO",20,"шт",4.58,5.4043999999999999,0,4.58,0,5.4,0]
[null,"VACUCLEAN",null,null,12424931001,null,"Вентиляционный клапан VACUCLEAN",1,"шт",13.74,16.213200000000001,0,13.74,0,16.21,0]
[null,"VACUCLEAN"]
[null,"VACUCLEAN",null,null,null,null,"7.9 Хомуты"]
[null,"VACUCLEAN",null,null,11205041001,null,"Хомут для жесткой фиксации Dу 50",25,"шт",1.78,{"$f":"J3516*$B$2","v":2.1004},{"$f":"K3516*F3516","v":0},{"$f":"J3516*(1-$E$5-$E$7)*(1-$E$9)*(1+$E$11)","v":1.78},{"$f":"M3516*F3516","v":0},{"$f":"ROUND((M3516*$B$2),2)","v":2.1},{"$f":"O3516*F3516","v":0}]
["V","VACUCLEAN",null,120514,11200261001,null,"Хомут для жесткой фиксации Dу 75 ",10,"шт",3.38,{"$f":"J3517*$B$2","v":3.9883999999999995},{"$f":"K3517*F3517","v":0},{"$f":"J3517*(1-$E$5-$E$7)*(1-$E$9)*(1+$E$11)","v":3.38},{"$f":"M3517*F3517","v":0},{"$f":"ROUND((M3517*$B$2),2)","v":3.99},{"$f":"O3517*F3517","v":0}]
[null,"VACUCLEAN",null,120524,11200291001,null,"Хомут для жесткой фиксации Dу 110  ",10,"шт",3.95,{"$f":"J3518*$B$2","v":4.6609999999999996},{"$f":"K3518*F3518","v":0},{"$f":"J3518*(1-$E$5-$E$7)*(1-$E$9)*(1+$E$11)","v":3.95},{"$f":"M3518*F3518","v":0},{"$f":"ROUND((M3518*$B$2),2)","v":4.66},{"$f":"O3518*F3518","v":0}]
[null,"VACUCLEAN",null,120804,11200481001,null,"Хомут для жесткой фиксации Dу 125 ",10,"шт",4.4800000000000004,{"$f":"J3519*$B$2","v":5.2864000000000004},{"$f":"K3519*F3519","v":0},{"$f":"J3519*(1-$E$5-$E$7)*(1-$E$9)*(1+$E$11)","v":4.4800000000000004},{"$f":"M3519*F3519","v":0},{"$f":"ROUND((M3519*$B$2),2)","v":5.29},{"$f":"O3519*F3519","v":0}]
[null,"VACUCLEAN"]
[null,"VACUCLEAN",null,null,11205341001,null,"Скользящий хомут Dу 50",25,"шт",1.78,{"$f":"J3521*$B$2","v":2.1004},{"$f":"K3521*F3521","v":0},{"$f":"J3521*(1-$E$5-$E$7)*(1-$E$9)*(1+$E$11)","v":1.78},{"$f":"M3521*F3521","v":0},{"$f":"ROUND((M3521*$B$2),2)","v":2.1},{"$f":"O3521*F3521","v":0}]
[null,"VACUCLEAN",null,"120544",11200191001,null,"Скользящий хомут Dу 75 ",10,"шт",3.38,{"$f":"J3522*$B$2","v":3.9883999999999995},{"$f":"K3522*F3522","v":0},{"$f":"J3522*(1-$E$5-$E$7)*(1-$E$9)*(1+$E$11)","v":3.38},{"$f":"M3522*F3522","v":0},{"$f":"ROUND((M3522*$B$2),2)","v":3.99},{"$f":"O3522*F3522","v":0}]
[null,"VACUCLEAN",null,"120554",11200271001,null,"Скользящий хомут Dу 110 ",10,"шт",3.95,{"$f":"J3523*$B$2","v":4.6609999999999996},{"$f":"K3523*F3523","v":0},{"$f":"J3523*(1-$E$5-$E$7)*(1-$E$9)*(1+$E$11)","v":3.95},{"$f":"M3523*F3523","v":0},{"$f":"ROUND((M3523*$B$2),2)","v":4.66},{"$f":"O3523*F3523","v":0}]
[null,"VACUCLEAN"]
[null,"VACUCLEAN",null,null,null,null,"7.10 Запасные части"]
[null,"VACUCLEAN",null,null,12435721001,null,"Комплект двух контактных щеток электродвигателя VACUCLEAN",1,"шт",19.98,{"$f":"J3526*$B$2","v":23.5764},{"$f":"K3526*F3526","v":0},{"$f":"J3526*(1-$E$5-$E$7)*(1-$E$9)*(1+$E$11)","v":19.98},{"$f":"M3526*F3526","v":0},{"$f":"ROUND((M3526*$B$2),2)","v":23.58},{"$f":"O3526*F3526","v":0}]
[null,"VACUCLEAN"]
[null,"VACUCLEAN",null,null,null,null,"7.11 Дополнительные части"]
[null,"VACUCLEAN",null,null,null,null,"7.11.1 Система радиоуправления"]
[null,"VACUCLEAN"]
[null,"VACUCLEAN",null,null,12435621001,null,"Радиопередачик (пульт) дистанц. управления, серый",1,"шт",131.69999999999999,{"$f":"J3531*$B$2","v":155.40599999999998},{"$f":"K3531*F3531","v":0},{"$f":"J3531*(1-$E$5-$E$7)*(1-$E$9)*(1+$E$11)","v":131.69999999999999},{"$f":"M3531*F3531","v":0},{"$f":"ROUND((M3531*$B$2),2)","v":155.41},{"$f":"O3531*F3531","v":0}]
[null,"VACUCLEAN"]
[null,"VACUCLEAN",null,null,12435521001,null,"Приемное устройство дистанц. управления электропит. пылесоса (под европ. розетку)",1,"шт",136.44,{"$f":"J3533*$B$2","v":160.9992},{"$f":"K3533*F3533","v":0},{"$f":"J3533*(1-$E$5-$E$7)*(1-$E$9)*(1+$E$11)","v":136.44},{"$f":"M3533*F3533","v":0},{"$f":"ROUND((M3533*$B$2),2)","v":161},{"$f":"O3533*F3533","v":0}]
[null,"VACUCLEAN"]
[null,"VACUCLEAN",null,null,12435421001,null,"Ретранслятор-усилитель дальности действ. дистанц. управления",1,"шт",370.78,{"$f":"J3535*$B$2","v":437.52039999999994},{"$f":"K3535*F3535","v":0},{"$f":"J3535*(1-$E$5-$E$7)*(1-$E$9)*(1+$E$11)","v":370.78},{"$f":"M3535*F3535","v":0},{"$f":"ROUND((M3535*$B$2),2)","v":437.52},{"$f":"O3535*F3535","v":0}]
[null,"VACUCLEAN"]
[null,"VACUCLEAN",null,null,null,null,"7.11.2  Кабель управления"]
[null,"VACUCLEAN",null,null,12499001002,null,"Модуль для кабельного управления электропит. пылесоса (под европ. розетку)",1,"шт",161.30000000000001,{"$f":"J3538*$B$2","v":190.334},{"$f":"K3538*F3538","v":0},{"$f":"J3538*(1-$E$5-$E$7)*(1-$E$9)*(1+$E$11)","v":161.30000000000001},{"$f":"M3538*F3538","v":0},{"$f":"ROUND((M3538*$B$2),2)","v":190.33},{"$f":"O3538*F3538","v":0}]
[null,"VACUCLEAN"]
[null,"SOLELEC"]
[null,"SOLELEC",null,null,null,null,"8.1 Электрические греющие маты"]
[null,"SOLELEC","x",null,12154711001,null,"Мат греющий для напольного отопления, 0,5 м2",1,"шт",80.61,{"$f":"J3542*$B$2","v":95.119799999999998},{"$f":"K3542*F3542","v":0},{"$f":"J3542*(1-$E$5-$E$7)*(1-$E$9)*(1+$E$11)","v":80.61},{"$f":"M3542*F3542","v":0},{"$f":"ROUND((M3542*$B$2),2)","v":95.12},{"$f":"O3542*F3542","v":0}]
[null,"SOLELEC","x",null,12260481100,null,"Мат греющий для напольного отопления, 1 м2",1,"шт",100.39,118.4602,0,100.39,0,118.46,0]
[null,"SOLELEC","x",null,12154751001,null,"Мат греющий для напольного отопления, 1,5 м2",1,"шт",117.21,138.30779999999999,0,117.21,0,138.31,0]
[null,"SOLELEC","x",null,12260581100,null,"Мат греющий для напольного отопления, 2 м2",1,"шт",133.59,157.6362,0,133.59,0,157.63999999999999,0]
[null,"SOLELEC","x",null,12154811001,null,"Мат греющий для напольного отопления, 2,5 м2",1,"шт",150.36000000000001,177.4248,0,150.36000000000001,0,177.42,0]
[null,"SOLELEC","x",null,12260681100,null,"Мат греющий для напольного отопления, 3 м2",1,"шт",167.58,197.74440000000001,0,167.58,0,197.74,0]
[null,"SOLELEC","x",null,12154821001,null,"Мат греющий для напольного отопления, 3,5 м2",1,"шт",187.01,220.67179999999999,0,187.01,0,220.67,0]
[null,"SOLELEC","x",null,12260781100,null,"Мат греющий для напольного отопления, 4 м2",1,"шт",205.53,242.52539999999999,0,205.53,0,242.53,0]
[null,"SOLELEC","x",null,12260881100,null,"Мат греющий для напольного отопления, 5 м2",1,"шт",233.19,275.16419999999999,0,233.19,0,275.16000000000003,0]
[null,"SOLELEC","x",null,12260981100,null,"Мат греющий для напольного отопления, 6 м2",1,"шт",262.44,309.67919999999998,0,262.44,0,309.68,0]
[null,"SOLELEC","x",null,12261081100,null,"Мат греющий для напольного отопления, 7 м2",1,"шт",291.69,344.19419999999997,0,291.69,0,344.19,0]
[null,"SOLELEC","x",null,12261181100,null,"Мат греющий для напольного отопления, 8 м2",1,"шт",320.93,378.69740000000002,0,320.93,0,378.7,0]
[null,"SOLELEC"]
[null,"SOLELEC",null,null,null,null,"8.2 Электрический греющий кабель"]
[null,"SOLELEC","x",null,12270151100,null,"Кабель греющий для напольного отопления, 10 м",1,"шт",41.1,{"$f":"J3556*$B$2","v":48.497999999999998},{"$f":"K3556*F3556","v":0},{"$f":"J3556*(1-$E$5-$E$7)*(1-$E$9)*(1+$E$11)","v":41.1},{"$f":"M3556*F3556","v":0},{"$f":"ROUND((M3556*$B$2),2)","v":48.5},{"$f":"O3556*F3556","v":0}]
[null,"SOLELEC","x",null,12270161100,null,"Кабель греющий для напольного отопления, 20 м",1,"шт",67.55,79.708999999999989,0,67.55,0,79.709999999999994,0]
[null,"SOLELEC","x",null,12270171100,null,"Кабель греющий для напольного отопления, 30 м",1,"шт",91.58,108.06439999999999,0,91.58,0,108.06,0]
[null,"SOLELEC","x",null,12270181100,null,"Кабель греющий для напольного отопления, 40 м",1,"шт",112.81,133.11580000000001,0,112.81,0,133.12,0]
[null,"SOLELEC","x",null,12270191100,null,"Кабель греющий для напольного отопления, 50 м",1,"шт",128.44999999999999,151.57099999999997,0,128.44999999999999,0,151.57,0]
[null,"SOLELEC","x",null,12270231100,null,"Кабель греющий для напольного отопления, 60 м",1,"шт",149.52000000000001,176.43360000000001,0,149.52000000000001,0,176.43,0]
[null,"SOLELEC","x",null,12270241100,null,"Кабель греющий для напольного отопления, 80 м",1,"шт",187.41,221.14379999999997,0,187.41,0,221.14,0]
[null,"SOLELEC","x",null,12270251100,null,"Кабель греющий для напольного отопления, 100 м",1,"шт",226.6,267.38799999999998,0,226.6,0,267.39,0]
[null,"SOLELEC","x",null,12270261100,null,"Кабель греющий для напольного отопления, 120 м",1,"шт",266.89,314.93019999999996,0,266.89,0,314.93,0]
[null,"SOLELEC"]
[null,"SOLELEC",null,null,null,null,"8.3 Терморегуляторы "]
[null,"SOLELEC","x",null,12108691100,null,"Терморегулятор BASIC",1,"шт",67.67,{"$f":"J3567*$B$2","v":79.8506},{"$f":"K3567*F3567","v":0},{"$f":"J3567*(1-$E$5-$E$7)*(1-$E$9)*(1+$E$11)","v":67.67},{"$f":"M3567*F3567","v":0},{"$f":"ROUND((M3567*$B$2),2)","v":79.849999999999994},{"$f":"O3567*F3567","v":0}]
[null,"SOLELEC","x",null,12274931100,null,"Терморегулятор COMFORT",1,"шт",81.36,{"$f":"J3568*$B$2","v":96.004799999999989},{"$f":"K3568*F3568","v":0},{"$f":"J3568*(1-$E$5-$E$7)*(1-$E$9)*(1+$E$11)","v":81.36},{"$f":"M3568*F3568","v":0},{"$f":"ROUND((M3568*$B$2),2)","v":96},{"$f":"O3568*F3568","v":0}]
[null,"SOLELEC","x",null,12029231100,null,"Терморегулятор OPTIMA",1,"шт",142.37,{"$f":"J3569*$B$2","v":167.9966},{"$f":"K3569*F3569","v":0},{"$f":"J3569*(1-$E$5-$E$7)*(1-$E$9)*(1+$E$11)","v":142.37},{"$f":"M3569*F3569","v":0},{"$f":"ROUND((M3569*$B$2),2)","v":168},{"$f":"O3569*F3569","v":0}]
[null,"SOLELEC"]
[null,"SOLELEC","x",null,12270751100,null,"Комплект для установки (не подходит для систем NEA smart R)",1,"шт",17.37,{"$f":"J3571*$B$2","v":20.496600000000001},{"$f":"K3571*F3571","v":0},{"$f":"J3571*(1-$E$5-$E$7)*(1-$E$9)*(1+$E$11)","v":17.37},{"$f":"M3571*F3571","v":0},{"$f":"ROUND((M3571*$B$2),2)","v":20.5},{"$f":"O3571*F3571","v":0}]
[null,"SOLELEC"]
[null,"RAUCAD"]
[null,"RAUCAD",null,null,null,null,"9. Программное обеспечение RAUCAD/RAUWIN"]
[null,"RAUCAD",null,null,12312841107,null,"Электронный ключ USB",1,"шт",70,70,{"$f":"K3575*F3575","v":0},{"$f":"J3575*(1-$E$5-$E$7)*(1-$E$9)*(1+$E$11)","v":70},{"$f":"M3575*F3575","v":0},{"$f":"ROUND(M3575,2)","v":70},{"$f":"O3575*F3575","v":0}]
[null,"RAUCAD",null,null,19933861907,null,"Замена ключа (LPT на USB) или Восстановление сломанного ключа",1,"шт",80,80,0,80,0,80,0]
[null,"RAUCAD",null,null,19932371907,null,"RAUWIN 7.0",1,"шт",500,500,0,500,0,500,0]
[null,"RAUCAD",null,null,19933081907,null,"RAUCAD отопление 7.0",1,"шт",420,420,0,420,0,420,0]
[null,"RAUCAD",null,null,19933171907,null,"RAUCAD водоснабжение 7.0",1,"шт",420,420,0,420,0,420,0]
[null,"RAUCAD",null,null,19933261907,null,"RAUCAD канализация 7.0",1,"шт",420,420,0,420,0,420,0]
[null,"RAUCAD",null,null,19932661907,null,"CAD Modul 2014",1,"шт",630,630,0,630,0,630,0]
[null,"RAUCAD",null,null,12106171907,null,"RAUCAD plus 7.0",1,"шт",2080,2080,0,2080,0,2080,0]
[null,"RAUCAD",null,null,19933281907,null,"RAUCAD отопление 7.0 3D",1,"шт",840,840,0,840,0,840,0]
[null,"RAUCAD",null,null,19933361907,null,"RAUCAD водоснабжение 7.0 3D",1,"шт",840,840,0,840,0,840,0]
[null,"RAUCAD",null,null,19933371907,null,"RAUCAD канализация 7.0 3D",1,"шт",840,840,0,840,0,840,0]
[null,"RAUCAD",null,null,19934181907,null,"RAUCAD холодильная сеть 7.0 (доп. к отопл.)",1,"шт",630,630,0,630,0,630,0]
[null,"RAUCAD",null,null,19933061907,null,"RAUWIN 7.0 холодильная нагрузка",1,"шт",500,500,0,500,0,500,0]
[null,"RAUCAD"]
[null,"R65"]
[null,"R65",null,null,null,null,"10. Монтажная пена R65"]
[null,"R65"]
[null,"R65","x",null,12188271001,null,"Монтажная пена летняя",1,"шт",6.33,{"$f":"J3592*$B$2","v":7.4693999999999994},{"$f":"K3592*F3592","v":0},{"$f":"J3592*(1-$E$5-$E$7)*(1-$E$9)*(1+$E$11)","v":6.33},{"$f":"M3592*F3592","v":0},{"$f":"ROUND((M3592*$B$2),2)","v":7.47},{"$f":"O3592*F3592","v":0}]
[null,"R65","x",null,12188281001,null,"Монтажная пена зимняя",1,"шт",6.65,{"$f":"J3593*$B$2","v":7.8470000000000004},{"$f":"K3593*F3593","v":0},{"$f":"J3593*(1-$E$5-$E$7)*(1-$E$9)*(1+$E$11)","v":6.65},{"$f":"M3593*F3593","v":0},{"$f":"ROUND((M3593*$B$2),2)","v":7.85},{"$f":"O3593*F3593","v":0}]
[null,"R65"]
[]
[null,null,null,null,null,null,"                            ",null,null,null,"ИТОГО :",{"$f":"SUBTOTAL(9,L17:L3594)","v":7514.2606499999993},null,{"$f":"SUBTOTAL(9,N17:N3594)","v":6368.0174999999999},"ИТОГО :",{"$f":"SUBTOTAL(9,P17:P3594)","v":7515.7100000000009}]
[]
[]
[null,null,null,null,null,null,null,"Rabattsatz intern für Nettopreiskalkulation zur Eingabe ALN "]
[null,null,null,null,null,null,null,"Über Formel: \"Bruttopreis*(1-Rabattsatz)\""]
[null,null,null,null,null,null,null,"Effektiver Netto-Rabattsatz des Kunden"]
[null,null,null,null,null,null,null,"Nur relevant bei Rückfrage des Kunden"]

{"sheet":"Upload","index":1,"n_rows":52,"n_cols":1,"rows_kept":52,"cut":false,"hidden":false,"merged":[]}
["Загрузка заказов в клиентский портал"]
[]
["1.  Скопировать из таблицы заказов колонки B, C, D в новую таблицу как показано на образце."]
[]
[]
[]
[]
[]
[]
[]
[]
[]
[]
[]
[]
[]
[]
[]
[]
["2. Выбрать меню файл / Сохранить как… /  и формат \"CSV c разделителями запятыми\""]
[]
["3. Загрузить страницу REHAU.ru и загрузить Клиентский портал REHAU"]
[]
["4.  Выбрать меню Система заказов / Загрузка заказа / Формат CSV и нажать кнопку \"Далее\""]
[]
["5. Нажать конпку \"Обзор...\" и выбрать сохраненный Вами файл"]
[]
["6. Заказ загружен к клиентский портал."]
[]
[]
[]
[]
[]
[]
[]
[]
[]
[]
[]
[]
[]
[]
[]
[]
[]
[]
[]
[]
[]
[]
[]
["Далее следуйте стандартному пути оформления заказа в Клиентском портале."]